{"text_format":"3","workbook":"xlsx","n_sheets":40,"sheets":["Indice","COMPONENTE 1 - OBRA","COMPONENTE 1 - OBRA PROYECTADO","Generalidades","BMS","BMS_P","Datacenter","Datacenter_P","Red_Lan","Red_Lan_P","Gabinetes","Gabinetes_P","Red_Inalambrica","Red_Inalambrica_P","VMS","VMS_P","Switch","Switch_P","CCTV","CCTV_P","EVAC","EVAC_P","Multimedia","Multimedia_P","Acceso","Acceso_P","Intrusion","Instrusion_P","Visitantes","Visitantes_P","Telefonia","Telefonia_P","Enlace_PTP","Enlace_PTP_P","Videowall","VideoWall_P","Enlace_F.O","Enlace_F.O_P","Antidrone","Antidrone_P"],"not_rendered":{"images":2,"external_links":3,"defined_names":16,"comments":1},"read":"whole","date_system":"1900"}

{"sheet":"Indice","index":0,"n_rows":40,"n_cols":2,"rows_kept":40}
["INDICE DE PESTAÑAS","TIPO"]
["Componente 1 obra","Cantidad"]
["Componente 1 obra proyectado ","Cantidad"]
["Generalidades","Ficha"]
["BMS","Ficha"]
["BMS_P","Cantidad"]
["Datacenter","Ficha"]
["Datacenter_P","Cantidad"]
["Red_Lan","Ficha"]
["Red_Lan_P","Cantidad"]
["Gabinetes","Ficha"]
["Gabinetes_P","Cantidad"]
["Red_Inalambrica","Ficha"]
["Red_Inalambrica_P","Cantidad"]
["VMS","Ficha"]
["VMS_P","Cantidad"]
["Switch","Ficha"]
["Switch_P","Cantidad"]
["CCTV","Ficha"]
["CCTV_P","Cantidad"]
["EVAC","Ficha"]
["EVAC_P","Cantidad"]
["Multimedia","Ficha"]
["Multimedia_P","Cantidad"]
["Acceso","Ficha"]
["Acceso_P","Cantidad"]
["Intrusion","Ficha"]
["Instrusion_P","Cantidad"]
["Visitantes","Ficha"]
["Visitantes_P","Cantidad"]
["Telefonia","Ficha"]
["Telefonia_P","Cantidad"]
["Enlace_PTP","Ficha"]
["Enlace_PTP_P","Cantidad"]
["Videowall","Ficha"]
["VideoWall_P","Cantidad"]
["Enlace_F.O","Ficha"]
["Enlace_F.O_P","Cantidad"]
["Antidrone","Ficha"]
["Antidrone_P","Cantidad"]

{"sheet":"COMPONENTE 1 - OBRA","index":1,"n_rows":1825,"n_cols":45,"rows_kept":1825,"merged":[[0,0,2,3],[3,0,5,2],[6,2,6,10],[1807,1,1809,3],[1811,0,1811,3],[1813,1,1813,3],[1814,1,1814,3],[1815,1,1815,3],[1816,1,1816,3],[1817,1,1817,3],[1818,1,1818,3],[1819,1,1819,3],[1820,1,1820,3],[1821,1,1821,3],[1822,1,1822,3],[1823,1,1823,3],[1824,1,1824,3],[1825,1,1825,3],[1826,1,1826,3],[1827,1,1827,3],[1828,1,1828,3],[1829,1,1829,3],[1830,1,1830,3],[1831,1,1831,3],[1832,1,1832,3],[1833,1,1833,3],[1834,1,1834,3],[1835,1,1835,3]]}
[]
[]
[]
[]
[]
[]
[null,null,"ANEXO No 19  PRECIOS Y CANTIDADES "]
[]
[]
["Especificaciones","EDT","Descripción","Unidad","Cantidad ","Costo unitario","Total",null,"Cantidad ","Costo unitario","Total",null,"CUMPLE","NO CUMPLE"]
[]
[null,"1.0.0","PRELIMINARES"]
[]
[null,"1.1.0","REPLANTEO"]
["ESP 1.1.1","1.1.1","LOCALIZACIÓN, TRAZADO Y REPLANTEO. Se utilizará personal experto con equipo de precisión (topógrafo, cadenero 1 y cadenero 2), incluye: clavo 1\", larguero 2x2, tránsito, demarcación con pintura, línea de trazado, libretas, planos, seguridad social del personal, elemento epp y herramienta menor. Se hará con la frecuencia que lo indique la interventoría. ","día",{"v":60,"d":"60.00"},{"v":774546.79,"d":"$774,546.79"},{"$f":"F15*E15","v":{"v":46472807.400000006,"d":"$46,472,807.40"}},null,{"v":60,"d":"60.00"},null,{"$f":"J15*I15","v":{"v":0,"d":"$0.00"}}]
[]
[null,null,"TOTAL DE REPLANTEO",{"$nulls":3},{"$f":"SUM(G15)","v":{"v":46472807.400000006,"d":"$46,472,807.40"}},{"$nulls":3},{"$f":"SUM(K15)","v":{"v":0,"d":"$0.00"}}]
[]
[null,"1.2.0","DESCAPOTE"]
["ESP 1.2.1","1.2.1","DESCAPOTE A MÁQUINA. Incluye el desenraice si es necesario, cargue, transporte y botada de material sobrante en botaderos oficiales. Medición en sitio, retroexcavadora con operario combustible, seguridad social y elementos de EPP.","m3",{"v":450,"d":"450.00"},{"v":51508.65,"d":"$51,508.65"},{"$f":"F20*E20","v":{"v":23178892.5,"d":"$23,178,892.50"}},null,{"v":450,"d":"450.00"},null,{"$f":"J20*I20","v":{"v":0,"d":"$0.00"}}]
[]
[null,null,"TOTAL DE DESCAPOTE",{"$nulls":3},{"$f":"G20","v":{"v":23178892.5,"d":"$23,178,892.50"}},{"$nulls":3},{"$f":"K20","v":{"v":0,"d":"$0.00"}}]
[]
[null,"1.3.0","INSTALACIONES PROVISIONALES"]
["ESP 1.3.1","1.3.1","Construcción de Zona para baños, caspete provisionales, cárcamo para lavadero de volquetas y construcción de tanque de cilindros, incluye mampostería, teja de zinc,  mortero, mesón en acero inoxidable, suministro de aparatos sanitarios, puertas, reja en malla eslabonada y los demás elementos necesarios para su correcto funcionamiento. ","m2",{"v":18,"d":"18.00"},{"v":844725.1,"d":"$844,725.10"},{"$f":"F25*E25","v":{"v":15205051.799999999,"d":"$15,205,051.80"}},null,{"v":18,"d":"18.00"},null,{"$f":"J25*I25","v":{"v":0,"d":"$0.00"}}]
["ESP 1.3.2","1.3.2","Suministro e instalación eléctrica provisional, incluye subestación de 150 kva, incluye transformador, protecciones y medidas, extensión red media  tensión aérea, tablero baja tensión para provisionales 500 a-220 v en poste, totalizador principal 500 a, tipo exterior. protección diferencial, lamina cr, instalación en poste tipo exterior, incluye compartimiento de medida, acometida baja tensión desde transformador hasta nuevo tablero 220 v 500 a en poste con seis cables de cobre calibre 250 mcm fase + 2 cables de cobre calibre 250 mcm neutro, instalaciones internas y todos los elementos necesarios para su correcto funcionamiento en zona provisional de obra.","glo",{"v":1,"d":"1.00"},{"v":40475272.5,"d":"$40,475,272.50"},{"$f":"F26*E26","v":{"v":40475272.5,"d":"$40,475,272.50"}},null,{"v":1,"d":"1.00"},null,{"$f":"J26*I26","v":{"v":0,"d":"$0.00"}}]
["ESP 1.3.3","1.3.3","Suministro e Instalación Hidráulica provisional, incluye tubería, accesorios (diámetros variables), excavación manual, cinta teflón, soldadura PVC, herramienta menor, tanques de 12000 lt, flanche para tanque, motobomba  y  elementos necesarios para su correcto funcionamiento.","glo",{"v":1,"d":"1.00"},{"v":22446920.34,"d":"$22,446,920.34"},{"$f":"F27*E27","v":{"v":22446920.34,"d":"$22,446,920.34"}},null,{"v":1,"d":"1.00"},null,{"$f":"J27*I27","v":{"v":0,"d":"$0.00"}}]
["ESP 1.3.4","1.3.4","Alquiler contenedores para campamento provisional 2 oficinas tipo oficinas. Incluye red eléctrica con tableros y tomas 110v y 220v, salidas eléctricas dobles y todo lo relacionado para su correcto funcionamiento. Incluye ventanerías, puertas, pisos, iluminación led, suministro y transporte. Aire acondicionado de 12.000 BTU a 220V","días",{"v":540,"d":"540.00"},{"v":152367.6,"d":"$152,367.60"},{"$f":"F28*E28","v":{"v":82278504,"d":"$82,278,504.00"}},null,{"v":540,"d":"540.00"},null,{"$f":"J28*I28","v":{"v":0,"d":"$0.00"}}]
[]
[null,null,"TOTAL DE INSTALACIONES PROVISIONALES",{"$nulls":3},{"$f":"SUM(G25:G29)","v":{"v":160405748.64,"d":"$160,405,748.64"}},{"$nulls":3},{"$f":"SUM(K25:K29)","v":{"v":0,"d":"$0.00"}}]
[]
[null,"1.0.0","TOTAL DE PRELIMINARES",{"$nulls":3},{"$f":"SUM(G30+G22)+G17","v":{"v":230057448.54,"d":"$230,057,448.54"}},{"$nulls":3},{"$f":"SUM(K30+K22)+K17","v":{"v":0,"d":"$0.00"}}]
[]
[null,"2.0.0","DEMOLICIONES"]
[]
[null,"2.1.0","DEMOLICIONES"]
["ESP 2.1.1","2.1.1","DEMOLICIÓN DE ÁREA CONSTRUIDA EN CUALQUIER MATERIAL con predominio en materiales de bloque, ladrillo, concreto de vigas, columnas, losas en concreto, cubierta en cualquier material.   Incluye también el cargue mecánico o manual, transporte interno y externo y disposición final a botaderos oficiales. La demolición se realizará del área, por cada nivel intervenido incluye la demolición de losa de piso y cubierta. Además la recuperación de los materiales aprovechables son  de la entidad contratante, se desmontan y entregan en un acopio dentro de la obra o cargados en los vehículos que se dispongan para su transporte. Incluye la conformación con escombros de la vía interna, el transporte y suministros de 2 retroexcavadoras y demás equipos necesarios para el desmonte, Seguridad Social y capacitaciones  al Sistema de Gestión de Seguridad y Salud en el trabajo a los contratistas, todos los EPP certificados según la actividad. Así mismo el acompañamiento permanente en obra de un tecnólogo SST, que es también el Coordinador de trabajos en altura, Se dispone de personal capacitado para auxiliar de tránsito para el tráfico de volquetas, . Gestionamos ante las entidades autorizadas la certificación de los botaderos de todos los viajes de escombros que resulten en la obra.\nEl contrato incluye la expedición de pólizas de Cumplimiento, Responsabilidad Civil y Prestaciones Sociales, por parte de una compañía de seguros para garantizar la seguridad y buen término de la obra. La demolición se ejecutará en 30 días.","m2",{"v":2781.13663845224,"d":"2,781.14"},{"v":42186.477487649,"d":"$42,186.48"},{"$f":"F37*E37","v":{"v":117326358.18814123,"d":"$117,326,358.19"}},null,{"v":2781.13663845224,"d":"2,781.14"},null,{"$f":"J37*I37","v":{"v":0,"d":"$0.00"}}]
[]
[null,null,"TOTAL DE DEMOLICIONES",{"$nulls":3},{"$f":"G37","v":{"v":117326358.18814123,"d":"$117,326,358.19"}},{"$nulls":3},{"$f":"K37","v":{"v":0,"d":"$0.00"}}]
[]
[null,"2.0.0","TOTAL DE DEMOLICIONES",{"$nulls":3},{"$f":"G39","v":{"v":117326358.18814123,"d":"$117,326,358.19"}},{"$nulls":3},{"$f":"K39","v":{"v":0,"d":"$0.00"}}]
[]
[null,"3.0.0","MOVIMIENTOS DE TIERRA"]
[]
[null,"3.1.0","EXCAVACIÓN Y RETIRO DE MATERIAL"]
["ESP 3.1.1","3.1.1","EXCAVACIÓN MECÁNICA de material heterogéneo DE 0-3 m  (Sobre ancho 60 CM), bajo cualquier grado de humedad. Incluye: roca descompuesta, bolas de roca de volúmen inferior a 0.35 m³, el cargue, transporte interno y externo y botada de material proveniente de las excavaciones en los sitios donde lo indique la interventoría y su medida será en el sitio. No incluye entibado.","m3",{"v":1158,"d":"1,158.00"},{"v":53829.81,"d":"$53,829.81"},{"$f":"F46*E46","v":{"v":62334919.98,"d":"$62,334,919.98"}},null,{"v":1158,"d":"1,158.00"},null,{"$f":"J46*I46","v":{"v":0,"d":"$0.00"}}]
["ESP 3.1.2","3.1.2","EXCAVACIÓN PARA CAMPANAS EN PILAS, de 14.0 a 16.0 m de profundidad, en material heterogéneo, con piedras de hasta 0.05 m³. Incluye pozo piloto de bombeo, molinete, motobomba, extracción del material de la pila y acarreo interno de materiales y cargue, transporte y botada del material proveniente de la excavación en botaderos oficiales o donde lo indique la interventoría y todo lo necesario para su correcta construcción. SU MEDIDA SERA EN SITIO.","m3",{"v":91.3,"d":"91.30"},{"v":612041.82,"d":"$612,041.82"},{"v":55879418.16599999,"d":"$55,879,418.17"},null,{"v":91.3,"d":"91.30"},null,{"v":0,"d":"$0.00"}]
["ESP 3.1.3","3.1.3","EXCAVACIÓN MANUAL PARA PILAS DE 0,0 a 2,0 m de profundidad con DIÁMETRO EXTERIOR DE 1,40 m, en material heterogéneo, con piedras de hasta 0.05 m³. Incluye pozo piloto de bombeo, formaleta en madera común, molinete, motobomba, extracción del material de la pila y acarreo interno de materiales, cargue, transporte y botada del material proveniente de la excavación en botaderos oficiales o donde lo indique la interventoría  y todo lo necesario para su correcta construcción. Su medida sera en sitio. No incluye anillo.","m3",{"v":189,"d":"189.00"},{"v":200731.95,"d":"$200,731.95"},{"v":37938338.550000004,"d":"$37,938,338.55"},null,{"v":189,"d":"189.00"},null,{"v":0,"d":"$0.00"}]
["ESP 3.1.4","3.1.4","EXCAVACIÓN MANUAL PARA PILAS DE 2,0 a 4,0 m de profundidad con DIÁMETRO EXTERIOR DE 1,40 m, en material heterogéneo, con piedras de hasta 0.05 m³. Incluye pozo piloto de bombeo, formaleta en madera común, molinete, motobomba, extracción del material de la pila y acarreo interno de materiales, cargue, transporte y botada del material proveniente de la excavación en botaderos oficiales o donde lo indique la interventoría  y todo lo necesario para su correcta construcción. SU MEDIDA SERA EN SITIO. No incluye anillo.","m3",{"v":189,"d":"189.00"},{"v":247475.21,"d":"$247,475.21"},{"v":46772814.69,"d":"$46,772,814.69"},null,{"v":189,"d":"189.00"},null,{"v":0,"d":"$0.00"}]
["ESP 3.1.5","3.1.5","EXCAVACIÓN MANUAL PARA PILAS DE 4,0 a 6,0 m de profundidad con DIÁMETRO EXTERIOR DE 1,40 m, en material heterogéneo, con piedras de hasta 0.05 m³. Incluye pozo piloto de bombeo, formaleta en madera común, molinete, motobomba, extracción del material de la pila y acarreo interno de materiales, cargue, transporte y botada del material proveniente de la excavación en botaderos oficiales o donde lo indique la interventoría  y todo lo necesario para su correcta construcción. SU MEDIDA SERA EN SITIO. No incluye anillo.","m3",{"v":189,"d":"189.00"},{"v":292583.16,"d":"$292,583.16"},{"v":55298217.239999995,"d":"$55,298,217.24"},null,{"v":189,"d":"189.00"},null,{"v":0,"d":"$0.00"}]
["ESP 3.1.6","3.1.6","EXCAVACIÓN MANUAL PARA PILAS DE 6,0 a 8,0 m de profundidad con DIÁMETRO EXTERIOR DE 1,40 m, en material heterogéneo, con piedras de hasta 0.05 m³. Incluye pozo piloto de bombeo, formaleta en madera común, molinete, motobomba, extracción del material de la pila y acarreo interno de materiales, cargue, transporte y botada del material proveniente de la excavación en botaderos oficiales o donde lo indique la interventoría  y todo lo necesario para su correcta construcción. SU MEDIDA SERA EN SITIO. No incluye anillo.","m3",{"v":189,"d":"189.00"},{"v":326386.1,"d":"$326,386.10"},{"v":61686972.9,"d":"$61,686,972.90"},null,{"v":189,"d":"189.00"},null,{"v":0,"d":"$0.00"}]
["ESP 3.1.7","3.1.7","EXCAVACIÓN MANUAL PARA PILAS DE 8,0 a 10,0 m de profundidad con DIÁMETRO EXTERIOR DE 1,40 m, en material heterogéneo, con piedras de hasta 0.05 m³. Incluye pozo piloto de bombeo, formaleta en madera común, molinete, motobomba, extracción del material de la pila y acarreo interno de materiales, cargue, transporte y botada del material proveniente de la excavación en botaderos oficiales o donde lo indique la interventoría  y todo lo necesario para su correcta construcción. SU MEDIDA SERA EN SITIO. No incluye anillo.","m3",{"v":189,"d":"189.00"},{"v":375820.7,"d":"$375,820.70"},{"v":71030112.3,"d":"$71,030,112.30"},null,{"v":189,"d":"189.00"},null,{"v":0,"d":"$0.00"}]
["ESP 3.1.8","3.1.8","EXCAVACIÓN MANUAL PARA PILAS DE 10,0 a 12,0 m de profundidad con DIÁMETRO EXTERIOR DE 1,40 m, en material heterogéneo, con piedras de hasta 0.05 m³. Incluye pozo piloto de bombeo, formaleta en madera común, molinete, motobomba, extracción del material de la pila y acarreo interno de materiales, cargue, transporte y botada del material proveniente de la excavación en botaderos oficiales o donde lo indique la interventoría  y todo lo necesario para su correcta construcción. SU MEDIDA SERA EN SITIO. No incluye anillo.","m3",{"v":189,"d":"189.00"},{"v":414567.09,"d":"$414,567.09"},{"v":78353180.01,"d":"$78,353,180.01"},null,{"v":189,"d":"189.00"},null,{"v":0,"d":"$0.00"}]
["ESP 3.1.9","3.1.9","EXCAVACIÓN MANUAL PARA PILAS DE 12,0 a 14,0 m de profundidad con DIÁMETRO EXTERIOR DE 1,40 m, en material heterogéneo, con piedras de hasta 0.05 m³. Incluye pozo piloto de bombeo, formaleta en madera común, molinete, motobomba, extracción del material de la pila y acarreo interno de materiales, cargue, transporte y botada del material proveniente de la excavación en botaderos oficiales o donde lo indique la interventoría  y todo lo necesario para su correcta construcción. SU MEDIDA SERA EN SITIO. No incluye anillo.","m3",{"v":56.3,"d":"56.30"},{"v":466496.05,"d":"$466,496.05"},{"v":26263727.615,"d":"$26,263,727.62"},null,{"v":56.3,"d":"56.30"},null,{"v":0,"d":"$0.00"}]
["ESP 3.1.10","3.1.10","EXCAVACIÓN MANUAL PARA PILAS DE 14,0 a 16,0 m de profundidad con DIÁMETRO EXTERIOR DE 1,40 m, en material heterogéneo, con piedras de hasta 0.05 m³. Incluye pozo piloto de bombeo, formaleta en madera común, molinete, motobomba, extracción del material de la pila y acarreo interno de materiales, cargue, transporte y botada del material proveniente de la excavación en botaderos oficiales o donde lo indique la interventoría  y todo lo necesario para su correcta construcción. SU MEDIDA SERA EN SITIO. No incluye anillo.","m3",{"v":56.3,"d":"56.30"},{"v":551381.41,"d":"$551,381.41"},{"v":31042773.383,"d":"$31,042,773.38"},null,{"v":56.3,"d":"56.30"},null,{"v":0,"d":"$0.00"}]
[]
[null,null,"TOTAL DE EXCAVACIÓN Y RETIRO DE MATERIAL",{"$nulls":3},{"$f":"SUM(G46:G55)","v":{"v":526600474.834,"d":"$526,600,474.83"}},{"$nulls":3},{"$f":"SUM(K46:K55)","v":{"v":0,"d":"$0.00"}}]
[]
[null,"3.2.0","LLENOS"]
["ESP 3.2.1","3.2.1","Suministro, transporte y colocación de base granular de máximo Ø 1½\", reacomodado con medios MANUALES y compactado al 100% mínimo del ensayo del proctor modificado, según normas para la construcción de pavimentos del INVIAS, y todo lo necesario para su correcto funcionamiento. Su medida será tomada en sitio ya compactado. Incluye acarreo interno, el equipo compactador + operario + combustible y la cuadrilla. La compactación debe ser máximo en capas de 20cm de espesor.","m3",{"v":1027,"d":"1,027.00"},{"v":206853.52,"d":"$206,853.52"},{"$f":"F60*E60","v":{"v":212438565.04,"d":"$212,438,565.04"}},null,{"v":1027,"d":"1,027.00"},null,{"$f":"J60*I60","v":{"v":0,"d":"$0.00"}}]
["ESP 3.2.2","3.2.2","Llenos en arenilla, compactados mecánicamente hasta obtener una densidad del 98% de la máxima obtenida en el ensayo del Proctor modificado. Incluye el suministro, transporte, colocación de la arenilla, la compactación de la misma y transporte interno. Y su medida sera en sitio ya compactado. El lleno debe extenderse en capas horizontales y espesor uniforme de tal forma que permita obtener el grado de compactación adecuado.","m3",{"v":160,"d":"160.00"},{"v":85308.45,"d":"$85,308.45"},{"$f":"F61*E61","v":{"v":13649352,"d":"$13,649,352.00"}},null,{"v":160,"d":"160.00"},null,{"$f":"J61*I61","v":{"v":0,"d":"$0.00"}}]
["ESP 3.2.3","3.2.3","Llenos en material provenientes de la excavación, compactados mecánicamente hasta obtener una densidad del 95% de la máxima obtenida en el ensayo del Proctor modificado. Incluye transporte interno. Su medida sera en sitio ya compactado.","m3",{"v":240,"d":"240.00"},{"v":28062.99,"d":"$28,062.99"},{"$f":"F62*E62","v":{"v":6735117.600000001,"d":"$6,735,117.60"}},null,{"v":240,"d":"240.00"},null,{"$f":"J62*I62","v":{"v":0,"d":"$0.00"}}]
[]
[null,null,"TOTAL DE LLENOS",{"$nulls":3},{"$f":"SUM(G60:G62)","v":{"v":232823034.64,"d":"$232,823,034.64"}},{"$nulls":3},{"$f":"SUM(K60:K62)","v":{"v":0,"d":"$0.00"}}]
[]
[null,"3.0.0","TOTAL DE MOVIMIENTOS DE TIERRA",{"$nulls":3},{"$f":"G64+G57","v":{"v":759423509.474,"d":"$759,423,509.47"}},{"$nulls":3},{"$f":"K64+K57","v":{"v":0,"d":"$0.00"}}]
[]
[null,"4.0.0","CONCRETOS"]
[]
[null,"4.1.0","SUBESTRUCTURA"]
[]
[null,"4.1.1","FUNDACIONES"]
["ESP 4.1.1.1","4.1.1.1","Construcción de VIGA DE FUNDACIÓN en concreto de 28 Mpa (4000 PSI) DE 60X60. Incluye el suministro y transporte del concreto, mano de obra, protección y curado,  acarreo interno, alquiler de bomba y los materiales necesarios para su correcta función.  No incluye refuerzo ni excavación, los mismos se pagarán en sus respectivos ítems.","m3",224.68,{"v":951963.79,"d":"$951,963.79"},{"$f":"F73*E73","v":{"v":213887224.33720002,"d":"$213,887,224.34"}},null,224.68,null,{"$f":"J73*I73","v":{"v":0,"d":"$0.00"}}]
["ESP 4.1.1.2","4.1.1.2","Construcción de VIGA DE FUNDACIÓN en concreto de 28 Mpa (4000 PSI) DE 40X60. Incluye el suministro y transporte del concreto, mano de obra, protección y curado y los materiales necesarios para su correcta función.  No incluye refuerzo ni excavación, los mismos se pagarán en sus respectivos ítems.","m3",65.69,{"v":920020.7,"d":"$920,020.70"},{"v":60436159.78299999,"d":"$60,436,159.78"},null,65.69,null,{"v":0,"d":"$0.00"}]
["ESP 4.1.1.3","4.1.1.3","Construcción de VIGA DE FUNDACIÓN en concreto de 28 Mpa (4000 PSI) DE 80X60. Incluye el suministro y transporte del concreto, mano de obra, protección y curado y los materiales necesarios para su correcta función.  No incluye refuerzo ni excavación, los mismos se pagarán en sus respectivos ítems.","m3",{"v":4.8,"d":"4.80"},{"v":986690.1,"d":"$986,690.10"},{"v":4736112.4799999995,"d":"$4,736,112.48"},null,{"v":4.8,"d":"4.80"},null,{"v":0,"d":"$0.00"}]
["ESP 4.1.1.4","4.1.1.4","Construcción de DADOS DE FUNDACIÓN O CABEZOTES en concreto de 42 Mpa (6000 PSI). Incluye el suministro y transporte del concreto, mano de obra, protección y curado y los materiales necesarios para su correcta función.  No incluye refuerzo ni excavación, los mismos se pagarán en sus respectivos ítems.","m3",43.41,{"v":1161631.06,"d":"$1,161,631.06"},{"v":50426404.3146,"d":"$50,426,404.31"},null,43.41,null,{"v":0,"d":"$0.00"}]
["ESP 4.1.1.5","4.1.1.5","Construcción de PILAS en concreto de 28 Mpa (4000 PSI) premezclado. Incluye el suministro, transporte y vaciado del concreto, mano de obra, protección, tabla de 1.70x0.20, clavo 1\" y alquiler de bomba y los demás elementos necesarios para su correcto funcionamiento. No incluye refuerzo ni excavación, los mismos se pagarán en sus respectivos ítems.","m3",{"v":710,"d":"710.00"},{"v":890720.55,"d":"$890,720.55"},{"v":632411590.5,"d":"$632,411,590.50"},null,{"v":710,"d":"710.00"},null,{"v":0,"d":"$0.00"}]
["ESP 4.1.1.6","4.1.1.6","Colocación de concreto de 10.5 Mpa para SOLADO, con un espesor de 0.05 m. Incluye el suministro y el transporte del concreto, acarreo interno y todos los demás elementos necesarios para su correcta construcción.","m2",{"v":385.033333333333,"d":"385.03"},{"v":25081.3,"d":"$25,081.30"},{"v":9657136.543333326,"d":"$9,657,136.54"},null,{"v":385.033333333333,"d":"385.03"},null,{"v":0,"d":"$0.00"}]
["ESP 4.1.1.7","4.1.1.7","Construcción de  LOSA DE CONTRAPISO  en Concreto premezclado 21 Mpa (3000 PSI) con e=13 cm. Incluye suministro, transporte e instalación del concreto, mano de obra, vibrado, protección y curado, pulida de piso de concreto con allanadora (1026.07m2) y todos los materiales necesarios para su correcto funcionamiento. No incluye refuerzo, ni lleno.\nNOTA: En estas cantidades se encuentra incluido el vaciado de placa de losa de contrapiso del foso de ascensor.","m2",{"v":2503.39,"d":"2,503.39"},{"v":217015.34,"d":"$217,015.34"},{"v":543274032.0026,"d":"$543,274,032.00"},null,{"v":2503.39,"d":"2,503.39"},null,{"v":0,"d":"$0.00"}]
["ESP 4.1.1.8","4.1.1.8","Construcción de CAMPANAS DE PILAS  en Concreto premezclado 28 Mpa (4000 PSI). Incluye suministro, transporte e instalación del concreto, mano de obra, vibrado, protección y curado y todos los materiales necesarios para su correcto funcionamiento.  No incluye refuerzo ni excavación, los mismos se pagarán en sus respectivos ítems.","m3",{"v":169.5,"d":"169.50"},{"v":948927.02,"d":"$948,927.02"},{"v":160843129.89000002,"d":"$160,843,129.89"},null,{"v":169.5,"d":"169.50"},null,{"v":0,"d":"$0.00"}]
["ESP 4.1.1.9","4.1.1.9","Armado y vaciado de ANILLO DE  PILAS de diámetro 1.40, incluye Concreto de 17.5 Mpa preparado en obra, herramienta menor y todos los elementos necesarios para su correcta ejecución.  No incluye refuerzo ni excavación, los mismos se pagarán en sus respectivos ítems.","m",{"v":569.2,"d":"569.20"},{"v":343713.9,"d":"$343,713.90"},{"v":195641951.88000003,"d":"$195,641,951.88"},null,{"v":569.2,"d":"569.20"},null,{"v":0,"d":"$0.00"}]
["ESP 4.1.1.10","4.1.1.10","Construcción de ZAPATA PARA RAMPA EN CONCRETO PREMEZCLADO DE 28 MPA (4000 PSI). Incluye suministro, transporte y vaciado del concreto, vibrado, desmoldante, antisol, formaleta y todo lo necesario para su correcta construcción. No incluye excavación ni acero de refuerzo, los mismos se pagarán en sus respectivo ítems","m3",2.88,{"v":946985.66,"d":"$946,985.66"},{"v":2727318.7008,"d":"$2,727,318.70"},null,2.88,null,{"v":0,"d":"$0.00"}]
["ESP 4.1.1.11","4.1.1.11","Construcción de PILOTE EN CONCRETO REFORZADO DE 28 MPA CON DIÁMETRO 30cm. Concreto premezclado . Incluye suministro, transporte y vaciado del concreto, excavación mecánica y todo lo necesario para su correcta construcción. No incluye acero de refuerzo, el mismos se pagará en su respectivo ítem","m",{"v":260,"d":"260.00"},{"v":462286.58752525,"d":"$462,286.59"},{"v":120194512.75656499,"d":"$120,194,512.76"},null,{"v":260,"d":"260.00"},null,{"v":0,"d":"$0.00"}]
["ESP 4.1.1.12","4.1.1.12","Construcción de talud a 45° mediante tratamiento de una capa de mortero 1:4,  de esp 5cm de espesor total,  incluye malla electrosoldada tipo D84, tubería PVC 2\" para oídos, geotextil NT2400, sika 1, larguero de madera comun de 1\" y los materiales necesarios para su correcto funcionamiento.                                                                         ","m2",195.27,{"v":149243.5219,"d":"$149,243.52"},{"v":29142782.521413,"d":"$29,142,782.52"},null,195.27,null,{"v":0,"d":"$0.00"}]
[]
[null,null,"TOTAL DE FUNDACIONES",{"$nulls":3},{"$f":"SUM(G73:G84)","v":{"v":2023378355.7095118,"d":"$2,023,378,355.71"}},{"$nulls":3},{"$f":"SUM(K73:K84)","v":{"v":0,"d":"$0.00"}}]
[]
[null,null,"TOTAL DE SUBESTRUCTURA",{"$nulls":3},{"$f":"G86","v":{"v":2023378355.7095118,"d":"$2,023,378,355.71"}},{"$nulls":3},{"$f":"K86","v":{"v":0,"d":"$0.00"}}]
[]
[null,"4.2.0","ESTRUCTURA"]
[]
[null,"4.2.1","LOSAS"]
["ESP 4.2.1.1","4.2.1.1","Construcción de LOSAS AÉREAS en concreto de 35 Mpa (5000 psi). con un Esp 12.5 cm. Incluye suministro, transporte y colocación del concreto, mano de obra, vibrado, protección, formaleta y curado y todos los materiales necesarios para su correcto funcionamiento. No incluye refuerzo.","m2",{"v":16162.91,"d":"16,162.91"},{"v":261125.61,"d":"$261,125.61"},{"$f":"F93*E93","v":{"v":4220549733.1250997,"d":"$4,220,549,733.13"}},null,{"v":16162.91,"d":"16,162.91"},null,{"$f":"J93*I93","v":{"v":0,"d":"$0.00"}}]
[]
[null,null,"TOTAL DE LOSAS",{"$nulls":3},{"$f":"G93","v":{"v":4220549733.1250997,"d":"$4,220,549,733.13"}},{"$nulls":3},{"$f":"K93","v":{"v":0,"d":"$0.00"}}]
[]
[null,"4.2.3","COLUMNAS"]
["ESP 4.2.3.1","4.2.3.1","Construcción de COLUMNAS DE secciones 0.80x0.50 m de resistencias según diseño estructural ( 42 Mpa 6000 PSI) , acabado a la vista. Incluye suministro, transporte y colocación del concreto, formaleta en súper \"T\" de 19 mm., aristas biseladas, desmoldante, para mezclas de concreto, vibrado, protección, curado y todos los demás elementos necesarios para su correcta construcción según diseño. El acero de refuerzo se pagará en su respectivo ítem. ","m",{"v":11.6,"d":"11.60"},{"v":597639.38,"d":"$597,639.38"},{"$f":"F98*E98","v":{"v":6932616.808,"d":"$6,932,616.81"}},null,{"v":11.6,"d":"11.60"},null,{"$f":"J98*I98","v":{"v":0,"d":"$0.00"}}]
["ESP 4.2.3.2","4.2.3.2","Construcción de COLUMNAS DE secciones  0.80 x0.80m. de resistencias según diseño estructural (35 MPa o 5000 PSI y 42m Pao 6000 PSI) , acabado a la vista. Incluye suministro, transporte y colocación del concreto, formaleta en súper \"T\" de 19 mm., aristas biseladas, desmoldante, para mezclas de concreto, vibrado, protección, curado y todos los demás elementos necesarios para su correcta construcción según diseño. El acero de refuerzo se pagará en su respectivo ítem. ","m",{"v":816.2,"d":"816.20"},{"v":760323.32,"d":"$760,323.32"},{"$f":"F99*E99","v":{"v":620575893.784,"d":"$620,575,893.78"}},null,{"v":816.2,"d":"816.20"},null,{"$f":"J99*I99","v":{"v":0,"d":"$0.00"}}]
[]
[null,null,"TOTAL DE COLUMNAS",{"$nulls":3},{"$f":"G98+G99","v":{"v":627508510.592,"d":"$627,508,510.59"}},{"$nulls":3},{"$f":"K98+K99","v":{"v":0,"d":"$0.00"}}]
[]
[null,"4.2.4","VIGAS AEREAS"]
["ESP 4.2.4.1","4.2.4.1","Construcción de VIGAS AÉREAS de 0,2 x 0,6 m. en concreto de 35 Mpa, hasta una altura variable desde el nivel de apoyo de la obra falsa hasta el nivel inferior de la viga. Incluye suministro, transporte y colocación del concreto, formaleta de primera calidad en súper T de 19 mm o equivalente, para acabado a la vista, aristas biseladas, suministro, transporte, armado y desarmado de la obra falsa requerida, vibrado, protección, curado y todos los demás elementos necesarios para su correcta construcción. El acero de refuerzo se pagará en su respectivo ítem según diseño y especificaciones establecidos en los planos.  En el vaciado se deben dejar los hierros para el amarre de los elementos no estructurales que se requieran, por ningún motivo se pagarán anclajes.                                                                                                       NOTA: en estas cantidades se encuentran incluidas las vigas del foso de ascensor, tienen las mismas dimensiones.","m",{"v":4554.19,"d":"4,554.19"},{"v":270531.26,"d":"$270,531.26"},{"$f":"F104*E104","v":{"v":1232050758.9794,"d":"$1,232,050,758.98"}},null,{"v":4554.19,"d":"4,554.19"},null,{"$f":"J104*I104","v":{"v":0,"d":"$0.00"}}]
["ESP 4.2.4.2","4.2.4.2","Construcción de VIGAS AÉREAS de 0,3 x 0,8 m. en concreto de 35 Mpa, hasta una altura variable desde el nivel de apoyo de la obra falsa hasta el nivel inferior de la viga. Incluye suministro, transporte y colocación del concreto, formaleta de primera calidad en súper T de 19 mm o equivalente, para acabado a la vista, aristas biseladas, suministro, transporte, armado y desarmado de la obra falsa requerida, vibrado, protección, curado y todos los demás elementos necesarios para su correcta construcción. El acero de refuerzo se pagará en su respectivo ítem según diseño y especificaciones establecidos en los planos.  En el vaciado se deben dejar los hierros para el amarre de los elementos no estructurales que se requieran, por ningún motivo se pagarán anclajes.","m",{"v":847.3,"d":"847.30"},{"v":374520.19,"d":"$374,520.19"},{"$f":"F105*E105","v":{"v":317330956.987,"d":"$317,330,956.99"}},null,{"v":847.3,"d":"847.30"},null,{"$f":"J105*I105","v":{"v":0,"d":"$0.00"}}]
["ESP 4.2.4.3","4.2.4.3","Construcción de VIGAS AÉREAS de 0,5 x 0,8 m. en concreto de 35 Mpa, hasta una altura variable desde el nivel de apoyo de la obra falsa hasta el nivel inferior de la viga. Incluye suministro, transporte y colocación del concreto, formaleta de primera calidad en súper T de 19 mm o equivalente, para acabado a la vista, aristas biseladas, suministro, transporte, armado y desarmado de la obra falsa requerida, vibrado, protección, curado y todos los demás elementos necesarios para su correcta construcción. El acero de refuerzo se pagará en su respectivo ítem según diseño y especificaciones establecidos en los planos.  En el vaciado se deben dejar los hierros para el amarre de los elementos no estructurales que se requieran, por ningún motivo se pagarán anclajes.                                                                                                        NOTA: en estas cantidades se encuentran incluida la viga cajón, tienen las mismas dimensiones.","m",{"v":3346.57,"d":"3,346.57"},{"v":505786.8,"d":"$505,786.80"},{"$f":"F106*E106","v":{"v":1692650931.276,"d":"$1,692,650,931.28"}},null,{"v":3346.57,"d":"3,346.57"},null,{"$f":"J106*I106","v":{"v":0,"d":"$0.00"}}]
["ESP 4.2.4.4","4.2.4.4","Construcción de VIGAS AÉREAS de 0,4 x 0,8 m. en concreto de 35 Mpa, con una altura variable desde el nivel de apoyo de la obra falsa hasta el nivel inferior de la viga. Incluye suministro, transporte y colocación del concreto, formaleta de primera calidad en súper T de 19 mm o equivalente, para acabado a la vista, aristas biseladas, suministro, transporte, armado y desarmado de la obra falsa requerida, vibrado, protección, curado y todos los demás elementos necesarios para su correcta construcción. El acero de refuerzo se pagará en su respectivo ítem según diseño y especificaciones establecidos en los planos.  En el vaciado se deben dejar los hierros para el amarre de los elementos no estructurales que se requieran, por ningún motivo se pagarán anclajes.","m",{"v":435.1,"d":"435.10"},{"v":443069.4,"d":"$443,069.40"},{"$f":"F107*E107","v":{"v":192779495.94000003,"d":"$192,779,495.94"}},null,{"v":435.1,"d":"435.10"},null,{"$f":"J107*I107","v":{"v":0,"d":"$0.00"}}]
[]
[null,null,"TOTAL DE VIGAS AÉREAS",{"$nulls":3},{"$f":"SUM(G104:G107)","v":{"v":3434812143.1824,"d":"$3,434,812,143.18"}},{"$nulls":3},{"$f":"SUM(K104:K107)","v":{"v":0,"d":"$0.00"}}]
[]
[null,"4.2.5","ESCALERAS/GRADERÍAS"]
["ESP 4.2.5.1","4.2.5.1","Construcción de ESCALERAS en concreto premezclado de 21 Mpa., con huella de 0.28 hasta 0.30 m y contrahuella de 0.15 hasta 0.17 m. Incluye suministro, transporte y la colocación del concreto, formaleta de primera calidad en súper \"T\" de 19 mm. o su equivalente para acabado a la vista, contrahuellas, moldura chaflán en contrahuellas, vibrado, protección, curado, y todos los demás elementos necesarios para su correcta construcción, según diseño.","tramo",{"v":14,"d":"14.00"},{"v":9128259.181965,"d":"$9,128,259.18"},{"$f":"F112*E112","v":{"v":127795628.54751001,"d":"$127,795,628.5"}},null,{"v":14,"d":"14.00"},null,{"$f":"J112*I112","v":{"v":0,"d":"$0.0"}}]
[]
[null,null,"TOTAL DE ESCALERAS/GRADERÍAS",{"$nulls":3},{"$f":"G112","v":{"v":127795628.54751001,"d":"$127,795,628.55"}},{"$nulls":3},{"$f":"K112","v":{"v":0,"d":"$0.00"}}]
[]
[null,"4.2.6","RAMPAS"]
["ESP 4.2.6.1","4.2.6.1","Construcción de RAMPAS  en concreto de 28 Mpa (4000 PSI), de 12,5 cm, Incluye suministro, transporte y colocación del concreto, mano de obra, vibrado, protección, formaleta y curado y todos los materiales necesarios para su correcto funcionamiento. No incluye refuerzo.","m2",{"v":147.7,"d":"147.70"},{"v":259841.9,"d":"$259,841.90"},{"$f":"F117*E117","v":{"v":38378648.629999995,"d":"$38,378,648.63"}},null,{"v":147.7,"d":"147.70"},null,{"$f":"J117*I117","v":{"v":0,"d":"$0.00"}}]
["ESP 4.2.6.2","4.2.6.2","Construcción de VIGAS AÉREAS DE RAMPA de 0,5 x 0,7 m. en concreto de 28 Mpa, hasta una altura variable desde el nivel de apoyo de la obra falsa hasta el nivel inferior de la viga. Incluye suministro, transporte y colocación del concreto, formaleta de primera calidad en súper T de 19 mm o equivalente, para acabado a la vista, aristas biseladas, suministro, transporte, armado y desarmado de la obra falsa requerida, vibrado, protección, curado y todos los demás elementos necesarios para su correcta construcción. El acero de refuerzo se pagará en su respectivo ítem según diseño y especificaciones establecidos en los planos.  ","m",{"v":39.9,"d":"39.90"},{"v":445293.47,"d":"$445,293.47"},{"$f":"F118*E118","v":{"v":17767209.452999998,"d":"$17,767,209.45"}},null,{"v":39.9,"d":"39.90"},null,{"$f":"J118*I118","v":{"v":0,"d":"$0.00"}}]
["ESP 4.2.6.3","4.2.6.3","Construcción de VIGAS AÉREAS DE RAMPA de 0,4 x 0,2 m. en concreto de 28 Mpa, hasta una altura variable desde el nivel de apoyo de la obra falsa hasta el nivel inferior de la viga. Incluye suministro, transporte y colocación del concreto, formaleta de primera calidad en súper T de 19 mm o equivalente, para acabado a la vista, aristas biseladas, suministro, transporte, armado y desarmado de la obra falsa requerida, vibrado, protección, curado y todos los demás elementos necesarios para su correcta construcción. El acero de refuerzo se pagará en su respectivo ítem según diseño y especificaciones establecidos en los planos.  ","m",19.66,{"v":241173.58,"d":"$241,173.58"},{"$f":"F119*E119","v":{"v":4741472.5828,"d":"$4,741,472.58"}},null,19.66,null,{"$f":"J119*I119","v":{"v":0,"d":"$0.00"}}]
[]
[null,null,"TOTAL DE RAMPAS",{"$nulls":3},{"$f":"SUM(G117:G119)","v":{"v":60887330.66579999,"d":"$60,887,330.67"}},{"$nulls":3},{"$f":"SUM(K117:K119)","v":{"v":0,"d":"$0.00"}}]
[]
[null,"4.2.7","TANQUES"]
["ESP 4.2.7.1","4.2.7.1","Construcción de  LOSA DE CONTRAPISO de tanque  en Concreto premezclado 28 Mpa (4000 PSI) con e=50 cm,   Incluye suministro, transporte e instalación del concreto, mano de obra, vibrado, protección y curado y todos los materiales necesarios para su correcto funcionamiento. No incluye refuerzo. Será pagado en su respectivo ítem.","m2",{"v":217.005,"d":"217.01"},{"v":600665.86,"d":"$600,665.86"},{"$f":"F124*E124","v":{"v":130347494.94929999,"d":"$130,347,494.95"}},null,{"v":217.005,"d":"217.01"},null,{"$f":"J124*I124","v":{"v":0,"d":"$0.00"}}]
["ESP 4.2.7.2","4.2.7.2","Construcción de MURO DE CONTENCIÓN en concreto premezclado de 28 MPa (4000 psi), esp. 0,30m,  con una altura total máxima de 2.30m. Incluye desmoldante, vibrador de concreto, y todo lo necesario para su correcta construcción. No incluye acero de refuerzo, el mismo se pagará en su respectivo ítem.","m2",{"v":115.2,"d":"115.20"},{"v":384670.56,"d":"$384,670.56"},{"$f":"F125*E125","v":{"v":44314048.512,"d":"$44,314,048.51"}},null,{"v":115.2,"d":"115.20"},null,{"$f":"J125*I125","v":{"v":0,"d":"$0.00"}}]
["ESP 4.2.7.3","4.2.7.3","Construcción de MURO DIVISORIOS DE TANQUE en concreto premezclado de 28 MPa (4000 psi) esp. 0,30m, con una altura total máxima de 2.30m. Incluye desmoldante, vibrador de concreto, y todo lo necesario para su correcta construcción. No incluye acero de refuerzo, el mismo se pagará en su respectivo ítem.","m2",{"v":43.2,"d":"43.20"},{"v":384670.56,"d":"$384,670.56"},{"$f":"F126*E126","v":{"v":16617768.192000002,"d":"$16,617,768.19"}},null,{"v":43.2,"d":"43.20"},null,{"$f":"J126*I126","v":{"v":0,"d":"$0.00"}}]
["ESP 4.2.7.4","4.2.7.4","Construcción de LOSAS AÉREAS en concreto de 28 Mpa (4000 psi). con un Esp 20 cm PARA TANQUE. Incluye suministro, transporte y colocación del concreto, mano de obra, vibrado, protección, formaleta y curado y todos los materiales necesarios para su correcto funcionamiento. No incluye refuerzo.","m2",{"v":217.005,"d":"217.01"},{"v":304086.752875,"d":"$304,086.75"},{"$f":"F127*E127","v":{"v":65988345.807639375,"d":"$65,988,345.81"}},null,{"v":217.005,"d":"217.01"},null,{"$f":"J127*I127","v":{"v":0,"d":"$0.00"}}]
[]
[null,null,"TOTAL DE TANQUES",{"$nulls":3},{"$f":"SUM(G124:G127)","v":{"v":257267657.46093935,"d":"$257,267,657.46"}},{"$nulls":3},{"$f":"SUM(K124:K127)","v":{"v":0,"d":"$0.00"}}]
[]
[null,"4.2.8","MUROS EN CONCRETO"]
["ESP 4.2.8.1","4.2.8.1","Suministro, transporte y colocación de concreto para MURO PANTALLA  de dimensiones .4x6m, con resistencias de  42 Mpa(6000 psi) y 35 MPa(5000 psi), incluye formaleta SÚPER T para acabado a la vista ambas caras, vibrado, reductor de agua tipo Sika o similar, acelerante para concretos tipo Sika o similar, desencofrante tipo Sika o similar, transporte externo e interno y colocación de la formaleta  en su sitio de acuerdo a los hilos, medidas y trazos indicados en los planos, lo mismo que el suministro, transporte externo e interno y colocación dentro del molde por medios manuales o mecánicos, del concreto necesario, en las características, secciones y especificaciones indicadas en los planos estructurales de la obra. El contratista debe suministrar también todos los elementos necesarios para asegurar la formaleta en su sitio, tales como tacos, parales, pasadores, tensores, corbatas, etc., que se requiera. Deberá también dar el curado necesario y retirar las formaletas cuando el concreto haya alcanzado su curado inicial. La interventoría indicará dónde y cuándo deben hacerse reparaciones u ordenar la demolición y reposición, por cuenta del contratista, del elemento cuando este lo considere necesario. El acero de refuerzo está incluido en su ítem respectivo.","m2",{"v":540.5,"d":"540.50"},{"v":469732.9,"d":"$469,732.90"},{"$f":"F132*E132","v":{"v":253890632.45000002,"d":"$253,890,632.45"}},null,{"v":540.5,"d":"540.50"},null,{"$f":"J132*I132","v":{"v":0,"d":"$0.00"}}]
["ESP 4.2.8.2","4.2.8.2","Suministro, transporte y colocación de concreto para MURO PANTALLA de dimensiones .8x1.60m, de resistencias de 42 Mpa(6000 psi) y 35 Mpa(5000 psi),  incluye formaleta SÚPER T para acabado a la vista ambas caras, vibrado, reductor de agua tipo Sika o similar, acelerante para concretos tipo Sika o similar, desencofrante tipo Sika o similar, transporte externo e interno y colocación de la formaleta  en su sitio de acuerdo a los hilos, medidas y trazos indicados en los planos, lo mismo que el suministro, transporte externo e interno y colocación dentro del molde por medios manuales o mecánicos, del concreto necesario, en las características, secciones y especificaciones indicadas en los planos estructurales de la obra. El contratista debe suministrar también todos los elementos necesarios para asegurar la formaleta en su sitio, tales como tacos, parales, pasadores, tensores, corbatas, etc., que se requiera. Deberá también dar el curado necesario y retirar las formaletas cuando el concreto haya alcanzado su curado inicial. La interventoría indicará dónde y cuándo deben hacerse reparaciones u ordenar la demolición y reposición, por cuenta del contratista, del elemento cuando este lo considere necesario. El acero de refuerzo está incluido en su ítem respectivo.","m2",301.12,{"v":825169,"d":"$825,169.00"},{"v":248474889.28,"d":"$248,474,889.28"},null,301.12,null,{"v":0,"d":"$0.00"}]
["ESP 4.2.8.3","4.2.8.3","Suministro, transporte y colocación de concreto de 21 Mpa(3000 psi), para muro espesor 20 cm, incluye formaleta SÚPER T para acabado a la vista ambas caras, vibrado, reductor de agua tipo Sika o similar, desencofrante tipo Sika o similar, transporte externo e interno y colocación de la formaleta en su sitio de acuerdo a los hilos, medidas y trazos indicados en los planos, lo mismo que el suministro, transporte externo e interno y colocación dentro del molde por medios manuales o mecánicos, del concreto necesario, en las características, secciones y especificaciones indicadas en los planos estructurales de la obra.  se deberá también dar el curado necesario y retirar las formaletas cuando el concreto haya alcanzado su curado inicial. El acero de refuerzo está incluido en su ítem respectivo al igual que la formaleta.\nNOTA: los muros no estructurales se conciben en concreto reforzado. Las cantidades de los muros del foso de ascensor están incluidas dentro de este ítem.","m2",{"v":1103.4,"d":"1,103.40"},{"v":303400.91,"d":"$303,400.91"},{"v":334772564.094,"d":"$334,772,564.09"},null,{"v":1103.4,"d":"1,103.40"},null,{"v":0,"d":"$0.00"}]
["ESP 4.2.8.4","4.2.8.4","Suministro, transporte y colocación de concreto de 21 Mpa(3000 psi), para muro espesor 15 cm, incluye formaleta SÚPER T para acabado a la vista ambas caras, vibrado, reductor de agua tipo Sika o similar, desencofrante tipo Sika o similar, transporte externo e interno y colocación de la formaleta en su sitio de acuerdo a los hilos, medidas y trazos indicados en los planos, lo mismo que el suministro, transporte externo e interno y colocación dentro del molde por medios manuales o mecánicos, del concreto necesario, en las características, secciones y especificaciones indicadas en los planos estructurales de la obra. se Deberá también dar el curado necesario y retirar las formaletas cuando el concreto haya alcanzado su curado inicial. El acero de refuerzo está incluido en su ítem respectivo al igual que la formaleta.   NOTA: En general, los muros no estructurales se conciben en concreto reforzado y las cantidades están reportadas dentro del ítem MUROS DE CONCRETO del presupuesto.","m2",{"v":3532.91,"d":"3,532.91"},{"v":269389.21,"d":"$269,389.21"},{"v":951727833.9011,"d":"$951,727,833.90"},null,{"v":3532.91,"d":"3,532.91"},null,{"v":0,"d":"$0.00"}]
["ESP 4.2.8.5","4.2.8.5","Suministro, transporte y colocación de concreto de 24 Mpa(3500 psi), para muro espesor 15 cm, incluye formaleta SÚPER T para acabado a la vista ambas caras, vibrado, reductor de agua tipo Sika o similar, desencofrante tipo Sika o similar, transporte externo e interno y colocación de la formaleta en su sitio de acuerdo a los hilos, medidas y trazos indicados en los planos, lo mismo que el suministro, transporte externo e interno y colocación dentro del molde por medios manuales o mecánicos, del concreto necesario, en las características, secciones y especificaciones indicadas en los planos estructurales de la obra. se deberá también dar el curado necesario y retirar las formaletas cuando el concreto haya alcanzado su curado inicial. El acero de refuerzo está incluido en su ítem respectivo al igual que la formaleta.\nNOTA: En general, los muros no estructurales se conciben en concreto reforzado y las cantidades están reportadas dentro del ítem MUROS DE CONCRETO del presupuesto.","m2",{"v":640,"d":"640.00"},{"v":307739.59,"d":"$307,739.59"},{"v":196953337.60000002,"d":"$196,953,337.60"},null,{"v":640,"d":"640.00"},null,{"v":0,"d":"$0.00"}]
["ESP 4.2.8.6","4.2.8.6","Suministro, transporte y colocación de concreto de 21 Mpa(3000 psi), para muro espesor 12 cm, incluye formaleta SÚPER T para acabado a la vista ambas caras, vibrado, reductor de agua tipo Sika o similar, desencofrante tipo Sika o similar, transporte externo e interno y colocación de la formaleta en su sitio de acuerdo a los hilos, medidas y trazos indicados en los planos, lo mismo que el suministro, transporte externo e interno y colocación dentro del molde por medios manuales o mecánicos, del concreto necesario, en las características, secciones y especificaciones indicadas en los planos estructurales de la obra.  se deberá también dar el curado necesario y retirar las formaletas cuando el concreto haya alcanzado su curado inicial. El acero de refuerzo está incluido en su ítem respectivo al igual que la formaleta.\nNOTA: En general, los muros no estructurales se conciben en concreto reforzado y las cantidades están reportadas dentro del ítem MUROS DE CONCRETO del presupuesto.","m2",{"v":490.1,"d":"490.10"},{"v":248982.18,"d":"$248,982.18"},{"v":122026166.418,"d":"$122,026,166.42"},null,{"v":490.1,"d":"490.10"},null,{"v":0,"d":"$0.00"}]
["ESP 4.2.8.7","4.2.8.7","Suministro, transporte y colocación de concreto de 21 Mpa(3000 psi), para muro espesor 10 cm, incluye formaleta SÚPER T para acabado a la vista ambas caras, vibrado, reductor de agua tipo Sika o similar, desencofrante tipo Sika o similar, transporte externo e interno y colocación de la formaleta en su sitio de acuerdo a los hilos, medidas y trazos indicados en los planos, lo mismo que el suministro, transporte externo e interno y colocación dentro del molde por medios manuales o mecánicos, del concreto necesario, en las características, secciones y especificaciones indicadas en los planos estructurales de la obra.  se deberá también dar el curado necesario y retirar las formaletas cuando el concreto haya alcanzado su curado inicial. El acero de refuerzo está incluido en su ítem respectivo al igual que la formaleta.NOTA: En general, los muros no estructurales se conciben en concreto reforzado y las cantidades están reportadas dentro del ítem MUROS DE CONCRETO del presupuesto.","m2",578.35,{"v":235377.51,"d":"$235,377.51"},{"v":136130582.90850002,"d":"$136,130,582.91"},null,578.35,null,{"v":0,"d":"$0.00"}]
["ESP 4.2.8.8","4.2.8.8","Suministro, transporte y colocación de concreto de 21 Mpa(3000 psi), para muro paral espesor 20 cm para soporte de fachada liviana, incluye formaleta SÚPER T para acabado a la vista ambas caras, vibrado, reductor de agua tipo Sika o similar, desencofrante tipo Sika o similar, transporte externo e interno y colocación de la formaleta en su sitio de acuerdo a los hilos, medidas y trazos indicados en los planos, lo mismo que el suministro, transporte externo e interno y colocación dentro del molde por medios manuales o mecánicos, del concreto necesario, en las características, secciones y especificaciones indicadas en los planos estructurales de la obra.  se deberá también dar el curado necesario y retirar las formaletas cuando el concreto haya alcanzado su curado inicial. El acero de refuerzo está incluido en su ítem respectivo al igual que la formaleta.","m3",235.86,{"v":1342760.13,"d":"$1,342,760.13"},{"v":316703404.2618,"d":"$316,703,404.26"},null,235.86,null,{"v":0,"d":"$0.00"}]
[]
[null,null,"TOTAL DE MUROS EN CONCRETO",{"$nulls":3},{"$f":"SUM(G132:G139)","v":{"v":2560679410.9133997,"d":"$2,560,679,410.91"}},{"$nulls":3},{"$f":"SUM(K132:K139)","v":{"v":0,"d":"$0.00"}}]
[null,"4.2.9","FORMALETA"]
["ESP 4.2.9.1","4.2.9.1","Alquiler de equipo para el armado de losa (obra falsa) encofrado completo de sistema versatec o equivalente, comparte proporcional de puntales y armadura con puntal de  5 m, encofrado a 3 niveles para un cuarto de losa sistema 1+1 de la planta típica nivel 4 e incluye los elementos necesarios para su correcto funcionamiento.","m2",{"v":1136,"d":"1,136.00"},{"v":509976.09,"d":"$509,976.09"},{"$f":"F143*E143","v":{"v":579332838.24,"d":"$579,332,838.24"}},null,{"v":1136,"d":"1,136.00"},null,{"$f":"J143*I143","v":{"v":0,"d":"$0.00"}}]
["ESP 4.2.9.2","4.2.9.2","Alquiler de equipo para el armado de columnas (obra falsa) sistema TEIDYHANDY  Encofrado para estructura vertical con dimensiones variables a una altura de vaciado variable y altura de encofrado de 4.80m. Incluye accesorios de fijación y los elementos necesarios para su correcto funcionamiento. No incluye apuntalamiento ni consumibles. ","m2",234.36,{"v":759569.5,"d":"$759,569.50"},{"$f":"F144*E144","v":{"v":178012708.02,"d":"$178,012,708.02"}},null,234.36,null,{"$f":"J144*I144","v":{"v":0,"d":"$0.00"}}]
[]
[null,null,"TOTAL DE FORMALETA",{"$nulls":3},{"$f":"SUM(G143:G144)","v":{"v":757345546.26,"d":"$757,345,546.26"}},{"$nulls":3},{"$f":"SUM(K143:K144)","v":{"v":0,"d":"$0.00"}}]
[]
[null,"4.2.10","CÁRCAMOS"]
["ESP 4.2.10.1","4.2.10.1","Canaleta en concreto .25m X.40m con rejilla modular antideslizante platinas con eje en acero inoxidable AISI 304. Espesor 1/8\" para canal de 15 cm. Luz entre platinas: 25 mm. Ancho de la rejilla 12 cm para canal de 15 cm.","m",6.77,{"v":490154.84,"d":"$490,154.84"},{"$f":"F149*E149","v":{"v":3318348.2668,"d":"$3,318,348.27"}},null,6.77,null,{"$f":"J149*I149","v":{"v":0,"d":"$0.00"}}]
["ESP 4.2.10.2","4.2.10.2","Canaleta en concreto .40m X.50m con rejilla modular antideslizante platinas con eje en acero inoxidable AISI 304. Espesor 1/8\" para canal de 50cm. Luz entre platinas: 25 mm. Ancho de la rejilla 12 cm para canal de 15 cm.","m",28.72,{"v":528073.3,"d":"$528,073.30"},{"$f":"F150*E150","v":{"v":15166265.176,"d":"$15,166,265.18"}},null,28.72,null,{"$f":"J150*I150","v":{"v":0,"d":"$0.00"}}]
[]
[null,null,"TOTAL DE CARCAMOS",{"$nulls":3},{"$f":"SUM(G149:G150)","v":{"v":18484613.4428,"d":"$18,484,613.44"}},{"$nulls":3},{"$f":"SUM(K149:K150)","v":{"v":0,"d":"$0.00"}}]
[]
[null,null,"TOTAL DE ESTRUCTURA",{"$nulls":3},{"$f":"SUM(G152+G146+G141+G129+G121+G114+G109+G101+G95)","v":{"v":12065330574.189949,"d":"$12,065,330,574.19"}},{"$nulls":3},{"$f":"SUM(K152+K146+K141+K129+K121+K114+K109+K101+K95)","v":{"v":0,"d":"$0.00"}}]
[]
[null,null,"TOTAL DE CONCRETOS",{"$nulls":3},{"$f":"SUM(G154+G88)","v":{"v":14088708929.89946,"d":"$14,088,708,929.90"}},{"$nulls":3},{"$f":"SUM(K154+K88)","v":{"v":0,"d":"$0.00"}}]
[]
[null,"5.0.0","ACERO/MALLAS"]
[]
[null,"5.1.0","ACERO DE REFUERZO"]
["ESP 5.1.1","5.1.1","Suministro, transporte e instalación de ACERO DE REFUERZO FIGURADO FY= 420 Mpa-60000 PSI, corrugado para elementos en concreto reforzado. Incluye transporte con descarga, transporte interno, alambre de amarre, certificados y todos los elementos necesarios para su correcta instalación, según diseño y recomendaciones estructurales.                                                                                                                  NOTA: Dentro de las cantidades reportadas de acero de refuerzo se encuentra asociado al arreglo de tres vigas, o vigas cajón, que se extienden entre los ejes C y E, sobre eje el 4 en el nivel 7, y sobre los ejes 2, 3 y 4 en el nivel 8. El peso del refuerzo de cada viga es alrededor de 12560 kg.","kg",{"v":828940.02,"d":"828,940.02"},{"v":6224.16,"d":"$6,224.16"},{"$f":"F161*E161","v":{"v":5159455314.8832,"d":"$5,159,455,314.88"}},null,{"v":828940.02,"d":"828,940.02"},null,{"$f":"J161*I161","v":{"v":0,"d":"$0.00"}}]
["ESP 5.1.2","5.1.2","Suministro e instalación de anclajes de diámetro 3/8\",  incluye la perforación, el epóxico y todos los elementos necesarios para su correcto funcionamiento","un",{"v":8850,"d":"8,850.00"},{"v":4655.57,"d":"$4,655.57"},{"$f":"F162*E162","v":{"v":41201794.5,"d":"$41,201,794.50"}},null,{"v":8850,"d":"8,850.00"},null,{"$f":"J162*I162","v":{"v":0,"d":"$0.00"}}]
[]
[null,null,"TOTAL DE ACERO DE REFUERZO",{"$nulls":3},{"$f":"SUM(G161:G162)","v":{"v":5200657109.3832,"d":"$5,200,657,109.38"}},{"$nulls":3},{"$f":"SUM(K161:K162)","v":{"v":0,"d":"$0.00"}}]
[]
[null,"5.2.0","MALLA ELECTROSOLDADA"]
["ESP 5.2.1","5.2.1","Colocación de MALLA ELECTROSOLDADA TIPO D 131. Incluye el suministro, transporte del material, corte, instalación y amarre para  losa de contrapiso y losas aéreas o donde se requiera. el refuerzo y su instalación debe cumplir con la Norma NSR 10. Incluye alambre recocido y todos los elementos necesarios para su correcta colocación.","m2",{"v":19273.07,"d":"19,273.07"},{"v":16777.78,"d":"$16,777.78"},{"$f":"F167*E167","v":{"v":323359328.3846,"d":"$323,359,328.38"}},null,{"v":19273.07,"d":"19,273.07"},null,{"$f":"J167*I167","v":{"v":0,"d":"$0.00"}}]
[null,"5.2.2","Colocación de MALLA ELECTROSOLDADA TIPO:  D221. Incluye el suministro, transporte del material, corte, instalación y amarre para  muros de concreto no estructurales  o donde se requiera. El refuerzo y su instalación debe cumplir con la Norma NSR 10. Incluye alambre recocido y todos los elementos necesarios para su correcta colocación.","m2",{"v":1681.754,"d":"1,681.75"},{"v":25421.64,"d":"$25,421.64"},{"$f":"F168*E168","v":{"v":42752944.75656,"d":"$42,752,944.76"}},null,{"v":1681.754,"d":"1,681.75"},null,{"$f":"J168*I168","v":{"v":0,"d":"$0.00"}}]
[null,"5.2.3","Colocación de MALLA ELECTROSOLDADA TIPO:  D257 . Incluye el suministro, transporte del material, corte, instalación y amarre para  muros de concreto no estructurales  o donde se requiera. El refuerzo y su instalación debe cumplir con la Norma NSR 10. Incluye alambre recocido y todos los elementos necesarios para su correcta colocación.","m2",{"v":490.0965,"d":"490.10"},{"v":22424.45,"d":"$22,424.45"},{"$f":"F169*E169","v":{"v":10990144.459425,"d":"$10,990,144.46"}},null,{"v":490.0965,"d":"490.10"},null,{"$f":"J169*I169","v":{"v":0,"d":"$0.00"}}]
[null,"5.2.4","Colocación de MALLA ELECTROSOLDADA TIPO:  D158 . Incluye el suministro, transporte del material, corte, instalación y amarre para  muros de concreto no estructurales  o donde se requiera. El refuerzo y su instalación debe cumplir con la Norma NSR 10. Incluye alambre recocido y todos los elementos necesarios para su correcta colocación.","m2",{"v":3529.5812,"d":"3,529.58"},{"v":26730.67,"d":"$26,730.67"},{"$f":"F170*E170","v":{"v":94348070.295404,"d":"$94,348,070.30"}},null,{"v":3529.5812,"d":"3,529.58"},null,{"$f":"J170*I170","v":{"v":0,"d":"$0.00"}}]
[]
[{"$nulls":6},{"$f":"G167+G168+G169+G170","v":{"v":471450487.895989,"d":"$471,450,487.90"}},{"$nulls":3},{"$f":"K167+K168+K169+K170","v":{"v":0,"d":"$0.00"}}]
[]
[null,"5.0.0","TOTAL DE ACERO/MALLAS",{"$nulls":3},{"$f":"G164+G172","v":{"v":5672107597.279189,"d":"$5,672,107,597.28"}},{"$nulls":3},{"$f":"K164+K172","v":{"v":0,"d":"$0.00"}}]
[]
[null,"6.0.0","ACABADOS E IMPERMEABILIZACIONES"]
[]
[null,"6.1.0","PINTURA/ESTUCO/ENCHAPE"]
[]
[null,"6.1.1","ESTUCO"]
["ESP 6.1.1.1","6.1.1.1","Colocación de ESTUCO ACRÍLICO PROFESIONAL, SOBRE MUROS REVOCADOS, 3 manos mínimo, o las que sean necesarias para obtener una superficie pareja y homogénea. Incluye suministro y transporte de los materiales, ranuras, filetes, dilataciones y todos los elementos necesarios para su correcta aplicación y funcionamiento.","m2",{"v":5789.54,"d":"5,789.54"},{"v":27213.32,"d":"$27,213.32"},{"$f":"F181*E181","v":{"v":157552604.6728,"d":"$157,552,604.67"}},null,{"v":5789.54,"d":"5,789.54"},null,{"$f":"J181*I181","v":{"v":0,"d":"$0.00"}}]
[]
[null,null,"TOTAL DE ESTUCO",{"$nulls":3},{"$f":"G181","v":{"v":157552604.6728,"d":"$157,552,604.67"}},{"$nulls":3},{"$f":"K181","v":{"v":0,"d":"$0.00"}}]
[]
[null,"6.1.2","ENCHAPES"]
["ESP 6.1.2.1","6.1.2.1","Suministro, transporte e instalación de Enchape en cerámica Vancouver Caras Diferenciadas formato 30x60 color Beige Ref.604602031, marca corona o equivalente e incluye los elementos necesarios para su correcto funcionamiento.\n","m2",{"v":1545.43,"d":"1,545.43"},{"v":87500.46,"d":"$87,500.46"},{"$f":"F186*E186","v":{"v":135225835.89780003,"d":"$135,225,835.90"}},null,{"v":1545.43,"d":"1,545.43"},null,{"$f":"J186*I186","v":{"v":0,"d":"$0.00"}}]
["ESP 6.1.2.2","6.1.2.2","Suministro, transporte e instalación de Enchape en cerámica rectificada plana formato 30 x 60 cms Ref.  608039001 Corona color blanco o equivalente. Altura 1.50 cms. Disposición horizontal. Especificaciones e instalación según proveedor e incluye los elementos necesarios para su correcto funcionamiento.","m2",469.99,{"v":89600.46,"d":"$89,600.46"},{"$f":"F187*E187","v":{"v":42111320.19540001,"d":"$42,111,320.20"}},null,469.99,null,{"$f":"J187*I187","v":{"v":0,"d":"$0.00"}}]
[null,"6.1.2.3","Suministro, transporte e instalación de recubrimiento de muro tipo domus RP16 , en melanina duratex referencia sagano vetta o similar, incluye estructura, herramientas, andamios, mano de obra y los materiales necesarios para su correcta instalación.","m2",805.51,{"v":460978,"d":"$460,978.00"},{"$f":"F188*E188","v":{"v":371322388.78,"d":"$371,322,388.78"}},null,805.51,null,{"$f":"J188*I188","v":{"v":0,"d":"$0.00"}}]
[]
[null,null,"TOTAL DE ENCHAPES",{"$nulls":3},{"$f":"SUM(G186:G188)","v":{"v":548659544.8731999,"d":"$548,659,544.87"}},{"$nulls":3},{"$f":"SUM(K186:K188)","v":{"v":0,"d":"$0.00"}}]
[]
[null,"6.1.3","PINTURA"]
["ESP 6.1.3.1","6.1.3.1","Aplicación de PINTURA A BASE DE AGUA EN MUROS, CON VINILO TIPO 1 de primera calidad sobre muros revocados y/o estucados, tres manos hasta obtener una superficie pareja y homogénea. Incluye suministro y transporte de los materiales,  tapa poros en estuco plástico tipo plastiestuco o equivalente diluido en agua proporción 1:2, adecuación de la superficie a intervenir hasta obtener una superficie pareja y homogénea, color blanco.","m2",{"v":12596.939999999999,"d":"12,596.94"},{"v":21244.28,"d":"$21,244.28"},{"$f":"F193*E193","v":{"v":267612920.50319996,"d":"$267,612,920.50"}},null,{"v":12596.939999999999,"d":"12,596.94"},null,{"$f":"J193*I193","v":{"v":0,"d":"$0.00"}}]
["ESP 6.1.3.3","6.1.3.3","Aplicación de PINTURA EPOXICA de primera calidad sobre muros y/o cielos revocados y/o estucados, dos manos hasta obtener una superficie pareja y homogénea. Incluye catalizador, filos y dilataciones, suministro y transporte de los materiales, tapa poros en estuco plástico, adecuación de la superficie a intervenir hasta obtener una superficie pareja y homogénea, color blanco y todos los elementos necesarios para su correcta aplicación.","m2",{"v":1234.04,"d":"1,234.04"},{"v":37847.369999999995,"d":"$37,847.37"},{"$f":"F194*E194","v":{"v":46705168.47479999,"d":"$46,705,168.47"}},null,{"v":1234.04,"d":"1,234.04"},null,{"$f":"J194*I194","v":{"v":0,"d":"$0.00"}}]
["ESP 6.1.3.4","6.1.3.4","Aplicación de PINTURA A BASE DE AGUA EN MUROS, CON VINILO color ocre o similar de primera calidad sobre muros revocados y/o estucados, tres manos hasta obtener una superficie pareja y homogénea. Incluye suministro y transporte de los materiales, tapa poros en estuco plástico tipo plastiestuco o equivalente diluido en agua proporción 1:2, adecuación de la superficie a intervenir hasta obtener una superficie pareja y homogénea.","m2",{"v":1615.38,"d":"1,615.38"},{"v":20573.7,"d":"$20,573.70"},{"$f":"F195*E195","v":{"v":33234343.506000005,"d":"$33,234,343.51"}},null,{"v":1615.38,"d":"1,615.38"},null,{"$f":"J195*I195","v":{"v":0,"d":"$0.00"}}]
[]
[null,null,"TOTAL DE PINTURA",{"$nulls":3},{"$f":"SUM(G193:G195)","v":{"v":347552432.4839999,"d":"$347,552,432.48"}},{"$nulls":3},{"$f":"SUM(K193:K195)","v":{"v":0,"d":"$0.00"}}]
[]
[null,"6.1.4","REVOQUE"]
["ESP 6.1.4.1","6.1.4.1","Colocación de REVOQUE con mortero 1:4 EN MUROS. Incluye suministro y transporte de los materiales, fajas, ranuras, filetes y todos los demás elementos necesarios para su correcta construcción.","m2",{"v":5592.04,"d":"5,592.04"},{"v":30742.628178,"d":"$30,742.63"},{"$f":"E200*F200","v":{"v":171914006.4765031,"d":"$171,914,006.48"}},null,{"v":5592.04,"d":"5,592.04"},null,{"$f":"I200*J200","v":{"v":0,"d":"$0.00"}}]
[]
[null,null,"TOTAL DE REVOQUE",{"$nulls":3},{"$f":"G200","v":{"v":171914006.4765031,"d":"$171,914,006.48"}},{"$nulls":3},{"$f":"K200","v":{"v":0,"d":"$0.00"}}]
[]
[null,null,"TOTAL DE PINTURA/ESTUCO/ENCHAPE",{"$nulls":3},{"$f":"SUM(G202+G197+G190+G183)","v":{"v":1225678588.5065029,"d":"$1,225,678,588.51"}},{"$nulls":3},{"$f":"SUM(K202+K197+K190+K183)","v":{"v":0,"d":"$0.00"}}]
[]
[null,"6.2.0","IMPERMEABILIZACIONES"]
["ESP 6.2.0.1","6.2.0.1","Suministro e instalación de sistema impermeabilizante a base de membrana de PVC plastificado, tipo Sika Sarnafil S-327 12L, con espesor de 1.5 mm, reforzada con fibra de poliéster y alta reflectividad. Incluye preparación de superficie, colocación de geotextil, anclajes de fijación, láminas metálicas de terminación, adhesivos y todos los elementos necesarios para su correcto funcionamiento.","m2",{"v":2272.84,"d":"2,272.84"},{"v":285490.88,"d":"$285,490.88"},{"$f":"E207*F207","v":{"v":648875091.6992,"d":"$648,875,091.70"}},null,{"v":2272.84,"d":"2,272.84"},null,{"$f":"I207*J207","v":{"v":0,"d":"$0.00"}}]
["ESP 6.2.0.2","6.2.0.2","Aplicación de impermeabilizante acrílico o epóxico en terrazas niveles 3 y 6 y zonas de duchas en baños interiores de primera calidad sobre morteros con pendientes, dos manos o las necesarias hasta obtener una superficie pareja y homogénea. Incluye catalizador, filos y dilataciones, suministro y transporte de los materiales, resanes, tapa poros y adecuación de la superficie a intervenir hasta obtener una superficie pareja y homogénea y todos los elementos necesarios para su correcta aplicación.","m2",971.55,{"v":36521.38,"d":"$36,521.38"},{"$f":"E208*F208","v":{"v":35482346.73899999,"d":"$35,482,346.74"}},null,971.55,null,{"$f":"I208*J208","v":{"v":0,"d":"$0.00"}}]
["ESP 6.2.0.3","6.2.0.3","Aplicación de membrana PVC para impermeabilización de tanque, incluye Instalación de perfilería perimetral con chazos,  geotextil 1600.,  geomembrana PVC 1,2 mm., Construcción de emboquillados de bajantes, Emboquillado de incrustaciones, Aplicación de sello elástico perimetral para sellar perfil de anclaje y los materiales necesarios para su correcto funcionamiento.","m2",348.45,{"v":116900,"d":"$116,900.00"},{"$f":"E209*F209","v":{"v":40733805,"d":"$40,733,805.00"}},null,348.45,null,{"$f":"I209*J209","v":{"v":0,"d":"$0.00"}}]
["ESP 6.2.0.4","6.2.0.4","Construcción de MEDIA CAÑA EN MORTERO 1:4. Con un desarrollo 25 cm, para cubierta. Incluye suministro, transporte de los materiales, mano de obra de regata y todo lo necesario para su correcta construcción. Según diseño.","m",302.96,{"v":39908.41,"d":"$39,908.41"},{"$f":"E210*F210","v":{"v":12090651.8936,"d":"$12,090,651.89"}},null,302.96,null,{"$f":"I210*J210","v":{"v":0,"d":"$0.00"}}]
["ESP 6.2.0.5","6.2.0.5","Aplicación de Impermeabilizante para foso de ascensor y/o malacate con recubrimiento cementoso para la impermeabilización de estructuras (broncosil y broncoplug (compuesto hidráulico de fraguado rápido para sellar filtraciones de agua en concreto), incluye suministro, transporte e instalación y todos los elementos necesarios para su correcto funcionamiento. Para un área total de 17,28 m2","un",{"v":4,"d":"4.00"},{"v":782326.56,"d":"$782,326.56"},{"$f":"E211*F211","v":{"v":3129306.24,"d":"$3,129,306.24"}},null,{"v":4,"d":"4.00"},null,{"$f":"I211*J211","v":{"v":0,"d":"$0.00"}}]
[]
[null,null,"TOTAL DE IMPERMEABILIZACIONES",{"$nulls":3},{"$f":"SUM(G207:G211)","v":{"v":740311201.5718,"d":"$740,311,201.57"}},{"$nulls":3},{"$f":"SUM(K207:K211)","v":{"v":0,"d":"$0.00"}}]
[]
[null,null,"TOTAL DE ACABADOS E IMPERMEABILIZACIONES",{"$nulls":3},{"$f":"SUM(G213+G204)","v":{"v":1965989790.0783029,"d":"$1,965,989,790.08"}},{"$nulls":3},{"$f":"SUM(K213+K204)","v":{"v":0,"d":"$0.00"}}]
[]
[null,"7.0.0","PISOS"]
[]
[null,"7.1.0","PISOS Y ZÓCALOS EN CERÁMICA Y PIEDRA "]
["ESP 7.1.1","7.1.1","Colocación de Piso Porcelanato Rectificado Manet ARD® PRO Marfil Multitono 60x120, ref. 123542051,  calidad corona o equivalente para baños. Incluye suministro y transporte de los materiales, adhesivo Pegantto Plus o equivalente, boquilla Juntta Puss gris o equivalente, juntas de dilatación elastoméricas tipo sikaflex o equivalente y todos los demás elementos necesarios para su correcta construcción y funcionamiento. ","m2",{"v":570.6700000000001,"d":"570.67"},{"v":150141.06,"d":"$150,141.06"},{"$f":"E220*F220","v":{"v":85680998.71020001,"d":"$85,680,998.71"}},null,{"v":570.6700000000001,"d":"570.67"},null,{"$f":"I220*J220","v":{"v":0,"d":"$0.00"}}]
["ESP 7.1.2","7.1.2","Colocación de Piso en cerámica Vancouver hielo Ref. 607942221, formato 60 x 60 cm, modulación según detalle específico,  calidad corona o equivalente. Incluye suministro y transporte de los materiales, adhesivo Pegantto Pluss o equivalente, boquilla Juntta Puss gris o equivalente, juntas de dilatación elastoméricas tipo sikaflex o equivalente y todos los demás elementos necesarios para su correcta construcción y funcionamiento. ","m2",{"v":116.57000000000001,"d":"116.57"},{"v":92774.51,"d":"$92,774.51"},{"v":10814724.6307,"d":"$10,814,724.63"},null,{"v":116.57000000000001,"d":"116.57"},null,{"v":0,"d":"$0.00"}]
["ESP 7.1.3","7.1.3","Suministro, transporte e instalación de Piso en piedra natural Royal dorado e=1,5 cm para tráfico pesado acabado cepillado, formato 30cm x junta perdida (variable). Espesor 1 cm + mortero de pega, nivelación y lechada. Pegante Pegacor Max con látex Ref. 901011501 corona o similar. Remate contra muros en arenón tipo royal dorado. Incluye transporte interno y los demás elementos necesarios para su correcto funcionamiento.","m2",398.92,{"v":437368.95,"d":"$437,368.95"},{"v":174475221.534,"d":"$174,475,221.53"},null,398.92,null,{"v":0,"d":"$0.00"}]
["ESP 7.1.4","7.1.4","Suministro, transporte e instalación de Piso en piedra natural Royal dorado e=2,0 cm para tráfico pesado acabado anticado, formato 30cm x junta perdida (variable). Espesor 1 cm + mortero de pega, nivelación y lechada. Pegante Pegacor Max con látex Ref. 901011501 corona o similar. Remate contra muros en arenón tipo royal dorado.  El acabado de la piedra lo hace el instalador. Incluye transporte interno y  los demás elementos necesarios para su correcto funcionamiento.","m2",107.73,{"v":438619.08,"d":"$438,619.08"},{"v":47252433.488400005,"d":"$47,252,433.49"},null,107.73,null,{"v":0,"d":"$0.00"}]
["ESP 7.1.5","7.1.5","Suministro transporte e instalación de zócalo en piedra royal acabado cepillado y anticado , junta perdida *10*1, e=1,5 cm, formato 30cm x junta perdida (variable). Espesor 1cm +  pega y lechada. Pegante Pegacor Max con látex Ref. 901011501 corona o similar. Incluye transporte interno y los demás elementos necesarios para su correcto funcionamiento.","m",{"v":247.7,"d":"247.70"},{"v":60264.81,"d":"$60,264.81"},{"v":14927593.436999999,"d":"$14,927,593.44"},null,{"v":247.7,"d":"247.70"},null,{"v":0,"d":"$0.00"}]
["ESP 7.1.6","7.1.6","Colocación de ZÓCALO EN PISO Manet ARD PRO formato .60x1.20 cm color marfil multitono Ref.123542051, de 10 cms, marca corona o equivalente mismo material del piso.  Instalación y modulación según detalle específico. Incluye suministro y transporte de los materiales, cortes con máquina, pegante para cerámica tipo Pegacor o equivalente, lechada con Boquilla para cerámica y todo lo necesario para su correcta instalación y funcionamiento.","m",{"v":69.4,"d":"69.40"},{"v":38210.47,"d":"$38,210.47"},{"v":2651806.6180000002,"d":"$2,651,806.62"},null,{"v":69.4,"d":"69.40"},null,{"v":0,"d":"$0.00"}]
["ESP 7.1.7","7.1.7","Construcción de GUARDAESCOBA EN MEDIA CAÑA EN MORTERO CON IMPERMEABILIZANTE INTEGRAL 1:3 con Sika 1 o su equivalente. Con un desarrollo de 25 cm. Incluye suministro y transporte de los materiales, varilla de dilatación de 3 mm., superior e inferior y curvas de aluminio cada 1.80 m. o donde sea necesario y todo lo necesario para su correcta construcción. Según diseño.","m",{"v":2010.9,"d":"2,010.90"},{"v":50315.3,"d":"$50,315.30"},{"v":101179036.77000001,"d":"$101,179,036.77"},null,{"v":2010.9,"d":"2,010.90"},null,{"v":0,"d":"$0.00"}]
["ESP 7.1.8","7.1.8","Construcción de vaciado zócalo 1/2 caña en grano. Incluye: lechada, grano, forma media caña en aluminio de 3 mm, varilla de dilatación plástica parte inferior y mano de obra en vaciado. Con un desarrollo ≤ 20 cm. Incluye: lechada y grano, pulido, destronque y repulido, brillo y diamantado y todos los demás elementos para su correcto funcionamiento.","m",{"v":57.9,"d":"57.90"},{"v":60370.95,"d":"$60,370.95"},{"v":3495478.005,"d":"$3,495,478.01"},null,{"v":57.9,"d":"57.90"},null,{"v":0,"d":"$0.00"}]
["ESP 7.1.9","7.1.9","Suministro, transporte e instalación de ATRAPAMUGRE en Piedra royal bronce, acabado abujardado de 30cm x jp x 2 cm de espesor, incluye lechada, pegante, lavado y sellado y los elementos necesarios para su correcto funcionamiento.","m",8.15,{"v":198539.9815,"d":"$198,539.98"},{"v":1618100.849225,"d":"$1,618,100.85"},null,8.15,null,{"v":0,"d":"$0.00"}]
["ESP 7.1.10","7.1.10","Suministro, transporte e instalación de ZOCALO EN MDF CHAPILLADO Y TINTILLADO, incluye varilla de 2.44 m, la herramienta menor (clavos, puntillas, pegamento, silicona) y todos los elementos necesarios para su correcto funcionamiento.","m",{"v":288.70000000000005,"d":"288.70"},{"v":85442,"d":"$85,442.00"},{"v":24667105.400000002,"d":"$24,667,105.40"},null,{"v":288.70000000000005,"d":"288.70"},null,{"v":0,"d":"$0.00"}]
[null,"7.1.11","Construcción de GUARDAESCOBA EN CONCRETO PIGMENTADO  o su equivalente. Incluye suministro y transporte de los materiales, varilla de dilatación de 3 mm., superior e inferior  y todo lo necesario para su correcta construcción. Según diseño.","m",{"v":196.6,"d":"196.60"},{"v":38921.474,"d":"$38,921.47"},{"v":7651961.7884,"d":"$7,651,961.79"},null,{"v":196.6,"d":"196.60"},null,{"v":0,"d":"$0.00"}]
[]
[null,null,"TOTAL DE PISOS Y ZÓCALOS EN CERÁMICA Y PIEDRA ",{"$nulls":3},{"$f":"SUM(G220:G230)","v":{"v":474414461.23092484,"d":"$474,414,461.23"}},{"$nulls":3},{"$f":"SUM(K220:K230)","v":{"v":0,"d":"$0.00"}}]
[]
[null,"7.2.0","PISOS VARIOS"]
["ESP 7.2.1","7.2.1","Suministro y transporte de piso falso TIPO POLITI para interiores en acero de alta resistencia, revestido con pintura epóxica, Las placas en su parte inferior contienen 64 celdas. Módulo de 60x60 cm o similar. No incluye acabado (el acabado recomendado es alfombra o vinilo autoportante a partir de 4.5mm para permitir el registro, no tipo click). Resistencia: 2019,04 Kg/m2 de carga distribuida.\nPedestales de Acero de altura regulables TIPOLOGÍA 1 - 600x600x30mm - 35MM C BOARD - STEEL FULL WRAPPED TYPE - FFH150MM - CROSS HEAD PEDESTAL HEAD AND BASE","m2",21.85,{"v":314227.73,"d":"$314,227.73"},{"$f":"E235*F235","v":{"v":6865875.9005,"d":"$6,865,875.90"}},null,21.85,null,{"$f":"I235*J235","v":{"v":0,"d":"$0.00"}}]
["ESP 7.2.2","7.2.2","Instalación de piso falso TIPO POLITI para interiores en acero de alta resistencia revestido con pintura epóxica, las placas en su parte inferior contienen 64 celdas. Módulo de 60x60 cm o similar.","m2",21.85,{"v":40206.92,"d":"$40,206.92"},{"v":878521.202,"d":"$878,521.20"},null,21.85,null,{"v":0,"d":"$0.00"}]
["ESP 7.2.3","7.2.3","Suministro y transporte de sistema de PISO DE TABLETA Triangular PREFABRICADA exterior, conjunto piso tableta triangular, referencia PRO3774, marca Cimbrados o equivalente y los elementos necesarios para su correcto funcionamiento","m2",{"v":566.8500000000001,"d":"566.85"},{"v":140818.65,"d":"$140,818.65"},{"v":79823051.75250001,"d":"$79,823,051.75"},null,{"v":566.8500000000001,"d":"566.85"},null,{"v":0,"d":"$0.00"}]
["ESP 7.2.4","7.2.4","Instalación de piso exterior PISO DE TABLETA TRIANGULAR PREFABRICADA flotante,  incluye todos los elementos necesarios para su correcto funcionamiento","m2",969.19,{"v":66934.32,"d":"$66,934.32"},{"v":64872073.60080001,"d":"$64,872,073.60"},null,969.19,null,{"v":0,"d":"$0.00"}]
["ESP 7.2.5","7.2.5","Construcción de PISO EN MORTERO 1:5 de NIVELACIÓN, espesor de 0.05m. Incluye suministro y transporte de los materiales y todo lo necesario para su correcta construcción y funcionamiento.","m2",{"v":4954.29,"d":"4,954.29"},{"v":32011.3,"d":"$32,011.30"},{"v":158593263.477,"d":"$158,593,263.48"},null,{"v":4954.29,"d":"4,954.29"},null,{"v":0,"d":"$0.00"}]
["ESP 7.2.6","7.2.6","Suministro, transporte e instalación de piso  DE VINILO Lvt Milliken, para tráfico comercial, medidas 15.24 CM X 121.92 CM, con espesor de 2,5 MM, el paquete trae 3.34 M2, cuenta con 15 años de garantía, acabado de poliuretano reforzado con silicona, suministra excelente resistencia a la mancha, a la abrasión y el rayado, incluye adhesivo y mastico, y  los elementos necesarios para su correcta instalación. No incluye El subsuelo (mortero) debe estar duro, plano, seco, liso, limpio, regular, sin ondulaciones, libre de rastros de yeso, pintura, pegamentos, aceite o de sustancias grasas.","m2",755.71,{"v":260973.75,"d":"$260,973.75"},{"v":197220472.6125,"d":"$197,220,472.61"},null,755.71,null,{"v":0,"d":"$0.00"}]
["ESP 7.2.7","7.2.7","Suministro e instalación de tableta táctil tallada en piedra royal beta espesor de 2 cm incluye mortero de pega, nivelación, lechada de asiento, junta y los elementos necesarios para su correcta instalación","m",44.61,{"v":497038.22,"d":"$497,038.22"},{"v":22172874.9942,"d":"$22,172,874.99"},null,44.61,null,{"v":0,"d":"$0.00"}]
[null,"7.2.8","Suministro, transporte e instalación de piso en vinilo antiestático conductivo Ref. IQ Toro SC Tarket espesor 2,0mm formato rollo 2x23m. o equivalente. Piso vinílico homogéneo prensado permanentemente conductor de la electricidad estática., incluye adhesivo y mastico, y  los elementos necesarios para su correcta instalación. No incluye El subsuelo (mortero) debe estar duro, plano, seco, liso, limpio, regular, sin ondulaciones, libre de rastros de yeso, pintura, pegamentos, aceite o de sustancias grasas.","m2",425.78,{"v":378301.8,"d":"$378,301.80"},{"$f":"F242*E242","v":{"v":161073340.40399998,"d":"$161,073,340.40"}},null,425.78,null,{"$f":"I242*I242","v":{"v":181288.60839999997,"d":"$181,288.61"}}]
[null,"7.2.9","Suministro, transporte e instalación de piso  DE VINILO Lvt Milliken, para tráfico comercial, medidas 15.24 CM X 121.92 CM, con espesor de 5,0 MM, el paquete trae 3.34 M2, cuenta con 15 años de garantía, acabado de poliuretano reforzado con silicona, suministra excelente resistencia a la mancha, a la abrasión y el rayado, incluye adhesivo y mastico, y  los elementos necesarios para su correcta instalación. No incluye El subsuelo (mortero) debe estar duro, plano, seco, liso, limpio, regular, sin ondulaciones, libre de rastros de yeso, pintura, pegament","m2",{"v":1407.89,"d":"1,407.89"},{"v":286919.26,"d":"$286,919.26"},{"$f":"F243*E243","v":{"v":403950756.96140003,"d":"$403,950,756.96"}},null,{"v":1407.89,"d":"1,407.89"},null,{"$f":"I243*I243","v":{"v":1982154.2521000004,"d":"$1,982,154.25"}}]
[null,"7.2.10","Suministro, transporte e instalación de Rejilla de hierro ductil para piso en buitrones, material de alta resistencia. Dimensiones según especificaciones de planos con espesor de 1/8\" antideslizante o similar y los materiales necesarios para su correcto funcionamiento","m2",120.63,{"v":134307.0558,"d":"$134,307.06"},{"v":16201460.141154,"d":"$16,201,460.14"},null,120.63,null,{"$f":"I244*I244","v":{"v":14551.596899999999,"d":"$14,551.60"}}]
[]
[null,null,"TOTAL DE PISOS VARIOS",{"$nulls":3},{"$f":"SUM(G235:G244)","v":{"v":1111651691.0460541,"d":"$1,111,651,691.05"}},{"$nulls":3},{"$f":"SUM(K235:K244)","v":{"v":2177994.4574,"d":"$2,177,994.46"}}]
[]
[null,"7.3.0","PISOS EN CONCRETO"]
["ESP 7.3.1","7.3.1","Suministro, transporte e instalación de sintética tipo twister en cuantía de 3 kg/m3, incluye lamina de aislamiento de polietileno negro cal 6 sencilla, vaciado por franjas o carriles de vaciado con conexión mecánica, dovelas de 12 mm en el eje neutro de la losa longitud 40 cm espaciadas cada 40 cm, refuerzo de malla electro soldada de 6 mm de espesor en tercio superior en las zonas irregulares cuyo factor de forma supere la modulación recomienda entre 2,75 y 3,25 mts paños aprox de 3x3, refuerzo las aristas vivas con acero de 12 mm, 3 barras a 45 grados acabado con endurecedor de quartzo 4 kg/m2 afinado liso poro cerrado con allanadoras mecánicas, corte y sello de juntas de construcción, contracción y aislamiento, el método de colocación de concreto será bombeado o asistido. validar diseño previamente por especialista de pisos mbing sas o similar.","m2",{"v":4107.46,"d":"4,107.46"},{"v":172067.5,"d":"$172,067.50"},{"$f":"E249*F249","v":{"v":706760373.55,"d":"$706,760,373.55"}},null,{"v":4107.46,"d":"4,107.46"},null,{"$f":"I249*J249","v":{"v":0,"d":"$0.00"}}]
["ESP 7.3.2","7.3.2","Suministro, transporte e instalación de piso en concreto de 7 cm de espesor mr 40 o 4000 psi, agregado nominal de 3/4\" con pigmento de color ocre integral dentro de la mezcla de concreto (crema) contracción igual o menor a 0,06 al día 56 de vaciado con adición de fibra sintética tipo twister en cuantía de 2,2 kg/m3, incluye  lamina de aislamiento de polietileno negro cal 6 sencilla, vaciado por franjas o carriles de vaciado con conexión mecánica dovelas de 9 mm en el eje neutro de la losa longitud 30 cm espaciadas cada 40 cm, refuerzo de malla electro soldada de 5 mm de espesor en tercio superior en las zonas irregulares cuyo factor de forma supere la modulación recomienda entre 1,75 y 2,25 mts paños aprox de 2x2, refuerzo de las aristas vivas con acero de 9 mm 3 barras a 45 grados acabado con endurecedor de quartzo ocre o crema  8 kg/m2 afinado liso poro cerrado acabado con aspas de teflón con allanadoras mecánicas, corte y sello de juntas de construcción, contracción y aislamiento, el método de colocación de concreto será bombeado o asistido, se debe realizar validación de diseño previamente por especialista de pisos mbing sas o similar.","m2",{"v":1381.7499999999998,"d":"1,381.75"},{"v":238329.13,"d":"$238,329.13"},{"$f":"E250*F250","v":{"v":329311275.37749994,"d":"$329,311,275.38"}},null,{"v":1381.7499999999998,"d":"1,381.75"},null,{"$f":"I250*J250","v":{"v":0,"d":"$0.00"}}]
["ESP 7.3.3","7.3.3","Suministro, transporte e instalación de piso en concreto de 7 cm de espesor mr 40 o 4000 psi, agregado nominal de 3/4\"  contracción igual o menor a 0,06 al día 56 de vaciado con adición de fibra sintética tipo twister en cuantía de 2,2 kg/m3, incluye lamina de aislamiento de polietileno negro cal 6 sencilla, vaciado por franjas o carriles de vaciado con conexión mecánica dovelas de 9 mm en el eje neutro de la losa longitud 30 cm espaciadas cada 40 cm, refuerzo de malla electro soldada de 5 mm de espesor en tercio superior en las zonas irregulares cuyo factor de forma supere la modulación recomienda entre 1,75 y 2,25 mts paños aprox de 2x2, se debe reforzar las aristas vivas con acero de 9 mm 3 barras a 45 grados acabado con endurecedor de quartzo gris claro 7 kg/m2 afinado liso poro cerrado acabado con aspas de teflón con allanadoras mecánicas, corte y sello de juntas de construcción, contracción y aislamiento, el método de colocación de concreto será bombeado o asistido se debe realizar validación de diseño previamente por especialista de pisos mbing sas o similar.","m2",{"v":1112.59,"d":"1,112.59"},{"v":203477.64,"d":"$203,477.64"},{"$f":"E251*F251","v":{"v":226387187.4876,"d":"$226,387,187.49"}},null,{"v":1112.59,"d":"1,112.59"},null,{"$f":"I251*J251","v":{"v":0,"d":"$0.00"}}]
[]
[null,null,"TOTAL DE PISOS EN CONCRETO",{"$nulls":3},{"$f":"SUM(G249:G251)","v":{"v":1262458836.4150999,"d":"$1,262,458,836.42"}},{"$nulls":3},{"$f":"SUM(K249:K251)","v":{"v":0,"d":"$0.00"}}]
[]
[null,null,"TOTAL DE PISOS",{"$nulls":3},{"$f":"SUM(G253+G246+G232)","v":{"v":2848524988.6920786,"d":"$2,848,524,988.69"}},{"$nulls":3},{"$f":"SUM(K253+K246+K232)","v":{"v":2177994.4574,"d":"$2,177,994.46"}}]
[]
[null,"8.0.0","APARATOS/GRIFERÍA/MUEBLES/MESONES"]
[]
[null,"8.1.0","APARATOS SANITARIOS"]
["ESP 8.1.1","8.1.1","Suministro, transporte y colocación de Combo manantial pro redondo botón con pedestal blanco ref. O26751001 o equivalente, contiene sanitario manantial pro con capacidad de evacuación de 400 gr con un consumo de 4.8 litros, lavamanos manantial con pedestal elaborado en porcelana, grifería nogal con llave individual y Kit de accesorios cromados valencia de 4 piezas (jabonera, percha, portarrollo y toallero argolla) y todos los elementos necesarios para su correcto funcionamiento.","un",{"v":1,"d":"1.00"},{"v":779622.23,"d":"$779,622.23"},{"$f":"E260*F260","v":{"v":779622.23,"d":"$779,622.23"}},null,{"v":1,"d":"1.00"},null,{"$f":"I260*J260","v":{"v":0,"d":"$0.00"}}]
["ESP 8.1.2","8.1.2","Suministro, transporte e instalación de Kit Taza Adriática Plus Entrada Posterior con válvula Dúplex Pro ref. CO6821001 o equivalente, esta taza cuenta con descarga por sistema jet, con capacidad de evacuación de 1000 grs. de sólidos y sifón 100 % esmaltado, válvula Dúplex Pro electrónica para sanitario con sensor infrarrojo, con herrajes reforzados, mayor grosor y ancho del aro y todos los elementos necesarios para su correcta instalación.","un",{"v":14,"d":"14.00"},{"v":2122675.13,"d":"$2,122,675.13"},{"$f":"E261*F261","v":{"v":29717451.82,"d":"$29,717,451.82"}},null,{"v":14,"d":"14.00"},null,{"$f":"I261*J261","v":{"v":0,"d":"$0.00"}}]
["ESP 8.1.3","8.1.3","Suministro, transporte e instalación de Taza Báltica Plus Entrada Posterior ref. CO6801001 o equivalente,  esta taza cuenta con descarga por sistema jet, con capacidad de evacuación de 1000 grs. de sólidos y sifón 100 % esmaltado, válvula Dúplex Pro electrónica para sanitario con sensor infrarrojo, con herrajes reforzados, mayor grosor y ancho del aro y los demás elementos necesarios para su correcto funcionamiento.","un",{"v":27,"d":"27.00"},{"v":1974044.13,"d":"$1,974,044.13"},{"$f":"E262*F262","v":{"v":53299191.51,"d":"$53,299,191.51"}},null,{"v":27,"d":"27.00"},null,{"$f":"I262*J262","v":{"v":0,"d":"$0.00"}}]
["ESP 8.1.4","8.1.4","Suministro, transporte e instalación de Kit Orinal Gotta Entrada Posterior con válvula Dúplex Pro ref. CO6841001 o equivalente, tiene un diseño moderno con sifón oculto integrado en la porcelana, válvula dúplex pro electrónica para orinal con sensor infrarrojo y todos los elementos necesarios para su correcto funcionamiento.","un",{"v":8,"d":"8.00"},{"v":1890055.63,"d":"$1,890,055.63"},{"$f":"E263*F263","v":{"v":15120445.04,"d":"$15,120,445.04"}},null,{"v":8,"d":"8.00"},null,{"$f":"I263*J263","v":{"v":0,"d":"$0.00"}}]
["ESP 8.1.5","8.1.5","Suministro, transporte e instalación de Sanitario Ultra Ahorrador Powermax blanco ref O20801001 o equivalente, máxima potencia y máximo ahorro en cada descarga capacidad de evacuación de sólidos de 1000 gramos consumo de agua de 3.8 litros y todos los elementos necesarios para su correcto funcionamiento.","un",{"v":5,"d":"5.00"},{"v":1596103.13,"d":"$1,596,103.13"},{"$f":"E264*F264","v":{"v":7980515.649999999,"d":"$7,980,515.65"}},null,{"v":5,"d":"5.00"},null,{"$f":"I264*J264","v":{"v":0,"d":"$0.00"}}]
[]
[null,null,"TOTAL DE APARATOS SANITARIOS",{"$nulls":3},{"$f":"SUM(G260:G264)","v":{"v":106897226.25,"d":"$106,897,226.25"}},{"$nulls":3},{"$f":"SUM(K260:K264)","v":{"v":0,"d":"$0.00"}}]
[]
[null,"8.2.0","MESÓN - LAVAMANOS"]
["ESP 8.2.1","8.2.1","Suministro, transporte y colocación de lavamanos de sobreponer Lavamanos Free institucional  ref OO3891001 o equivalente, color blanco, cerámico esmaltado. Incluye sifón botella, abasto, emboquillado con silicona antihongos, brazos de fijación para drywall ref. 718040001 marca corona o similar y todos los demás elementos necesarios para su correcta instalación y funcionamiento. Este producto no incluye el Semipedestal Free y grifería.","un",{"v":14,"d":"14.00"},{"v":654552.07,"d":"$654,552.07"},{"$f":"E269*F269","v":{"v":9163728.979999999,"d":"$9,163,728.98"}},null,{"v":14,"d":"14.00"},null,{"$f":"I269*J269","v":{"v":0,"d":"$0.00"}}]
["ESP 8.2.2","8.2.2","Suministro, transporte y colocación de Lavamanos con mesón extruidos de una sola pieza conformado en Corian color blanco glaciar o similar de 12 mm grosor de 600 mm x 2300 mm, incluye perforación de griferías y los elementos necesarios para su correcto funcionamiento. No incluye accesorios, trabajos de obra civil, eléctricos, gas, ni transporte vertical a partir del 3er piso. ","un",{"v":2,"d":"2.00"},{"v":8466018,"d":"$8,466,018.00"},{"$f":"E270*F270","v":{"v":16932036,"d":"$16,932,036.00"}},null,{"v":2,"d":"2.00"},null,{"$f":"I270*J270","v":{"v":0,"d":"$0.00"}}]
["ESP 8.2.3","8.2.3","Suministro, transporte y colocación de Lavamanos con mesón extruidos de una sola pieza conformado en Corian color blanco glaciar o similar de 12 mm grosor de 600 mm x 2500 mm, incluye perforación de griferías y los elementos necesarios para su correcto funcionamiento. No incluye accesorios, trabajos de obra civil, eléctricos, gas, ni transporte vertical a partir del 3er piso. ","un",{"v":12,"d":"12.00"},{"v":9175910,"d":"$9,175,910.00"},{"$f":"E271*F271","v":{"v":110110920,"d":"$110,110,920.00"}},null,{"v":12,"d":"12.00"},null,{"$f":"I271*J271","v":{"v":0,"d":"$0.00"}}]
["ESP 8.2.4","8.2.4","Suministro, transporte y colocación de Lavamanos con mesón extruidos de una sola pieza conformado en Corian color blanco glaciar o similar de 12 mm grosor de 600 mm x 1100 mm, incluye perforación de griferías y los elementos necesarios para su correcto funcionamiento. No incluye accesorios, trabajos de obra civil, eléctricos, gas, ni transporte vertical a partir del 3er piso. ","un",{"v":8,"d":"8.00"},{"v":4587466,"d":"$4,587,466.00"},{"$f":"E272*F272","v":{"v":36699728,"d":"$36,699,728.00"}},null,{"v":8,"d":"8.00"},null,{"$f":"I272*J272","v":{"v":0,"d":"$0.00"}}]
[]
[null,null,"TOTAL DE MESÓN - LAVAMANOS",{"$nulls":3},{"$f":"SUM(G269:G272)","v":{"v":172906412.98,"d":"$172,906,412.98"}},{"$nulls":3},{"$f":"SUM(K269:K272)","v":{"v":0,"d":"$0.00"}}]
[]
[null,"8.3.0","INCRUSTACIONES/ACCESORIOS"]
["ESP 8.3.1","8.3.1","Suministro, transporte y colocación de DISPENSADOR JABON  expuesto, de accionamiento tipo push ref. 706520001, marca corona o equivalente, con capacidad para un litro de jabón y los demás elementos necesarios para su correcto funcionamiento.","un",{"v":32,"d":"32.00"},{"v":509278.29,"d":"$509,278.29"},{"$f":"E277*F277","v":{"v":16296905.28,"d":"$16,296,905.28"}},null,{"v":32,"d":"32.00"},null,{"$f":"I277*J277","v":{"v":0,"d":"$0.00"}}]
["ESP 8.3.2","8.3.2","Suministro, transporte y colocación de papelera metálica ref 706630001 tipo Corona o equivalente. Incluye pegacor y todos los demás elementos necesarios para su correcta instalación.","un",{"v":53,"d":"53.00"},{"v":622464.55,"d":"$622,464.55"},{"v":32990621.150000002,"d":"$32,990,621.15"},null,{"v":53,"d":"53.00"},null,{"v":0,"d":"$0.00"}]
["ESP 8.3.3","8.3.3","Suministro, transporte y colocación de dispensador de papel higiénico ref 706670001  o equivalente, elaborado en acero inoxidable que evita la corrosión, pelado y decoloración por agua, incluye ranura para conocer la cantidad de papel restante y todos los elementos necesarios para su correcta instalación. Ideal para espacios públicos de alto tráfico.","un",{"v":57,"d":"57.00"},{"v":432663.55,"d":"$432,663.55"},{"v":24661822.349999998,"d":"$24,661,822.35"},null,{"v":57,"d":"57.00"},null,{"v":0,"d":"$0.00"}]
["ESP 8.3.4","8.3.4","Suministro, transporte e instalación de Secador de manos potenza, en acero inoxidable, tipo turbo con sistema de sensor para uso de manos libres ref.706650001 o equivalente.  Diseñado para anclaje a muro con restricciones de seguridad para proteger su instalación y vandalismos leves. Potencia 1800 w, contiene el secador y todos los elementos necesarios para su correcta instalación.","un",{"v":42,"d":"42.00"},{"v":1360511.55,"d":"$1,360,511.55"},{"v":57141485.1,"d":"$57,141,485.10"},null,{"v":42,"d":"42.00"},null,{"v":0,"d":"$0.00"}]
["ESP 8.3.5","8.3.5","Suministro, transporte y colocación de barra de seguridad para discapacitados ref. 706560001 marca corono o equivalente, de 24\" en acero inoxidable. Incluye pernos para anclaje, escudos en acero inoxidable y todos los elementos necesarios para su correcta instalación y funcionamiento, según diseño.","un",{"v":12,"d":"12.00"},{"v":248556.43,"d":"$248,556.43"},{"v":2982677.16,"d":"$2,982,677.16"},null,{"v":12,"d":"12.00"},null,{"v":0,"d":"$0.00"}]
["ESP 8.3.6","8.3.6","Suministro, transporte y colocación de barra de seguridad para discapacitados ref. 706570001 marca corono o equivalente, de 30\" en acero inoxidable. Incluye pernos para anclaje, escudos en acero inoxidable y todos los elementos necesarios para su correcta instalación y funcionamiento, según diseño.","un",{"v":12,"d":"12.00"},{"v":305264.43,"d":"$305,264.43"},{"v":3663173.16,"d":"$3,663,173.16"},null,{"v":12,"d":"12.00"},null,{"v":0,"d":"$0.00"}]
["ESP 8.3.7","8.3.7","Suministro, transporte y colocación de Brazos Soporte Lavamanos Drywall ref. 718040001 o equivalente  y los elementos necesarios para su correcta instalación.","un",{"v":12,"d":"12.00"},{"v":837264.43,"d":"$837,264.43"},{"v":10047173.16,"d":"$10,047,173.16"},null,{"v":12,"d":"12.00"},null,{"v":0,"d":"$0.00"}]
["ESP 8.3.8","8.3.8","Suministro, transporte y colocación de dispensador de toallas de manos en acero inoxidable Ref 706150001 Corona o equivalente, con sistema anti vandálico con llave, incluye juegos para mantenimiento, ranura para conocer la cantidad de toallas restantes para abastecimiento y los elementos necesarios para su correcto funcionamiento.","un",{"v":32,"d":"32.00"},{"v":591149.55,"d":"$591,149.55"},{"v":18916785.6,"d":"$18,916,785.60"},null,{"v":32,"d":"32.00"},null,{"v":0,"d":"$0.00"}]
[]
[null,null,"TOTAL DE INCRUSTACIONES/ACCESORIOS",{"$nulls":3},{"$f":"SUM(G277:G284)","v":{"v":166700642.95999998,"d":"$166,700,642.96"}},{"$nulls":3},{"$f":"SUM(K277:K284)","v":{"v":0,"d":"$0.00"}}]
[]
[null,"8.4.0","GRIFERÍAS"]
["ESP 8.4.1","8.4.1","Suministro, transporte y colocación de Grifería Sfera Sense Dual para lavamanos , marca corona o equivalente, referencia 701370001 en acero inoxidable. Instalación con tornillos de cabeza bristol y anillo de seguridad, consumo de agua de 1.3 litros por minuto, no adiciona plomo al agua, opera con adaptador AC de 110V y respaldo de baterías AA alcalinas (no incluidas) y los materiales necesarios para su correcta instalación.","un",{"v":14,"d":"14.00"},{"v":1297043.67,"d":"$1,297,043.67"},{"$f":"E289*F289","v":{"v":18158611.38,"d":"$18,158,611.38"}},null,{"v":14,"d":"14.00"},null,{"$f":"I289*J289","v":{"v":0,"d":"$0.00"}}]
["ESP 8.4.2","8.4.2","Suministro, transporte y colocación de Grifería lavamanos institucional tipo push mesa Max cromada  Ref: MX1020001 Corona o equivalente, ideal para instituciones de alto tráfico, incluye aireador oculto anti vandálico e intercambiable con herramienta especial que facilita el mantenimiento, grifería con accionamiento mediante botón amplio de tipo push suave, con cierre automático que facilita el uso y todos los elementos necesarios para su correcto funcionamiento.","un",{"v":64,"d":"64.00"},{"v":512122.67,"d":"$512,122.67"},{"v":32775850.88,"d":"$32,775,850.88"},null,{"v":64,"d":"64.00"},null,{"v":0,"d":"$0.00"}]
["ESP 8.4.3","8.4.3","Colocación de rejilla de piso de perforación cuadriculada con dimensiones de 10x10mm marca grival o equivalente. Incluye suministro e instalación.","un",{"v":54,"d":"54.00"},{"v":74845.73,"d":"$74,845.73"},{"v":4041669.42,"d":"$4,041,669.42"},null,{"v":54,"d":"54.00"},null,{"v":0,"d":"$0.00"}]
["ESP 8.4.4","8.4.4","Suministro, transporte y colocación de Ducha antivandálica, regadera tubular Ref. 754000001 marca corona  o equivalente.  Incluye cierre automático temporizado que evita el desperdicio de agua  y los elementos necesarios para su correcto funcionamiento.","un",{"v":3,"d":"3.00"},{"v":750133.37,"d":"$750,133.37"},{"v":2250400.11,"d":"$2,250,400.11"},null,{"v":3,"d":"3.00"},null,{"v":0,"d":"$0.00"}]
["ESP 8.4.5","8.4.5","Suministro, transporte e instalación de Grifería Lavaplatos Monocontrol Vera Basic, acabado brillante, incluye: Acople Griflex o similar y los materiales necesarios para su correcta instalación.","un",{"v":8,"d":"8.00"},{"v":436357.17,"d":"$436,357.17"},{"v":3490857.36,"d":"$3,490,857.36"},null,{"v":8,"d":"8.00"},null,{"v":0,"d":"$0.00"}]
["ESP 8.4.6","8.4.6","Suministro, transporte e instalación de Grifería para lavamanos monocontrol Greta mateblack alta o equivalente, estructura robusta que ofrece mayor durabilidad, incluye los elementos necesarios para su correcto funcionamiento.","un",{"v":1,"d":"1.00"},{"v":483856.17,"d":"$483,856.17"},{"v":483856.17,"d":"$483,856.17"},null,{"v":1,"d":"1.00"},null,{"v":0,"d":"$0.00"}]
[]
[null,null,"TOTAL DE GRIFERÍAS",{"$nulls":3},{"$f":"SUM(G289:G294)","v":{"v":61201245.32,"d":"$61,201,245.32"}},{"$nulls":3},{"$f":"SUM(K289:K294)","v":{"v":0,"d":"$0.00"}}]
[]
[null,"8.5.0","ESPEJOS"]
["ESP 8.5.1","8.5.1","Suministro, transporte y colocación de Espejo plano de pared espesor 4mm calidad cristal o similar (sin distorsión) flotado y pulido, sin biseles de 2.40x0.70 cm.  Incluye, cinta doble faz, pega amarilla, silicona antihongos, y todos los demás elementos necesarios para su correcta instalación.","un",{"v":2,"d":"2.00"},{"v":460000,"d":"$460,000.00"},{"$f":"E299*F299","v":{"v":920000,"d":"$920,000.00"}},null,{"v":2,"d":"2.00"},null,{"$f":"I299*J299","v":{"v":0,"d":"$0.00"}}]
["ESP 8.5.2","8.5.2","Suministro, transporte y colocación de Espejo plano de pared espesor 4mm calidad cristal o similar (sin distorsión) flotado y pulido, sin biseles de 1.90x0.70 cm.  Incluye, cinta doble faz, pega amarilla, silicona antihongos, y todos los demás elementos necesarios para su correcta instalación.","un",{"v":1,"d":"1.00"},{"v":448000,"d":"$448,000.00"},{"v":448000,"d":"$448,000.00"},null,{"v":1,"d":"1.00"},null,{"v":0,"d":"$0.00"}]
["ESP 8.5.3","8.5.3","Suministro, transporte y colocación de Espejo plano de pared espesor 4mm calidad cristal o similar (sin distorsión) flotado y pulido, sin biseles de 1.00x0.70 cm.  Incluye, cinta doble faz, pega amarilla, silicona antihongos, y todos los demás elementos necesarios para su correcta instalación.","un",{"v":4,"d":"4.00"},{"v":310000,"d":"$310,000.00"},{"v":1240000,"d":"$1,240,000.00"},null,{"v":4,"d":"4.00"},null,{"v":0,"d":"$0.00"}]
["ESP 8.5.4","8.5.4","Suministro, transporte y colocación de Espejo plano de pared espesor 4mm calidad cristal o similar (sin distorsión) flotado y pulido, sin biseles de 2.20x0.70 cm.  Incluye, cinta doble faz, pega amarilla, silicona antihongos, y todos los demás elementos necesarios para su correcta instalación.","un",{"v":7,"d":"7.00"},{"v":459000,"d":"$459,000.00"},{"v":3213000,"d":"$3,213,000.00"},null,{"v":7,"d":"7.00"},null,{"v":0,"d":"$0.00"}]
["ESP 8.5.5","8.5.5","Suministro, transporte y colocación de Espejo plano de pared espesor 4mm calidad cristal o similar (sin distorsión) flotado y pulido, sin biseles de 4.20x0.70 cm.  Incluye, cinta doble faz, pega amarilla, silicona antihongos, y todos los demás elementos necesarios para su correcta instalación.","un",{"v":6,"d":"6.00"},{"v":658000,"d":"$658,000.00"},{"v":3948000,"d":"$3,948,000.00"},null,{"v":6,"d":"6.00"},null,{"v":0,"d":"$0.00"}]
["ESP 8.5.6","8.5.6","Suministro, transporte y colocación de Espejo plano de pared espesor 4mm calidad cristal o similar (sin distorsión) flotado y pulido, sin biseles de 3.00x0.70 cm.  Incluye, cinta doble faz, pega amarilla, silicona antihongos, y todos los demás elementos necesarios para su correcta instalación.","un",{"v":4,"d":"4.00"},{"v":530000,"d":"$530,000.00"},{"v":2120000,"d":"$2,120,000.00"},null,{"v":4,"d":"4.00"},null,{"v":0,"d":"$0.00"}]
["ESP 8.5.7","8.5.7","Suministro, transporte y colocación de Espejo plano flotado, inclinado 10° para baño de movilidad reducida.. Incluye, cinta doble faz, pega amarilla, silicona antihongos, y todos los demás elementos necesarios para su correcta instalación.","un",{"v":13,"d":"13.00"},{"v":289999.43,"d":"$289,999.43"},{"v":3769992.59,"d":"$3,769,992.59"},null,{"v":13,"d":"13.00"},null,{"v":0,"d":"$0.00"}]
[]
[null,null,"TOTAL DE ESPEJOS",{"$nulls":3},{"$f":"SUM(G299:G305)","v":{"v":15658992.59,"d":"$15,658,992.59"}},{"$nulls":3},{"$f":"SUM(K299:K305)","v":{"v":0,"d":"$0.00"}}]
[]
[null,"8.6.0","VARIOS APARATOS SANITARIOS"]
["ESP 8.6.1","8.6.1","Suministro, transporte y colocación de lava escobas prefabricado en granito y cemento blanco vaciado, formato de 42 x 42 x 25 cm. Incluye mortero 1:4, llave boca manguera, sifón y todo los demás elementos necesarios para su correcta instalación y funcionamiento.","un",{"v":6,"d":"6.00"},{"v":424845.22,"d":"$424,845.22"},{"$f":"E310*F310","v":{"v":2549071.32,"d":"$2,549,071.32"}},null,{"v":6,"d":"6.00"},null,{"$f":"I310*J310","v":{"v":0,"d":"$0.00"}}]
["ESP 8.6.2","8.6.2","Suministro y transporte de bañera con escalera línea veterinaria ref VT12 -ZINGAL o similar en acero inoxidable para el lavado de caniles.","un",{"v":1,"d":"1.00"},{"v":4700000,"d":"$4,700,000.00"},{"$f":"E311*F311","v":{"v":4700000,"d":"$4,700,000.00"}},null,{"v":1,"d":"1.00"},null,{"$f":"I311*J311","v":{"v":0,"d":"$0.00"}}]
["ESP 8.6.3","8.6.3","Suministro y transporte de mesa en acero inoxidable para cuarto de basuras de .90x1.50x,50 cm con entrepaño, color gris metal, bases o patas en acero inoxidable redondo de 1\"1/2; superficie elaborada en acero inoxidable 304 certificado calibre 18 con refuerzo para lograr mayor estabilidad y rigidez; entrepaño fijo inferior elaborado en acero inoxidable 304 certificado calibre 18 con refuerzo para lograr mayor estabilidad y rigidez; 2 soportes en platina fijos con el fin de anclar la mesa a la pared para lograr mayor estabilidad. no incluye ningún adorno, ni accesorios, ni piezas adicionales ni ningún otro elemento que lo acompañan. ","un",{"v":1,"d":"1.00"},{"v":2141881,"d":"$2,141,881.00"},{"$f":"E312*F312","v":{"v":2141881,"d":"$2,141,881.00"}},null,{"v":1,"d":"1.00"},null,{"$f":"I312*J312","v":{"v":0,"d":"$0.00"}}]
["ESP 8.6.4","8.6.4","Suministro, transporte e instalación de cabina en vidrio templado de 1.82 ancho x 1.80, sistema primavera en vidrio templado 6mm","un",{"v":0,"d":"0.00"},{"v":787100,"d":"$787,100.00"},{"$f":"E313*F313","v":{"v":0,"d":"$0.00"}},null,{"v":0,"d":"0.00"},null,{"$f":"I313*J313","v":{"v":0,"d":"$0.00"}}]
[]
[null,null,"TOTAL DE VARIOS APARATOS SANITARIOS",{"$nulls":3},{"$f":"SUM(G310:G313)","v":{"v":9390952.32,"d":"$9,390,952.32"}},{"$nulls":3},{"$f":"SUM(K310:K313)","v":{"v":0,"d":"$0.00"}}]
[]
[null,"8.7.0","MADERA"]
["ESP 8.7.1","8.7.1","Suministro, transporte e instalación de MUEBLE CAFETÍN 01,  02 del piso 3, mueble superior para hornos microondas en MDF recubierto en laminado de alta presión Ref. Real 2261 Opak White Chromacore o equivalente, muebles inferiores con entrepaños y cajones en MDF, recubierto en laminado de alta presión Ref. Real 2261 Opak White Chromacore o equivalente 15 mm, con tapas frontales en el mismo material, herramienta y los elementos necesarios para su correcto funcionamiento. No incluye grifería.","un",{"v":2,"d":"2.00"},{"v":10787640.8,"d":"$10,787,640.80"},{"$f":"E318*F318","v":{"v":21575281.6,"d":"$21,575,281.60"}},null,{"v":2,"d":"2.00"},null,{"$f":"I318*J318","v":{"v":0,"d":"$0.00"}}]
["ESP 8.7.2","8.7.2","Suministro e instalación de MUEBLE CAFETÍN 03 P03, muebles inferiores con entrepaños y cajones en MDF recubierto en laminado de alta presión Ref. Real 2261 Opak White Chromacore o equivalente 15 mm, con tapas frontales en el mismo material , bisagras, herramienta y los elementos necesarios para su correcto funcionamiento.  No incluye grifería.","un",{"v":1,"d":"1.00"},{"v":14628968,"d":"$14,628,968.00"},{"v":14628968,"d":"$14,628,968.00"},null,{"v":1,"d":"1.00"},null,{"v":0,"d":"$0.00"}]
["ESP 8.7.3","8.7.3","Suministro e instalación de CAFETÍN 01, 02 Piso 4, incluye mueble superior para hornos microondas en MDF recubierto en laminado de alta presión ref. Real 2261 opak White chromacore o equivalente, muebles inferiores con entrepaños y cajones en MDF recubierto en laminado de alta presión ref. Real 2261 opak White chromacore o equivalente 15 mm, con tapas frontales en el mismo material y los elementos necesarios para su correcta instalación. No incluye grifería","un",{"v":0,"d":"0.00"},{"v":10787640.8,"d":"$10,787,640.80"},{"v":0,"d":"$0.00"},null,{"v":0,"d":"0.00"},null,{"v":0,"d":"$0.00"}]
["ESP 8.7.4","8.7.4","Suministro e instalación de CAFETÍN P05, muebles inferiores con entrepaños y cajones en MDF recubierto en laminado de alta presión Ref. Real 2261 Opak White Chromacore o equivalente 15 mm, con tapas frontales en el mismo material y los elementos necesarios para su correcta instalación. No incluye grifería","un",{"v":1,"d":"1.00"},{"v":3312113.6,"d":"$3,312,113.60"},{"v":3312113.6,"d":"$3,312,113.60"},null,{"v":1,"d":"1.00"},null,{"v":0,"d":"$0.00"}]
["ESP 8.7.5","8.7.5","Suministro e instalación de COCINETA 01 y 03  Piso 5, mueble superior para hornos microondas en MDF recubierto en laminado de alta presión Ref. Real 2261 Opak White Chromacore o equivalente, muebles inferiores con entrepaños y cajones en MDF recubierto en laminado de alta presión Ref. Real 2261 Opak White Chromacore o equivalente 15 mm con tapas frontales en el mismo material y los elementos necesarios para su correcta instalación No incluye grifería ","un",{"v":0,"d":"0.00"},{"v":14222554.4,"d":"$14,222,554.40"},{"v":0,"d":"$0.00"},null,{"v":0,"d":"0.00"},null,{"v":0,"d":"$0.00"}]
["ESP 8.7.6","8.7.6","Suministro e instalación de COCINETA 02 P05, muebles inferiores con entrepaños recubierto en laminado de alta presión Ref. Real 2261 Opak White Chromacore o equivalente 15 mm, con tapas frontales en el mismo material y los elementos necesarios para su correcta instalación. No incluye grifería. ","un",{"v":1,"d":"1.00"},{"v":4726720.4,"d":"$4,726,720.40"},{"v":4726720.4,"d":"$4,726,720.40"},null,{"v":1,"d":"1.00"},null,{"v":0,"d":"$0.00"}]
["ESP 8.7.7","8.7.7","Suministro e instalación de COCINETA 04 P05, muebles inferiores con entrepaños y cajones en MDF recubierto en laminado de alta presión Ref. Real 2261 Opak White Chromacore o equivalente 15 mm con tapas frontales en el mismo material y  los elementos necesarios para su correcta instalación. No incluye grifería.","un",{"v":1,"d":"1.00"},{"v":1897506.8,"d":"$1,897,506.80"},{"v":1897506.8,"d":"$1,897,506.80"},null,{"v":1,"d":"1.00"},null,{"v":0,"d":"$0.00"}]
["ESP 8.7.8"," 8.7.8","Suministro e instalación de MUEBLE LACTANCIA , muebles inferiores con entrepaños y cajones en MDF recubierto en laminado de alta presión Ref. Real2261 Opak White Chromacore o equivalente 15 mm con tapas frontales en el mismo material y los elementos necesarios para su correcta instalación. No incluye grifería","un",{"v":1,"d":"1.00"},{"v":7817386.8,"d":"$7,817,386.80"},{"v":7817386.8,"d":"$7,817,386.80"},null,{"v":1,"d":"1.00"},null,{"v":0,"d":"$0.00"}]
["ESP 8.7.9","8.7.9","Suministro e instalación de MUEBLE COPIADO, mueble superior para hornos microondas en MDF recubierto en laminado de alta presión Ref. Real 2261 Opak White Chromacore o equivalente. Muebles inferiores con entrepaños y cajones en MDF recubierto en laminado de alta presión Ref. Real 2261 Opak White Chromacore o equivalente 15 mm con tapas frontales en el mismo material y los elementos necesarios para su correcta instalación.","un",{"v":2,"d":"2.00"},{"v":10304740.8,"d":"$10,304,740.80"},{"v":20609481.6,"d":"$20,609,481.60"},null,{"v":2,"d":"2.00"},null,{"v":0,"d":"$0.00"}]
["ESP 8.7.10","8.7.10","Suministro e instalación según especificaciones de plano de MUEBLE INFERIOR DE RECEPCIÓN en MDF recubierto en laminado de alta presión Ref. Real 1556 Up Roble Sepia o equivalente y los elementos necesarios para su correcta instalación.","un",{"v":1,"d":"1.00"},{"v":14471563.04,"d":"$14,471,563.04"},{"v":14471563.04,"d":"$14,471,563.04"},null,{"v":1,"d":"1.00"},null,{"v":0,"d":"$0.00"}]
["ESP 8.7.11","8.7.11","Suministro e instalación según especificaciones de plano de MUEBLE DE LOCUTORIO con divisiones en MDF recubierto con laminado de alta presión Ref. Real 1535 Up Okumen, mueble inferior en MDF recubierto en laminado de alta presión Ref. Real 1556 Up Roble Sepia y los materiales necesarios para su correcta instalación.","un",{"v":1,"d":"1.00"},{"v":26000043.11,"d":"$26,000,043.11"},{"v":26000043.11,"d":"$26,000,043.11"},null,{"v":1,"d":"1.00"},null,{"v":0,"d":"$0.00"}]
[]
[null,null,"TOTAL DE MADERA",{"$nulls":3},{"$f":"SUM(G318:G328)","v":{"v":115039064.95,"d":"$115,039,064.95"}},{"$nulls":3},{"$f":"SUM(K318:K328)","v":{"v":0,"d":"$0.00"}}]
[]
[null,null,"TOTAL DE APARATOS/GRIFERÍA/MUEBLES/MESONES",{"$nulls":3},{"$f":"SUM(G330+G315+G307+G296+G286+G274+G266)","v":{"v":647794537.37,"d":"$647,794,537.37"}},{"$nulls":3},{"$f":"SUM(K330+K315+K307+K296+K286+K274+K266)","v":{"v":0,"d":"$0.00"}}]
[]
[null,"9.0.0","RED CONTRA INCENDIO"]
[]
[null,"9.1.0","SEGURIDAD HUMANA"]
["ESP 9.1.1","9.1.1","Suministro, transporte e instalación de señalización Institucional, de plástico de estireno 30 x 20  calibre .80, su colocación se ubicara en una altura mínima 1.60m  pegado con cinta doble fax, utilizando señalización fotoluminiscentes (6 horas) .   incluye: elementos de fijación y/o fijación, material, mano de obra, herramienta, equipo.  ","un",{"v":231,"d":"231.00"},{"v":24990,"d":"$24,990.00"},{"$f":"E337*F337","v":{"v":5772690,"d":"$5,772,690.00"}},null,{"v":231,"d":"231.00"},null,{"$f":"I337*J337","v":{"v":0,"d":"$0.00"}}]
["ESP 9.1.2","9.1.2","Suministro, transporte e instalación de señalización Institucional, de plástico de estireno .60x.60 cm  calibre .80, su colocación se ubicara en una altura mínima 1.60m  pegado sobre tubo galvanizado de 2\", utilizando señalización fotoluminiscentes (6 horas) . Incluye: elementos de fijación y/o fijación, material, mano de obra, herramienta, equipo.  ","un",{"v":0.8,"d":"0.80"},{"v":384021,"d":"$384,021.00"},{"$f":"E338*F338","v":{"v":307216.8,"d":"$307,216.80"}},null,{"v":0.8,"d":"0.80"},null,{"$f":"I338*J338","v":{"v":0,"d":"$0.00"}}]
[]
[null,null,"TOTAL DE SEGURIDAD HUMANA",{"$nulls":3},{"$f":"SUM(G337:G338)","v":{"v":6079906.8,"d":"$6,079,906.80"}},{"$nulls":3},{"$f":"SUM(K337:K338)","v":{"v":0,"d":"$0.00"}}]
[]
[null,"9.2.0","SISTEMA DE DETECCIÓN DE INCENDIOS"]
["ESP 9.2.1","9.2.1","Suministro e instalación de tubería de  1\" tipo EMT , incluyendo curvas, adaptadores, elementos de soporte, cajas de empalme, fijación y los materiales necesarios para su correcta instalación ","m",{"v":140,"d":"140.00"},{"v":35435.47315,"d":"$35,435.47"},{"$f":"E343*F343","v":{"v":4960966.240999999,"d":"$4,960,966.24"}},null,{"v":140,"d":"140.00"},null,{"$f":"I343*J343","v":{"v":0,"d":"$0.00"}}]
["ESP 9.2.2","9.2.2","Suministro e instalación de tubería de  3/4\" tipo EMT , incluyendo curvas, adaptadores, elementos de soporte, cajas de empalme, fijación y los materiales necesarios para su correcta instalación ","m",{"v":2825,"d":"2,825.00"},{"v":28673.91655,"d":"$28,673.92"},{"v":81003814.25375001,"d":"$81,003,814.25"},null,{"v":2825,"d":"2,825.00"},null,{"v":0,"d":"$0.00"}]
["ESP 9.2.3","9.2.3","Suministro e instalación de Cable belden trenzado y blindado referencia 9581 para utilizar en SLC y en circuitos de potencia, calibre 14 AWG y los materiales necesarios para su correcta instalación ","m",{"v":5530,"d":"5,530.00"},{"v":8023.35225,"d":"$8,023.4"},{"v":44369137.9425,"d":"$44,369,137.94"},null,{"v":5530,"d":"5,530.00"},null,{"v":0,"d":"$0.00"}]
["ESP 9.2.4","9.2.4","Suministro e instalación de cable PHSC-190-XCR Protectowire, Type XCR (190°F / 88°C) incluye soportes, fijaciones, cajas de empalme, etc. y los materiales necesarios para su correcta instalación ","m",{"v":633,"d":"633.00"},{"v":10497.36225,"d":"$10,497.36"},{"v":6644830.30425,"d":"$6,644,830.30"},null,{"v":633,"d":"633.00"},null,{"v":0,"d":"$0.00"}]
["ESP 9.2.5","9.2.5","Suministro e instalación de Detectores de humo fotoeléctrico FSP-951 incluyendo base y los materiales necesarios para su correcta instalación ","un",{"v":644,"d":"644.00"},{"v":356068.4575,"d":"$356,068.46"},{"v":229308086.63000003,"d":"$229,308,086.63"},null,{"v":644,"d":"644.00"},null,{"v":0,"d":"$0.00"}]
["ESP 9.2.6","9.2.6","Suministro e instalación de Resistencia fin de línea y los materiales necesarios para su correcta instalación ","un",{"v":13,"d":"13.00"},{"v":8298.24725,"d":"$8,298.25"},{"v":107877.21425,"d":"$107,877.21"},null,{"v":13,"d":"13.00"},null,{"v":0,"d":"$0.00"}]
["ESP 9.2.7","9.2.7","Suministro e instalación de Combinación bocina estrobo SpectrAlert Indoor Wall Horn/Strobe  NOTIFIER P2R 75 candelas y los materiales necesarios para su correcta instalación ","un",{"v":46,"d":"46.00"},{"v":282707.186,"d":"$282,707.19"},{"v":13004530.556,"d":"$13,004,530.56"},null,{"v":46,"d":"46.00"},null,{"v":0,"d":"$0.00"}]
["ESP 9.2.8","9.2.8","Suministro e instalación de Pulsadores manual de alarma inteligentes NBG-12LX   NOTIFIER by Honeywell o similar y los materiales necesarios para su correcta instalación ","un",{"v":45,"d":"45.00"},{"v":257537.5715,"d":"$257,537.57"},{"v":11589190.7175,"d":"$11,589,190.72"},null,{"v":45,"d":"45.00"},null,{"v":0,"d":"$0.00"}]
["ESP 9.2.9","9.2.9","Suministro e instalación de Supresores de pico marca DTK-2LVLP-F  y los materiales necesarios para su correcta instalación ","un",{"v":8,"d":"8.00"},{"v":217008.47575,"d":"$217,008.48"},{"v":1736067.806,"d":"$1,736,067.81"},null,{"v":8,"d":"8.00"},null,{"v":0,"d":"$0.00"}]
["ESP 9.2.10","9.2.10","Suministro e instalación de Módulo monitor direccionable FMM-101  Flash Scan y los materiales necesarios para su correcta instalación ","un",{"v":28,"d":"28.00"},{"v":156387.7,"d":"$156,387.70"},{"v":4378855.600000001,"d":"$4,378,855.60"},null,{"v":28,"d":"28.00"},null,{"v":0,"d":"$0.00"}]
["ESP 9.2.11","9.2.11","Suministro e instalación de Módulo de control direccionable FCM-1 Flash Scan y los materiales necesarios para su correcta instalación ","un",{"v":6,"d":"6.00"},{"v":237350.336,"d":"$237,350.34"},{"v":1424102.016,"d":"$1,424,102.02"},null,{"v":6,"d":"6.00"},null,{"v":0,"d":"$0.00"}]
["ESP 9.2.12","9.2.12","Suministro e instalación de Módulo de aislamiento direccionable ISO_X y los materiales necesarios para su correcta instalación ","un",{"v":36,"d":"36.00"},{"v":123528.695,"d":"$123,528.70"},{"v":4447033.0200000005,"d":"$4,447,033.02"},null,{"v":36,"d":"36.00"},null,{"v":0,"d":"$0.00"}]
["ESP 9.2.13","9.2.13","Suministro e instalación de Tablero remoto LCD 80 y los materiales necesarios para su correcta instalación ","un",{"v":1,"d":"1.00"},{"v":4149120.94,"d":"$4,149,120.94"},{"v":4149120.94,"d":"$4,149,120.94"},null,{"v":1,"d":"1.00"},null,{"v":0,"d":"$0.00"}]
["ESP 9.2.14","9.2.14","Suministro e instalación de Tablero marca NOTIFIER NF-S2 referencia 3030 o similar, incluye tarjetas para 4 loops, tarjeta High-speed neti fire-Net y demás componentes del tablero y los materiales necesarios para su correcta instalación ","un",{"v":1,"d":"1.00"},{"v":22858821.56,"d":"$22,858,821.56"},{"v":22858821.56,"d":"$22,858,821.56"},null,{"v":1,"d":"1.00"},null,{"v":0,"d":"$0.00"}]
["ESP 9.2.15","9.2.15","Suministro e instalación de FRE (Fuente remota de energía 6 AMP)y los materiales necesarios para su correcta instalación ","un",{"v":3,"d":"3.00"},{"v":4420574.8125,"d":"$4,420,574.81"},{"v":13261724.4375,"d":"$13,261,724.44"},null,{"v":3,"d":"3.00"},null,{"v":0,"d":"$0.00"}]
[null,null,"TOTAL DE SISTEMA DE DETECCIÓN DE INCENDIOS",{"$nulls":3},{"$f":"SUM(G343:G357)","v":{"v":443244159.23875,"d":"$443,244,159.24"}},{"$nulls":3},{"$f":"SUM(K343:K357)","v":{"v":0,"d":"$0.00"}}]
[]
[null,"9.3.0","RED CONTRA INCENDIOS - RCI"]
[]
[null,"9.3.1","TUBERÍAS"]
["ESP 9.3.1.1","9.3.1.1","Suministro, transporte e instalación de tubería ranurada ASTM A -53  8\" A.C. SCH 40 y los materiales necesarios para su correcta instalación","m",54.16,{"v":561248.0895,"d":"$561,248.09"},{"$f":"E363*F363","v":{"v":30397196.527319998,"d":"$30,397,196.53"}},null,54.16,null,{"$f":"I363*J363","v":{"v":0,"d":"$0.00"}}]
["ESP 9.3.1.2","9.3.1.2","Suministro, transporte e instalación de tubería ranurada ASTM A -53  6\" A.C. SCH 40 y los materiales necesarios para su correcta instalación","m",{"v":98.4,"d":"98.40"},{"v":407412.768,"d":"$407,412.77"},{"v":40089416.3712,"d":"$40,089,416.37"},null,{"v":98.4,"d":"98.40"},null,{"v":0,"d":"$0.00"}]
["ESP 9.3.1.3","9.3.1.3","Suministro, transporte e instalación de tubería ranurada ASTM A -53  4\" A.C. SCH 40 y los materiales necesarios para su correcta instalación","m",{"v":239,"d":"239.00"},{"v":249694.6305,"d":"$249,694.63"},{"v":59677016.6895,"d":"$59,677,016.69"},null,{"v":239,"d":"239.00"},null,{"v":0,"d":"$0.00"}]
["ESP 9.3.1.4","9.3.1.4","Suministro, transporte e instalación de tubería ranurada ASTM A -53  3\" A.C. SCH 40 y los materiales necesarios para su correcta instalación","m",{"v":102,"d":"102.00"},{"v":154922.8611,"d":"$154,922.86"},{"v":15802131.8322,"d":"$15,802,131.83"},null,{"v":102,"d":"102.00"},null,{"v":0,"d":"$0.00"}]
["ESP 9.3.1.5","9.3.1.5","Suministro, transporte e instalación de tubería ranurada ASTM A -53  2 1/2\" A.C. SCH 40 y los materiales necesarios para su correcta instalación","m",484.94,{"v":121300.37535,"d":"$121,300.38"},{"v":58823404.022229,"d":"$58,823,404.02"},null,484.94,null,{"v":0,"d":"$0.00"}]
["ESP 9.3.1.6","9.3.1.6","Suministro, transporte e instalación de tubería ranurada ASTM A -53  2\" A.C. SCH 40 y los materiales necesarios para su correcta instalación","m",{"v":1373.1,"d":"1,373.10"},{"v":93811.37535,"d":"$93,811.38"},{"v":128812399.493085,"d":"$128,812,399.49"},null,{"v":1373.1,"d":"1,373.10"},null,{"v":0,"d":"$0.00"}]
["ESP 9.3.1.7","9.3.1.7","Suministro, transporte e instalación de tubería ranurada ASTM A -53  1 1/2\" A.C. SCH 40 y los materiales necesarios para su correcta instalación","m",{"v":3202.8,"d":"3,202.80"},{"v":62499.69,"d":"$62,499.69"},{"v":200174007.13200003,"d":"$200,174,007.13"},null,{"v":3202.8,"d":"3,202.80"},null,{"v":0,"d":"$0.00"}]
["ESP 9.3.1.8","9.3.1.8","Suministro, transporte e instalación de tubería ranurada ASTM A -53  1 1/4\" A.C. SCH 40 y los materiales necesarios para su correcta instalación","m",{"v":28.1,"d":"28.10"},{"v":52191.31,"d":"$52,191.31"},{"v":1466575.811,"d":"$1,466,575.81"},null,{"v":28.1,"d":"28.10"},null,{"v":0,"d":"$0.00"}]
["ESP 9.3.1.9","9.3.1.9","Suministro, transporte e instalación de tubería ASTM A -53  1\" A.C. SCH 40 y los materiales necesarios para su correcta instalación","m",807.55,{"v":41915.581325,"d":"$41,915.58"},{"v":33848927.69900375,"d":"$33,848,927.70"},null,807.55,null,{"v":0,"d":"$0.00"}]
["ESP 9.3.1.10","9.3.1.10","Suministro, transporte e instalación de tubería ASTM A -53  1/2\" A.C. SCH 40 y los materiales necesarios para su correcta instalación","m",{"v":8,"d":"8.00"},{"v":37792.231325,"d":"$37,792.23"},{"v":302337.8506,"d":"$302,337.85"},null,{"v":8,"d":"8.00"},null,{"v":0,"d":"$0.00"}]
[]
[null,null,"TOTAL DE TUBERÍAS",{"$nulls":3},{"$f":"SUM(G363:G372)","v":{"v":569393413.4281378,"d":"$569,393,413.43"}},{"$nulls":3},{"$f":"SUM(K363:K372)","v":{"v":0,"d":"$0.00"}}]
[]
[null,"9.3.2","ACCESORIOS\n"]
["ESP 9.3.2.1","9.3.2.1","Suministro, transporte e instalación de Codo 8\" ranurado UL/FM y los materiales necesarios para su correcta instalación","un",{"v":9,"d":"9.00"},{"v":256958.59035,"d":"$256,958.59"},{"$f":"E377*F377","v":{"v":2312627.3131500003,"d":"$2,312,627.31"}},null,{"v":9,"d":"9.00"},null,{"$f":"I377*J377","v":{"v":0,"d":"$0.00"}}]
["ESP 9.3.2.2","9.3.2.2","Suministro, transporte e instalación de Codo 6\" ranurado UL/FM y los materiales necesarios para su correcta instalación","un",{"v":31,"d":"31.00"},{"v":197857.2404,"d":"$197,857.24"},{"v":6133574.452400001,"d":"$6,133,574.45"},null,{"v":31,"d":"31.00"},null,{"v":0,"d":"$0.00"}]
["ESP 9.3.2.3","9.3.2.3","Suministro, transporte e instalación de Codo 4\" ranurado UL/FM y los materiales necesarios para su correcta instalación","un",{"v":32,"d":"32.00"},{"v":78881.4096,"d":"$78,881.41"},{"v":2524205.1072,"d":"$2,524,205.11"},null,{"v":32,"d":"32.00"},null,{"v":0,"d":"$0.00"}]
["ESP 9.3.2.4","9.3.2.4","Suministro, transporte e instalación de Codo 3\" ranurado UL/FM y los materiales necesarios para su correcta instalación","un",{"v":13,"d":"13.00"},{"v":40532.53365,"d":"$40,532.53"},{"v":526922.93745,"d":"$526,922.94"},null,{"v":13,"d":"13.00"},null,{"v":0,"d":"$0.00"}]
["ESP 9.3.2.5","9.3.2.5","Suministro, transporte e instalación de Codo 2 1/2\" ranurado UL/FM y los materiales necesarios para su correcta instalación","un",{"v":59,"d":"59.00"},{"v":40257.64365,"d":"$40,257.64"},{"v":2375200.97535,"d":"$2,375,200.98"},null,{"v":59,"d":"59.00"},null,{"v":0,"d":"$0.00"}]
["ESP 9.3.2.6","9.3.2.6","Suministro, transporte e instalación de Codo 2\" ranurado UL/FM y los materiales necesarios para su correcta instalación","un",{"v":122,"d":"122.00"},{"v":34809.6672,"d":"$34,809.67"},{"v":4246779.3984,"d":"$4,246,779.40"},null,{"v":122,"d":"122.00"},null,{"v":0,"d":"$0.00"}]
["ESP 9.3.2.7","9.3.2.7","Suministro, transporte e instalación de Codo 1 1/2\" ranurado UL/FM y los materiales necesarios para su correcta instalación","un",{"v":525,"d":"525.00"},{"v":27525.0872,"d":"$27,525.09"},{"v":14450670.780000001,"d":"$14,450,670.78"},null,{"v":525,"d":"525.00"},null,{"v":0,"d":"$0.00"}]
["ESP 9.3.2.8","9.3.2.8","Suministro, transporte e instalación de Codo 1 1/4\" ranurado UL/FM y los materiales necesarios para su correcta instalación","un",{"v":1,"d":"1.00"},{"v":22027.29,"d":"$22,027.29"},{"v":22027.29,"d":"$22,027.29"},null,{"v":1,"d":"1.00"},null,{"v":0,"d":"$0.00"}]
["ESP 9.3.2.9","9.3.2.9","Suministro, transporte e instalación de Codo 1\" ranurado UL/FM y los materiales necesarios para su correcta instalación","un",{"v":378,"d":"378.00"},{"v":19965.6122,"d":"$19,965.61"},{"v":7547001.4116,"d":"$7,547,001.41"},null,{"v":378,"d":"378.00"},null,{"v":0,"d":"$0.00"}]
["ESP 9.3.2.10","9.3.2.10","Suministro, transporte e instalación de Codo 1/2\" roscado UL/FM y los materiales necesarios para su correcta instalación","un",{"v":17,"d":"17.00"},{"v":18591.16,"d":"$18,591.16"},{"v":316049.72,"d":"$316,049.72"},null,{"v":17,"d":"17.00"},null,{"v":0,"d":"$0.00"}]
["ESP 9.3.2.11","9.3.2.11","Suministro, transporte e instalación de TEE 6\" x 4\" ranurada UL/FM y los materiales necesarios para su correcta instalación","un",{"v":5,"d":"5.00"},{"v":276977.463,"d":"$276,977.46"},{"v":1384887.315,"d":"$1,384,887.32"},null,{"v":5,"d":"5.00"},null,{"v":0,"d":"$0.00"}]
["ESP 9.3.2.12","9.3.2.12","Suministro, transporte e instalación de TEE 6\" x 3\" ranurada UL/FM y los materiales necesarios para su correcta instalación","un",{"v":1,"d":"1.00"},{"v":253611.81,"d":"$253,611.81"},{"v":253611.81,"d":"$253,611.81"},null,{"v":1,"d":"1.00"},null,{"v":0,"d":"$0.00"}]
["ESP 9.3.2.13","9.3.2.13","Suministro, transporte e instalación de TEE 6\" ranurada UL/FM y los materiales necesarios para su correcta instalación","un",{"v":4,"d":"4.00"},{"v":263323.963,"d":"$263,323.96"},{"v":1053295.852,"d":"$1,053,295.85"},null,{"v":4,"d":"4.00"},null,{"v":0,"d":"$0.00"}]
["ESP 9.3.2.14","9.3.2.14","Suministro, transporte e instalación de TEE 4\"x 3\"ranurada UL/FM y los materiales necesarios para su correcta instalación","un",{"v":1,"d":"1.00"},{"v":185490.63,"d":"$185,490.63"},{"v":185490.63,"d":"$185,490.63"},null,{"v":1,"d":"1.00"},null,{"v":0,"d":"$0.00"}]
["ESP 9.3.2.15","9.3.2.15","Suministro, transporte e instalación de TEE 4\"x 2 1/2\"ranurada UL/FM y los materiales necesarios para su correcta instalación","un",{"v":6,"d":"6.00"},{"v":183428.9623,"d":"$183,428.96"},{"v":1100573.7738,"d":"$1,100,573.77"},null,{"v":6,"d":"6.00"},null,{"v":0,"d":"$0.00"}]
["ESP 9.3.2.16","9.3.2.16","Suministro, transporte e instalación de TEE 4\" ranurada UL/FM y los materiales necesarios para su correcta instalación","un",{"v":6,"d":"6.00"},{"v":158001.63225,"d":"$158,001.63"},{"v":948009.7934999999,"d":"$948,009.79"},null,{"v":6,"d":"6.00"},null,{"v":0,"d":"$0.00"}]
["ESP 9.3.2.17","9.3.2.17","Suministro, transporte e instalación de TEE 3\" X 2 1/2\" ranurada UL/FM y los materiales necesarios para su correcta instalación","un",{"v":1,"d":"1.00"},{"v":122222.98,"d":"$122,222.98"},{"v":122222.98,"d":"$122,222.98"},null,{"v":1,"d":"1.00"},null,{"v":0,"d":"$0.00"}]
["ESP 9.3.2.18","9.3.2.18","Suministro, transporte e instalación de TEE 3\" X 2\" ranurada UL/FM y los materiales necesarios para su correcta instalación","un",{"v":1,"d":"1.00"},{"v":118859.01,"d":"$118,859.01"},{"v":118859.01,"d":"$118,859.01"},null,{"v":1,"d":"1.00"},null,{"v":0,"d":"$0.00"}]
["ESP 9.3.2.19","9.3.2.19","Suministro, transporte e instalación de TEE 3\" ranurada UL/FM y los materiales necesarios para su correcta instalación","un",{"v":5,"d":"5.00"},{"v":113361.21,"d":"$113,361.21"},{"v":566806.05,"d":"$566,806.05"},null,{"v":5,"d":"5.00"},null,{"v":0,"d":"$0.00"}]
["ESP 9.3.2.20","9.3.2.20","Suministro, transporte e instalación de TEE 2 1/2\" x 2\" ranurada UL/FM y los materiales necesarios para su correcta instalación","un",{"v":14,"d":"14.00"},{"v":82152.604,"d":"$82,152.60"},{"v":1150136.456,"d":"$1,150,136.46"},null,{"v":14,"d":"14.00"},null,{"v":0,"d":"$0.00"}]
["ESP 9.3.2.21","9.3.2.21","Suministro, transporte e instalación de TEE 2 1/2\" ranurada UL/FM y los materiales necesarios para su correcta instalación","un",{"v":15,"d":"15.00"},{"v":79403.704025,"d":"$79,403.70"},{"v":1191055.560375,"d":"$1,191,055.56"},null,{"v":15,"d":"15.00"},null,{"v":0,"d":"$0.00"}]
["ESP 9.3.2.22","9.3.2.22","Suministro, transporte e instalación de TEE 2\" ranurada UL/FM y los materiales necesarios para su correcta instalación","un",{"v":45,"d":"45.00"},{"v":64971.974,"d":"$64,971.97"},{"v":2923738.83,"d":"$2,923,738.83"},null,{"v":45,"d":"45.00"},null,{"v":0,"d":"$0.00"}]
["ESP 9.3.2.23","9.3.2.23","Suministro, transporte e instalación de TEE 1 1/2\" ranurada UL/FM y los materiales necesarios para su correcta instalación","un",{"v":19,"d":"19.00"},{"v":44655.88865,"d":"$44,655.89"},{"v":848461.8843500001,"d":"$848,461.88"},null,{"v":19,"d":"19.00"},null,{"v":0,"d":"$0.00"}]
["ESP 9.3.2.24","9.3.2.24","Suministro, transporte e instalación de TEE 1 1/2\" X 1 1/4\"ranurada UL/FM y los materiales necesarios para su correcta instalación","un",{"v":1,"d":"1.00"},{"v":43281.44,"d":"$43,281.44"},{"v":43281.44,"d":"$43,281.44"},null,{"v":1,"d":"1.00"},null,{"v":0,"d":"$0.00"}]
["ESP 9.3.2.25","9.3.2.25","Suministro, transporte e instalación de TEE 1\" ranurada UL/FM y los materiales necesarios para su correcta instalación","un",{"v":31,"d":"31.00"},{"v":37096.40865,"d":"$37,096.41"},{"v":1149988.6681499998,"d":"$1,149,988.67"},null,{"v":31,"d":"31.00"},null,{"v":0,"d":"$0.00"}]
["ESP 9.3.2.26","9.3.2.26","Suministro, transporte e instalación de TEE 1/2\" ranurada UL/FM y los materiales necesarios para su correcta instalación","un",{"v":9,"d":"9.00"},{"v":22199.09345,"d":"$22,199.09"},{"v":199791.84105,"d":"$199,791.84"},null,{"v":9,"d":"9.00"},null,{"v":0,"d":"$0.00"}]
["ESP 9.3.2.27","9.3.2.27","Suministro, transporte e instalación de TEE mecánica 6\"x 4\" ranurada UL/FM  y los materiales necesarios para su correcta instalación","un",{"v":1,"d":"1.00"},{"v":171491.85,"d":"$171,491.85"},{"v":171491.85,"d":"$171,491.85"},null,{"v":1,"d":"1.00"},null,{"v":0,"d":"$0.00"}]
["ESP 9.3.2.28","9.3.2.28","Suministro, transporte e instalación de TEE mecánica 6\"x 2\" ranurada UL/FM  y los materiales necesarios para su correcta instalación","un",{"v":1,"d":"1.00"},{"v":167368.5,"d":"$167,368.50"},{"v":167368.5,"d":"$167,368.50"},null,{"v":1,"d":"1.00"},null,{"v":0,"d":"$0.00"}]
["ESP 9.3.2.29","9.3.2.29","Suministro, transporte e instalación de TEE mecánica 6\"x 3\" ranurada UL/FM y los materiales necesarios para su correcta instalación","un",{"v":1,"d":"1.00"},{"v":167368.5,"d":"$167,368.50"},{"v":167368.5,"d":"$167,368.50"},null,{"v":1,"d":"1.00"},null,{"v":0,"d":"$0.00"}]
["ESP 9.3.2.30","9.3.2.30","Suministro, transporte e instalación de TEE mecánica 4\"x 2 1/2\" ranurada UL/FM y los materiales necesarios para su correcta instalación","un",{"v":18,"d":"18.00"},{"v":147438.974,"d":"$147,438.97"},{"v":2653901.5319999997,"d":"$2,653,901.53"},null,{"v":18,"d":"18.00"},null,{"v":0,"d":"$0.00"}]
["ESP 9.3.2.31","9.3.2.31","Suministro, transporte e instalación de TEE mecánica 3\"x 1 1/2\" ranurada UL/FM y los materiales necesarios para su correcta instalación","un",{"v":15,"d":"15.00"},{"v":64971.97403,"d":"$64,971.97"},{"v":974579.6104499999,"d":"$974,579.61"},null,{"v":15,"d":"15.00"},null,{"v":0,"d":"$0.00"}]
["ESP 9.3.2.32","9.3.2.32","Suministro, transporte e instalación de TEE mecánica 3\"x 1 1/4\" ranurada UL/FM y los materiales necesarios para su correcta instalación","un",{"v":3,"d":"3.00"},{"v":64971.97403,"d":"$64,971.97"},{"v":194915.92209,"d":"$194,915.92"},null,{"v":3,"d":"3.00"},null,{"v":0,"d":"$0.00"}]
["ESP 9.3.2.33","9.3.2.33","Suministro, transporte e instalación de TEE mecánica 3\"x 1\" ranurada UL/FM y los materiales necesarios para su correcta instalación","un",{"v":16,"d":"16.00"},{"v":59474.17403,"d":"$59,474.17"},{"$f":"E409*F409","v":{"v":951586.78448,"d":"$951,586.78"}},null,{"v":16,"d":"16.00"},null,{"$f":"I409*J409","v":{"v":0,"d":"$0.00"}}]
["ESP 9.3.2.34","9.3.2.34","Suministro, transporte e instalación de TEE mecánica 3\"x 2\" ranurada UL/FM y los materiales necesarios para su correcta instalación","un",{"v":1,"d":"1.00"},{"v":82839.82,"d":"$82,839.82"},{"v":82839.82,"d":"$82,839.82"},null,{"v":1,"d":"1.00"},null,{"v":0,"d":"$0.00"}]
["ESP 9.3.2.35","9.3.2.35","Suministro, transporte e instalación de TEE mecánica 2,1/2\"x 1 1/2\" ranurada UL/FM y los materiales necesarios para su correcta instalación","un",{"v":41,"d":"41.00"},{"v":69267.130275,"d":"$69,267.13"},{"v":2839952.341275,"d":"$2,839,952.34"},null,{"v":41,"d":"41.00"},null,{"v":0,"d":"$0.00"}]
["ESP 9.3.2.36","9.3.2.36","Suministro, transporte e instalación de TEE mecánica 2,1/2\"x 1 1/4\" ranurada UL/FM y los materiales necesarios para su correcta instalación","un",{"v":6,"d":"6.00"},{"v":69267.130275,"d":"$69,267.13"},{"v":415602.78165,"d":"$415,602.78"},null,{"v":6,"d":"6.00"},null,{"v":0,"d":"$0.00"}]
["ESP 9.3.2.37","9.3.2.37","Suministro, transporte e instalación de TEE mecánica 2,1/2\"x 1\" ranurada UL/FM y los materiales necesarios para su correcta instalación","un",{"v":146,"d":"146.00"},{"v":69267.130275,"d":"$69,267.13"},{"v":10113001.02015,"d":"$10,113,001.02"},null,{"v":146,"d":"146.00"},null,{"v":0,"d":"$0.00"}]
["ESP 9.3.2.38","9.3.2.38","Suministro, transporte e instalación de TEE mecánica 2\"x 1 1/2\" ranurada UL/FM y los materiales necesarios para su correcta instalación","un",{"v":247,"d":"247.00"},{"v":54148.180275,"d":"$54,148.18"},{"v":13374600.527925,"d":"$13,374,600.53"},null,{"v":247,"d":"247.00"},null,{"v":0,"d":"$0.00"}]
["ESP 9.3.2.39","9.3.2.39","Suministro, transporte e instalación de TEE mecánica 2\"x 1 1/4\" ranurada UL/FM y los materiales necesarios para su correcta instalación","un",{"v":4,"d":"4.00"},{"v":54148.18028,"d":"$54,148.18"},{"v":216592.72112,"d":"$216,592.72"},null,{"v":4,"d":"4.00"},null,{"v":0,"d":"$0.00"}]
["ESP 9.3.2.40","9.3.2.40","Suministro, transporte e instalación de TEE mecánica 2\"x 1\" ranurada UL/FM y los materiales necesarios para su correcta instalación","un",{"v":522,"d":"522.00"},{"v":48650.380275,"d":"$48,650.38"},{"v":25395498.50355,"d":"$25,395,498.50"},null,{"v":522,"d":"522.00"},null,{"v":0,"d":"$0.00"}]
["ESP 9.3.2.41","9.3.2.41","Suministro, transporte e instalación de TEE mecánica 1 1/2\"x 1\" ranurada UL/FM y los materiales necesarios para su correcta instalación","un",{"v":933,"d":"933.00"},{"v":48650.380275,"d":"$48,650.38"},{"v":45390804.796575,"d":"$45,390,804.80"},null,{"v":933,"d":"933.00"},null,{"v":0,"d":"$0.00"}]
["ESP 9.3.2.42","9.3.2.42","Suministro, transporte e instalación de TEE mecánica 1 1/4\"x 1\" ranurada UL/FM y los materiales necesarios para su correcta instalación","un",{"v":32,"d":"32.00"},{"v":45214.260275,"d":"$45,214.26"},{"v":1446856.3288,"d":"$1,446,856.33"},null,{"v":32,"d":"32.00"},null,{"v":0,"d":"$0.00"}]
["ESP 9.3.2.43","9.3.2.43","Suministro, transporte e instalación de reducción 8\" x 6\" UL/FM y los materiales necesarios para su correcta instalación","un",{"v":1,"d":"1.00"},{"v":250694.530275,"d":"$250,694.53"},{"v":250694.530275,"d":"$250,694.53"},null,{"v":1,"d":"1.00"},null,{"v":0,"d":"$0.00"}]
["ESP 9.3.2.44","9.3.2.44","Suministro, transporte e instalación de Reducción 6\" x 4\" UL/FM y los materiales necesarios para su correcta instalación","un",{"v":5,"d":"5.00"},{"v":135068.924025,"d":"$135,068.92"},{"v":675344.6201249999,"d":"$675,344.62"},null,{"v":5,"d":"5.00"},null,{"v":0,"d":"$0.00"}]
["ESP 9.3.2.45","9.3.2.45","Suministro, transporte e instalación de Reducción 6\" x 3\" UL/FM y los materiales necesarios para su correcta instalación","un",{"v":1,"d":"1.00"},{"v":129571.12,"d":"$129,571.12"},{"v":129571.12,"d":"$129,571.12"},null,{"v":1,"d":"1.00"},null,{"v":0,"d":"$0.00"}]
["ESP 9.3.2.46","9.3.2.46","Suministro, transporte e instalación de Reducción 4\" x 3\" UL/FM y los materiales necesarios para su correcta instalación","un",{"v":2,"d":"2.00"},{"v":63082.11,"d":"$63,082.11"},{"v":126164.22,"d":"$126,164.22"},null,{"v":2,"d":"2.00"},null,{"v":0,"d":"$0.00"}]
["ESP 9.3.2.47","9.3.2.47","Suministro, transporte e instalación de Reduccion 3\" x 2, 1/2\" UL/FM y los materiales necesarios para su correcta instalación","un",{"v":7,"d":"7.00"},{"v":54148.180275,"d":"$54,148.18"},{"v":379037.261925,"d":"$379,037.26"},null,{"v":7,"d":"7.00"},null,{"v":0,"d":"$0.00"}]
["ESP 9.3.2.48","9.3.2.48","Suministro, transporte e instalación de Reduccion 3\" x 2\" UL/FM y los materiales necesarios para su correcta instalación","un",{"v":2,"d":"2.00"},{"v":52086.510275,"d":"$52,086.51"},{"v":104173.02055,"d":"$104,173.02"},null,{"v":2,"d":"2.00"},null,{"v":0,"d":"$0.00"}]
["ESP 9.3.2.49","9.3.2.49","Suministro, transporte e instalación de Reducción 2 1/2\" x 1 1/2\" UL/FM y los materiales necesarios para su correcta instalación","un",{"v":2,"d":"2.00"},{"v":41090.910275,"d":"$41,090.91"},{"v":82181.82055,"d":"$82,181.82"},null,{"v":2,"d":"2.00"},null,{"v":0,"d":"$0.00"}]
["ESP 9.3.2.50","9.3.2.50","Suministro, transporte e instalación de Reducción 2 1/2\" x 2\" UL/FM y los materiales necesarios para su correcta instalación","un",{"v":15,"d":"15.00"},{"v":41090.910275,"d":"$41,090.91"},{"v":616363.654125,"d":"$616,363.65"},null,{"v":15,"d":"15.00"},null,{"v":0,"d":"$0.00"}]
["ESP 9.3.2.51","9.3.2.51","Suministro, transporte e instalación de Reducción 2\" x 1, 1/2\" UL/FM y los materiales necesarios para su correcta instalación","un",{"v":10,"d":"10.00"},{"v":39716.46,"d":"$39,716.46"},{"v":397164.6,"d":"$397,164.60"},null,{"v":10,"d":"10.00"},null,{"v":0,"d":"$0.00"}]
["ESP 9.3.2.52","9.3.2.52","Suministro, transporte e instalación de Reducción copa 1 1/4\" x 3/4\" UL/FM y los materiales necesarios para su correcta instalación","un",{"v":3,"d":"3.00"},{"v":45214.26,"d":"$45,214.26"},{"v":135642.78,"d":"$135,642.78"},null,{"v":3,"d":"3.00"},null,{"v":0,"d":"$0.00"}]
["ESP 9.3.2.53","9.3.2.53","Suministro, transporte e instalación de Reducción copa 1\" x 3/4\" ros-ros, 300 UL/FM y los materiales necesarios para su correcta instalación","un",{"v":447,"d":"447.00"},{"v":19450.19345,"d":"$19,450.19"},{"v":8694236.47215,"d":"$8,694,236.47"},null,{"v":447,"d":"447.00"},null,{"v":0,"d":"$0.00"}]
["ESP 9.3.2.54","9.3.2.54","Suministro, transporte e instalación de Reducción copa 1\" x 1/2\" ros-ros, 300 UL/FM y los materiales necesarios para su correcta instalación","un",{"v":1216,"d":"1,216.00"},{"v":19450.19345,"d":"$19,450.19"},{"v":23651435.2352,"d":"$23,651,435.24"},null,{"v":1216,"d":"1,216.00"},null,{"v":0,"d":"$0.00"}]
["ESP 9.3.2.55","9.3.2.55","Suministro, transporte e instalación de Tapón ranurado de 4\" UL/FM y los materiales necesarios para su correcta instalación","un",{"v":6,"d":"6.00"},{"v":68243.16345,"d":"$68,243.16"},{"v":409458.98069999996,"d":"$409,458.98"},null,{"v":6,"d":"6.00"},null,{"v":0,"d":"$0.00"}]
["ESP 9.3.2.56","9.3.2.56","Suministro, transporte e instalación de Tapón ranurado de 3\" UL/FM y los materiales necesarios para su correcta instalación","un",{"v":4,"d":"4.00"},{"v":40754.16345,"d":"$40,754.16"},{"v":163016.6538,"d":"$163,016.65"},null,{"v":4,"d":"4.00"},null,{"v":0,"d":"$0.00"}]
["ESP 9.3.2.57","9.3.2.57","Suministro, transporte e instalación de Tapón ranurado de 2 1/2\" UL/FM y los materiales necesarios para su correcta instalación","un",{"v":5,"d":"5.00"},{"v":34569.1435,"d":"$34,569.14"},{"v":172845.7175,"d":"$172,845.72"},null,{"v":5,"d":"5.00"},null,{"v":0,"d":"$0.00"}]
["ESP 9.3.2.58","9.3.2.58","Suministro, transporte e instalación de Tapón ranurado de 2\" UL/FM y los materiales necesarios para su correcta instalación","un",{"v":12,"d":"12.00"},{"v":30445.79345,"d":"$30,445.79"},{"v":365349.5214,"d":"$365,349.52"},null,{"v":12,"d":"12.00"},null,{"v":0,"d":"$0.00"}]
["ESP 9.3.2.59","9.3.2.59","Suministro, transporte e instalación de tapón ranurado de 1 1/2\" UL/FM y los materiales necesarios para su correcta instalación","un",{"v":140,"d":"140.00"},{"v":24947.99345,"d":"$24,947.99"},{"v":3492719.083,"d":"$3,492,719.08"},null,{"v":140,"d":"140.00"},null,{"v":0,"d":"$0.00"}]
["ESP 9.3.2.60","9.3.2.60","Suministro, transporte e instalación de Tapón ranurado de 1 1/4\" UL/FM y los materiales necesarios para su correcta instalación","un",{"v":3,"d":"3.00"},{"v":24947.99345,"d":"$24,947.99"},{"v":74843.98035,"d":"$74,843.98"},null,{"v":3,"d":"3.00"},null,{"v":0,"d":"$0.00"}]
[]
[null,null,"TOTAL DE ACCESORIOS\n",{"$nulls":3},{"$f":"SUM(G377:G436)","v":{"v":198172476.09148997,"d":"$198,172,476.09"}},{"$nulls":3},{"$f":"SUM(K377:K436)","v":{"v":0,"d":"$0.00"}}]
[]
[null,"9.3.3","UNIONES RANURADAS\n"]
["ESP 9.3.3.1","9.3.3.1","Suministro, transporte e instalación de Unión ranurada flexible 8\" ranurado ","un",{"v":1,"d":"1.00"},{"v":214386.7173,"d":"$214,386.72"},{"$f":"E441*F441","v":{"v":214386.7173,"d":"$214,386.72"}},null,{"v":1,"d":"1.00"},null,{"$f":"I441*J441","v":{"v":0,"d":"$0.00"}}]
["ESP 9.3.3.2","9.3.3.2","Suministro, transporte e instalación de Unión ranurada flexible 6\" ranurado ","un",{"v":3,"d":"3.00"},{"v":138791.9673,"d":"$138,791.97"},{"v":416375.90189999994,"d":"$416,375.90"},null,{"v":3,"d":"3.00"},null,{"v":0,"d":"$0.00"}]
["ESP 9.3.3.3","9.3.3.3","Suministro, transporte e instalación de Unión ranurada flexible 4\" ranurado ","un",{"v":40,"d":"40.00"},{"v":104215.958175,"d":"$104,215.96"},{"v":4168638.3270000005,"d":"$4,168,638.33"},null,{"v":40,"d":"40.00"},null,{"v":0,"d":"$0.00"}]
["ESP 9.3.3.4","9.3.3.4","Suministro, transporte e instalación de Unión ranurada flexible 3\" ranurado ","un",{"v":27,"d":"27.00"},{"v":96434.853375,"d":"$96,434.85"},{"v":2603741.041125,"d":"$2,603,741.04"},null,{"v":27,"d":"27.00"},null,{"v":0,"d":"$0.00"}]
["ESP 9.3.3.5","9.3.3.5","Suministro, transporte e instalación de Unión ranurada flexible 2, 1/2\" ranurado ","un",{"v":21,"d":"21.00"},{"v":78738.809625,"d":"$78,738.81"},{"v":1653515.0021249999,"d":"$1,653,515.00"},null,{"v":21,"d":"21.00"},null,{"v":0,"d":"$0.00"}]
["ESP 9.3.3.6","9.3.3.6","Suministro, transporte e instalación de Unión ranurada rígida 8\" ranurado ","un",{"v":19,"d":"19.00"},{"v":213477.8625,"d":"$213,477.86"},{"v":4056079.3874999997,"d":"$4,056,079.39"},null,{"v":19,"d":"19.00"},null,{"v":0,"d":"$0.00"}]
["ESP 9.3.3.7","9.3.3.7","Suministro, transporte e instalación de Unión ranurada rígida 6\" ranurado ","un",{"v":102,"d":"102.00"},{"v":136122.097125,"d":"$136,122.10"},{"v":13884453.90675,"d":"$13,884,453.91"},null,{"v":102,"d":"102.00"},null,{"v":0,"d":"$0.00"}]
["ESP 9.3.3.8","9.3.3.8","Suministro, transporte e instalación de Unión ranurada rígida 4\" ranurado ","un",{"v":124,"d":"124.00"},{"v":92311.503375,"d":"$92,311.50"},{"v":11446626.4185,"d":"$11,446,626.42"},null,{"v":124,"d":"124.00"},null,{"v":0,"d":"$0.00"}]
["ESP 9.3.3.9","9.3.3.9","Suministro, transporte e instalación de Unión ranurada rígida 3\" ranurado ","un",{"v":75,"d":"75.00"},{"v":87801.588,"d":"$87,801.59"},{"v":6585119.100000001,"d":"$6,585,119.10"},null,{"v":75,"d":"75.00"},null,{"v":0,"d":"$0.00"}]
["ESP 9.3.3.10","9.3.3.10","Suministro, transporte e instalación de Unión ranurada rígida 2,1/2\" ranurado ","un",{"v":298,"d":"298.00"},{"v":78180.438,"d":" $78,180.44"},{"v":23297770.524,"d":"$23,297,770.52"},null,{"v":298,"d":"298.00"},null,{"v":0,"d":"$0.00"}]
["ESP 9.3.3.11","9.3.3.11","Suministro, transporte e instalación de Unión ranurada rígida 2\" ranurado ","un",{"v":567,"d":"567.00"},{"v":61858.84425,"d":"$61,858.84"},{"v":35073964.68975,"d":"$35,073,964.69"},null,{"v":567,"d":"567.00"},null,{"v":0,"d":"$0.00"}]
["ESP 9.3.3.12","9.3.3.12","Suministro, transporte e instalación de Unión ranurada rígida 1 1/2\" ranurado ","un",{"v":1870,"d":"1,870.00"},{"v":53612.14425,"d":"$53,612.14"},{"v":100254709.7475,"d":"$100,254,709.75"},null,{"v":1870,"d":"1,870.00"},null,{"v":0,"d":"$0.00"}]
["ESP 9.3.3.13","9.3.3.13","Suministro, transporte e instalación de Unión ranurada rígida 1 1/4\" ranurado ","un",{"v":38,"d":"38.00"},{"v":43990.99425,"d":"$43,990.99"},{"v":1671657.7815,"d":"$1,671,657.78"},null,{"v":38,"d":"38.00"},null,{"v":0,"d":"$0.00"}]
[]
[null,null,"TOTAL DE UNIONES RANURADAS\n",{"$nulls":3},{"$f":"SUM(G441:G453)","v":{"v":205327038.54495,"d":"$205,327,038.54"}},{"$nulls":3},{"$f":"SUM(K441:K453)","v":{"v":0,"d":"$0.00"}}]
[]
[null,"9.3.4","SOPORTES\n"]
["ESP 9.3.4.1","9.3.4.1","Suministro, transporte e instalación de Soporte sismo resistente 8\" - 4 vías tubería vertical y los materiales necesarios para su correcta instalación","un",{"v":2,"d":"2.00"},{"v":428407.4865,"d":"$428,407.49"},{"$f":"E458*F458","v":{"v":856814.973,"d":"$856,814.97"}},null,{"v":2,"d":"2.00"},null,{"$f":"I458*J458","v":{"v":0,"d":"$0.00"}}]
["ESP 9.3.4.2","9.3.4.2","Suministro, transporte e instalación de Soporte sismo resistente 4\" - 4 vías tubería vertical y los materiales necesarios para su correcta instalación","un",{"v":23,"d":"23.00"},{"v":352812.7365,"d":"$352,812.74"},{"v":8114692.9395,"d":"$8,114,692.94"},null,{"v":23,"d":"23.00"},null,{"v":0,"d":"$0.00"}]
["ESP 9.3.4.3","9.3.4.3","Suministro, transporte e instalación de Soporte sismo resistente 3\" - 4 vías tubería vertical y los materiales necesarios para su correcta instalación","un",{"v":16,"d":"16.00"},{"v":339068.2365,"d":"$339,068.24"},{"v":5425091.784,"d":"$5,425,091.78"},null,{"v":16,"d":"16.00"},null,{"v":0,"d":"$0.00"}]
["ESP 9.3.4.4","9.3.4.4","Suministro, transporte e instalación de Soporte sismo resistente 2, 1/2\" - 4 vías tubería vertical y los materiales necesarios para su correcta instalación","un",{"v":9,"d":"9.00"},{"v":289931.649,"d":"$289,931.65"},{"v":2609384.841,"d":"$2,609,384.84"},null,{"v":9,"d":"9.00"},null,{"v":0,"d":"$0.00"}]
["ESP 9.3.4.5","9.3.4.5","Suministro, transporte e instalación de Soporte sismo resistente 8\" - 2 vías transversal y los materiales necesarios para su correcta instalación","un",{"v":10,"d":"10.00"},{"v":330048.40575,"d":"$330,048.41"},{"v":3300484.0574999996,"d":"$3,300,484.06"},null,{"v":10,"d":"10.00"},null,{"v":0,"d":"$0.00"}]
["ESP 9.3.4.6","9.3.4.6","Suministro, transporte e instalación de Soporte sismo resistente 6\" - 2 vías transversal y los materiales necesarios para su correcta instalación","un",{"v":16,"d":"16.00"},{"v":206347.90575,"d":"$206,347.91"},{"v":3301566.492,"d":"$3,301,566.49"},null,{"v":16,"d":"16.00"},null,{"v":0,"d":"$0.00"}]
["ESP 9.3.4.7","9.3.4.7","Suministro, transporte e instalación de Soporte sismo resistente 4\" - 2 vías transversal y los materiales necesarios para su correcta instalación","un",{"v":24,"d":"24.00"},{"v":206347.90575,"d":"$206,347.91"},{"v":4952349.738,"d":"$4,952,349.74"},null,{"v":24,"d":"24.00"},null,{"v":0,"d":"$0.00"}]
["ESP 9.3.4.8","9.3.4.8","Suministro, transporte e instalación de Soporte sismo resistente 3\" - 2 vías transversal y los materiales necesarios para su correcta instalación","un",{"v":7,"d":"7.00"},{"v":192603.40575,"d":"$192,603.41"},{"v":1348223.8402500001,"d":"$1,348,223.84"},null,{"v":7,"d":"7.00"},null,{"v":0,"d":"$0.00"}]
["ESP 9.3.4.9","9.3.4.9","Suministro, transporte e instalación de Soporte sismo resistente 2 1/2\" - 2 vías transversal y los materiales necesarios para su correcta instalación","un",{"v":71,"d":"71.00"},{"v":199475.65575,"d":"$199,475.66"},{"v":14162771.55825,"d":"$14,162,771.56"},null,{"v":71,"d":"71.00"},null,{"v":0,"d":"$0.00"}]
["ESP 9.3.4.10","9.3.4.10","Suministro, transporte e instalación de Soporte sismo resistente 2\" - 2 vías transversal y los materiales necesarios para su correcta instalación.","un",{"v":204,"d":"204.00"},{"v":171986.65575,"d":"$171,986.66"},{"v":35085277.773,"d":"$35,085,277.77"},null,{"v":204,"d":"204.00"},null,{"v":0,"d":"$0.00"}]
["ESP 9.3.4.11","9.3.4.11","Suministro, transporte e instalación de Soporte sismo resistente 1 1/2\" - 2 vías transversal y los materiales necesarios para su correcta instalación.","un",{"v":13,"d":"13.00"},{"v":171986.65575,"d":"$171,986.66"},{"v":2235826.52475,"d":"$2,235,826.52"},null,{"v":13,"d":"13.00"},null,{"v":0,"d":"$0.00"}]
["ESP 9.3.4.12","9.3.4.12","Suministro, transporte e instalación de Soporte sismo resistente 8\" - 2 vías longitudinal y los materiales necesarios para su correcta instalación.","un",{"v":7,"d":"7.00"},{"v":323176.15575,"d":"$323,176.16"},{"v":2262233.09025,"d":"$2,262,233.09"},null,{"v":7,"d":"7.00"},null,{"v":0,"d":"$0.00"}]
["ESP 9.3.4.13","9.3.4.13","Suministro, transporte e instalación de Soporte sismo resistente 6\" - 2 vías longitudinal y los materiales necesarios para su correcta instalación.","un",{"v":6,"d":"6.00"},{"v":305308.30575,"d":"$305,308.31"},{"v":1831849.8344999999,"d":"$1,831,849.83"},null,{"v":6,"d":"6.00"},null,{"v":0,"d":"$0.00"}]
["ESP 9.3.4.14","9.3.4.14","Suministro, transporte e instalación de Soporte sismo resistente 4\" - 2 vías longitudinal y los materiales necesarios para su correcta instalación.","un",{"v":12,"d":"12.00"},{"v":293625.48075,"d":"$293,625.48"},{"v":3523505.769,"d":"$3,523,505.77"},null,{"v":12,"d":"12.00"},null,{"v":0,"d":"$0.00"}]
["ESP 9.3.4.15","9.3.4.15","Suministro, transporte e instalación de Soporte sismo resistente 3\" - 2 vías longitudinal y los materiales necesarios para su correcta instalación.","un",{"v":3,"d":"3.00"},{"v":286753.23075,"d":"$286,753.23"},{"v":860259.69225,"d":"$860,259.69"},null,{"v":3,"d":"3.00"},null,{"v":0,"d":"$0.00"}]
["ESP 9.3.4.16","9.3.4.16","Suministro, transporte e instalación de Soporte sismo resistente 2 1/2\" - 2 vías longitudinal y los materiales necesarios para su correcta instalación.","un",{"v":43,"d":"43.00"},{"v":268198.15575,"d":"$268,198.16"},{"v":11532520.69725,"d":"$11,532,520.70"},null,{"v":43,"d":"43.00"},null,{"v":0,"d":"$0.00"}]
["ESP 9.3.4.17","9.3.4.17","Suministro, transporte e instalación de Soporte sismo resistente 2\" - 2 vías longitudinal y los materiales necesarios para su correcta instalación.","un",{"v":87,"d":"87.00"},{"v":268198.15575,"d":"$268,198.16"},{"v":23333239.550249998,"d":"$23,333,239.55"},null,{"v":87,"d":"87.00"},null,{"v":0,"d":"$0.00"}]
["ESP 9.3.4.18","9.3.4.18","Suministro, transporte e instalación de Soporte sismo resistente 1 1/2\" - 2 vías longitudinal y los materiales necesarios para su correcta instalación.","un",{"v":136,"d":"136.00"},{"v":268198.15575,"d":"$268,198.16"},{"v":36474949.182,"d":"$36,474,949.18"},null,{"v":136,"d":"136.00"},null,{"v":0,"d":"$0.00"}]
["ESP 9.3.4.19","9.3.4.19","Suministro, transporte e instalación de Soporte tipo pera 8\" y los materiales necesarios para su correcta instalación.","un",{"v":16,"d":"16.00"},{"v":117008.65575,"d":"$117,008.66"},{"v":1872138.492,"d":"$1,872,138.49"},null,{"v":16,"d":"16.00"},null,{"v":0,"d":"$0.00"}]
["ESP 9.3.4.20","9.3.4.20","Suministro, transporte e instalación de Soporte tipo pera 6\" y los materiales necesarios para su correcta instalación.","un",{"v":25,"d":"25.00"},{"v":112885.30575,"d":"$112,885.31"},{"v":2822132.64375,"d":"$2,822,132.64"},null,{"v":25,"d":"25.00"},null,{"v":0,"d":"$0.00"}]
["ESP 9.3.4.21","9.3.4.21","Suministro, transporte e instalación de Soporte tipo pera 4\" y los materiales necesarios para su correcta instalación.","un",{"v":36,"d":"36.00"},{"v":50863.24425,"d":"$50,863.24"},{"v":1831076.793,"d":"$1,831,076.79"},null,{"v":36,"d":"36.00"},null,{"v":0,"d":"$0.00"}]
["ESP 9.3.4.22","9.3.4.22","Suministro, transporte e instalación de Soporte tipo pera 3\" y los materiales necesarios para su correcta instalación.","un",{"v":8,"d":"8.00"},{"v":50863.24425,"d":"$50,863.24"},{"v":406905.954,"d":"$406,905.95"},null,{"v":8,"d":"8.00"},null,{"v":0,"d":"$0.00"}]
["ESP 9.3.4.23","9.3.4.23","Suministro, transporte e instalación de Soporte tipo pera 2 1/2\" y los materiales necesarios para su correcta instalación.","un",{"v":122,"d":"122.00"},{"v":50863.24425,"d":"$50,863.24"},{"v":6205315.7985000005,"d":"$6,205,315.80"},null,{"v":122,"d":"122.00"},null,{"v":0,"d":"$0.00"}]
["ESP 9.3.4.24","9.3.4.24","Suministro, transporte e instalación de Soporte tipo pera 2\" y los materiales necesarios para su correcta instalación.","un",{"v":394,"d":"394.00"},{"v":50863.24425,"d":"$50,863.24"},{"v":20040118.234500002,"d":"$20,040,118.23"},null,{"v":394,"d":"394.00"},null,{"v":0,"d":"$0.00"}]
["ESP 9.3.4.25","9.3.4.25","Suministro, transporte e instalación de Soporte tipo pera 1 1/2\" y los materiales necesarios para su correcta instalación.","un",{"v":921,"d":"921.00"},{"v":46739.89425,"d":"$46,739.89"},{"v":43047442.60425,"d":"$43,047,442.60"},null,{"v":921,"d":"921.00"},null,{"v":0,"d":"$0.00"}]
["ESP 9.3.4.26","9.3.4.26","Suministro, transporte e instalación de Soporte tipo pera 1\" y los materiales necesarios para su correcta instalación.","un",{"v":206,"d":"206.00"},{"v":43990.99425,"d":"$43,990.99"},{"v":9062144.8155,"d":"$9,062,144.82"},null,{"v":206,"d":"206.00"},null,{"v":0,"d":"$0.00"}]
["ESP 9.3.4.27","9.3.4.27","Suministro, transporte e instalación de Soporte en concreto 8\" y los materiales necesarios para su correcta instalación.","un",{"v":1,"d":"1.00"},{"v":334773.08,"d":"$334,773.08"},{"v":334773.08,"d":"$334,773.08"},null,{"v":1,"d":"1.00"},null,{"v":0,"d":"$0.00"}]
["ESP 9.3.4.28","9.3.4.28","Suministro, transporte e instalación de Soporte en concreto 6\" y los materiales necesarios para su correcta instalación","un",{"v":6,"d":"6.00"},{"v":282543.975,"d":"$282,543.98"},{"v":1695263.8499999999,"d":"$1,695,263.85"},null,{"v":6,"d":"6.00"},null,{"v":0,"d":"$0.00"}]
["ESP 9.3.4.29","9.3.4.29","Suministro, transporte e instalación de Soporte en concreto 2 1/2\" y los materiales necesarios para su correcta instalación","un",{"v":1,"d":"1.00"},{"v":234438.225,"d":"$234,438.23"},{"v":234438.225,"d":"$234,438.23"},null,{"v":1,"d":"1.00"},null,{"v":0,"d":"$0.00"}]
[]
[null,null,"TOTAL DE SOPORTES\n",{"$nulls":3},{"$f":"SUM(G458:G486)","v":{"v":248762792.82725,"d":"$248,762,792.83"}},{"$nulls":3},{"$f":"SUM(K458:K486)","v":{"v":0,"d":"$0.00"}}]
[]
[null,"9.3.5","VÁLVULAS, GABINETES Y DEMÁS ACCESORIOS\n"]
["ESP 9.3.5.1","9.3.5.1","Suministro, transporte e instalación de válvula OS&Y ranurada supervisada UL/FM 6\" y los materiales necesarios para su correcta instalación","un",{"v":2,"d":"2.00"},{"v":3854335.8,"d":"$3,854,335.80"},{"$f":"E491*F491","v":{"v":7708671.6,"d":"$7,708,671.60"}},null,{"v":2,"d":"2.00"},null,{"$f":"I491*J491","v":{"v":0,"d":"$0.00"}}]
["ESP 9.3.5.2","9.3.5.2","Suministro, transporte e instalación de válvula  Mariposa  ranurada supervisada de UL/FM 3\" y los materiales necesarios para su correcta instalación","un",{"v":4,"d":"4.00"},{"v":1296888.075,"d":"$1,296,888.08"},{"v":5187552.3,"d":"$5,187,552.30"},null,{"v":4,"d":"4.00"},null,{"v":0,"d":"$0.00"}]
["ESP 9.3.5.3","9.3.5.3","Suministro, transporte e instalación de válvula  Mariposa  ranurada supervisada de UL/FM 2 1/2\" y los materiales necesarios para su correcta instalación","un",{"v":7,"d":"7.00"},{"v":1200676.575,"d":"$1,200,676.58"},{"v":8404736.025,"d":"$8,404,736.03"},null,{"v":7,"d":"7.00"},null,{"v":0,"d":"$0.00"}]
["ESP 9.3.5.4","9.3.5.4","Suministro, transporte e instalación de cheque compuerta ranurada de 4\" UL/FM 300 PSI y los materiales necesarios para su correcta instalación","un",{"v":1,"d":"1.00"},{"v":2089773.92,"d":"$2,089,773.92"},{"v":2089773.92,"d":"$2,089,773.92"},null,{"v":1,"d":"1.00"},null,{"v":0,"d":"$0.00"}]
["ESP 9.3.5.5","9.3.5.5","Suministro, transporte e instalación de cheque compuerta ranurada de 3\" UL/FM 300 PSI y los materiales necesarios para su correcta instalación","un",{"v":3,"d":"3.00"},{"v":1677438.924,"d":"$1,677,438.92"},{"v":5032316.772,"d":"$5,032,316.77"},null,{"v":3,"d":"3.00"},null,{"v":0,"d":"$0.00"}]
["ESP 9.3.5.6","9.3.5.6","Suministro, transporte e instalación de cheque compuerta ranurada de 2 1/2\" UL/FM 300 PSI y los materiales necesarios para su correcta instalación","un",{"v":7,"d":"7.00"},{"v":1056359.325,"d":"$1,056,359.33"},{"v":7394515.274999999,"d":"$7,394,515.28"},null,{"v":7,"d":"7.00"},null,{"v":0,"d":"$0.00"}]
["ESP 9.3.5.7","9.3.5.7","Suministro, transporte e instalación de válvula prueba drenaje 1 1/4\" y los materiales necesarios para su correcta instalación","un",{"v":10,"d":"10.00"},{"v":1338121.575,"d":"$1,338,121.58"},{"v":13381215.75,"d":"$13,381,215.75"},null,{"v":10,"d":"10.00"},null,{"v":0,"d":"$0.00"}]
["ESP 9.3.5.8","9.3.5.8","Suministro, transporte e instalación de válvula de bola Ø1\" y los materiales necesarios para su correcta instalación","un",{"v":9,"d":"9.00"},{"v":360114.49425,"d":"$360,114.49"},{"v":3241030.44825,"d":"$3,241,030.45"},null,{"v":9,"d":"9.00"},null,{"v":0,"d":"$0.00"}]
["ESP 9.3.5.9","9.3.5.9","Suministro, transporte e instalación de válvula de bola Ø1/2\" y los materiales necesarios para su correcta instalación","un",{"v":10,"d":"10.00"},{"v":215797.24425,"d":"$215,797.24"},{"v":2157972.4425,"d":"$2,157,972.44"},null,{"v":10,"d":"10.00"},null,{"v":0,"d":"$0.00"}]
["ESP 9.3.5.10","9.3.5.10","Suministro, transporte e instalación de Sensor de Flujo 3\" y los materiales necesarios para su correcta instalación","un",{"v":2,"d":"2.00"},{"v":1021998.075,"d":"$1,021,998.08"},{"v":2043996.15,"d":"$2,043,996.15"},null,{"v":2,"d":"2.00"},null,{"v":0,"d":"$0.00"}]
["ESP 9.3.5.11","9.3.5.11","Suministro, transporte e instalación de Sensor de Flujo 2 1/2\" y los materiales necesarios para su correcta instalación","un",{"v":7,"d":"7.00"},{"v":912042.075,"d":"$912,042.08"},{"v":6384294.524999999,"d":"$6,384,294.53"},null,{"v":7,"d":"7.00"},null,{"v":0,"d":"$0.00"}]
["ESP 9.3.5.12","9.3.5.12","Suministro, transporte e instalación de Manómetro Inmerso en glicerina de 0-300 PSI y los materiales necesarios para su correcta instalación","un",{"v":28,"d":"28.00"},{"v":216511.95615,"d":"$216,511.96"},{"v":6062334.7722000005,"d":"$6,062,334.77"},null,{"v":28,"d":"28.00"},null,{"v":0,"d":"$0.00"}]
["ESP 9.3.5.13","9.3.5.13","Suministro, transporte e instalación de válvula desaireadora y los materiales necesarios para su correcta instalación","un",{"v":16,"d":"16.00"},{"v":1539521.448675,"d":"$1,539,521.45"},{"v":24632343.1788,"d":"$24,632,343.18"},null,{"v":16,"d":"16.00"},null,{"v":0,"d":"$0.00"}]
["ESP 9.3.5.14","9.3.5.14","Suministro, transporte e instalación de válvula de alivio 1/2\" y los materiales necesarios para su correcta instalación","un",{"v":10,"d":"10.00"},{"v":238561.575,"d":"$238,561.58"},{"v":2385615.75,"d":"$2,385,615.75"},null,{"v":10,"d":"10.00"},null,{"v":0,"d":"$0.00"}]
["ESP 9.3.5.15","9.3.5.15","Suministro, transporte e instalación de Estaciones de manguera clase II dotadas de manguera de 100 pies de Ø1 1/2\" UL/FM con válvula tipo restrictoras de presión UL FM y los materiales necesarios para su correcta instalación","un",{"v":15,"d":"15.00"},{"v":2345876.946,"d":"$2,345,876.95"},{"v":35188154.19,"d":"$35,188,154.19"},null,{"v":15,"d":"15.00"},null,{"v":0,"d":"$0.00"}]
["ESP 9.3.5.16","9.3.5.16","Suministro, transporte e instalación de válvula de regulación de presión 4\" ref. Victaulic 867 42T o similar y los materiales necesarios para su correcta instalación","un",{"v":2,"d":"2.00"},{"v":6469226.946,"d":"$6,469,226.95"},{"v":12938453.892,"d":"$12,938,453.89"},null,{"v":2,"d":"2.00"},null,{"v":0,"d":"$0.00"}]
["ESP 9.3.5.17","9.3.5.17","Suministro, transporte e instalación de válvula de alivio sistema de regulación de presión 4\" ref. Victaulic 867 43T o similar y los materiales necesarios para su correcta instalación","un",{"v":1,"d":"1.00"},{"v":3720326.946,"d":"$3,720,326.95"},{"v":3720326.946,"d":"$3,720,326.95"},null,{"v":1,"d":"1.00"},null,{"v":0,"d":"$0.00"}]
["ESP 9.3.5.18","9.3.5.18","Suministro, transporte e instalación de válvula de 2.5\" de tipo restrictora de presión para conexión del cuerpo de bomberos y los materiales necesarios para su correcta instalación","un",{"v":15,"d":"15.00"},{"v":2197376.946,"d":"$2,197,376.95"},{"v":32960654.19,"d":"$32,960,654.19"},null,{"v":15,"d":"15.00"},null,{"v":0,"d":"$0.00"}]
[]
[null,null,"TOTAL DE VÁLVULAS, GABINETES Y DEMÁS ACCESORIOS\n",{"$nulls":3},{"$f":"SUM(G491:G508)","v":{"v":180913958.12675,"d":"$180,913,958.13"}},{"$nulls":3},{"$f":"SUM(K491:K508)","v":{"v":0,"d":"$0.00"}}]
[]
[null,"9.3.6","ROCIADORES\n"]
["ESP 9.3.6.1","9.3.6.1","Suministro, transporte e instalación de K 8,0 montante, respuesta estándar, temperatura de activación de 141°C (286°F) UL/FM y los materiales necesarios para su correcta instalación","un",{"v":42,"d":"42.00"},{"v":188394.15,"d":"$188,394.15"},{"$f":"E513*F513","v":{"v":7912554.3,"d":"$7,912,554.30"}},null,{"v":42,"d":"42.00"},null,{"$f":"I513*J513","v":{"v":0,"d":"$0.00"}}]
["ESP 9.3.6.2","9.3.6.2","Suministro, transporte e instalación de K 8,0  orientación montante, respuesta rápida y temperatura de activación 57°C (135°F) UL/FM y los materiales necesarios para su correcta instalación","un",{"v":396,"d":"396.00"},{"v":174649.65,"d":"$174,649.65"},{"v":69161261.39999999,"d":"$69,161,261.40"},null,{"v":396,"d":"396.00"},null,{"v":0,"d":"$0.00"}]
["ESP 9.3.6.3","9.3.6.3","Suministro, transporte e instalación de K 8,0  orientación pendiente, respuesta rápida y temperatura de activación 68°C (155°F) UL/FM (shut de basuras) y los materiales necesarios para su correcta instalación","un",{"v":6,"d":"6.00"},{"v":188394.15000000002,"d":"$188,394.15"},{"v":1130364.9000000001,"d":"$1,130,364.90"},null,{"v":6,"d":"6.00"},null,{"v":0,"d":"$0.00"}]
["ESP 9.3.6.4","9.3.6.4","Suministro, transporte e instalación de K 5,6, orientación montante, respuesta rápida y temperatura de activación 57°C (135°F) UL/FM y los materiales necesarios para su correcta instalación","un",{"v":615,"d":"615.00"},{"v":147160.65,"d":"$147,160.65"},{"v":90503799.75,"d":"$90,503,799.75"},null,{"v":615,"d":"615.00"},null,{"v":0,"d":"$0.00"}]
["ESP 9.3.6.5","9.3.6.5","Suministro, transporte e instalación de K 5,6, orientación montante, respuesta rápida y temperatura de activación 57°C (135°F) UL/FM y los materiales necesarios para su correcta instalación","un",{"v":599,"d":"599.00"},{"v":147160.65,"d":"$147,160.65"},{"v":88149229.35,"d":"$88,149,229.35"},null,{"v":599,"d":"599.00"},null,{"v":0,"d":"$0.00"}]
["ESP 9.3.6.6","9.3.6.6","Suministro, transporte e instalación de K 11,2, orientación pendiente, respuesta rápida y temperatura de activación 68°C (155°F) UL/FM  y los materiales necesarios para su correcta instalación(armerillo)","un",{"v":2,"d":"2.00"},{"v":220006.49,"d":"$220,006.49"},{"v":440012.98,"d":"$440,012.98"},null,{"v":2,"d":"2.00"},null,{"v":0,"d":"$0.00"}]
[]
[null,null,"TOTAL DE ROCIADORES\n",{"$nulls":3},{"$f":"SUM(G513:G518)","v":{"v":257297222.67999998,"d":"$257,297,222.68"}},{"$nulls":3},{"$f":"SUM(K513:K518)","v":{"v":0,"d":"$0.00"}}]
[]
[null,"9.3.7","SISTEMA DE BOMBEO RCI"]
["ESP 9.3.7.1","9.3.7.1","Suministro, instalación y puesta en marcha de un sistema de bombeo tipo Diésel UL/FM de 750 gpm a una presión de operación de 190 psi. Incluye la totalidad de los elementos constitutivos de un sistema de bombeo completo tales como ( pero no limitado a ) tableros, válvulas, válvula de alivio, retornos, tuberías, acoples, exosto, tanque de combustible, bomba jockey, acoples, bridas, soportes, grouting, ingeniería de detalle, montaje, garantías, servicio postventa y los materiales necesarios para su correcta instalación. El suministro e instalación en su totalidad debe estar de acuerdo a los requerido por la última edición de NFPA 20 y FM global.","un",{"v":1,"d":"1.00"},{"v":810307002,"d":"$810,307,002.00"},{"$f":"E523*F523","v":{"v":810307002,"d":"$810,307,002.00"}},null,{"v":1,"d":"1.00"},null,{"$f":"I523*J523","v":{"v":0,"d":"$0.00"}}]
[]
[null,null,"TOTAL DE SISTEMA DE BOMBEO RCI",{"$nulls":3},{"$f":"G523","v":{"v":810307002,"d":"$810,307,002.00"}},{"$nulls":3},{"$f":"K523","v":{"v":0,"d":"$0.00"}}]
[]
[null,null,"TOTAL DE RED CONTRA INCENDIOS - RCI",{"$nulls":3},{"$f":"SUM(G525+G520+G510+G488+G455+G438+G374)","v":{"v":2470173903.698578,"d":"$2,470,173,903.70"}},{"$nulls":3},{"$f":"SUM(K525+K520+K510+K488+K455+K438+K374)","v":{"v":0,"d":"$0.00"}}]
[]
[null,"9.4.0"," SISTEMA DE AGENTE LIMPIO INERGEN IG-541"]
[]
[null,"9.4.1","SISTEMA DE EXTINCIÓN IG-541 (IMPORTADO)"]
["ESP 9.4.1.1","9.4.1.1","Suministro, transporte e instalación de Container, INERGEN, CR,  cu. feet (12,4 cu. meters) UN o equivalente y los elementos necesarios para su correcta instalación. TRM $4298.31 COP (24-04-25), fuente: https://www.dolar-colombia.com/mes/2025-04","un",{"v":34,"d":"34.00"},{"v":28274789.1,"d":"$28,274,789.10"},{"$f":"E532*F532","v":{"v":961342829.4000001,"d":"$961,342,829.40"}},null,{"v":34,"d":"34.00"},null,{"$f":"I532*J532","v":{"v":0,"d":"$0.00"}}]
["ESP 9.4.1.2","9.4.1.2","Suministro, transporte e instalación de Flexible Discharge BEND for CV 90 and CV98(200 Bar) o equivalente y los elementos necesarios para su correcta instalación.  TRM $4298.31 COP (24-04-25), fuente: https://www.dolar-colombia.com/mes/2025-04","un",{"v":34,"d":"34.00"},{"v":1650495.03,"d":"$1,650,495.03"},{"v":56116831.02,"d":"$56,116,831.02"},null,{"v":34,"d":"34.00"},null,{"v":0,"d":"$0.00"}]
["ESP 9.4.1.3","9.4.1.3","Suministro, transporte e instalación de Actuator, Electric, HF o equivalente y los elementos necesarios para su correcta instalación.  TRM $4298.31 COP (24-04-25), fuente: https://www.dolar-colombia.com/mes/2025-04 ","un",{"v":2,"d":"2.00"},{"v":5161950.89,"d":"$5,161,950.89"},{"v":10323901.78,"d":"$10,323,901.78"},null,{"v":2,"d":"2.00"},null,{"v":0,"d":"$0.00"}]
["ESP 9.4.1.4","9.4.1.4","Suministro, transporte e instalación de Booster Actuator o equivalente y los elementos necesarios para su correcta instalación. TRM $4298.31 COP (24-04-25), fuente: https://www.dolar-colombia.com/mes/2025-04","un",{"v":2,"d":"2.00"},{"v":3777307.4063,"d":"$3,777,307.41"},{"v":7554614.8126,"d":"$7,554,614.81"},null,{"v":2,"d":"2.00"},null,{"v":0,"d":"$0.00"}]
["ESP 9.4.1.5","9.4.1.5","Suministro, transporte e instalación de Actuator, Lever for HF Actuador o equivalente y los elementos necesarios para su correcta instalación.  TRM $4298.31 COP (24-04-25), fuente: https://www.dolar-colombia.com/mes/2025-04","un",{"v":2,"d":"2.00"},{"v":2684362.156,"d":"$2,684,362.16"},{"v":5368724.312,"d":"$5,368,724.31"},null,{"v":2,"d":"2.00"},null,{"v":0,"d":"$0.00"}]
["ESP 9.4.1.6","9.4.1.6","Suministro, transporte e instalación de Actuator,Electric, HF, Arming Tool o equivalente y los elementos necesarios para su correcta instalación.  TRM $4298.31 COP (24-04-25), fuente: https://www.dolar-colombia.com/mes/2025-04","un",{"v":2,"d":"2.00"},{"v":276928.69,"d":"$276,928.69"},{"v":553857.38,"d":"$553,857.38"},null,{"v":2,"d":"2.00"},null,{"v":0,"d":"$0.00"}]
["ESP 9.4.1.7","9.4.1.7","Suministro, transporte e instalación de Booster Actuator, Reset Tool o equivalente y los elementos necesarios para su correcta instalación.  TRM $4298.31 COP (24-04-25), fuente: https://www.dolar-colombia.com/mes/2025-04","un",{"v":2,"d":"2.00"},{"v":932695.8433,"d":"$932,695.84"},{"v":1865391.6866,"d":"$1,865,391.69"},null,{"v":2,"d":"2.00"},null,{"v":0,"d":"$0.00"}]
["ESP 9.4.1.8","9.4.1.8","Suministro, transporte e instalación de Orifice Unión,  in. NPT, specify orifice size/code o equivalente y los elementos necesarios para su correcta instalación.  TRM $4298.31 COP (24-04-25), fuente: https://www.dolar-colombia.com/mes/2025-04","un",{"v":2,"d":"2.00"},{"v":2177767.2644,"d":"$2,177,767.26"},{"v":4355534.5288,"d":"$4,355,534.53"},null,{"v":2,"d":"2.00"},null,{"v":0,"d":"$0.00"}]
["ESP 9.4.1.9","9.4.1.9","Suministro, transporte e instalación de Acoustic Nozzle,  in. (requires part number 448419) 3/4\" o equivalente y los elementos necesarios para su correcta instalación.  TRM $4298.31 COP (24-04-25), fuente: https://www.dolar-colombia.com/mes/2025-04","un",{"v":4,"d":"4.00"},{"v":5815502.6155,"d":"$5,815,502.62"},{"v":23262010.462,"d":"$23,262,010.46"},null,{"v":4,"d":"4.00"},null,{"v":0,"d":"$0.00"}]
["ESP 9.4.1.10","9.4.1.10","Suministro, transporte e instalación de Orifice Pipe Assembly, in. NPT o equivalente y los elementos necesarios para su correcta instalación.  TRM $4298.31 COP (24-04-25), fuente: https://www.dolar-colombia.com/mes/2025-04","un",{"v":2,"d":"2.00"},{"v":563457.5819,"d":"$563,457.58"},{"v":1126915.1638,"d":"$1,126,915.16"},null,{"v":2,"d":"2.00"},null,{"v":0,"d":"$0.00"}]
["ESP 9.4.1.11","9.4.1.11","Suministro, transporte e instalación de Pressure Switch, DPST (2-3/4 in, (Outlets) o equivalente y los elementos necesarios para su correcta instalación.  TRM $4298.31 COP (24-04-25), fuente: https://www.dolar-colombia.com/mes/2025-04","un",{"v":2,"d":"2.00"},{"v":1656402.8419,"d":"$1,656,402.84"},{"v":3312805.6838,"d":"$3,312,805.68"},null,{"v":2,"d":"2.00"},null,{"v":0,"d":"$0.00"}]
["ESP 9.4.1.12","9.4.1.12","Suministro, transporte e instalación de Pilot Valve Actuation Adaptor o equivalente y los elementos necesarios para su correcta instalación.  TRM $4298.31 COP (24-04-25), fuente: https://www.dolar-colombia.com/mes/2025-04","un",{"v":34,"d":"34.00"},{"v":39116.4673,"d":"$39,116.47"},{"v":1329959.8882,"d":"$1,329,959.89"},null,{"v":34,"d":"34.00"},null,{"v":0,"d":"$0.00"}]
["ESP 9.4.1.13","9.4.1.13","Suministro, transporte e instalación de Male Elbow (use with Pilot Valve Actuation Adaptor) o equivalente y los elementos necesarios para su correcta instalación. TRM $4298.31 COP (24-04-25), fuente: https://www.dolar-colombia.com/mes/2025-04","un",{"v":34,"d":"34.00"},{"v":68161.3873,"d":"$68,161.39"},{"v":2317487.1682,"d":"$2,317,487.17"},null,{"v":34,"d":"34.00"},null,{"v":0,"d":"$0.00"}]
["ESP 9.4.1.14","9.4.1.14","Suministro, transporte e instalación de Flared Tee, 1/8 x 1/4 x 1/4 in o equivalente y los elementos necesarios para su correcta instalación.  TRM $4298.31 COP (24-04-25), fuente: https://www.dolar-colombia.com/mes/2025-04","un",{"v":34,"d":"34.00"},{"v":41576.2273,"d":"$41,576.23"},{"v":1413591.7282,"d":"$1,413,591.73"},null,{"v":34,"d":"34.00"},null,{"v":0,"d":"$0.00"}]
["ESP 9.4.1.15","9.4.1.15","Suministro, transporte e instalación de Actuation Hose Stainless braided, 16 in o equivalente y los elementos necesarios para su correcta instalación.  TRM $4298.31 COP (24-04-25), fuente: https://www.dolar-colombia.com/mes/2025-04","un",{"v":34,"d":"34.00"},{"v":343760.8164,"d":"$343,760.82"},{"v":11687867.7576,"d":"$11,687,867.76"},null,{"v":34,"d":"34.00"},null,{"v":0,"d":"$0.00"}]
["ESP 9.4.1.16","9.4.1.16","Suministro, transporte e instalación de Switch Abort, Surface-Mount o equivalente y los elementos necesarios para su correcta instalación.  TRM $4298.31 COP (24-04-25), fuente: https://www.dolar-colombia.com/mes/2025-04","un",{"v":1,"d":"1.00"},{"v":1242855.9828,"d":"$1,242,855.98"},{"v":1242855.9828,"d":"$1,242,855.98"},null,{"v":1,"d":"1.00"},null,{"v":0,"d":"$0.00"}]
["ESP 9.4.1.17","9.4.1.17","Suministro, transporte e instalación de Switch Maintenance, Surface-Mount, w/key o equivalente y los elementos necesarios para su correcta instalación.  TRM $4298.31 COP (24-04-25), fuente: https://www.dolar-colombia.com/mes/2025-04","un",{"v":1,"d":"1.00"},{"v":2162997.7339,"d":"$2,162,997.73"},{"v":2162997.7339,"d":"$2,162,997.73"},null,{"v":1,"d":"1.00"},null,{"v":0,"d":"$0.00"}]
["ESP 9.4.1.18","9.4.1.18","Suministro, transporte e instalación de Placement Indicator Switch o equivalente y los elementos necesarios para su correcta instalación. TRM $4298.31 COP (24-04-25), fuente: https://www.dolar-colombia.com/mes/2025-04","un",{"v":1,"d":"1.00"},{"v":829309.1328,"d":"$829,309.13"},{"v":829309.1328,"d":"$829,309.13"},null,{"v":1,"d":"1.00"},null,{"v":0,"d":"$0.00"}]
["ESP 9.4.1.19","9.4.1.19","Suministro, transporte e instalación de  Acoustic Nozzle,  in. (requires part number 445710) 1 11/2\" o equivalente y los elementos necesarios para su correcta instalación  TRM $4298.31 COP (24-04-25), fuente: https://www.dolar-colombia.com/mes/2025-04","un",{"v":8,"d":"8.00"},{"v":8391308.7228,"d":"$8,391,308.72"},{"v":67130469.7824,"d":"$67,130,469.78"},null,{"v":8,"d":"8.00"},null,{"v":0,"d":"$0.00"}]
["ESP 9.4.1.20","9.4.1.20","Suministro, transporte e instalación de Sistema de accionamiento mecánico de emergencia.  TRM $4298.31 COP (24-04-25), fuente: https://www.dolar-colombia.com/mes/2025-04","un",{"v":1,"d":"1.00"},{"v":10656216.218,"d":"$10,656,216.22"},{"v":10656216.218,"d":"$10,656,216.22"},null,{"v":1,"d":"1.00"},null,{"v":0,"d":"$0.00"}]
[null,null,"TOTAL DE SISTEMA DE EXTINCIÓN IG-541 (IMPORTADO)",{"$nulls":3},{"$f":"SUM(G532:G551)","v":{"v":1173954171.6217003,"d":"$1,173,954,171.62"}},{"$nulls":3},{"$f":"SUM(K532:K551)","v":{"v":0,"d":"$0.00"}}]
[]
[null,"9.4.2","SISTEMA DE DETECCIÓN Y ALARMA IG-541 (IMPORTADO)"]
["ESP 9.4.2.1","9.4.2.1","Suministro, transporte e instalación de NFS-320, Agent release control panel, 120 VAC.  y los elementos necesarios para su correcta instalación.  TRM $4298.31 COP (24-04-25), fuente: https://www.dolar-colombia.com/mes/2025-04","un",{"v":1,"d":"1.00"},{"v":13063649.669,"d":"$13,063,649.67"},{"$f":"F555*E555","v":{"v":13063649.669,"d":"$13,063,649.67"}},null,{"v":1,"d":"1.00"},null,{"$f":"J555*I555","v":{"v":0,"d":"$0.00"}}]
["ESP 9.4.2.2","9.4.2.2","Suministro, transporte e instalación de Battery, 12 volt, 18 AH. (2 un)  y los elementos necesarios para su correcta instalación.  TRM $4298.31 COP (24-04-25), fuente: https://www.dolar-colombia.com/mes/2025-04","un",{"v":1,"d":"1.00"},{"v":1481383.9056,"d":"$1,481,383.91"},{"v":1481383.9056,"d":"$1,481,383.91"},null,{"v":1,"d":"1.00"},null,{"v":0,"d":"$0.00"}]
["ESP 9.4.2.3","9.4.2.3","Suministro, transporte e instalación de Intelligent Addressable Photo detector. + base   y los elementos necesarios para su correcta instalación.  TRM $4298.31 COP (24-04-25), fuente: https://www.dolar-colombia.com/mes/2025-04","un",{"v":4,"d":"4.00"},{"v":362961.2125,"d":"$362,961.21"},{"v":1451844.85,"d":"$1,451,844.85"},null,{"v":4,"d":"4.00"},null,{"v":0,"d":"$0.00"}]
["ESP 9.4.2.4","9.4.2.4","Suministro, transporte e instalación de Stopper II  y los elementos necesarios para su correcta instalación.  TRM $4298.31 COP (24-04-25), fuente: https://www.dolar-colombia.com/mes/2025-04","un",{"v":1,"d":"1.00"},{"v":835586.1825,"d":"$835,586.18"},{"v":835586.1825,"d":"$835,586.18"},null,{"v":1,"d":"1.00"},null,{"v":0,"d":"$0.00"}]
["ESP 9.4.2.5","9.4.2.5","Suministro, transporte e instalación de Dual action lexan station  y los elementos necesarios para su correcta instalación.  TRM $4298.31 COP (24-04-25), fuente: https://www.dolar-colombia.com/mes/2025-04","un",{"v":1,"d":"1.00"},{"v":327514.3425,"d":"$327,514.34"},{"v":327514.3425,"d":"$327,514.34"},null,{"v":1,"d":"1.00"},null,{"v":0,"d":"$0.00"}]
["ESP 9.4.2.6","9.4.2.6","Suministro, transporte e instalación de SB-10, Surface back box, for NBG-12LR  y los elementos necesarios para su correcta instalación.  TRM $4298.31  COP (24-04-25), fuente: https://www.dolar-colombia.com/mes/2025-04","un",{"v":1,"d":"1.00"},{"v":79386.2307,"d":"$79,386.23"},{"v":79386.2307,"d":"$79,386.23"},null,{"v":1,"d":"1.00"},null,{"v":0,"d":"$0.00"}]
["ESP 9.4.2.7","9.4.2.7","Suministro, transporte e instalación de System Sensor bell, 6 inch, 24 volt  y los elementos necesarios para su correcta instalación.  TRM $4298.31 COP (24-04-25), fuente: https://www.dolar-colombia.com/mes/2025-04","un",{"v":1,"d":"1.00"},{"v":362961.2107,"d":"$362,961.21"},{"$f":"E561*F561","v":{"v":362961.2107,"d":"$362,961.21"}},null,{"v":1,"d":"1.00"},null,{"$f":"I561*J561","v":{"v":0,"d":"$0.00"}}]
["ESP 9.4.2.8","9.4.2.8","Suministro, transporte e instalación de WBB Weatherproof Backbox, Red.  y los elementos necesarios para su correcta instalación. TRM $4298.31 COP (24-04-25), fuente: https://www.dolar-colombia.com/mes/2025-04","un",{"v":1,"d":"1.00"},{"v":203450.2807,"d":"$203,450.28"},{"v":203450.2807,"d":"$203,450.28"},null,{"v":1,"d":"1.00"},null,{"v":0,"d":"$0.00"}]
["ESP 9.4.2.9","9.4.2.9","Suministro, transporte e instalación de Horn Strobe  y los elementos necesarios para su correcta instalación.  TRM $4298.31 COP (24-04-25), fuente: https://www.dolar-colombia.com/mes/2025-04","un",{"v":1,"d":"1.00"},{"v":362961.2107,"d":"$362,961.21"},{"v":362961.2107,"d":"$362,961.21"},null,{"v":1,"d":"1.00"},null,{"v":0,"d":"$0.00"}]
["ESP 9.4.2.10","9.4.2.10","Suministro, transporte e instalación de Monitor Module  y los elementos necesarios para su correcta instalación.  TRM $4298.31 COP (24-04-25), fuente: https://www.dolar-colombia.com/mes/2025-04","un",{"v":4,"d":"4.00"},{"v":244804.9707,"d":"$244,804.97"},{"v":979219.8828,"d":"$979,219.88"},null,{"v":4,"d":"4.00"},null,{"v":0,"d":"$0.00"}]
["ESP 9.4.2.11","9.4.2.11","Suministro, transporte e instalación de Control Module y los elementos necesarios para su correcta instalación. TRM $4298.31 COP (24-04-25), fuente: https://www.dolar-colombia.com/mes/2025-04","un",{"v":2,"d":"2.00"},{"v":362961.2107,"d":"$362,961.21"},{"v":725922.4214,"d":"$725,922.42"},null,{"v":2,"d":"2.00"},null,{"v":0,"d":"$0.00"}]
["ESP 9.4.2.12","9.4.2.12","Suministro, transporte e instalación de Relay Module y los elementos necesarios para su correcta instalación.  TRM $4298.31 COP (24-04-25), fuente: https://www.dolar-colombia.com/mes/2025-04","un",{"v":2,"d":"2.00"},{"v":451578.39,"d":"$451,578.39"},{"v":903156.78,"d":"$903,156.78"},null,{"v":2,"d":"2.00"},null,{"v":0,"d":"$0.00"}]
["ESP 9.4.2.13","9.4.2.13","Suministro, transporte e instalación de Releasing Control Module  y los elementos necesarios para su correcta instalación.  TRM $4298.31 COP (24-04-25), fuente: https://www.dolar-colombia.com/mes/2025-04","un",{"v":1,"d":"1.00"},{"v":1217747.78,"d":"$1,217,747.78"},{"v":1217747.78,"d":"$1,217,747.78"},null,{"v":1,"d":"1.00"},null,{"v":0,"d":"$0.00"}]
["ESP 9.4.2.14","9.4.2.14","Suministro, transporte e instalación de Tarjetas NCM y fibra óptica para comunicar tablero principal 3030 y tablero inergen 320  y los elementos necesarios para su correcta instalación.  TRM $4298.31 COP (24-04-25), fuente: https://www.dolar-colombia.com/mes/2025-04","un",{"v":1,"d":"1.00"},{"v":1853576.07,"d":"$1,853,576.07"},{"$f":"F568*E568","v":{"v":1853576.07,"d":"$1,853,576.07"}},null,{"v":1,"d":"1.00"},null,{"$f":"J568*I568","v":{"v":0,"d":"$0.00"}}]
["ESP 9.4.2.15","9.4.2.15","Suministro, transporte e instalación de E700-SP-DCL-PNT/SAMPLING POINT LABELS x 50 un box y los elementos necesarios para su correcta instalación.  TRM $4298.31 COP (24-04-25), fuente: https://www.dolar-colombia.com/mes/2025-04","un",{"v":1,"d":"1.00"},{"v":652074.77,"d":"$652,074.77"},{"$f":"F569*E569","v":{"v":652074.77,"d":"$652,074.77"}},null,{"v":1,"d":"1.00"},null,{"$f":"J569*I569","v":{"v":0,"d":"$0.00"}}]
["ESP 9.4.2.16","9.4.2.16","Suministro, transporte e instalación de VEU-A10-UL/VESDA-E VEU WITH 3.5IN DISPLAY y los elementos necesarios para su correcta instalación.  TRM $4298.31 COP (24-04-25), fuente: https://www.dolar-colombia.com/mes/2025-04","un",{"v":1,"d":"1.00"},{"v":133686404.85,"d":"$133,686,404.85"},{"$f":"F570*E570","v":{"v":133686404.85,"d":"$133,686,404.85"}},null,{"v":1,"d":"1.00"},null,{"$f":"J570*I570","v":{"v":0,"d":"$0.00"}}]
["ESP 9.4.2.17","9.4.2.17","Suministro, transporte e instalación de VP-CLIP-US/3/4 PIPE SUPPORT CLAMP x 50 un box y los elementos necesarios para su correcta instalación.  TRM $4298.31 COP (24-04-25), fuente: https://www.dolar-colombia.com/mes/2025-04","un",{"v":3,"d":"3.00"},{"v":2905905.11,"d":"$2,905,905.11"},{"$f":"F571*E571","v":{"v":8717715.33,"d":"$8,717,715.33"}},null,{"v":3,"d":"3.00"},null,{"$f":"J571*I571","v":{"v":0,"d":"$0.00"}}]
["ESP 9.4.2.18","9.4.2.18","Suministro, transporte e instalación de VP-COUP/VESDA PIPE COUPLING x 15 un box  y los elementos necesarios para su correcta instalación.  TRM $4298.31 COP (24-04-25), fuente: https://www.dolar-colombia.com/mes/2025-04","un",{"v":1,"d":"1.00"},{"v":622535.71,"d":"$622,535.71"},{"$f":"F572*E572","v":{"v":622535.71,"d":"$622,535.71"}},null,{"v":1,"d":"1.00"},null,{"$f":"J572*I572","v":{"v":0,"d":"$0.00"}}]
["ESP 9.4.2.19","9.4.2.19","Suministro, transporte e instalación de VP-EC/PIPE END CAP  x 25 un per pack  y los elementos necesarios para su correcta instalación.  TRM $4298.31 COP (24-04-25), fuente: https://www.dolar-colombia.com/mes/2025-04","un",{"v":1,"d":"1.00"},{"v":640259.14,"d":"$640,259.14"},{"$f":"E573*F573","v":{"v":640259.14,"d":"$640,259.14"}},null,{"v":1,"d":"1.00"},null,{"$f":"I573*J573","v":{"v":0,"d":"$0.00"}}]
["ESP 9.4.2.20","9.4.2.20","Suministro, transporte e instalación de VP-ELB-45/PIPE ELBOW, 45 DEGREE x 10 un per pack  y los elementos necesarios para su correcta instalación.  TRM $4298.31 COP (24-04-25), fuente: https://www.dolar-colombia.com/mes/2025-04","un",{"v":1,"d":"1.00"},{"v":599273.7,"d":"$599,273.70"},{"$f":"F574*E574","v":{"v":599273.7,"d":"$599,273.70"}},null,{"v":1,"d":"1.00"},null,{"$f":"J574*I574","v":{"v":0,"d":"$0.00"}}]
["ESP 9.4.2.21","9.4.2.21","Suministro, transporte e instalación de VP-ELB-90/PIPE ELBOW, 90 DEGREE x 20 un per pack y los elementos necesarios para su correcta instalación.  TRM $4298.31 COP (24-04-25), fuente: https://www.dolar-colombia.com/mes/2025-04","un",{"v":3,"d":"3.00"},{"v":557919.01,"d":"$557,919.01"},{"$f":"E575*F575","v":{"v":1673757.03,"d":"$1,673,757.03"}},null,{"v":3,"d":"3.00"},null,{"$f":"I575*J575","v":{"v":0,"d":"$0.00"}}]
["ESP 9.4.2.22","9.4.2.22","Suministro, transporte e instalación de VP-P-210/Vesda Pipe, 15 lengths of PVC Pipe x 14 pieces with 0.874 ID / 1.05 OD y los elementos necesarios para su correcta instalación.  TRM $4298.31 COP (24-04-25), fuente: https://www.dolar-colombia.com/mes/2025-04","un",{"v":3,"d":"3.00"},{"v":7702310.13,"d":"$7,702,310.13"},{"$f":"F576*E576","v":{"v":23106930.39,"d":"$23,106,930.39"}},null,{"v":3,"d":"3.00"},null,{"$f":"J576*I576","v":{"v":0,"d":"$0.00"}}]
["ESP 9.4.2.23","9.4.2.23","Suministro, transporte e instalación de VP-TEE/PIPE TEE x 15 un box  y los elementos necesarios para su correcta instalación.  TRM $4298.31 COP (24-04-25), fuente: https://www.dolar-colombia.com/mes/2025-04","un",{"v":1,"d":"1.00"},{"v":1101437.73,"d":"$1,101,437.73"},{"$f":"E577*F577","v":{"v":1101437.73,"d":"$1,101,437.73"}},null,{"v":1,"d":"1.00"},null,{"$f":"I577*J577","v":{"v":0,"d":"$0.00"}}]
["ESP 9.4.2.24","9.4.2.24","Suministro, transporte e instalación de VP-UNION/PIPE SOCKET UNIÓN 10 un box   y los elementos necesarios para su correcta instalación.  TRM $4298.31 COP (24-04-25), fuente: https://www.dolar-colombia.com/mes/2025-04","un",{"v":10,"d":"10.00"},{"v":791277.59,"d":"$791,277.59"},{"$f":"E578*F578","v":{"v":7912775.899999999,"d":"$7,912,775.90"}},null,{"v":10,"d":"10.00"},null,{"$f":"I578*J578","v":{"v":0,"d":"$0.00"}}]
["ESP 9.4.2.25","9.4.2.25","Suministro, transporte e instalación de VPS-100US-120/PS Sglo ZONE, HSG, 120VAC  y los elementos necesarios para su correcta instalación.  TRM $4298.31 COP (24-04-25), fuente: https://www.dolar-colombia.com/mes/2025-04","un",{"v":1,"d":"1.00"},{"v":10065435,"d":"$10,065,435.00"},{"$f":"E579*F579","v":{"v":10065435,"d":"$10,065,435.00"}},null,{"v":1,"d":"1.00"},null,{"$f":"I579*J579","v":{"v":0,"d":"$0.00"}}]
["ESP 9.4.2.26","9.4.2.26","Suministro, transporte e instalación de VP-CUTTERS/VESDA PIPE CUTTERS  y los elementos necesarios para su correcta instalación.  TRM $4298.31 COP (24-04-25), fuente: https://www.dolar-colombia.com/mes/2025-04","un",{"v":2,"d":"2.00"},{"v":3428746.49,"d":"$3,428,746.49"},{"$f":"E580*F580","v":{"v":6857492.98,"d":"$6,857,492.98"}},null,{"v":2,"d":"2.00"},null,{"$f":"I580*J580","v":{"v":0,"d":"$0.00"}}]
["ESP 9.4.2.27","9.4.2.27","Suministro, transporte e instalación de VP-CEMENT/VESDA SOLVENT CEMENT, 1 PINT    y los elementos necesarios para su correcta instalación.  TRM $4298.31 COP (24-04-25), fuente: https://www.dolar-colombia.com/mes/2025-04","un",{"v":3,"d":"3.00"},{"v":702660.41,"d":"$702,660.41"},{"$f":"E581*F581","v":{"v":2107981.23,"d":"$2,107,981.23"}},null,{"v":3,"d":"3.00"},null,{"$f":"I581*J581","v":{"v":0,"d":"$0.00"}}]
["ESP 9.4.2.28"," 9.4.2.28","Suministro, transporte e instalación de 2081-9288/12.7 AH BATTERY  y los elementos necesarios para su correcta instalación.  TRM $4298.31 COP (24-04-25), fuente: https://www.dolar-colombia.com/mes/2025-04","un",{"v":1,"d":"1.00"},{"v":702660.41,"d":"$702,660.41"},{"$f":"F582*E582","v":{"v":702660.41,"d":"$702,660.41"}},null,{"v":1,"d":"1.00"},null,{"$f":"J582*I582","v":{"v":0,"d":"$0.00"}}]
["ESP 9.4.2.29","9.4.2.29","Suministro, transporte e instalación de FDM-1/ADDRESSABLE DUAL MONITOR MODULE; WITH FLASHSCAN, TWO CLASS B CIRCUITS   y los elementos necesarios para su correcta instalación. TRM $4298.31 COP (24-04-25), fuente: https://www.dolar-colombia.com/mes/2025-04","un",{"v":3,"d":"3.00"},{"v":1234363.5,"d":"$1,234,363.50"},{"$f":"F583*E583","v":{"v":3703090.5,"d":"$3,703,090.50"}},null,{"v":3,"d":"3.00"},null,{"$f":"J583*I583","v":{"v":0,"d":"$0.00"}}]
["ESP 9.4.2.30"," 9.4.2.30","Suministro, transporte e instalación de Avisos de notificación de descarga del sistema IG 541 y los elementos necesarios para su correcto funcionamiento","un",{"v":4,"d":"4.00"},{"v":672015.8553999999,"d":"$672,015.86"},{"$f":"F584*E584","v":{"v":2688063.4215999995,"d":"$2,688,063.42"}},null,{"v":4,"d":"4.00"},null,{"$f":"J584*I584","v":{"v":0,"d":"$0.00"}}]
[]
[null,null,"TOTAL DE SISTEMA DE DETECCIÓN Y ALARMA IG-541 (IMPORTADO)",{"$nulls":3},{"$f":"SUM(G555:G584)","v":{"v":228686248.90819997,"d":"$228,686,248.91"}},{"$nulls":3},{"$f":"SUM(K555:K584)","v":{"v":0,"d":"$0.00"}}]
[]
[null,"9.4.3","OTROS (Tubería, soportes, venteos, ductos, cableado, Ingeniería, Instalación, Pruebas, Entregables)"]
["ESP 9.4.3.1","9.4.3.1","Suministro, transporte e instalación de tubería, soportes, venteos, ductos, cableado y demás elementos complementarios que puedan requerirse en caso de que, como resultado de las pruebas, se determine la necesidad de realizar cambios o ajustes en los materiales originalmente instalados, con el fin de garantizar su correcta instalación y funcionamiento. Este material será usado para la ingeniería, pruebas y entregables según sea necesario.","un",{"v":1,"d":"1.00"},{"v":45401536.586,"d":" $45,401,537"},{"$f":"E589*F589","v":{"v":45401536.586,"d":"$45,401,536.59"}},null,{"v":1,"d":"1.00"},null,{"$f":"I589*J589","v":{"v":0,"d":"$0.00"}}]
["ESP 9.4.3.2","9.4.3.2","Ingeniería, pruebas y entregables. Incluye la evaluación técnica, adecuaciones necesarias y la documentación correspondiente (planos, reportes de prueba, actas de conformidad y manuales) para garantizar el correcto funcionamiento e instalación.","un",{"v":1,"d":"1.00"},{"v":46524020.55,"d":"$46,524,020.55"},{"$f":"E590*F590","v":{"v":46524020.55,"d":"$46,524,020.55"}},null,{"v":1,"d":"1.00"},null,{"$f":"I590*J590","v":{"v":0,"d":"$0.00"}}]
[]
[null,null,"TOTAL DE OTROS",{"$nulls":3},{"$f":"SUM(G589:G590)","v":{"v":91925557.136,"d":"$91,925,557.14"}},{"$nulls":3},{"$f":"SUM(K589:K590)","v":{"v":0,"d":"$0.00"}}]
[]
[null,null,"TOTAL DE  SISTEMA DE AGENTE LIMPIO INERGEN IG-541",{"$nulls":3},{"$f":"SUM(G592+G586+G552)","v":{"v":1494565977.6659002,"d":"$1,494,565,977.67"}},{"$nulls":3},{"$f":"SUM(K592+K586+K552)","v":{"v":0,"d":"$0.00"}}]
[]
[null,null,"TOTAL DE RED CONTRA INCENDIO",{"$nulls":3},{"$f":"SUM(G594+G527+G358+G340)","v":{"v":4414063947.403228,"d":"$4,414,063,947.40"}},{"$nulls":3},{"$f":"SUM(K594+K527+K358+K340)","v":{"v":0,"d":"$0.00"}}]
[]
[null,"10.0.0","INST. HIDRÁULICAS/SANITARIAS/ GAS"]
[]
[null,"10.1.0","RED DE GAS "]
[]
[null,"10.1.1","RED EXTERNA "]
[]
[null,"10.1.1.1","ACOMETIDA"]
["ESP 10.1.1.1.1","10.1.1.1.1","Suministro, transporte e instalación  de tubería PE80 32 mm, tapón y los materiales necesarios para su correcto funcionamiento y prueba de hermeticidad.","m",{"v":50,"d":"50.00"},{"v":98000,"d":"$98,000.00"},{"$f":"E605*F605","v":{"v":4900000,"d":"$4,900,000.00"}},null,{"v":50,"d":"50.00"},null,{"$f":"I605*J605","v":{"v":0,"d":"$0.00"}}]
["ESP 10.1.1.1.2","10.1.1.1.2","Suministro, transporte e instalación de elevador de 32mm. Incluye los materiales necesarios para su correcto funcionamiento.","un",{"v":1,"d":"1.00"},{"v":280000,"d":"$280,000.00"},{"$f":"E606*F606","v":{"v":280000,"d":"$280,000.00"}},null,{"v":1,"d":"1.00"},null,{"$f":"I606*J606","v":{"v":0,"d":"$0.00"}}]
[]
[null,null,"TOTAL DE ACOMETIDA",{"$nulls":3},{"$f":"SUM(G605:G606)","v":{"v":5180000,"d":"$5,180,000.00"}},{"$nulls":3},{"$f":"SUM(K605:K606)","v":{"v":0,"d":"$0.00"}}]
[]
[null,null,"TOTAL DE RED EXTERNA ",{"$nulls":3},{"$f":"G608","v":{"v":5180000,"d":"$5,180,000.00"}},{"$nulls":3},{"$f":"K608","v":{"v":0,"d":"$0.00"}}]
[]
[null,"10.1.2","RED INTERNA "]
[]
[null,"10.1.2.1","CENTRO DE MEDICIÓN Y REGULACIÓN "]
["ESP 10.1.2.1.1","10.1.2.1.1","Suministro, transporte e instalación de gabinete metálico de 0,80x0,80x0,30 para gas, incluye los materiales necesarios para su correcto funcionamiento","un",{"v":1,"d":"1.00"},{"v":820000,"d":"$820,000.00"},{"$f":"E615*F615","v":{"v":820000,"d":"$820,000.00"}},null,{"v":1,"d":"1.00"},null,{"$f":"I615*J615","v":{"v":0,"d":"$0.00"}}]
["ESP 10.1.2.1.2","10.1.2.1.2","Suministro, transporte e instalación de centro de medición. Incluye cillería, accesorios, válvulas, soportería, medidor G10, regulador de primera etapa (Ref. RECGAS B15-180 VIS o equivalente, presión de entrada 20-60 psi, presión de salida 2psi, Q=14 m3/h) y todos los elementos necesarios para su correcto funcionamiento.","un",{"v":1,"d":"1.00"},{"v":3350000,"d":"$3,350,000.00"},{"$f":"E616*F616","v":{"v":3350000,"d":"$3,350,000.00"}},null,{"v":1,"d":"1.00"},null,{"$f":"I616*J616","v":{"v":0,"d":"$0.00"}}]
[]
[null,null,"TOTAL DE CENTRO DE MEDICIÓN Y REGULACIÓN ",{"$nulls":3},{"$f":"SUM(G615:G616)","v":{"v":4170000,"d":"$4,170,000.00"}},{"$nulls":3},{"$f":"SUM(K615:K616)","v":{"v":0,"d":"$0.00"}}]
[]
[null,"10.1.2.2","RED INTERNA"]
["ESP 10.1.2.2.1","10.1.2.2.1","Suministro, transporte e instalación de regulador de segunda etapa. Incluye Regulador (Ref. OARA 90 o equivalente, presión de entrada 140 mbar, presión de salida 23 mbar, Q=7 m3/h) y todos los materiales necesarios para su correcto funcionamiento.","un",{"v":2,"d":"2.00"},{"v":160000,"d":"$160,000.00"},{"$f":"E621*F621","v":{"v":320000,"d":"$320,000.00"}},null,{"v":2,"d":"2.00"},null,{"$f":"I621*J621","v":{"v":0,"d":"$0.00"}}]
["ESP 10.1.2.2.2","10.1.2.2.2","Suministro, transporte e instalación de tubería DE COBRE TIPO L DE 1\" y todos las materiales necesarios para su correcto funcionamiento.","m",{"v":5,"d":"5.00"},{"v":135000,"d":"$135,000.00"},{"$f":"E622*F622","v":{"v":675000,"d":"$675,000.00"}},null,{"v":5,"d":"5.00"},null,{"$f":"I622*J622","v":{"v":0,"d":"$0.00"}}]
["ESP 10.1.2.2.3","10.1.2.2.3","Suministro, transporte e instalación de tubería DE COBRE TIPO L DE 3/4\" y todos las materiales necesarios para su correcto funcionamiento.","m",{"v":80,"d":"80.00"},{"v":98000,"d":"$98,000.00"},{"$f":"E623*F623","v":{"v":7840000,"d":"$7,840,000.00"}},null,{"v":80,"d":"80.00"},null,{"$f":"I623*J623","v":{"v":0,"d":"$0.00"}}]
["ESP 10.1.2.2.4","10.1.2.2.4","Suministro, transporte e instalación de conector flexo metálico. Incluye todos los materiales necesarios para su correcto funcionamiento.","un",{"v":2,"d":"2.00"},{"v":105331,"d":"$105,331.00"},{"$f":"E624*F624","v":{"v":210662,"d":"$210,662.00"}},null,{"v":2,"d":"2.00"},null,{"$f":"I624*J624","v":{"v":0,"d":"$0.00"}}]
[]
[null,null,"TOTAL DE RED INTERNA",{"$nulls":3},{"$f":"SUM(G621:G624)","v":{"v":9045662,"d":"$9,045,662.00"}},{"$nulls":3},{"$f":"SUM(K621:K624)","v":{"v":0,"d":"$0.00"}}]
[]
[null,"10.1.2.3","CALDERA"]
["ESP 10.1.2.3.1","10.1.2.3.1","Suministro, transporte e instalación de caldera a gas. Incluye caldera mural (Ref. Rinnai REU-E43 o equivalente, con capacidad de 36 lpm) y todos las materiales necesarios para su correcto funcionamiento. No incluye obra civil, materiales, ni servicios que no estén en la cotización.","un",{"v":2,"d":"2.00"},{"v":5636030,"d":"$5,636,030.00"},{"$f":"F629*E629","v":{"v":11272060,"d":"$11,272,060.00"}},null,{"v":2,"d":"2.00"},null,{"$f":"J629*I629","v":{"v":0,"d":"$0.00"}}]
["ESP 10.1.2.3.2","10.1.2.3.2","Suministro, transporte e instalación de RACK sobre pared (opcional). Incluye estructura soporte para montaje en pared o piso (Ref. TRW 02 o equivalente), colectores de agua fría y caliente en cobre, colector de gas en acero al carbón SCH 40, válvula de bola de agua fría y caliente para cada caldera, conexión de gas en pe-al-pe, válvula de gas para cada caldera y todos las materiales necesarios para su correcto funcionamiento. No incluye obra civil, materiales, ni servicios que no estén en la cotización.","un",{"v":1,"d":"1.00"},{"v":7985538,"d":"$7,985,538.00"},{"v":7985538,"d":"$7,985,538.00"},null,{"v":1,"d":"1.00"},null,{"v":0,"d":"$0.00"}]
["ESP 10.1.2.3.3","10.1.2.3.3","Suministro, transporte e instalación de materiales de instalación para bomba de recirculación. ","un",{"v":1,"d":"1.00"},{"v":1087216,"d":"$1,087,216.00"},{"v":1087216,"d":"$1,087,216.00"},null,{"v":1,"d":"1.00"},null,{"v":0,"d":"$0.00"}]
["ESP 10.1.2.3.4","10.1.2.3.4","Suministro, transporte e instalación de ductos de 4\" de 0,75 cm x 2,30 m y 4\" de 0,35 cm x 1,30m de evacuación de los gases de combustión.","un",{"v":1,"d":"1.00"},{"v":586018,"d":"$586,018.00"},{"v":586018,"d":"$586,018.00"},null,{"v":1,"d":"1.00"},null,{"v":0,"d":"$0.00"}]
["ESP 10.1.2.3.5","10.1.2.3.5","Suministro, transporte e instalación bomba de recirculación ref. pedrollo CPm610 o equivalente.","un",{"v":1,"d":"1.00"},{"v":1416583.38,"d":"$1,416,583.38"},{"v":1416583.38,"d":"$1,416,583.38"},null,{"v":1,"d":"1.00"},null,{"v":0,"d":"$0.00"}]
["ESP 10.1.2.3.6","10.1.2.3.6","Suministro, transporte e instalación de tanque de expansión ref. ELBI DP 8L o equivalente y los materiales necesarios para su correcta instalación","un",{"v":1,"d":"1.00"},{"v":335714.5,"d":"$335,714.50"},{"v":335714.5,"d":"$335,714.50"},null,{"v":1,"d":"1.00"},null,{"v":0,"d":"$0.00"}]
[]
[null,null,"TOTAL DE CALDERA",{"$nulls":3},{"$f":"SUM(G629:G634)","v":{"v":22683129.88,"d":"$22,683,129.88"}},{"$nulls":3},{"$f":"SUM(K629:K634)","v":{"v":0,"d":"$0.00"}}]
[null,null,"TOTAL DE RED INTERNA ",{"$nulls":3},{"$f":"G636+G626+G618","v":{"v":35898791.879999995,"d":"$35,898,791.88"}},{"$nulls":3},{"$f":"K636+K626+K618","v":{"v":0,"d":"$0.00"}}]
[]
[null,null,"TOTAL DE RED DE GAS ",{"$nulls":3},{"$f":"SUM(G637+G610)","v":{"v":41078791.879999995,"d":"$41,078,791.88"}},{"$nulls":3},{"$f":"SUM(K637+K610)","v":{"v":0,"d":"$0.00"}}]
[]
[null,"10.2.0","REDES HIDRÁULICAS / SANITARIAS"]
[]
[null,"10.2.1","INSTALACIONES HIDRÁULICAS"]
["ESP 10.2.1.1","10.2.1.1","SALIDA DE ABASTO DE AGUA FRÍA POTABLE O TRATADA DIAM 1/2\". Incluye: Suministro, transporte e instalación de tubería PVC-P, RDE 9, 500 PSI, diámetro 1/2\", se incluirá en dicha salida hasta un recorrido máximo de tubería no mayor a 5 m, todos los accesorios en PVC de diámetro 1/2\" y accesorios reducidos que se requieran para su correcta  instalación, regatas en muros. Estos deberán estar correctamente pegados usando limpiador, soldadura y teflón apropiados, sin presentar fugas, fisuras o cualquier otra clase de anomalía.","un",{"v":142,"d":"142.00"},{"v":57836.07,"d":"$57,836.07"},{"$f":"F644*E644","v":{"v":8212721.94,"d":"$8,212,721.94"}},null,{"v":142,"d":"142.00"},null,{"$f":"J644*I644","v":{"v":0,"d":"$0.00"}}]
["ESP 10.2.1.2","10.2.1.2","SALIDA DE ABASTO DE AGUA FRÍA DIAM 1\" ADICIONAL PARA INODOROS Y ORINALES. Incluye: Suministro, transporte e instalación de tubería PVC-P, RDE 11, 400 PSI, diámetro 1\", se incluirá en dicha salida hasta un recorrido máximo de tubería no mayor a 1 m desde el sensor hasta el aparato, todos los accesorios en PVC de diámetro 1\" y accesorios reducidos que se requieran para su correcta  instalación, regatas en muros. Estos deberán estar correctamente pegados usando limpiador, soldadura y teflón apropiados, sin presentar fugas, fisuras o cualquier otra clase de anomalía.","un",{"v":87,"d":"87.00"},{"v":92268.09,"d":"$92,268.09"},{"v":8027323.83,"d":"$8,027,323.83"},null,{"v":87,"d":"87.00"},null,{"v":0,"d":"$0.00"}]
["ESP 10.2.1.3","10.2.1.3","SALIDA DE ABASTO DE AGUA FRÍA DIAM 1 1/2\". Incluye: Suministro, transporte e instalación de tubería PVC-P, RDE 21, 200 PSI, diámetro 1 1/2\", se incluirá en dicha salida hasta un recorrido máximo de tubería no mayor a 4 m, todos los accesorios en PVC de diámetro 1 1/2\" y accesorios reducidos que se requieran para su correcta  instalación, regatas en muros. Estos deberán estar correctamente pegados usando limpiador, soldadura y teflón apropiados, sin presentar fugas, fisuras o cualquier otra clase de anomalía.","un",{"v":87,"d":"87.00"},{"v":159585.95,"d":"$159,585.95"},{"v":13883977.65,"d":"$13,883,977.65"},null,{"v":87,"d":"87.00"},null,{"v":0,"d":"$0.00"}]
["ESP 10.2.1.4","10.2.1.4","SALIDA DE ABASTO DE AGUA CALIENTE DIAM 1/2\". Incluye: Suministro, transporte e instalación de tubería CPVC, 100 PSI, diámetro 1/2\", se incluirá en dicha salida hasta un recorrido máximo de tubería no mayor a 4 m, todos los accesorios en CPVC de diámetro 1/2\" y accesorios reducidos que se requieran para su correcta  instalación, regatas en muros. Estos deberán estar correctamente pegados usando limpiador, soldadura y teflón apropiados, sin presentar fugas, fisuras o cualquier otra clase de anomalía.","un",{"v":8,"d":"8.00"},{"v":69555.49,"d":"$69,555.49"},{"v":556443.92,"d":"$556,443.92"},null,{"v":8,"d":"8.00"},null,{"v":0,"d":"$0.00"}]
["ESP 10.2.1.5","10.2.1.5","CÁMARA DE AIRE AGUA FRÍA O TRATADA DIAM 1/2\". Incluye: Suministro, transporte e instalación de tubería PVC-P, RDE 9, 500 PSI, diámetro 1/2\" hasta 0,20m, todos los accesorios en PVC de diámetro 1/2\" incluyendo todos los accesorios reducidos que se requieran para su correcta  instalación. Estos deberán estar correctamente pegados usando limpiador, soldadura y teflón apropiados, sin presentar fugas, fisuras o cualquier otra clase de anomalía.","un",{"v":58,"d":"58.00"},{"v":15088.38,"d":"$15,088.38"},{"v":875126.0399999999,"d":"$875,126.04"},null,{"v":58,"d":"58.00"},null,{"v":0,"d":"$0.00"}]
["ESP 10.2.1.6","10.2.1.6","CÁMARA DE AIRE AGUA FRÍA O TRATADA DIAM 1 1/2\". Incluye: Suministro, transporte e instalación de tubería PVC-P, RDE 21, 200 PSI, diámetro 1 1/2\" hasta 0,20m, todos los accesorios en PVC de diámetro 1 1/2\" incluyendo todos los accesorios reducidos que se requieran para su correcta  instalación. Estos deberán estar correctamente pegados usando limpiador, soldadura y teflón apropiados, sin presentar fugas, fisuras o cualquier otra clase de anomalía.","un",{"v":42,"d":"42.00"},{"v":41718.98,"d":"$41,718.98"},{"v":1752197.1600000001,"d":"$1,752,197.16"},null,{"v":42,"d":"42.00"},null,{"v":0,"d":"$0.00"}]
["ESP 10.2.1.7","10.2.1.7","CÁMARA DE AIRE AGUA CALIENTE DIAM 1/2\". Incluye: Suministro, transporte e instalación de tubería CPVC, 100 PSI, diámetro 1/2\" hasta 0,20m, todos los accesorios en CPVC de diámetro 1/2\" incluyendo todos los accesorios reducidos que se requieran para su correcta  instalación. Estos deberán estar correctamente pegados usando limpiador, soldadura y teflón apropiados, sin presentar fugas, fisuras o cualquier otra clase de anomalía.","un",{"v":5,"d":"5.00"},{"v":19162.09,"d":"$19,162.09"},{"v":95810.45,"d":"$95,810.45"},null,{"v":5,"d":"5.00"},null,{"v":0,"d":"$0.00"}]
["ESP 10.2.1.8","10.2.1.8","tubería PVC PRESIÓN DIAM 1/2\" RDE 9 COLGADA O EN MONTANTE. Incluye: Suministro, transporte e instalación de tubería PVC-P, RDE 9, 500 PSI, diámetro 1/2\", todos los accesorios en PVC de diámetro 1/2\" incluyendo todos los accesorios reducidos que se requieran para su correcta  instalación. Estos deberán estar correctamente pegados usando limpiador, soldadura y teflón apropiados, sin presentar fugas, fisuras o cualquier otra clase de anomalía.","m",659.52,{"v":17872.65,"d":"$17,872.65"},{"v":11787370.128,"d":"$11,787,370.13"},null,659.52,null,{"v":0,"d":"$0.00"}]
["ESP 10.2.1.9","10.2.1.9","tubería PVC PRESIÓN DIAM 1-1/2\" RDE 21 COLGADA O EN MONTANTE. Incluye: Suministro, transporte e instalación de tubería PVC-P, RDE 21, 200 PSI, diámetro 1-1/2\", todos los accesorios en PVC de diámetro 1-1/2\" incluyendo todos los accesorios reducidos que se requieran para su correcta  instalación. Estos deberán estar correctamente pegados usando limpiador, soldadura y teflón apropiados, sin presentar fugas, fisuras o cualquier otra clase de anomalía.","m",345.36,{"v":29901.27,"d":"$29,901.27"},{"v":10326702.6072,"d":"$10,326,702.61"},null,345.36,null,{"v":0,"d":"$0.00"}]
["ESP 10.2.1.10","10.2.1.10","tubería PVC PRESIÓN DIAM 2\" RDE 21 COLGADA O EN MONTANTE. Incluye: Suministro, transporte e instalación de tubería PVC-P, RDE 21, 200 PSI, diámetro 2\", todos los accesorios en PVC de diámetro 2\" incluyendo todos los accesorios reducidos que se requieran para su correcta  instalación. Estos deberán estar correctamente pegados usando limpiador, soldadura y teflón apropiados, sin presentar fugas, fisuras o cualquier otra clase de anomalía.","m",110.75,{"v":39258.87,"d":"$39,258.87"},{"v":4347919.8525,"d":"$4,347,919.85"},null,110.75,null,{"v":0,"d":"$0.00"}]
["ESP 10.2.1.11","10.2.1.11","tubería PVC PRESIÓN DIAM 3\" RDE 21 COLGADA O EN MONTANTE. Incluye: Suministro, transporte e instalación de tubería PVC-P, RDE 21, 200 PSI, diámetro 3\", todos los accesorios en PVC de diámetro 3\" incluyendo todos los accesorios reducidos que se requieran para su correcta  instalación. Estos deberán estar correctamente pegados usando limpiador, soldadura y teflón apropiados, sin presentar fugas, fisuras o cualquier otra clase de anomalía.","m",12.07,{"v":72875.5,"d":"$72,875.50"},{"v":879607.285,"d":"$879,607.29"},null,12.07,null,{"v":0,"d":"$0.00"}]
["ESP 10.2.1.12","10.2.1.12","tubería PVC PRESIÓN DIAM 1/2\" RDE 9 ENTERRADA Y/O EMBEBIDA. Incluye: Suministro, transporte e instalación de tubería PVC-P, RDE 9, 500 PSI, diámetro 1/2\", todos los accesorios en PVC de diámetro 1/2\" incluyendo todos los accesorios reducidos que se requieran para su correcta  instalación. Estos deberán estar correctamente pegados usando limpiador, soldadura y teflón apropiados, sin presentar fugas, fisuras o cualquier otra clase de anomalía.","m",32.96,{"v":15940.513,"d":"$15,940.51"},{"v":525399.30848,"d":"$525,399.31"},null,32.96,null,{"v":0,"d":"$0.00"}]
["ESP 10.2.1.13","10.2.1.13","tubería PVC PRESIÓN DIAM 1-1/2\" RDE 21 ENTERRADA Y/O EMBEBIDA. Incluye: Suministro, transporte e instalación de tubería PVC-P, RDE 21, 200 PSI, diámetro 1-1/2\", todos los accesorios en PVC de diámetro 1-1/2\" incluyendo todos los accesorios reducidos que se requieran para su correcta instalación, excavación de 40x80cm. Estos deberán estar correctamente pegados usando limpiador, soldadura y teflón apropiados, sin presentar fugas, fisuras o cualquier otra clase de anomalía. Incluye además las perforaciones (canchas) de paredes o pisos que lo requieran incluyendo cargue, transporte y botada de escombros en botaderos oficiales o donde indique la interventoría.","m",{"v":2,"d":"2.00"},{"v":27969.253,"d":"$27,969.25"},{"v":55938.506,"d":"$55,938.51"},null,{"v":2,"d":"2.00"},null,{"v":0,"d":"$0.00"}]
["ESP 10.2.1.14","10.2.1.14","tubería PVC PRESIÓN DIAM 2\" RDE 21 ENTERRADA Y/O EMBEBIDA. Incluye: Suministro, transporte e instalación de tubería PVC-P, RDE 21, 200 PSI, diámetro 2\", todos los accesorios en PVC de diámetro 2\" incluyendo todos los accesorios reducidos que se requieran para su correcta  instalación. Estos deberán estar correctamente pegados usando limpiador, soldadura y teflón apropiados, sin presentar fugas, fisuras o cualquier otra clase de anomalía. Incluye además las perforaciones (canchas) de paredes o pisos que lo requieran incluyendo cargue, transporte y botada de escombros en botaderos oficiales o donde indique la interventoría.","m",5.75,{"v":37326.853,"d":"$37,326.85"},{"v":214629.40475000002,"d":"$214,629.40"},null,5.75,null,{"v":0,"d":"$0.00"}]
["ESP 10.2.1.15","10.2.1.15","tubería CPVC  DIAM 1/2\" COLGADA O EN MONTANTE. Incluye: Suministro, transporte e instalación de tubería CPVC 100 PSI, diámetro 1/2\", todos los accesorios en CPVC de diámetro 1/2\" incluyendo todos los accesorios reducidos que se requieran para su correcta  instalación. Estos deberán estar correctamente pegados usando limpiador, soldadura y teflón apropiados, sin presentar fugas, fisuras o cualquier otra clase de anomalía. No incluye soportería está se pagará en su respectivo ítem.","m",38.39,{"v":17413.74,"d":"$17,413.74"},{"v":668513.4786,"d":"$668,513.48"},null,38.39,null,{"v":0,"d":"$0.00"}]
["ESP 10.2.1.16","10.2.1.16","tubería CPVC  DIAM 1\" COLGADA O EN MONTANTE. Incluye: Suministro, transporte e instalación de tubería CPVC 100 PSI, diámetro 1\", todos los accesorios en CPVC de diámetro 1\" incluyendo todos los accesorios reducidos que se requieran para su correcta  instalación. Estos deberán estar correctamente pegados usando limpiador, soldadura y teflón apropiados, sin presentar fugas, fisuras o cualquier otra clase de anomalía. No incluye soportería está se pagará en su respectivo ítem.","m",326.93,{"v":27151.67,"d":"$27,151.67"},{"v":8876695.4731,"d":"$8,876,695.47"},null,326.93,null,{"v":0,"d":"$0.00"}]
["ESP 10.2.1.17","10.2.1.17","tubería CPVC  DIAM 1 1/2\" COLGADA O EN MONTANTE. Incluye: Suministro, transporte e instalación de tubería CPVC 100 PSI, diametro 2\", todos los accesorios en CPVC de diámetro 2\" incluyendo todos los accesorios reducidos que se requieran para su correcta  instalación. Estos deberán estar correctamente pegados usando limpiador, soldadura y teflón apropiados, sin presentar fugas, fisuras o cualquier otra clase de anomalía. No incluye soportería está se pagará en su respectivo ítem.","m",221.32,{"v":101603.14,"d":"$101,603.14"},{"v":22486806.9448,"d":"$22,486,806.94"},null,221.32,null,{"v":0,"d":"$0.00"}]
["ESP 10.2.1.18","10.2.1.18","válvula DE CIERRE RÁPIDO DIAM 1/2\". Suministro, transporte e instalación de válvula cierre rápido PVC marca PAVCO 1/2\" o equivalente. Se entregará debidamente instalada sin presencia de fugas ni fisuras, sometida al sistema ya presurizado. Incluye todos los elementos requeridos para su correcta instalación y funcionamiento.","un",{"v":28,"d":"28.00"},{"v":52308.02,"d":"$52,308.02"},{"v":1464624.5599999998,"d":"$1,464,624.56"},null,{"v":28,"d":"28.00"},null,{"v":0,"d":"$0.00"}]
["ESP 10.2.1.19","10.2.1.19","válvula DE CIERRE RÁPIDO DIAM 1 1/2\". Suministro, transporte e instalación de válvula cierre rápido PVC marca PAVCO 1 1/2\" o equivalente. Se entregará debidamente instalada sin presencia de fugas ni fisuras, sometida al sistema ya presurizado. Incluye todos los elementos requeridos para su correcta instalación y funcionamiento.","un",{"v":25,"d":"25.00"},{"v":136869.79,"d":"$136,869.79"},{"v":3421744.75,"d":"$3,421,744.75"},null,{"v":25,"d":"25.00"},null,{"v":0,"d":"$0.00"}]
["ESP 10.2.1.20","10.2.1.20","válvula FLOTADOR 1 1/4\". Suministro, transporte e instalación de válvula cierre rápido PVC marca PAVCO 1 1/4\" o equivalente. Se entregará debidamente instalada sin presencia de fugas ni fisuras, sometida al sistema ya presurizado. Incluye todos los elementos requeridos para su correcta instalación y funcionamiento.","un",{"v":1,"d":"1.00"},{"v":304274.2,"d":"$304,274.20"},{"v":304274.2,"d":"$304,274.20"},null,{"v":1,"d":"1.00"},null,{"v":0,"d":"$0.00"}]
["ESP 10.2.1.21","10.2.1.21","válvula FLOTADOR 2\". Suministro, transporte e instalación de válvula cierre rápido PVC marca PAVCO 2\" o equivalente. Se entregará debidamente instalada sin presencia de fugas ni fisuras, sometida al sistema ya presurizado. Incluye todos los elementos requeridos para su correcta instalación y funcionamiento.","un",{"v":1,"d":"1.00"},{"v":451560.2,"d":"$451,560.20"},{"v":451560.2,"d":"$451,560.20"},null,{"v":1,"d":"1.00"},null,{"v":0,"d":"$0.00"}]
["ESP 10.2.1.22","10.2.1.22","válvula DE COMPUERTA 3\". Suministro, transporte e instalación de válvula compuerta marca RW 2\" o equivalente. Se entregará debidamente instalada sin presencia de fugas ni fisuras, sometida al sistema ya presurizado. Incluye todos los elementos requeridos para su correcta instalación y funcionamiento.","un",{"v":4,"d":"4.00"},{"v":1715269.71,"d":"$1,715,269.71"},{"v":6861078.84,"d":"$6,861,078.84"},null,{"v":4,"d":"4.00"},null,{"v":0,"d":"$0.00"}]
["ESP 10.2.1.23","10.2.1.23","válvula CHEQUE 3\". Suministro, transporte e instalación de válvula cheque marca RW 2\" o equivalente. Se entregará debidamente instalada sin presencia de fugas ni fisuras, sometida al sistema ya presurizado. Incluye todos los elementos requeridos para su correcta instalación y funcionamiento.","un",{"v":3,"d":"3.00"},{"v":1882952.81,"d":"$1,882,952.81"},{"v":5648858.43,"d":"$5,648,858.43"},null,{"v":3,"d":"3.00"},null,{"v":0,"d":"$0.00"}]
["ESP 10.2.1.24","10.2.1.24","MEDIDOR 50mm. Suministro, transporte e instalación de medidor 50mm (2\"). Incluye accesorios para conexión a acometida de 90 mm, válvulas de compuerta, filtro en Yee, válvula cheque, nicho de 60x225cm sección interna en bloques de concreto, 2 tapas en placa de concreto de 40x60cm y una placa de concreto de 60x80cm con tapa metálica antifraude en hierro dúctil de 50x35cm, válvula antifraude homologada, válvula corte rápido PVC PAVCO o equivalente, fijación mecánica.","un",{"v":1,"d":"1.00"},{"v":2871888.33,"d":"$2,871,888.33"},{"v":2871888.33,"d":"$2,871,888.33"},null,{"v":1,"d":"1.00"},null,{"v":0,"d":"$0.00"}]
["ESP 10.2.1.25","10.2.1.25","SISTEMA DE BOMBEO AGUA POTABLE. Incluye 2 bombas multietapas para un caudal de 57.25 GPM @ 88.77mca, trifásico a 440V 3.7kW cada bomba, 1 sensores de nivel, 1 tanque hidroneumático de 200 L, 1 tablero de control y tarjeta con protocolo de comunicación MODBUS TCP/IP, sistema preensamblado de polipropileno y accesorios hidráulicos para su correcto funcionamiento.TRM  $4298.31 COP (24-04-25), fuente: https://www.dolar-colombia.com/mes/2025-04","un",{"v":1,"d":"1.00"},{"v":51903424,"d":"$51,903,424.00"},{"v":51903424,"d":"$51,903,424.00"},null,{"v":1,"d":"1.00"},null,{"v":0,"d":"$0.00"}]
["ESP 10.2.1.26","10.2.1.26","SISTEMA DE BOMBEO AGUA TRATADA.  Incluye 2 bombas multietapas para un caudal de 31.64 GPM @ 69.10mca, trifásico a 440V 3 kW cada bomba, 3 sensor de nivel, 1 tanque hidroneumático de 100 L, 1 tablero de control y tarjeta con protocolo de comunicación MODBUS TCP/IP, sistema preensamblado de polipropileno y accesorios hidráulicos para su correcto funcionamiento. TRM  $4298.31 COP (24-04-25), fuente: https://www.dolar-colombia.com/mes/2025-04","un",{"v":1,"d":"1.00"},{"v":53671034,"d":"$53,671,034.00"},{"v":53671034,"d":"$53,671,034.00"},null,{"v":1,"d":"1.00"},null,{"v":0,"d":"$0.00"}]
["ESP 10.2.1.27","10.2.1.27","SISTEMA DE BOMBEO TRASVASE DE TANQUES.  Incluye 2 bombas multietapas para un caudal de 45.76 GPM @ 20.25mca, trifásico a 440V 1.5kW cada bomba, 3 interruptores de nivel y 1 sensor de nivel, 1 filtro de agua, 1 tablero de control y tarjeta con protocolo de comunicación MODBUS TCP/IP, sistema preensamblado de polipropileno y accesorios hidráulicos para su correcto funcionamiento. TRM  $4298.31 COP (24-04-25), fuente: https://www.dolar-colombia.com/mes/2025-04","un",{"v":1,"d":"1.00"},{"v":23615647,"d":"$23,615,647.00"},{"v":23615647,"d":"$23,615,647.00"},null,{"v":1,"d":"1.00"},null,{"v":0,"d":"$0.00"}]
["ESP 10.2.1.28","10.2.1.28","Suministro, transporte e instalación de VPS-100US-120/PS S glo ZONE, HSG, 120VAC  y los elementos necesarios para su correcta instalación.  TRM $4298.31 COP (24-04-25), fuente: https://www.dolar-colombia.com/mes/2025-04","un",{"v":1,"d":"1.00"},{"v":42636069,"d":"$42,636,069.00"},{"v":42636069,"d":"$42,636,069.00"},null,{"v":1,"d":"1.00"},null,{"v":0,"d":"$0.00"}]
["ESP 10.2.1.29","10.2.1.29","SISTEMA DE BOMBEO PARA MANTENIMIENTO DE TANQUES. Incluye 1 bomba de achique, monofásico a 115V 1HP.TRM  $4298.31 COP (24-04-25), fuente: https://www.dolar-colombia.com/mes/2025-04","un",{"v":1,"d":"1.00"},{"v":20234176.32,"d":"$20,234,176.32"},{"v":20234176.32,"d":"$20,234,176.32"},null,{"v":1,"d":"1.00"},null,{"v":0,"d":"$0.00"}]
["ESP 10.2.1.30","10.2.1.30","Soporte tipo pera para tubería colgada, incluye suministro e instalación y todos los elementos para su correcto funcionamiento.","un",{"v":759,"d":"759.00"},{"v":14382.991,"d":"$14,382.99"},{"v":10916690.169,"d":"$10,916,690.17"},null,{"v":759,"d":"759.00"},null,{"v":0,"d":"$0.00"}]
["ESP 10.2.1.31","10.2.1.31","EXCAVACIÓN MANUAL EN MATERIAL COMÚN MENOR A 2,00M. Bajo cualquier grado de humedad, medido en sitio. No incluye retiro de material sobrante, el mismo se pagará en su respectivo ítem","m3",{"v":55.8,"d":"55.80"},{"v":117991.09742422131,"d":"$117,991.10"},{"v":6583903.236271549,"d":"$6,583,903.24"},null,{"v":55.8,"d":"55.80"},null,{"v":0,"d":"$0.00"}]
["ESP 10.2.1.32","10.2.1.32","tubería PVC PRESIÓN DIAM 3/4\" RDE 11 COLGADA O EN MONTANTE. Incluye: Suministro, transporte e instalación de tubería PVC-P, RDE 11, 400 PSI, diámetro 3/4\", todos los accesorios en PVC de diámetro 3/4\" incluyendo todos los accesorios reducidos que se requieran para su correcta  instalación. Estos deberán estar correctamente pegados usando limpiador, soldadura y teflón apropiados, sin presentar fugas, fisuras o cualquier otra clase de anomalía.","m",50.81,{"v":19955.56,"d":"$19,955.56"},{"v":1013942.0036,"d":"$1,013,942.00"},null,50.81,null,{"v":0,"d":"$0.00"}]
["ESP 10.2.1.33","10.2.1.33","tubería PVC PRESIÓN DIAM 1\" RDE 13,5 COLGADA O EN MONTANTE. Incluye: Suministro, transporte e instalación de tubería PVC-P, RDE 13.5, 315 PSI, diámetro 1\", todos los accesorios en PVC de diámetro 1\" incluyendo todos los accesorios reducidos que se requieran para su correcta  instalación. Estos deberán estar correctamente pegados usando limpiador, soldadura y teflón apropiados, sin presentar fugas, fisuras o cualquier otra clase de anomalía.","m",{"v":79.3,"d":"79.30"},{"v":22751.19,"d":"$22,751.19"},{"v":1804169.3669999999,"d":"$1,804,169.37"},null,{"v":79.3,"d":"79.30"},null,{"v":0,"d":"$0.00"}]
["ESP 10.2.1.34","10.2.1.34","tubería PVC PRESIÓN DIAM 1-1/4\" RDE 21 COLGADA O EN MONTANTE. Incluye: Suministro, transporte e instalación de tubería PVC-P, RDE 21, 200 PSI, diámetro 1-1/4\", todos los accesorios en PVC de diámetro 1-1/4\" incluyendo todos los accesorios reducidos que se requieran para su correcta  instalación. Estos deberán estar correctamente pegados usando limpiador, soldadura y teflón apropiados, sin presentar fugas, fisuras o cualquier otra clase de anomalía.","m",{"v":3.4,"d":"3.40"},{"v":25386.34,"d":"$25,386.34"},{"v":86313.556,"d":"$86,313.56"},null,{"v":3.4,"d":"3.40"},null,{"v":0,"d":"$0.00"}]
["ESP 10.2.1.35","10.2.1.35","tubería PVC PRESIÓN DIAM 2 1/2\" RDE 21 COLGADA O EN MONTANTE. Incluye: Suministro, transporte e instalación de tubería PVC-P, RDE 21, 200 PSI, diametro 2 1/2\", todos los accesorios en PVC de diámetro 2 1/2\" incluyendo todos los accesorios reducidos que se requieran para su correcta  instalación. Estos deberán estar correctamente pegados usando limpiador, soldadura y teflón apropiados, sin presentar fugas, fisuras o cualquier otra clase de anomalía.","m",58.18,{"v":63474.47,"d":"$63,474.47"},{"v":3692944.6646000003,"d":"$3,692,944.66"},null,58.18,null,{"v":0,"d":"$0.00"}]
["ESP 10.2.1.36","10.2.1.36","tubería PVC PRESIÓN DIAM 3/4\" RDE 11 ENTERRADA Y/O EMBEBIDA. Incluye: Suministro, transporte e instalación de tubería PVC-P, RDE 11, 400 PSI, diámetro 3/4\", todos los accesorios en PVC de diámetro 3/4\" incluyendo todos los accesorios reducidos que se requieran para su correcta instalación, excavación de 40x80cm. Estos deberán estar correctamente pegados usando limpiador, soldadura y teflón apropiados, sin presentar fugas, fisuras o cualquier otra clase de anomalía. Incluye además las perforaciones (canchas) de paredes o pisos que lo requieran incluyendo cargue, transporte y botada de escombros en botaderos oficiales o donde indique la interventoría.","m",2.72,{"v":18432.05,"d":"$18,432.05"},{"v":50135.176,"d":"$50,135.18"},null,2.72,null,{"v":0,"d":"$0.00"}]
["ESP 10.2.1.37","10.2.1.37","tubería PVC PRESIÓN DIAM 2 1/2\" RDE 21 ENTERRADA Y/O EMBEBIDA. Incluye: Suministro, transporte e instalación de tubería PVC-P, RDE 21, 200 PSI, diametro 2 1/2\", todos los accesorios en PVC de diámetro 2 1/2\" incluyendo todos los accesorios reducidos que se requieran para su correcta  instalación, excavación de 40x80cm. Estos deberán estar correctamente pegados usando limpiador, soldadura y teflón apropiados, sin presentar fugas, fisuras o cualquier otra clase de anomalía. Incluye además las perforaciones (canchas) de paredes o pisos que lo requieran incluyendo cargue, transporte y botada de escombros en botaderos oficiales o donde indique la interventoría.","m",22.01,{"v":61950.53,"d":"$61,950.53"},{"v":1363531.1653,"d":"$1,363,531.17"},null,22.01,null,{"v":0,"d":"$0.00"}]
["ESP 10.2.1.38","10.2.1.38","ALIMENTACIÓN DE TANQUE 3/4\". Suministro, transporte e instalación de válvula de flotador  3/4\" y válvula cierre rápido PVC marca PAVCO 3/4\" o equivalente. Se entregará debidamente instalada sin presencia de fugas ni fisuras, sometida al sistema ya presurizado. Incluye todos los elementos requeridos para su correcta instalación y funcionamiento.","un",{"v":2,"d":"2.00"},{"v":205873.59,"d":"$205,873.59"},{"v":411747.18,"d":"$411,747.18"},null,{"v":2,"d":"2.00"},null,{"v":0,"d":"$0.00"}]
["ESP 10.2.1.39","10.2.1.39","ELECTROVÁLVULA 2 1/2\". Suministro, transporte e instalación de válvula controlada por selenoide marca BERMAD 2 1/2\" o equivalente. Se entregará debidamente instalada sin presencia de fugas ni fisuras, sometida al sistema ya presurizado. Incluye todos los elementos requeridos para su correcta instalación y funcionamiento.","un",{"v":1,"d":"1.00"},{"v":6908077.04,"d":"$6,908,077.04"},{"v":6908077.04,"d":"$6,908,077.04"},null,{"v":1,"d":"1.00"},null,{"v":0,"d":"$0.00"}]
["ESP 10.2.1.40","10.2.1.40","ELECTROVÁLVULA 3\". Suministro, transporte e instalación de válvula controlada por selenoide marca BERMAD 3\" o equivalente. Se entregará debidamente instalada sin presencia de fugas ni fisuras, sometida al sistema ya presurizado. Incluye todos los elementos requeridos para su correcta instalación y funcionamiento.\n\n","un",{"v":1,"d":"1.00"},{"v":9076852.04,"d":"$9,076,852.04"},{"v":9076852.04,"d":"$9,076,852.04"},null,{"v":1,"d":"1.00"},null,{"v":0,"d":"$0.00"}]
["ESP 10.2.1.41","10.2.1.41","válvula CHEQUE 2 1/2\". Suministro, transporte e instalación de válvula cheque marca RW 2 1/2\" o equivalente. Se entregará debidamente instalada sin presencia de fugas ni fisuras, sometida al sistema ya presurizado. Incluye todos los elementos requeridos para su correcta instalación y funcionamiento.","un",{"v":1,"d":"1.00"},{"v":628851.96,"d":"$628,851.96"},{"v":628851.96,"d":"$628,851.96"},null,{"v":1,"d":"1.00"},null,{"v":0,"d":"$0.00"}]
[]
[null,null,"TOTAL DE INSTALACIONES HIDRÁULICAS",{"$nulls":3},{"$f":"SUM(G644:G684)","v":{"v":349194721.16620153,"d":"$349,194,721.17"}},{"$nulls":3},{"$f":"SUM(K644:K684)","v":{"v":0,"d":"$0.00"}}]
[]
[null,"10.2.2","INSTALACIONES SANITARIAS"]
["ESP 10.2.2.1","10.2.2.1","SALIDA SANITARIA DIAM. 2\". Incluye suministro, transporte e instalación de tubería PVC-S diámetro 2\" y todos los accesorios hasta el tapón de prueba. Se incluirá en dicha salida hasta un recorrido máximo de tubería no mayor a 1 m. Estos deberán estar correctamente pegados usando limpiador, soldadura y teflón apropiados, sin presentar fugas, fisuras o cualquier otra clase de anomalía.","un",{"v":170,"d":"170.00"},{"v":75488.79,"d":"$75,488.79"},{"$f":"F689*E689","v":{"v":12833094.299999999,"d":"$12,833,094.30"}},null,{"v":170,"d":"170.00"},null,{"$f":"J689*I689","v":{"v":0,"d":"$0.00"}}]
["ESP 10.2.2.2","10.2.2.2","SALIDA SANITARIA DIAM. 3\". Incluye suministro, transporte e instalación de tubería PVC-S diámetro 3\" y todos los accesorios hasta el tapón de prueba. Se incluirá en dicha salida hasta un recorrido máximo de tubería no mayor a 1 m. Estos deberán estar correctamente pegados usando limpiador, soldadura y teflón apropiados, sin presentar fugas, fisuras o cualquier otra clase de anomalía.","un",{"v":48,"d":"48.00"},{"v":130952.86,"d":"$130,952.86"},{"v":6285737.28,"d":"$6,285,737.28"},null,{"v":48,"d":"48.00"},null,{"v":0,"d":"$0.00"}]
["ESP 10.2.2.3","10.2.2.3","SALIDA SANITARIA DIAM. 4\". Incluye suministro, transporte e instalación de tubería PVC-S diámetro 4\" y todos los accesorios hasta el tapón de prueba. Se incluirá en dicha salida hasta un recorrido máximo de tubería no mayor a 1 m. Estos deberán estar correctamente pegados usando limpiador, soldadura y teflón apropiados, sin presentar fugas, fisuras o cualquier otra clase de anomalía.","un",{"v":78,"d":"78.00"},{"v":156834.5,"d":"$156,834.50"},{"v":12233091,"d":"$12,233,091.00"},null,{"v":78,"d":"78.00"},null,{"v":0,"d":"$0.00"}]
["ESP 10.2.2.4","10.2.2.4","tubería PVC SANITARIA DIAM. 2\" COLGADA O EN BAJANTE. Incluye suministro, transporte e instalación de tubería PVC-S diámetro 2\" para AGUA RESIDUAL O LLUVIA verticales y horizontales (bajantes y colectores), incluye todos los accesorios en PVC de diámetro 2\" incluyendo los accesorios reducidos y fijaciones que se requieran para su correcta instalación. Estos deberán estar correctamente pegados usando limpiador, soldadura y teflón apropiados, sin presentar fugas, fisuras o cualquier otra clase de anomalía. ","m",144.95,{"v":31494.22154,"d":"$31,494.22"},{"v":4565087.412222999,"d":"$4,565,087.41"},null,144.95,null,{"v":0,"d":"$0.00"}]
["ESP 10.2.2.5","10.2.2.5","tubería PVC SANITARIA DIAM. 3\" COLGADA O EN BAJANTE. Incluye suministro, transporte e instalación de tubería PVC-S diámetro 3\" para AGUA RESIDUAL O LLUVIA verticales y horizontales (bajantes y colectores), incluye todos los accesorios en PVC de diámetro 3\" incluyendo los accesorios reducidos y fijaciones que se requieran para su correcta instalación. Estos deberán estar correctamente pegados usando limpiador, soldadura y teflón apropiados, sin presentar fugas, fisuras o cualquier otra clase de anomalía. ","m",201.25,{"v":40497.64154,"d":"$40,497.64"},{"v":8150150.359924999,"d":"$8,150,150.36"},null,201.25,null,{"v":0,"d":"$0.00"}]
["ESP 10.2.2.6","10.2.2.6","tubería PVC SANITARIA DIAM. 4\" COLGADA O EN BAJANTE. Incluye suministro, transporte e instalación de tubería PVC-S diámetro 4\" para AGUA RESIDUAL O LLUVIA verticales y horizontales (bajantes y colectores), incluye todos los accesorios en PVC de diámetro 4\" incluyendo los accesorios reducidos y fijaciones que se requieran para su correcta instalación. Estos deberán estar correctamente pegados usando limpiador, soldadura y teflón apropiados, sin presentar fugas, fisuras o cualquier otra clase de anomalía. ","m",608.85,{"v":53560.36154,"d":"$53,560.36"},{"v":32610226.123629,"d":"$32,610,226.12"},null,608.85,null,{"v":0,"d":"$0.00"}]
["ESP 10.2.2.7","10.2.2.7","tubería PVC SANITARIA DIAM. 6\" COLGADA O EN BAJANTE. Incluye suministro, transporte e instalación de tubería PVC-S diámetro 6\" para AGUA RESIDUAL O LLUVIA verticales y horizontales (bajantes y colectores), incluye todos los accesorios en PVC de diámetro 6\" incluyendo los accesorios reducidos y fijaciones que se requieran para su correcta instalación. Estos deberán estar correctamente pegados usando limpiador, soldadura y teflón apropiados, sin presentar fugas, fisuras o cualquier otra clase de anomalía. ","m",114.47,{"v":86838.70499999999,"d":"$86,838.71"},{"v":9940426.56135,"d":"$9,940,426.56"},null,114.47,null,{"v":0,"d":"$0.00"}]
["ESP 10.2.2.8","10.2.2.8","tubería PVC SANITARIA DIAM. 8\" COLGADA O EN BAJANTE. Incluye suministro, transporte e instalación de tubería PVC-S diámetro 8\" para AGUA RESIDUAL O LLUVIA verticales y horizontales (bajantes y colectores), incluye todos los accesorios en PVC de diámetro 8\" incluyendo los accesorios reducidos y fijaciones que se requieran para su correcta instalación. Estos deberán estar correctamente pegados usando limpiador, soldadura y teflón apropiados, sin presentar fugas, fisuras o cualquier otra clase de anomalía. ","m",{"v":34.4,"d":"34.40"},{"v":172454.825,"d":"$172,454.83"},{"v":5932445.98,"d":"$5,932,445.98"},null,{"v":34.4,"d":"34.40"},null,{"v":0,"d":"$0.00"}]
["ESP 10.2.2.9","10.2.2.9","tubería PVC SANITARIA DIAM. 2\" ENTERRADA Y/O EMBEBIDA. Incluye suministro, transporte e instalación de tubería PVC-S diámetro 2\" para AGUA RESIDUAL O LLUVIA horizontales (colectores), incluye todos los accesorios en PVC de diámetro 2\" incluyendo los accesorios reducidos y fijaciones que se requieran para su correcta instalación. Estos deberán estar correctamente pegados usando limpiador, soldadura y teflón apropiados, sin presentar fugas, fisuras o cualquier otra clase de anomalía. ","m",27.17,{"v":29081.852999999996,"d":"$29,081.85"},{"v":790153.94601,"d":"$790,153.95"},null,27.17,null,{"v":0,"d":"$0.00"}]
["ESP 10.2.2.10","10.2.2.10","tubería PVC SANITARIA DIAM. 4\" ENTERRADA Y/O EMBEBIDA. Incluye suministro, transporte e instalación de tubería PVC-S diámetro 4\" para AGUA RESIDUAL O LLUVIA horizontales (colectores), incluye todos los accesorios en PVC de diámetro 4\" incluyendo los accesorios reducidos y fijaciones que se requieran para su correcta instalación. Estos deberán estar correctamente pegados usando limpiador, soldadura y teflón apropiados, sin presentar fugas, fisuras o cualquier otra clase de anomalía. ","m",65.03,{"v":50227.103,"d":"$50,227.10"},{"v":3266268.50809,"d":"$3,266,268.51"},null,65.03,null,{"v":0,"d":"$0.00"}]
["ESP 10.2.2.11","10.2.2.11","tubería PVC SANITARIA DIAM. 6\" ENTERRADA Y/O EMBEBIDA. Incluye suministro, transporte e instalación de tubería PVC-S diámetro 6\" para AGUA RESIDUAL O LLUVIA horizontales (colectores), incluye todos los accesorios en PVC de diámetro 6\" incluyendo los accesorios reducidos y fijaciones que se requieran para su correcta instalación. Estos deberán estar correctamente pegados usando limpiador, soldadura y teflón apropiados, sin presentar fugas, fisuras o cualquier otra clase de anomalía. ","m",157.28,{"v":81034.453,"d":"$81,034.45"},{"v":12745098.76784,"d":"$12,745,098.77"},null,157.28,null,{"v":0,"d":"$0.00"}]
["ESP 10.2.2.12","10.2.2.12","tubería PVC SANITARIA DIAM. 8\" ENTERRADA Y/O EMBEBIDA. Incluye suministro, transporte e instalación de tubería PVC-S diámetro 8\" para AGUA RESIDUAL O LLUVIA horizontales (colectores), incluye todos los accesorios en PVC de diámetro 8\" incluyendo los accesorios reducidos y fijaciones que se requieran para su correcta instalación. Estos deberán estar correctamente pegados usando limpiador, soldadura y teflón apropiados, sin presentar fugas, fisuras o cualquier otra clase de anomalía. ","m",37.74,{"v":168998.693,"d":"$168,998.69"},{"v":6378010.67382,"d":"$6,378,010.67"},null,37.74,null,{"v":0,"d":"$0.00"}]
["ESP 10.2.2.13","10.2.2.13","tubería PVC SANITARIA DIAM. 10\" ENTERRADA Y/O EMBEBIDA. Incluye suministro, transporte e instalación de tubería PVC-S diámetro 10\" para AGUA RESIDUAL O LLUVIA verticales y horizontales (bajantes y colectores), incluye todos los accesorios en PVC de diámetro 10\" incluyendo los accesorios reducidos y fijaciones que se requieran para su correcta instalación. Estos deberán estar correctamente pegados usando limpiador, soldadura y teflón apropiados, sin presentar fugas, fisuras o cualquier otra clase de anomalía. ","m",119.48,{"v":250671.413,"d":"$250,671.41"},{"v":29950220.425240003,"d":"$29,950,220.43"},null,119.48,null,{"v":0,"d":"$0.00"}]
["ESP 10.2.2.14","10.2.2.14","tubería PVC SANITARIA NOVAFORT DIAM. 315 mm ENTERRADA Y/O EMBEBIDA. Incluye suministro, transporte e instalación de tubería PVC-S diámetro 10\" para AGUA RESIDUAL O LLUVIA verticales y horizontales (bajantes y colectores), incluye todos los accesorios en PVC de diámetro 10\" incluyendo los accesorios reducidos y fijaciones que se requieran para su correcta instalación. Estos deberán estar correctamente pegados usando limpiador, soldadura y teflón apropiados, sin presentar fugas, fisuras o cualquier otra clase de anomalía. ","m",23.01,{"v":178529.763,"d":"$178,529.76"},{"v":4107969.8466300005,"d":"$4,107,969.85"},null,23.01,null,{"v":0,"d":"$0.00"}]
["ESP 10.2.2.15","10.2.2.15","tubería DE DRENAJE DIAM. 6\" ENTERRADA Y/O EMBEBIDA, para la construcción de sistema de drenaje por medio de filtros. Incluye suministro, transporte e instalación de tubería DE DRENAJE diámetro 6\" para AGUA SUBTERRÁNEA, drenaje para obra civil sin filtro, todos los accesorios  de diámetro 6\", gravilla y geodren en zanja para una profundidad de hasta 5 m y 80 cm de ancho. Estos deberán estar correctamente conectados e instalados.","m",354.88,{"v":584448.62,"d":"$584,448.62"},{"v":207409126.2656,"d":"$207,409,126.27"},null,354.88,null,{"v":0,"d":"$0.00"}]
["ESP 10.2.2.16","10.2.2.16","tubería PVC VENTILACION DIAM. 2\" COLGADA O EN BAJANTE. Incluye suministro, transporte e instalación de tubería PVC-V diámetro 2\" para ventilaciones verticales y horizontales, incluye todos los accesorios en PVC de diámetro 2\" incluyendo los accesorios reducidos y fijaciones que se requieran para su correcta instalación. Estos deberán estar correctamente pegados usando limpiador, soldadura y teflón apropiados, sin presentar fugas, fisuras o cualquier otra clase de anomalía. ","m",215.58,{"v":13537.3654,"d":"$13,537.37"},{"v":2918385.2329320004,"d":"$2,918,385.23"},null,215.58,null,{"v":0,"d":"$0.00"}]
["ESP 10.2.2.17","10.2.2.17","tubería PVC VENTILACION DIAM. 3\" COLGADA O EN BAJANTE. Incluye suministro, transporte e instalación de tubería PVC-V diámetro 3\" para ventilaciones verticales y horizontales, incluye todos los accesorios en PVC de diámetro 3\" incluyendo los accesorios reducidos y fijaciones que se requieran para su correcta instalación. Estos deberán estar correctamente pegados usando limpiador, soldadura y teflón apropiados, sin presentar fugas, fisuras o cualquier otra clase de anomalía. ","m",86.18,{"v":40975.4954,"d":"$40,975.50"},{"v":3531268.193572,"d":"$3,531,268.19"},null,86.18,null,{"v":0,"d":"$0.00"}]
["ESP 10.2.2.18","10.2.2.18","tubería PVC VENTILACION DIAM. 2\" ENTERRADA Y/O EMBEBIDA. Incluye suministro, transporte e instalación de tubería PVC-V diámetro 2\" para ventilaciones verticales y horizontales, incluye todos los accesorios en PVC de diámetro 2\" incluyendo los accesorios reducidos y fijaciones que se requieran para su correcta instalación. Estos deberán estar correctamente pegados usando limpiador, soldadura y teflón apropiados, sin presentar fugas, fisuras o cualquier otra clase de anomalía. ","m",35.38,{"v":29052.463,"d":"$29,052.46"},{"v":1027876.1409400001,"d":"$1,027,876.14"},null,35.38,null,{"v":0,"d":"$0.00"}]
["ESP 10.2.2.19","10.2.2.19","CAJA DE INSPECCIÓN. Construcción de cajas de registro de 80 x 80 x altura hasta 200 cm. (medidas internas) en concreto de 21Mpa. con impermeabilizante integral tipo Sika o equivalente,  concrefibra, el piso y tapa en concreto reforzado y respectivo herraje, los muros, el fondo y la tapa se reforzarán con malla electrosoldada de 4mm 15x15cm. Incluye suministro, transporte e instalación de los materiales, formaleta, vibrado, excavación, colocación de acero y todos los elementos necesarios para su correcta construcción y funcionamiento. Según diseño y especificaciones de la empresa de alcantarillado.","un",{"v":9,"d":"9.00"},{"v":1401128.59,"d":"$1,401,128.59"},{"v":12610157.31,"d":"$12,610,157.31"},null,{"v":9,"d":"9.00"},null,{"v":0,"d":"$0.00"}]
["ESP 10.2.2.20","10.2.2.20","CAJA DE INSPECCIÓN DE VÁLVULAS DE EYECCIÓN. Construcción de cajas de registro de 60 x 60 x altura hasta 80 cm. (medidas internas) en concreto de 21Mpa. con impermeabilizante integral tipo Sika o equivalente, con concrefibra el piso y tapa en concreto, la tapa con su respectivo herraje.  Incluye suministro, transporte e instalación de los materiales, formaleta, vibrado, excavación, colocación de acero y todos los elementos necesarios para su correcta construcción y funcionamiento. Según diseño y especificaciones de la empresa de alcantarillado.","un",{"v":1,"d":"1.00"},{"v":695775.37,"d":"$695,775.37"},{"v":695775.37,"d":"$695,775.37"},null,{"v":1,"d":"1.00"},null,{"v":0,"d":"$0.00"}]
["ESP 10.2.2.21","10.2.2.21","POZO EYECTOR. Construcción de pozo para recolección de aguas subterráneas de 1,2x 1,2 m x altura hasta 5 m. (medidas internas) en concreto de 21Mpa. con impermeabilizante integral tipo Sika o equivalente, con concrefibra el piso y tapa en concreto, la tapa con su respectivo herraje. Incluye suministro, transporte e instalación de los materiales, formaleta, vibrado, excavación, colocación de acero y todos los elementos necesarios para su correcta construcción y funcionamiento. Según diseño y especificaciones de la empresa de alcantarillado.\n. TRM $4298.31 (24-04-25), fuente: https://www.dolar-colombia.com/mes/2025-04","un",{"v":1,"d":"1.00"},{"v":2192756.46454,"d":"$2,192,756.46"},{"v":2192756.46454,"d":"$2,192,756.46"},null,{"v":1,"d":"1.00"},null,{"v":0,"d":"$0.00"}]
["ESP 10.2.2.22","10.2.2.22","SISTEMA DE BOMBEO PARA POZO EYECTOR.  Incluye 2 bombas sumergibles de achique para un caudal de 36 GPM @ 9 mca, trifásico a 440V 1.8kW cada bomba, 3 interruptores de nivel, 1 tablero de control y tarjeta con protocolo de comunicación MODBUS TCP/IP, sistema preensamblado de polipropileno y accesorios hidráulicos para su correcto funcionamiento. TRM $4298.31 (24-04-25), fuente: https://www.dolar-colombia.com/mes/2025-04","un",{"v":1,"d":"1.00"},{"v":34809091.23,"d":"$34,809,091.23"},{"v":34809091.23,"d":"$34,809,091.23"},null,{"v":1,"d":"1.00"},null,{"v":0,"d":"$0.00"}]
["ESP 10.2.2.23","10.2.2.23","EXCAVACIÓN MANUAL EN MATERIAL COMÚN MENOR A 2,00M. Bajo cualquier grado de humedad, medido en sitio. No incluye retiro de material sobrante, el mismo se pagará en su respectivo ítem","m3",631.21,{"v":117991.09742422131,"d":"$117,991.10"},{"v":74477160.60514274,"d":"$74,477,160.61"},null,631.21,null,{"v":0,"d":"$0.00"}]
["ESP 10.2.2.24","10.2.2.24","Soporte tipo pera de 2-8¨ para tubería colgada, incluye suministro e instalación y todos los elementos para su correcto funcionamiento.","un",{"v":517,"d":"517.00"},{"v":14382.991,"d":"$14,382.99"},{"v":7436006.347,"d":"$7,436,006.35"},null,{"v":517,"d":"517.00"},null,{"v":0,"d":"$0.00"}]
["ESP 10.2.2.25","10.2.2.25","tubería PVC PRESIÓN DIAM. 3/4\" COLGADA O EN BAJANTE para desagües aire acondicionado. Incluye suministro, transporte e instalación de tubería PVC-P diámetro 3/4\" RDE 11 para AGUA RESIDUAL O LLUVIA verticales y horizontales (bajantes y colectores), incluye todos los accesorios en PVC de diámetro 3/4\" incluyendo los accesorios reducidos y fijaciones que se requieran para su correcta instalación. Estos deberán estar correctamente pegados usando limpiador, soldadura y teflón apropiados, sin presentar fugas, fisuras o cualquier otra clase de anomalía. ","m",668.34,{"v":21473.59,"d":"$21,473.59"},{"v":14351659.140600001,"d":"$14,351,659.14"},null,668.34,null,{"v":0,"d":"$0.00"}]
["ESP 10.2.2.26","10.2.2.26","tubería PVC SANITARIA DIAM. 1 1/2\" COLGADA O EN BAJANTE. Incluye suministro, transporte e instalación de tubería PVC-S diámetro 1 1/2\" para AGUA RESIDUAL O LLUVIA verticales y horizontales (bajantes y colectores), incluye todos los accesorios en PVC de diámetro 2\" incluyendo los accesorios reducidos y fijaciones que se requieran para su correcta instalación. Estos deberán estar correctamente pegados usando limpiador, soldadura y teflón apropiados, sin presentar fugas, fisuras o cualquier otra clase de anomalía. ","m",390.42,{"v":28828.1,"d":"$28,828.10"},{"v":11255066.802,"d":"$11,255,066.80"},null,390.42,null,{"v":0,"d":"$0.00"}]
["ESP 10.2.2.27","10.2.2.27","tubería PVC SANITARIA DIAM. 3\" ENTERRADA Y/O EMBEBIDA. Incluye suministro, transporte e instalación de tubería PVC-S diámetro 3\" para AGUA RESIDUAL O LLUVIA horizontales (colectores), incluye todos los accesorios en PVC de diámetro 3\" incluyendo los accesorios reducidos y fijaciones que se requieran para su correcta instalación, excavación de 60x150cm. Estos deberán estar correctamente pegados usando limpiador, soldadura y teflón apropiados, sin presentar fugas, fisuras o cualquier otra clase de anomalía. ","m",0.59,{"v":38565.633,"d":"$38,565.63"},{"v":22753.72347,"d":"$22,753.72"},null,0.59,null,{"v":0,"d":"$0.00"}]
[]
[null,null,"TOTAL DE INSTALACIONES SANITARIAS",{"$nulls":3},{"$f":"SUM(G689:G715)","v":{"v":522525064.0105537,"d":"$522,525,064.01"}},{"$nulls":3},{"$f":"SUM(K689:K715)","v":{"v":0,"d":"$0.00"}}]
[]
[null,null,"TOTAL DE REDES HIDRÁULICAS / SANITARIAS",{"$nulls":3},{"$f":"SUM(G717+G686)","v":{"v":871719785.1767552,"d":"$871,719,785.18"}},{"$nulls":3},{"$f":"SUM(K717+K686)","v":{"v":0,"d":"$0.00"}}]
[]
[null,"10.3.0","REDES EXTERNAS "]
[]
[null,"10.3.1","RED DE ACUEDUCTO"]
["ESP 10.3.1.1","10.3.1.1","LOCALIZACIÓN, TRAZADO Y REPLANTEO. Se utilizará personal experto con equipo de precisión (topógrafo, cadenero 1 y cadenero 2), incluye: clavo 1\", larguero 2x2, tránsito, demarcación con pintura, línea de trazado, libretas, planos, seguridad social del personal, elemento epp y herramienta menor. Se hará con la frecuencia que lo indique la interventoría. ","día",{"v":3,"d":"3.00"},{"v":774546.79,"d":"$774,546.79"},{"$f":"F724*E724","v":{"v":2323640.37,"d":"$2,323,640.37"}},null,{"v":3,"d":"3.00"},null,{"$f":"J724*I724","v":{"v":0,"d":"$0.00"}}]
["ESP 10.3.1.2","10.3.1.2","EXCAVACIÓN MANUAL EN MATERIAL COMÚN MENOR A 2,00M. Bajo cualquier grado de humedad, medición en sitio. No incluye retiro de material sobrante, el mismo se pagará en su respectivo ítem","m3",{"v":101,"d":"101.00"},{"v":117991,"d":"$117,991.00"},{"v":11917091,"d":"$11,917,091.00"},null,{"v":101,"d":"101.00"},null,{"v":0,"d":"$0.00"}]
["ESP 10.3.1.3","10.3.1.3","Suministro e instalación de tubería Polietileno 63 mm PE 100 PN 16 enterrada y todos los materiales necesarios para su correcto funcionamiento.","m",{"v":16.1,"d":"16.10"},{"v":21755.05,"d":"$21,755.05"},{"v":350256.305,"d":"$350,256.31"},null,{"v":16.1,"d":"16.10"},null,{"v":0,"d":"$0.00"}]
["ESP 10.3.1.4","10.3.1.4","Suministro e instalación de tubería Polietileno  3\" Rde 11 Fm 90 mm PE enterrada y todos los materiales necesarios para su correcto funcionamiento.","m",4.22,{"v":87099.7,"d":"$87,099.70"},{"v":367560.73399999994,"d":"$367,560.73"},null,4.22,null,{"v":0,"d":"$0.00"}]
["ESP 10.3.1.5","10.3.1.5","Suministro e instalación de tubería Polietileno  6\" Rde 11 Fm 160 mm PE enterrada y todos los materiales necesarios para su correcto funcionamiento.","m",81.51,{"v":252451.6,"d":"$252,451.60"},{"v":20577329.916,"d":"$20,577,329.92"},null,81.51,null,{"v":0,"d":"$0.00"}]
["ESP 10.3.1.6","10.3.1.6","Suministro e instalación de Tee partida  ɸ=6\" x 1\" para CONEXIÓN RED EXISTENTE. Incluye accesorios  y todos los elementos necesarios para su correcta instalación. No incluye excavación, llenos y botada.","un",{"v":1,"d":"1.00"},{"v":607937.28,"d":"$607,937.28"},{"v":607937.28,"d":"$607,937.28"},null,{"v":1,"d":"1.00"},null,{"v":0,"d":"$0.00"}]
["ESP 10.3.1.7","10.3.1.7","Suministro e instalación de Tee partida  ɸ=6\" x 3\" para CONEXIÓN RED EXISTENTE. Incluye accesorios  y todos los elementos necesarios para su correcta instalación. No incluye excavación, llenos y botada.","un",{"v":1,"d":"1.00"},{"v":712157.86,"d":"$712,157.86"},{"v":712157.86,"d":"$712,157.86"},null,{"v":1,"d":"1.00"},null,{"v":0,"d":"$0.00"}]
["ESP 10.3.1.8","10.3.1.8","Empalme  ɸ=3\" para con red existente. Incluye accesorios  y todos los elementos necesarios para su correcta instalación. No incluye excavación, llenos y botada.","un",{"v":1,"d":"1.00"},{"v":219300.99,"d":"$219,300.99"},{"v":219300.99,"d":"$219,300.99"},null,{"v":1,"d":"1.00"},null,{"v":0,"d":"$0.00"}]
["ESP 10.3.1.9","10.3.1.9","DEMOLICIÓN CON MARTILLO DEMOLEDOR DE PAVIMENTO ASFALTICO, espesor máximo de 20 cm. Incluye martillo demoledor, compresor neumático, manguera, pera y todo lo necesario para su correcta ejecución. Incluye retiro del material sobrante producto de la demolición.","m2",{"v":16.1,"d":"16.10"},{"v":24959.78,"d":"$24,959.78"},{"v":401852.45800000004,"d":"$401,852.46"},null,{"v":16.1,"d":"16.10"},null,{"v":0,"d":"$0.00"}]
["ESP 10.3.1.10","10.3.1.10","Suministro e instalación de MEZCLA DENSA EN CALIENTE (MDC-19) CON ASFALTO MODIFICADO TIPO II CON POLÍMEROS. Incluye suministro y transporte de mezcla asfáltica, finisher, compactador de rodillo, compactador neumático, vibrocompactador tipo rana y/o canguro, rastrilleros y todo lo necesario para su correcta instalación.","m3",1.61,{"v":1696778.18,"d":"$1,696,778.18"},{"v":2731812.8698,"d":"$2,731,812.87"},null,1.61,null,{"v":0,"d":"$0.00"}]
["ESP 10.3.1.11","10.3.1.11","Llenos en arenilla, compactados mecánicamente hasta obtener una densidad del 98% de la máxima obtenida en el ensayo del Proctor modificado. Incluye el suministro, transporte, colocación de la arenilla, la compactación de la misma y transporte interno. Y su medida sera en sitio ya compactado. El lleno debe extenderse en capas horizontales y espesor uniforme de tal forma que permita obtener el grado de compactación adecuado.","m3",69.65,{"v":85308.45,"d":"$85,308.45"},{"v":5941733.5425,"d":"$5,941,733.54"},null,69.65,null,{"v":0,"d":"$0.00"}]
["ESP 10.3.1.12","10.3.1.12","Llenos en material provenientes de la excavación, compactados mecánicamente hasta obtener una densidad del 95% de la máxima obtenida en el ensayo del proctor modificado. Incluye transporte interno. Su medida sera en sitio ya compactado.","m3",60.49,{"v":28062.99,"d":"$28,062.99"},{"v":1697530.2651000002,"d":"$1,697,530.27"},null,60.49,null,{"v":0,"d":"$0.00"}]
["ESP 10.3.1.13","10.3.1.13","Suministro, transporte e instalación de válvula de corte con sello elástico para red de 25 mm. Incluye caja de protección, aislamiento y los materiales necesarios para su correcta instalación.","un",{"v":2,"d":"2.00"},{"v":433740.59,"d":"$433,740.59"},{"v":867481.18,"d":"$867,481.18"},null,{"v":2,"d":"2.00"},null,{"v":0,"d":"$0.00"}]
["ESP 10.3.1.14","10.3.1.14","Suministro, transporte e instalación de válvula de corte con sello elástico para red de 75 mm. Incluye caja de protección y aislamiento y los materiales necesarios para su correcta instalación.","un",{"v":1,"d":"1.00"},{"v":886688.04,"d":"$886,688.04"},{"v":886688.04,"d":"$886,688.04"},null,{"v":1,"d":"1.00"},null,{"v":0,"d":"$0.00"}]
["ESP 10.3.1.15","10.3.1.15","Suministro e instalación de Hidrante tipo pedestal con accesorios bridados de 75 mm. Incluye mano de obra, tapones, racores, elementos de fijación, herramienta menor  y los materiales necesarios para su correcta instalación.","un",{"v":1,"d":"1.00"},{"v":4548110.79,"d":"$4,548,110.79"},{"v":4548110.79,"d":"$4,548,110.79"},null,{"v":1,"d":"1.00"},null,{"v":0,"d":"$0.00"}]
[null,null,"TOTAL DE RED DE ACUEDUCTO",{"$nulls":3},{"$f":"SUM(G724:G738)","v":{"v":54150483.60040001,"d":"$54,150,483.60"}},{"$nulls":3},{"$f":"SUM(K724:K738)","v":{"v":0,"d":"$0.00"}}]
[]
[null,"10.3.2","RED ALCANTARILLADO RESIDUAL"]
["ESP 10.3.2.1","10.3.2.1","LOCALIZACIÓN, TRAZADO Y REPLANTEO. Se utilizará personal experto con equipo de precisión (topógrafo, cadenero 1 y cadenero 2), incluye: clavo 1\", larguero 2x2, tránsito, demarcación con pintura, línea de trazado, libretas, planos, seguridad social del personal, elemento epp y herramienta menor. Se hará con la frecuencia que lo indique la interventoría. ","día",{"v":1,"d":"1.00"},{"v":774546.79,"d":"$774,546.79"},{"$f":"F742*E742","v":{"v":774546.79,"d":"$774,546.79"}},null,{"v":1,"d":"1.00"},null,{"$f":"J742*I742","v":{"v":0,"d":"$0.00"}}]
["ESP 10.3.2.2","10.3.2.2","EXCAVACIÓN MANUAL EN MATERIAL COMÚN MENOR A 2,00M. Bajo cualquier grado de humedad, medición en sitio. No incluye retiro de material sobrante, el mismo se pagará en su respectivo ítem","m3",{"v":140,"d":"140.00"},{"v":118171.63742422129,"d":"$118,171.64"},{"v":16544029.23939098,"d":"$16,544,029.24"},null,{"v":140,"d":"140.00"},null,{"v":0,"d":"$0.00"}]
["ESP 10.3.2.3","10.3.2.3","Suministro y colocación de tubería PVC Alcantarillado novafort Estructural 200mm y los materiales necesarios para su correcto funcionamiento. No lleva ningún tipo de recubrimiento ni ningún tipo de concreto.","m",72.59,{"v":69903.3456,"d":"$69,903.35"},{"v":5074283.857104001,"d":"$5,074,283.86"},null,72.59,null,{"v":0,"d":"$0.00"}]
["ESP 10.3.2.4","10.3.2.4","Construcción de Base y cañuela para  Cámara de Inspección, construcción de las cañuelas de transición esmaltadas, cuya forma será semicircular con pendiente uniforme entre la tubería de entrada y salida en concreto de 21 MPa. La profundidad mínima de la cañuela será igual a la mitad del diámetro interior del tubo de 8\", haciendo las respectivas transiciones cuando haya cambio de diámetro entre la tubería de entrada y salida.","un",{"v":4,"d":"4.00"},{"v":317730.11,"d":"$317,730.11"},{"v":1270920.44,"d":"$1,270,920.44"},null,{"v":4,"d":"4.00"},null,{"v":0,"d":"$0.00"}]
["ESP 10.3.2.5","10.3.2.5","Suministro de Cono, Cuello, Anillo y Tapa para cámara de inspección y los materiales necesarios para su correcto funcionamiento","un",{"v":4,"d":"4.00"},{"v":2983571.88,"d":"$2,983,571.88"},{"v":11934287.52,"d":"$11,934,287.52"},null,{"v":4,"d":"4.00"},null,{"v":0,"d":"$0.00"}]
["ESP 10.3.2.6","10.3.2.6","Suministro, transporte e instalación de CAJA DE INSPECCIÓN. Construcción de cajas de registro de 60 x 60 x altura hasta 80 cm. (medidas internas) en concreto de 21Mpa. con impermeabilizante integral tipo Sika o equivalente, con concrefibra el piso y tapa en concreto, la tapa con su respectivo herraje. Incluye suministro, transporte e instalación de los materiales, formaleta, vibrado y todos los elementos necesarios para su correcta construcción y funcionamiento. Según diseño y especificaciones de la empresa de alcantarillado. La excavación, llenos, entresuelo y acero de refuerzo se pagarán en su ítem respectivo.","un",{"v":2,"d":"2.00"},{"v":702284.17,"d":"$702,284.17"},{"v":1404568.34,"d":"$1,404,568.34"},null,{"v":2,"d":"2.00"},null,{"v":0,"d":"$0.00"}]
["ESP 10.3.2.7","10.3.2.7","Suministro e instalación de Empalme  ɸ=8\" a la red existente. Incluye perforaciones, accesorios  y todos los elementos necesarios para su correcta instalación. No incluye excavación, llenos y botada.","un",{"v":2,"d":"2.00"},{"v":1769233.69,"d":"$1,769,233.69"},{"v":3538467.38,"d":"$3,538,467.38"},null,{"v":2,"d":"2.00"},null,{"v":0,"d":"$0.00"}]
["ESP 10.3.2.8","10.3.2.8","DEMOLICIÓN MANUAL DE PISO EN CONCRETO con o sin baldosa y/o mortero en cualquier material, diseño y espesor. Incluye cargue interno y acopio para su posterior retiro. Incluye retiro del material sobrante producto de la demolición","m2",10.49,{"v":75210.84,"d":"$75,210.84"},{"v":788961.7115999999,"d":"$788,961.71"},null,10.49,null,{"v":0,"d":"$0.00"}]
["ESP 10.3.2.9","10.3.2.9","DEMOLICIÓN CON MARTILLO DEMOLEDOR DE PAVIMENTO ASFALTICO, espesor máximo de 20 cm. Incluye martillo demoledor, compresor neumático, manguera, pera y todo lo necesario para su correcta ejecución. Incluye retiro del material sobrante producto de la demolición","m2",{"v":28.9,"d":"28.90"},{"v":24959.78,"d":"$24,959.78"},{"v":721337.6419999999,"d":"$721,337.64"},null,{"v":28.9,"d":"28.90"},null,{"v":0,"d":"$0.00"}]
["ESP 10.3.2.10","10.3.2.10","Suministro e instalación de MEZCLA DENSA EN CALIENTE (MDC-19) CON ASFALTO MODIFICADO TIPO II CON POLÍMEROS. Incluye suministro y transporte de mezcla asfáltica, finisher, compactador de rodillo, compactador neumático, vibrocompactador tipo rana y/o canguro, rastrilleros y todo lo necesario para su correcta instalación","m3",2.89,{"v":1696778.18,"d":"$1,696,778.18"},{"v":4903688.9402,"d":"$4,903,688.94"},null,2.89,null,{"v":0,"d":"$0.00"}]
["ESP 10.3.2.11","10.3.2.11","Llenos en arenilla, compactados mecánicamente hasta obtener una densidad del 98% de la máxima obtenida en el ensayo del Proctor modificado. Incluye el suministro, transporte, colocación de la arenilla, la compactación de la misma y transporte interno. Y su medida sera en sitio ya compactado. El lleno debe extenderse en capas horizontales y espesor uniforme de tal forma que permita obtener el grado de compactación adecuado.","m3",73.86,{"v":85308.45,"d":"$85,308.45"},{"v":6300882.117,"d":"$6,300,882.12"},null,73.86,null,{"v":0,"d":"$0.00"}]
["ESP 10.3.2.12","10.3.2.12","Llenos en material provenientes de la excavación, compactados mecánicamente hasta obtener una densidad del 95% de la máxima obtenida en el ensayo del proctor modificado. Incluye transporte interno. Su medida sera en sitio ya compactado.","m3",64.06,{"v":28062.99,"d":"$28,062.99"},{"v":1797715.1394000002,"d":"$1,797,715.14"},null,64.06,null,{"v":0,"d":"$0.00"}]
[]
[null,null,"TOTAL DE RED ALCANTARILLADO RESIDUAL",{"$nulls":3},{"$f":"SUM(G742:G753)","v":{"v":55053689.11669498,"d":"$55,053,689.12"}},{"$nulls":3},{"$f":"SUM(K742:K753)","v":{"v":0,"d":"$0.00"}}]
[null,"10.3.3","RED ALCANTARILLADO AGUAS LLUVIAS"]
["ESP 10.3.3.1","10.3.3.1","LOCALIZACIÓN, TRAZADO Y REPLANTEO. Se utilizará personal experto con equipo de precisión (topógrafo, cadenero 1 y cadenero 2), incluye Clavo 1\", larguero 2x2, tránsito y herramienta menor. Se hará con la frecuencia que lo indique la interventoría. Incluye demarcación con pintura, línea de trazado, libretas, planos y seguridad social del personal y elemento epp.","día",{"v":1,"d":"1.00"},{"v":774546.79,"d":"$774,546.79"},{"$f":"F757*E757","v":{"v":774546.79,"d":"$774,546.79"}},null,{"v":1,"d":"1.00"},null,{"$f":"J757*I757","v":{"v":0,"d":"$0.00"}}]
["ESP 10.3.3.2","10.3.3.2","EXCAVACIÓN MANUAL EN MATERIAL COMÚN MENOR A 2,00M. Bajo cualquier grado de humedad, medido en sitio. No incluye retiro de material sobrante, el mismo se pagará en su respectivo ítem","m3",{"v":203,"d":"203.00"},{"v":117991.1,"d":"$117,991.10"},{"v":23952193.3,"d":"$23,952,193"},null,{"v":203,"d":"203.00"},null,{"v":0,"d":"$0"}]
["ESP 10.3.3.3","10.3.3.3","Suministro y colocación de tubería PVC Alcantarillado novafort Estructural 315 mm y los materiales necesarios para su correcto funcionamiento. No lleva ningún tipo de recubrimiento, ni ningún tipo de concreto.","m",88.76,{"v":122757.12,"d":"$122,757.12"},{"v":10895921.9712,"d":"$10,895,921.97"},null,88.76,null,{"v":0,"d":"$0.00"}]
["ESP 10.3.3.4","10.3.3.4","Suministro y colocación de tubería PVC Alcantarillado novafort Estructural 250mm y los materiales necesarios para su correcto funcionamiento. No lleva ningún tipo de recubrimiento, ni ningún tipo de concreto.","m",{"v":31,"d":"31.00"},{"v":102532.2029,"d":"$102,532.20"},{"v":3178498.2899,"d":"$3,178,498.29"},null,{"v":31,"d":"31.00"},null,{"v":0,"d":"$0.00"}]
["ESP 10.3.3.5","10.3.3.5","Construcción de Base y cañuela para  Cámara de Inspección, construcción de las cañuelas de transición esmaltadas, cuya forma será semicircular con pendiente uniforme entre la tubería de entrada y salida en concreto de 21 MPa. La profundidad mínima de la cañuela será igual a la mitad del diámetro interior del tubo de 8\", haciendo las respectivas transiciones cuando haya cambio de diámetro entre la tubería de entrada y salida.","un",{"v":3,"d":"3.00"},{"v":317730.11,"d":"$317,730.11"},{"v":953190.33,"d":"$953,190.33"},null,{"v":3,"d":"3.00"},null,{"v":0,"d":"$0.00"}]
["ESP 10.3.3.6","10.3.3.6","Suministro de Cono, Cuello, Anillo y Tapa para cámara de inspección y los materiales necesarios para su correcto funcionamiento","un",{"v":3,"d":"3.00"},{"v":3077091.93,"d":"$3,077,091.93"},{"v":9231275.790000001,"d":"$9,231,275.79"},null,{"v":3,"d":"3.00"},null,{"v":0,"d":"$0.00"}]
["ESP 10.3.3.7","10.3.3.7","CAJA DE INSPECCIÓN. Construcción de cajas de registro de 60 x 60 x altura hasta 80 cm. (medidas internas) en concreto de 21Mpa. con impermeabilizante integral tipo Sika o equivalente, con concrefibra el piso y tapa en concreto, la tapa con su respectivo herraje. Incluye suministro, transporte e instalación de los materiales, formaleta, vibrado y todos los elementos necesarios para su correcta construcción y funcionamiento. Según diseño y especificaciones de la empresa de alcantarillado. La excavación, llenos, entresuelo y acero de refuerzo se pagarán en su ítem respectivo.","un",{"v":2,"d":"2.00"},{"v":528905.11,"d":"$528,905.11"},{"v":1057810.22,"d":"$1,057,810.22"},null,{"v":2,"d":"2.00"},null,{"v":0,"d":"$0.00"}]
["ESP 10.3.3.8","10.3.3.8","Empalme  ɸ=12\" a la red existente y cobertura existente. Incluye perforaciones, accesorios  y todos los elementos necesarios para su correcta instalación. No incluye excavación, llenos y botada.","un",{"v":2,"d":"2.00"},{"v":1628980.95,"d":"$1,628,980.95"},{"v":3257961.9,"d":"$3,257,961.90"},null,{"v":2,"d":"2.00"},null,{"v":0,"d":"$0.00"}]
["ESP 10.3.3.9","10.3.3.9","DEMOLICIÓN CON MARTILLO DEMOLEDOR DE PAVIMENTO ASFALTICO, espesor máximo de 20 cm. Incluye martillo demoledor, compresor neumático, manguera, pera y todo lo necesario para su correcta ejecución. Incluye retiro del material sobrante producto de la demolición","m2",41.48,{"v":24959.78,"d":"$24,959.78"},{"v":1035331.6743999999,"d":"$1,035,331.67"},null,41.48,null,{"v":0,"d":"$0.00"}]
["ESP 10.3.3.10","10.3.3.10","Suministro e instalación de MEZCLA DENSA EN CALIENTE (MDC-19) CON ASFALTO MODIFICADO TIPO II CON POLÍMEROS. Incluye suministro y transporte de mezcla asfáltica, finisher, compactador de rodillo, compactador neumático, vibrocompactador tipo rana y/o canguro, rastrilleros y todo lo necesario para su correcta instalación","m3",{"v":4.148,"d":"4.15"},{"v":1696778.18,"d":"$1,696,778.18"},{"v":7038235.890639999,"d":"$7,038,235.89"},null,{"v":4.148,"d":"4.15"},null,{"v":0,"d":"$0.00"}]
["ESP 10.3.3.11","10.3.3.11","Llenos en arenilla, compactados mecánicamente hasta obtener una densidad del 98% de la máxima obtenida en el ensayo del Proctor modificado. Incluye el suministro, transporte, colocación de la arenilla, la compactación de la misma y transporte interno. Y su medida sera en sitio ya compactado. El lleno debe extenderse en capas horizontales y espesor uniforme de tal forma que permita obtener el grado de compactación adecuado.","m3",106.33,{"v":85308.45,"d":"$85,308.45"},{"v":9070847.488499999,"d":"$9,070,847.49"},null,106.33,null,{"v":0,"d":"$0.00"}]
["ESP 10.3.3.12","10.3.3.12","Llenos en material provenientes de la excavación, compactados mecánicamente hasta obtener una densidad del 95% de la máxima obtenida en el ensayo del proctor modificado. Incluye transporte interno. Su medida sera en sitio ya compactado.","m3",90.16,{"v":28062.99,"d":"$28,062.99"},{"v":2530159.1784,"d":"$2,530,159.18"},null,90.16,null,{"v":0,"d":"$0.00"}]
[]
[null,null,"TOTAL DE RED ALCANTARILLADO AGUAS LLUVIAS",{"$nulls":3},{"$f":"SUM(G757:G768)","v":{"v":72975972.82304,"d":"$72,975,972.82"}},{"$nulls":3},{"$f":"SUM(K757:K768)","v":{"v":0,"d":"$0.00"}}]
[]
[null,null,"TOTAL DE REDES EXTERNAS ",{"$nulls":3},{"$f":"SUM(G770+G755+G739)","v":{"v":182180145.54013497,"d":"$182,180,145.54"}},{"$nulls":3},{"$f":"SUM(K770+K755+K739)","v":{"v":0,"d":"$0.00"}}]
[]
[null,null,"TOTAL DE INST. HIDRÁULICAS/SANITARIAS/ GAS",{"$nulls":3},{"$f":"SUM(G772+G719+G639)","v":{"v":1094978722.59689,"d":"$1,094,978,722.60"}},{"$nulls":3},{"$f":"SUM(K772+K719+K639)","v":{"v":0,"d":"$0.00"}}]
[]
[null,"11.0.0","CARPINTERÍA METÁLICA/MADERA/FACHADA/SISTEMAS LIVIANOS"]
[]
[null,"11.1.0","MUROS Y CIELOS EN DRYWALL"]
[]
[null,"11.1.1","MUROS"]
["ESP 11.1.1.1","11.1.1.1","Suministro, transporte e instalación de Muro con tratamiento acústico en Drywall STC 50 espesor de aprox de 14 cm reforzado con platinas planas 10 x 10 cm y taco de madera plástica para fijación de pantallas. Doble lámina de yeso de 5/8\" + perfilería base de 10 cm + aislamiento en lana mineral tipo sonowall o similar de 3” + una lámina de yeso 5/8\". Acabado en material elástico tipo Impactodan 10 mm EPDM o similar para sellar juntas + masilla + pintura base para interior Drywall color blanco. Parales calibre 20 separados cada 40 cm.y los elementos necesarios para su correcta instalación.","m2",{"v":683.9200000000001,"d":"683.92"},{"v":234699.21,"d":"$234,699.21"},{"$f":"F781*E781","v":{"v":160515483.7032,"d":"$160,515,483.70"}},null,{"v":683.9200000000001,"d":"683.92"},null,{"$f":"J781*I781","v":{"v":0,"d":"$0.00"}}]
["ESP 11.1.1.2","11.1.1.2","Suministro, transporte e instalación de Muro con tratamiento acústico en Drywall STC 55 espesor de aprox de 14 cm reforzado con platinas planas 10 x 10 cm y taco de madera plástica para fijación de pantallas. Doble lámina de yeso de 1/2\"+ perfilería base de 10 cm +aislamiento en lana mineral tipo sonowall o similar de 3” + Doble lámina de yeso de 1/2\". Acabado en material elástico tipo Impactodan 10 mm EPDM o similar para sellar juntas + masilla + pintura base para interior Drywall color blanco. Parales calibre 20 separados cada 40 cm y los materiales necesarios para su correcta instalación.","m2",{"v":2536.0399999999995,"d":"2,536.04"},{"v":238578.09,"d":"$238,578.09"},{"v":605043579.3635999,"d":"$605,043,579.36"},null,{"v":2536.0399999999995,"d":"2,536.04"},null,{"v":0,"d":"$0.00"}]
["ESP 11.1.1.3","11.1.1.3","Suministro, transporte e instalación de Muro en Superboard espesor aprox. de 12 cm (ancho del perfil + espesor de placa). Parales calibre 20 separados cada 40.7 cm. Placas de cemento 8 mm + perfilería base de 10 cm + cinta en fibra de vidrio de 5 cm + pintura base impermeabilizante color blanco y los materiales necesarios para su correcto funcionamiento.","m2",{"v":1223.2900000000002,"d":"1,223.29"},{"v":247221.44,"d":"$247,221.44"},{"v":302423515.33760005,"d":"$302,423,515.34"},null,{"v":1223.2900000000002,"d":"1,223.29"},null,{"v":0,"d":"$0.00"}]
["ESP 11.1.1.4","11.1.1.4","Suministro, transporte e instalación de Muro en Superboard espesor aprox. de 20 cm (ancho del perfil + espesor de placa). Parales calibre 20 separados cada 40.7 cm. Placas de cemento 8 mm + perfilería base de 10 cm + cinta en fibra de vidrio de 5 cm + pintura base impermeabilizante color blanco y los elementos necesarios para su correcto funcionamiento","m2",{"v":57.14999999999998,"d":"57.15"},{"v":261079.16,"d":"$261,079.16"},{"v":14920673.993999993,"d":"$14,920,673.99"},null,{"v":57.14999999999998,"d":"57.15"},null,{"v":0,"d":"$0.00"}]
["ESP 11.1.1.5","11.1.1.5","Suministro, transporte e instalación de Muro en Drywall espesor de aprox. de 12 cm (ancho del perfil más espesor de placa) reforzado con platinas planas de 10x10 cm. Placas en yeso de 1/2\"+ marco en HR 10cm soldado + cinta en fibra de vidrio de 5 cm + masilla + pintura base para interior Drywall color blanco puro. Parales calibre 20 separados cada 40,7 cm. y los materiales necesarios para su correcto funcionamiento","m2",{"v":2621.72,"d":"2,621.72"},{"v":198365.6,"d":"$198,365.60"},{"v":520059060.83199996,"d":"$520,059,060.83"},null,{"v":2621.72,"d":"2,621.72"},null,{"v":0,"d":"$0.00"}]
["ESP 11.1.1.6","11.1.1.6","Suministro, transporte e instalación de Muro con tratamiento acústico en Drywall STC 60 espesor de aprox de 20 cm reforzado con platinas planas 10 x 10 cm y taco de madera plástica para fijación de pantallas. Doble lámina de yeso de 5/”8 + perfilería base de 10 cm +aislamiento en lana mineral tipo sonowall o similar de 3” + una lámina de yeso 5/8\". Acabado en material elástico tipo Impactodan 10 mm EPDM o similar para sellar juntas + masilla + pintura para interior Drywall color blanco. Parales calibre 20 separados cada 40 cm. y los elementos necesarios para su correcta instalación.","m2",29.23,{"v":327574.1,"d":"$327,574.10"},{"v":9574990.943,"d":"$9,574,990.94"},null,29.23,null,{"v":0,"d":"$0.00"}]
["ESP 11.1.1.7","11.1.1.7","Suministro, transporte e instalación de Sistema de pared divisoria con estructura Doble. La primera estructuración compuesta en una cara de la pared con una capa de placa de yeso Gyplac® ST 1220x2440x12.7 y una segunda capa de placa de yeso Gyplac® Extradura ST 1220 x 2440 x 15.9 D+. En la otra cara de la pared una placa Superboard®\nEstándar 1220x2440x10mm. Estructura doble, compuesta por canales y parales 2-1/2\" x 1-5/8\" cal 24 e=0,60mm como especificación mínima para pared interior de acero galvanizado y rolados en frío según NTC 5680 o ASTM C645 (especificación a validar según cálculo estructural, incluyendo componentes espesores y distanciamientos de paral) y los materiales necesarios para su correcta instalación.","m2",396.95,{"v":327931,"d":"$327,931.00"},{"v":130172210.45,"d":"$130,172,210.45"},null,396.95,null,{"v":0,"d":"$0.00"}]
[null,"11.1.1.8","Suministro, transporte e instalación de Muro con tratamiento acústico en Drywall STC 45. Espesor de aprox. de 12 cm (ancho del perfil mas espesor de placa). Placas en yeso de 5/8\"+ perfilería base de 10cms + aislamiento en lana mineral tipo sonowall o similar de 3”+ placa en yeso de 5/8\". Acabado con material elástico tipo Impactodan 10mm EPDM o similar para sellar juntas + masilla + pintura para interior Drywall color blanco . Parales calibre 20 separados cada 40 cm. Especificaciones e instalación según proveedor y los elementos necesarios para su correcta instalación.","m2",{"v":159.8,"d":"159.80"},{"v":261079.16,"d":"$261,079.16"},{"v":41720449.76800001,"d":"$41,720,449.77"},null,{"v":159.8,"d":"159.80"},null,{"v":0,"d":"$0.00"}]
[]
[null,null,"TOTAL DE MUROS",{"$nulls":3},{"$f":"SUM(G781:G788)","v":{"v":1784429964.3913999,"d":"$1,784,429,964.39"}},{"$nulls":3},{"$f":"SUM(K781:K788)","v":{"v":0,"d":"$0.00"}}]
[]
[null,"11.1.2","CIELOS"]
["ESP 11.1.2.1","11.1.2.1","Suministro, transporte  e instalación de CIELO FALSO EN PLACA DE FIBROCEMENTO (SUPERBOARD) 8mm. Incluye suministro, transporte e instalación de placa de fibrocemento de 8mm, masilla, tornillos, perfiles para estructura de soporte, pintura epóxica color blanco puro RAL 90-10 + dilatación perimetral de 1 cm., accesorios, estuco plástico, pintura tres manos o las necesarias hasta obtener una superficie pareja, homogénea y todos los elementos necesarios para su correcta instalación.","m2",{"v":0,"d":"0.00"},{"v":176005.68,"d":"$176,005.68"},{"$f":"F793*E793","v":{"v":0,"d":"$0.00"}},null,{"v":0,"d":"0.00"},null,{"$f":"J793*I793","v":{"v":0,"d":"$0.00"}}]
["ESP 11.1.2.2","11.1.2.2","Suministro, transporte e instalación de CIELO FALSO EN PANEL YESO (DRYWALL) 1/2\". Incluye suministro, transporte e instalación de lámina en panel yeso de 1/2\", masilla, tornillos, perfiles para estructura de soporte, instalación con dilatación perimetral en perfil de 1cm., accesorios, estuco plástico, pintura vinilo tipo 2 tres manos o las necesarias hasta obtener una superficie pareja, homogénea, color a definir según aprobación de la entidad o interventoría y todos los elementos necesarios para su correcta instalación.","m2",{"v":0,"d":"0.00"},{"v":91450.08,"d":"$91,450.08"},{"v":0,"d":"$0.00"},null,{"v":0,"d":"0.00"},null,{"v":0,"d":"$0.00"}]
["ESP 11.1.2.3","11.1.2.3","Suministro, transporte e instalación de Acabado en cielos en Acobarda Pete, marca Acobarda Pete de 12 mm de espesor o similar en cielos descolgado por medio de guaya de acero. Densidad del Acobarda: 191,6 kg/m3, incluye disposición de la lámina de acuerdo a diseño, lamina cortada a medida, corte sencillo, tonalidad: acorde a disponibilidad en catálogo, instalación: descolgado de cielos con guaya hasta 1m de altura, M.O (mano de obra) Altura de instalación: 3 metros de altura y los materiales necesarios para su correcto funcionamiento.","m2",{"v":0,"d":"0.00"},{"v":476039,"d":"$476,039.00"},{"v":0,"d":"$0.00"},null,{"v":0,"d":"0.00"},null,{"v":0,"d":"$0.00"}]
["ESP 11.1.2.4","11.1.2.4","suministro, transporte e instalación de Cielo lineal en perfiles Baffle 100 x 25 cm Ref. de Hunter DougloOas nacional o equivalente. Separación porta panel cada 10cm + perfil en C de sustentación + cuelga para soporte de panel. Color gris acero 6943 brillo 15%. y los elementos necesarios para su correcto funcionamiento. ","m2",{"v":0,"d":"0.00"},{"v":485502.15,"d":"$485,502.15"},{"v":0,"d":"$0.00"},null,{"v":0,"d":"0.00"},null,{"v":0,"d":"$0.00"}]
["ESP 11.1.2.5","11.1.2.5","Suministro, transporte e instalación (remates y anclajes) de Cielo en malla expandida de aluzinc Metal Screen  de Hunter DougloOas o equivalente, terminación no aplicada. Cielo lineal en perfiles Baffle 100 x 25 cm Ref. de Hunter DougloOas nacional o equivalente. Separación porta panel cada 10cm + perfil en C de sustentación + cuelga para soporte de panel. Color gris acero 6943 brillo 15%. Color según diseño y los elementos necesarios para su correcto funcionamiento. ","m2",{"v":0,"d":"0.00"},{"v":413173.88,"d":"$413,173.88"},{"v":0,"d":"$0.00"},null,{"v":0,"d":"0.00"},null,{"v":0,"d":"$0.00"}]
["ESP 11.1.2.6","11.1.2.6","Suministro, transporte e instalación de Cielo en Drywall cleaneo akustik Kauf circular aleatoria plus de alta absorción acústica. Placa de yeso 12,5 mm, marfil visible, velo blanco de fibra acústica, oculta instalaciones y los elementos necesarios para su correcto funcionamiento.","m2",{"v":0,"d":"0.00"},{"v":440325.68,"d":"$440,325.68"},{"v":0,"d":"$0.00"},null,{"v":0,"d":"0.00"},null,{"v":0,"d":"$0.00"}]
["ESP 11.1.2.7","11.1.2.7","Suministro, transporte e instalación DE Cielo Tubrise en aluzinc 4 mm montaje vertical Ref. de Hunter DougloOas o equivalente. Color según diseño. Tubrise vertical longitud 60 cms con terminación perforada. Perforaciones #118 diámetro 200 15% abierto. Sistema de montaje con parrilla de sujeción en malla 100x100 + clip de sujeción en acero inoxidable + escuadra + perno en u en acero galvanizado Separación entre tubos metálicos 60cm.y los elementos necesarios para su correcto funcionamiento.","m2",{"v":0,"d":"0.00"},{"v":1042265.18,"d":"$1,042,265.18"},{"v":0,"d":"$0.00"},null,{"v":0,"d":"0.00"},null,{"v":0,"d":"$0.00"}]
["ESP 11.1.2.8","11.1.2.8","Suministro, transporte e instalación de Cielo en paneles de fieltro lineales HeartFelt Ref. de Hunter DougloOas o equivalente. Paneles de sección rectangular 40mmx55mm instalados sobre porta panel paso 100 + cuelga rígida. Modulación cada 100mm. Colores crema 7575, marrón claro 7576, marrón medio 7577. y los elementos necesarios para su correcto funcionamiento.","m2",{"v":0,"d":"0.00"},{"v":878685.68,"d":"$878,685.68"},{"v":0,"d":"$0.00"},null,{"v":0,"d":"0.00"},null,{"v":0,"d":"$0.00"}]
["ESP 11.1.2.9","11.1.2.9","Suministro, transporte e instalación de  panel Ecophon Solo Matrix descolgado en 30% del espacio. Y los elementos necesarios para su correcto funcionamiento.","m2",{"v":0,"d":"0.00"},{"v":353090.68,"d":"$353,090.68"},{"v":0,"d":"$0.00"},null,{"v":0,"d":"0.00"},null,{"v":0,"d":"$0.00"}]
[null,null,"TOTAL DE CIELOS",{"$nulls":3},{"$f":"SUM(G793:G801)","v":{"v":0,"d":"$0.00"}},{"$nulls":3},{"$f":"SUM(K793:K801)","v":{"v":0,"d":"$0.00"}}]
[]
[null,null,"TOTAL DE MUROS Y CIELOS EN DRYWALL",{"$nulls":3},{"$f":"G802+G790","v":{"v":1784429964.3913999,"d":"$1,784,429,964.39"}},{"$nulls":3},{"$f":"K802+K790","v":{"v":0,"d":"$0.00"}}]
[]
[null,"11.2.0","FACHADA "]
["ESP 11.2.1","11.2.1","Suministro, transporte y colocación de sistema de fachada. conformada por paneles tipo sándwich prefabricados en GFRC según normas UNE 1169 y 1170 o similar. No incluye ventaneria. Incluye diseño técnico, elaboración de planos de taller y sistema de anclajes en acero galvanizado necesarios para la fijación del sistema a la estructura de soporte. Se entrega en obra.(color Quínoa 216). instalación según planos.","m2",{"v":7685.83,"d":"7,685.83"},{"v":835983.17,"d":"$835,983.17"},{"$f":"F807*E807","v":{"v":6425224527.4811,"d":"$6,425,224,527.48"}},null,{"v":7685.83,"d":"7,685.83"},null,{"$f":"J807*I807","v":{"v":0,"d":"$0.00"}}]
[null,"11.2.2","Suministro, transporte e instalación de sello para Sistema de Fachada conformada por paneles tipo sándwich prefabricados en GFRC  o similar, Incluye limpieza de la superficie para así garantizar el sellado, colocación de cordón de respaldo y aplicación de silicona sello tipo Silicona Dow cornig o equivalente, pago de seguridad social y todo el material necesario para su correcta instalación.","m",{"v":4680.47,"d":"4,680.47"},{"v":30271.24,"d":"$30,271.24"},{"$f":"F808*E808","v":{"v":141683630.68280002,"d":"$141,683,630.68"}},null,{"v":4680.47,"d":"4,680.47"},null,{"$f":"J808*I808","v":{"v":0,"d":"$0.00"}}]
[]
[null,null,"TOTAL DE FACHADA ",{"$nulls":3},{"$f":"G807+G808","v":{"v":6566908158.1639,"d":"$6,566,908,158.16"}},{"$nulls":3},{"$f":"K807+K808","v":{"v":0,"d":"$0.00"}}]
[]
[null,"11.3.0","DIVISIONES EN ACERO INOXIDABLES  "]
["ESP 11.3.1","11.3.1","Suministro, transporte e instalación de divisiones en acero inoxidable para baños y duchas en cada nivel del edificio, incluye parales, divisiones, tabiques lisos, puertas, C extrema,  (medidas varias y longitudes variables), incluye los elementos y accesorios necesarios para su correcta instalación y funcionamiento marca Socoda o equivalente. Según especificaciones arquitectónicas","m2",{"v":196.14999999999998,"d":"196.15"},{"v":653266,"d":"$653,266.00"},{"$f":"F813*E813","v":{"v":128138125.89999999,"d":"$128,138,125.90"}},null,{"v":196.14999999999998,"d":"196.15"},null,{"$f":"J813*I813","v":{"v":0,"d":"$0.00"}}]
[null,"11.3.2","Suministro, transporte e instalación de shut de basura En poliéster Reforzado con fibra de vidrio, incluye ducto de longitud total de 29 m, con retardante al fuego de 50 cms de diámetro, Codo en lámina galvanizada, Tramo final en lámina Galvanizada, Cubo o Boca de entrada medidas aprox. 40cm x 35 cm, Accesorios y los demás elementos para su correcta instalación.","un",{"v":2,"d":"2.00"},{"v":13809950,"d":"$13,809,950.00"},{"$f":"F814*E814","v":{"v":27619900,"d":"$27,619,900.00"}},null,{"v":2,"d":"2.00"},null,{"$f":"J814*I814","v":{"v":0,"d":"$0.00"}}]
[null,"11.3.3","Suministro e instalación de escotilla para compuerta de malacate en lamina de aluminio de 2 mm de dimensiones 1,92 X 1,70 m, incluye chaflán en mortero  y todos los elementos necesarios para su correcto funcionamiento","un",{"v":1,"d":"1.00"},{"v":1797050.9699999997,"d":"$1,797,050.97"},{"$f":"F815*E815","v":{"v":1797050.9699999997,"d":"$1,797,050.97"}},null,{"v":1,"d":"1.00"},null,{"$f":"J815*I815","v":{"v":0,"d":"$0.00"}}]
[]
[null,null,"TOTAL DE DIVISIONES EN ACERO INOXIDABLES  ",{"$nulls":3},{"$f":"G813+G814+G815","v":{"v":157555076.86999997,"d":"$157,555,076.87"}},{"$nulls":3},{"$f":"K813+K814+K815","v":{"v":0,"d":"$0.00"}}]
[]
[null,"11.4.0","MARCOS Y PUERTAS METÁLICAS"]
["ESP 11.4.1","11.4.1","Suministro e instalación de puerta enrollable con motor Central BFT 170 para uso comercial. Dimensiones 3.50x 3.20 m  motorreductor electromecánico de dos motores para su automatización, 220v/60HZ, dotado de final de carrera de fácil regulación micrométrica en apertura y cierre, con electro freno incorporado, caja de mando con llave, botonera manual y un control remoto, fleje cerrado hasta 2.10 de altura y el fleje microperforado a partir de 2.10 hacia arriba. Uso comercial máximo 8 ciclos/ día.Garantia: 2 años. Incluye todos los materiales para su correcto  funcionamiento y pintura.  En lo que respecta al suministro eléctrico, el cliente es responsable de proporcionar los puntos de conexión del motor que se soliciten durante la visita técnica. No se incluye la instalación ni adaptación de infraestructura eléctrica dentro del alcance de este servicio ni trabajos de obra civil.","un",{"v":2,"d":"2.00"},{"v":10281600,"d":"$10,281,600.00"},{"$f":"F820*E820","v":{"v":20563200,"d":"$20,563,200.00"}},null,{"v":2,"d":"2.00"},null,{"$f":"J820*I820","v":{"v":0,"d":"$0.00"}}]
["ESP 11.4.2","11.4.2","Suministro e instalación de puerta enrollable con motor Central BFT 235 para uso comercial. Dimensiones 3.50x 4.20 m  motorreductor electromecánico de dos motores para su automatización, 220v/60HZ, dotado de final de carrera de fácil regulación micrométrica en apertura y cierre, con electro freno incorporado, caja de mando con llave, botonera manual y un control remoto, fleje cerrado hasta 2.10 de altura y el fleje microperforado a partir de 2.10 hacia arriba. Uso comercial máximo 8 ciclos/ día.Garantia: 2 años. Incluye todos los materiales para su correcto funcionamiento. En lo que respecta al suministro eléctrico, el cliente es responsable de proporcionar los puntos de conexión del motor que se soliciten durante la visita técnica. No se incluye la instalación ni adaptación de infraestructura eléctrica dentro del alcance de este servicio ni trabajos de obra civil.","un",{"v":1,"d":"1.00"},{"v":12084450,"d":"$12,084,450.00"},{"v":12084450,"d":"$12,084,450.00"},null,{"v":1,"d":"1.00"},null,{"v":0,"d":"$0.00"}]
["ESP 11.4.3","11.4.3","Suministro, transporte e instalación de P-1 Puerta cortafuego  con resistencia al fuego por 60 minutos. Medida 2,10x1,20 m en lámina de acero cold rolled cal 18 + marco en acero cold rolled calibre 16 + acabado en pintura electrostática al polvo color según especificaciones. Bisagras en acero con 4.1/2 con balineras. Barra antipánico instalada a 1.0 m del nivel de piso acabado y los elementos necesarios para su correcto funcionamiento.","un",{"v":17,"d":"17.00"},{"v":3561332.13,"d":"$3,561,332.13"},{"v":60542646.21,"d":"$60,542,646.21"},null,{"v":17,"d":"17.00"},null,{"v":0,"d":"$0.00"}]
["ESP 11.4.4","11.4.4","Suministro, transporte e instalación de P-2A Puerta metálica en lámina de acero cal 18 cold rolled de un ala batiente de 2,40m de altura + montante 0,60 mts x 1.00 ancho. Acabado en pintura electrostática al polvo color RAL 1001 mate o equivalente. Marco metálico 4 cm en acabado igual que la puerta. Chapa y cerradura instaladas a 80 cms del piso a eje de chapa. Soldaduras pulidas y esmeriladas;  dimensiones, refuerzos, fijación, protección e instalación, según detalle específico. ","un",{"v":28,"d":"28.00"},{"v":4430151.13,"d":"$4,430,151.13"},{"v":124044231.64,"d":"$124,044,231.64"},null,{"v":28,"d":"28.00"},null,{"v":0,"d":"$0.00"}]
["ESP 11.4.5","11.4.5","Suministro, transporte e instalación de P-2B Puerta metálica en lámina de acero cal 18 cold rolled de un ala batiente de 2,40m de altura + persiana superior en lámina metálica de 0,60 mts x 1.00 de ancho. Acabado en pintura electrostática al polvo color RAL 1001 mate o equivalente. Marco metálico 4 cm en acabado igual que la puerta. Chapa y cerradura instaladas a 80 cms del piso a eje de chapa. Soldaduras pulidas y esmeriladas;  dimensiones, refuerzos, fijación, protección e instalación, según detalle específico y los elementos necesarios para su correcto funcionamiento.","un",{"v":32,"d":"32.00"},{"v":4195602.13,"d":"$4,195,602.13"},{"v":134259268.16,"d":"$134,259,268.16"},null,{"v":32,"d":"32.00"},null,{"v":0,"d":"$0.00"}]
["ESP 11.4.6","11.4.6","Suministro, transporte e instalación de P-3A Puerta metálica en lámina de acero cal 18 cold rolled de un ala batiente de 2,40m de altura + montante 0,60 mts x 1.20. Acabado en pintura electrostática al polvo color RAL 1001 mate o equivalente. Marco metálico 4 cm en acabado igual que la puerta. Chapa y cerradura instaladas a 80 cms del piso a eje de chapa. Soldaduras pulidas y esmeriladas;  dimensiones, refuerzos, fijación, protección e instalación, según detalle específico y los materiales necesarios para su correcto funcionamiento.","un",{"v":2,"d":"2.00"},{"v":5271957.13,"d":"$5,271,957.13"},{"v":10543914.26,"d":"$10,543,914.26"},null,{"v":2,"d":"2.00"},null,{"v":0,"d":"$0.00"}]
["ESP 11.4.7","11.4.7","Suministro, transporte e instalación de  Puerta caniles batiente de un ala en tubería galvanizada de 1.5″ interna calibre 16. malla eslabonada, 1.23x1.60 para caniles, marco interno en ángulo de 1″1/8; incluye pasador, porta candado y picaporte. Terminada en anticorrosivo y esmalte gris y los elementos necesarios para su correcto funcionamiento.","un",{"v":4,"d":"4.00"},{"v":2894932.13,"d":"$2,894,932.13"},{"v":11579728.52,"d":"$11,579,728.52"},null,{"v":4,"d":"4.00"},null,{"v":0,"d":"$0.00"}]
["ESP 11.4.8","11.4.8","Suministro, transporte e instalación de  P-3B Puerta metálica batiente, medidas de 1.20 x2.4m, de un ala en rejilla en platina metálica inclinada a 45° de 2\" x 1/8\" espaciamiento a 2.5cm + bastidor en lámina metálica galvanizada doblada cal. 20. Marco en lámina metálica galvanizada doblada cal. 18, ancho igual a muro que la recibe. Acabado para todos los elementos en pintura tipo poliuretano color RAL 8028. Barra antipánico instalada a 1.0 m del nivel de piso acabado y el material necesario para su correcto funcionamiento. ","un",{"v":3,"d":"3.00"},{"v":4156332.13,"d":"$4,156,332.13"},{"v":12468996.39,"d":"$12,468,996.39"},null,{"v":3,"d":"3.00"},null,{"v":0,"d":"$0.00"}]
["ESP 11.4.9","11.4.9","Suministro, transporte e instalación de P-4A Puerta metálica batiente de 2 alas, de 2.40x2.00,  en rejilla en platina metálica inclinada a 45° de 2\" x 1/8\" espaciamiento a 2.5cm + bastidor en lámina metálica galvanizada doblada cal. 16. Marco en lámina metálica galvanizada doblada cal. 18, ancho igual a muro que la recibe. Acabado para todos los elementos en pintura tipo poliuretano color RAL 8028. Barra antipánico instalada a 1.0 m del nivel de piso acabado.","un",{"v":1,"d":"1.00"},{"v":6298332.13,"d":"$6,298,332.13"},{"v":6298332.13,"d":"$6,298,332.13"},null,{"v":1,"d":"1.00"},null,{"v":0,"d":"$0.00"}]
["ESP 11.4.10","11.4.10","Suministro, transporte e instalación de P-4B Puerta metálica en lámina de acero cal 18 cold rolled  de dos alas batientes de 2,40m de altura + montante 0,60 mts x 2.00 de ancho. Acabado en pintura electrostática al polvo color RAL 1001 beige mate o equivalente. Marco metálico 4 cm en acabado igual que la puerta. Chapa y cerradura instaladas a 80 cms del piso a eje de chapa. Soldaduras pulidas y esmeriladas;  dimensiones, refuerzos, fijación, protección e instalación, según detalle específico y los elementos necesarios para su correcto funcionamiento","un",{"v":29,"d":"29.00"},{"v":5865529.13,"d":"$5,865,529.13"},{"v":170100344.77,"d":"$170,100,344.77"},null,{"v":29,"d":"29.00"},null,{"v":0,"d":"$0.00"}]
["ESP 11.4.11","11.4.11","Suministro, transporte e instalación de P-4C Puerta metálica batiente de 2 alas en rejilla en platina metálica inclinada a 45° de 2\" x 1/8\" espaciamiento a 2.5cm + bastidor en lámina metálica galvanizada doblada cal. 16, de 2.40x2.00. Marco en lámina metálica galvanizada doblada cal. 18, ancho igual a muro que la recibe. Acabado para todos los elementos en pintura tipo poliuretano color RAL 8028. Barra antipánico instalada a 1.0 m del nivel de piso acabado y los elementos necesarios para su correcto funcionamiento","un",{"v":3,"d":"3.00"},{"v":5746529.13,"d":"$5,746,529.13"},{"v":17239587.39,"d":"$17,239,587.39"},null,{"v":3,"d":"3.00"},null,{"v":0,"d":"$0.00"}]
["ESP 11.4.12","11.4.12","Suministro, transporte e instalación de P-4D Puerta metálica batiente de un ala en rejilla en platina metálica inclinada a 45° de 2\" x 1/8\" espaciamiento a 2.5cm + bastidor en lámina metálica galvanizada doblada cal. 16, e 2.40x2.40. Marco en lámina metálica galvanizada doblada cal. 18, ancho igual a muro que la recibe. Acabado para todos los elementos en pintura tipo poliuretano color RAL 8028. Barra antipánico instalada a 1.0 m del nivel de piso acabado y los materiales necesarios para su correcto funcionamiento.","un",{"v":2,"d":"2.00"},{"v":6429232.13,"d":"$6,429,232.13"},{"v":12858464.26,"d":"$12,858,464.26"},null,{"v":2,"d":"2.00"},null,{"v":0,"d":"$0.00"}]
["ESP 11.4.13","11.4.13","Suministro, transporte  de P-5 Puerta metálica en lámina de acero cal 18 cold rolled, de 2.40x variable entre 1.00 y 1.20, según  especificaciones Parales metálicos 10 cm en acabado igual que la puerta, Acabado en pintura electrostática al polvo color RAL 1001 o equivalente, Soldaduras pulidas y esmeriladas y los materiales necesarios para su correcto funcionamiento.","un",{"v":51,"d":"51.00"},{"v":2728332.13,"d":"$2,728,332.13"},{"v":139144938.63,"d":"$139,144,938.63"},null,{"v":51,"d":"51.00"},null,{"v":0,"d":"$0.00"}]
["ESP 11.4.14","11.4.14","Suministro, transporte e instalación de P-7A Puerta metálica en lámina de acero cal 18 cold rolled de un ala batiente de 2,40m de altura + persiana superior en lámina metálica de 0,60 mts x 0.90 de ancho. Acabado en pintura electrostática al polvo color RAL 1001 mate o equivalente. Marco metálico 4 cm en acabado igual que la puerta. Chapa y cerradura instaladas a 80 cms del piso a eje de chapa. Soldaduras pulidas y esmeriladas;  dimensiones, refuerzos, fijación, protección e instalación, según detalle específico y los materiales necesarios para su correcto funcionamiento.","un",{"v":5,"d":"5.00"},{"v":3664862.13,"d":"$3,664,862.13"},{"v":18324310.65,"d":"$18,324,310.65"},null,{"v":5,"d":"5.00"},null,{"v":0,"d":"$0.00"}]
["ESP 11.4.16","11.4.16","Suministro, transporte e instalación de P-8 Puerta metálica en lámina de acero cal 18 cold rolled de un ala batiente de 2,40m de altura + montante 0,60 mts x 0.70 ancho. Acabado en pintura electrostática al polvo color RAL 1001 mate o equivalente. Marco metálico 4 cm en acabado igual que la puerta. Chapa y cerradura instaladas a 80 cms del piso a eje de chapa. Soldaduras pulidas y esmeriladas;  dimensiones, refuerzos, fijación, protección e instalación, según detalle específico. y los materiales necesarios para su correcto funcionamiento.","un",{"v":5,"d":"5.00"},{"v":3499452.13,"d":"$3,499,452.13"},{"v":17497260.65,"d":"$17,497,260.65"},null,{"v":5,"d":"5.00"},null,{"v":0,"d":"$0.00"}]
["ESP 11.4.17","11.4.17","Suministro, transporte e instalación de P-9 Puerta batiente de dos alas metálica en lámina de acero cal 18 cold rolled 2.40 x 2.40, Parales metálicos 10 cm en acabado igual que la puerta, Acabado en pintura electrostática en polvo color RAL 1001 o equivalente, Soldaduras pulidas y esmeriladas y los materiales necesarios para su correcto funcionamiento.","un",{"v":2,"d":"2.00"},{"v":5822332.13,"d":"$5,822,332.13"},{"v":11644664.26,"d":"$11,644,664.26"},null,{"v":2,"d":"2.00"},null,{"v":0,"d":"$0.00"}]
["ESP 11.4.18","11.4.18","Suministro, transporte e instalación de P-10A Puerta de ala batiente en aluminio 0.51x2.10 con alma en persiana de aluminio color bronce + medio marco en aluminio del mismo color de la puerta. Incluye bisagra y jaladera cuadrada tubular color por definir altura 80 cms de piso acabado y los materiales necesarios para su correcto funcionamiento.","un",{"v":5,"d":"5.00"},{"v":1262252.13,"d":"$1,262,252.13"},{"v":6311260.649999999,"d":"$6,311,260.65"},null,{"v":5,"d":"5.00"},null,{"v":0,"d":"$0.00"}]
["ESP 11.4.19","11.4.19","Suministro, transporte e instalación de P-10B  Puerta de ala batiente en aluminio 0.40x2.10 con alma en persiana de aluminio color bronce + medio marco en aluminio del mismo color de la puerta. Incluye bisagra y jaladera cuadrada tubular color por definir altura 80 cms de piso acabado y los materiales necesarios para su correcto funcionamiento y los materiales necesarios para su correcto funcionamiento.","un",{"v":48,"d":"48.00"},{"v":1203942.13,"d":"$1,203,942.13"},{"v":57789222.239999995,"d":"$57,789,222.24"},null,{"v":48,"d":"48.00"},null,{"v":0,"d":"$0.00"}]
["ESP 11.4.20","11.4.20","Suministro, transporte e instalación de P-11 Puerta corrediza 1 ala batiente en aluminio con alma en persiana de aluminio color bronce, de 120 X 2.10, Riel en aluminio del mismo color de la puerta, Jaladera cuadrada tubular color por definir y los materiales necesarios para su correcto funcionamiento.","un",{"v":12,"d":"12.00"},{"v":3670332.13,"d":"$3,670,332.13"},{"v":44043985.56,"d":"$44,043,985.56"},null,{"v":12,"d":"12.00"},null,{"v":0,"d":"$0.00"}]
["ESP 11.4.21","11.4.21","Suministro, transporte e instalación de puerta P-16 corrediza de dos alas en aluminio (de 3.90x 3.05m) según especificaciones de proveedor 40 STC. Perfilería en aluminio color champaña. Riel superior para sistema de puertas deslizantes en aluminio de alta resistencia del mismo acabado de la perfilería. Tope de seguridad en media luna cromado en piso. Manija tiradera Startec modelo PH 2145 o similar en acero inoxidable diámetro 25mm. cerrojo 170 para puertas en vidrio llave mariposa acabado niquelado ref Yale o similar e incluye  todos los componentes para su correcto funcionamiento.","un",{"v":2,"d":"2.00"},{"v":4460332.13,"d":"$4,460,332.13"},{"v":8920664.26,"d":"$8,920,664.26"},null,{"v":2,"d":"2.00"},null,{"v":0,"d":"$0.00"}]
[null,"11.4.22","Suministro, transporte e instalación de P-2C Puerta metálica en lámina de acero cal 18 cold rolled de un ala batiente de 2,10m de altura + montante 0,30 mts x 1.00 ancho. Acabado en pintura electrostática al polvo color RAL 1001 mate o equivalente. Marco metálico 4 cm en acabado igual que la puerta. Chapa y cerradura instaladas a 90 cms del piso a eje de chapa. Soldaduras pulidas y esmeriladas;  dimensiones, refuerzos, fijación, protección e instalación, según detalle específico. ","un",{"v":4,"d":"4.00"},{"v":1720000,"d":"$1,720,000.00"},{"v":6880000,"d":"$6,880,000.00"},null,{"v":4,"d":"4.00"},null,{"v":0,"d":"$0.00"}]
[null,"11.4.23","Suministro, transporte e instalación de P-2D Puerta metálica en lámina de acero cal 18 cold rolled de un ala batiente de 2,10m de altura + montante en rejilla lámina cold roll 0,60 mts x 1.00 ancho. Acabado en pintura electrostática al polvo color RAL 1001 mate o equivalente. Marco metálico 4 cm en acabado igual que la puerta. Chapa y cerradura instaladas a 90 cms del piso a eje de chapa. Soldaduras pulidas y esmeriladas;  dimensiones, refuerzos, fijación, protección e instalación, según detalle específico. ","un",{"v":9,"d":"9.00"},{"v":1790000,"d":"$1,790,000.00"},{"v":16110000,"d":"$16,110,000.00"},null,{"v":9,"d":"9.00"},null,{"v":0,"d":"$0.00"}]
[]
[null,null,"TOTAL DE MARCOS Y PUERTAS METÁLICAS",{"$nulls":3},{"$f":"SUM(G820:G839)","v":{"v":896259470.6299999,"d":"$896,259,470.63"}},{"$nulls":3},{"$f":"SUM(K820:K839)","v":{"v":0,"d":"$0.00"}}]
[]
[null,"11.5.0","VENTANERIA"]
["ESP 11.5.1","11.5.1","Suministro, transporte e instalación de sistema de ventana modular fija NF-530, es un sistema de cuerpo fijo con perfiles ocultos,  incluye Aluminio: CLEAR ANODIZED, Cristal Laminado No.1 Incoloro 8mm HS + PVB 0.030\" Opaco + Incoloro 6mm HS. Los vidrios son adheridos al marco en fábrica, con silicona estructural, y el montaje en obra es modular, para mayor rapidez y facilidad de instalación. De acuerdo a las alturas y modulaciones de la fachada, se especificó el siguiente sistema para cumplir con las solicitaciones estructurales de acuerdo a la NSR-10. incluye los materiales necesarios para su correcto funcionamiento.","m2",715.47,{"v":1855417.1311040001,"d":"$1,855,417.13"},{"$f":"F846*E846","v":{"v":1327495294.7909791,"d":"$1,327,495,294.79"}},null,715.47,null,{"$f":"J846*I846","v":{"v":0,"d":"$0.00"}}]
["ESP 11.5.2","11.5.2","Suministro, transporte e instalación de Puertas Vidrieras 01,02,03,04,05,06,07,08,09,10,11,12,13, 14, 15, 16 17 18,19 20 21,22  Puerta vidriera de medidas variables , Vidrio divisorio de vidrio templado laminado translúcido de 12 mm. Perfiles de altura máxima de 22 mm y base de 35mm según especificaciones de planos. Color de la perfilería RAL 1001 matel y los elementos necesarios para su correcto funcionamiento.","m2",{"v":1306.54,"d":"1,306.54"},{"v":1076709.8922080002,"d":"$1,076,709.89"},{"$f":"F847*E847","v":{"v":1406764542.5654404,"d":"$1,406,764,542.57"}},null,{"v":1306.54,"d":"1,306.54"},null,{"$f":"J847*I847","v":{"v":0,"d":"$0.00"}}]
[]
[null,null,"TOTAL DE VENTANERIA",{"$nulls":3},{"$f":"SUM(G846:G847)","v":{"v":2734259837.3564196,"d":"$2,734,259,837.36"}},{"$nulls":3},{"$f":"SUM(K846:K847)","v":{"v":0,"d":"$0.00"}}]
[]
[null,"11.6.0","VARIOS CARPINTERÍA METÁLICA"]
["ESP 11.6.1"]
["ESP 11.6.2","11.6.1","Suministro, transporte e instalación de pasamanos de tubo estructural redondo 2\" (medida externa) en 1,5mm (Rodamano), más Pasamanos metálico perfil tubular de 2\" con soportes verticales en tubería metálica de 1/2\" soldada a platina metálica fijada a huellas en concreto con pernos expansivos de fijación más pintura anticorrosiva color RAL 2017.","m",358.75,{"v":550940,"d":"$550,940.00"},{"$f":"F853*E853","v":{"v":197649725,"d":"$197,649,725.00"}},null,358.75,null,{"$f":"J853*I853","v":{"v":0,"d":"$0.00"}}]
["ESP 11.6.3"]
[null,null,"TOTAL DE VARIOS CARPINTERÍA METÁLICA",{"$nulls":3},{"$f":"SUM(G852:G854)","v":{"v":197649725,"d":"$197,649,725.00"}},{"$nulls":3},{"$f":"SUM(K852:K854)","v":{"v":0,"d":"$0.00"}}]
[null,null,"TOTAL DE CARPINTERÍA METÁLICA/MADERA/FACHADA/SISTEMAS LIVIANOS",{"$nulls":3},{"$f":"SUM(G855+G849+G843+G817+G810+G804)","v":{"v":12337062232.41172,"d":"$12,337,062,232.41"}},{"$nulls":3},{"$f":"SUM(K855+K849+K843+K817+K810+K804)","v":{"v":0,"d":"$0.00"}}]
[]
[null,"12.0.0","AIRE ACONDICIONADO"]
[]
[null,"12.1.0","EQUIPOS"]
[]
[null,"12.1.1","UNIDADES CASSETTE PARA AGUA HELADA"]
["ESP 12.1.1.1","12.1.1.1","Suministro y transporte de unidad cassette para agua helada C4VW #1A-B-C: Circulaciones ","un",{"v":3,"d":"3.00"},{"v":5700487,"d":"$5,700,487.00"},{"$f":"F863*E863","v":{"v":17101461,"d":"$17,101,461.00"}},null,{"v":3,"d":"3.00"},null,{"$f":"J863*I863","v":{"v":0,"d":"$0.00"}}]
["ESP 12.1.1.2","12.1.1.2","Suministro y transporte de unidad cassette para agua helada C4VW #2: Recepción","un",{"v":1,"d":"1.00"},{"v":6106931,"d":"$6,106,931.00"},{"v":6106931,"d":"$6,106,931.00"},null,{"v":1,"d":"1.00"},null,{"v":0,"d":"$0.00"}]
["ESP 12.1.1.3","12.1.1.3","Suministro y transporte de unidad cassette para agua helada C4VW #3A-B: área de crecimiento  ","un",{"v":2,"d":"2.00"},{"v":5783623,"d":"$5,783,623.00"},{"v":11567246,"d":"$11,567,246.00"},null,{"v":2,"d":"2.00"},null,{"v":0,"d":"$0.00"}]
["ESP 12.1.1.4","12.1.1.4","Suministro y transporte de unidad cassette para agua helada C4VW #4A-B: CEACO ","un",{"v":2,"d":"2.00"},{"v":6337866,"d":"$6,337,866.00"},{"v":12675732,"d":"$12,675,732.00"},null,{"v":2,"d":"2.00"},null,{"v":0,"d":"$0.00"}]
["ESP 12.1.1.5","12.1.1.5","Suministro y transporte de unidad cassette para agua helada C4VW #5A-B-C: CECAT  ","un",{"v":3,"d":"3.00"},{"v":6337866,"d":"$6,337,866.00"},{"v":19013598,"d":"$19,013,598.00"},null,{"v":3,"d":"3.00"},null,{"v":0,"d":"$0.00"}]
["ESP 12.1.1.6","12.1.1.6","Suministro y transporte de unidad cassette para agua helada C4VW #6: CRI","un",{"v":1,"d":"1.00"},{"v":6337866,"d":"$6,337,866.00"},{"v":6337866,"d":"$6,337,866.00"},null,{"v":1,"d":"1.00"},null,{"v":0,"d":"$0.00"}]
["ESP 12.1.1.7","12.1.1.7","Suministro y transporte de unidad cassette para agua helada C4VW #7A-B: fucde ","un",{"v":2,"d":"2.00"},{"v":6337866,"d":"$6,337,866.00"},{"v":12675732,"d":"$12,675,732.00"},null,{"v":2,"d":"2.00"},null,{"v":0,"d":"$0.00"}]
["ESP 12.1.1.8","12.1.1.8","Suministro y transporte de unidad cassette para agua helada C4VW #8A-B: gruan ","un",{"v":2,"d":"2.00"},{"v":6337866,"d":"$6,337,866.00"},{"v":12675732,"d":"$12,675,732.00"},null,{"v":2,"d":"2.00"},null,{"v":0,"d":"$0.00"}]
["ESP 12.1.1.9","12.1.1.9","Suministro y transporte de unidad cassette para agua helada C4VW #10A-B-C-D-E-F-G-H-I-J-K-L: área de oficina central","un",{"v":12,"d":"12.00"},{"v":6439477,"d":"$6,439,477.00"},{"v":77273724,"d":"$77,273,724.00"},null,{"v":12,"d":"12.00"},null,{"v":0,"d":"$0.00"}]
["ESP 12.1.1.10","12.1.1.10","Suministro y transporte de unidad de cassete para agua helada C4VW #11A-B: administrativo","un",{"v":2,"d":"2.00"},{"v":6338208,"d":"$6,338,208.00"},{"v":12676416,"d":"$12,676,416.00"},null,{"v":2,"d":"2.00"},null,{"v":0,"d":"$0.00"}]
["ESP 12.1.1.11","12.1.1.11","Suministro y transporte de  unidad de cassete para agua helada C4VW #12A-B: boletines","un",{"v":2,"d":"2.00"},{"v":6439477,"d":"$6,439,477.00"},{"v":12878954,"d":"$12,878,954.00"},null,{"v":2,"d":"2.00"},null,{"v":0,"d":"$0.00"}]
["ESP 12.1.1.12","12.1.1.12","Suministro y transporte de  unidad de cassete para agua helada C4VW #13A-B-C: GSI","un",{"v":3,"d":"3.00"},{"v":6439477,"d":"$6,439,477.00"},{"v":19318431,"d":"$19,318,431.00"},null,{"v":3,"d":"3.00"},null,{"v":0,"d":"$0.00"}]
["ESP 12.1.1.13","12.1.1.13","Suministro y transporte de  unidad de cassete para agua helada C4VW #14: jefatura","un",{"v":1,"d":"1.00"},{"v":6338208,"d":"$6,338,208.00"},{"v":6338208,"d":"$6,338,208.00"},null,{"v":1,"d":"1.00"},null,{"v":0,"d":"$0.00"}]
["ESP 12.1.1.14","12.1.1.14","Suministro y transporte de unidad de cassete para agua helada C4VW #15 A-B-C-D-E-F-G: medioambiente y otras áreas","un",{"v":7,"d":"7.00"},{"v":6439477,"d":"$6,439,477.00"},{"v":45076339,"d":"$45,076,339.00"},null,{"v":7,"d":"7.00"},null,{"v":0,"d":"$0.00"}]
["ESP 12.1.1.15","12.1.1.15","Suministro y transporte de unidad cassette para agua helada C4VW #16 A-B: oficina superior izquierda","un",{"v":2,"d":"2.00"},{"v":6439477,"d":"$6,439,477.00"},{"v":12878954,"d":"$12,878,954.00"},null,{"v":2,"d":"2.00"},null,{"v":0,"d":"$0.00"}]
[]
[null,null,"TOTAL DE UNIDADES CASSETTE PARA AGUA HELADA",{"$nulls":3},{"$f":"SUM(G863:G877)","v":{"v":284595324,"d":"$284,595,324.00"}},{"$nulls":3},{"$f":"SUM(K863:K877)","v":{"v":0,"d":"$0.00"}}]
[]
[null,"12.1.2","UNIDADES FAN COIL DE DUCTO PARA AGUA HELADA"]
["ESP 12.1.2.1","12.1.2.1","Suministro y transporte  de unidad cassette para agua helada FCW #1A-B: Cuarto telecomunicaciones ","un",{"v":2,"d":"2.00"},{"v":10319516,"d":"$10,319,516.00"},{"$f":"F882*E882","v":{"v":20639032,"d":"$20,639,032.00"}},null,{"v":2,"d":"2.00"},null,{"$f":"J882*I882","v":{"v":0,"d":"$0.00"}}]
["ESP 12.1.2.2","12.1.2.2","Suministro  y transporte de unidad cassette para agua helada  FCW #2: Documentación + armerillo ","un",{"v":1,"d":"1.00"},{"v":7011168,"d":"$7,011,168.00"},{"v":7011168,"d":"$7,011,168.00"},null,{"v":1,"d":"1.00"},null,{"v":0,"d":"$0.00"}]
["ESP 12.1.2.3","12.1.2.3","Suministro, transporte  de unidad cassette para agua helada  FCW #3: locutorio bodega ","un",{"v":1,"d":"1.00"},{"v":8479910,"d":"$8,479,910.00"},{"v":8479910,"d":"$8,479,910.00"},null,{"v":1,"d":"1.00"},null,{"v":0,"d":"$0.00"}]
["ESP 12.1.2.4","12.1.2.4","Suministro  y transporte de  unidad cassette para agua helada FCW #4: CCTV Int.","un",{"v":1,"d":"1.00"},{"v":8479910,"d":"$8,479,910.00"},{"v":8479910,"d":"$8,479,910.00"},null,{"v":1,"d":"1.00"},null,{"v":0,"d":"$0.00"}]
["ESP 12.1.2.5","12.1.2.5","Suministro   y transporte de unidad cassette para agua helada FCW #5: Área de descanso ","un",{"v":1,"d":"1.00"},{"v":7962617,"d":"$7,962,617.00"},{"v":7962617,"d":"$7,962,617.00"},null,{"v":1,"d":"1.00"},null,{"v":0,"d":"$0.00"}]
["ESP 12.1.2.6","12.1.2.6","Suministro  y transporte de unidad cassette para agua helada FCW #6: Agamenón ","un",{"v":1,"d":"1.00"},{"v":7962617,"d":"$7,962,617.00"},{"v":7962617,"d":"$7,962,617.00"},null,{"v":1,"d":"1.00"},null,{"v":0,"d":"$0.00"}]
["ESP 12.1.2.7","12.1.2.7","Suministro, transporte  de unidad cassette para agua helada FCW #7A-B: Anticorrupción ","un",{"v":2,"d":"2.00"},{"v":7962617,"d":"$7,962,617.00"},{"v":15925234,"d":"$15,925,234.00"},null,{"v":2,"d":"2.00"},null,{"v":0,"d":"$0.00"}]
["ESP 12.1.2.8","12.1.2.8","Suministro  y transporte de unidad cassette para agua helada FCW #8: Antinarcóticos  ","un",{"v":1,"d":"1.00"},{"v":7962617,"d":"$7,962,617.00"},{"v":7962617,"d":"$7,962,617.00"},null,{"v":1,"d":"1.00"},null,{"v":0,"d":"$0.00"}]
["ESP 12.1.2.9","12.1.2.9","Suministro  y transporte de unidad cassette para agua helada FCW #9A-B-C-D-E: cecib ","un",{"v":5,"d":"5.00"},{"v":9653057,"d":"$9,653,057.00"},{"v":48265285,"d":"$48,265,285.00"},null,{"v":5,"d":"5.00"},null,{"v":0,"d":"$0.00"}]
["ESP 12.1.2.10","12.1.2.10","Suministro  y transporte de unidad cassette para agua helada FCW #10: comedor cafetín ","un",{"v":1,"d":"1.00"},{"v":9653057,"d":"$9,653,057.00"},{"v":9653057,"d":"$9,653,057.00"},null,{"v":1,"d":"1.00"},null,{"v":0,"d":"$0.00"}]
["ESP 12.1.2.11","12.1.2.11","Suministro  y transporte de unidad cassette para agua helada FCW #11: contratistas ","un",{"v":1,"d":"1.00"},{"v":9653057,"d":"$9,653,057.00"},{"v":9653057,"d":"$9,653,057.00"},null,{"v":1,"d":"1.00"},null,{"v":0,"d":"$0.00"}]
["ESP 12.1.2.12","12.1.2.12","Suministro  y transporte de unidad cassette para agua helada FCW #12: coordinador coopad","un",{"v":1,"d":"1.00"},{"v":10318148,"d":"$10,318,148.00"},{"v":10318148,"d":"$10,318,148.00"},null,{"v":1,"d":"1.00"},null,{"v":0,"d":"$0.00"}]
["ESP 12.1.2.13","12.1.2.13","Suministro  y transporte de unidad cassette para agua helada FCW #13A-B: cuarto teleco ","un",{"v":2,"d":"2.00"},{"v":10318148,"d":"$10,318,148.00"},{"v":20636296,"d":"$20,636,296.00"},null,{"v":2,"d":"2.00"},null,{"v":0,"d":"$0.00"}]
["ESP 12.1.2.14","12.1.2.14","Suministro  y transporte de unidad cassette para agua helada FCW #14: delitos ","un",{"v":1,"d":"1.00"},{"v":7962617,"d":"$7,962,617.00"},{"v":7962617,"d":"$7,962,617.00"},null,{"v":1,"d":"1.00"},null,{"v":0,"d":"$0.00"}]
["ESP 12.1.2.15","12.1.2.15","Suministro  y transporte de unidad cassette para agua helada FCW #15: elite ponal ","un",{"v":1,"d":"1.00"},{"v":7962617,"d":"$7,962,617.00"},{"v":7962617,"d":"$7,962,617.00"},null,{"v":1,"d":"1.00"},null,{"v":0,"d":"$0.00"}]
["ESP 12.1.2.16","12.1.2.16","Suministro  y transporte de unidad cassette para agua helada FCW #16A-B-C: territorial ","un",{"v":3,"d":"3.00"},{"v":10318148,"d":"$10,318,148.00"},{"v":30954444,"d":"$30,954,444.00"},null,{"v":3,"d":"3.00"},null,{"v":0,"d":"$0.00"}]
["ESP 12.1.2.17","12.1.2.17","Suministro, transporte  de unidad cassette para agua helada FCW #17: Extinción ","un",{"v":1,"d":"1.00"},{"v":7962617,"d":"$7,962,617.00"},{"v":7962617,"d":"$7,962,617.00"},null,{"v":1,"d":"1.00"},null,{"v":0,"d":"$0.00"}]
["ESP 12.1.2.18","12.1.2.18","Suministro  y transporte de unidad cassette para agua helada FCW #18: Fiscales ","un",{"v":1,"d":"1.00"},{"v":7011168,"d":"$7,011,168.00"},{"v":7011168,"d":"$7,011,168.00"},null,{"v":1,"d":"1.00"},null,{"v":0,"d":"$0.00"}]
["ESP 12.1.2.19","12.1.2.19","Suministro  y transporte de unidad cassette para agua helada FCW #19: GRATE ","un",{"v":1,"d":"1.00"},{"v":7962617,"d":"$7,962,617.00"},{"v":7962617,"d":"$7,962,617.00"},null,{"v":1,"d":"1.00"},null,{"v":0,"d":"$0.00"}]
["ESP 12.1.2.20","12.1.2.20","Suministro  y transporte de unidad cassette para agua helada  FCW #20: HALL","un",{"v":1,"d":"1.00"},{"v":7445324,"d":"$7,445,324.00"},{"v":7445324,"d":"$7,445,324.00"},null,{"v":1,"d":"1.00"},null,{"v":0,"d":"$0.00"}]
["ESP 12.1.2.21","12.1.2.21","Suministro  y transporte de unidad cassette para agua helada FCW #21: HSI ","un",{"v":1,"d":"1.00"},{"v":7445324,"d":"$7,445,324.00"},{"v":7445324,"d":"$7,445,324.00"},null,{"v":1,"d":"1.00"},null,{"v":0,"d":"$0.00"}]
["ESP 12.1.2.22","12.1.2.22","Suministro, transporte de unidad cassette para agua helada FCW #22: lavados ","un",{"v":1,"d":"1.00"},{"v":7962617,"d":"$7,962,617.00"},{"v":7962617,"d":"$7,962,617.00"},null,{"v":1,"d":"1.00"},null,{"v":0,"d":"$0.00"}]
["ESP 12.1.2.23","12.1.2.23","Suministro  y transporte de unidad cassette para agua helada FCW #23: personal ","un",{"v":1,"d":"1.00"},{"v":7962617,"d":"$7,962,617.00"},{"v":7962617,"d":"$7,962,617.00"},null,{"v":1,"d":"1.00"},null,{"v":0,"d":"$0.00"}]
["ESP 12.1.2.24","12.1.2.24","Suministro  y transporte de unidad cassette para agua helada FCW #24: sala de reuniones ","un",{"v":1,"d":"1.00"},{"v":7962617,"d":"$7,962,617.00"},{"v":7962617,"d":"$7,962,617.00"},null,{"v":1,"d":"1.00"},null,{"v":0,"d":"$0.00"}]
["ESP 12.1.2.25","12.1.2.25","Suministro  y transporte de unidad cassette para agua helada FCW #25: sala estratégica ","un",{"v":1,"d":"1.00"},{"v":8479910,"d":"$8,479,910.00"},{"v":8479910,"d":"$8,479,910.00"},null,{"v":1,"d":"1.00"},null,{"v":0,"d":"$0.00"}]
["ESP 12.1.2.26","12.1.2.26","Suministro  y transporte de unidad cassette para agua helada FCW #26A-B-C-D: SISC ","un",{"v":4,"d":"4.00"},{"v":10318148,"d":"$10,318,148.00"},{"v":41272592,"d":"$41,272,592.00"},null,{"v":4,"d":"4.00"},null,{"v":0,"d":"$0.00"}]
["ESP 12.1.2.27","12.1.2.27","Suministro  y transporte de unidad cassette para agua helada FCW #27: subsecretario ","un",{"v":1,"d":"1.00"},{"v":8479910,"d":"$8,479,910.00"},{"v":8479910,"d":"$8,479,910.00"},null,{"v":1,"d":"1.00"},null,{"v":0,"d":"$0.00"}]
["ESP 12.1.2.28","12.1.2.28","Suministro  y transporte de bandejas adicionales en lámina para manejo de condensados FCW#1A-B-2-3-4-5 ","un",{"v":91,"d":"91.00"},{"v":615825,"d":"$615,825.00"},{"v":56040075,"d":"$56,040,075.00"},null,{"v":91,"d":"91.00"},null,{"v":0,"d":"$0.00"}]
["ESP 12.1.2.29","12.1.2.29","Suministro y transporte de unidad cassette para agua helada FCW #30A-B-C: Archivo","un",{"v":3,"d":"3.00"},{"v":10318148,"d":"$10,318,148.00"},{"v":30954444,"d":"$30,954,444.00"},null,{"v":3,"d":"3.00"},null,{"v":0,"d":"$0.00"}]
["ESP 12.1.2.30","12.1.2.30","Suministro y transporte de unidad cassette para agua helada FCW #31: Asesores cafetín","un",{"v":1,"d":"1.00"},{"v":7962617,"d":"$7,962,617.00"},{"v":7962617,"d":"$7,962,617.00"},null,{"v":1,"d":"1.00"},null,{"v":0,"d":"$0.00"}]
["ESP 12.1.2.31","12.1.2.31","Suministro y transporte de unidad cassette para agua helada FCW #32: contratista-asistencial secretaria","un",{"v":1,"d":"1.00"},{"v":10318148,"d":"$10,318,148.00"},{"v":10318148,"d":"$10,318,148.00"},null,{"v":1,"d":"1.00"},null,{"v":0,"d":"$0.00"}]
["ESP 12.1.2.32","12.1.2.32","Suministro y transporte de unidad cassette para agua helada FCW #33A-B: convivencia ciudadana","un",{"v":2,"d":"2.00"},{"v":8997203,"d":"$8,997,203.00"},{"v":17994406,"d":"$17,994,406.00"},null,{"v":2,"d":"2.00"},null,{"v":0,"d":"$0.00"}]
["ESP 12.1.2.33","12.1.2.33","Suministro y transporte de unidad cassette para agua helada FCW #34: comedor cafetín","un",{"v":1,"d":"1.00"},{"v":8997203,"d":"$8,997,203.00"},{"$f":"F914*E914","v":{"v":8997203,"d":"$8,997,203.00"}},null,{"v":1,"d":"1.00"},null,{"$f":"J914*I914","v":{"v":0,"d":"$0.00"}}]
["ESP 12.1.2.34","12.1.2.34","Suministro y transporte de unidad cassette para agua helada FCW #35A-B: cuarto telecomunicaciones","un",{"v":2,"d":"2.00"},{"v":10318148,"d":"$10,318,148.00"},{"v":20636296,"d":"$20,636,296.00"},null,{"v":2,"d":"2.00"},null,{"v":0,"d":"$0.00"}]
["ESP 12.1.2.35","12.1.2.35","Suministro y transporte de unidad cassette para agua helada FCW #36: escoltas","un",{"v":1,"d":"1.00"},{"v":7011168,"d":"$7,011,168.00"},{"v":7011168,"d":"$7,011,168.00"},null,{"v":1,"d":"1.00"},null,{"v":0,"d":"$0.00"}]
["ESP 12.1.2.36","12.1.2.36","Suministro y transporte de unidad cassette para agua helada FCW #37A-B: monitores redes sociales","un",{"v":2,"d":"2.00"},{"v":7962617,"d":"$7,962,617.00"},{"v":15925234,"d":"$15,925,234.00"},null,{"v":2,"d":"2.00"},null,{"v":0,"d":"$0.00"}]
["ESP 12.1.2.37","12.1.2.37","Suministro y transporte de unidad cassette para agua helada FCW #38: secretario","un",{"v":1,"d":"1.00"},{"v":10318148,"d":"$10,318,148.00"},{"v":10318148,"d":"$10,318,148.00"},null,{"v":1,"d":"1.00"},null,{"v":0,"d":"$0.00"}]
["ESP 12.1.2.38","12.1.2.38","Suministro y transporte de unidad cassette para agua helada FCW #39: subsecretario de planeación","un",{"v":1,"d":"1.00"},{"v":7962617,"d":"$7,962,617.00"},{"v":7962617,"d":"$7,962,617.00"},null,{"v":1,"d":"1.00"},null,{"v":0,"d":"$0.00"}]
["ESP 12.1.2.39","12.1.2.39","Suministro y transporte de unidad cassette para agua helada FCW #40: asistencial secretaria","un",{"v":1,"d":"1.00"},{"v":7962617,"d":"$7,962,617.00"},{"v":7962617,"d":"$7,962,617.00"},null,{"v":1,"d":"1.00"},null,{"v":0,"d":"$0.00"}]
["ESP 12.1.2.40","12.1.2.40","Suministro y transporte de unidad cassette para agua helada FCW #41: sala de reuniones 12P","un",{"v":1,"d":"1.00"},{"v":8479910,"d":"$8,479,910.00"},{"v":8479910,"d":"$8,479,910.00"},null,{"v":1,"d":"1.00"},null,{"v":0,"d":"$0.00"}]
["ESP 12.1.2.41","12.1.2.41","Suministro y transporte de unidad cassette para agua helada FCW #42: sala de reuniones 12P","un",{"v":1,"d":"1.00"},{"v":8479910,"d":"$8,479,910.00"},{"v":8479910,"d":"$8,479,910.00"},null,{"v":1,"d":"1.00"},null,{"v":0,"d":"$0.00"}]
["ESP 12.1.2.42","12.1.2.42","Suministro y transporte de unidad cassette para agua helada FCW #43: sala de reuniones 8P","un",{"v":1,"d":"1.00"},{"v":7962617,"d":"$7,962,617.00"},{"v":7962617,"d":"$7,962,617.00"},null,{"v":1,"d":"1.00"},null,{"v":0,"d":"$0.00"}]
["ESP 12.1.2.43","12.1.2.43","Suministro y transporte de unidad cassette para agua helada FCW #44: Sala de reuniones 8P","un",{"v":1,"d":"1.00"},{"v":7962617,"d":"$7,962,617.00"},{"v":7962617,"d":"$7,962,617.00"},null,{"v":1,"d":"1.00"},null,{"v":0,"d":"$0.00"}]
["ESP 12.1.2.44","12.1.2.44","Suministro y transporte de unidad cassette para agua helada FCW #45: sala de reuniones secretario","un",{"v":1,"d":"1.00"},{"v":7962617,"d":"$7,962,617.00"},{"v":7962617,"d":"$7,962,617.00"},null,{"v":1,"d":"1.00"},null,{"v":0,"d":"$0.00"}]
["ESP 12.1.2.45","12.1.2.45","Suministro y transporte de unidad cassette para agua helada FCW #46A-B: cad melva sala de grabación","un",{"v":2,"d":"2.00"},{"v":10318148,"d":"$10,318,148.00"},{"v":20636296,"d":"$20,636,296.00"},null,{"v":2,"d":"2.00"},null,{"v":0,"d":"$0.00"}]
["ESP 12.1.2.46","12.1.2.46","Suministro y transporte de unidad cassette para agua helada FCW #47A-B-C: comedor","un",{"v":3,"d":"3.00"},{"v":10318148,"d":"$10,318,148.00"},{"v":30954444,"d":"$30,954,444.00"},null,{"v":3,"d":"3.00"},null,{"v":0,"d":"$0.00"}]
["ESP 12.1.2.47","12.1.2.47","Suministro y transporte de unidad cassette para agua helada FCW #48A-B: cuarto telecomunicaciones","un",{"v":1,"d":"1.00"},{"v":7962617,"d":"$7,962,617.00"},{"v":7962617,"d":"$7,962,617.00"},null,{"v":1,"d":"1.00"},null,{"v":0,"d":"$0.00"}]
["ESP 12.1.2.48","12.1.2.48","Suministro y transporte de unidad cassette para agua helada FCW #49: sala de entrenamiento 2","un",{"v":1,"d":"1.00"},{"v":10318148,"d":"$10,318,148.00"},{"v":10318148,"d":"$10,318,148.00"},null,{"v":1,"d":"1.00"},null,{"v":0,"d":"$0.00"}]
["ESP 12.1.2.49","12.1.2.49","Suministro y transporte de unidad cassette para agua helada FCW #50: sala de entrenamiento 1","un",{"v":2,"d":"2.00"},{"v":8997203,"d":"$8,997,203.00"},{"v":17994406,"d":"$17,994,406.00"},null,{"v":2,"d":"2.00"},null,{"v":0,"d":"$0.00"}]
["ESP 12.1.2.50","12.1.2.50","Suministro y transporte de unidad cassette para agua helada FCW #51A-B: sala de reunión formación","un",{"v":1,"d":"1.00"},{"v":8997203,"d":"$8,997,203.00"},{"v":8997203,"d":"$8,997,203.00"},null,{"v":1,"d":"1.00"},null,{"v":0,"d":"$0.00"}]
["ESP 12.1.2.51","12.1.2.51","Suministro y transporte de unidad cassette para agua helada FCW #52A-B-C: soporte tecnología","un",{"v":2,"d":"2.00"},{"v":10318148,"d":"$10,318,148.00"},{"v":20636296,"d":"$20,636,296.00"},null,{"v":2,"d":"2.00"},null,{"v":0,"d":"$0.00"}]
["ESP 12.1.2.52","12.1.2.52","Suministro y transporte de unidad cassette para agua helada FCW #53A-B: visualizadores","un",{"v":1,"d":"1.00"},{"v":7011168,"d":"$7,011,168.00"},{"v":7011168,"d":"$7,011,168.00"},null,{"v":1,"d":"1.00"},null,{"v":0,"d":"$0.00"}]
["ESP 12.1.2.53","12.1.2.53","Suministro y transporte de unidad cassette para agua helada FCW #54: recepción","un",{"v":2,"d":"2.00"},{"v":7962617,"d":"$7,962,617.00"},{"v":15925234,"d":"$15,925,234.00"},null,{"v":2,"d":"2.00"},null,{"v":0,"d":"$0.00"}]
["ESP  12.1.2.54","12.1.2.54","Suministro y transporte de unidad cassette para agua helada FCW #55: cafetín","un",{"v":1,"d":"1.00"},{"v":10318148,"d":"$10,318,148.00"},{"v":10318148,"d":"$10,318,148.00"},null,{"v":1,"d":"1.00"},null,{"v":0,"d":"$0.00"}]
["ESP 12.1.2.55","12.1.2.55","Suministro y transporte de unidad cassette para agua helada FCW #56 : circulación","un",{"v":1,"d":"1.00"},{"v":10318148,"d":"$10,318,148.00"},{"v":10318148,"d":"$10,318,148.00"},null,{"v":1,"d":"1.00"},null,{"v":0,"d":"$0.00"}]
["ESP 12.1.2.56","12.1.2.56","Suministro y transporte de unidad cassette para agua helada FCW #57A-B: Cuarto telecomunicaciones","un",{"v":1,"d":"1.00"},{"v":10318148,"d":"$10,318,148.00"},{"v":10318148,"d":"$10,318,148.00"},null,{"v":1,"d":"1.00"},null,{"v":0,"d":"$0.00"}]
["ESP 12.1.2.57","12.1.2.57","Suministro y transporte de unidad cassette para agua helada FCW #58A-B-C: recepción","un",{"v":1,"d":"1.00"},{"v":8997203,"d":"$8,997,203.00"},{"v":8997203,"d":"$8,997,203.00"},null,{"v":1,"d":"1.00"},null,{"v":0,"d":"$0.00"}]
["ESP 12.1.2.58","12.1.2.58","Suministro y transporte de unidad cassette para agua helada FCW #59A-B: área de mantenimiento ","un",{"v":2,"d":"2.00"},{"v":10318148,"d":"$10,318,148.00"},{"v":20636296,"d":"$20,636,296.00"},null,{"v":2,"d":"2.00"},null,{"v":0,"d":"$0.00"}]
["ESP 12.1.2.59","12.1.2.59","Suministro y transporte de unidad cassette para agua helada FCW #60 : circulación","un",{"v":1,"d":"1.00"},{"v":10318148,"d":"$10,318,148.00"},{"v":10318148,"d":"$10,318,148.00"},null,{"v":1,"d":"1.00"},null,{"v":0,"d":"$0.00"}]
["ESP 12.1.2.60","12.1.2.60","Suministro y transporte de unidad cassette para agua helada FCW #61A-B: Equipo Adm SIES M","un",{"v":2,"d":"2.00"},{"v":7962617,"d":"$7,962,617.00"},{"v":15925234,"d":"$15,925,234.00"},null,{"v":2,"d":"2.00"},null,{"v":0,"d":"$0.00"}]
["ESP 12.1.2.61","12.1.2.61","Suministro y transporte de unidad cassette para agua helada FCW #62: sala auxiliar de crisis","un",{"v":1,"d":"1.00"},{"v":10318148,"d":"$10,318,148.00"},{"v":10318148,"d":"$10,318,148.00"},null,{"v":1,"d":"1.00"},null,{"v":0,"d":"$0.00"}]
["ESP 12.1.2.62","12.1.2.62","Suministro y transporte de unidad cassette para agua helada FCW #63: sala de juntas","un",{"v":1,"d":"1.00"},{"v":10318148,"d":"$10,318,148.00"},{"v":10318148,"d":"$10,318,148.00"},null,{"v":1,"d":"1.00"},null,{"v":0,"d":"$0.00"}]
["ESP 12.1.2.63","12.1.2.63","Suministro y transporte de unidad cassette para agua helada FCW #64A-B: cuarto telecomunicaciones","un",{"v":2,"d":"2.00"},{"v":10318148,"d":"$10,318,148.00"},{"v":20636296,"d":"$20,636,296.00"},null,{"v":2,"d":"2.00"},null,{"v":0,"d":"$0.00"}]
["ESP 12.1.2.64","12.1.2.64","Suministro y transporte de unidad cassette para agua helada FCW #29A-B-C: apoyo gestión contra.","un",{"v":3,"d":"3.00"},{"v":10318148,"d":"$10,318,148.00"},{"v":30954444,"d":"$30,954,444.00"},null,{"v":3,"d":"3.00"},null,{"v":0,"d":"$0.00"}]
[]
[null,null,"TOTAL DE UNIDADES FAN COIL DE DUCTO PARA AGUA HELADA",{"$nulls":3},{"$f":"SUM(G882:G945)","v":{"v":892200756,"d":"$892,200,756.00"}},{"$nulls":3},{"$f":"SUM(K882:K945)","v":{"v":0,"d":"$0.00"}}]
[]
[null,"12.1.3","UNIDAD DE VENTILACIÓN DE INDUCCIÓN PARQUEADERO"]
["ESP 12.1.3.1","12.1.3.1","Suministro  y transporte de unidad de ventilación de inducción UVIC#1-2-3: Parqueadero Piso 1 y UVIC#1-2-3-4-5-6-7: Parqueadero Piso 2","un",{"v":10,"d":"10.00"},{"v":10163576,"d":"$10,163,576.00"},{"$f":"F950*E950","v":{"v":101635760,"d":"$101,635,760.00"}},null,{"v":10,"d":"10.00"},null,{"$f":"J950*I950","v":{"v":0,"d":"$0.00"}}]
["ESP 12.1.3.2","12.1.3.2","Suministro y transporte de Controlador para funcionamiento paralelo de la unidad de ventilación de inducción: parqueaderos","un",{"v":2,"d":"2.00"},{"v":1266383,"d":"$1,266,383.00"},{"$f":"F951*E951","v":{"v":2532766,"d":"$2,532,766.00"}},null,{"v":2,"d":"2.00"},null,{"$f":"J951*I951","v":{"v":0,"d":"$0.00"}}]
["ESP 12.1.3.3","12.1.3.3","Suministro y transporte de Sensor de CO de la unidad de ventilación de inducción: parqueaderos","un",{"v":6,"d":"6.00"},{"v":4509960,"d":"$4,509,960.00"},{"$f":"F952*E952","v":{"v":27059760,"d":"$27,059,760.00"}},null,{"v":6,"d":"6.00"},null,{"$f":"J952*I952","v":{"v":0,"d":"$0.00"}}]
[]
[null,null,"TOTAL DE UNIDAD DE VENTILACIÓN DE INDUCCIÓN PARQUEADERO",{"$nulls":3},{"$f":"SUM(G950:G952)","v":{"v":131228286,"d":"$131,228,286.00"}},{"$nulls":3},{"$f":"SUM(K950:K952)","v":{"v":0,"d":"$0.00"}}]
[]
[null,"12.1.4","VENTILADOR TUBOAXIAL EN LÍNEA"]
["ESP 12.1.4.1","12.1.4.1","Suministro y transporte  de ventilador tuboaxial en línea UVVVAI#1: inyección central parqueadero ","un",{"v":1,"d":"1.00"},{"v":23097995,"d":"$23,097,995.00"},{"$f":"F957*E957","v":{"v":23097995,"d":"$23,097,995.00"}},null,{"v":1,"d":"1.00"},null,{"$f":"J957*I957","v":{"v":0,"d":"$0.00"}}]
["ESP 12.1.4.2","12.1.4.2","Suministro  y transporte de ventilador tuboaxial en línea UVVVAE#1: extracción central parqueadero ","un",{"v":1,"d":"1.00"},{"v":27615810,"d":"$27,615,810.00"},{"$f":"F958*E958","v":{"v":27615810,"d":"$27,615,810.00"}},null,{"v":1,"d":"1.00"},null,{"$f":"J958*I958","v":{"v":0,"d":"$0.00"}}]
["ESP 12.1.4.3","12.1.4.3","Suministro  y transporte de ventilador tuboaxial en línea UVVVAI#1: inyección central parqueadero 2 ","un",{"v":1,"d":"1.00"},{"v":42478993,"d":"$42,478,993.00"},{"$f":"F959*E959","v":{"v":42478993,"d":"$42,478,993.00"}},null,{"v":1,"d":"1.00"},null,{"$f":"J959*I959","v":{"v":0,"d":"$0.00"}}]
["ESP 12.1.4.4","12.1.4.4","Suministro  y transporte de ventilador tuboaxial en línea UVVVAE#1: extracción central parqueadero 2 ","un",{"v":1,"d":"1.00"},{"v":42799838,"d":"$42,799,838.00"},{"$f":"F960*E960","v":{"v":42799838,"d":"$42,799,838.00"}},null,{"v":1,"d":"1.00"},null,{"$f":"J960*I960","v":{"v":0,"d":"$0.00"}}]
[]
[null,null,"TOTAL DE VENTILADOR TUBOAXIAL EN LÍNEA",{"$nulls":3},{"$f":"SUM(G957:G960)","v":{"v":135992636,"d":"$135,992,636.00"}},{"$nulls":3},{"$f":"SUM(K957:K960)","v":{"v":0,"d":"$0.00"}}]
[]
[null,"12.1.5","UNIDADES FAN COIL PARED PARA AGUA HELADA"]
["ESP 12.1.5.1","12.1.5.1","Suministro y transporte de unidad fan coil para agua helada FCPW #1: cafetín ","un",{"v":1,"d":"1.00"},{"v":25317250,"d":"$25,317,250.00"},{"$f":"F965*E965","v":{"v":25317250,"d":"$25,317,250.00"}},null,{"v":1,"d":"1.00"},null,{"$f":"J965*I965","v":{"v":0,"d":"$0.00"}}]
["ESP 12.1.5.2","12.1.5.2","Suministro  y transporte de unidad fan coil para agua helada FCPW #2: director técnico ","un",{"v":1,"d":"1.00"},{"v":4446995,"d":"$4,446,995.00"},{"v":4446995,"d":"$4,446,995.00"},null,{"v":1,"d":"1.00"},null,{"v":0,"d":"$0.00"}]
["ESP 12.1.5.3","12.1.5.3","Suministro y transporte de unidad fan coil para agua helada FCPW #3: líder de proyecto 2","un",{"v":1,"d":"1.00"},{"v":3810246,"d":"$3,810,246.00"},{"v":3810246,"d":"$3,810,246.00"},null,{"v":1,"d":"1.00"},null,{"v":0,"d":"$0.00"}]
["ESP 12.1.5.4","12.1.5.4","Suministro y transporte de unidad fan coil para agua helada FCPW #19: orientador","un",{"v":1,"d":"1.00"},{"v":3810246,"d":"$3,810,246.00"},{"v":3810246,"d":"$3,810,246.00"},null,{"v":1,"d":"1.00"},null,{"v":0,"d":"$0.00"}]
["ESP 12.1.5.5","12.1.5.5","Suministro y transporte de unidad fan coil para agua helada FCPW #4: administrador y planificación","un",{"v":1,"d":"1.00"},{"v":3810246,"d":"$3,810,246.00"},{"v":3810246,"d":"$3,810,246.00"},null,{"v":1,"d":"1.00"},null,{"v":0,"d":"$0.00"}]
["ESP 12.1.5.6","12.1.5.6","Suministro y transporte de unidad fan coil para agua helada FCPW #5: director de comunicaciones","un",{"v":1,"d":"1.00"},{"v":4693955,"d":"$4,693,955.00"},{"v":4693955,"d":"$4,693,955.00"},null,{"v":1,"d":"1.00"},null,{"v":0,"d":"$0.00"}]
["ESP 12.1.5.7","12.1.5.7","Suministro y transporte de unidad fan coil para agua helada FCPW #6: director convivencia ciudadana","un",{"v":1,"d":"1.00"},{"v":4693955,"d":"$4,693,955.00"},{"v":4693955,"d":"$4,693,955.00"},null,{"v":1,"d":"1.00"},null,{"v":0,"d":"$0.00"}]
["ESP 12.1.5.8","12.1.5.8","Suministro y transporte de unidad fan coil para agua helada FCPW #7: director parceros","un",{"v":1,"d":"1.00"},{"v":4693955,"d":"$4,693,955.00"},{"v":4693955,"d":"$4,693,955.00"},null,{"v":1,"d":"1.00"},null,{"v":0,"d":"$0.00"}]
["ESP 12.1.5.9","12.1.5.9","Suministro y transporte de unidad fan coil para agua helada FCPW #8: director enlace ejército","un",{"v":1,"d":"1.00"},{"v":3810246,"d":"$3,810,246.00"},{"v":3810246,"d":"$3,810,246.00"},null,{"v":1,"d":"1.00"},null,{"v":0,"d":"$0.00"}]
["ESP 12.1.5.10","12.1.5.10","Suministro y transporte de unidad fan coil para agua helada FCPW #9: director enlace mevan","un",{"v":1,"d":"1.00"},{"v":3810246,"d":"$3,810,246.00"},{"v":3810246,"d":"$3,810,246.00"},null,{"v":1,"d":"1.00"},null,{"v":0,"d":"$0.00"}]
["ESP 12.1.5.11","12.1.5.11","Suministro y transporte de unidad fan coil para agua helada FCPW #10: líder de proyecto 1","un",{"v":1,"d":"1.00"},{"v":3810246,"d":"$3,810,246.00"},{"v":3810246,"d":"$3,810,246.00"},null,{"v":1,"d":"1.00"},null,{"v":0,"d":"$0.00"}]
["ESP 12.1.5.12","12.1.5.12","Suministro y transporte de unidad fan coil para agua heladaFCPW #11: líder de proyecto 3","un",{"v":1,"d":"1.00"},{"v":3810246,"d":"$3,810,246.00"},{"v":3810246,"d":"$3,810,246.00"},null,{"v":1,"d":"1.00"},null,{"v":0,"d":"$0.00"}]
["ESP 12.1.5.13","12.1.5.13","Suministro y transporte de unidad fan coil para agua helada FCPW #12: profesional especialista","un",{"v":1,"d":"1.00"},{"v":3810246,"d":"$3,810,246.00"},{"v":3810246,"d":"$3,810,246.00"},null,{"v":1,"d":"1.00"},null,{"v":0,"d":"$0.00"}]
["ESP 12.1.5.14","12.1.5.14","Suministro y transporte de unidad fan coil para agua helada FCPW #13: Bodega datacenter","un",{"v":1,"d":"1.00"},{"v":3810246,"d":"$3,810,246.00"},{"v":3810246,"d":"$3,810,246.00"},null,{"v":1,"d":"1.00"},null,{"v":0,"d":"$0.00"}]
["ESP 12.1.5.15","12.1.5.15","Suministro y transporte de unidad fan coil para agua helada FCPW #14: cafetería","un",{"v":1,"d":"1.00"},{"v":3810246,"d":"$3,810,246.00"},{"v":3810246,"d":"$3,810,246.00"},null,{"v":1,"d":"1.00"},null,{"v":0,"d":"$0.00"}]
["ESP 12.1.5.16","12.1.5.16","Suministro y transporte de unidad fan coil para agua helada FCPW #15: Espacio lactancia","un",{"v":1,"d":"1.00"},{"v":4693955,"d":"$4,693,955.00"},{"v":4693955,"d":"$4,693,955.00"},null,{"v":1,"d":"1.00"},null,{"v":0,"d":"$0.00"}]
["ESP 12.1.5.17","12.1.5.17","Suministro y transporte de unidad fan coil para agua helada FCPW #16: atención pre hospitalaria","un",{"v":1,"d":"1.00"},{"v":4693955,"d":"$4,693,955.00"},{"v":4693955,"d":"$4,693,955.00"},null,{"v":1,"d":"1.00"},null,{"v":0,"d":"$0.00"}]
["ESP 12.1.5.18","12.1.5.18","Suministro y transporte de unidad fan coil para agua helada FCPW #17: secretaria","un",{"v":1,"d":"1.00"},{"v":3810246,"d":"$3,810,246.00"},{"v":3810246,"d":"$3,810,246.00"},null,{"v":1,"d":"1.00"},null,{"v":0,"d":"$0.00"}]
["ESP 12.1.5.19","12.1.5.19","Suministro y transporte de unidad fan coil para agua helada FCPW #18: cafetín","un",{"v":1,"d":"1.00"},{"v":3810246,"d":"$3,810,246.00"},{"v":3810246,"d":"$3,810,246.00"},null,{"v":1,"d":"1.00"},null,{"v":0,"d":"$0.00"}]
[]
[null,null,"TOTAL DE UNIDADES FAN COIL PARED PARA AGUA HELADA",{"$nulls":3},{"$f":"SUM(G965:G983)","v":{"v":98956972,"d":"$98,956,972.00"}},{"$nulls":3},{"$f":"SUM(K965:K983)","v":{"v":0,"d":"$0.00"}}]
[]
[null,"12.1.6","UNIDADES MANEJADORA DE AIRE PARA AGUA HELADA"]
["ESP 12.1.6.1","12.1.6.1","Suministro y transporte de unidades manejadoras de aire para agua helada UMAW #1: aula múltiple ","un",{"v":1,"d":"1.00"},{"v":25317250,"d":"$25,317,250.00"},{"$f":"F988*E988","v":{"v":25317250,"d":"$25,317,250.00"}},null,{"v":1,"d":"1.00"},null,{"$f":"J988*I988","v":{"v":0,"d":"$0.00"}}]
["ESP 12.1.6.2","12.1.6.2","Suministro  y transporte de unidades manejadoras de aire para agua helada UMAW #2: comedores ","un",{"v":1,"d":"1.00"},{"v":25317250,"d":"$25,317,250.00"},{"$f":"F989*E989","v":{"v":25317250,"d":"$25,317,250.00"}},null,{"v":1,"d":"1.00"},null,{"$f":"J989*I989","v":{"v":0,"d":"$0.00"}}]
["ESP 12.1.6.3","12.1.6.3","Suministro  y transporte de unidades manejadoras de aire para agua helada UMAW #3: aula múltiple ","un",{"v":1,"d":"1.00"},{"v":25317250,"d":"$25,317,250.00"},{"$f":"F990*E990","v":{"v":25317250,"d":"$25,317,250.00"}},null,{"v":1,"d":"1.00"},null,{"$f":"J990*I990","v":{"v":0,"d":"$0.00"}}]
["ESP 12.1.6.4","12.1.6.4","Suministro  y transporte de unidades manejadoras de aire para agua helada UMAW #4: comedores ","un",{"v":1,"d":"1.00"},{"v":44722580,"d":"$44,722,580.00"},{"$f":"F991*E991","v":{"v":44722580,"d":"$44,722,580.00"}},null,{"v":1,"d":"1.00"},null,{"$f":"J991*I991","v":{"v":0,"d":"$0.00"}}]
["ESP 12.1.6.5","12.1.6.5","Suministro  y transporte de unidades manejadoras de aire para agua helada UMAW #5: aula múltiple  ","un",{"v":1,"d":"1.00"},{"v":25317250,"d":"$25,317,250.00"},{"$f":"F992*E992","v":{"v":25317250,"d":"$25,317,250.00"}},null,{"v":1,"d":"1.00"},null,{"$f":"J992*I992","v":{"v":0,"d":"$0.00"}}]
[]
[null,null,"TOTAL DE UNIDADES MANEJADORA DE AIRE PARA AGUA HELADA",{"$nulls":3},{"$f":"SUM(G988:G992)","v":{"v":145991580,"d":"$145,991,580.00"}},{"$nulls":3},{"$f":"SUM(K988:K992)","v":{"v":0,"d":"$0.00"}}]
[]
[null,"12.1.7","UNIDAD ENFRIADORA DE AGUA CONDENSADA POR AIRE"]
["ESP 12.1.7.1","12.1.7.1","Suministro y transporte de UNIDAD ENFRIADORA DE AGUA CONDENSADA POR AIRE EACAP #1: Unidades enfriadoras modulares de agua de la central de frío del edificio,  incluye kit de amortiguadores de vibración tipo resorte, control de flujo lado agua fría, paneles de aislamiento acústico y tarjeta de comunicaciones tipo BacNET, programación para TIER 3.","un",{"v":2,"d":"2.00"},{"v":582296750,"d":"$582,296,750.00"},{"$f":"F997*E997","v":{"v":1164593500,"d":"$1,164,593,500.00"}},null,{"v":2,"d":"2.00"},null,{"$f":"J997*I997","v":{"v":0,"d":"$0.00"}}]
["ESP 12.1.7.2","12.1.7.2","Suministro y transporte de UNIDAD ENFRIADORA DE AGUA CONDENSADA POR AIRE EACAP #1: Unidades enfriadoras modulares de agua de la central de frío del edificio, Precio incluye: kit de amortiguadores de vibración tipo resorte, control de flujo lado agua fría, paneles de aislamiento acústico y tarjeta de comunicaciones tipo BacNET, programación para CONFORT","un",{"v":2,"d":"2.00"},{"v":1164593500,"d":"$1,164,593,500.00"},{"$f":"F998*E998","v":{"v":2329187000,"d":"$2,329,187,000.00"}},null,{"v":2,"d":"2.00"},null,{"$f":"J998*I998","v":{"v":0,"d":"$0.00"}}]
[]
[null,null,"TOTAL DE UNIDAD ENFRIADORA DE AGUA CONDENSADA POR AIRE",{"$nulls":3},{"$f":"SUM(G997:G998)","v":{"v":3493780500,"d":"$3,493,780,500.00"}},{"$nulls":3},{"$f":"SUM(K997:K998)","v":{"v":0,"d":"$0.00"}}]
[]
[null,"12.1.8","BOMBAS HIDRÁULICAS VERTICALES EN ARREGLO DUAL"]
[]
[null,"12.1.8.1","Circuito terciario de Agua Helada"]
["ESP 12.1.8.1.1","12.1.8.1.1","Suministro y transporte de bombas hidráulicas verticales en arreglo dual  BAFT #1A y #1B Circuito terciario de la central de enfriamiento","un",{"v":4,"d":"4.00"},{"v":49466710,"d":"$49,466,710.00"},{"$f":"F1005*E1005","v":{"v":197866840,"d":"$197,866,840.00"}},null,{"v":4,"d":"4.00"},null,{"$f":"J1005*I1005","v":{"v":0,"d":"$0.00"}}]
["ESP 12.1.8.1.2","12.1.8.1.2","Suministro y transporte de válvula de triple servicio para BAFT 1 para bombas hidráulicas verticales en arreglo dual","un",{"v":4,"d":"4.00"},{"v":15517070,"d":"$15,517,070.00"},{"v":62068280,"d":"$62,068,280.00"},null,{"v":4,"d":"4.00"},null,{"v":0,"d":"$0.00"}]
["ESP 12.1.8.1.3","12.1.8.1.3","Suministro y transporte de Cono de succión con filtración para BAFP 1  para bombas hidráulicas verticales en arreglo dual","un",{"v":4,"d":"4.00"},{"v":9992935,"d":"$9,992,935.00"},{"v":39971740,"d":"$39,971,740.00"},null,{"v":4,"d":"4.00"},null,{"v":0,"d":"$0.00"}]
["ESP 12.1.8.1.4","12.1.8.1.4","Suministro y transporte de bombas hidráulicas verticales en arreglo dual BAFT #2A-B y #3A-B Circuito terciario de la central de enfriamiento","un",{"v":4,"d":"4.00"},{"v":130007500,"d":"$130,007,500.00"},{"v":520030000,"d":"$520,030,000.00"},null,{"v":4,"d":"4.00"},null,{"v":0,"d":"$0.00"}]
["ESP 12.1.8.1.5","12.1.8.1.5","Suministro y transporte de válvula de triple servicio para BAFT 2  para bombas hidráulicas verticales en arreglo dual","un",{"v":4,"d":"4.00"},{"v":30791250,"d":"$30,791,250.00"},{"v":123165000,"d":"$123,165,000.00"},null,{"v":4,"d":"4.00"},null,{"v":0,"d":"$0.00"}]
["ESP 12.1.8.1.6","12.1.8.1.6","Suministro y transporte de Cono de succión con filtración para BAFP 2  para bombas hidráulicas verticales en arreglo dual","un",{"v":4,"d":"4.00"},{"v":25321356,"d":"$25,321,356.00"},{"v":101285424,"d":"$101,285,424.00"},null,{"v":4,"d":"4.00"},null,{"v":0,"d":"$0.00"}]
[]
[null,null,"TOTAL DE BOMBAS HIDRÁULICAS VERTICALES EN Arreglo DUAL",{"$nulls":3},{"$f":"SUM(G1005:G1010)","v":{"v":1044387284,"d":"$1,044,387,284.00"}},{"$nulls":3},{"$f":"SUM(K1005:K1010)","v":{"v":0,"d":"$0.00"}}]
[]
[null,"12.1.9","EQUIPOS DE PRECISIÓN PARA AGUA HELADA"]
["ESP 12.1.9.1","12.1.9.1","Suministro y transporte de equipo de precisión para agua helada CRAHW #1A-B-C-2A-B-C: centro de datos","un",{"v":6,"d":"6.00"},{"v":728753620,"d":"$728,753,620.00"},{"$f":"F1015*E1015","v":{"v":4372521720,"d":"$4,372,521,720.00"}},null,{"v":6,"d":"6.00"},null,{"$f":"J1015*I1015","v":{"v":0,"d":"$0.00"}}]
[]
[null,null,"TOTAL DE EQUIPOS DE PRECISIÓN PARA AGUA HELADA",{"$nulls":3},{"$f":"G1015","v":{"v":4372521720,"d":"$4,372,521,720.00"}},{"$nulls":3},{"$f":"K1015","v":{"v":0,"d":"$0.00"}}]
[]
[null,"12.1.10","UNIDADES ESTACION CENTRAL DE AIRE PARA AGUA HELADA"]
["ESP 12.1.10.1","12.1.10.1","Suministro y transporte de unidades estación central de aire para agua helada UAECW #1: Video Wall","un",{"v":1,"d":"1.00"},{"v":587681798,"d":"$587,681,798.00"},{"$f":"F1020*E1020","v":{"v":587681798,"d":"$587,681,798.00"}},null,{"v":1,"d":"1.00"},null,{"$f":"J1020*I1020","v":{"v":0,"d":"$0.00"}}]
["ESP 12.1.10.2","12.1.10.2","Suministro y transporte de unidades estación central de aire para agua helada UAECW #2: PMU","un",{"v":1,"d":"1.00"},{"v":226781251,"d":"$226,781,251.00"},{"$f":"F1021*E1021","v":{"v":226781251,"d":"$226,781,251.00"}},null,{"v":1,"d":"1.00"},null,{"$f":"J1021*I1021","v":{"v":0,"d":"$0.00"}}]
["ESP 12.1.10.3","12.1.10.3","Suministro y transporte de unidades estación central de aire para agua helada UAECW #3: Situacional","un",{"v":1,"d":"1.00"},{"v":617065887,"d":"$617,065,887.00"},{"$f":"F1022*E1022","v":{"v":617065887,"d":"$617,065,887.00"}},null,{"v":1,"d":"1.00"},null,{"$f":"J1022*I1022","v":{"v":0,"d":"$0.00"}}]
["ESP 12.1.10.4","12.1.10.4","Suministro y transporte de unidades estación central de aire para agua helada UAECW #4: Showroom Prensa","un",{"v":1,"d":"1.00"},{"v":150907300,"d":"$150,907,300.00"},{"$f":"F1023*E1023","v":{"v":150907300,"d":"$150,907,300.00"}},null,{"v":1,"d":"1.00"},null,{"$f":"J1023*I1023","v":{"v":0,"d":"$0.00"}}]
[]
[null,null,"TOTAL DE UNIDADES ESTACION CENTRAL DE AIRE PARA AGUA HELADA",{"$nulls":3},{"$f":"SUM(G1020:G1023)","v":{"v":1582436236,"d":"$1,582,436,236.00"}},{"$nulls":3},{"$f":"SUM(K1020:K1023)","v":{"v":0,"d":"$0.00"}},{"$nulls":33}," "]
[]
[null,"2011-01-12","UNIDAD DE PRESURIZACIÓN DE ESCALERA"]
["ESP 12.1.11.1","12.1.11.1","Suministro y transporte de unidad de presurización de escalera UPE#1: presurizacion escalera ala oeste (incluye Dampers)","un",{"v":1,"d":"1.00"},{"v":157701937,"d":"$157,701,937.00"},{"$f":"F1028*E1028","v":{"v":157701937,"d":"$157,701,937.00"}},null,{"v":1,"d":"1.00"},null,{"$f":"J1028*I1028","v":{"v":0,"d":"$0.00"}}]
["ESP 12.1.11.2","12.1.11.2","Suministro y transporte de unidad de presurización de escalera UPE#2: presurizacion escalera ala este (incluye Dampers)","un",{"v":1,"d":"1.00"},{"v":157693726,"d":"$157,693,726.00"},{"$f":"F1029*E1029","v":{"v":157693726,"d":"$157,693,726.00"}},null,{"v":1,"d":"1.00"},null,{"$f":"J1029*I1029","v":{"v":0,"d":"$0.00"}}]
["ESP 12.1.11.3","12.1.11.3","Suministro y transporte de KIT UPE#1-2 para unidad de presurización de escalera: cuadro de control y mandos externo(incluye  Fuente, Programación y variador-Sensores de presión y comunicación)","un",{"v":2,"d":"2.00"},{"v":90054430,"d":"$90,054,430.00"},{"$f":"F1030*E1030","v":{"v":180108860,"d":"$180,108,860.00"}},null,{"v":2,"d":"2.00"},null,{"$f":"J1030*I1030","v":{"v":0,"d":"$0.00"}}]
[]
[null,null,"TOTAL DE UNIDAD DE PRESURIZACIÓN DE ESCALERA",{"$nulls":3},{"$f":"SUM(G1028:G1030)","v":{"v":495504523,"d":"$495,504,523.00"}},{"$nulls":3},{"$f":"SUM(K1028:K1030)","v":{"v":0,"d":"$0.00"}}]
[]
[null,"2012-01-12","VENTILADOR CENTRIFUGO EN LINEA"]
["ESP 12.1.12.1","12.1.12.1","Suministro y transporte de ventilador centrífugo en línea UVC#1: inyección vestier","un",{"v":1,"d":"1.00"},{"v":34759900,"d":"$34,759,900.00"},{"$f":"F1035*E1035","v":{"v":34759900,"d":"$34,759,900.00"}},null,{"v":1,"d":"1.00"},null,{"$f":"J1035*I1035","v":{"v":0,"d":"$0.00"}}]
["ESP 12.1.11.2","12.1.12.2","Suministro y transporte de ventilador centrífugo en línea UVC#2: extracción baños ","un",{"v":1,"d":"1.00"},{"v":36196825,"d":"$36,196,825.00"},{"$f":"F1036*E1036","v":{"v":36196825,"d":"$36,196,825.00"}},null,{"v":1,"d":"1.00"},null,{"$f":"J1036*I1036","v":{"v":0,"d":"$0.00"}}]
["ESP 12.1.11.3","12.1.12.3","Suministro y transporte de ventilador centrífugo en línea UVC#3: extracción baños y vestier piso 5","un",{"v":1,"d":"1.00"},{"v":36196825,"d":"$36,196,825.00"},{"$f":"F1037*E1037","v":{"v":36196825,"d":"$36,196,825.00"}},null,{"v":1,"d":"1.00"},null,{"$f":"J1037*I1037","v":{"v":0,"d":"$0.00"}}]
["ESP 12.1.11.4","12.1.12.4","Suministro y transporte de ventilador centrífugo en línea UVC#3: extracción baños","un",{"v":1,"d":"1.00"},{"v":43586725,"d":"$43,586,725.00"},{"$f":"F1038*E1038","v":{"v":43586725,"d":"$43,586,725.00"}},null,{"v":1,"d":"1.00"},null,{"$f":"J1038*I1038","v":{"v":0,"d":"$0.00"}}]
[]
[null,null,"TOTAL DE VENTILADOR CENTRIFUGO EN LINEA",{"$nulls":3},{"$f":"SUM(G1035:G1038)","v":{"v":150740275,"d":"$150,740,275.00"}},{"$nulls":3},{"$f":"SUM(K1035:K1038)","v":{"v":0,"d":"$0.00"}}]
[]
[null,"2013-01-12","RECUPERADOR DE ENERGÍA DE PLACAS"]
["ESP 12.1.13.1","12.1.13.1","Suministro y transporte de recuperador de energía para placas REP#1: recuperador de energía Ala Norte","un",{"v":1,"d":"1.00"},{"v":405760250,"d":"$405,760,250.00"},{"$f":"F1043*E1043","v":{"v":405760250,"d":"$405,760,250.00"}},null,{"v":1,"d":"1.00"},null,{"$f":"J1043*I1043","v":{"v":0,"d":"$0.00"}}]
["ESP 12.1.13.2","12.1.13.2","Suministro y transporte de recuperador de energía para placas REP#1: recuperador de energía Ala sur","un",{"v":1,"d":"1.00"},{"v":445857300,"d":"$445,857,300.00"},{"$f":"F1044*E1044","v":{"v":445857300,"d":"$445,857,300.00"}},null,{"v":1,"d":"1.00"},null,{"$f":"J1044*I1044","v":{"v":0,"d":"$0.00"}}]
[]
[null,null,"TOTAL DE RECUPERADOR DE ENERGÍA DE PLACAS",{"$nulls":3},{"$f":"SUM(G1043:G1044)","v":{"v":851617550,"d":"$851,617,550.00"}},{"$nulls":3},{"$f":"SUM(K1043:K1044)","v":{"v":0,"d":"$0.00"}}]
[]
[null,null,"TOTAL DE EQUIPOS",{"$nulls":3},{"$f":"G1046+G1040+G1032+G1025+G1017+G1012+G1000+G994+G985+G962+G954+G947+G879","v":{"v":13679953642,"d":"$13,679,953,642.00"}},{"$nulls":3},{"$f":"K1046+K1040+K1032+K1025+K1017+K1012+K1000+K994+K985+K962+K954+K947+K879","v":{"v":0,"d":"$0.00"}}]
[]
[null,"12.2.0","CONDUCTOS"]
[]
[null,"12.2.1","CONDUCTOS RECTANGULARES PARA AIRE ACONDICIONADO"]
["ESP 12.2.1.1","12.2.1.1","Suministro y transporte de Lámina de fibra de vidrio para interiores de conductos reguladores para aire acondicionado","m2",{"v":9307,"d":"9,307.00"},{"v":143693,"d":"$143,693.00"},{"$f":"F1053*E1053","v":{"v":1337350751,"d":"$1,337,350,751.00"}},null,{"v":9307,"d":"9,307.00"},null,{"$f":"J1053*I1053","v":{"v":0,"d":"$0.00"}}]
["ESP 12.2.1.2","12.2.1.2","Suministro y transporte de conductos reguladores para intemperie de aire acondicionado","kg",{"v":2555,"d":"2,555.00"},{"v":39687,"d":"$39,687.00"},{"$f":"F1054*E1054","v":{"v":101400285,"d":"$101,400,285.00"}},null,{"v":2555,"d":"2,555.00"},null,{"$f":"J1054*I1054","v":{"v":0,"d":"$0.00"}}]
[]
[null,null,"TOTAL DE CONDUCTOS RECTANGULARES PARA AIRE ACONDICIONADO",{"$nulls":3},{"$f":"SUM(G1053:G1054)","v":{"v":1438751036,"d":"$1,438,751,036.00"}},{"$nulls":3},{"$f":"SUM(K1053:K1054)","v":{"v":0,"d":"$0.00"}}]
[]
[null,"12.2.2","CONDUCTOS RECTANGULARES METÁLICOS PARA PRESURIZACIÓN DE ESCALERAS"]
["ESP 12.2.2.1","12.2.2.1","Suministro y transporte de Conducto regulador metálicos para presurización  de escaleras pintados en lámina galvanizada Div. Calibres ","kg",{"v":4635,"d":"4,635.00"},{"v":75268,"d":"$75,268.00"},{"$f":"F1059*E1059","v":{"v":348867180,"d":"$348,867,180.00"}},null,{"v":4635,"d":"4,635.00"},null,{"$f":"J1059*I1059","v":{"v":0,"d":"$0.00"}}]
[]
[null,null,"TOTAL DE CONDUCTOS RECTANGULARES METÁLICOS PARA PRESURIZACIÓN DE ESCALERAS",{"$nulls":3},{"$f":"G1059","v":{"v":348867180,"d":"$348,867,180.00"}},{"$nulls":3},{"$f":"K1059","v":{"v":0,"d":"$0.00"}}]
[]
[null,"12.2.3","CONDUCTOS RECTANGULARES METÁLICOS PARA EXTRACCIÓN BAÑOS"]
["ESP 12.2.3.1","12.2.3.1","Suministro y transporte de Conducto regulador  metálico para extracción baños en lámina galvanizada Div. Calibres ","kg",{"v":4903,"d":"4,903.00"},{"v":75268,"d":"$75,268.00"},{"$f":"F1064*E1064","v":{"v":369039004,"d":"$369,039,004.00"}},null,{"v":4903,"d":"4,903.00"},null,{"$f":"J1064*I1064","v":{"v":0,"d":"$0.00"}}]
[]
[null,null,"TOTAL DE CONDUCTOS RECTANGULARES METÁLICOS PARA EXTRACCIÓN BAÑOS",{"$nulls":3},{"$f":"G1064","v":{"v":369039004,"d":"$369,039,004.00"}},{"$nulls":3},{"$f":"K1064","v":{"v":0,"d":"$0.00"}}]
[null,"12.2.4","MANGUERA FLEXIBLE CON AISLAMIENTO TÉRMICO"]
["ESP 12.2.4.1","12.2.4.1","Suministro y transporte  de Manguera flexible térmica de 10\" ","m",{"v":124,"d":"124.00"},{"v":88953,"d":"$88,953.00"},{"$f":"F1068*E1068","v":{"v":11030172,"d":"$11,030,172.00"}},null,{"v":124,"d":"124.00"},null,{"$f":"J1068*I1068","v":{"v":0,"d":"$0.00"}}]
["ESP 12.2.4.2","12.2.4.2","Suministro y transporte de  Manguera flexible térmica de 8\" ","m",{"v":44,"d":"44.00"},{"v":75268,"d":"$75,268.00"},{"$f":"F1069*E1069","v":{"v":3311792,"d":"$3,311,792.00"}},null,{"v":44,"d":"44.00"},null,{"$f":"J1069*I1069","v":{"v":0,"d":"$0.00"}}]
["ESP 12.2.4.3","12.2.4.3","Suministro y transporte de Manguera flexible térmica de 6\" ","m",{"v":18,"d":"18.00"},{"v":61583,"d":"$61,583.00"},{"$f":"F1070*E1070","v":{"v":1108494,"d":"$1,108,494.00"}},null,{"v":18,"d":"18.00"},null,{"$f":"J1070*I1070","v":{"v":0,"d":"$0.00"}}]
[]
[null,null,"TOTAL DE MANGUERA FLEXIBLE CON AISLAMIENTO TÉRMICO",{"$nulls":3},{"$f":"SUM(G1068:G1070)","v":{"v":15450458,"d":"$15,450,458.00"}},{"$nulls":3},{"$f":"SUM(K1068:K1070)","v":{"v":0,"d":"$0.00"}}]
[]
[null,null,"TOTAL DE CONDUCTOS",{"$nulls":3},{"$f":"G1072+G1066+G1061+G1056","v":{"v":2172107678,"d":"$2,172,107,678.00"}},{"$nulls":3},{"$f":"K1072+K1066+K1061+K1056","v":{"v":0,"d":"$0.00"}}]
[]
[null,"12.3.0","DIFUSORES Y REJILLAS"]
[]
[null,"12.3.1","DIFUSORES RECTANGULARES DE SUMINISTRO"]
["ESP 12.3.1.1","12.3.1.1","Suministro y transporte de Difusor rectangular de suministro línea 3D de 4 vías DS4VCD de 15\"x15\" con damper ","un",{"v":13,"d":"13.00"},{"v":491976,"d":"$491,976.00"},{"$f":"F1079*E1079","v":{"v":6395688,"d":"$6,395,688.00"}},null,{"v":13,"d":"13.00"},null,{"$f":"J1079*I1079","v":{"v":0,"d":"$0.00"}}]
["ESP 12.3.1.2","12.3.1.2","Suministro y transporte de Difusor rectangular de suministro línea 3D de 4 vía DS1VCD de 9\"x9\" con damper","un",{"v":5,"d":"5.00"},{"v":225803,"d":"$225,803.00"},{"v":1129015,"d":"$1,129,015.00"},null,{"v":5,"d":"5.00"},null,{"v":0,"d":"$0.00"}]
["ESP 12.3.1.3","12.3.1.3","Suministro y transporte de Difusor rectangular de suministro línea 3D de 4 vías DS4VCD de 9\"x9\" con damper ","un",{"v":70,"d":"70.00"},{"v":225803,"d":"$225,803.00"},{"v":15806210,"d":"$15,806,210.00"},null,{"v":70,"d":"70.00"},null,{"v":0,"d":"$0.00"}]
["ESP 12.3.1.4","12.3.1.4","Suministro y transporte de Difusor rectangular de suministro línea 3D de 2 vías DS2VCD de 9\"x9\" con damper","un",{"v":5,"d":"5.00"},{"v":225803,"d":"$225,803.00"},{"v":1129015,"d":"$1,129,015.00"},null,{"v":5,"d":"5.00"},null,{"v":0,"d":"$0.00"}]
["ESP 12.3.1.5","12.3.1.5","Suministro y transporte de Difusor rectangular de suministro línea 3D de 4 vías DS4VCD de 6\"x6\" con damper","un",{"v":1,"d":"1.00"},{"v":157378,"d":"$157,378.00"},{"v":157378,"d":"$157,378.00"},null,{"v":1,"d":"1.00"},null,{"v":0,"d":"$0.00"}]
["ESP 12.3.1.6","12.3.1.6","Suministro y transporte de Difusor rectangular de suministro línea 3D de 2 vías DS2VCD de 6\"x6\" con damper ","un",{"v":31,"d":"31.00"},{"v":143693,"d":"$143,693.00"},{"v":4454483,"d":"$4,454,483.00"},null,{"v":31,"d":"31.00"},null,{"v":0,"d":"$0.00"}]
["ESP 12.3.1.7","12.3.1.7","Suministro y transporte de Difusor rectangular de suministro línea 3D de 4 vía DS2VCD de 12\"x12\" con damper ","un",{"v":87,"d":"87.00"},{"v":348968,"d":"$348,968.00"},{"v":30360216,"d":"$30,360,216.00"},null,{"v":87,"d":"87.00"},null,{"v":0,"d":"$0.00"}]
["ESP 12.3.1.8","12.3.1.8","Suministro y transporte de Difusor rectangular de suministro línea 3D de 3 vías DS4VCD de 12\"x12\" con damper","un",{"v":1,"d":"1.00"},{"v":342125,"d":"$342,125.00"},{"v":342125,"d":"$342,125.00"},null,{"v":1,"d":"1.00"},null,{"v":0,"d":"$0.00"}]
["ESP 12.3.1.9","12.3.1.9","Suministro y transporte de Difusor rectangular de suministro línea 3D de 2 vías DS2VCD de 12\"x12\" con damper ","un",{"v":2,"d":"2.00"},{"v":328440,"d":"$328,440.00"},{"v":656880,"d":"$656,880.00"},null,{"v":2,"d":"2.00"},null,{"v":0,"d":"$0.00"}]
["ESP 12.3.1.10","12.3.1.10","Suministro y transporte de Difusor rectangular de suministro línea 3D de 3 vías DS3VCD de 18\"x18\" con damper","un",{"v":3,"d":"3.00"},{"v":513188,"d":"$513,188.00"},{"v":1539564,"d":"$1,539,564.00"},null,{"v":3,"d":"3.00"},null,{"v":0,"d":"$0.00"}]
["ESP 12.3.1.11","12.3.1.11","Suministro y transporte de Difusor rectangular de suministro línea 3D de 4 vías DS2VCD de 15\"x15\" con damper","un",{"v":21,"d":"21.00"},{"v":403708,"d":"$403,708.00"},{"v":8477868,"d":"$8,477,868.00"},null,{"v":21,"d":"21.00"},null,{"v":0,"d":"$0.00"}]
["ESP 12.3.1.12","12.3.1.12","Suministro y transporte de Difusor rectangular de suministro línea 3D de 3 vías DS3VCD de 9\"x9\" con damper","un",{"v":8,"d":"8.00"},{"v":225803,"d":"$225,803.00"},{"v":1806424,"d":"$1,806,424.00"},null,{"v":8,"d":"8.00"},null,{"v":0,"d":"$0.00"}]
["ESP 12.3.1.13","12.3.1.13","Suministro y transporte de Difusor rectangular de suministro línea 3D de 3 vías DS3VCD de 6\"x6\" con damper","un",{"v":12,"d":"12.00"},{"v":143693,"d":"$143,693.00"},{"v":1724316,"d":"$1,724,316.00"},null,{"v":12,"d":"12.00"},null,{"v":0,"d":"$0.00"}]
["ESP 12.3.1.14","12.3.1.14","Suministro y transporte de Difusor rectangular de suministro línea 3D de 4 vías DS3VCD de 18\"x18\" con damper","un",{"v":2,"d":"2.00"},{"v":513188,"d":"$513,188.00"},{"v":1026376,"d":"$1,026,376.00"},null,{"v":2,"d":"2.00"},null,{"v":0,"d":"$0.00"}]
["ESP 12.3.1.15","12.3.1.15","Suministro y transporte de Difusor rectangular de suministro línea 3D de 3 vías DS3VCD de 15\"x15\" con damper","un",{"v":1,"d":"1.00"},{"v":403708,"d":"$403,708.00"},{"v":403708,"d":"$403,708.00"},null,{"v":1,"d":"1.00"},null,{"v":0,"d":"$0.00"}]
["ESP 12.3.1.16","12.3.1.16","Suministro y transporte de Difusor rectangular de suministro línea 3D de 3 vías DS4VCD de 12\"x12\" con damper 2","un",{"v":1,"d":"1.00"},{"v":403708,"d":"$403,708.00"},{"v":403708,"d":"$403,708.00"},null,{"v":1,"d":"1.00"},null,{"v":0,"d":"$0.00"}]
["ESP 12.3.1.17","12.3.1.17","Suministro y transporte de Difusor rectangular de suministro línea 3D de 1 vía DS1VCD de 6\"x6\" con damper","un",{"v":1,"d":"1.00"},{"v":143693,"d":"$143,693.00"},{"v":143693,"d":"$143,693.00"},null,{"v":1,"d":"1.00"},null,{"v":0,"d":"$0.00"}]
["ESP 12.3.1.18","12.3.1.18","Suministro y transporte de Difusor rectangular de suministro línea 3D de 3 vías DS3VCD de 24\"x24\" con damper","un",{"v":18,"d":"18.00"},{"v":663723,"d":"$663,723.00"},{"v":11947014,"d":"$11,947,014.00"},null,{"v":18,"d":"18.00"},null,{"v":0,"d":"$0.00"}]
["ESP 12.3.1.19","12.3.1.19","Suministro y transporte de Difusor rectangular de suministro línea 3D de 4 vía DS2VCD de 15\"x15\" con damper","un",{"v":4,"d":"4.00"},{"v":348968,"d":"$348,968.00"},{"v":1395872,"d":"$1,395,872.00"},null,{"v":4,"d":"4.00"},null,{"v":0,"d":"$0.00"}]
["ESP 12.3.1.20","12.3.1.20","Suministro y transporte de Difusor rectangular de suministro línea 3D de 4 vías DS4VCD de 12\"x12\" con damper","un",{"v":8,"d":"8.00"},{"v":253173,"d":"$253,173.00"},{"v":2025384,"d":"$2,025,384.00"},null,{"v":8,"d":"8.00"},null,{"v":0,"d":"$0.00"}]
["ESP 12.3.1.21","12.3.1.21","Suministro y transporte de Difusor rectangular de suministro línea 3D de 3 vías DS3VCD de 12\"x12\" con damper","un",{"v":2,"d":"2.00"},{"v":253173,"d":"$253,173.00"},{"v":506346,"d":"$506,346.00"},null,{"v":2,"d":"2.00"},null,{"v":0,"d":"$0.00"}]
["ESP 12.3.1.22","12.3.1.22","Suministro y transporte de Difusor rectangular de suministro línea 3D de 4 vías DS3VCD de 24\"x24\" con damper","un",{"v":3,"d":"3.00"},{"v":663723,"d":"$663,723.00"},{"v":1991169,"d":"$1,991,169.00"},null,{"v":3,"d":"3.00"},null,{"v":0,"d":"$0.00"}]
[]
[null,null,"TOTAL DE DIFUSORES RECTANGULARES DE SUMINISTRO",{"$nulls":3},{"$f":"SUM(G1079:G1100)","v":{"v":93822452,"d":"$93,822,452.00"}},{"$nulls":3},{"$f":"SUM(K1079:K1100)","v":{"v":0,"d":"$0.00"}}]
[]
[null,"12.3.2","REJILLAS DE SUMINISTRO DE AIRE"]
["ESP 12.3.2.1","12.3.2.1","Suministro y transporte de Rejilla de Suministro de aire RSDACD 48\"x16\" con damper ","un",{"v":6,"d":"6.00"},{"v":632247,"d":"$632,247.00"},{"$f":"F1105*E1105","v":{"v":3793482,"d":"$3,793,482.00"}},null,{"v":6,"d":"6.00"},null,{"$f":"J1105*I1105","v":{"v":0,"d":"$0.00"}}]
["ESP 12.3.2.2","12.3.2.2","Suministro y transporte de Rejilla de Suministro de aire RSDACD 48\"x96\" con damper ","un",{"v":1,"d":"1.00"},{"v":1175542,"d":"$1,175,542.00"},{"v":1175542,"d":"$1,175,542.00"},null,{"v":1,"d":"1.00"},null,{"v":0,"d":"$0.00"}]
["ESP 12.3.2.3","12.3.2.3","Suministro y transporte de Rejilla de Suministro de aire RSDACD 48\"x12\" con damper   ","un",{"v":14,"d":"14.00"},{"v":618562,"d":"$618,562.00"},{"v":8659868,"d":"$8,659,868.00"},null,{"v":14,"d":"14.00"},null,{"v":0,"d":"$0.00"}]
["ESP 12.3.2.4","12.3.2.4","Suministro y transporte de Rejilla de Suministro de aire RSDACD 24\"x24\" con damper ","un",{"v":17,"d":"17.00"},{"v":608983,"d":"$608,983.00"},{"v":10352711,"d":"$10,352,711.00"},null,{"v":17,"d":"17.00"},null,{"v":0,"d":"$0.00"}]
["ESP 12.3.2.5","12.3.2.5","Suministro y transporte de Rejilla de Suministro de aire RSDACD 40\"x16\" con damper  ","un",{"v":18,"d":"18.00"},{"v":481986,"d":"$481,986.00"},{"v":8675748,"d":"$8,675,748.00"},null,{"v":18,"d":"18.00"},null,{"v":0,"d":"$0.00"}]
["ESP 12.3.2.6","12.3.2.6","Suministro y transporte de Rejilla de Suministro de aire RSDASD 40\"x16\" sin damper   ","un",{"v":5,"d":"5.00"},{"v":481986,"d":"$481,986.00"},{"v":2409930,"d":"$2,409,930.00"},null,{"v":5,"d":"5.00"},null,{"v":0,"d":"$0.00"}]
[]
[null,null,"TOTAL DE REJILLAS DE SUMINISTRO DE AIRE",{"$nulls":3},{"$f":"SUM(G1105:G1110)","v":{"v":35067281,"d":"$35,067,281.00"}},{"$nulls":3},{"$f":"SUM(K1105:K1110)","v":{"v":0,"d":"$0.00"}}]
[]
[null,"12.3.3","REJILLAS DE RETORNO"]
["ESP 12.3.3.1","12.3.3.1","Suministro y transporte de Rejilla de retorno de aleta fija RRAFCD de 48\"x16\" con damper ","un",{"v":6,"d":"6.00"},{"v":567928,"d":"$567,928.00"},{"$f":"F1115*E1115","v":{"v":3407568,"d":"$3,407,568.00"}},null,{"v":6,"d":"6.00"},null,{"$f":"J1115*I1115","v":{"v":0,"d":"$0.00"}}]
["ESP 12.3.3.2","12.3.3.2","Suministro y transporte de Rejilla de retorno de aleta fija RRAFCD de 16\"x16\" con damper","un",{"v":53,"d":"53.00"},{"v":417393,"d":"$417,393.00"},{"v":22121829,"d":"$22,121,829.00"},null,{"v":53,"d":"53.00"},null,{"v":0,"d":"$0.00"}]
["ESP 12.3.3.3","12.3.3.3","Suministro y transporte de Rejilla de retorno de aleta fija RRAFCD de 8\"x8\" con damper","un",{"v":2,"d":"2.00"},{"v":216223,"d":"$216,223.00"},{"v":432446,"d":"$432,446.00"},null,{"v":2,"d":"2.00"},null,{"v":0,"d":"$0.00"}]
["ESP 12.3.3.4","12.3.3.4","Suministro y transporte de Rejilla de retorno de aleta fija RRAFCD de 6\"x6\" con damper","un",{"v":1,"d":"1.00"},{"v":130008,"d":"$130,008.00"},{"v":130008,"d":"$130,008.00"},null,{"v":1,"d":"1.00"},null,{"v":0,"d":"$0.00"}]
["ESP 12.3.3.5","12.3.3.5","Suministro y transporte de Rejilla de retorno de aleta fija RRAFCD de 24\"x24\" con damper ","un",{"v":6,"d":"6.00"},{"v":478975,"d":"$478,975.00"},{"v":2873850,"d":"$2,873,850.00"},null,{"v":6,"d":"6.00"},null,{"v":0,"d":"$0.00"}]
["ESP 12.3.3.6","12.3.3.6","Suministro y transporte de Rejilla de retorno de aleta fija RRAFCD de 20\"x20\" con damper ","un",{"v":3,"d":"3.00"},{"v":472133,"d":"$472,133.00"},{"v":1416399,"d":"$1,416,399.00"},null,{"v":3,"d":"3.00"},null,{"v":0,"d":"$0.00"}]
["ESP 12.3.3.7","12.3.3.7","Suministro y transporte de Rejilla de retorno de aleta fija RRAFCD de 18\"x18\" con damper ","un",{"v":47,"d":"47.00"},{"v":444763,"d":"$444,763.00"},{"v":20903861,"d":"$20,903,861.00"},null,{"v":47,"d":"47.00"},null,{"v":0,"d":"$0.00"}]
["ESP 12.3.3.8","12.3.3.8","Suministro y transporte de Rejilla de retorno de aleta fija RRAFCD de 40\"x16\" con damper  ","un",{"v":18,"d":"18.00"},{"v":417393,"d":"$417,393.00"},{"v":7513074,"d":"$7,513,074.00"},null,{"v":18,"d":"18.00"},null,{"v":0,"d":"$0.00"}]
["ESP 12.3.3.9","12.3.3.9","Suministro y transporte de Rejilla de retorno de aleta fija RRAFSD de 40\"x16\" sin damper  ","un",{"v":5,"d":"5.00"},{"v":478975,"d":"$478,975.00"},{"v":2394875,"d":"$2,394,875.00"},null,{"v":5,"d":"5.00"},null,{"v":0,"d":"$0.00"}]
["ESP 12.3.3.10","12.3.3.10","Suministro  y transporte de Rejilla de retorno de aleta fija RRAFCD de 22\"x22\" con damper ","un",{"v":2,"d":"2.00"},{"v":478975,"d":"$478,975.00"},{"v":957950,"d":"$957,950.00"},null,{"v":2,"d":"2.00"},null,{"v":0,"d":"$0.00"}]
["ESP 12.3.3.11","12.3.3.11","Suministro y transporte de Rejilla de retorno de aleta fija RRAFCD de 24\"x24\" con damper 2 ","un",{"v":18,"d":"18.00"},{"v":540558,"d":"$540,558.00"},{"v":9730044,"d":"$9,730,044.00"},null,{"v":18,"d":"18.00"},null,{"v":0,"d":"$0.00"}]
["ESP 12.3.3.12","12.3.3.12","Suministro y transporte de Rejilla de retorno de aleta fija RRAFCD de 12\"x12\" con damper","un",{"v":2,"d":"2.00"},{"v":198433,"d":"$198,433.00"},{"v":396866,"d":"$396,866.00"},null,{"v":2,"d":"2.00"},null,{"v":0,"d":"$0.00"}]
[]
[null,null,"TOTAL DE REJILLAS DE RETORNO",{"$nulls":3},{"$f":"SUM(G1115:G1126)","v":{"v":72278770,"d":"$72,278,770.00"}},{"$nulls":3},{"$f":"SUM(K1115:K1126)","v":{"v":0,"d":"$0.00"}}]
[]
[null,"12.3.4","REJILLAS DE EXTRACCIÓN"]
["ESP 12.3.4.1","12.3.4.1","Suministro y transporte de Rejilla de extracción tipo aleta fija REAFCD de 6\" x 6\" con damper ","un",{"v":160,"d":"160.00"},{"v":130008,"d":"$130,008.00"},{"$f":"F1131*E1131","v":{"v":20801280,"d":"$20,801,280.00"}},null,{"v":160,"d":"160.00"},null,{"$f":"J1131*I1131","v":{"v":0,"d":"$0.00"}}]
["ESP 12.3.4.2","12.3.4.2","Suministro y transporte de Rejilla de extracción tipo aleta fija REAFCD de 48\" x 96\" con damper y los materiales necesarios para su correcto funcionamiento","un",{"v":1,"d":"1.00"},{"v":1179647,"d":"$1,179,647.00"},{"v":1179647,"d":"$1,179,647.00"},null,{"v":1,"d":"1.00"},null,{"v":0,"d":"$0.00"}]
["ESP 12.3.4.3","12.3.4.3","Suministro y transporte de Rejilla de extracción tipo aleta fija REAFCD de 10\" x 10\" con damper ","un",{"v":3,"d":"3.00"},{"v":171063,"d":"$171,063.00"},{"v":513189,"d":"$513,189.00"},null,{"v":3,"d":"3.00"},null,{"v":0,"d":"$0.00"}]
["ESP 12.3.4.4","12.3.4.4","Suministro y transporte de Rejilla de extracción tipo aleta fija REAFCD de 12\" x 12\" con damper ","un",{"v":9,"d":"9.00"},{"v":198433,"d":"$198,433.00"},{"v":1785897,"d":"$1,785,897.00"},null,{"v":9,"d":"9.00"},null,{"v":0,"d":"$0.00"}]
["ESP 12.3.4.5","12.3.4.5","Suministro y transporte de Rejilla de extracción tipo aleta fija REAFCD de 16\" x 16\" con damper ","un",{"v":4,"d":"4.00"},{"v":258647,"d":"$258,647.00"},{"v":1034588,"d":"$1,034,588.00"},null,{"v":4,"d":"4.00"},null,{"v":0,"d":"$0.00"}]
["ESP 12.3.4.6","12.3.4.6","Suministro y transporte  de Rejilla de extracción tipo aleta fija REAFCD de 8\" x 8\" con damper","un",{"v":8,"d":"8.00"},{"v":171063,"d":"$171,063.00"},{"v":1368504,"d":"$1,368,504.00"},null,{"v":8,"d":"8.00"},null,{"v":0,"d":"$0.00"}]
["ESP 12.3.4.7","12.3.4.7","Suministro y transporte de Rejilla de extracción tipo aleta fija REAFCD de 12\" x 12\" con damper 2","un",{"v":2,"d":"2.00"},{"v":171063,"d":"$171,063.00"},{"v":342126,"d":"$342,126.00"},null,{"v":2,"d":"2.00"},null,{"v":0,"d":"$0.00"}]
[]
[null,null,"TOTAL DE REJILLAS DE EXTRACCIÓN",{"$nulls":3},{"$f":"SUM(G1131:G1137)","v":{"v":27025231,"d":"$27,025,231.00"}},{"$nulls":3},{"$f":"SUM(K1131:K1137)","v":{"v":0,"d":"$0.00"}}]
[]
[null,"12.3.5","DIFUSORES LINEALES HIGH THROW (INCLUYE PLENUM)"]
["ESP 12.3.5.1","12.3.5.1","Suministro y transporte de Difusor lineal con plenum de 4 ft  1 ranura de 1\" cuello de 6\" DLP ","un",{"v":8,"d":"8.00"},{"v":491976,"d":"$491,976.00"},{"$f":"F1142*E1142","v":{"v":3935808,"d":"$3,935,808.00"}},null,{"v":8,"d":"8.00"},null,{"$f":"J1142*I1142","v":{"v":0,"d":"$0.00"}}]
["ESP 12.3.5.2","12.3.5.2","Suministro y transporte de Difusor lineal con plenum de 4 ft  2 ranura de 2\" cuello de 8\" DLP ","un",{"v":40,"d":"40.00"},{"v":582297,"d":"$582,297.00"},{"$f":"F1143*E1143","v":{"v":23291880,"d":"$23,291,880.00"}},null,{"v":40,"d":"40.00"},null,{"$f":"J1143*I1143","v":{"v":0,"d":"$0.00"}}]
["ESP 12.3.5.3","12.3.5.3","Suministro y transporte de Difusor lineal con plenum de 4 ft  2 ranura de 2\" cuello de 10\" DLP ","un",{"v":60,"d":"60.00"},{"v":691777,"d":"$691,777.00"},{"$f":"F1144*E1144","v":{"v":41506620,"d":"$41,506,620.00"}},null,{"v":60,"d":"60.00"},null,{"$f":"J1144*I1144","v":{"v":0,"d":"$0.00"}}]
["ESP 12.3.5.4","12.3.5.4","Suministro y transporte de Difusor lineal con plenum de 2ft  1 ranura de 1\" cuello de 6\" DLP","un",{"v":12,"d":"12.00"},{"v":491976,"d":"$491,976.00"},{"$f":"F1145*E1145","v":{"v":5903712,"d":"$5,903,712.00"}},null,{"v":12,"d":"12.00"},null,{"$f":"J1145*I1145","v":{"v":0,"d":"$0.00"}}]
[]
[null,null,"TOTAL DE DIFUSORES LINEALES HIGH THROW (INCLUYE PLENUM)",{"$nulls":3},{"$f":"SUM(G1142:G1145)","v":{"v":74638020,"d":"$74,638,020.00"}},{"$nulls":3},{"$f":"SUM(K1142:K1145)","v":{"v":0,"d":"$0.00"}}]
[]
[null,null,"TOTAL DE DIFUSORES Y REJILLAS",{"$nulls":3},{"$f":"G1147+G1139+G1128+G1112+G1102","v":{"v":302831754,"d":"$302,831,754.00"}},{"$nulls":3},{"$f":"K1147+K1139+K1128+K1112+K1102","v":{"v":0,"d":"$0.00"}}]
[]
[null,"12.4.0","TUBERÍAS, VÁLVULAS, AISLAMIENTOS TÉRMICOS, ACCESORIOS Y CONTROLES"]
[]
[null,"12.4.1","TUBERÍAS Y ACCESORIOS RED DE AGUA HELADA AISLADOS"]
[]
[null,"12.4.1.1","TUBERÍA EN PP PN 10 PREAISLADOS"]
["ESP 12.4.1.1.1","12.4.1.1.1","Suministro y transporte de Tubo 2\" diámetro ","m",{"v":341,"d":"341.00"},{"v":766360,"d":"$766,360.00"},{"$f":"F1156*E1156","v":{"v":261328760,"d":"$261,328,760.00"}},null,{"v":341,"d":"341.00"},null,{"$f":"J1156*I1156","v":{"v":0,"d":"$0.00"}}]
["ESP 12.4.1.1.2","12.4.1.1.2","Suministro y transporte de Tubo 1-1/2\" diámetro ","m",{"v":293,"d":"293.00"},{"v":417393,"d":"$417,393.00"},{"v":122296149,"d":"$122,296,149.00"},null,{"v":293,"d":"293.00"},null,{"v":0,"d":"$0.00"}]
["ESP 12.4.1.1.3","12.4.1.1.3","Suministro y transporte de Tubo 1-1/4\" diámetro ","m",{"v":339,"d":"339.00"},{"v":376338,"d":"$376,338.00"},{"v":127578582,"d":"$127,578,582.00"},null,{"v":339,"d":"339.00"},null,{"v":0,"d":"$0.00"}]
["ESP 12.4.1.1.4","12.4.1.1.4","Suministro y transporte de Tubo 1\" diámetro ","m",{"v":546,"d":"546.00"},{"v":269595,"d":"$269,595.00"},{"v":147198870,"d":"$147,198,870.00"},null,{"v":546,"d":"546.00"},null,{"v":0,"d":"$0.00"}]
["ESP 12.4.1.1.5","12.4.1.1.5","Suministro y transporte de Tubo 3/4\" diámetro ","m",{"v":271,"d":"271.00"},{"v":266858,"d":"$266,858.00"},{"v":72318518,"d":"$72,318,518.00"},null,{"v":271,"d":"271.00"},null,{"v":0,"d":"$0.00"}]
["ESP 12.4.1.1.6","12.4.1.1.6","Suministro y transporte de Tubo 1/2\" diámetro ","m",{"v":119,"d":"119.00"},{"v":255910,"d":"$255,910.00"},{"v":30453290,"d":"$30,453,290.00"},null,{"v":119,"d":"119.00"},null,{"v":0,"d":"$0.00"}]
["ESP 12.4.1.1.7","12.4.1.1.7","Suministro y transporte de Tubo 5\" diámetro ","m",{"v":252,"d":"252.00"},{"v":1086589,"d":"$1,086,589.00"},{"v":273820428,"d":"$273,820,428.00"},null,{"v":252,"d":"252.00"},null,{"v":0,"d":"$0.00"}]
["ESP 12.4.1.1.8","12.4.1.1.8","Suministro y transporte de Tubo 4\" diámetro ","m",{"v":142,"d":"142.00"},{"v":1044166,"d":"$1,044,166.00"},{"v":148271572,"d":"$148,271,572.00"},null,{"v":142,"d":"142.00"},null,{"v":0,"d":"$0.00"}]
["ESP 12.4.1.1.9","12.4.1.1.9","suministro y transporte de Tubo 3\" diámetro ","m",{"v":272,"d":"272.00"},{"v":959319,"d":"$959,319.00"},{"v":260934768,"d":"$260,934,768.00"},null,{"v":272,"d":"272.00"},null,{"v":0,"d":"$0.00"}]
["ESP 12.4.1.1.10","12.4.1.1.10","Suministro y transporte de Tubo 2-1/2\" diámetro ","m",{"v":623,"d":"623.00"},{"v":900473,"d":"$900,473.00"},{"v":560994679,"d":"$560,994,679.00"},null,{"v":623,"d":"623.00"},null,{"v":0,"d":"$0.00"}]
["ESP 12.4.1.1.11","12.4.1.1.11","Suministro y transporte de Tubo 6\" diámetro ","m",{"v":82,"d":"82.00"},{"v":1101643,"d":"$1,101,643.00"},{"v":90334726,"d":"$90,334,726.00"},null,{"v":82,"d":"82.00"},null,{"v":0,"d":"$0.00"}]
["ESP 12.4.1.1.12","12.4.1.1.12","Suministro y transporte de Tubo 8\" diámetro ","m",{"v":69,"d":"69.00"},{"v":1156383,"d":"$1,156,383.00"},{"v":79790427,"d":"$79,790,427.00"},null,{"v":69,"d":"69.00"},null,{"v":0,"d":"$0.00"}]
[]
[null,null,"TOTAL DE TUBERÍA EN PP PN 10 PREAISLADOS",{"$nulls":3},{"$f":"SUM(G1156:G1167)","v":{"v":2175320769,"d":"$2,175,320,769.00"}},{"$nulls":3},{"$f":"SUM(K1156:K1167)","v":{"v":0,"d":"$0.00"}}]
[]
[null,"12.4.1.2","CODOS EN PP PN25 PREAISLADOS"]
["ESP 12.4.1.2.1","12.4.1.2.1","Suministro y transporte de Codo 2\" diámetro ","un",{"v":24,"d":"24.00"},{"v":266858,"d":"$266,858.00"},{"$f":"F1172*E1172","v":{"v":6404592,"d":"$6,404,592.00"}},null,{"v":24,"d":"24.00"},null,{"$f":"J1172*I1172","v":{"v":0,"d":"$0.00"}}]
["ESP 12.4.1.2.2","12.4.1.2.2","Suministro y transporte de Codo 1\" diámetro ","un",{"v":82,"d":"82.00"},{"v":102638,"d":"$102,638.00"},{"v":8416316,"d":"$8,416,316.00"},null,{"v":82,"d":"82.00"},null,{"v":0,"d":"$0.00"}]
["ESP 12.4.1.2.3","12.4.1.2.3","Suministro y transporte de Codo 3/4\" diámetro ","un",{"v":60,"d":"60.00"},{"v":75268,"d":"$75,268.00"},{"v":4516080,"d":"$4,516,080.00"},null,{"v":60,"d":"60.00"},null,{"v":0,"d":"$0.00"}]
["ESP 12.4.1.2.4","12.4.1.2.4","Suministro y transporte de Codo 1/2\" diámetro ","un",{"v":52,"d":"52.00"},{"v":61583,"d":"$61,583.00"},{"v":3202316,"d":"$3,202,316.00"},null,{"v":52,"d":"52.00"},null,{"v":0,"d":"$0.00"}]
["ESP 12.4.1.2.5","12.4.1.2.5","Suministro y transporte de Codo 3\" diámetro ","un",{"v":46,"d":"46.00"},{"v":312018,"d":"$312,018.00"},{"v":14352828,"d":"$14,352,828.00"},null,{"v":46,"d":"46.00"},null,{"v":0,"d":"$0.00"}]
["ESP 12.4.1.2.6","12.4.1.2.6","Suministro y transporte de Codo 1 1/2\" diámetro ","un",{"v":44,"d":"44.00"},{"v":184748,"d":"$184,748.00"},{"v":8128912,"d":"$8,128,912.00"},null,{"v":44,"d":"44.00"},null,{"v":0,"d":"$0.00"}]
["ESP 12.4.1.2.7","12.4.1.2.7","Suministro y transporte de Codo 1 1/4\" diámetro ","un",{"v":92,"d":"92.00"},{"v":130008,"d":"$130,008.00"},{"v":11960736,"d":"$11,960,736.00"},null,{"v":92,"d":"92.00"},null,{"v":0,"d":"$0.00"}]
["ESP 12.4.1.2.8","12.4.1.2.8","Suministro y transporte de Codo 2 1/2\" diámetro ","un",{"v":6,"d":"6.00"},{"v":266858,"d":"$266,858.00"},{"v":1601148,"d":"$1,601,148.00"},null,{"v":6,"d":"6.00"},null,{"v":0,"d":"$0.00"}]
["ESP 12.4.1.2.9","12.4.1.2.9","Suministro y transporte de Codo 5\" diámetro  ","un",{"v":20,"d":"20.00"},{"v":489923,"d":"$489,923.00"},{"v":9798460,"d":"$9,798,460.00"},null,{"v":20,"d":"20.00"},null,{"v":0,"d":"$0.00"}]
["ESP 12.4.1.2.10","12.4.1.2.10","Suministro y transporte de Codo 4\" diámetro ","un",{"v":4,"d":"4.00"},{"v":357179,"d":"$357,179.00"},{"v":1428716,"d":"$1,428,716.00"},null,{"v":4,"d":"4.00"},null,{"v":0,"d":"$0.00"}]
["ESP 12.4.1.2.11","12.4.1.2.11","Suministro y transporte de Codo 8\" diámetro ","un",{"v":20,"d":"20.00"},{"v":801941,"d":"$801,941.00"},{"v":16038820,"d":"$16,038,820.00"},null,{"v":20,"d":"20.00"},null,{"v":0,"d":"$0.00"}]
[null,null,"TOTAL DE CODOS EN PP PN25 PREAISLADOS",{"$nulls":3},{"$f":"SUM(G1172:G1182)","v":{"v":85848924,"d":"$85,848,924.00"}},{"$nulls":3},{"$f":"SUM(K1172:K1182)","v":{"v":0,"d":"$0.00"}}]
[]
[null,"12.4.1.3","Tees en PP PN10 PREAISLADAS (incluyendo bujes reducción)"]
["ESP 12.4.1.3.1","12.4.1.3.1","Suministro y transporte de Tee 2\" x1 1/2\" x1 1/4\", incluye bujes reducción","un",{"v":10,"d":"10.00"},{"v":499503,"d":"$499,503.00"},{"$f":"F1186*E1186","v":{"v":4995030,"d":"$4,995,030.00"}},null,{"v":10,"d":"10.00"},null,{"$f":"J1186*I1186","v":{"v":0,"d":"$0.00"}}]
["ESP 12.4.1.3.2","12.4.1.3.2","Suministro y transporte de Tee 1 1/2\" x1 1/2\" x1/2\", incluye bujes reducción","un",{"v":6,"d":"6.00"},{"v":335283,"d":"$335,283.00"},{"v":2011698,"d":"$2,011,698.00"},null,{"v":6,"d":"6.00"},null,{"v":0,"d":"$0.00"}]
["ESP 12.4.1.3.3","12.4.1.3.3","Suministro y transporte de Tee 1 1/2\" x 1 1/4\" x 1\", incluye bujes reducción","un",{"v":10,"d":"10.00"},{"v":335283,"d":"$335,283.00"},{"v":3352830,"d":"$3,352,830.00"},null,{"v":10,"d":"10.00"},null,{"v":0,"d":"$0.00"}]
["ESP 12.4.1.3.4","12.4.1.3.4","Suministro y transporte de Tee 1 1/4\" x1 1/4\" x3/4\", incluye bujes reducción","un",{"v":16,"d":"16.00"},{"v":321598,"d":"$321,598.00"},{"v":5145568,"d":"$5,145,568.00"},null,{"v":16,"d":"16.00"},null,{"v":0,"d":"$0.00"}]
["ESP 12.4.1.3.5","12.4.1.3.5","Suministro y transporte de Tee 1 1/4\" x3/4\" x 3/4\", incluye bujes reducción","un",{"v":28,"d":"28.00"},{"v":321598,"d":"$321,598.00"},{"v":9004744,"d":"$9,004,744.00"},null,{"v":28,"d":"28.00"},null,{"v":0,"d":"$0.00"}]
["ESP 12.4.1.3.6","12.4.1.3.6","Suministro y transporte de Tee 1 1/4\" x1\" x 3/4\", incluye bujes reducción","un",{"v":6,"d":"6.00"},{"v":321598,"d":"$321,598.00"},{"v":1929588,"d":"$1,929,588.00"},null,{"v":6,"d":"6.00"},null,{"v":0,"d":"$0.00"}]
["ESP 12.4.1.3.7","12.4.1.3.7","Suministro y transporte de Tee 1\" x1\" x 1\", incluye bujes reducción","un",{"v":8,"d":"8.00"},{"v":253173,"d":"$253,173.00"},{"v":2025384,"d":"$2,025,384.00"},null,{"v":8,"d":"8.00"},null,{"v":0,"d":"$0.00"}]
["ESP 12.4.1.3.8","12.4.1.3.8","Suministro y transporte de Tee 5\" x5\" x4\", incluye bujes reducción","un",{"v":2,"d":"2.00"},{"v":718463,"d":"$718,463.00"},{"v":1436926,"d":"$1,436,926.00"},null,{"v":2,"d":"2.00"},null,{"v":0,"d":"$0.00"}]
["ESP 12.4.1.3.9","12.4.1.3.9","Suministro y transporte de Tee 4\" x2 1/2\" x1/2\", incluye bujes reducción","un",{"v":2,"d":"2.00"},{"v":663723,"d":"$663,723.00"},{"v":1327446,"d":"$1,327,446.00"},null,{"v":2,"d":"2.00"},null,{"v":0,"d":"$0.00"}]
["ESP 12.4.1.3.10","12.4.1.3.10","Suministro y transporte de Tee 2\" x1 1/2\" x1/2\", incluye bujes reducción","un",{"v":2,"d":"2.00"},{"v":499503,"d":"$499,503.00"},{"v":999006,"d":"$999,006.00"},null,{"v":2,"d":"2.00"},null,{"v":0,"d":"$0.00"}]
["ESP 12.4.1.3.11","12.4.1.3.11","Suministro y transporte de Tee 2\" x 1 1/4\" x 1\" , incluye bujes reducción","un",{"v":2,"d":"2.00"},{"v":499503,"d":"$499,503.00"},{"v":999006,"d":"$999,006.00"},null,{"v":2,"d":"2.00"},null,{"v":0,"d":"$0.00"}]
["ESP 12.4.1.3.12","12.4.1.3.12","Suministro y transporte de Tee 4\" x3\" x1/2\" , incluye bujes reducción","un",{"v":4,"d":"4.00"},{"v":663723,"d":"$663,723.00"},{"v":2654892,"d":"$2,654,892.00"},null,{"v":4,"d":"4.00"},null,{"v":0,"d":"$0.00"}]
["ESP 12.4.1.3.13","12.4.1.3.13","Suministro y transporte de Tee 2\" x1 1/4\" x3/4\" , incluye bujes reducción","un",{"v":4,"d":"4.00"},{"v":499503,"d":"$499,503.00"},{"v":1998012,"d":"$1,998,012.00"},null,{"v":4,"d":"4.00"},null,{"v":0,"d":"$0.00"}]
["ESP 12.4.1.3.14","12.4.1.3.14","Suministro y transporte de Tee 3\" x 1 1/4\" x 1\" , incluye bujes reducción","un",{"v":2,"d":"2.00"},{"v":581613,"d":"$581,613.00"},{"v":1163226,"d":"$1,163,226.00"},null,{"v":2,"d":"2.00"},null,{"v":0,"d":"$0.00"}]
["ESP 12.4.1.3.15","12.4.1.3.15","Suministro y transporte de Tee 3\" x1 1/4\" x3/4\" , incluye bujes reducción","un",{"v":3,"d":"3.00"},{"v":513188,"d":"$513,188.00"},{"v":1539564,"d":"$1,539,564.00"},null,{"v":3,"d":"3.00"},null,{"v":0,"d":"$0.00"}]
["ESP 12.4.1.3.16","12.4.1.3.16","Suministro y transporte de Tee 3\" x2 1/2\" x3/4\", incluye bujes reducción","un",{"v":2,"d":"2.00"},{"v":513188,"d":"$513,188.00"},{"v":1026376,"d":"$1,026,376.00"},null,{"v":2,"d":"2.00"},null,{"v":0,"d":"$0.00"}]
["ESP 12.4.1.3.17","12.4.1.3.17","Suministro y transporte de Tee 6\" x6\" x4\", incluye bujes reducción","un",{"v":2,"d":"2.00"},{"v":773203,"d":"$773,203.00"},{"v":1546406,"d":"$1,546,406.00"},null,{"v":2,"d":"2.00"},null,{"v":0,"d":"$0.00"}]
["ESP 12.4.1.3.18","12.4.1.3.18","Suministro y transporte de Tee 4\" x4\" x3\", incluye bujes reducción","un",{"v":2,"d":"2.00"},{"v":663723,"d":"$663,723.00"},{"v":1327446,"d":"$1,327,446.00"},null,{"v":2,"d":"2.00"},null,{"v":0,"d":"$0.00"}]
["ESP 12.4.1.3.19","12.4.1.3.19","Suministro y transporte de Tee 4\" x4\" x1/2\", incluye bujes reducción","un",{"v":8,"d":"8.00"},{"v":663723,"d":"$663,723.00"},{"v":5309784,"d":"$5,309,784.00"},null,{"v":8,"d":"8.00"},null,{"v":0,"d":"$0.00"}]
["ESP 12.4.1.3.20","12.4.1.3.20","Suministro y transporte de Tee 4\" x3\" x2\", incluye bujes reducción","un",{"v":2,"d":"2.00"},{"v":663723,"d":"$663,723.00"},{"v":1327446,"d":"$1,327,446.00"},null,{"v":2,"d":"2.00"},null,{"v":0,"d":"$0.00"}]
["ESP 12.4.1.3.21","12.4.1.3.21","Suministro y transporte de Tee 3\" x 3\" x 1 1/4\", incluye bujes reducción","un",{"v":4,"d":"4.00"},{"v":581613,"d":"$581,613.00"},{"v":2326452,"d":"$2,326,452.00"},null,{"v":4,"d":"4.00"},null,{"v":0,"d":"$0.00"}]
["ESP 12.4.1.3.22","12.4.1.3.22","Suministro y transporte de Tee 3\" x 3\" x 1\", incluye bujes reducción","un",{"v":12,"d":"12.00"},{"v":581613,"d":"$581,613.00"},{"v":6979356,"d":"$6,979,356.00"},null,{"v":12,"d":"12.00"},null,{"v":0,"d":"$0.00"}]
["ESP 12.4.1.3.23","12.4.1.3.23","Suministro y transporte de Tee 3\" x 3\" x 1/2\", incluye bujes reducción","un",{"v":6,"d":"6.00"},{"v":581613,"d":"$581,613.00"},{"v":3489678,"d":"$3,489,678.00"},null,{"v":6,"d":"6.00"},null,{"v":0,"d":"$0.00"}]
["ESP 12.4.1.3.24","12.4.1.3.24","Suministro y transporte de Tee 3\" x 2 1/2\" x 1\", incluye bujes reducción","un",{"v":2,"d":"2.00"},{"v":581613,"d":"$581,613.00"},{"v":1163226,"d":"$1,163,226.00"},null,{"v":2,"d":"2.00"},null,{"v":0,"d":"$0.00"}]
["ESP 12.4.1.3.25","12.4.1.3.25","Suministro y transporte de Tee 3\" x 2 1/2\" x 1 1/4\", incluye bujes reducción","un",{"v":2,"d":"2.00"},{"v":581613,"d":"$581,613.00"},{"v":1163226,"d":"$1,163,226.00"},null,{"v":2,"d":"2.00"},null,{"v":0,"d":"$0.00"}]
["ESP 12.4.1.3.26","12.4.1.3.26","Suministro y transporte de Tee 2 1/2\" x2 1/2\" x1 1/4\", incluye bujes reducción","un",{"v":8,"d":"8.00"},{"v":506345,"d":"$506,345.00"},{"v":4050760,"d":"$4,050,760.00"},null,{"v":8,"d":"8.00"},null,{"v":0,"d":"$0.00"}]
["ESP 12.4.1.3.27","12.4.1.3.27","Suministro y transporte de Tee 2 1/2\" x2 1/2\" x1\", incluye bujes reducción","un",{"v":28,"d":"28.00"},{"v":506345,"d":"$506,345.00"},{"v":14177660,"d":"$14,177,660.00"},null,{"v":28,"d":"28.00"},null,{"v":0,"d":"$0.00"}]
["ESP 12.4.1.3.28","12.4.1.3.28","Suministro y transporte de Tee 2 1/2\" x2 1/2\" x3/4\", incluye bujes reducción","un",{"v":4,"d":"4.00"},{"v":506345,"d":"$506,345.00"},{"v":2025380,"d":"$2,025,380.00"},null,{"v":4,"d":"4.00"},null,{"v":0,"d":"$0.00"}]
["ESP 12.4.1.3.29","12.4.1.3.29","Suministro y transporte de Tee 2 1/2\" x2\" x 1 1/2\", incluye bujes reducción","un",{"v":2,"d":"2.00"},{"v":506345,"d":"$506,345.00"},{"v":1012690,"d":"$1,012,690.00"},null,{"v":2,"d":"2.00"},null,{"v":0,"d":"$0.00"}]
["ESP 12.4.1.3.30","12.4.1.3.30","Suministro y transporte de Tee 2 1/2\" x2\" x 1 1/4\", incluye bujes reducción","un",{"v":6,"d":"6.00"},{"v":506345,"d":"$506,345.00"},{"v":3038070,"d":"$3,038,070.00"},null,{"v":6,"d":"6.00"},null,{"v":0,"d":"$0.00"}]
["ESP 12.4.1.3.31","12.4.1.3.31","Suministro y transporte de Tee 2\" x2\" x1\", incluye bujes reducción","un",{"v":10,"d":"10.00"},{"v":499503,"d":"$499,503.00"},{"v":4995030,"d":"$4,995,030.00"},null,{"v":10,"d":"10.00"},null,{"v":0,"d":"$0.00"}]
["ESP 12.4.1.3.32","12.4.1.3.32","Suministro y transporte de Tee 1 1/2\" x1 1/2\" x1\", incluye bujes reducción","un",{"v":2,"d":"2.00"},{"v":335283,"d":"$335,283.00"},{"v":670566,"d":"$670,566.00"},null,{"v":2,"d":"2.00"},null,{"v":0,"d":"$0.00"}]
["ESP 12.4.1.3.33","12.4.1.3.33","Suministro y transporte de Tee 1\" x1\" x 1/2\", incluye bujes reducción","un",{"v":4,"d":"4.00"},{"v":253173,"d":"$253,173.00"},{"$f":"F1218*E1218","v":{"v":1012692,"d":"$1,012,692.00"}},null,{"v":4,"d":"4.00"},null,{"$f":"J1218*I1218","v":{"v":0,"d":"$0.00"}}]
["ESP 12.4.1.3.34","12.4.1.3.34","Suministro y transporte de Tee 1\" x3/4\" x 1/2\", incluye bujes reducción","un",{"v":2,"d":"2.00"},{"v":253173,"d":"$253,173.00"},{"v":506346,"d":"$506,346.00"},null,{"v":2,"d":"2.00"},null,{"v":0,"d":"$0.00"}]
["ESP 12.4.1.3.35","12.4.1.3.35","Suministro y transporte de Tee 3/4\" x3/4\" x 1/2\", incluye bujes reducción","un",{"v":4,"d":"4.00"},{"v":226803,"d":"$226,803.00"},{"v":907212,"d":"$907,212.00"},null,{"v":4,"d":"4.00"},null,{"v":0,"d":"$0.00"}]
["ESP 12.4.1.3.36","12.4.1.3.36","Suministro y transporte de Tee 8\" x6\" x3\", incluye bujes reducción","un",{"v":2,"d":"2.00"},{"v":773203,"d":"$773,203.00"},{"v":1546406,"d":"$1,546,406.00"},null,{"v":2,"d":"2.00"},null,{"v":0,"d":"$0.00"}]
["ESP 12.4.1.3.37","12.4.1.3.37","Suministro y transporte de Tee 3\" x 2 1/2\" x 2 1/2\", incluye bujes reducción","un",{"v":2,"d":"2.00"},{"v":581613,"d":"$581,613.00"},{"v":1163226,"d":"$1,163,226.00"},null,{"v":2,"d":"2.00"},null,{"v":0,"d":"$0.00"}]
["ESP 12.4.1.3.38","12.4.1.3.38","Suministro y transporte de Tee 2 1/2\" x2 1/2\" x1 1/2\", incluye bujes reducción","un",{"v":2,"d":"2.00"},{"v":506345,"d":"$506,345.00"},{"v":1012690,"d":"$1,012,690.00"},null,{"v":2,"d":"2.00"},null,{"v":0,"d":"$0.00"}]
["ESP 12.4.1.3.39","12.4.1.3.39","Suministro y transporte de Tee 2\" x2\" x1 1/4\", incluye bujes reducción","un",{"v":2,"d":"2.00"},{"v":499503,"d":"$499,503.00"},{"v":999006,"d":"$999,006.00"},null,{"v":2,"d":"2.00"},null,{"v":0,"d":"$0.00"}]
["ESP 12.4.1.3.40","12.4.1.3.40","Suministro y transporte de Tee 2\" x2\" x1/2\", incluye bujes reducción","un",{"v":4,"d":"4.00"},{"v":499503,"d":"$499,503.00"},{"v":1998012,"d":"$1,998,012.00"},null,{"v":4,"d":"4.00"},null,{"v":0,"d":"$0.00"}]
["ESP 12.4.1.3.41","12.4.1.3.41","Suministro y transporte de Tee 2\" x1 1/4\" x1 1/4\", incluye bujes reducción","un",{"v":2,"d":"2.00"},{"v":499503,"d":"$499,503.00"},{"v":999006,"d":"$999,006.00"},null,{"v":2,"d":"2.00"},null,{"v":0,"d":"$0.00"}]
["ESP 12.4.1.3.42","12.4.1.3.42","Suministro y transporte de Tee 1 1/4\" x1 1/4\" x1\", incluye bujes reducción","un",{"v":10,"d":"10.00"},{"v":321598,"d":"$321,598.00"},{"v":3215980,"d":"$3,215,980.00"},null,{"v":10,"d":"10.00"},null,{"v":0,"d":"$0.00"}]
["ESP 12.4.1.3.43","12.4.1.3.43","Suministro y transporte de Tee 5\" x5\" x5\", incluye bujes reducción","un",{"v":8,"d":"8.00"},{"v":773203,"d":"$773,203.00"},{"v":6185624,"d":"$6,185,624.00"},null,{"v":8,"d":"8.00"},null,{"v":0,"d":"$0.00"}]
["ESP 12.4.1.3.44","12.4.1.3.44","Suministro y transporte de Tee 5\" x4\" x4\", incluye bujes reducción","un",{"v":4,"d":"4.00"},{"v":773203,"d":"$773,203.00"},{"v":3092812,"d":"$3,092,812.00"},null,{"v":4,"d":"4.00"},null,{"v":0,"d":"$0.00"}]
["ESP 12.4.1.3.45","12.4.1.3.45","Suministro y transporte de Tee 5\" x4\" x3\", incluye bujes reducción","un",{"v":4,"d":"4.00"},{"v":663723,"d":"$663,723.00"},{"v":2654892,"d":"$2,654,892.00"},null,{"v":4,"d":"4.00"},null,{"v":0,"d":"$0.00"}]
["ESP 12.4.1.3.46","12.4.1.3.46","Suministro y transporte de Tee 4\" x3\" x3\", incluye bujes reducción","un",{"v":4,"d":"4.00"},{"v":663723,"d":"$663,723.00"},{"v":2654892,"d":"$2,654,892.00"},null,{"v":4,"d":"4.00"},null,{"v":0,"d":"$0.00"}]
["ESP 12.4.1.3.47","12.4.1.3.47","Suministro y transporte de Tee 8\" x6\" x4\", incluye bujes reducción","un",{"v":2,"d":"2.00"},{"v":814258,"d":"$814,258.00"},{"v":1628516,"d":"$1,628,516.00"},null,{"v":2,"d":"2.00"},null,{"v":0,"d":"$0.00"}]
["ESP 12.4.1.3.48","12.4.1.3.48","Suministro y transporte de Tee 4\" x2 1/2\" x 2 1/2\", incluye bujes reducción","un",{"v":2,"d":"2.00"},{"v":663723,"d":"$663,723.00"},{"v":1327446,"d":"$1,327,446.00"},null,{"v":2,"d":"2.00"},null,{"v":0,"d":"$0.00"}]
["ESP 12.4.1.3.49","12.4.1.3.49","Suministro y transporte de Tee 2 1/2\" x2\" x 1\", incluye bujes reducción","un",{"v":4,"d":"4.00"},{"v":506345,"d":"$506,345.00"},{"v":2025380,"d":"$2,025,380.00"},null,{"v":4,"d":"4.00"},null,{"v":0,"d":"$0.00"}]
["ESP 12.4.1.3.50","12.4.1.3.50","Suministro y transporte de Tee 2\" x1 1/2\" x1 1/2\", incluye bujes reducción","un",{"v":2,"d":"2.00"},{"v":499503,"d":"$499,503.00"},{"v":999006,"d":"$999,006.00"},null,{"v":2,"d":"2.00"},null,{"v":0,"d":"$0.00"}]
["ESP 12.4.1.3.51","12.4.1.3.51","Suministro y transporte de Tee 2\" x1 1/2\" x1\", incluye bujes reducción","un",{"v":2,"d":"2.00"},{"v":499503,"d":"$499,503.00"},{"v":999006,"d":"$999,006.00"},null,{"v":2,"d":"2.00"},null,{"v":0,"d":"$0.00"}]
["ESP 12.4.1.3.52","12.4.1.3.52","Suministro y transporte de Tee 1 1/2\" x1\" x1\", incluye bujes reducción","un",{"v":2,"d":"2.00"},{"v":335283,"d":"$335,283.00"},{"v":670566,"d":"$670,566.00"},null,{"v":2,"d":"2.00"},null,{"v":0,"d":"$0.00"}]
["ESP 12.4.1.3.53","12.4.1.3.53","Suministro y transporte de Tee 1 1/4\" x1\" x 1\", incluye bujes reducción","un",{"v":2,"d":"2.00"},{"v":321598,"d":"$321,598.00"},{"v":643196,"d":"$643,196.00"},null,{"v":2,"d":"2.00"},null,{"v":0,"d":"$0.00"}]
["ESP 12.4.1.3.54","12.4.1.3.54","Suministro y transporte de Tee 8\" x8\" x5\", incluye bujes reducción","un",{"v":2,"d":"2.00"},{"v":814258,"d":"$814,258.00"},{"v":1628516,"d":"$1,628,516.00"},null,{"v":2,"d":"2.00"},null,{"v":0,"d":"$0.00"}]
["ESP 12.4.1.3.55","12.4.1.3.55","Suministro y transporte de Tee 5\" x4\" x 3\", incluye bujes reducción","un",{"v":2,"d":"2.00"},{"v":663723,"d":"$663,723.00"},{"v":1327446,"d":"$1,327,446.00"},null,{"v":2,"d":"2.00"},null,{"v":0,"d":"$0.00"}]
["ESP 12.4.1.3.56","12.4.1.3.56","Suministro y transporte de Tee 4\" x4\" x 1\", incluye bujes reducción","un",{"v":2,"d":"2.00"},{"v":663723,"d":"$663,723.00"},{"v":1327446,"d":"$1,327,446.00"},null,{"v":2,"d":"2.00"},null,{"v":0,"d":"$0.00"}]
["ESP 12.4.1.3.57","12.4.1.3.57","Suministro y transporte de Tee 4\" x3\" x2 1/2\", incluye bujes reducción","un",{"v":2,"d":"2.00"},{"v":506345,"d":"$506,345.00"},{"v":1012690,"d":"$1,012,690.00"},null,{"v":2,"d":"2.00"},null,{"v":0,"d":"$0.00"}]
["ESP 12.4.1.3.58","12.4.1.3.58","Suministro y transporte de Tee 3\" x3\" x 1 1/4\", incluye bujes reducción","un",{"v":2,"d":"2.00"},{"v":663723,"d":"$663,723.00"},{"v":1327446,"d":"$1,327,446.00"},null,{"v":2,"d":"2.00"},null,{"v":0,"d":"$0.00"}]
["ESP 12.4.1.3.59","12.4.1.3.59","Suministro y transporte de Tee 3\" x3\" x1\", incluye bujes reducción","un",{"v":2,"d":"2.00"},{"v":506345,"d":"$506,345.00"},{"v":1012690,"d":"$1,012,690.00"},null,{"v":2,"d":"2.00"},null,{"v":0,"d":"$0.00"}]
["ESP 12.4.1.3.60","12.4.1.3.60","Suministro y transporte de Tee 3\" x2 1/2\" x 2\", incluye bujes reducción","un",{"v":2,"d":"2.00"},{"v":506345,"d":"$506,345.00"},{"v":1012690,"d":"$1,012,690.00"},null,{"v":2,"d":"2.00"},null,{"v":0,"d":"$0.00"}]
["ESP 12.4.1.3.61","12.4.1.3.61","Suministro y transporte de Tee 2 1/2\" x2 1/2\" x 1\", incluye bujes reducción","un",{"v":4,"d":"4.00"},{"v":506345,"d":"$506,345.00"},{"v":2025380,"d":"$2,025,380.00"},null,{"v":4,"d":"4.00"},null,{"v":0,"d":"$0.00"}]
["ESP 12.4.1.3.62","12.4.1.3.62","Suministro y transporte de Tee 2 1/2\" x2 1/2\" x 3/4\", incluye bujes reducción","un",{"v":2,"d":"2.00"},{"v":506345,"d":"$506,345.00"},{"v":1012690,"d":"$1,012,690.00"},null,{"v":2,"d":"2.00"},null,{"v":0,"d":"$0.00"}]
["ESP 12.4.1.3.63","12.4.1.3.63","Suministro y transporte de Tee 2 1/2\" x2\" x 3/4\", incluye bujes reducción","un",{"v":2,"d":"2.00"},{"v":506345,"d":"$506,345.00"},{"v":1012690,"d":"$1,012,690.00"},null,{"v":2,"d":"2.00"},null,{"v":0,"d":"$0.00"}]
["ESP 12.4.1.3.64","12.4.1.3.64","Suministro y transporte de Tee 8\" x8\" x1 1/2\", incluye bujes reducción","un",{"v":2,"d":"2.00"},{"v":814258,"d":"$814,258.00"},{"v":1628516,"d":"$1,628,516.00"},null,{"v":2,"d":"2.00"},null,{"v":0,"d":"$0.00"}]
["ESP 12.4.1.3.65","12.4.1.3.65","Suministro y transporte de Tee 8\" x6\" x6\", incluye bujes reducción","un",{"v":2,"d":"2.00"},{"v":773203,"d":"$773,203.00"},{"$f":"F1250*E1250","v":{"v":1546406,"d":"$1,546,406.00"}},null,{"v":2,"d":"2.00"},null,{"$f":"J1250*I1250","v":{"v":0,"d":"$0.00"}}]
["ESP 12.4.1.3.66","12.4.1.3.66","Suministro y transporte de Tee 6\" x6\" x2 1/2\", incluye bujes reducción","un",{"v":8,"d":"8.00"},{"v":773203,"d":"$773,203.00"},{"v":6185624,"d":"$6,185,624.00"},null,{"v":8,"d":"8.00"},null,{"v":0,"d":"$0.00"}]
["ESP 12.4.1.3.67","12.4.1.3.67","Suministro y transporte de Tee 6\" x2 1/2\" x 21/2\", incluye bujes reducción","un",{"v":4,"d":"4.00"},{"v":773203,"d":"$773,203.00"},{"v":3092812,"d":"$3,092,812.00"},null,{"v":4,"d":"4.00"},null,{"v":0,"d":"$0.00"}]
["ESP 12.4.1.3.68","12.4.1.3.68","Suministro y transporte de Tee 1 1/2\" x1 1/4\" x3/4\", incluye bujes reducción","un",{"v":2,"d":"2.00"},{"v":335283,"d":"$335,283.00"},{"v":670566,"d":"$670,566.00"},null,{"v":2,"d":"2.00"},null,{"v":0,"d":"$0.00"}]
["ESP 12.4.1.3.69","12.4.1.3.69","Suministro y transporte de Tee 1 1/4\" x1\" x3/4\", incluye bujes reducción","un",{"v":2,"d":"2.00"},{"v":321598,"d":"$321,598.00"},{"v":643196,"d":"$643,196.00"},null,{"v":2,"d":"2.00"},null,{"v":0,"d":"$0.00"}]
["ESP 12.4.1.3.70","12.4.1.3.70","Suministro y transporte de Tee 1\" x3/4\" x3/4\", incluye bujes reducción","un",{"v":2,"d":"2.00"},{"v":253173,"d":"$253,173.00"},{"v":506346,"d":"$506,346.00"},null,{"v":2,"d":"2.00"},null,{"v":0,"d":"$0.00"}]
["ESP 12.4.1.3.71","12.4.1.3.71","Suministro y transporte de Tee 3/4\" x3/4\" x1/2\", incluye bujes reducción","un",{"v":2,"d":"2.00"},{"v":225803,"d":"$225,803.00"},{"v":451606,"d":"$451,606.00"},null,{"v":2,"d":"2.00"},null,{"v":0,"d":"$0.00"}]
[null,null,"TOTAL DE Tees en PP PN10 PREAISLADAS (incluyendo bujes reduccion)",{"$nulls":3},{"$f":"SUM(G1186:G1256)","v":{"v":159879140,"d":"$159,879,140.00"}},{"$nulls":3},{"$f":"SUM(K1186:K1256)","v":{"v":0,"d":"$0.00"}}]
[null,null,"TOTAL DE TUBERÍAS Y ACCESORIOS RED DE AGUA HELADA AISLADOS",{"$nulls":3},{"$f":"G1257+G1183+G1169","v":{"v":2421048833,"d":"$2,421,048,833.00"}},{"$nulls":3},{"$f":"K1257+K1183+K1169","v":{"v":0,"d":"$0.00"}}]
[]
[null,"12.4.2","VALVULAS EN GENERAL"]
[]
[null,"12.4.2.1","Válvulas de mariposa, compuerta o de bola"]
["ESP 12.4.2.1.1","12.4.2.1.1","Suministro y transporte de válvula mariposa 2\" diámetro ","un",{"v":10,"d":"10.00"},{"v":294228,"d":"$294,228.00"},{"$f":"F1263*E1263","v":{"v":2942280,"d":"$2,942,280.00"}},null,{"v":10,"d":"10.00"},null,{"$f":"J1263*I1263","v":{"v":0,"d":"$0.00"}}]
["ESP 12.4.2.1.2","12.4.2.1.2","Suministro y transporte de válvula mariposa 1\" diámetro ","un",{"v":136,"d":"136.00"},{"v":157378,"d":"$157,378.00"},{"v":21403408,"d":"$21,403,408.00"},null,{"v":136,"d":"136.00"},null,{"v":0,"d":"$0.00"}]
["ESP 12.4.2.1.3","12.4.2.1.3","Suministro y transporte de válvula mariposa 3/4\" diámetro","un",{"v":150,"d":"150.00"},{"v":116323,"d":"$116,323.00"},{"v":17448450,"d":"$17,448,450.00"},null,{"v":150,"d":"150.00"},null,{"v":0,"d":"$0.00"}]
["ESP 12.4.2.1.4","12.4.2.1.4","Suministro y transporte de válvula mariposa 1/2\" diámetro ","un",{"v":40,"d":"40.00"},{"v":102638,"d":"$102,638.00"},{"v":4105520,"d":"$4,105,520.00"},null,{"v":40,"d":"40.00"},null,{"v":0,"d":"$0.00"}]
["ESP 12.4.2.1.5","12.4.2.1.5","Suministro y transporte de válvula mariposa  1 1/2\" diámetro","un",{"v":4,"d":"4.00"},{"v":253173,"d":"$253,173.00"},{"v":1012692,"d":"$1,012,692.00"},null,{"v":4,"d":"4.00"},null,{"v":0,"d":"$0.00"}]
["ESP 12.4.2.1.6","12.4.2.1.6","Suministro y transporte de válvula mariposa 1 1/4\" diámetro","un",{"v":8,"d":"8.00"},{"v":225803,"d":"$225,803.00"},{"v":1806424,"d":"$1,806,424.00"},null,{"v":8,"d":"8.00"},null,{"v":0,"d":"$0.00"}]
["ESP 12.4.2.1.7","12.4.2.1.7","Suministro y transporte de válvula mariposa 5\" diámetro","un",{"v":4,"d":"4.00"},{"v":786888,"d":"$786,888.00"},{"v":3147552,"d":"$3,147,552.00"},null,{"v":4,"d":"4.00"},null,{"v":0,"d":"$0.00"}]
["ESP 12.4.2.1.8","12.4.2.1.8","Suministro y transporte de válvula mariposa 4\" diámetro","un",{"v":8,"d":"8.00"},{"v":636353,"d":"$636,353.00"},{"v":5090824,"d":"$5,090,824.00"},null,{"v":8,"d":"8.00"},null,{"v":0,"d":"$0.00"}]
["ESP 12.4.2.1.9","12.4.2.1.9","Suministro y transporte de válvula mariposa 3\" diámetro","un",{"v":14,"d":"14.00"},{"v":526873,"d":"$526,873.00"},{"v":7376222,"d":"$7,376,222.00"},null,{"v":14,"d":"14.00"},null,{"v":0,"d":"$0.00"}]
["ESP 12.4.2.1.10","12.4.2.1.10","Suministro y transporte de válvula mariposa 1 1/2\" diámetro","un",{"v":2,"d":"2.00"},{"v":116323,"d":"$116,323.00"},{"v":232646,"d":"$232,646.00"},null,{"v":2,"d":"2.00"},null,{"v":0,"d":"$0.00"}]
["ESP 12.4.2.1.11","12.4.2.1.11","Suministro y transporte de valvula mariposa 8\" diámetro","un",{"v":2,"d":"2.00"},{"v":1320603,"d":"$1,320,603.00"},{"v":2641206,"d":"$2,641,206.00"},null,{"v":2,"d":"2.00"},null,{"v":0,"d":"$0.00"}]
["ESP 12.4.2.1.12","12.4.2.1.12","Suministro y transporte de válvula mariposa 6\" diámetro","un",{"v":4,"d":"4.00"},{"v":1087958,"d":"$1,087,958.00"},{"v":4351832,"d":"$4,351,832.00"},null,{"v":4,"d":"4.00"},null,{"v":0,"d":"$0.00"}]
["ESP 12.4.2.1.13","12.4.2.1.13","Suministro y transporte de válvula mariposa 2 1/2\" diámetro","un",{"v":20,"d":"20.00"},{"v":472133,"d":"$472,133.00"},{"v":9442660,"d":"$9,442,660.00"},null,{"v":20,"d":"20.00"},null,{"v":0,"d":"$0.00"}]
[]
[null,null,"TOTAL DE Válvulas de mariposa, compuerta o de bola",{"$nulls":3},{"$f":"SUM(G1263:G1275)","v":{"v":81001716,"d":"$81,001,716.00"}},{"$nulls":3},{"$f":"SUM(K1263:K1275)","v":{"v":0,"d":"$0.00"}}]
[]
[null,null,"TOTAL DE VALVULAS EN GENERAL",{"$nulls":3},{"$f":"G1277","v":{"v":81001716,"d":"$81,001,716.00"}},{"$nulls":3},{"$f":"K1277","v":{"v":0,"d":"$0.00"}}]
[]
[null,"12.4.3","ELEMENTOS DE CONTROL"]
[null,"12.4.3.1","Válvulas dos vías proporcional caudal constante independiente de la presión"]
["ESP 12.4.3.1.1","12.4.3.1.1","Suministro de válvula de 2 vías proporcional caudal constante independiente de la presión de 1\" diámetro ","un",{"v":67,"d":"67.00"},{"v":1075778,"d":"$1,075,778.00"},{"$f":"F1283*E1283","v":{"v":72077126,"d":"$72,077,126.00"}},null,{"v":67,"d":"67.00"},null,{"$f":"J1283*I1283","v":{"v":0,"d":"$0.00"}}]
["ESP 12.4.3.1.2","12.4.3.1.2","Suministro de válvula de 2 vías proporcional caudal constante independiente de la presión de 3/4\" diámetro ","un",{"v":76,"d":"76.00"},{"v":1019533,"d":"$1,019,533.00"},{"v":77484508,"d":"$77,484,508.00"},null,{"v":76,"d":"76.00"},null,{"v":0,"d":"$0.00"}]
["ESP 12.4.3.1.3","12.4.3.1.3","Suministro de válvula de 2 vías proporcional caudal constante independiente de la presión de 1/2\" diámetro ","un",{"v":18,"d":"18.00"},{"v":900473,"d":"$900,473.00"},{"v":16208514,"d":"$16,208,514.00"},null,{"v":18,"d":"18.00"},null,{"v":0,"d":"$0.00"}]
["ESP 12.4.3.1.4","12.4.3.1.4","Suministro y transporte de Termostatos de ambiente digitales y proporcionales ","un",{"v":92,"d":"92.00"},{"v":563822,"d":"$563,822.00"},{"v":51871624,"d":"$51,871,624.00"},null,{"v":92,"d":"92.00"},null,{"v":0,"d":"$0.00"}]
["ESP 12.4.3.1.5","12.4.3.1.5","Suministro y transporte de Termostatos de ambiente inalámbricos ","un",{"v":65,"d":"65.00"},{"v":804678,"d":"$804,678.00"},{"v":52304070,"d":"$52,304,070.00"},null,{"v":65,"d":"65.00"},null,{"v":0,"d":"$0.00"}]
["ESP 12.4.3.1.6","12.4.3.1.6","Suministro y transporte de válvula de 2 vías proporcional caudal constante independiente de la presión de 1 1/2\" diámetro ","un",{"v":3,"d":"3.00"},{"v":3128254,"d":"$3,128,254.00"},{"v":9384762,"d":"$9,384,762.00"},null,{"v":3,"d":"3.00"},null,{"v":0,"d":"$0.00"}]
["ESP 12.4.3.1.7","12.4.3.1.7","Suministro y transporte de válvula de 2 vías proporcional caudal constante independiente de la presión de 2\" diámetro ","un",{"v":4,"d":"4.00"},{"v":2580854,"d":"$2,580,854.00"},{"v":10323416,"d":"$10,323,416.00"},null,{"v":4,"d":"4.00"},null,{"v":0,"d":"$0.00"}]
["ESP 12.4.3.1.8","12.4.3.1.8","Suministro y transporte de válvula de 2 vías proporcional caudal constante independiente de la presión de 1 1/4\" diámetro ","un",{"v":4,"d":"4.00"},{"v":1075778,"d":"$1,075,778.00"},{"v":4303112,"d":"$4,303,112.00"},null,{"v":4,"d":"4.00"},null,{"v":0,"d":"$0.00"}]
["ESP 12.4.3.1.9","12.4.3.1.9","Suministro y transporte de válvula de 2 vías proporcional caudal constante independiente de la presión de 3\" diámetro ","un",{"v":7,"d":"7.00"},{"v":11476104,"d":"$11,476,104.00"},{"v":80332728,"d":"$80,332,728.00"},null,{"v":7,"d":"7.00"},null,{"v":0,"d":"$0.00"}]
["ESP 12.4.3.1.10","12.4.3.1.10","Suministro y transporte de Termo Humidostatos de ambiente digitales ","un",{"v":6,"d":"6.00"},{"v":3900225,"d":"$3,900,225.00"},{"v":23401350,"d":"$23,401,350.00"},null,{"v":6,"d":"6.00"},null,{"v":0,"d":"$0.00"}]
["ESP 12.4.3.1.11","12.4.3.1.11","Suministro y transporte de válvula de 2 vías proporcional caudal constante independiente de la presión de 2 1/2\" diámetro ","un",{"v":1,"d":"1.00"},{"v":4733505,"d":"$4,733,505.00"},{"v":4733505,"d":"$4,733,505.00"},null,{"v":1,"d":"1.00"},null,{"v":0,"d":"$0.00"}]
[]
[null,null,"TOTAL DE Válvulas dos vías proporcional caudal constante independiente de la presión",{"$nulls":3},{"$f":"SUM(G1283:G1293)","v":{"v":402424715,"d":"$402,424,715.00"}},{"$nulls":3},{"$f":"SUM(K1283:K1293)","v":{"v":0,"d":"$0.00"}}]
[]
[null,"12.4.3.2","TERMÓMETROS"]
["ESP 12.4.3.2.1","12.4.3.2.1","Suministro  y transporte de Termómetro de columna de mercurio de 6\"","un",{"v":24,"d":"24.00"},{"v":925731,"d":"$925,731.00"},{"$f":"F1298*E1298","v":{"v":22217544,"d":"$22,217,544.00"}},null,{"v":24,"d":"24.00"},null,{"$f":"J1298*I1298","v":{"v":0,"d":"$0.00"}}]
["ESP 12.4.3.2.2","12.4.3.2.2","Suministro  y transporte de Buzos para conectar termómetros ","un",{"v":24,"d":"24.00"},{"v":119060,"d":"$119,060.00"},{"$f":"F1299*E1299","v":{"v":2857440,"d":"$2,857,440.00"}},null,{"v":24,"d":"24.00"},null,{"$f":"J1299*I1299","v":{"v":0,"d":"$0.00"}}]
[]
[null,null,"TOTAL DE TERMÓMETROS",{"$nulls":3},{"$f":"SUM(G1298:G1299)","v":{"v":25074984,"d":"$25,074,984.00"}},{"$nulls":3},{"$f":"SUM(K1298:K1299)","v":{"v":0,"d":"$0.00"}}]
[]
[null,"12.4.3.3","MANÓMETROS"]
["ESP 12.4.3.3.1","12.4.3.3.1","Suministro y transporte de  Manómetro de carátula con glicerina de 0 a 100 PSI","un",{"v":20,"d":"20.00"},{"v":614956,"d":"$614,956.00"},{"$f":"F1304*E1304","v":{"v":12299120,"d":"$12,299,120.00"}},null,{"v":20,"d":"20.00"},null,{"$f":"J1304*I1304","v":{"v":0,"d":"$0.00"}}]
["ESP 12.4.3.3.2","12.4.3.3.2","Suministro y transporte de Manómetro de carátula con glicerina de 0 a 60 PSI","un",{"v":8,"d":"8.00"},{"v":594428,"d":"$594,428.00"},{"$f":"F1305*E1305","v":{"v":4755424,"d":"$4,755,424.00"}},null,{"v":8,"d":"8.00"},null,{"$f":"J1305*I1305","v":{"v":0,"d":"$0.00"}}]
["ESP 12.4.3.3.3","12.4.3.3.3","Suministro y transporte de Cola de marrano con válvula de 1/4\" diámetro para conexión manómetros","un",{"v":28,"d":"28.00"},{"v":141681,"d":"$141,681.00"},{"$f":"F1306*E1306","v":{"v":3967068,"d":"$3,967,068.00"}},null,{"v":28,"d":"28.00"},null,{"$f":"J1306*I1306","v":{"v":0,"d":"$0.00"}}]
[]
[null,null,"TOTAL DE MANÓMETROS",{"$nulls":3},{"$f":"SUM(G1304:G1306)","v":{"v":21021612,"d":"$21,021,612.00"}},{"$nulls":3},{"$f":"SUM(K1304:K1306)","v":{"v":0,"d":"$0.00"}}]
[]
[null,"12.4.3.4","Conexiones Flexibles tipo burbuja"]
["ESP 12.4.3.4.1","12.4.3.4,1","Suministro y control de Flexible tipo burbuja 5\" diámetro","un",{"v":8,"d":"8.00"},{"v":1169563,"d":"$1,169,563.00"},{"$f":"F1311*E1311","v":{"v":9356504,"d":"$9,356,504.00"}},null,{"v":8,"d":"8.00"},null,{"$f":"J1311*I1311","v":{"v":0,"d":"$0.00"}}]
["ESP 12.4.3.4.2","12.4.3.4.2","Suministro y control de Flexible tipo burbuja 4\" diámetro","un",{"v":8,"d":"8.00"},{"v":1018164,"d":"$1,018,164.00"},{"v":8145312,"d":"$8,145,312.00"},null,{"v":8,"d":"8.00"},null,{"v":0,"d":"$0.00"}]
["ESP 12.4.3.4.3","12.4.3.4.3","Suministro y control de Flexible tipo burbuja 3\" diámetro","un",{"v":12,"d":"12.00"},{"v":736163,"d":"$736,163.00"},{"v":8833956,"d":"$8,833,956.00"},null,{"v":12,"d":"12.00"},null,{"v":0,"d":"$0.00"}]
["ESP 12.4.3.4.4","12.4.3.4.4","Suministro y control de Flexible tipo burbuja 8\" diámetro","un",{"v":4,"d":"4.00"},{"v":1169563,"d":"$1,169,563.00"},{"v":4678252,"d":"$4,678,252.00"},null,{"v":4,"d":"4.00"},null,{"v":0,"d":"$0.00"}]
["ESP 12.4.3.4.5","12.4.3.4.5","Suministro y control de Flexible tipo burbuja 2 1/2\" diámetro","un",{"v":8,"d":"8.00"},{"v":1018164,"d":"$1,018,164.00"},{"v":8145312,"d":"$8,145,312.00"},null,{"v":8,"d":"8.00"},null,{"v":0,"d":"$0.00"}]
["ESP 12.4.3.4.6","12.4.3.4.6","Suministro y control de Flexible tipo burbuja 6\" diámetro","un",{"v":8,"d":"8.00"},{"v":736163,"d":"$736,163.00"},{"v":5889304,"d":"$5,889,304.00"},null,{"v":8,"d":"8.00"},null,{"v":0,"d":"$0.00"}]
[]
[null,null,"TOTAL DE Conexiones Flexibles tipo burbuja",{"$nulls":3},{"$f":"SUM(G1311:G1316)","v":{"v":45048640,"d":"$45,048,640.00"}},{"$nulls":3},{"$f":"SUM(K1311:K1316)","v":{"v":0,"d":"$0.00"}}]
[]
[null,"12.4.3.5","Tanque de expansión"]
["ESP 12.4.3.5.1","12.4.3.5.1","Suministro y control de TE #1: Tipo cerrado con membrana de presurización 1","un",{"v":1,"d":"1.00"},{"v":17268705,"d":"$17,268,705.00"},{"$f":"F1321*E1321","v":{"v":17268705,"d":"$17,268,705.00"}},null,{"v":1,"d":"1.00"},null,{"$f":"J1321*I1321","v":{"v":0,"d":"$0.00"}}]
["ESP 12.4.3.5.2","12.4.3.5.2","Suministro y control de TE #1: Tipo cerrado con membrana de presurización 2","un",{"v":1,"d":"1.00"},{"v":79920400,"d":"$79,920,400.00"},{"$f":"F1322*E1322","v":{"v":79920400,"d":"$79,920,400.00"}},null,{"v":1,"d":"1.00"},null,{"$f":"J1322*I1322","v":{"v":0,"d":"$0.00"}}]
[]
[null,null,"TOTAL DE Tanque de expansión",{"$nulls":3},{"$f":"SUM(G1321:G1322)","v":{"v":97189105,"d":"$97,189,105.00"}},{"$nulls":3},{"$f":"SUM(K1321:K1322)","v":{"v":0,"d":"$0.00"}}]
[]
[null,"12.4.3.6","Aireador"]
["ESP 12.4.3.6.1","12.4.3.6.1","Suministro y control de aireador DA #1: separador de microburbujas e impurezas 1","un",{"v":1,"d":"1.00"},{"v":39341963,"d":"$39,341,963.00"},{"$f":"F1327*E1327","v":{"v":39341963,"d":"$39,341,963.00"}},null,{"v":1,"d":"1.00"},null,{"$f":"J1327*I1327","v":{"v":0,"d":"$0.00"}}]
["ESP 12.4.3.6.2","12.4.3.6.2","Suministro y control de aireador DA #1: separador de microburbujas e impurezas 2","un",{"v":1,"d":"1.00"},{"v":67877600,"d":"$67,877,600.00"},{"$f":"F1328*E1328","v":{"v":67877600,"d":"$67,877,600.00"}},null,{"v":1,"d":"1.00"},null,{"$f":"J1328*I1328","v":{"v":0,"d":"$0.00"}}]
[]
[null,null,"TOTAL DE Aireador",{"$nulls":3},{"$f":"SUM(G1327:G1328)","v":{"v":107219563,"d":"$107,219,563.00"}},{"$nulls":3},{"$f":"SUM(K1327:K1328)","v":{"v":0,"d":"$0.00"}}]
[]
[null,null,"TOTAL DE ELEMENTOS DE CONTROL",{"$nulls":3},{"$f":"G1330+G1324+G1318+G1308+G1301+G1295","v":{"v":697978619,"d":"$697,978,619.00"}},{"$nulls":3},{"$f":"K1330+K1324+K1318+K1308+K1301+K1295","v":{"v":0,"d":"$0.00"}}]
[]
[null,null,"TOTAL DE TUBERÍAS, VÁLVULAS, AISLAMIENTOS TÉRMICOS, ACCESORIOS Y CONTROLES",{"$nulls":3},{"$f":"G1332+G1279+G1258","v":{"v":3200029168,"d":"$3,200,029,168.00"}},{"$nulls":3},{"$f":"K1332+K1279+K1258","v":{"v":0,"d":"$0.00"}}]
[]
[null,"12.5.0","TABLEROS ELECTRICOS"]
["ESP 12.5.1","12.5.1","Suministro  y transporte  de Piso 1 Tablero de potencia y control manejo Ventilación Parqueadero ","un",{"v":1,"d":"1.00"},{"v":36675800,"d":"$36,675,800.00"},{"$f":"F1337*E1337","v":{"v":36675800,"d":"$36,675,800.00"}},null,{"v":1,"d":"1.00"},null,{"$f":"J1337*I1337","v":{"v":0,"d":"$0.00"}}]
["ESP 12.5.2","12.5.2","Suministro  y transporte de Piso 1 Tablero de potencia y control manejo Fan coils y Cassette ","un",{"v":1,"d":"1.00"},{"v":21896000,"d":"$21,896,000.00"},{"v":21896000,"d":"$21,896,000.00"},null,{"v":1,"d":"1.00"},null,{"v":0,"d":"$0.00"}]
["ESP 12.5.3","12.5.3","Suministro y transporte de Piso 2 Tablero de potencia y control manejo Ventilación Parqueadero ","un",{"v":1,"d":"1.00"},{"v":6637225,"d":"$6,637,225.00"},{"v":6637225,"d":"$6,637,225.00"},null,{"v":1,"d":"1.00"},null,{"v":0,"d":"$0.00"}]
["ESP 12.5.4","12.5.4","Suministro  y transporte de Piso 2 Balanceo de Aire","un",{"v":1,"d":"1.00"},{"v":390023,"d":"$390,023.00"},{"v":390023,"d":"$390,023.00"},null,{"v":1,"d":"1.00"},null,{"v":0,"d":"$0.00"}]
["ESP 12.5.5","12.5.5","Suministro y transporte de Piso 3 Tablero de potencia y control manejo Fan coils y Cassette ","un",{"v":1,"d":"1.00"},{"v":36675800,"d":"$36,675,800.00"},{"v":36675800,"d":"$36,675,800.00"},null,{"v":1,"d":"1.00"},null,{"v":0,"d":"$0.00"}]
["ESP 12.5.6","12.5.6","Suministro y transporte de Piso 3 Tablero de potencia y control manejo Fan coils y Cassette ","un",{"v":1,"d":"1.00"},{"v":36675800,"d":"$36,675,800.00"},{"v":36675800,"d":"$36,675,800.00"},null,{"v":1,"d":"1.00"},null,{"v":0,"d":"$0.00"}]
["ESP 12.5.7","12.5.7","Suministro y transporte de Piso 4 Tablero de potencia y control manejo Fan coils y Cassette ","un",{"v":1,"d":"1.00"},{"v":36675800,"d":"$36,675,800.00"},{"v":36675800,"d":"$36,675,800.00"},null,{"v":1,"d":"1.00"},null,{"v":0,"d":"$0.00"}]
["ESP 12.5.8","12.5.8","Suministro  y transporte de Piso 5 Tablero de potencia y control manejo Fan coils y Cassette ","un",{"v":1,"d":"1.00"},{"v":17106250,"d":"$17,106,250.00"},{"v":17106250,"d":"$17,106,250.00"},null,{"v":1,"d":"1.00"},null,{"v":0,"d":"$0.00"}]
["ESP 12.5.9","12.5.9","Suministro  y transporte de DATA CENTER Tablero de potencia y control CRAHWICHILLERS + bombeo","un",{"v":1,"d":"1.00"},{"v":112873880,"d":"$112,873,880.00"},{"v":112873880,"d":"$112,873,880.00"},null,{"v":1,"d":"1.00"},null,{"v":0,"d":"$0.00"}]
["ESP 12.5.10","12.5.10","Suministro  y transporte de Tablero de potencia y control manejo Fan coils y Cassette Piso 6","un",{"v":1,"d":"1.00"},{"v":36675800,"d":"$36,675,800.00"},{"v":36675800,"d":"$36,675,800.00"},null,{"v":1,"d":"1.00"},null,{"v":0,"d":"$0.00"}]
["ESP 12.5.11","12.5.11","Suministro  y transporte de Tablero de potencia y control manejo Fan coils y Estación central Piso 7","un",{"v":1,"d":"1.00"},{"v":43518300,"d":"$43,518,300.00"},{"v":43518300,"d":"$43,518,300.00"},null,{"v":1,"d":"1.00"},null,{"v":0,"d":"$0.00"}]
["ESP 12.5.12","12.5.12","Suministro  y transporte de Tablero de potencia y control manejo central de enfriamiento Chillers +bombeo Piso 8","un",{"v":1,"d":"1.00"},{"v":89527270,"d":"$89,527,270.00"},{"v":89527270,"d":"$89,527,270.00"},null,{"v":1,"d":"1.00"},null,{"v":0,"d":"$0.00"}]
[]
[null,null,"TOTAL DE TABLEROS ELÉCTRICOS",{"$nulls":3},{"$f":"SUM(G1337:G1348)","v":{"v":475327948,"d":"$475,327,948.00"}},{"$nulls":3},{"$f":"SUM(K1337:K1348)","v":{"v":0,"d":"$0.00"}}]
[]
[null,"12.6.0","PRUEBAS Y BALANCEOS"]
["ESP 12.6.1","12.6.1","Prueba de presión de tuberías de agua Piso 1","un",{"v":1,"d":"1.00"},{"v":1710625,"d":"$1,710,625.00"},{"$f":"F1353*E1353","v":{"v":1710625,"d":"$1,710,625.00"}},null,{"v":1,"d":"1.00"},null,{"$f":"J1353*I1353","v":{"v":0,"d":"$0.00"}}]
["ESP 12.6.2","12.6.2","Limpieza y enjuague de los sistemas de circulación de agua Piso 1","un",{"v":1,"d":"1.00"},{"v":1375343,"d":"$1,375,343.00"},{"v":1375343,"d":"$1,375,343.00"},null,{"v":1,"d":"1.00"},null,{"v":0,"d":"$0.00"}]
["ESP 12.6.3","12.6.3","Balanceo y ensayo de flujo de agua Piso 1","un",{"v":1,"d":"1.00"},{"v":1163225,"d":"$1,163,225.00"},{"v":1163225,"d":"$1,163,225.00"},null,{"v":1,"d":"1.00"},null,{"v":0,"d":"$0.00"}]
["ESP 12.6.4","12.6.4","Balanceo de Aire Piso 1","un",{"v":1,"d":"1.00"},{"v":390023,"d":"$390,023.00"},{"v":390023,"d":"$390,023.00"},null,{"v":1,"d":"1.00"},null,{"v":0,"d":"$0.00"}]
["ESP 12.6.5","12.6.5","Prueba de presión de tuberías de agua Piso 3","un",{"v":1,"d":"1.00"},{"v":3352825,"d":"$3,352,825.00"},{"v":3352825,"d":"$3,352,825.00"},null,{"v":1,"d":"1.00"},null,{"v":0,"d":"$0.00"}]
["ESP 12.6.6","12.6.6","Limpieza y enjuague de los sistemas de circulación de agua Piso 3","un",{"v":1,"d":"1.00"},{"v":2134860,"d":"$2,134,860.00"},{"v":2134860,"d":"$2,134,860.00"},null,{"v":1,"d":"1.00"},null,{"v":0,"d":"$0.00"}]
["ESP 12.6.7","12.6.7","Balanceo y ensayo de flujo de agua Piso 3","un",{"v":1,"d":"1.00"},{"v":2052750,"d":"$2,052,750.00"},{"v":2052750,"d":"$2,052,750.00"},null,{"v":1,"d":"1.00"},null,{"v":0,"d":"$0.00"}]
["ESP 12.6.8","12.6.8","Balanceo de Aire Piso 3","un",{"v":1,"d":"1.00"},{"v":17106250,"d":"$17,106,250.00"},{"v":17106250,"d":"$17,106,250.00"},null,{"v":1,"d":"1.00"},null,{"v":0,"d":"$0.00"}]
["ESP 12.6.9","12.6.9","Prueba de presión de tuberías de agua Piso 4","un",{"v":1,"d":"1.00"},{"v":3352825,"d":"$3,352,825.00"},{"v":3352825,"d":"$3,352,825.00"},null,{"v":1,"d":"1.00"},null,{"v":0,"d":"$0.00"}]
["ESP 12.6.10","12.6.10","Limpieza y enjuague de los sistemas de circulación de agua Piso 4","un",{"v":1,"d":"1.00"},{"v":2134860,"d":"$2,134,860.00"},{"v":2134860,"d":"$2,134,860.00"},null,{"v":1,"d":"1.00"},null,{"v":0,"d":"$0.00"}]
["ESP 12.6.11","12.6.11","Balanceo y ensayo de flujo de agua Piso 4","un",{"v":1,"d":"1.00"},{"v":2052750,"d":"$2,052,750.00"},{"v":2052750,"d":"$2,052,750.00"},null,{"v":1,"d":"1.00"},null,{"v":0,"d":"$0.00"}]
["ESP 12.6.12","12.6.12","Balanceo de Aire Piso 4","un",{"v":1,"d":"1.00"},{"v":1984325,"d":"$1,984,325.00"},{"v":1984325,"d":"$1,984,325.00"},null,{"v":1,"d":"1.00"},null,{"v":0,"d":"$0.00"}]
["ESP 12.6.13","12.6.13","Prueba de presión de tuberías de agua Piso 5","un",{"v":1,"d":"1.00"},{"v":2531725,"d":"$2,531,725.00"},{"v":2531725,"d":"$2,531,725.00"},null,{"v":1,"d":"1.00"},null,{"v":0,"d":"$0.00"}]
["ESP 12.6.14","12.6.14","Limpieza y enjuague de los sistemas de circulación de agua Piso 5","un",{"v":1,"d":"1.00"},{"v":1450610,"d":"$1,450,610.00"},{"v":1450610,"d":"$1,450,610.00"},null,{"v":1,"d":"1.00"},null,{"v":0,"d":"$0.00"}]
["ESP 12.6.15","12.6.15","Balanceo y ensayo de flujo de agua Piso 5","un",{"v":1,"d":"1.00"},{"v":1163225,"d":"$1,163,225.00"},{"v":1163225,"d":"$1,163,225.00"},null,{"v":1,"d":"1.00"},null,{"v":0,"d":"$0.00"}]
["ESP 12.6.16","12.6.16","Balanceo de Aire Piso 5","un",{"v":1,"d":"1.00"},{"v":1300075,"d":"$1,300,075.00"},{"v":1300075,"d":"$1,300,075.00"},null,{"v":1,"d":"1.00"},null,{"v":0,"d":"$0.00"}]
["ESP 12.6.17"," 12.6.17","Prueba de presión de tuberías de agua data center","un",{"v":1,"d":"1.00"},{"v":17037825,"d":"$17,037,825.00"},{"v":17037825,"d":"$17,037,825.00"},null,{"v":1,"d":"1.00"},null,{"v":0,"d":"$0.00"}]
["ESP 12.6.18","12.6.18","Limpieza y enjuague de los sistemas de circulación de agua data center","un",{"v":1,"d":"1.00"},{"v":15819860,"d":"$15,819,860.00"},{"v":15819860,"d":"$15,819,860.00"},null,{"v":1,"d":"1.00"},null,{"v":0,"d":"$0.00"}]
["ESP 12.6.19","12.6.19","Balanceo y ensayo de flujo de agua data center","un",{"v":1,"d":"1.00"},{"v":13505760.71,"d":"$13,505,760.71"},{"v":13505760.71,"d":"$13,505,760.71"},null,{"v":1,"d":"1.00"},null,{"v":0,"d":"$0.00"}]
["ESP 12.6.20","12.6.20","Balanceo de Aire data center","un",{"v":1,"d":"1.00"},{"v":17106250,"d":"$17,106,250.00"},{"v":17106250,"d":"$17,106,250.00"},null,{"v":1,"d":"1.00"},null,{"v":0,"d":"$0.00"}]
["ESP 12.6.21","12.6.21","Prueba de presión de tuberías de agua Piso 6","un",{"v":1,"d":"1.00"},{"v":3352825,"d":"$3,352,825.00"},{"v":3352825,"d":"$3,352,825.00"},null,{"v":1,"d":"1.00"},null,{"v":0,"d":"$0.00"}]
["ESP 12.6.22","12.6.22","Limpieza y enjuague de los sistemas de circulación de agua Piso 6","un",{"v":1,"d":"1.00"},{"v":2134860,"d":"$2,134,860.00"},{"v":2134860,"d":"$2,134,860.00"},null,{"v":1,"d":"1.00"},null,{"v":0,"d":"$0.00"}]
["ESP 12.6.23","12.6.23","Balanceo y ensayo de flujo de agua Piso 6","un",{"v":1,"d":"1.00"},{"v":2052750,"d":"$2,052,750.00"},{"v":2052750,"d":"$2,052,750.00"},null,{"v":1,"d":"1.00"},null,{"v":0,"d":"$0.00"}]
["ESP 12.6.24","12.6.24","Balanceo de Aire Piso 6","un",{"v":1,"d":"1.00"},{"v":1984325,"d":"$1,984,325.00"},{"v":1984325,"d":"$1,984,325.00"},null,{"v":1,"d":"1.00"},null,{"v":0,"d":"$0.00"}]
["ESP 12.6.25","12.6.25","Prueba de presión de tuberías de agua Piso 7","un",{"v":1,"d":"1.00"},{"v":7458325,"d":"$7,458,325.00"},{"v":7458325,"d":"$7,458,325.00"},null,{"v":1,"d":"1.00"},null,{"v":0,"d":"$0.00"}]
["ESP 12.6.26","12.6.26","Limpieza y enjuague de los sistemas de circulación de agua Piso 7","un",{"v":1,"d":"1.00"},{"v":4871860,"d":"$4,871,860.00"},{"v":4871860,"d":"$4,871,860.00"},null,{"v":1,"d":"1.00"},null,{"v":0,"d":"$0.00"}]
["ESP 12.6.27","12.6.27","Balanceo y ensayo de flujo de agua Piso 7","un",{"v":1,"d":"1.00"},{"v":6158250,"d":"$6,158,250.00"},{"v":6158250,"d":"$6,158,250.00"},null,{"v":1,"d":"1.00"},null,{"v":0,"d":"$0.00"}]
["ESP 12.6.28","12.6.28","Balanceo de Aire Piso 7","un",{"v":1,"d":"1.00"},{"v":7184625,"d":"$7,184,625.00"},{"v":7184625,"d":"$7,184,625.00"},null,{"v":1,"d":"1.00"},null,{"v":0,"d":"$0.00"}]
["ESP 12.6.29","12.6.29","Prueba de presión de tuberías de agua Piso 8","un",{"v":1,"d":"1.00"},{"v":17037825,"d":"$17,037,825.00"},{"v":17037825,"d":"$17,037,825.00"},null,{"v":1,"d":"1.00"},null,{"v":0,"d":"$0.00"}]
["ESP 12.6.30"," 12.6.30","Limpieza y enjuague de los sistemas de circulación de agua Piso 8","un",{"v":1,"d":"1.00"},{"v":15819860,"d":"$15,819,860.00"},{"v":15819860,"d":"$15,819,860.00"},null,{"v":1,"d":"1.00"},null,{"v":0,"d":"$0.00"}]
["ESP 12.6.31"," 12.6.31","Balanceo y ensayo de flujo de agua Piso 8","un",{"v":1,"d":"1.00"},{"v":10263750,"d":"$10,263,750.00"},{"v":10263750,"d":"$10,263,750.00"},null,{"v":1,"d":"1.00"},null,{"v":0,"d":"$0.00"}]
["ESP 12.6.32","12.6.32","Balanceo de Aire Piso 8","un",{"v":1,"d":"1.00"},{"v":17106250,"d":"$17,106,250.00"},{"v":17106250,"d":"$17,106,250.00"},null,{"v":1,"d":"1.00"},null,{"v":0,"d":"$0.00"}]
[]
[null,null,"TOTAL DE PRUEBAS Y BALANCEOS",{"$nulls":3},{"$f":"SUM(G1353:G1384)","v":{"v":204151496.71,"d":"$204,151,496.71"}},{"$nulls":3},{"$f":"SUM(K1353:K1384)","v":{"v":0,"d":"$0.00"}}]
[]
[null,"12.7.0","INGENIERÍA"]
["ESP 12.7.1","12.7.1","Ingeniería, Supervisión e instalación Piso 1","un",{"v":1,"d":"1.00"},{"v":5090820,"d":"$5,090,820.00"},{"$f":"F1389*E1389","v":{"v":5090820,"d":"$5,090,820.00"}},null,{"v":1,"d":"1.00"},null,{"$f":"J1389*I1389","v":{"v":0,"d":"$0.00"}}]
["ESP 12.7.2","12.7.2","Ingeniería, Supervisión e instalación Piso 2","un",{"v":1,"d":"1.00"},{"v":2216970,"d":"$2,216,970.00"},{"v":2216970,"d":"$2,216,970.00"},null,{"v":1,"d":"1.00"},null,{"v":0,"d":"$0.00"}]
["ESP 12.7.3","12.7.3","Ingeniería, Supervisión e instalación Piso 3","un",{"v":1,"d":"1.00"},{"v":12959695,"d":"$12,959,695.00"},{"v":12959695,"d":"$12,959,695.00"},null,{"v":1,"d":"1.00"},null,{"v":0,"d":"$0.00"}]
["ESP 12.7.4","12.7.4","Ingeniería, Supervisión e instalación Piso 4","un",{"v":1,"d":"1.00"},{"v":12959695,"d":"$12,959,695.00"},{"v":12959695,"d":"$12,959,695.00"},null,{"v":1,"d":"1.00"},null,{"v":0,"d":"$0.00"}]
["ESP 12.7.5","12.7.5","Ingeniería, Supervisión e instalación Piso 5","un",{"v":1,"d":"1.00"},{"v":6117195,"d":"$6,117,195.00"},{"v":6117195,"d":"$6,117,195.00"},null,{"v":1,"d":"1.00"},null,{"v":0,"d":"$0.00"}]
["ESP 12.7.6","12.7.6","Ingeniería, Supervisión e instalación data center","un",{"v":1,"d":"1.00"},{"v":39631760,"d":"$39,631,760.00"},{"v":39631760,"d":"$39,631,760.00"},null,{"v":1,"d":"1.00"},null,{"v":0,"d":"$0.00"}]
["ESP 12.7.7","12.7.7","Ingeniería, Supervisión e instalación Piso 6","un",{"v":1,"d":"1.00"},{"v":9750563,"d":"$9,750,563.00"},{"v":9750563,"d":"$9,750,563.00"},null,{"v":1,"d":"1.00"},null,{"v":0,"d":"$0.00"}]
["ESP 12.7.8","12.7.8","Ingeniería, Supervisión e instalación Piso 7","un",{"v":1,"d":"1.00"},{"v":22067063,"d":"$22,067,063.00"},{"v":22067063,"d":"$22,067,063.00"},null,{"v":1,"d":"1.00"},null,{"v":0,"d":"$0.00"}]
["ESP 12.7.9","12.7.9","Ingeniería, Supervisión e instalación Piso 8","un",{"v":1,"d":"1.00"},{"v":39631760,"d":"$39,631,760.00"},{"v":39631760,"d":"$39,631,760.00"},null,{"v":1,"d":"1.00"},null,{"v":0,"d":"$0.00"}]
[]
[null,null,"TOTAL DE INGENIERIA",{"$nulls":3},{"$f":"SUM(G1389:G1397)","v":{"v":150425521,"d":"$150,425,521.00"}},{"$nulls":3},{"$f":"SUM(K1389:K1397)","v":{"v":0,"d":"$0.00"}}]
[]
[null,null,"TOTAL DE AIRE ACONDICIONADO",{"$nulls":3},{"$f":"SUM(G1399+G1386+G1350+G1334+G1149+G1074+G1048)","v":{"v":20184827207.71,"d":"$20,184,827,207.71"}},{"$nulls":3},{"$f":"SUM(K1399+K1386+K1350+K1334+K1149+K1074+K1048)","v":{"v":0,"d":"$0.00"}}]
[]
[null,"13.0.0","INSTALACIONES ELÉCTRICAS"]
[]
[null,"13.1.0","SISTEMA FOTOVOLTAICO - PANELES SOLARES"]
["ESP 13.1.1","13.1.1","Suministro transporte e instalación de sistema solar fotovoltaico a todo costo, incluye paneles solares JA SOLAR 570Wp o equivalentes, Inversor GROWATT MAC 70KTL3-X MV,Cable solar, conectores MC4 -- [pares], perfiles reguladores Alurack 4,2 m, tornillos galvanizados autoperforantes 2\",ganchos, arandelasy tuercas, MCLAMS ALURACK, uniones ALURACK, bronco y tela, caja metálica 12x12, caja plástica 15x15, E CLAMPS, L alurack, herraje de paso 15x15, tubería coraza 2\", tubería IMC 2\", Tuercas y contratuercas 2\" con polo a tierra, tubería PVC 2\", curva PVC 2\", tubería EMT 2\", Curva PVC 2\", tubería EMT 3 1/2\", curva emt 3 1/2\", jumpers  (20cm x 40 uni), cableado # 1/0 AWG Cu THHN/THWN-2, # 4/0 AWG  Cu THHN/THWN-2, #6 DESNUDO Cu THHN/THWN-2, #2 DESNUDO Cu THHN/THWN-2, varilla de cooperwell, conector tipo tornillo,  grapa tornillo partido, conector en C #1/0, tablero AC 12 ctos, cemento, arena, grava, prensa stopa PG-29, breaker 3X125A Caja Moleada, riel omega, caja bornera AC 160A, espuma sikaboom,barraje para neutro, barraje de cobre para totalizador, barraje para tierra,cinta negra y autofunente, tapones plástico cuadrados, tapones plásticos reguladores,  conectores de resortes rojos, conectores de resortes azules, cintas de colores, cabeza lenteja media pulgada autoperforante 2\", grava doble ala de 2\", cinta badit  y hebillas, cubre filo, percha y yoyo, pega loca, conector curvo de coraza 2\", conectores OB1010 y todos los elementos necesario para su correcto funcionamiento. incluye aprobación por EPM. TRM  $4298.31 COP (24-04-25), fuente: https://www.dolar-colombia.com/mes/2025-04","un",{"v":1,"d":"1.00"},{"v":436122663.16,"d":"$436,122,663.16"},{"$f":"F1406*E1406","v":{"v":436122663.16,"d":"$436,122,663.16"}},null,{"v":1,"d":"1.00"},null,{"$f":"J1406*I1406","v":{"v":0,"d":"$0.00"}}]
[]
[null,null,"TOTAL DE SISTEMA FOTOVOLTAICO - PANELES SOLARES",{"$nulls":3},{"$f":"G1406","v":{"v":436122663.16,"d":"$436,122,663.16"}},{"$nulls":3},{"$f":"K1406","v":{"v":0,"d":"$0.00"}}]
[]
[null,"13.2.0","APANTALLAMIENTO"]
["ESP 13.2.1","13.2.1","Suministro, transporte  e instalación de Sistema apantallamiento para el edificio, incluye SISTEMA DE PUESTA A TIERRA: Cable de Cobre desnudo 1/0 AWG 19 hilos (Malla de Tierra) enterrado a 50 cm por zona verde, Varillas Cobre-Cobre 5/8\" de diámetro de 2.4 m longitud, Bornas ponchar de ojo N° 1/0 AWG, Soldadura exotérmica 90 gramos, Molde para soldadura exotérmica cable-cable, Molde para soldadura exotérmica cable-varilla, Caja de inspección en concreto para piso de 50x50. \nAPANTALLAMIENTO SUPERIOR Y BAJANTES: Alambrón de aluminio 8 mm, Conector bimetálico cable 1/0 con caja para transición Rawelt 4x4 y tapa lisa (aluminio-cobre), Soporte conductor tipo SNAP para alambrón 8 mm (incluye fijación), Puntas captadoras altura 1.0 m en aluminio, Puntas captadoras altura 1.2 m en aluminio, Cable 1/0 Aluminio (Bajantes), tubería IMC de 1” con accesorios y fijación, tubería PVC de 1” con accesorios y fijación, Avisos de advertencia (se instalan en cada bajante), Conector lineal o simple para alambrón, Juntas de dilatación alambrón 8 mm.\nIncluye todos los elementos necesario para su correcto funcionamiento. TRM  $4298.31 COP (24-04-25), fuente: https://www.dolar-colombia.com/mes/2025-04","un",{"v":1,"d":"1.00"},{"v":65926259,"d":"$65,926,259.00"},{"$f":"F1411*E1411","v":{"v":65926259,"d":"$65,926,259.00"}},null,{"v":1,"d":"1.00"},null,{"$f":"J1411*I1411","v":{"v":0,"d":"$0.00"}}]
[null,null,"TOTAL DE APANTALLAMIENTO",{"$nulls":3},{"$f":"G1411","v":{"v":65926259,"d":"$65,926,259.00"}},{"$nulls":3},{"$f":"K1411","v":{"v":0,"d":"$0.00"}}]
[]
[null,"13.3.0","SISTEMA DE PUESTA A TIERRA \n"]
["ESP 13.3.1","13.3.1","Suministro transporte e instalación de sistema de puesta a tierra, incluye Cable de Cobre desnudo 4/0 AWG 19 hilos (Malla de Tierra) enterrado a 50 cm por zona verde, Cable de Cobre desnudo 4/0 AWG 19 hilos (colas), Bornas ponchar de ojo N° 4/0 AWG, Varillas Cobre-Cobre 5/8\" de diámetro de 2.4 m longitud, Molde para soldadura exotérmica cable-cable, Soldadura exotérmica 90 gramos, Molde para soldadura exotérmica cable-varilla en T, Carga soldadura exotérmica 115 g, Caja de inspección en concreto para piso, Molde para soldadura exotérmica cable-cable, Carga soldadura exotérmica 200 g, Molde para soldadura exotérmica cable-varilla, Carga soldadura exotérmica 150g, mano de obra y todos los elementos necesarios para su correcto funcionamiento. TRM  $4298.31 COP (24-04-25), fuente: https://www.dolar-colombia.com/mes/2025-04","un",{"v":1,"d":"1.00"},{"v":40698737,"d":"$40,698,737.00"},{"$f":"F1415*E1415","v":{"v":40698737,"d":"$40,698,737.00"}},null,{"v":1,"d":"1.00"},null,{"$f":"J1415*I1415","v":{"v":0,"d":"$0.00"}}]
[]
[null,null,"TOTAL DE SISTEMA DE PUESTA A TIERRA \n",{"$nulls":3},{"$f":"G1415","v":{"v":40698737,"d":"$40,698,737.00"}},{"$nulls":3},{"$f":"K1415","v":{"v":0,"d":"$0.00"}}]
[]
[null,"13.4.0","SUBESTACIÓN ELÉCTRICA"]
[]
[null,"13.4.1","RED PRIMARIA Y ACOMETIDA SUBTERRÁNEA A 13.2 KV"]
["ESP 13.4.1.1","13.4.1.1","Suministro, transporte e instalación de Vestida aisladero norma NC-RA2-017 Acometida primaria. Incluye tubo galvanizado de 4\" fijado en poste, según norma y los materiales necesarios para su correcto funcionamiento.","un",{"v":1,"d":"1.00"},{"v":6888766,"d":"$6,888,766.00"},{"$f":"F1422*E1422","v":{"v":6888766,"d":"$6,888,766.00"}},null,{"v":1,"d":"1.00"},null,{"$f":"J1422*I1422","v":{"v":0,"d":"$0.00"}}]
["ESP 13.4.1.2","13.4.1.2","Suministro, transporte e instalación de Canalización zona anden tubos PVC 2x4\" según norma NC-RS1-005 y los materiales necesarios para su correcto funcionamiento","m",{"v":60,"d":"60.00"},{"v":511788.5,"d":"$511,788.50"},{"v":30707310,"d":"$30,707,310.00"},null,{"v":60,"d":"60.00"},null,{"v":0,"d":"$0.00"}]
["ESP 13.4.1.3","13.4.1.3","Suministro, transporte e instalación de Caja de piso doble tapa norma NC-RS3-005 con tapa. Incluye obra civil y los materiales necesarios para su correcto funcionamiento","un",{"v":2,"d":"2.00"},{"v":3001695.12,"d":"$3,001,695.12"},{"v":6003390.24,"d":"$6,003,390.24"},null,{"v":2,"d":"2.00"},null,{"v":0,"d":"$0.00"}]
["ESP 13.4.1.4","13.4.1.4","Suministro, transporte e instalación de Terminal premoldeado tipo exterior para cable #1/0 monopolar 15 kV. y los materiales necesarios para su correcto funcionamiento","jgo",{"v":1,"d":"1.00"},{"v":2367931.45,"d":"$2,367,931.45"},{"v":2367931.45,"d":"$2,367,931.45"},null,{"v":1,"d":"1.00"},null,{"v":0,"d":"$0.00"}]
["ESP 13.4.1.5","13.4.1.5","Suministro, transporte e instalación de Terminal premoldeado tipo interior para cable #1/0 monopolar 15 kV. y los materiales necesarios para su correcto funcionamiento","jgo",{"v":11,"d":"11.00"},{"v":2187239.34,"d":"$2,187,239.34"},{"v":24059632.74,"d":"$24,059,632.74"},null,{"v":11,"d":"11.00"},null,{"v":0,"d":"$0.00"}]
["ESP 13.4.1.6","13.4.1.6","Suministro, transporte e instalación de Cable 3#1/0 XLPE cobre 15 kV + 1#2 Cu desnudo y los materiales necesarios para su correcto funcionamiento","m",{"v":137,"d":"137.00"},{"v":388898.18,"d":"$388,898.18"},{"v":53279050.66,"d":"$53,279,050.66"},null,{"v":137,"d":"137.00"},null,{"v":0,"d":"$0.00"}]
[]
[null,null,"TOTAL DE RED PRIMARIA Y ACOMETIDA SUBTERRÁNEA A 13.2 KV",{"$nulls":3},{"$f":"SUM(G1422:G1427)","v":{"v":123306081.09,"d":"$123,306,081.09"}},{"$nulls":3},{"$f":"SUM(K1422:K1427)","v":{"v":0,"d":"$0.00"}}]
[]
[null,"13.4.2","CELDAS EN MEDIA TENSIÓN"]
["ESP 13.4.2.1","13.4.2.1","Suministro, transporte e instalación de Celda de medida tipo GBC-A (entrada por cable - salida por barra) con 3 transformadores de corriente 80/5 A Clase 0.5S, 3 transformadores de tensión 13200/120 V, medidor energía principal y respaldo, borneras de prueba y cableado de conexión según proyecto de redes aprobado EPM y los materiales necesarios para su correcto funcionamiento","un",{"v":1,"d":"1.00"},{"v":205487586,"d":"$205,487,586.00"},{"$f":"F1432*E1432","v":{"v":205487586,"d":"$205,487,586.00"}},null,{"v":1,"d":"1.00"},null,{"$f":"J1432*I1432","v":{"v":0,"d":"$0.00"}}]
["ESP 13.4.2.2","13.4.2.2","Suministro, transporte e instalación de Celda de protección con interruptor SM AirSet DMVL-A según proyecto de redes aprobado EPM y los materiales necesarios para su correcto funcionamiento","un",{"v":1,"d":"1.00"},{"v":317010536,"d":"$317,010,536.00"},{"v":317010536,"d":"$317,010,536.00"},null,{"v":1,"d":"1.00"},null,{"v":0,"d":"$0.00"}]
["ESP 13.4.2.3","13.4.2.3","Suministro, transporte e instalación de Celda de remonte de cables libre de gas SF6 tipo GAM-2 según proyecto de redes aprobado EPM y los materiales necesarios para su correcto funcionamiento","un",{"v":1,"d":"1.00"},{"v":50583526,"d":"$50,583,526.00"},{"v":50583526,"d":"$50,583,526.00"},null,{"v":1,"d":"1.00"},null,{"v":0,"d":"$0.00"}]
["ESP 13.4.2.4","13.4.2.4","Suministro, transporte e instalación de Celda de protección seccionador-fusible SM AirSet tipo QM CON DISPARO TRIPOLAR ELÉCTRICO Y MANUAL POR FALLA EN CUALQUIERA DE LAS TRES FASES CON ENCLAVAMIENTO MECÁNICO Y DISPOSITIVO DE PUESTA A TIERRA,. Incluye tres (3) fusibles tipo HH según capacidad en proyecto de redes aprobado EPM y los materiales necesarios para su correcto funcionamiento","un",{"v":4,"d":"4.00"},{"v":102973930,"d":"$102,973,930.00"},{"v":411895720,"d":"$411,895,720.00"},null,{"v":4,"d":"4.00"},null,{"v":0,"d":"$0.00"}]
["ESP 13.4.2.5","13.4.2.5","Suministro, transporte e instalación de Interconexión interna barraje de cobre 630 A entre celdas de seccionadores de media tensión y los materiales necesarios para su correcto funcionamiento","un",{"v":1,"d":"1.00"},{"v":29439488.03,"d":"$29,439,488.03"},{"v":29439488.03,"d":"$29,439,488.03"},null,{"v":1,"d":"1.00"},null,{"v":0,"d":"$0.00"}]
["ESP 13.4.2.6","13.4.2.6","Suministro, transporte e instalación de Cárcamo de 65 cm x 85 cm. Incluye tapa en alfajor, bandeja de 40x8 cm, soportes, fijación y obra civil y los materiales necesarios para su correcto funcionamiento","m",{"v":11,"d":"11.00"},{"v":1217474,"d":"$1,217,474.00"},{"v":13392214,"d":"$13,392,214.00"},null,{"v":11,"d":"11.00"},null,{"v":0,"d":"$0.00"}]
[]
[null,null,"TOTAL DE CELDAS EN MEDIA TENSIÓN",{"$nulls":3},{"$f":"SUM(G1432:G1437)","v":{"v":1027809070.03,"d":"$1,027,809,070.03"}},{"$nulls":3},{"$f":"SUM(K1432:K1437)","v":{"v":0,"d":"$0.00"}}]
[]
[null,"13.4.3","TRANSFORMADORES Y CELDAS"]
["ESP 13.4.3.1","13.4.3.1","Suministro, transporte e instalación de Transformador trifásico tipo seco encapsulado de 630 kVA clase F FACTOR K:13, 13200/208-120 V DE ACUERDO A NORMAS NTC 3445, NTC 3654. Incluye termómetro para control con tarjeta MODBUS TCP/IP y tres (3) DPS -12 kV, 10 kA, 10.2  kV: mcov, celda para transformador de 630 kVA IP20, norma EPM NC-RA8-013 SERIE 15 kV y los materiales necesarios para su correcto funcionamiento","un",{"v":1,"d":"1.00"},{"v":197272385.7,"d":"$197,272,385.70"},{"$f":"F1442*E1442","v":{"v":197272385.7,"d":"$197,272,385.70"}},null,{"v":1,"d":"1.00"},null,{"$f":"J1442*I1442","v":{"v":0,"d":"$0.00"}}]
["ESP 13.4.3.2","13.4.3.2","Suministro, transporte e instalación de Transformador trifásico tipo seco encapsulado de 630 kVA clase F FACTOR K:1, 13200/440-254 V DE ACUERDO A NORMAS NTC 3445, NTC 3654. Incluye termómetro para control con tarjeta MODBUS TCP/IP y tres (3) DPS -12 kV, 10 kA, 10.2  kV: mcov, celda para transformador de 630 kVA IP20, norma EPM NC-RA8-013 SERIE 15 kV  y los materiales necesarios para su correcto funcionamiento","un",{"v":1,"d":"1.00"},{"v":161036885.7,"d":"$161,036,885.70"},{"$f":"F1443*E1443","v":{"v":161036885.7,"d":"$161,036,885.70"}},null,{"v":1,"d":"1.00"},null,{"$f":"J1443*I1443","v":{"v":0,"d":"$0.00"}}]
["ESP 13.4.3.3","13.4.3.3","Suministro, transporte e instalación de Transformador trifásico tipo seco encapsulado de 400 kVA clase F FACTOR K:13, 13200/208-120 V DE ACUERDO A NORMAS NTC 3445, NTC 3654. Incluye termómetro para control con tarjeta MODBUS TCP/IP y tres (3) DPS -12 kV, 10 kA, 10.2  kV: mcov, celda para transformador de 400 kVA IP20, norma EPM NC-RA8-013 SERIE 15 kV y los materiales necesarios para su correcto funcionamiento","un",{"v":2,"d":"2.00"},{"v":157213415.7,"d":"$157,213,415.70"},{"$f":"F1444*E1444","v":{"v":314426831.4,"d":"$314,426,831.40"}},null,{"v":2,"d":"2.00"},null,{"$f":"J1444*I1444","v":{"v":0,"d":"$0.00"}}]
[]
[null,null,"TOTAL DE TRANSFORMADORES Y CELDAS",{"$nulls":3},{"$f":"SUM(G1442:G1444)","v":{"v":672736102.8,"d":"$672,736,102.80"}},{"$nulls":3},{"$f":"SUM(K1442:K1444)","v":{"v":0,"d":"$0.00"}}]
[]
[null,"13.4.4","PLANTAS DE EMERGENCIA"]
["ESP 13.4.4.1","13.4.4.1","Suministro, transporte e instalación de Planta de emergencia de 850 kVA-630 kW-208/120 V Standby Power, cabinada, 60 Hz, trifásica, 1800 RPM, Cummins o similar, 6 cylinders en línea, remoto control panel y los materiales necesarios para su correcto funcionamiento. TRM  $4298.31 COP (24-04-25), fuente: https://www.dolar-colombia.com/mes/2025-04","un",{"v":1,"d":"1.00"},{"v":775405035,"d":"$775,405,035.00"},{"$f":"F1449*E1449","v":{"v":775405035,"d":"$775,405,035.00"}},null,{"v":1,"d":"1.00"},null,{"$f":"J1449*I1449","v":{"v":0,"d":"$0.00"}}]
["ESP 13.4.4.2","13.4.4.2","Suministro, transporte e instalación de Planta de emergencia de 850 kVA-630 kW-440/254 V Standby Power, cabinada, 60 Hz, trifásica, 1800 RPM, Cummins o similar, 6 cylinders en línea, remoto control panel y los materiales necesarios para su correcto funcionamiento. TRM  $4298.31 COP (24-04-25), fuente: https://www.dolar-colombia.com/mes/2025-04","un",{"v":1,"d":"1.00"},{"v":776139421,"d":"$776,139,421.00"},{"$f":"F1450*E1450","v":{"v":776139421,"d":"$776,139,421.00"}},null,{"v":1,"d":"1.00"},null,{"$f":"J1450*I1450","v":{"v":0,"d":"$0.00"}}]
["ESP 13.4.4.3","13.4.4.3","Suministro, transporte e instalación de Planta de emergencia de 563 kVA-450 kW modo de operación continuo, 208/120 V. 60 Hz, cabinada,  trifásica, 1800 RPM, Cummins o similar, 6 cylinders en línea, remoto control panel. Incluye tanque de combustible auxiliar para autonomía de 72 horas en planta de 500 kW y los materiales necesarios para su correcto funcionamiento. TRM  $4298.31 COP (24-04-25), fuente: https://www.dolar-colombia.com/mes/2025-04","un",{"v":2,"d":"2.00"},{"v":628487183,"d":"$628,487,183.00"},{"$f":"F1451*E1451","v":{"v":1256974366,"d":"$1,256,974,366.00"}},null,{"v":2,"d":"2.00"},null,{"$f":"J1451*I1451","v":{"v":0,"d":"$0.00"}}]
[]
[null,null,"TOTAL DE PLANTAS DE EMERGENCIA",{"$nulls":3},{"$f":"SUM(G1449:G1451)","v":{"v":2808518822,"d":"$2,808,518,822.00"}},{"$nulls":3},{"$f":"SUM(K1449:K1451)","v":{"v":0,"d":"$0.00"}}]
[]
[null,null,"TOTAL DE SUBESTACIÓN ELÉCTRICA",{"$nulls":3},{"$f":"SUM(G1453+G1446+G1439+G1429)","v":{"v":4632370075.92,"d":"$4,632,370,075.92"}},{"$nulls":3},{"$f":"SUM(K1453+K1446+K1439+K1429)","v":{"v":0,"d":"$0.00"}}]
[]
[null,"13.5.0","UPS\n"]
["ESP 13.5.1","13.5.1","Suministro, transporte e instalación de UPS Online Trifasico 20 KVA/20KW 208V 3PH, incluye  banco de baterías para UPS 20 KVA @208 VAC con autonomía para 5 minutos al 100% de carga, incluye armado, instalación y puesta en servicio y los materiales necesarios para su correcto funcionamiento.","un",{"v":1,"d":"1.00"},{"v":102700997.4,"d":"$102,700,997.40"},{"$f":"F1458*E1458","v":{"v":102700997.4,"d":"$102,700,997.40"}},null,{"v":1,"d":"1.00"},null,{"$f":"J1458*I1458","v":{"v":0,"d":"$0.00"}}]
["ESP 13.5.2","13.5.2","Suministro, transporte e instalación de UPS Online Trifasico 30 KVA/30KW 208V 3PH, incluye  Banco de baterías para UPS 30 KVA @208 VAC con autonomía para 5 minutos al 100% de carga, incluye armado, instalación y puesta en servicio y los materiales necesarios para su correcto funcionamiento","un",{"v":5,"d":"5.00"},{"v":128621528.4,"d":"$128,621,528.40"},{"v":643107642,"d":"$643,107,642.00"},null,{"v":5,"d":"5.00"},null,{"v":0,"d":"$0.00"}]
["ESP 13.5.3","13.5.3","Suministro, transporte e instalación de UPS Online Frame escalable hasta 40 KVA o redunancia, 208V 3PH -Incluye  módulo de Potencia de 20 KVA, 208V 3PH, tarjeta de monitoreo IntelliSlot con protocolos SNMP, Modbus y/o BACNET IP/485 CARD y banco de baterías para UPS  40 KVA @220 VAC con autonomía para 5 minutos al 100% de carga, incluye armado, instalación y puesta en servicio y los materiales necesarios para su correcto funcionamiento.","un",{"v":1,"d":"1.00"},{"v":152103400.1,"d":"$152,103,400.10"},{"v":152103400.1,"d":"$152,103,400.10"},null,{"v":1,"d":"1.00"},null,{"v":0,"d":"$0.00"}]
["ESP 13.5.4","13.5.4","Suministro, transporte e instalación de UPS Online UPS 3kVA, 3000VA/2700W 120V, montaje en torre y rack y los materiales necesarios para su correcto funcionamiento","un",{"v":8,"d":"8.00"},{"v":7606355,"d":"$7,606,355.00"},{"v":60850840,"d":"$60,850,840.00"},null,{"v":8,"d":"8.00"},null,{"v":0,"d":"$0.00"}]
["ESP 13.5.5","13.5.5","Suministro, transporte e instalación de UPS Online Frame escalable hasta 80 KVA o redunancia, 208V 3PH -Incluye  módulo de Potencia de 20 KVA, 208V 3PH, tarjeta de monitoreo IntelliSlot con protocolos SNMP, Modbus y/o BACNET IP/485 CARD y banco de baterías para UPS  40 KVA @220 VAC con autonomía para 5 minutos al 100% de carga, incluye armado, instalación y puesta en servicio y los materiales necesarios para su correcto funcionamiento","un",{"v":1,"d":"1.00"},{"v":237161306.1,"d":"$237,161,306.10"},{"v":237161306.1,"d":"$237,161,306.10"},null,{"v":1,"d":"1.00"},null,{"v":0,"d":"$0.00"}]
["ESP 13.5.6","13.5.6","Suministro, transporte e instalación de UPS Online Frame escalable hasta 60 KVA o redunancia, 208V 3PH -Incluye  módulo de potencia de 20 KVA, 208V 3PH, tarjeta de monitoreo IntelliSlot con protocolos SNMP, Modbus y/o BACNET IP/485 CARD y banco de baterías para UPS  40 KVA @220 VAC con autonomía para 5 minutos al 100% de carga, incluye armado, instalación y puesta en servicio y los materiales necesarios para su correcto funcionamiento","un",{"v":1,"d":"1.00"},{"v":194877153.1,"d":"$194,877,153.10"},{"v":194877153.1,"d":"$194,877,153.10"},null,{"v":1,"d":"1.00"},null,{"v":0,"d":"$0.00"}]
[]
[null,null,"TOTAL DE UPS\n",{"$nulls":3},{"$f":"SUM(G1458:G1463)","v":{"v":1390801338.6999998,"d":"$1,390,801,338.70"}},{"$nulls":3},{"$f":"SUM(K1458:K1463)","v":{"v":0,"d":"$0.00"}}]
[]
[null,"13.6.0","DATACENTER"]
["ESP 13.6.1","13.6.1","Suministro, transporte e instalación de UPS 3Ø 200 kVA 208/120 V. Incluye módulos de potencia y banco de baterías, extensión de garantía para un total de 3 años, tarjeta de monitoreo IntelliSlot con protocolos SNMP, Modbus y/o BACNET IP/485 CARD y servicio mantenimiento semestral, 2 rutinas semestral UPS 200 kVA - 208 V y los materiales necesarios para su correcto funcionamiento","un",{"v":2,"d":"2.00"},{"v":852396099,"d":"$852,396,099.00"},{"$f":"F1468*E1468","v":{"v":1704792198,"d":"$1,704,792,198.00"}},null,{"v":2,"d":"2.00"},null,{"$f":"J1468*I1468","v":{"v":0,"d":"$0.00"}}]
["ESP 13.6.2","13.6.2","Suministro, transporte e instalación de TABLERO BYPASS TRIFÁSICO PARA 200 kVA, 208/120 V - 800 A y los materiales necesarios para su correcto funcionamiento","un",{"v":2,"d":"2.00"},{"v":190034606.8,"d":"$190,034,606.80"},{"v":380069213.6,"d":"$380,069,213.60"},null,{"v":2,"d":"2.00"},null,{"v":0,"d":"$0.00"}]
["ESP 13.6.3","13.6.3","Suministro, transporte e instalación de TABLERO PDU PARA 50 RACKS SEGÚN DISEÑO  y los materiales necesarios para su correcto funcionamiento","un",{"v":2,"d":"2.00"},{"v":182784152.1,"d":"$182,784,152.10"},{"v":365568304.2,"d":"$365,568,304.20"},null,{"v":2,"d":"2.00"},null,{"v":0,"d":"$0.00"}]
["ESP 13.6.4","13.6.4","Suministro, transporte e instalación de DUCTO 20 cm x 8 cm x 2,40m CON DIVISIÓN  y los materiales necesarios para su correcto funcionamiento        ","m",{"v":145,"d":"145.00"},{"v":178203.06,"d":"$178,203.06"},{"v":25839443.7,"d":"$25,839,443.70"},null,{"v":145,"d":"145.00"},null,{"v":0,"d":"$0.00"}]
["ESP 13.6.5","13.6.5","Suministro, transporte e instalación de CABLE No 12 LSHZ   y los materiales necesarios para su correcto funcionamiento\t","m",{"v":9000,"d":"9,000.00"},{"v":6868.81,"d":"$6,868.81"},{"v":61819290,"d":"$61,819,290.00"},null,{"v":9000,"d":"9,000.00"},null,{"v":0,"d":"$0.00"}]
["ESP 13.6.6","13.6.6","Suministro, transporte e instalación de SALIDA BIFASICA 208V PARA PDU y los materiales necesarios para su correcto funcionamiento","un",{"v":50,"d":"50.00"},{"v":414038.14,"d":"$414,038.14"},{"v":20701907,"d":"$20,701,907.00"},null,{"v":50,"d":"50.00"},null,{"v":0,"d":"$0.00"}]
[]
[null,null,"TOTAL DE DATACENTER",{"$nulls":3},{"$f":"SUM(G1468:G1473)","v":{"v":2558790356.4999995,"d":"$2,558,790,356.50"}},{"$nulls":3},{"$f":"SUM(K1468:K1473)","v":{"v":0,"d":"$0.00"}}]
[]
[null,"13.7.0","SISTEMA CONTROL DE ILUMINACIÓN        \n"]
["ESP 13.7.1","13.7.1","Suministro, transporte e instalación de SALIDAS DE ILUMINACIÓN 120 VAC 15 A y los materiales necesarios para su correcto funcionamiento","un",{"v":3678,"d":"3,678.00"},{"v":312038.14,"d":"$312,038.14"},{"$f":"F1478*E1478","v":{"v":1147676278.92,"d":"$1,147,676,278.92"}},null,{"v":3678,"d":"3,678.00"},null,{"$f":"J1478*I1478","v":{"v":0,"d":"$0.00"}}]
["ESP 13.7.2","13.7.2","Suministro, transporte e instalación de SALIDAS DE INTERRUPTORES y los materiales necesarios para su correcto funcionamiento","un",{"v":25,"d":"25.00"},{"v":328138.14,"d":"$328,138.14"},{"v":8203453.5,"d":"$8,203,453.50"},null,{"v":25,"d":"25.00"},null,{"v":0,"d":"$0.00"}]
["ESP 13.7.3","13.7.3","Suministro, transporte e instalación de LUMINARIA APLIQUE EXTERIOR UP/DOWN y los materiales necesarios para su correcto funcionamiento","un",{"v":16,"d":"16.00"},{"v":1545436.1,"d":"$1,545,436.10"},{"v":24726977.6,"d":"$24,726,977.60"},null,{"v":16,"d":"16.00"},null,{"v":0,"d":"$0.00"}]
["ESP 13.7.4","13.7.4","Suministro, transporte e instalación de LUMINARIA ODIN LENS y los materiales necesarios para su correcto funcionamiento","un",{"v":48,"d":"48.00"},{"v":2510510.1,"d":"$2,510,510.10"},{"v":120504484.80000001,"d":"$120,504,484.80"},null,{"v":48,"d":"48.00"},null,{"v":0,"d":"$0.00"}]
["ESP 13.7.5","13.7.5","Suministro, transporte e instalación de LUMINARIA CILINDRO SOBREPONER SATURNO y los materiales necesarios para su correcto funcionamiento","un",{"v":144,"d":"144.00"},{"v":603276.1,"d":"$603,276.10"},{"v":86871758.39999999,"d":"$86,871,758.40"},null,{"v":144,"d":"144.00"},null,{"v":0,"d":"$0.00"}]
["ESP 13.7.6","13.7.6","Suministro, transporte e instalación de LUMINARIA DE EMERGENCIA ELSU y los materiales necesarios para su correcto funcionamiento","un",{"v":414,"d":"414.00"},{"v":326103.09,"d":"$326,103.09"},{"v":135006679.26000002,"d":"$135,006,679.26"},null,{"v":414,"d":"414.00"},null,{"v":0,"d":"$0.00"}]
["ESP 13.7.7","13.7.7","Suministro, transporte e instalación de LUMINARIA DE EMERGENCIA TIPO MICKEY MOUSE y los materiales necesarios para su correcto funcionamiento","un",{"v":290,"d":"290.00"},{"v":308640.09,"d":"$308,640.09"},{"v":89505626.10000001,"d":"$89,505,626.10"},null,{"v":290,"d":"290.00"},null,{"v":0,"d":"$0.00"}]
["ESP 13.7.8","13.7.8","Suministro, transporte e instalación de LUMINARIA NOTARY ECO 25CM LARGO y los materiales necesarios para su correcto funcionamiento","un",{"v":34,"d":"34.00"},{"v":900544.09,"d":"$900,544.09"},{"v":30618499.06,"d":"$30,618,499.06"},null,{"v":34,"d":"34.00"},null,{"v":0,"d":"$0.00"}]
["ESP 13.7.9","13.7.9","Suministro, transporte e instalación de LUMINARIA DECORATIVA HEXAGONAL y los materiales necesarios para su correcto funcionamiento","un",{"v":80,"d":"80.00"},{"v":5934513.09,"d":"$5,934,513.09"},{"v":474761047.2,"d":"$474,761,047.20"},null,{"v":80,"d":"80.00"},null,{"v":0,"d":"$0.00"}]
["ESP 13.7.10","13.7.10","Suministro, transporte e instalación de LUMINARIA DECORATIVA HEXAGONAL SIN FUENTE LUMINOSA y los materiales necesarios para su correcto funcionamiento","un",{"v":45,"d":"45.00"},{"v":4179799.09,"d":"$4,179,799.09"},{"v":188090959.04999998,"d":"$188,090,959.05"},null,{"v":45,"d":"45.00"},null,{"v":0,"d":"$0.00"}]
["ESP 13.7.11","13.7.11","Suministro, transporte e instalación de RIEL MAGNÉTICO X METRO LINEAL DE 48V (NO INCLUYE ACCESORIOS) y los materiales necesarios para su correcto funcionamiento","un",{"v":90,"d":"90.00"},{"v":1571027.09,"d":"$1,571,027.09"},{"v":141392438.1,"d":"$141,392,438.10"},null,{"v":90,"d":"90.00"},null,{"v":0,"d":"$0.00"}]
["ESP 13.7.12","13.7.12","Suministro, transporte e instalación de LUMINARIA SPOT PARA RIEL MAGNÉTICO DE 48V y los materiales necesarios para su correcto funcionamiento","un",{"v":119,"d":"119.00"},{"v":1059235.09,"d":"$1,059,235.09"},{"v":126048975.71000001,"d":"$126,048,975.71"},null,{"v":119,"d":"119.00"},null,{"v":0,"d":"$0.00"}]
["ESP 13.7.13","13.7.13","Suministro, transporte e instalación de LUMINARIA LINEAL DECORATIVA (SEGÚN DISEÑO X METRO) y los materiales necesarios para su correcto funcionamiento","un",{"v":30,"d":"30.00"},{"v":1539113.09,"d":"$1,539,113.09"},{"v":46173392.7,"d":"$46,173,392.70"},null,{"v":30,"d":"30.00"},null,{"v":0,"d":"$0.00"}]
["ESP 13.7.14","13.7.14","Suministro, transporte e instalación de LUMINARIA PANEL LED 120X30 incluye accesorios de sujeción y los materiales necesarios para su correcto funcionamiento","un",{"v":20,"d":"20.00"},{"v":588033.09,"d":"$588,033.09"},{"v":11760661.799999999,"d":"$11,760,661.80"},null,{"v":20,"d":"20.00"},null,{"v":0,"d":"$0.00"}]
["ESP 13.7.15","13.7.15","Suministro, transporte e instalación de LUMINARIA PANEL LED 60X60 incluye accesorios de sujeción y los materiales necesarios para su correcto funcionamiento","un",{"v":22,"d":"22.00"},{"v":444423.09,"d":"$444,423.09"},{"v":9777307.98,"d":"$9,777,307.98"},null,{"v":22,"d":"22.00"},null,{"v":0,"d":"$0.00"}]
["ESP 13.7.16","13.7.16","Suministro, transporte e instalación de PROYECTOR DE 50W USO EXTERIOR","un",{"v":3,"d":"3.00"},{"v":339005.09,"d":"$339,005.09"},{"v":1017015.27,"d":"$1,017,015.27"},null,{"v":3,"d":"3.00"},null,{"v":0,"d":"$0.00"}]
["ESP 13.7.17","13.7.17","Suministro, transporte e instalación de LUMINARIA TIPO WALLPACK USO EXTERIOR y los materiales necesarios para su correcto funcionamiento","un",{"v":27,"d":"27.00"},{"v":1126216.09,"d":"$1,126,216.09"},{"v":30407834.430000003,"d":"$30,407,834.43"},null,{"v":27,"d":"27.00"},null,{"v":0,"d":"$0.00"}]
["ESP 13.7.18","13.7.18","Suministro, transporte e instalación de LUMINARIA HERMETICA LONGITUD 1200 mm y los materiales necesarios para su correcto funcionamiento","un",{"v":326,"d":"326.00"},{"v":349761.09,"d":"$349,761.09"},{"v":114022115.34,"d":"$114,022,115.34"},null,{"v":326,"d":"326.00"},null,{"v":0,"d":"$0.00"}]
["ESP 13.7.19","13.7.19","Suministro, transporte e instalación de LUMINARIA DOWNLIGHT INCRUSTAR 20W y los materiales necesarios para su correcto funcionamiento","un",{"v":19,"d":"19.00"},{"v":297286.09,"d":"$297,286.09"},{"v":5648435.710000001,"d":"$5,648,435.71"},null,{"v":19,"d":"19.00"},null,{"v":0,"d":"$0.00"}]
["ESP 13.7.20","13.7.20","Suministro, transporte e instalación de LUMINARIA LINEAL 1130 mm DE LONGITUD y los materiales necesarios para su correcto funcionamiento","un",{"v":1410,"d":"1,410.00"},{"v":1484529.09,"d":"$1,484,529.09"},{"v":2093186016.9,"d":"$2,093,186,016.90"},null,{"v":1410,"d":"1,410.00"},null,{"v":0,"d":"$0.00"}]
["ESP 13.7.21","13.7.21","Suministro, transporte e instalación de LUMINARIA MODY G2 REDONDA BLANCA y los materiales necesarios para su correcto funcionamiento","un",{"v":336,"d":"336.00"},{"v":848604.09,"d":"$848,604.09"},{"v":285130974.24,"d":"$285,130,974.24"},null,{"v":336,"d":"336.00"},null,{"v":0,"d":"$0.00"}]
["ESP 13.7.22","13.7.22","Suministro, transporte e instalación de LUMINARIA MODY G2  14W REDONDA BLANCA y los materiales necesarios para su correcto funcionamiento","un",{"v":26,"d":"26.00"},{"v":1000499.09,"d":"$1,000,499.09"},{"v":26012976.34,"d":"$26,012,976.34"},null,{"v":26,"d":"26.00"},null,{"v":0,"d":"$0.00"}]
["ESP 13.7.23","13.7.23","Suministro, transporte e instalación de DOWNLIGHT KOMBI 100 14W DESCOLGADO O SOBREPUESTO y los materiales necesarios para su correcto funcionamiento","un",{"v":127,"d":"127.00"},{"v":1431352.09,"d":"$1,431,352.09"},{"v":181781715.43,"d":"$181,781,715.43"},null,{"v":127,"d":"127.00"},null,{"v":0,"d":"$0.00"}]
["ESP 13.7.24","13.7.24","Suministro, transporte e instalación de DOWNLIGHT KOMBI 150 14W DESCOLGADO O SOBREPUESTO y los materiales necesarios para su correcto funcionamiento","un",{"v":10,"d":"10.00"},{"v":1724645.09,"d":"$1,724,645.09"},{"v":17246450.900000002,"d":"$17,246,450.90"},null,{"v":10,"d":"10.00"},null,{"v":0,"d":"$0.00"}]
["ESP 13.7.25","13.7.25","Suministro, transporte e instalación de RIEL ELECTRIFICADO DALI 2000mm LONGITUD ACABADO NEGRO y los materiales necesarios para su correcto funcionamiento","un",{"v":9,"d":"9.00"},{"v":1488233.09,"d":"$1,488,233.09"},{"v":13394097.81,"d":"$13,394,097.81"},null,{"v":9,"d":"9.00"},null,{"v":0,"d":"$0.00"}]
["ESP 13.7.26","13.7.26","Suministro, transporte e instalación de \"LUMIANRIA SPOT HANCE PARA RIEL ELECTRIFICADO DALI 36° ACABADO EN NEGRO\" y los materiales necesarios para su correcto funcionamiento","un",{"v":18,"d":"18.00"},{"v":1780271.09,"d":"$1,780,271.09"},{"v":32044879.62,"d":"$32,044,879.62"},null,{"v":18,"d":"18.00"},null,{"v":0,"d":"$0.00"}]
["ESP 13.7.27","13.7.27","Suministro, transporte e instalación de LUMINARIA BALA DE EMPOTRAR EN PISO y los materiales necesarios para su correcto funcionamiento","un",{"v":14,"d":"14.00"},{"v":5274020.39,"d":"$5,274,020.39"},{"v":73836285.46,"d":"$73,836,285.46"},null,{"v":14,"d":"14.00"},null,{"v":0,"d":"$0.00"}]
["ESP 13.7.28","13.7.28","Suministro, transporte e instalación de CINTA LED IP65 de 14 × 14 × 4 cm (NO INCLUYE DRIVERS NI ACCESORIOS) y los materiales necesarios para su correcto funcionamiento","un",{"v":1030,"d":"1,030.00"},{"v":156466.09,"d":"$156,466.09"},{"v":161160072.7,"d":"$161,160,072.70"},null,{"v":1030,"d":"1,030.00"},null,{"v":0,"d":"$0.00"}]
["ESP 13.7.29","13.7.29","Suministro, transporte e instalación de LUMINARIA DE USO EXTERIOR IP65 IK06 CON APERTURA DE 20° (FACHADA). Incluye salida eléctrica en fachada y conexión luminaria y los materiales necesarios para su correcto funcionamiento","un",{"v":356,"d":"356.00"},{"v":3360470.23,"d":"$3,360,470.23"},{"v":1196327401.8799999,"d":"$1,196,327,401.88"},null,{"v":356,"d":"356.00"},null,{"v":0,"d":"$0.00"}]
["ESP 13.7.30","13.7.30","Suministro e instalación de AUTOMATIZACIÓN ILUMINACIÓN CONTROL DALI Y AUTOMATIZACIÓN ILUMINACIÓN y los materiales necesarios para su correcto funcionamiento                        ","un",{"v":1,"d":"1.00"},{"v":2412488288.75,"d":"$2,412,488,288.75"},{"v":2412488288.75,"d":"$2,412,488,288.75"},null,{"v":1,"d":"1.00"},null,{"v":0,"d":"$0.00"}]
[]
[null,null,"TOTAL DE SISTEMA CONTROL DE ILUMINACIÓN\t\n",{"$nulls":3},{"$f":"SUM(G1478:G1507)","v":{"v":9284823100.96,"d":"$9,284,823,100.96"}},{"$nulls":3},{"$f":"SUM(K1478:K1507)","v":{"v":0,"d":"$0.00"}}]
[]
[null,"13.8.0","TABLEROS ELÉCTRICOS\n\n"]
["ESP 13.8.1","13.8.1","Suministro, transporte e instalación de TABLERO DE BREAKER DE 12 CTOS 3Ø 208/120 V CON PUERTA Y CHAPA. Incluye protecciones enchufables según cuadro de cargas y los materiales necesarios para su correcto funcionamiento","un",{"v":1,"d":"1.00"},{"v":1660751.95,"d":"$1,660,751.95"},{"$f":"F1512*E1512","v":{"v":1660751.95,"d":"$1,660,751.95"}},null,{"v":1,"d":"1.00"},null,{"$f":"J1512*I1512","v":{"v":0,"d":"$0.00"}}]
["ESP 13.8.2","13.8.2","Suministro, transporte e instalación de  TABLERO DE BREAKER DE 24 CTOS 3Ø 208/120 V CON PUERTA Y CHAPA. Incluye protecciones enchufables según cuadro de cargas y los materiales necesarios para su correcto funcionamiento","un",{"v":2,"d":"2.00"},{"v":2374437.4,"d":"$2,374,437.40"},{"$f":"F1513*E1513","v":{"v":4748874.8,"d":"$4,748,874.80"}},null,{"v":2,"d":"2.00"},null,{"$f":"J1513*I1513","v":{"v":0,"d":"$0.00"}}]
["ESP 13.8.3","13.8.3","Suministro, transporte e instalación de TABLERO DE BREAKER DE 36 CTOS 3Ø 208/120 V CON PUERTA Y CHAPA. Incluye protecciones enchufables según cuadro de cargas y los materiales necesarios para su correcto funcionamiento ","un",{"v":4,"d":"4.00"},{"v":3002214.95,"d":"$3,002,214.95"},{"$f":"F1514*E1514","v":{"v":12008859.8,"d":"$12,008,859.80"}},null,{"v":4,"d":"4.00"},null,{"$f":"J1514*I1514","v":{"v":0,"d":"$0.00"}}]
["ESP 13.8.4","13.8.4","Suministro, transporte e instalación de TABLERO DE BREAKER DE 42 CTOS 3Ø 208/120 V CON PUERTA Y CHAPA. Incluye protecciones enchufables según cuadro de cargas y los materiales necesarios para su correcto funcionamiento","un",{"v":15,"d":"15.00"},{"v":3651954.95,"d":"$3,651,954.95"},{"$f":"F1515*E1515","v":{"v":54779324.25,"d":"$54,779,324.25"}},null,{"v":15,"d":"15.00"},null,{"$f":"J1515*I1515","v":{"v":0,"d":"$0.00"}}]
["ESP 13.8.5","13.8.5","Suministro, transporte e instalación de TABLERO DE BREAKER DE 36 CTOS 3Ø 208/120 V CON ESPACIO PARA TOTALIZADOR DE 3x125 A. Incluye protecciones enchufables según cuadro de cargas y los materiales necesarios para su correcto funcionamiento ","un",{"v":2,"d":"2.00"},{"v":4121766.95,"d":"$4,121,766.95"},{"$f":"F1516*E1516","v":{"v":8243533.9,"d":"$8,243,533.90"}},null,{"v":2,"d":"2.00"},null,{"$f":"J1516*I1516","v":{"v":0,"d":"$0.00"}}]
[]
[null,null,"TOTAL DE TABLEROS ELÉCTRICOS\n\n",{"$nulls":3},{"$f":"SUM(G1512:G1516)","v":{"v":81441344.7,"d":"$81,441,344.70"}},{"$nulls":3},{"$f":"SUM(K1512:K1516)","v":{"v":0,"d":"$0.00"}}]
[null,"13.9.0","SISTEMAS DE TOMACORRIENTES Y SALIDAS "]
["ESP 13.9.1","13.9.1","Suministro, transporte e instalación de SALIDA DE TOMACORRIENTE NORMAL PT 120 V- 15 A CABLE 3 No 12 LSHZ tubería EMT 3/4\" y los materiales necesarios para su correcto funcionamiento","un",{"v":200,"d":"200.00"},{"v":312038.14,"d":"$312,038.14"},{"$f":"F1520*E1520","v":{"v":62407628,"d":"$62,407,628.00"}},null,{"v":200,"d":"200.00"},null,{"$f":"J1520*I1520","v":{"v":0,"d":"$0.00"}}]
["ESP 13.9.2","13.9.2","Suministro, transporte e instalación de SALIDAS DE TOMACORRIENTES NORMALES PT y los materiales necesarios para su correcto funcionamiento","un",{"v":1425,"d":"1,425.00"},{"v":312038.14,"d":"$312,038.14"},{"v":444654349.5,"d":"$444,654,349.50"},null,{"v":1425,"d":"1,425.00"},null,{"v":0,"d":"$0.00"}]
["ESP 13.9.3","13.9.3","Suministro, transporte e instalación de SALIDAS DE TOMACORRIENTES REGULADO PT y los materiales necesarios para su correcto funcionamiento","un",{"v":2436,"d":"2,436.00"},{"v":340438.14,"d":"$340,438.14"},{"v":829307309.0400001,"d":"$829,307,309.04"},null,{"v":2436,"d":"2,436.00"},null,{"v":0,"d":"$0.00"}]
["ESP 13.9.4","13.9.4","Suministro, transporte e instalación de CANALETA METÁLICA 12x5 cm CON DIVISIÓN. INCLUYE TROQUELES, ACCESORIOS, FIJACIÓN, ENTRE OTROS y los materiales necesarios para su correcto funcionamiento","un",{"v":1500,"d":"1,500.00"},{"v":118125.06,"d":"$118,125.06"},{"v":177187590,"d":"$177,187,590.00"},null,{"v":1500,"d":"1,500.00"},null,{"v":0,"d":"$0.00"}]
["ESP 13.9.5","13.9.5","Suministro, transporte e instalación de SALIDA TOMACORRIENTE TRIFÁSICAS 208 V, BOMBA AGUA CALIENTE tubería EMT 3/4\" EN CABLE 4#10 LSZH  y los materiales necesarios para su correcto funcionamiento","un",{"v":1,"d":"1.00"},{"v":502138.14,"d":"$502,138.14"},{"v":502138.14,"d":"$502,138.14"},null,{"v":1,"d":"1.00"},null,{"v":0,"d":"$0.00"}]
["ESP 13.9.6","13.9.6","Suministro, transporte e instalación de SALIDA TOMACORRIENTE Aires Acondicionados FANCOIL 2F-3H CABLE 3 No.12 LSHZ POR tubería EMT 3/4\"  y los materiales necesarios para su correcto funcionamiento","un",{"v":185,"d":"185.00"},{"v":430538.14,"d":"$430,538.14"},{"v":79649555.9,"d":"$79,649,555.90"},null,{"v":185,"d":"185.00"},null,{"v":0,"d":"$0.00"}]
["ESP 13.9.7","13.9.7","Suministro transporte E instalación DE SALIDA 3Ø 208V ANTENA DE COMUNICACIONES PISO 8 tubería IMC 1\" EN CABLE 3#4+1#10 LSZH y los materiales necesarios para su correcto funcionamiento","un",{"v":1,"d":"1.00"},{"v":10984215.95,"d":"$10,984,215.95"},{"v":10984215.95,"d":"$10,984,215.95"},null,{"v":1,"d":"1.00"},null,{"v":0,"d":"$0.00"}]
["ESP 13.9.8","13.9.8","Suministro, transporte e instalación de SALIDA 120 V PARA CARGADOR DE DRONES EN tubería IMC 3/4\" EN CABLE 3#10 LSZH  y los materiales necesarios para su correcto funcionamiento","un",{"v":5,"d":"5.00"},{"v":3800055.47,"d":"$3,800,055.47"},{"v":19000277.35,"d":"$19,000,277.35"},null,{"v":5,"d":"5.00"},null,{"v":0,"d":"$0.00"}]
["ESP 13.9.9","13.9.9","Suministro, transporte e instalación de SALIDAS 2Ø 208 V 7.4 kW PARA CARGADOR DE VEHÍCULO ELÉCTRICO EN tubería EMT 1\" EN CABLE 4#6 LSZH  y los materiales necesarios para su correcto funcionamiento","un",{"v":4,"d":"4.00"},{"v":7473275.95,"d":"$7,473,275.95"},{"v":29893103.8,"d":"$29,893,103.80"},null,{"v":4,"d":"4.00"},null,{"v":0,"d":"$0.00"}]
[]
[null,null,"TOTAL DE SISTEMAS DE TOMACORRIENTES Y SALIDAS ",{"$nulls":3},{"$f":"SUM(G1520:G1528)","v":{"v":1653586167.68,"d":"$1,653,586,167.68"}},{"$nulls":3},{"$f":"SUM(K1520:K1528)","v":{"v":0,"d":"$0.00"}}]
[]
[null,"13.10.0","SISTEMA DE DUCTOS METÁLICOS"]
["ESP 13.10.1","13.10.1","Suministro, transporte e instalación de DUCTO 60 cm x 8 cm x 2,40 m CON DIVISIÓN. Incluye fijación y accesorios y los materiales necesarios para su correcto funcionamiento","un",{"v":1440,"d":"1,440.00"},{"v":357233.15,"d":"$357,233.15"},{"$f":"F1533*E1533","v":{"v":514415736.00000006,"d":"$514,415,736.00"}},null,{"v":1440,"d":"1,440.00"},null,{"$f":"J1533*I1533","v":{"v":0,"d":"$0.00"}}]
["ESP 13.10.2","13.10.2","Suministro, transporte e instalación de DUCTO 20 cm x 8 cm x 2,40 m CON DIVISIÓN. Incluye fijación y accesorios y los materiales necesarios para su correcto funcionamiento","un",{"v":50,"d":"50.00"},{"v":189425.09,"d":"$189,425.09"},{"$f":"F1534*E1534","v":{"v":9471254.5,"d":"$9,471,254.50"}},null,{"v":50,"d":"50.00"},null,{"$f":"J1534*I1534","v":{"v":0,"d":"$0.00"}}]
["ESP 13.10.3","13.10.3","Suministro, transporte e instalación de DUCTO 30 cm x 8 cm. x 2,40 m Incluye fijación y accesorios  y los materiales necesarios para su correcto funcionamiento","un",{"v":36,"d":"36.00"},{"v":294479.14,"d":"$294,479.14"},{"$f":"F1535*E1535","v":{"v":10601249.040000001,"d":"$10,601,249.04"}},null,{"v":36,"d":"36.00"},null,{"$f":"J1535*I1535","v":{"v":0,"d":"$0.00"}}]
[]
[null,null,"TOTAL DE SISTEMA DE DUCTOS METÁLICOS",{"$nulls":3},{"$f":"SUM(G1533:G1535)","v":{"v":534488239.5400001,"d":"$534,488,239.54"}},{"$nulls":3},{"$f":"SUM(K1533:K1535)","v":{"v":0,"d":"$0.00"}}]
[]
[null,"13.11.0","ACOMETIDAS ELÉCTRICAS"]
["ESP 13.11.1","13.11.1","Suministro, transporte e instalación de ACOMETIDA 3Ø EN (3No.2+1No.6+1No.8) Cu-LSZH. Incluye tubería EMT Ø=2\" CON ACCESORIOS y los materiales necesarios para su correcta instalación","m",{"v":196,"d":"196.00"},{"v":262964.43,"d":"$262,964.43"},{"$f":"F1540*E1540","v":{"v":51541028.28,"d":"$51,541,028.28"}},null,{"v":196,"d":"196.00"},null,{"$f":"J1540*I1540","v":{"v":0,"d":"$0.00"}}]
["ESP 13.11.2","13.11.2","Suministro, transporte e instalación de ACOMETIDA 3Ø EN CABLE 6 No.1/0(F)+2 No.1/0(N)+1/0(T) Cu LSZH AWG. Incluye tubería EMT Ø=3\" CON ACCESORIOS y los materiales necesarios para su correcta instalación","m",{"v":15,"d":"15.00"},{"v":769119.17,"d":"$769,119.17"},{"v":11536787.55,"d":"$11,536,787.55"},null,{"v":15,"d":"15.00"},null,{"v":0,"d":"$0.00"}]
["ESP 13.11.3","13.11.3","Suministro, transporte e instalación de TUBO IMC 2\" MÁS ACCESORIO DE INSTALACIÓN y los materiales necesarios para su correcta instalación","m",{"v":40,"d":"40.00"},{"v":187813.97,"d":"$187,813.97"},{"v":7512558.8,"d":"$7,512,558.80"},null,{"v":40,"d":"40.00"},null,{"v":0,"d":"$0.00"}]
["ESP 13.11.4","13.11.4","Suministro, transporte e instalación de ACOMETIDA 3Ø EN (3No.2+1No.2+1No.6) Cu-LSZH. Incluye tubería EMT Ø=2\" CON ACCESORIOS y los materiales necesarios para su correcta instalación","m",{"v":15,"d":"15.00"},{"v":332121.19,"d":"$332,121.19"},{"v":4981817.85,"d":"$4,981,817.85"},null,{"v":15,"d":"15.00"},null,{"v":0,"d":"$0.00"}]
["ESP 13.11.5","13.11.5","Suministro, transporte e instalación de TUBO IMC 3\" MÁS ACCESORIO DE INSTALACIÓN","m",{"v":344,"d":"344.00"},{"v":375081.97,"d":"$375,081.97"},{"v":129028197.67999999,"d":"$129,028,197.68"},null,{"v":344,"d":"344.00"},null,{"v":0,"d":"$0.00"}]
["ESP 13.11.6","13.11.6","Suministro, transporte e instalación de ACOMETIDA 3Ø EN CABLE 3 No.4(F)+1 No.4(N)+8(T) Cu LSZH AWG + TUBO EMT Ø=2\" CON ACCESORIOS y los materiales necesarios para su correcta instalación","m",{"v":16,"d":"16.00"},{"v":234283.92,"d":"$234,283.92"},{"v":3748542.72,"d":"$3,748,542.72"},null,{"v":16,"d":"16.00"},null,{"v":0,"d":"$0.00"}]
["ESP 13.11.7","13.11.7","Suministro, transporte e instalación de ACOMETIDA 3Ø 208 V EN CABLE 3 No.8(F)+1 No.8(N)+1 No.10(T) Cu LSZH AWG. Incluye tubería EMT Ø=1\" CON ACCESORIOS y los materiales necesarios para su correcta instalación","m",{"v":313,"d":"313.00"},{"v":155478.32,"d":"$155,478.32"},{"v":48664714.160000004,"d":"$48,664,714.16"},null,{"v":313,"d":"313.00"},null,{"v":0,"d":"$0.00"}]
["ESP 13.11.8","13.11.8","Suministro, transporte e instalación de TUBO IMC 4\" más ACCESORIOS DE INSTALACIÓN y los materiales necesarios para su correcta instalación","m",{"v":108,"d":"108.00"},{"v":471692.98,"d":"$471,692.98"},{"v":50942841.839999996,"d":"$50,942,841.84"},null,{"v":108,"d":"108.00"},null,{"v":0,"d":"$0.00"}]
["ESP 13.11.9","13.11.9","Suministro, transporte e instalación de CABLE No.12 Cu LSZH AWG (ramales circuitos) y los materiales necesarios para su correcta instalación","m",{"v":175000,"d":"175,000.00"},{"v":6868.01,"d":"$6,868.01"},{"v":1201901750,"d":"$1,201,901,750.00"},null,{"v":175000,"d":"175,000.00"},null,{"v":0,"d":"$0.00"}]
["ESP 13.11.10","13.11.10","Suministro, transporte e instalación de ACOMETIDA 3Ø 440 V EN CABLE 3 No.6(F)+1 No.10(T) Cu LSZH AWG y los materiales necesarios para su correcta instalación","m",{"v":148,"d":"148.00"},{"v":134673.02,"d":"$134,673.02"},{"v":19931606.959999997,"d":"$19,931,606.96"},null,{"v":148,"d":"148.00"},null,{"v":0,"d":"$0.00"}]
["ESP 13.11.11","13.11.11","Suministro, transporte e instalación de ACOMETIDA 3Ø (3No.1/0+1No.1/0+1No.4) Cu LSZH AWG  + TUBO EMT Ø=2\" CON ACCESORIOS y los materiales necesarios para su correcta instalación","m",{"v":105,"d":"105.00"},{"v":419933.97,"d":"$419,933.97"},{"v":44093066.849999994,"d":"$44,093,066.85"},null,{"v":105,"d":"105.00"},null,{"v":0,"d":"$0.00"}]
["ESP 13.11.12","13.11.12","Suministro, transporte e instalación de ACOMETIDA 3Ø (3 No.4/0+1 No.4/0+1 No.1/0) Cu LSZH AWG  + TUBO EMT Ø=3\" CON ACCESORIOS y los materiales necesarios para su correcta instalación","m",{"v":8,"d":"8.00"},{"v":742151.19,"d":"$742,151.19"},{"v":5937209.52,"d":"$5,937,209.52"},null,{"v":8,"d":"8.00"},null,{"v":0,"d":"$0.00"}]
["ESP 13.11.13","13.11.13","Suministro, transporte e instalación de ACOMETIDA 3Ø (3No.1/0+1No.4) Cu LSZH AWG  + TUBO EMT Ø=2\" CON ACCESORIOS y los materiales necesarios para su correcta instalación","m",{"v":524,"d":"524.00"},{"v":356933.97,"d":"$356,933.97"},{"v":187033400.27999997,"d":"$187,033,400.28"},null,{"v":524,"d":"524.00"},null,{"v":0,"d":"$0.00"}]
["ESP 13.11.14","13.11.14","Suministro, transporte e instalación de ACOMETIDA 3Ø EN CABLE 6 No.4/0(F)+2 No.4/0(N)+1 No.4/0(T) Cu LSZH AWG EN tubería EMT Ø=4\" CON ACCESORIOS y los materiales necesarios para su correcta instalación","m",{"v":15,"d":"15.00"},{"v":1434161.99,"d":"$1,434,161.99"},{"v":21512429.85,"d":"$21,512,429.85"},null,{"v":15,"d":"15.00"},null,{"v":0,"d":"$0.00"}]
["ESP 13.11.15","13.11.15","Suministro, transporte e instalación de ACOMETIDA 3Ø EN CABLE 6 No.350(F)+2No.350(N)+1No.4/0(T) Cu LSZH AWG + TUBO EMT 2XØ=3\" CON ACCESORIOS  y los materiales necesarios para su correcta instalación","m",{"v":60,"d":"60.00"},{"v":2332610.44,"d":"$2,332,610.44"},{"v":139956626.4,"d":"$139,956,626.40"},null,{"v":60,"d":"60.00"},null,{"v":0,"d":"$0.00"}]
["ESP 13.11.16","13.11.16","Suministro, transporte e instalación de ACOMETIDA 3Ø EN CABLE 3No.250(F)+1 No.250(N)+1No.2/0(T) Cu LSZH AWG + TUBO EMT 1XØ=3\" CON ACCESORIOS y los materiales necesarios para su correcta instalación","m",{"v":8,"d":"8.00"},{"v":966637.22,"d":"$966,637.22"},{"v":7733097.76,"d":"$7,733,097.76"},null,{"v":8,"d":"8.00"},null,{"v":0,"d":"$0.00"}]
["ESP 13.11.17","13.11.17","Suministro, transporte e instalación de ACOMETIDA 3Ø EN CABLE 9 No.4(F)+3 No.4(N)+3 No.8(T) Cu LSZH AWG + TUBO EMT Ø=3\" CON ACCESORIOS y los materiales necesarios para su correcta instalación","m",{"v":35,"d":"35.00"},{"v":636560.22,"d":"$636,560.22"},{"v":22279607.7,"d":"$22,279,607.70"},null,{"v":35,"d":"35.00"},null,{"v":0,"d":"$0.00"}]
["ESP 13.11.18","13.11.18","Suministro, transporte e instalación de ACOMETIDA 3Ø ENEN CABLE DE Cu 6 No.6(F)+3 No.10(T) LSZH AWG y los materiales necesarios para su correcta instalación","m",{"v":102,"d":"102.00"},{"v":189096.28,"d":"$189,096.28"},{"v":19287820.56,"d":"$19,287,820.56"},null,{"v":102,"d":"102.00"},null,{"v":0,"d":"$0.00"}]
["ESP 13.11.19","13.11.19","Suministro, transporte e instalación de ACOMETIDA 3Ø EN CABLE 6 No.2/0+3 No.1/0 Cu LSZH AWG y los materiales necesarios para su correcta instalación","m",{"v":98,"d":"98.00"},{"v":813111.17,"d":"$813,111.17"},{"v":79684894.66000001,"d":"$79,684,894.66"},null,{"v":98,"d":"98.00"},null,{"v":0,"d":"$0.00"}]
["ESP 13.11.20","13.11.20","Suministro, transporte e instalación de ACOMETIDA EN CABLE 3No.10 Cu LSZH AWG POR DUCTO EXISTENTE y los materiales necesarios para su correcta instalación","m",{"v":97,"d":"97.00"},{"v":50106.24,"d":"$50,106.24"},{"v":4860305.28,"d":"$4,860,305.28"},null,{"v":97,"d":"97.00"},null,{"v":0,"d":"$0.00"}]
["ESP 13.11.21","13.11.21","Suministro, transporte e instalación de ACOMETIDA EN CABLE 4 No.10 Cu LSZH AWG POR DUCTO EXISTENTE y los materiales necesarios para su correcta instalación","m",{"v":177,"d":"177.00"},{"v":62087.36,"d":"$62,087.36"},{"v":10989462.72,"d":"$10,989,462.72"},null,{"v":177,"d":"177.00"},null,{"v":0,"d":"$0.00"}]
["ESP 13.11.22","13.11.22","Suministro, transporte e instalación de ACOMETIDA EN CABLE 2No.8+1No.10 Cu LSZH AWG POR DUCTO EXISTENTE y los materiales necesarios para su correcta instalación","m",{"v":177,"d":"177.00"},{"v":55825.36,"d":"$55,825.36"},{"v":9881088.72,"d":"$9,881,088.72"},null,{"v":177,"d":"177.00"},null,{"v":0,"d":"$0.00"}]
["ESP 13.11.23","13.11.23","Suministro, transporte e instalación de ACOMETIDA EN CABLE 2No.8(F)+1 No.10(T) Cu LSZH AWG. Incluye tubería EMT Ø=1\" CON ACCESORIOS y los materiales necesarios para su correcta instalación","m",{"v":136,"d":"136.00"},{"v":107627.27,"d":"$107,627.27"},{"v":14637308.72,"d":"$14,637,308.72"},null,{"v":136,"d":"136.00"},null,{"v":0,"d":"$0.00"}]
["ESP 13.11.24","13.11.24","Suministro, transporte e instalación de ACOMETIDA EN CABLE 2No.4(F)+1No.8(T) Cu LSZH AWG. Incluye tubería EMT Ø=1\" CON ACCESORIOS y los materiales necesarios para su correcta instalación","m",{"v":40,"d":"40.00"},{"v":151214.28,"d":"$151,214.28"},{"v":6048571.2,"d":"$6,048,571.20"},null,{"v":40,"d":"40.00"},null,{"v":0,"d":"$0.00"}]
["ESP 13.11.25","13.11.25","Suministro, transporte e instalación de ACOMETIDA EN (2No.2+1No.6) Cu-LSZH. Incluye tubería EMT Ø=2\" CON ACCESORIOS y los materiales necesarios para su correcta instalación","m",{"v":55,"d":"55.00"},{"v":225284.49,"d":"$225,284.49"},{"v":12390646.95,"d":"$12,390,646.95"},null,{"v":55,"d":"55.00"},null,{"v":0,"d":"$0.00"}]
["ESP 13.11.26","13.11.26","Suministro, transporte e instalación de ACOMETIDA EN CABLE 2No.6(F)+1No.10(T) Cu LSZH AWG. Incluye tubería EMT Ø=1\" CON ACCESORIOS y los materiales necesarios para su correcta instalación","m",{"v":81,"d":"81.00"},{"v":128413.07,"d":"$128,413.07"},{"v":10401458.67,"d":"$10,401,458.67"},null,{"v":81,"d":"81.00"},null,{"v":0,"d":"$0.00"}]
["ESP 13.11.27","13.11.27","Suministro, transporte e instalación de ACOMETIDA (2No.4/0+1No.1/0) Cu LSZH AWG  + TUBO EMT Ø=2\" CON ACCESORIOS y los materiales necesarios para su correcta instalación","m",{"v":65,"d":"65.00"},{"v":430439.34,"d":"$430,439.34"},{"v":27978557.1,"d":"$27,978,557.10"},null,{"v":65,"d":"65.00"},null,{"v":0,"d":"$0.00"}]
[]
[null,null,"TOTAL DE ACOMETIDAS ELÉCTRICAS",{"$nulls":3},{"$f":"SUM(G1540:G1566)","v":{"v":2154495398.78,"d":"$2,154,495,398.78"}},{"$nulls":3},{"$f":"SUM(K1540:K1566)","v":{"v":0,"d":"$0.00"}}]
[]
[null,"13.12.0","TABLEROS ESPECIALES"]
["ESP 13.12.1","13.12.1","Suministro, transporte e instalación de Tablero eléctrico en baja tensión; tipo transferencia Automática 3x200A, 208VAC, 50KA; fabricado en lamina galvanizada C14 / C16; frente muertos del tipo abisagrados; Pintura electrostática del tipo epoxico RAL 7035; barrajes de cobre electroplateados con capacidad no inferior a 200A, construido y certificado para la capacidad de cortocircuito especificada en planos unifilares; Certificado RETIE a la última actualización y los materiales necesarios para su correcto funcionamiento.","un",{"v":1,"d":"1.00"},{"v":86335738.45,"d":"$86,335,738.45"},{"$f":"F1571*E1571","v":{"v":86335738.45,"d":"$86,335,738.45"}},null,{"v":1,"d":"1.00"},null,{"$f":"J1571*I1571","v":{"v":0,"d":"$0.00"}}]
["ESP 13.12.2","13.12.2","Suministro, transporte e instalación de Tablero m RCI  con protección principal trifásica de\n40 A - 208 V y los materiales necesarios para su correcto funcionamiento","un",{"v":1,"d":"1.00"},{"v":28506490.85,"d":"$28,506,490.85"},{"v":28506490.85,"d":"$28,506,490.85"},null,{"v":1,"d":"1.00"},null,{"v":0,"d":"$0.00"}]
["ESP 13.12.3","13.12.3","Suministro, transporte e instalación de Tablero de Distribución AA CONFORT EDIFICIO C5 / 460 V - PISO 8 y los materiales necesarios para su correcto funcionamiento","un",{"v":1,"d":"1.00"},{"v":239338994.6,"d":"$239,338,994.60"},{"v":239338994.6,"d":"$239,338,994.60"},null,{"v":1,"d":"1.00"},null,{"v":0,"d":"$0.00"}]
["ESP 13.12.4","13.12.4","Suministro, transporte e instalación de Tablero de Distribución AA DATA CENTER 208 V\nPISO 8 y los materiales necesarios para su correcto funcionamiento","un",{"v":2,"d":"2.00"},{"v":172752844.6,"d":"$172,752,844.60"},{"v":345505689.2,"d":"$345,505,689.20"},null,{"v":2,"d":"2.00"},null,{"v":0,"d":"$0.00"}]
["ESP 13.12.5","13.12.5","Suministro, transporte e instalación de Tablero BYPASS 3Ø 60-80 kVA. Incluye protecciones y los materiales necesarios para su correcto funcionamiento","un",{"v":2,"d":"2.00"},{"v":132053996.8,"d":"$132,053,996.80"},{"v":264107993.6,"d":"$264,107,993.60"},null,{"v":2,"d":"2.00"},null,{"v":0,"d":"$0.00"}]
["ESP 13.12.6","13.12.6","Suministro, transporte e instalación de Tablero BYPASS 3Ø 20 kVA. Incluye protecciones y los materiales necesarios para su correcto funcionamiento","un",{"v":2,"d":"2.00"},{"v":58424052.2,"d":"$58,424,052.20"},{"v":116848104.4,"d":"$116,848,104.40"},null,{"v":2,"d":"2.00"},null,{"v":0,"d":"$0.00"}]
["ESP 13.12.7","13.12.7","Suministro, transporte e instalación de Tablero BYPASS 3Ø 30 kVA. Incluye protecciones y los materiales necesarios para su correcto funcionamiento","un",{"v":4,"d":"4.00"},{"v":61175376.2,"d":"$61,175,376.20"},{"v":244701504.8,"d":"$244,701,504.80"},null,{"v":4,"d":"4.00"},null,{"v":0,"d":"$0.00"}]
["ESP 13.12.8","13.12.8","Suministro, transporte e instalación de Tablero BYPASS 3Ø 40 kVA. Incluye protecciones","un",{"v":3,"d":"3.00"},{"v":63230094.8,"d":"$63,230,094.80"},{"v":189690284.39999998,"d":"$189,690,284.40"},null,{"v":3,"d":"3.00"},null,{"v":0,"d":"$0.00"}]
["ESP 13.12.9","13.12.9","Suministro, transporte e instalación de Tablero BYPASS 2Ø 3 kVA. Incluye protecciones y los materiales necesarios para su correcto funcionamiento","un",{"v":8,"d":"8.00"},{"v":3416740.3,"d":"$3,416,740.30"},{"v":27333922.4,"d":"$27,333,922.40"},null,{"v":8,"d":"8.00"},null,{"v":0,"d":"$0.00"}]
["ESP 13.12.10","13.12.10","Suministro, transporte e instalación de Tablero de distribucion piso 1-2.  Incluye protecciones y equipos internos según diseño y los materiales necesarios para su correcto funcionamiento","un",{"v":1,"d":"1.00"},{"v":86674138.45,"d":"$86,674,138.45"},{"v":86674138.45,"d":"$86,674,138.45"},null,{"v":1,"d":"1.00"},null,{"v":0,"d":"$0.00"}]
["ESP 13.12.11","13.12.11","Suministro, transporte e instalación de Tablero de distribución para piso 3. Incluye protecciones y equipos internos según diseño y los materiales necesarios para su correcto funcionamiento","un",{"v":1,"d":"1.00"},{"v":121230271.45,"d":"$121,230,271.45"},{"v":121230271.45,"d":"$121,230,271.45"},null,{"v":1,"d":"1.00"},null,{"v":0,"d":"$0.00"}]
["ESP 13.12.12","13.12.12","Suministro, transporte e instalación de Tablero de distribución para piso 4. Incluye protecciones y equipos internos según diseño y los materiales necesarios para su correcto funcionamiento","un",{"v":1,"d":"1.00"},{"v":121230271.45,"d":"$121,230,271.45"},{"v":121230271.45,"d":"$121,230,271.45"},null,{"v":1,"d":"1.00"},null,{"v":0,"d":"$0.00"}]
["ESP 13.12.13","13.12.13","Suministro, transporte e instalación de Tablero de distribución para piso 5. Incluye protecciones y equipos internos según diseño y los materiales necesarios para su correcto funcionamiento","un",{"v":1,"d":"1.00"},{"v":85360345.45,"d":"$85,360,345.45"},{"v":85360345.45,"d":"$85,360,345.45"},null,{"v":1,"d":"1.00"},null,{"v":0,"d":"$0.00"}]
["ESP 13.12.14","13.12.14","Suministro, transporte e instalación de Tablero de distribución para piso 6. Incluye protecciones y equipos internos según diseño y los materiales necesarios para su correcto funcionamiento","un",{"v":1,"d":"1.00"},{"v":126082672.45,"d":"$126,082,672.45"},{"v":126082672.45,"d":"$126,082,672.45"},null,{"v":1,"d":"1.00"},null,{"v":0,"d":"$0.00"}]
["ESP 13.12.15","13.12.15","Suministro, transporte e instalación de Tablero de distribución para piso 7. Incluye protecciones y equipos internos según diseño y los materiales necesarios para su correcto funcionamiento","un",{"v":1,"d":"1.00"},{"v":128800990.45,"d":"$128,800,990.45"},{"v":128800990.45,"d":"$128,800,990.45"},null,{"v":1,"d":"1.00"},null,{"v":0,"d":"$0.00"}]
["ESP 13.12.16","13.12.16","Suministro, transporte e instalación de TABLERO 3Ø - 208 V ESPECIAL 100 CTOS. Incluye protecciones y equipos internos según diseño y los materiales necesarios para su correcto funcionamiento","un",{"v":11,"d":"11.00"},{"v":148000228.9,"d":"$148,000,228.90"},{"v":1628002517.9,"d":"$1,628,002,517.90"},null,{"v":11,"d":"11.00"},null,{"v":0,"d":"$0.00"}]
["ESP 13.12.17","13.12.17","Suministro, transporte e instalación de TABLERO 3Ø - 208 V ESPECIAL 150 CTOS. Incluye protecciones y equipos internos según diseño y los materiales necesarios para su correcto funcionamiento","un",{"v":3,"d":"3.00"},{"v":157740978.9,"d":"$157,740,978.90"},{"v":473222936.70000005,"d":"$473,222,936.70"},null,{"v":3,"d":"3.00"},null,{"v":0,"d":"$0.00"}]
["ESP 13.12.18","13.12.18","Suministro, transporte e instalación de TABLERO de transferencia en subestación para\n630 kVA-208 V-2500 A según diseño y diagrama unifilar y los materiales necesarios para su correcto funcionamiento","un",{"v":1,"d":"1.00"},{"v":649842856.5,"d":"$649,842,856.50"},{"v":649842856.5,"d":"$649,842,856.50"},null,{"v":1,"d":"1.00"},null,{"v":0,"d":"$0.00"}]
["ESP 13.12.19","13.12.19","Suministro, transporte e instalación de TABLERO de transferencia en subestación para\n630 kVA-440 V-1250 A según diseño y diagrama unifilar y los materiales necesarios para su correcto funcionamiento","un",{"v":1,"d":"1.00"},{"v":377412249.5,"d":"$377,412,249.50"},{"v":377412249.5,"d":"$377,412,249.50"},null,{"v":1,"d":"1.00"},null,{"v":0,"d":"$0.00"}]
["ESP 13.12.20","13.12.20","Suministro, transporte e instalación de TABLERO de transferencia en subestación para\n400 kVA-208 V-1600 A según diseño y diagrama unifilar y los materiales necesarios para su correcto funcionamiento","un",{"v":2,"d":"2.00"},{"v":677758513.5,"d":"$677,758,513.50"},{"v":1355517027,"d":"$1,355,517,027.00"},null,{"v":2,"d":"2.00"},null,{"v":0,"d":"$0.00"}]
["ESP 13.12.21","13.12.21","Suministro, transporte e instalación de TABLERO Distribución 2500 A - 208 VAC para 630 kVA en subestación según diseño y diagrama unifilar y los materiales necesarios para su correcto funcionamiento","un",{"v":1,"d":"1.00"},{"v":317633235.5,"d":"$317,633,235.50"},{"v":317633235.5,"d":"$317,633,235.50"},null,{"v":1,"d":"1.00"},null,{"v":0,"d":"$0.00"}]
["ESP 13.12.22","13.12.22","Suministro, transporte e instalación de TABLEROS distribución para 630 kVA-440 V en subestación según diseño y diagrama unifilar y los materiales necesarios para su correcto funcionamiento","un",{"v":1,"d":"1.00"},{"v":177048810.8,"d":"$177,048,810.80"},{"v":177048810.8,"d":"$177,048,810.80"},null,{"v":1,"d":"1.00"},null,{"v":0,"d":"$0.00"}]
["ESP 13.12.23","13.12.23","Suministro, transporte e instalación de TABLERO protección 208 V-400 kVA-1600 A en subestación para Data Center según diseño y diagrama unifilar y los materiales necesarios para su correcto funcionamiento","un",{"v":2,"d":"2.00"},{"v":269841831.8,"d":"$269,841,831.80"},{"v":539683663.6,"d":"$539,683,663.60"},null,{"v":2,"d":"2.00"},null,{"v":0,"d":"$0.00"}]
["ESP 13.12.24","13.12.24","Suministro, transporte e instalación de TABLERO Banco de condensadores trifásico de 160 kVA - 208 V según diseño y diagrama unifilar y los materiales necesarios para su correcto funcionamiento","un",{"v":1,"d":"1.00"},{"v":137028016.4,"d":"$137,028,016.40"},{"v":137028016.4,"d":"$137,028,016.40"},null,{"v":1,"d":"1.00"},null,{"v":0,"d":"$0.00"}]
["ESP 13.12.25","13.12.25","Suministro, transporte e instalación de TABLERO Banco de condensadores trifásico de 100 kVA - 208 V  según diseño y diagrama unifilar y los materiales necesarios para su correcto funcionamiento","un",{"v":2,"d":"2.00"},{"v":131005135.4,"d":"$131,005,135.40"},{"v":262010270.8,"d":"$262,010,270.80"},null,{"v":2,"d":"2.00"},null,{"v":0,"d":"$0.00"}]
["ESP 13.12.26","13.12.26","Suministro, transporte e instalación de TABLERO BAJA-BAJA CON TRANSFORMADOR SECO DE 150 kVA - 440/220 V y los materiales necesarios para su correcto funcionamiento","un",{"v":1,"d":"1.00"},{"v":155947102.8,"d":"$155,947,102.80"},{"v":155947102.8,"d":"$155,947,102.80"},null,{"v":1,"d":"1.00"},null,{"v":0,"d":"$0.00"}]
["ESP 13.12.27","13.12.27","Suministro, transporte e instalación de TABLERO protección de 2500 A - 208 V en subestación  según diseño y diagrama unifilar y los materiales necesarios para su correcto funcionamiento","un",{"v":1,"d":"1.00"},{"v":440238311.5,"d":"$440,238,311.50"},{"v":440238311.5,"d":"$440,238,311.50"},null,{"v":1,"d":"1.00"},null,{"v":0,"d":"$0.00"}]
["ESP 13.12.28","13.12.28","Suministro, transporte e instalación de TABLERO Banco de condensadores trifásico de 160 kVA - 440 V según diseño y diagrama unifilar y los materiales necesarios para su correcto funcionamiento","un",{"v":1,"d":"1.00"},{"v":190260065.5,"d":"$190,260,065.50"},{"v":190260065.5,"d":"$190,260,065.50"},null,{"v":1,"d":"1.00"},null,{"v":0,"d":"$0.00"}]
["ESP 13.12.29","13.12.29","Suministro, transporte e instalación de TABLERO protección de 1250 A - 440 V en subestación  según diseño y diagrama unifilar y los materiales necesarios para su correcto funcionamiento","un",{"v":1,"d":"1.00"},{"v":190260065.5,"d":"$190,260,065.50"},{"v":190260065.5,"d":"$190,260,065.50"},null,{"v":1,"d":"1.00"},null,{"v":0,"d":"$0.00"}]
[null,null,"TOTAL DE TABLEROS ESPECIALES",{"$nulls":3},{"$f":"SUM(G1571:G1599)","v":{"v":9105854542.400002,"d":"$9,105,854,542.40"}},{"$nulls":3},{"$f":"SUM(K1571:K1599)","v":{"v":0,"d":"$0.00"}}]
[]
[null,"13.13.0","ELECTROBARRAS\n"]
["ESP 13.13.1","13.13.1","Suministro, transporte e instalación de ELECTROBARRA DE 2.500 A fabricada en aluminio para sistema de distribución eléctrica de baja tensión, 208/120 V, IP54, certificado bajo la norma IEC 61439-6 y el RETIE. Incluye accesorios tales como: codo, flanche, escala, tee, cruz, cierre, entre otros  y los materiales necesarios para su correcta instalación","m",{"v":22,"d":"22.00"},{"v":9986955.23,"d":"$9,986,955.23"},{"$f":"F1603*E1603","v":{"v":219713015.06,"d":"$219,713,015.06"}},null,{"v":22,"d":"22.00"},null,{"$f":"J1603*I1603","v":{"v":0,"d":"$0.00"}}]
["ESP 13.13.2","13.13.2","Suministro e instalación de ELECTROBARRA DE 1.250 A fabricada en aluminio para sistema de distribución eléctrica de baja tensión, 208/120 V, IP54, certificado bajo la norma IEC 61439-6 y el RETIE. Incluye accesorios tales como: codo, flanche, escala, tee, cruz, cierre, entre otros  y los materiales necesarios para su correcta instalación                ","m",{"v":167,"d":"167.00"},{"v":5963877.28,"d":"$5,963,877.28"},{"v":995967505.76,"d":"$995,967,505.76"},null,{"v":167,"d":"167.00"},null,{"v":0,"d":"$0.00"}]
["ESP 13.13.3","13.13.3","Suministro e instalación de ELECTROBARRA DE 1.600 A fabricada en aluminio para sistema de distribución eléctrica de baja tensión, 208/120 V, IP54, certificado bajo la norma IEC 61439-6 y el RETIE. Incluye accesorios tales como: codo, flanche, escala, tee, cruz, cierre, entre otros y los materiales necesarios para su correcta instalación","m",{"v":352,"d":"352.00"},{"v":6740972.28,"d":"$6,740,972.28"},{"v":2372822242.56,"d":"$2,372,822,242.56"},null,{"v":352,"d":"352.00"},null,{"v":0,"d":"$0.00"}]
["ESP 13.13.4","13.13.4","Suministro e instalación de ELECTROBARRA DE 630 A fabricada en aluminio para sistema de distribución eléctrica de baja tensión, 208/120 V, IP54, certificado bajo la norma IEC 61439-6 y el RETIE. Incluye accesorios tales como: codo, flanche, escala, tee, cruz, cierre, entre otros y los materiales necesarios para su correcta instalación","m",{"v":70,"d":"70.00"},{"v":4803115.38,"d":"$4,803,115.38"},{"v":336218076.59999996,"d":"$336,218,076.60"},null,{"v":70,"d":"70.00"},null,{"v":0,"d":"$0.00"}]
["ESP 13.13.5","13.13.5","Suministro e instalación de ELECTROBARRA DE 250 A fabricada en aluminio para sistema de distribución eléctrica de baja tensión, 208/120 V, IP54, certificado bajo la norma IEC 61439-6 y el RETIE. Incluye accesorios tales como: codo, flanche, escala, tee, cruz, cierre, entre otros y los materiales necesarios para su correcta instalación","m",{"v":60,"d":"60.00"},{"v":4504196.08,"d":"$4,504,196.08"},{"v":270251764.8,"d":"$270,251,764.80"},null,{"v":60,"d":"60.00"},null,{"v":0,"d":"$0.00"}]
["ESP 13.13.6","13.13.6","Suministro, transporte e instalación de CAJA DE DERIVACIÓN ELECTROBARRA DE 250 A PARA ILUMINACIÓN HASTA 150 A y los materiales necesarios para su correcta instalación","un",{"v":7,"d":"7.00"},{"v":4160883.1,"d":"$4,160,883.10"},{"v":29126181.7,"d":"$29,126,181.70"},null,{"v":7,"d":"7.00"},null,{"v":0,"d":"$0.00"}]
["ESP 13.13.7","13.13.7","Suministro, transporte e instalación de CAJA DE DERIVACIÓN ELECTROBARRA DE 1250 A HASTA 150 A y los materiales necesarios para su correcta instalación","un",{"v":1,"d":"1.00"},{"v":4366883.1,"d":"$4,366,883.10"},{"v":4366883.1,"d":"$4,366,883.10"},null,{"v":1,"d":"1.00"},null,{"v":0,"d":"$0.00"}]
["ESP 13.13.8","13.13.8","Suministro, transporte e instalación de CAJA DE DERIVACIÓN ELECTROBARRA DE 1250 A HASTA 400 A y los materiales necesarios para su correcta instalación","un",{"v":7,"d":"7.00"},{"v":4607336.1,"d":"$4,607,336.10"},{"v":32251352.699999996,"d":"$32,251,352.70"},null,{"v":7,"d":"7.00"},null,{"v":0,"d":"$0.00"}]
["ESP 13.13.9","13.13.9","Suministro, transporte e instalación de CAJA DE DERIVACIÓN ELECTROBARRA DE 1250 A HASTA 600 A  y los materiales necesarios para su correcta instalación","un",{"v":4,"d":"4.00"},{"v":4916336.1,"d":"$4,916,336.10"},{"v":19665344.4,"d":"$19,665,344.40"},null,{"v":4,"d":"4.00"},null,{"v":0,"d":"$0.00"}]
["ESP 13.13.10","13.13.10","Suministro, transporte e instalación de CAJA DE DERIVACIÓN ELECTROBARRA DE 630 A HASTA 150 A y los materiales necesarios para su correcta instalación","un",{"v":7,"d":"7.00"},{"v":4280257.1,"d":"$4,280,257.10"},{"v":29961799.699999996,"d":"$29,961,799.70"},null,{"v":7,"d":"7.00"},null,{"v":0,"d":"$0.00"}]
[]
[null,null,"TOTAL DE ELECTROBARRAS\n",{"$nulls":3},{"$f":"SUM(G1603:G1612)","v":{"v":4310344166.38,"d":"$4,310,344,166.38"}},{"$nulls":3},{"$f":"SUM(K1603:K1612)","v":{"v":0,"d":"$0.00"}}]
[]
[null,"13.14.0","LEGALIZACIÓN Y CERTIFICACIÓN\n"]
["ESP 13.14.1","13.14.1","CERTIFICACIÓN RETIE Y RETILAP","un",{"v":1,"d":"1.00"},{"v":82707200,"d":"$82,707,200.00"},{"$f":"F1617*E1617","v":{"v":82707200,"d":"$82,707,200.00"}},null,{"v":1,"d":"1.00"},null,{"$f":"J1617*I1617","v":{"v":0,"d":"$0.00"}}]
["ESP 13.14.2","13.14.2","Documentación y legalización proyecto\n","un",{"v":1,"d":"1.00"},{"v":17045970,"d":"$17,045,970.00"},{"$f":"F1618*E1618","v":{"v":17045970,"d":"$17,045,970.00"}},null,{"v":1,"d":"1.00"},null,{"$f":"J1618*I1618","v":{"v":0,"d":"$0.00"}}]
[]
[null,null,"TOTAL DE LEGALIZACIÓN Y CERTIFICACIÓN\n",{"$nulls":3},{"$f":"SUM(G1617:G1618)","v":{"v":99753170,"d":"$99,753,170.00"}},{"$nulls":3},{"$f":"SUM(K1617:K1618)","v":{"v":0,"d":"$0.00"}}]
[]
[null,null,"TOTAL DE INSTALACIONES ELÉCTRICAS",{"$nulls":3},{"$f":"SUM(G1620+G1614+G1600+G1568+G1537+G1530+G1518+G1509+G1475++G1465+G1455+G1417+G1412+G1408)","v":{"v":36349495560.72001,"d":"$36,349,495,560.72"}},{"$nulls":3},{"$f":"SUM(K1620+K1614+K1600+K1568+K1537+K1530+K1518+K1509+K1475++K1465+K1455+K1417+K1412+K1408)","v":{"v":0,"d":"$0.00"}}]
[]
[null,"15.0.0","EQUIPOS ESPECIALES"]
[null,"15.1.0","ASCENSORES"]
["ESP 15.1.1","15.1.1","Suministro, transporte, instalación, ajuste y puesta en marcha de equipo completo de ASCENSORES NEXIEZ MRL - sin sala de máquinas marca Mitsubishi o equivalente, con capacidad para 13 personas (1000kg), con apertura central, velocidad de 1,75 m/seg - 105 m/min, para un recorrido de 35 mts.  Fabricado bajo normas JIS (japonesa) /MELCO STD. control VFgloOC, Voltaje Variable y Frecuencia Variable. Sistema de nivelación Controlado electrónicamente por microprocesador y renivelación automática con una precisión de, más o menos 5 mm. con Ancho y altura útil de entrada 900 mm X 2100 mm. Medidas interiores de cabina 1100 mm de ancho X 2100 mm de fondo X 2400 de alto. Parte importada (máquina, control, señalización, transmisión de señales, guías y seguros), de nuestras plantas de Tailandia. La cabina, puertas, bases de máquina, contrapeso, soportes de guías,etc. de nuestra planta de Bello-Antioquia. TRM  $4298.31 COP (24-04-25), fuente: https://www.dolar-colombia.com/mes/2025-04","un",{"v":3,"d":"3.00"},{"v":346282603,"d":"$346,282,603.00"},{"$f":"F1626*E1626","v":{"v":1038847809,"d":"$1,038,847,809.00"}},null,{"v":3,"d":"3.00"},null,{"$f":"J1626*I1626","v":{"v":0,"d":"$0.00"}}]
["ESP 15.1.2","15.1.2","Suministro, transporte, instalación, ajuste y puesta en marcha de equipo Malacate - Ascensor nexies GPX MRL - Sin sala de máquinas, marca Mitsubishi o similar, con capacidad de 8 personas (630 kg) con apertura central, velocidad 1.75 m/seg - 105 m/min. número de entradas y paradas 7 por el mismo lado, operación 1c-2bc colectiva selectiva automaticen ambos sentidos. recorrido de 30 metros, fabricado bajo normas JIS (Japonesa) /melco std,control VFgloOC, voltaje variable y frecuencia variable, sistema de nivelación controlado electrónicamente por microprocesador y renivelación automática con una precisión de más o menos 5mm, ancho y altura útil de 800mmx2100 mm, con medidas interiores de 1100mm de ancho x 1400 mm de fondo x 2370 de alto. procedencia importada (máquina control, señalización, transmisión de señales, guías y seguros) de la planta de MÉXICO. La cabina, puertas, base de máquinas, contrapeso, soportes de guías, etc de la planta de Bello - Antioquia. Panel frontal, puerta cabina, paneles laterales y posterior, zócalo en acero inoxidable satinado. el piso es suministrado por el cliente. incluye espejo YZ-52A medio, pasamanos tubular tipo YH-55S X 2 lados, localizado en la pared lateral y posterior de la cabina. gancho de carpa si y una lona protectora y todos los elementos necesarios para su correcto funcionamiento. TRM  $4298.31 COP (24-04-25), fuente: https://www.dolar-colombia.com/mes/2025-04","un",{"v":1,"d":"1.00"},{"v":245544423.88,"d":"$245,544,423.88"},{"$f":"F1627*E1627","v":{"v":245544423.88,"d":"$245,544,423.88"}},null,{"v":1,"d":"1.00"},null,{"$f":"J1627*I1627","v":{"v":0,"d":"$0.00"}}]
["ESP 15.1.3","15.1.3","Suministro, transporte e instalación de PLATAFORMA ELECTRO HIDRÁULICA DE 1,5m X 1,6m,  altura de elevación 5,4 m,  capacidad 300 Kg. Incluye 2 barandas plegables en plataforma, Capacidad: Kgf 300 kg.área plataforma 1.5m X 1.6m. Ext., altura recogida 0.2 m, altura extendida 5.6 m., velocidad (m/s) 0.1m/s, potencia (hp) 3,0 HP, Tablero de control, estación de mando de 2 pulsadores, (sube y baja más paro de emergencia), en el nivel inferior. El control eléctrico cumple RETIE. y los elementos necesarios para su correcto funcionamiento.","un",{"v":1,"d":"1.00"},{"v":47243000,"d":"$47,243,000.00"},{"$f":"F1628*E1628","v":{"v":47243000,"d":"$47,243,000.00"}},null,{"v":1,"d":"1.00"},null,{"$f":"J1628*I1628","v":{"v":0,"d":"$0.00"}}]
[]
[null,null,"TOTAL DE ASCENSORES",{"$nulls":3},{"$f":"SUM(G1626:G1628)","v":{"v":1331635232.88,"d":"$1,331,635,232.88"}},{"$nulls":3},{"$f":"SUM(K1626:K1628)","v":{"v":0,"d":"$0.00"}}]
[]
[null,null,"TOTAL DE EQUIPOS ESPECIALES",{"$nulls":3},{"$f":"G1630","v":{"v":1331635232.88,"d":"$1,331,635,232.88"}},{"$nulls":3},{"$f":"K1630","v":{"v":0,"d":"$0.00"}}]
[]
[null,"16.0.0","VARIOS GENERALES"]
[null,"16.1","ASEO DE OBRA "]
["ESP 16.1.1","16.1.1","Aseo durante la obra, incluye: recogida de escombros, aseo general, destronque de estructura.","mes",{"v":17,"d":"17.00"},{"v":3500000,"d":"$3,500,000.00"},{"$f":"F1636*E1636","v":{"v":59500000,"d":"$59,500,000.00"}},null,{"v":17,"d":"17.00"},null,{"$f":"J1636*I1636","v":{"v":0,"d":"$0.00"}}]
["ESP 16.1.2","16.1.2","Aseo final de la obra, incluye destronque, limpieza de vidrios, limpieza general a profundidad de todos los espacios del proyecto, tanto de los espacios como el mobiliario.","un",{"v":9,"d":"9.00"},{"v":3500000,"d":"$3,500,000.00"},{"$f":"F1637*E1637","v":{"v":31500000,"d":"$31,500,000.00"}},null,{"v":9,"d":"9.00"},null,{"$f":"J1637*I1637","v":{"v":0,"d":"$0.00"}}]
[]
[null,null,"TOTAL DE VARIOS GENERALES",{"$nulls":3},{"$f":"SUM(G1636:G1637)","v":{"v":91000000,"d":"$91,000,000.00"}},{"$nulls":3},{"$f":"SUM(K1636:K1637)","v":{"v":0,"d":"$0.00"}}]
[]
[1610,"22.0.0","TORRE"]
[null,"22.1.0","Suministro, transporte e instalación de soportes anclajes pernos para torre autosoportada, sección Pernos de anclaje 1 ½” x 120 cm en acero grado 50, Bases de anclaje En concreto de 3.000 psi. , anclajes mecánicos a la torre, Incluye: Entrega de manual teórico con la siguiente información: Memorias de cálculo indicando sitio y coordenadas de instalación. Planos de montaje,","glo",{"v":1,"d":"1.00"},{"v":27769396,"d":"$27,769,396.00"},{"$f":"F1642*E1642","v":{"v":27769396,"d":"$27,769,396.00"}},null,{"v":1,"d":"1.00"},null,{"$f":"J1642*I1642","v":{"v":0,"d":"$0.00"}}]
[{"$nulls":6},{"$f":"+G1642","v":{"v":27769396,"d":"$ 27,769,396"}},{"$nulls":3},{"$f":"+K1642","v":0}]
[]
[null,null,"TOTAL TORRE DE TELECOMUNICACIONES",{"$nulls":3},{"$f":"+G1643","v":{"v":27769396,"d":"$27,769,396.00"}},{"$nulls":3},{"$f":"+K1643","v":{"v":0,"d":"$0.00"}}]
[]
[null,"17.0.0","URBANISMO"]
[]
[null,"17.1.0","EQUIPAMIENTOS URBANOS"]
["ESP 17.1.1","17.1.1","Suministro, transporte e instalación de Ciclo Parqueadero EXTERNOS en forma de U invertida con diagonal tipo EDU. Incluye logo bicicleta, con flance y escudo (solo logo bicicleta) fabricado con lamina de acero inoxidable 304 cal 16 MEDIDAS: LARGO 0.7m x profundidad 0.05m x ALTURA 1m. BICICLETERO fabricado con tubería redonda de 2\" calibre 16. CURVAS conformadas mediante codos en acero inoxidable 304 de 2” cal. 16. FLANCHE de base para anclar a piso de 1/8” de espesor, con escudo fabricado en acero inoxidable 304 calibre 20. incluye mano de obra, concreto de 21mpa para base de anclaje, platina y anclajes y los elementos necesarios para su correcto funcionamiento. ","un",{"v":3,"d":"3.00"},{"v":703035.57,"d":"$703,035.57"},{"$f":"F1650*E1650","v":{"v":2109106.71,"d":"$2,109,106.71"}},null,{"v":3,"d":"3.00"},null,{"$f":"J1650*I1650","v":{"v":0,"d":"$0.00"}}]
["ESP 17.1.2","17.1.2","Suministro, transporte e instalación de Ciclo Parqueadero INTERNOS en forma de U invertida con diagonal tipo EDU. Incluye logo bicicleta, con flance y escudo (solo logo bicicleta) fabricado con lamina de acero inoxidable 304 cal 16 MEDIDAS: LARGO 0.7m x profundidad 0.05m x ALTURA 1m. BICICLETERO fabricado con tubería redonda de 2\" calibre 16. CURVAS conformadas mediante codos en acero inoxidable 304 de 2” cal. 16. FLANCHE de base para anclar a piso de 1/8” de espesor, con escudo fabricado en acero inoxidable 304 calibre 20. incluye mano de obra, concreto de 21mpa para base de anclaje, platina y anclajes y los elementos necesarios para su correcto funcionamiento. ","un",{"v":42,"d":"42.00"},{"v":673812.13,"d":"$673,812.13"},{"v":28300109.46,"d":"$28,300,109.46"},null,{"v":42,"d":"42.00"},null,{"v":0,"d":"$0.00"}]
["ESP 17.1.3","17.1.3","Suministro, transporte e instalación de Basurera contenedor en acero inoxidable 304, con capacidad de .43m2 sistema de rotación, sistema de seguridad, poste ancho anclado a piso en función de hierro gris nodular pintado. no incluye pedestal. incluye pernos, el largo es de  0.4m x profundidad 0.35m x altura 0.9m, base repujada fabricada con lámina de acero inoxidable 304 calibre 20. Poste fabricado con lámina de hierro conformada, cuerpo fabricado con lámina de acero inoxidable 304 calibre 18. Cilindro de 0.5m h x 0.35 de diámetro. El cilindro se entrega soldado al poste mediante cordones discontinuos para disminuir el riesgo del vandalismo y los elementos necesarios para su correcto funcionamiento. ","un",{"v":7,"d":"7.00"},{"v":1139137.13,"d":"$1,139,137.13"},{"v":7973959.909999999,"d":"$7,973,959.91"},null,{"v":7,"d":"7.00"},null,{"v":0,"d":"$0.00"}]
["ESP 17.1.5","17.1.4","Suministro y transporte de Banca - mesa en concreto blanco fungi S de Konkretus o similar ref. 1110-k01. Dimensiones .45*.35 (diámetro x alto), peso 54kg, instalación de sobreponer, se requiere torre grúa para su instalación, ubicación según diseños.","un",{"v":21,"d":"21.00"},{"v":1105674.94,"d":"$1,105,674.94"},{"v":23219173.74,"d":"$23,219,173.74"},null,{"v":21,"d":"21.00"},null,{"v":0,"d":"$0.00"}]
["ESP 17.1.6","17.1.5","Suministro y transporte de Banca ligera Dobbelt Módulo A Konkretus o similar ref. 1254-k01/m04. Dimensiones 1.80*.45*.45 (ancho alto x p), peso 336 kg, instalación de sobreponer, se requiere torre grúa para su instalación, ubicación según diseños.","un",{"v":8,"d":"8.00"},{"v":4053677.44,"d":"$4,053,677.44"},{"v":32429419.52,"d":"$32,429,419.52"},null,{"v":8,"d":"8.00"},null,{"v":0,"d":"$0.00"}]
["ESP 17.1.7","17.1.6","Suministro y transporte de Banca Dobbelt Módulo A con espaldar Konkretus o similar ref. 417K01. Dimensiones 1.80*.79*.45 (ancho alto x p), peso 522 kg, instalación de sobreponer, se requiere torre grúa para su instalación, ubicación según diseños.","un",{"v":6,"d":"6.00"},{"v":3661383.44,"d":"$3,661,383.44"},{"v":21968300.64,"d":"$21,968,300.64"},null,{"v":6,"d":"6.00"},null,{"v":0,"d":"$0.00"}]
["ESP 17.1.8","17.1.7","Suministro y transporte de Banca - mesa en concreto blanco fungi M de Konkretus o similar ref. 1082K01. Dimensiones .90*.40 (diámetro x alto), peso 185 kg, instalación de sobreponer, se requiere torre grúa para su instalación, ubicación según diseños.","un",{"v":11,"d":"11.00"},{"v":2592677.11,"d":"$2,592,677.11"},{"v":28519448.209999997,"d":"$28,519,448.21"},null,{"v":11,"d":"11.00"},null,{"v":0,"d":"$0.00"}]
[]
[null,null,"TOTAL DE EQUIPAMIENTOS URBANOS",{"$nulls":3},{"$f":"SUM(G1650:G1656)","v":{"v":144519518.19,"d":"$144,519,518.19"}},{"$nulls":3},{"$f":"SUM(K1650:K1656)","v":{"v":0,"d":"$0.00"}}]
[]
[null,"17.2.0","EXTERIORES"]
["ESP 17.2.1","17.2.1","Suministro, transporte y colocación de cordón prefabricado de 0.15 x 0.45 x 0.80 m de concreto de 21 Mpa, tres caras, juntas ranurada, referencia Bordillo Barrera Recto Tipo U10 (según M.E.P). Incluye excavación, conformación del terreno, ajustes de concreto o pavimento donde sea necesario, mortero 1:4  de asiento y pega en las longitudes más adecuadas para el desarrollo de la obra, y todo lo necesario para su correcta construcción y funcionamiento. Según diseño.","m",{"v":1157.5396,"d":"1,157.54"},{"v":90239.04,"d":"$90,239.04"},{"$f":"F1661*E1661","v":{"v":104455262.265984,"d":"$104,455,262.27"}},null,{"v":1157.5396,"d":"1,157.54"},null,{"$f":"J1661*I1661","v":{"v":0,"d":"$0.00"}}]
["ESP 17.2.2","17.2.2","Suministro, transporte y colocación de Bordillo rectangular indus. de 0.15 x 0.35 x 0.80 m U50. Incluye excavación, conformación del terreno, ajustes de concreto o pavimento donde sea necesario, mortero 1:4  de asiento y pega en las longitudes más adecuadas para el desarrollo de la obra, y todo lo necesario para su correcta construcción y funcionamiento. Según diseño.","m",{"v":305.2598,"d":"305.26"},{"v":49095.03,"d":"$49,095.03"},{"$f":"F1662*E1662","v":{"v":14986739.038794,"d":"$14,986,739.04"}},null,{"v":305.2598,"d":"305.26"},null,{"$f":"J1662*I1662","v":{"v":0,"d":"$0.00"}}]
[]
[null,null,"TOTAL DE EXTERIORES",{"$nulls":3},{"$f":"SUM(G1661:G1662)","v":{"v":119442001.304778,"d":"$119,442,001.30"}},{"$nulls":3},{"$f":"SUM(K1661:K1662)","v":{"v":0,"d":"$0.00"}}]
[]
[null,"17.3.0","CONCRETOS VARIOS"]
["ESP 17.3.1","17.3.1","Construcción de pedestal de .80 x.60 m para postes de luminarias, por debajo del nivel de la zona verde,  incluye mano de obra, concreto de 21mpa, lleno en base granular, excavación manual, acero, alambre, formaleta y los elementos necesarios para su correcto funcionamiento. ","un",{"v":15,"d":"15.00"},{"v":517972.28,"d":"$517,972.28"},{"$f":"F1667*E1667","v":{"v":7769584.2,"d":"$7,769,584.20"}},null,{"v":15,"d":"15.00"},null,{"$f":"J1667*I1667","v":{"v":0,"d":"$0.00"}}]
["ESP 17.3.2","17.3.2","Construcción de pedestal de .38 x.30 m para basureras, por debajo del nivel de la zona verde,  incluye mano de obra, concreto de 21mpa, lleno, excavación, acero formaleta y los elementos necesarios para su correcto funcionamiento.         ","un",{"v":7,"d":"7.00"},{"v":160061.92,"d":"$160,061.92"},{"$f":"F1668*E1668","v":{"v":1120433.4400000002,"d":"$1,120,433.44"}},null,{"v":7,"d":"7.00"},null,{"$f":"J1668*I1668","v":{"v":0,"d":"$0.00"}}]
[]
[null,null,"TOTAL DE CONCRETOS VARIOS",{"$nulls":3},{"$f":"SUM(G1667:G1668)","v":{"v":8890017.64,"d":"$8,890,017.64"}},{"$nulls":3},{"$f":"SUM(K1667:K1668)","v":{"v":0,"d":"$0.00"}}]
[]
[null,"17.4.0","PISOS EN PREFABRICADO DE CONCRETO"]
["ESP 17.4.1","17.4.1","Colocación de ADOQUÍN TÁCTIL GUÍA O ALERTA 20 x 20 x 6. Color  amarillo marca Indural o equivalente. Para un ancho variables. Incluye suministro y transporte de los adoquines, perfilación, nivelación  del terreno y adecuación de la superficie, mortero 1:4 para la instalación, corte de piezas, arena de sello y todo lo necesario para su correcta construcción y funcionamiento según diseño y recomendaciones del M.E.P.","m",{"v":348.0455,"d":"348.05"},{"v":37547.06,"d":"$37,547.06"},{"$f":"F1673*E1673","v":{"v":13068085.27123,"d":"$13,068,085.27"}},null,{"v":348.0455,"d":"348.05"},null,{"$f":"J1673*I1673","v":{"v":0,"d":"$0.00"}}]
["ESP 17.4.2","17.4.2","Construcción de PISO EN ADOQUÍN EN CONCRETO DE 20x10x6cm COLOR ARENA marca Indural o equivalente. Incluye suministro y transporte de los materiales, cortes a máquina. Seguir recomendación del MEP y patrones de instalación del ICPC. El adoquín deberá resellarse por 2 veces con un lapso de 4 meses luego de su instalación.","m2",{"v":1024.6,"d":"1,024.60"},{"v":225628.23,"d":"$225,628.23"},{"v":231178684.458,"d":"$231,178,684.46"},null,{"v":1024.6,"d":"1,024.60"},null,{"v":0,"d":"$0.00"}]
["ESP 17.4.3","17.4.3","Colocación de ADOQUÍN COLOR AMARILLO de 0,10 x 0,20 x0,06 m. para FRANJA DEMARCADORA VISUAL, marca Indural o equivalente. Incluye suministro y transporte de los materiales, mortero de pega 1:4, malla electro soldada D-50, arena de selle y todos los demás elementos necesarios para su correcta instalación.","m",{"v":86.2479,"d":"86.25"},{"v":18261.94,"d":"$18,261.94"},{"v":1575053.974926,"d":"$1,575,053.97"},null,{"v":86.2479,"d":"86.25"},null,{"v":0,"d":"$0.00"}]
["ESP 17.4.4","17.4.4","Colocación de gramoquin 40 x 40 x 8. Para un ancho variables. Incluye suministro y transporte de los adoquines, perfilación, nivelación  del terreno y adecuación de la superficie, mortero 1:4 para la instalación, corte de piezas, arena de sello y todo lo necesario para su correcta construcción y funcionamiento según diseño.","m2",{"v":5.4,"d":"5.40"},{"v":75199.98,"d":"$75,199.98"},{"v":406079.892,"d":"$406,079.89"},null,{"v":5.4,"d":"5.40"},null,{"v":0,"d":"$0.00"}]
["ESP 17.4.5","17.4.5","Construcción de PISO EN ADOQUÍN EN CONCRETO DE 20x10x8cm COLOR ARENA marca Indural o equivalente, para acceso vehicular. Incluye suministro y transporte de los materiales, cortes a maquina, mortero 1:4 y los demás elementos para su correcto funcionamiento. El adoquín deberá resellarse por 2 veces con un lapso de 4 meses luego de su instalación.","m2",67.35,{"v":248712.48,"d":"$248,712.48"},{"v":16750785.527999999,"d":"$16,750,785.53"},null,67.35,null,{"v":0,"d":"$0.00"}]
[null,"17.4.6","Suministro, transporte instalación de grama para zonas verdes según diseño urbanístico, incluye mano de obra, herramienta, perfilación del terreno, seguridad social, elementos de EPP, y todos los materiales necesarios para su correcta instalación.","m2",{"v":1001.4313,"d":"1,001.43"},{"v":14650,"d":"$14,650.00"},{"v":14670968.545,"d":"$14,670,968.55"},null,{"v":1001.4313,"d":"1,001.43"},null,{"v":0,"d":"$0.00"}]
[]
[null,null,"TOTAL DE PISOS EN PREFABRICADO DE CONCRETO",{"$nulls":3},{"$f":"SUM(G1673:G1677)","v":{"v":262978689.124156,"d":"$262,978,689.12"}},{"$nulls":3},{"$f":"SUM(K1673:K1677)","v":{"v":0,"d":"$0.00"}}]
[1750,null,"VARIOS "]
[]
[null,null,"TOTAL DE URBANISMO",{"$nulls":3},{"$f":"G1680+G1670+G1664+G1658","v":{"v":535830226.25893396,"d":"$535,830,226.26"}},{"$nulls":3},{"$f":"K1680+K1670+K1664+K1658","v":{"v":0,"d":"$0.00"}}]
[]
[null,"18.0.0","SILVICULTURA/MANTENIMIENTOS"]
[]
[null,"18.1.0","ESPECIES ORNAMENTALES"]
["ESP 18.1.1","18.1.1","Suministro, transporte y siembra de especies ornamentales tipo Alocasia corazón  de acuerdo a plano de vegetación propuesta. Incluye excavación del hoyo (según el tamaño de la bolsa), tierra abonada en una capa de 10 cm/m2, especies sanas sin plaga, con buen follaje y enraizado completamente desarrollado y en bolsa (no puede ser a raíz desnuda), hidroretenedor (stockosorb) y garantía de prendimiento. ","un",{"v":54,"d":"54.00"},{"v":26180,"d":"$26,180.00"},{"$f":"F1688*E1688","v":{"v":1413720,"d":"$1,413,720.00"}},null,{"v":54,"d":"54.00"},null,{"$f":"J1688*I1688","v":{"v":0,"d":"$0.00"}}]
["ESP 18.1.2","18.1.2","Suministro, transporte y siembra de especies ornamentales tipo Calathea lancifolia  de acuerdo a plano de vegetación propuesta. Incluye excavación del hoyo (según el tamaño de la bolsa), tierra abonada en una capa de 10 cm/m2, especies sanas sin plaga, con buen follaje y enraizado completamente desarrollado y en bolsa (no puede ser a raíz desnuda), hidroretenedor (stockosorb) y garantía de prendimiento. ","un",{"v":93,"d":"93.00"},{"v":21420,"d":"$21,420.00"},{"v":1992060,"d":"$1,992,060.00"},null,{"v":93,"d":"93.00"},null,{"v":0,"d":"$0.00"}]
["ESP 18.1.3","18.1.3","Suministro, transporte y siembra de especies ornamentales tipo Camarón rastrero rojo  altura 20-30cm de acuerdo a plano de vegetación propuesta. Incluye excavación del hoyo (según el tamaño de la bolsa), tierra abonada en una capa de 10 cm/m2, especies sanas sin plaga, con buen follaje y enraizado completamente desarrollado y en bolsa (no puede ser a raíz desnuda), hidroretenedor (stockosorb) y garantía de prendimiento. ","un",{"v":179,"d":"179.00"},{"v":9282,"d":"$9,282.00"},{"v":1661478,"d":"$1,661,478.00"},null,{"v":179,"d":"179.00"},null,{"v":0,"d":"$0.00"}]
["ESP 18.1.4","18.1.4","Suministro, transporte y siembra de especies ornamentales tipo Carey rojo  de acuerdo a plano de vegetación propuesta. Incluye excavación del hoyo (según el tamaño de la bolsa), tierra abonada en una capa de 10 cm/m2, especies sanas sin plaga, con buen follaje y enraizado completamente desarrollado y en bolsa (no puede ser a raíz desnuda), hidroretenedor (stockosorb) y garantía de prendimiento. ","un",{"v":47,"d":"47.00"},{"v":17850,"d":"$17,850.00"},{"v":838950,"d":"$838,950.00"},null,{"v":47,"d":"47.00"},null,{"v":0,"d":"$0.00"}]
["ESP 18.1.5","18.1.5","Suministro, transporte y siembra de especies ornamentales tipo Carey variegado  de acuerdo a plano de vegetación propuesta. Incluye excavación del hoyo (según el tamaño de la bolsa), tierra abonada en una capa de 10 cm/m2, especies sanas sin plaga, con buen follaje y enraizado completamente desarrollado y en bolsa (no puede ser a raíz desnuda), hidroretenedor (stockosorb) y garantía de prendimiento. ","un",{"v":55,"d":"55.00"},{"v":17850,"d":"$17,850.00"},{"v":981750,"d":"$981,750.00"},null,{"v":55,"d":"55.00"},null,{"v":0,"d":"$0.00"}]
["ESP 18.1.6","18.1.6","Suministro, transporte y siembra de especies ornamentales tipo Centavito  de acuerdo a plano de vegetación propuesta. Incluye excavación del hoyo (según el tamaño de la bolsa), tierra abonada en una capa de 10 cm/m2, especies sanas sin plaga, con buen follaje y enraizado completamente desarrollado y en bolsa (no puede ser a raíz desnuda), hidroretenedor (stockosorb) y garantía de prendimiento. ","un",{"v":246,"d":"246.00"},{"v":7735,"d":"$7,735.00"},{"v":1902810,"d":"$1,902,810.00"},null,{"v":246,"d":"246.00"},null,{"v":0,"d":"$0.00"}]
["ESP 18.1.7","18.1.7","Suministro, transporte y siembra de especies ornamentales tipo Dracena reflexa  de acuerdo a plano de vegetación propuesta. Incluye excavación del hoyo (según el tamaño de la bolsa), tierra abonada en una capa de 10 cm/m2, especies sanas sin plaga, con buen follaje y enraizado completamente desarrollado y en bolsa (no puede ser a raíz desnuda), hidroretenedor (stockosorb) y garantía de prendimiento. ","un",{"v":50,"d":"50.00"},{"v":21420,"d":"$21,420.00"},{"v":1071000,"d":"$1,071,000.00"},null,{"v":50,"d":"50.00"},null,{"v":0,"d":"$0.00"}]
["ESP 18.1.8","18.1.8","Suministro, transporte y siembra de especies ornamentales tipo Helecho lomaria de acuerdo a plano de vegetación propuesta. Incluye excavación del hoyo (según el tamaño de la bolsa), tierra abonada en una capa de 10 cm/m2, especies sanas sin plaga, con buen follaje y enraizado completamente desarrollado y en bolsa (no puede ser a raíz desnuda), hidroretenedor (stockosorb) y garantía de prendimiento. ","un",{"v":80,"d":"80.00"},{"v":16660,"d":"$16,660.00"},{"v":1332800,"d":"$1,332,800.00"},null,{"v":80,"d":"80.00"},null,{"v":0,"d":"$0.00"}]
["ESP 18.1.9","18.1.9","Suministro, transporte y siembra de especies ornamentales tipo Helecho nido liso  de acuerdo a plano de vegetación propuesta. Incluye excavación del hoyo (según el tamaño de la bolsa), tierra abonada en una capa de 10 cm/m2, especies sanas sin plaga, con buen follaje y enraizado completamente desarrollado y en bolsa (no puede ser a raíz desnuda), hidroretenedor (stockosorb) y garantía de prendimiento. ","un",{"v":160,"d":"160.00"},{"v":15470,"d":"$15,470.00"},{"v":2475200,"d":"$2,475,200.00"},null,{"v":160,"d":"160.00"},null,{"v":0,"d":"$0.00"}]
["ESP 18.1.10","18.1.10","Suministro, transporte y siembra de especies ornamentales tipo Helecho peine altura 30-40cm de acuerdo a plano de vegetación propuesta. Incluye excavación del hoyo (según el tamaño de la bolsa), tierra abonada en una capa de 10 cm/m2, especies sanas sin plaga, con buen follaje y enraizado completamente desarrollado y en bolsa (no puede ser a raíz desnuda), hidroretenedor (stockosorb) y garantía de prendimiento. ","un",{"v":106,"d":"106.00"},{"v":5355,"d":"$5,355.00"},{"v":567630,"d":"$567,630.00"},null,{"v":106,"d":"106.00"},null,{"v":0,"d":"$0.00"}]
["ESP 18.1.11","18.1.11","Suministro, transporte y siembra de especies ornamentales tipo Hiedra común  de acuerdo a plano de vegetación propuesta. Incluye excavación del hoyo (según el tamaño de la bolsa), tierra abonada en una capa de 10 cm/m2, especies sanas sin plaga, con buen follaje y enraizado completamente desarrollado y en bolsa (no puede ser a raíz desnuda), hidroretenedor (stockosorb) y garantía de prendimiento. ","un",{"v":263,"d":"263.00"},{"v":3570,"d":"$3,570.00"},{"v":938910,"d":"$938,910.00"},null,{"v":263,"d":"263.00"},null,{"v":0,"d":"$0.00"}]
["ESP 18.1.12","18.1.12","Suministro, transporte y siembra de especies ornamentales tipo Iris Africano altura 30-40cm de acuerdo a plano de vegetación propuesta. Incluye excavación del hoyo (según el tamaño de la bolsa), tierra abonada en una capa de 10 cm/m2, especies sanas sin plaga, con buen follaje y enraizado completamente desarrollado y en bolsa (no puede ser a raíz desnuda), hidroretenedor (stockosorb) y garantía de prendimiento. ","un",{"v":113,"d":"113.00"},{"v":4760,"d":"$4,760.00"},{"v":537880,"d":"$537,880.00"},null,{"v":113,"d":"113.00"},null,{"v":0,"d":"$0.00"}]
["ESP 18.1.13","18.1.13","Suministro, transporte y siembra de especies ornamentales tipo lavanda  de acuerdo a plano de vegetación propuesta. Incluye excavación del hoyo (según el tamaño de la bolsa), tierra abonada en una capa de 10 cm/m2, especies sanas sin plaga, con buen follaje y enraizado completamente desarrollado y en bolsa (no puede ser a raíz desnuda), hidroretenedor (stockosorb) y garantía de prendimiento. ","un",{"v":68,"d":"68.00"},{"v":8925,"d":"$8,925.00"},{"v":606900,"d":"$606,900.00"},null,{"v":68,"d":"68.00"},null,{"v":0,"d":"$0.00"}]
["ESP 18.1.14","18.1.14","Suministro, transporte y siembra de especies ornamentales tipo Lino verde  de acuerdo a plano de vegetación propuesta. Incluye excavación del hoyo (según el tamaño de la bolsa), tierra abonada en una capa de 10 cm/m2, especies sanas sin plaga, con buen follaje y enraizado completamente desarrollado y en bolsa (no puede ser a raíz desnuda), hidroretenedor (stockosorb) y garantía de prendimiento. ","un",{"v":117,"d":"117.00"},{"v":21420,"d":"$21,420.00"},{"v":2506140,"d":"$2,506,140.00"},null,{"v":117,"d":"117.00"},null,{"v":0,"d":"$0.00"}]
["ESP 18.1.15","18.1.15","Suministro, transporte y siembra de especies ornamentales tipo Liriope verde  de acuerdo a plano de vegetación propuesta. Incluye excavación del hoyo (según el tamaño de la bolsa), tierra abonada en una capa de 10 cm/m2, especies sanas sin plaga, con buen follaje y enraizado completamente desarrollado y en bolsa (no puede ser a raíz desnuda), hidroretenedor (stockosorb) y garantía de prendimiento. ","un",{"v":161,"d":"161.00"},{"v":3808,"d":"$3,808.00"},{"v":613088,"d":"$613,088.00"},null,{"v":161,"d":"161.00"},null,{"v":0,"d":"$0.00"}]
["ESP 18.1.16","18.1.16","Suministro, transporte y siembra de especies ornamentales tipo Malamadre  de acuerdo a plano de vegetación propuesta. Incluye excavación del hoyo (según el tamaño de la bolsa), tierra abonada en una capa de 10 cm/m2, especies sanas sin plaga, con buen follaje y enraizado completamente desarrollado y en bolsa (no puede ser a raíz desnuda), hidroretenedor (stockosorb) y garantía de prendimiento. ","un",{"v":159,"d":"159.00"},{"v":7735,"d":"$7,735.00"},{"v":1229865,"d":"$1,229,865.00"},null,{"v":159,"d":"159.00"},null,{"v":0,"d":"$0.00"}]
["ESP 18.1.17","18.1.17","Suministro, transporte y siembra de especies ornamentales tipo Maní forrajero  de acuerdo a plano de vegetación propuesta. Incluye excavación del hoyo (según el tamaño de la bolsa), tierra abonada en una capa de 10 cm/m2, especies sanas sin plaga, con buen follaje y enraizado completamente desarrollado y en bolsa (no puede ser a raíz desnuda), hidroretenedor (stockosorb) y garantía de prendimiento. ","un",{"v":403,"d":"403.00"},{"v":1309,"d":"$1,309.00"},{"v":527527,"d":"$527,527.00"},null,{"v":403,"d":"403.00"},null,{"v":0,"d":"$0.00"}]
["ESP 18.1.18","18.1.18","Suministro, transporte y siembra de especies ornamentales tipo Mejorana  de acuerdo a plano de vegetación propuesta. Incluye excavación del hoyo (según el tamaño de la bolsa), tierra abonada en una capa de 10 cm/m2, especies sanas sin plaga, con buen follaje y enraizado completamente desarrollado y en bolsa (no puede ser a raíz desnuda), hidroretenedor (stockosorb) y garantía de prendimiento. ","un",{"v":131,"d":"131.00"},{"v":8758,"d":"$8,758.00"},{"v":1147298,"d":"$1,147,298.00"},null,{"v":131,"d":"131.00"},null,{"v":0,"d":"$0.00"}]
["ESP 18.1.19","18.1.19","Suministro, transporte y siembra de especies ornamentales tipo Miami variegado  de acuerdo a plano de vegetación propuesta. Incluye excavación del hoyo (según el tamaño de la bolsa), tierra abonada en una capa de 10 cm/m2, especies sanas sin plaga, con buen follaje y enraizado completamente desarrollado y en bolsa (no puede ser a raíz desnuda), hidroretenedor (stockosorb) y garantía de prendimiento. ","un",{"v":290,"d":"290.00"},{"v":23205,"d":"$23,205.00"},{"v":6729450,"d":"$6,729,450.00"},null,{"v":290,"d":"290.00"},null,{"v":0,"d":"$0.00"}]
["ESP 18.1.20","18.1.20","Suministro, transporte y siembra de especies ornamentales tipo Miami verde  altura 10cm de acuerdo a plano de vegetación propuesta. Incluye excavación del hoyo (según el tamaño de la bolsa), tierra abonada en una capa de 10 cm/m2, especies sanas sin plaga, con buen follaje y enraizado completamente desarrollado y en bolsa (no puede ser a raíz desnuda), hidroretenedor (stockosorb) y garantía de prendimiento. ","un",{"v":396,"d":"396.00"},{"v":11305,"d":"$11,305.00"},{"v":4476780,"d":"$4,476,780.00"},null,{"v":396,"d":"396.00"},null,{"v":0,"d":"$0.00"}]
["ESP 18.1.21","18.1.21","Suministro, transporte y siembra de especies ornamentales tipo Milenrama de acuerdo a plano de vegetación propuesta. Incluye excavación del hoyo (según el tamaño de la bolsa), tierra abonada en una capa de 10 cm/m2, especies sanas sin plaga, con buen follaje y enraizado completamente desarrollado y en bolsa (no puede ser a raíz desnuda), hidroretenedor (stockosorb) y garantía de prendimiento. ","un",{"v":137,"d":"137.00"},{"v":17850,"d":"$17,850.00"},{"v":2445450,"d":"$2,445,450.00"},null,{"v":137,"d":"137.00"},null,{"v":0,"d":"$0.00"}]
["ESP 18.1.22","18.1.22","Suministro, transporte y siembra de especies ornamentales tipo Orégano  de acuerdo a plano de vegetación propuesta. Incluye excavación del hoyo (según el tamaño de la bolsa), tierra abonada en una capa de 10 cm/m2, especies sanas sin plaga, con buen follaje y enraizado completamente desarrollado y en bolsa (no puede ser a raíz desnuda), hidroretenedor (stockosorb) y garantía de prendimiento. ","un",{"v":137,"d":"137.00"},{"v":5712,"d":"$5,712.00"},{"v":782544,"d":"$782,544.00"},null,{"v":137,"d":"137.00"},null,{"v":0,"d":"$0.00"}]
["ESP 18.1.23","18.1.23","Suministro, transporte y siembra de especies ornamentales tipo Sinvergüenza  de acuerdo a plano de vegetación propuesta. Incluye excavación del hoyo (según el tamaño de la bolsa), tierra abonada en una capa de 10 cm/m2, especies sanas sin plaga, con buen follaje y enraizado completamente desarrollado y en bolsa (no puede ser a raíz desnuda), hidroretenedor (stockosorb) y garantía de prendimiento. ","un",{"v":88,"d":"88.00"},{"v":6545,"d":"$6,545.00"},{"v":575960,"d":"$575,960.00"},null,{"v":88,"d":"88.00"},null,{"v":0,"d":"$0.00"}]
["ESP 18.1.24","18.1.24","Suministro, transporte y siembra de especies ornamentales tipo Piropo  de acuerdo a plano de vegetación propuesta. Incluye excavación del hoyo (según el tamaño de la bolsa), tierra abonada en una capa de 10 cm/m2, especies sanas sin plaga, con buen follaje y enraizado completamente desarrollado y en bolsa (no puede ser a raíz desnuda), hidroretenedor (stockosorb) y garantía de prendimiento. ","un",{"v":131,"d":"131.00"},{"v":27489,"d":"$27,489.00"},{"v":3601059,"d":"$3,601,059.00"},null,{"v":131,"d":"131.00"},null,{"v":0,"d":"$0.00"}]
["ESP 18.1.25","18.1.25","Suministro, transporte y siembra de especies ornamentales tipo Sábila de acuerdo a plano de vegetación propuesta. Incluye excavación del hoyo (según el tamaño de la bolsa), tierra abonada en una capa de 10 cm/m2, especies sanas sin plaga, con buen follaje y enraizado completamente desarrollado y en bolsa (no puede ser a raíz desnuda), hidroretenedor (stockosorb) y garantía de prendimiento. ","un",{"v":49,"d":"49.00"},{"v":6902,"d":"$6,902.00"},{"v":338198,"d":"$338,198.00"},null,{"v":49,"d":"49.00"},null,{"v":0,"d":"$0.00"}]
["ESP 18.1.26","18.1.26","Suministro, transporte y siembra de especies ornamentales tipo Roheo de acuerdo a plano de vegetación propuesta. Incluye excavación del hoyo (según el tamaño de la bolsa), tierra abonada en una capa de 10 cm/m2, especies sanas sin plaga, con buen follaje y enraizado completamente desarrollado y en bolsa (no puede ser a raíz desnuda), hidroretenedor (stockosorb) y garantía de prendimiento. ","un",{"v":97,"d":"97.00"},{"v":5593,"d":"$5,593.00"},{"v":542521,"d":"$542,521.00"},null,{"v":97,"d":"97.00"},null,{"v":0,"d":"$0.00"}]
["ESP 18.1.27","18.1.27","Suministro, transporte y siembra de especies ornamentales tipo Sabillón de acuerdo a plano de vegetación propuesta. Incluye excavación del hoyo (según el tamaño de la bolsa), tierra abonada en una capa de 10 cm/m2, especies sanas sin plaga, con buen follaje y enraizado completamente desarrollado y en bolsa (no puede ser a raíz desnuda), hidroretenedor (stockosor) y garantía de prendimiento. ","un",{"v":97,"d":"97.00"},{"v":11781,"d":"$11,781.00"},{"v":1142757,"d":"$1,142,757.00"},null,{"v":97,"d":"97.00"},null,{"v":0,"d":"$0.00"}]
["ESP 18.1.28","18.1.28","Suministro, transporte y siembra de especies ornamentales tipo Zebrina de acuerdo a plano de vegetación propuesta. Incluye excavación del hoyo (según el tamaño de la bolsa), tierra abonada en una capa de 10 cm/m2, especies sanas sin plaga, con buen follaje y enraizado completamente desarrollado y en bolsa (no puede ser a raíz desnuda), hidroretenedor (stockosorb) y garantía de prendimiento. ","un",{"v":98,"d":"98.00"},{"v":19635,"d":"$19,635.00"},{"v":1924230,"d":"$1,924,230.00"},null,{"v":98,"d":"98.00"},null,{"v":0,"d":"$0.00"}]
["ESP 18.1.29","18.1.29","Suministro, transporte y siembra de especies ornamentales tipo Uvo ruso altura  3 - 5 cm de acuerdo a plano de vegetación propuesta. Incluye excavación del hoyo (según el tamaño de la bolsa), tierra abonada en una capa de 10 cm/m2, especies sanas sin plaga, con buen follaje y enraizado completamente desarrollado y en bolsa (no puede ser a raíz desnuda), hidroretenedor (stockosorb) y garantía de prendimiento. ","un",{"v":281,"d":"281.00"},{"v":11305,"d":"$11,305.00"},{"v":3176705,"d":"$3,176,705.00"},null,{"v":281,"d":"281.00"},null,{"v":0,"d":"$0.00"}]
["ESP 18.1.30","18.1.30","Suministro, transporte y siembra de especies ornamentales tipo Wedelia altura 10-20 cm de acuerdo a plano de vegetación propuesta. Incluye excavación del hoyo (según el tamaño de la bolsa), tierra abonada en una capa de 10 cm/m2, especies sanas sin plaga, con buen follaje y enraizado completamente desarrollado y en bolsa (no puede ser a raíz desnuda), hidroretenedor (stockosorb) y garantía de prendimiento. ","un",{"v":182,"d":"182.00"},{"v":2975,"d":"$2,975.00"},{"v":541450,"d":"$541,450.00"},null,{"v":182,"d":"182.00"},null,{"v":0,"d":"$0.00"}]
["ESP 18.1.31","18.1.31","Suministro, transporte y siembra de especies ornamentales tipo Pilea aluminio de acuerdo a plano de vegetación propuesta. Incluye excavación del hoyo (según el tamaño de la bolsa), tierra abonada en una capa de 10 cm/m2, especies sanas sin plaga, con buen follaje y enraizado completamente desarrollado y en bolsa (no puede ser a raíz desnuda), hidroretenedor (stockosorb) y garantía de prendimiento. ","un",{"v":246,"d":"246.00"},{"v":17850,"d":"$17,850.00"},{"v":4391100,"d":"$4,391,100.00"},null,{"v":246,"d":"246.00"},null,{"v":0,"d":"$0.00"}]
["ESP 18.1.32","18.1.32","Suministro, transporte y siembra de especies ornamentales tipo vinca de acuerdo a plano de vegetación propuesta. Incluye excavación del hoyo (según el tamaño de la bolsa), tierra abonada en una capa de 10 cm/m2, especies sanas sin plaga, con buen follaje y enraizado completamente desarrollado y en bolsa (no puede ser a raíz desnuda), hidroretenedor (stockosorb) y garantía de prendimiento. ","un",{"v":239,"d":"239.00"},{"v":5712,"d":"$5,712.00"},{"v":1365168,"d":"$1,365,168.00"},null,{"v":239,"d":"239.00"},null,{"v":0,"d":"$0.00"}]
["ESP 18.1.33","18.1.33","Suministro, transporte y siembra de especies ornamentales tipo Uña de gato de acuerdo a plano de vegetación propuesta. Incluye excavación del hoyo (según el tamaño de la bolsa), tierra abonada en una capa de 10 cm/m2, especies sanas sin plaga, con buen follaje y enraizado completamente desarrollado y en bolsa (no puede ser a raíz desnuda), hidroretenedor (stockosorb) y garantía de prendimiento. ","un",{"v":61,"d":"61.00"},{"v":4165,"d":"$4,165.00"},{"v":254065,"d":"$254,065.00"},null,{"v":61,"d":"61.00"},null,{"v":0,"d":"$0.00"}]
["ESP 18.1.34","18.1.34","Suministro, transporte y siembra de especies ornamentales tipo Mafafa verde altura 80cm de acuerdo a plano de vegetación propuesta. Incluye excavación del hoyo (según el tamaño de la bolsa), tierra abonada en una capa de 10 cm/m2, especies sanas sin plaga, con buen follaje y enraizado completamente desarrollado y en bolsa (no puede ser a raíz desnuda), hidroretenedor (stockosorb) y garantía de prendimiento. ","un",{"v":6,"d":"6.00"},{"v":92820,"d":"$92,820.00"},{"v":556920,"d":"$556,920.00"},null,{"v":6,"d":"6.00"},null,{"v":0,"d":"$0.00"}]
["ESP 18.1.35","18.1.35","Suministro, transporte y siembra de especies ornamentales tipo Filodendro Selloum altura 30 - 40 cm de acuerdo a plano de vegetación propuesta. Incluye excavación del hoyo (según el tamaño de la bolsa), tierra abonada en una capa de 10 cm/m2, especies sanas sin plaga, con buen follaje y enraizado completamente desarrollado y en bolsa (no puede ser a raíz desnuda), hidroretenedor (stockosorb) y garantía de prendimiento. ","un",{"v":3,"d":"3.00"},{"v":14042,"d":"$14,042.00"},{"v":42126,"d":"$42,126.00"},null,{"v":3,"d":"3.00"},null,{"v":0,"d":"$0.00"}]
["ESP 18.1.36","18.1.36","Suministro, transporte y siembra de especies ornamentales tipo Heliconia choconiana altura 40 - 60 cm de acuerdo a plano de vegetación propuesta. Incluye excavación del hoyo (según el tamaño de la bolsa), tierra abonada en una capa de 10 cm/m2, especies sanas sin plaga, con buen follaje y enraizado completamente desarrollado y en bolsa (no puede ser a raíz desnuda), hidroretenedor (stockosorb) y garantía de prendimiento. ","un",{"v":6,"d":"6.00"},{"v":10591,"d":"$10,591.00"},{"v":63546,"d":"$63,546.00"},null,{"v":6,"d":"6.00"},null,{"v":0,"d":"$0.00"}]
["ESP 18.1.37","18.1.37","Suministro, transporte y siembra de especies ornamentales tipo Bijao altura 40 - 60 cm de acuerdo a plano de vegetación propuesta. Incluye excavación del hoyo (según el tamaño de la bolsa), tierra abonada en una capa de 10 cm/m2, especies sanas sin plaga, con buen follaje y enraizado completamente desarrollado y en bolsa (no puede ser a raíz desnuda), hidroretenedor (stockosorb) y garantía de prendimiento. ","un",{"v":3,"d":"3.00"},{"v":23562,"d":"$23,562.00"},{"v":70686,"d":"$70,686.00"},null,{"v":3,"d":"3.00"},null,{"v":0,"d":"$0.00"}]
["ESP 18.1.38","18.1.38","Suministro, transporte y siembra de especies ornamentales tipo Malamadre Neomatica gracilis altura 20 - 40 cm de acuerdo a plano de vegetación propuesta. Incluye excavación del hoyo (según el tamaño de la bolsa), tierra abonada en una capa de 10 cm/m2, especies sanas sin plaga, con buen follaje y enraizado completamente desarrollado y en bolsa (no puede ser a raíz desnuda), hidroretenedor (stockosorb) y garantía de prendimiento. ","un",{"v":6,"d":"6.00"},{"v":8092,"d":"$8,092.00"},{"v":48552,"d":"$48,552.00"},null,{"v":6,"d":"6.00"},null,{"v":0,"d":"$0.00"}]
["ESP 18.1.39","18.1.39","Suministro, transporte y siembra de especies ornamentales tipo Helecho costeño altura 20 - 30 cm de acuerdo a plano de vegetación propuesta. Incluye excavación del hoyo (según el tamaño de la bolsa), tierra abonada en una capa de 10 cm/m2, especies sanas sin plaga, con buen follaje y enraizado completamente desarrollado y en bolsa (no puede ser a raíz desnuda), hidroretenedor (stockosorb) y garantía de prendimiento.","un",{"v":6,"d":"6.00"},{"v":29631,"d":"$29,631.00"},{"v":177786,"d":"$177,786.00"},null,{"v":6,"d":"6.00"},null,{"v":0,"d":"$0.00"}]
["ESP 18.1.40","18.1.40","Suministro, transporte y siembra de especies ornamentales tipo Filodendro cordatum altura 10  cm de acuerdo a plano de vegetación propuesta. Incluye excavación del hoyo (según el tamaño de la bolsa), tierra abonada en una capa de 10 cm/m2, especies sanas sin plaga, con buen follaje y enraizado completamente desarrollado y en bolsa (no puede ser a raíz desnuda), hidroretenedor (stockosorb) y garantía de prendimiento.","un",{"v":18,"d":"18.00"},{"v":12852,"d":"$12,852.00"},{"v":231336,"d":"$231,336.00"},null,{"v":18,"d":"18.00"},null,{"v":0,"d":"$0.00"}]
["ESP 18.1.41","18.1.41","Suministro, transporte y siembra de especies ornamentales tipo Bore altura 30-50  cm de acuerdo a plano de vegetación propuesta. Incluye excavación del hoyo (según el tamaño de la bolsa), tierra abonada en una capa de 10 cm/m2, especies sanas sin plaga, con buen follaje y enraizado completamente desarrollado y en bolsa (no puede ser a raíz desnuda), hidroretenedor (stockosorb) y garantía de prendimiento.","un",{"v":6,"d":"6.00"},{"v":11186,"d":"$11,186.00"},{"v":67116,"d":"$67,116.00"},null,{"v":6,"d":"6.00"},null,{"v":0,"d":"$0.00"}]
["ESP 18.1.42","18.1.42","Suministro, transporte y siembra de especies ornamentales tipo Papiro umbrella  altura 60-80  cm de acuerdo a plano de vegetación propuesta. Incluye excavación del hoyo (según el tamaño de la bolsa), tierra abonada en una capa de 10 cm/m2, especies sanas sin plaga, con buen follaje y enraizado completamente desarrollado y en bolsa (no puede ser a raíz desnuda), hidroretenedor (stockosorb) y garantía de prendimiento.","un",{"v":3,"d":"3.00"},{"v":9164,"d":"$9,164.00"},{"v":27492,"d":"$27,492.00"},null,{"v":3,"d":"3.00"},null,{"v":0,"d":"$0.00"}]
["ESP 18.1.43","18.1.43","Suministro, transporte y siembra de especies ornamentales tipo ginger rojo  altura 40-60  cm de acuerdo a plano de vegetación propuesta. Incluye excavación del hoyo (según el tamaño de la bolsa), tierra abonada en una capa de 10 cm/m2, especies sanas sin plaga, con buen follaje y enraizado completamente desarrollado y en bolsa (no puede ser a raíz desnuda), hidroretenedor (stockosorb) y garantía de prendimiento.","un",{"v":6,"d":"6.00"},{"v":20111,"d":"$20,111.00"},{"v":120666,"d":"$120,666.00"},null,{"v":6,"d":"6.00"},null,{"v":0,"d":"$0.00"}]
["ESP 18.1.44","18.1.44","Suministro, transporte y siembra de especies ornamentales tipo carey tricolor  altura 40  cm de acuerdo a plano de vegetación propuesta. Incluye excavación del hoyo (según el tamaño de la bolsa), tierra abonada en una capa de 10 cm/m2, especies sanas sin plaga, con buen follaje y enraizado completamente desarrollado y en bolsa (no puede ser a raíz desnuda), hidroretenedor (stockosorb) y garantía de prendimiento.","un",{"v":6,"d":"6.00"},{"v":17731,"d":"$17,731.00"},{"v":106386,"d":"$106,386.00"},null,{"v":6,"d":"6.00"},null,{"v":0,"d":"$0.00"}]
["ESP 18.1.45","18.1.45","Suministro, transporte y siembra de especies ornamentales tipo Ivy Parra  altura 15-20  cm de acuerdo a plano de vegetación propuesta. Incluye excavación del hoyo (según el tamaño de la bolsa), tierra abonada en una capa de 10 cm/m2, especies sanas sin plaga, con buen follaje y enraizado completamente desarrollado y en bolsa (no puede ser a raíz desnuda), hidroretenedor (stockosorb) y garantía de prendimiento.","un",{"v":18,"d":"18.00"},{"v":3451,"d":"$3,451.00"},{"v":62118,"d":"$62,118.00"},null,{"v":18,"d":"18.00"},null,{"v":0,"d":"$0.00"}]
[]
[null,null,"TOTAL DE ESPECIES ORNAMENTALES",{"$nulls":3},{"$f":"SUM(G1688:G1732)","v":{"v":56207173,"d":"$56,207,173.00"}},{"$nulls":3},{"$f":"SUM(K1688:K1732)","v":{"v":0,"d":"$0.00"}}]
[]
[null,"18.2.0","ESPECIES MAYORES"]
["ESP 18.2.1","18.2.1","Suministro, transporte y siembra de árboles para reposición arbórea según ficha técnica del proyecto, incluye las siguientes especies: Arizá (cant 4 ), Navajuelo (cant 6),Vara blanca  (cant 7), Uvito  (cant 2 ),coralillo (cant 8), uvito de monte (cant 7),bencenuco (cant 6), Palma amarga  (cant 2), Palma mariposa (cant 2),  incluye geolocalización de árboles en planos, informe de siembra y presentación ante el AMVA Y SAU, seguridad social y EPP.","un",{"v":44,"d":"44.00"},{"v":256001.26,"d":"$256,001.26"},{"$f":"F1737*E1737","v":{"v":11264055.440000001,"d":"$11,264,055.44"}},null,{"v":44,"d":"44.00"},null,{"$f":"J1737*I1737","v":{"v":0,"d":"$0.00"}}]
[]
[null,null,"TOTAL DE ESPECIES MAYORES",{"$nulls":3},{"$f":"G1737","v":{"v":11264055.440000001,"d":"$11,264,055.44"}},{"$nulls":3},{"$f":"K1737","v":{"v":0,"d":"$0.00"}}]
[]
[null,"18.3.0","TALA Y TRASPLANTE DE ÁRBOLES"]
["ESP 18.3.1","18.3.1","TALA, cargue y retiro de ÁRBOLES bajo cualquier condición, ALTURA variable y DAP variable (8 unidades). Transporte y disposición final de los residuos vegetales en planta chipeadora, certificado de disposición final en planta chipeadora donde  indiquen las autoridades competentes y la interventoría, Informe de servicio. (Antes, durante y después), registro fotográfico. Se realizará en aquellos árboles que dada su ubicación interfieren con el proyecto o que ofrezcan algún riesgo para la comunidad y que no justifique su trasplante. Según definición del Plan de Manejo Arbóreo.","glo",{"v":1,"d":"1.00"},{"v":12673500,"d":"$12,673,500.00"},{"$f":"F1742*E1742","v":{"v":12673500,"d":"$12,673,500.00"}},null,{"v":1,"d":"1.00"},null,{"$f":"J1742*I1742","v":{"v":0,"d":"$0.00"}}]
[]
[null,null,"TOTAL DE TALA Y TRASPLANTE DE ÁRBOLES",{"$nulls":3},{"$f":"G1742","v":{"v":12673500,"d":"$12,673,500.00"}},{"$nulls":3},{"$f":"K1742","v":{"v":0,"d":"$0.00"}}]
[]
[null,"18.4.0","VARIOS SILVICULTURA"]
["ESP 18.4.1","18.4.1","Suministro e instalación de mueble de separador de espacios en estructura metálica para vegetación y espacio de almacenamiento (materas  en metal). Dimensiones generales: 220 x 120 x 70 cm,según detalle arquitectónico","un",{"v":4,"d":"4.00"},{"v":2825311,"d":"$2,825,311.00"},{"$f":"F1747*E1747","v":{"v":11301244,"d":"$11,301,244.00"}},null,{"v":4,"d":"4.00"},null,{"$f":"J1747*I1747","v":{"v":0,"d":"$0.00"}}]
["ESP 18.4.2","18.4.2","Suministro e instalación de mueble de separador de espacios en estructura metálica para vegetación y espacio de almacenamiento (materas  en metal). Dimensiones generales: 270 x 120 x 70 cm,según detalle arquitectónico","un",{"v":0,"d":"0.00"},{"v":3444111,"d":"$3,444,111.00"},{"v":0,"d":"$0.00"},null,{"v":0,"d":"0.00"},null,{"v":0,"d":"$0.00"}]
["ESP 18.4.3","18.4.3","Suministro e instalación de mueble de separador de espacios en estructura metálica para vegetación y espacio de almacenamiento (materas  en metal). Dimensiones generales: 270 x 120 x 50 cm,según detalle arquitectónico","un",{"v":8,"d":"8.00"},{"v":3420311,"d":"$3,420,311.00"},{"v":27362488,"d":"$27,362,488.00"},null,{"v":8,"d":"8.00"},null,{"v":0,"d":"$0.00"}]
["ESP 18.4.4","18.4.4","Suministro e instalación de mueble de separador de espacios en estructura metálica para vegetación y espacio de almacenamiento (materas  en metal). Dimensiones generales:150 x 120 x 50 cm,según detalle arquitectónico","un",{"v":1,"d":"1.00"},{"v":2141061,"d":"$2,141,061.00"},{"v":2141061,"d":"$2,141,061.00"},null,{"v":1,"d":"1.00"},null,{"v":0,"d":"$0.00"}]
["ESP 18.4.5","18.4.5","Suministro e instalación de mueble de separador de espacios en estructura metálica para vegetación y espacio de almacenamiento (materas  en metal). Dimensiones generales: 255 x 120 x 50 cm,según detalle arquitectónico","un",{"v":4,"d":"4.00"},{"v":3289411,"d":"$3,289,411.00"},{"v":13157644,"d":"$13,157,644.00"},null,{"v":4,"d":"4.00"},null,{"v":0,"d":"$0.00"}]
["ESP 18.4.6","18.4.6","Jardinera de concreto vaciado de 2.5 cm de calibre. Losa interna a 50 cm, desde la parte superior. Altura total de la matera 80 cm. Largo de 124 cm; ancho de 50 cm. Con soportes de 5 cm de altura para levantar matera del piso. Pasamanos en ángulos pernado al concreto. Acabado en concreto pigmentado color QUINOA 216 Referencia carta de color de pinturas macy. Peso aproximado de cada matera: 115 Kilos","un",{"v":253,"d":"253.00"},{"v":2017301,"d":"$2,017,301.00"},{"v":510377153,"d":"$510,377,153.00"},null,{"v":253,"d":"253.00"},null,{"v":0,"d":"$0.00"}]
["ESP 18.4.7","18.4.7","Suministro, transporte e instalación de sistema de riego en terraza\npiso 4, terraza piso 5 y azotea. Incluye Controlador de riego automático llave boca manguera de baterías, Accesorios del controlador y batería, Manguera 16 mm tipo dripnet, Accesorios 16 mm (Racord, tee, uniones, codo, estacas..). Abrazadera de cremallera. Mano de obra","m",{"v":670,"d":"670.00"},{"v":16519,"d":"$16,519.00"},{"v":11067730,"d":"$11,067,730.00"},null,{"v":670,"d":"670.00"},null,{"v":0,"d":"$0.00"}]
[null,"18.4.8","Suministro e instalación de mueble de separador de espacios en estructura metálica para vegetación y espacio de almacenamiento (materas  en metal). Dimensiones generales:126 x 60 x 70 cm,según detalle arquitectónico","un",{"v":10,"d":"10.00"},{"v":1428000,"d":"$1,428,000.00"},{"v":14280000,"d":"$14,280,000.00"},null,{"v":10,"d":"10.00"},null,{"v":0,"d":"$0.00"}]
[null,"18.4.9","Suministro e instalación de mueble de separador de espacios en estructura metálica para vegetación y espacio de almacenamiento (materas  en metal). Dimensiones generales:47 x 80 x 50 cm,según detalle arquitectónico","un",{"v":1,"d":"1.00"},{"v":940100,"d":"$940,100.00"},{"v":940100,"d":"$940,100.00"},null,{"v":1,"d":"1.00"},null,{"v":0,"d":"$0.00"}]
[]
[null,null,"TOTAL DE VARIOS SILVICULTURA",{"$nulls":3},{"$f":"SUM(G1747:G1755)","v":{"v":590627420,"d":"$590,627,420.00"}},{"$nulls":3},{"$f":"SUM(K1747:K1755)","v":{"v":0,"d":"$0.00"}}]
[]
[null,null,"TOTAL DE SILVICULTURA/MANTENIMIENTOS",{"$nulls":3},{"$f":"SUM(G1757+G1744+G1739+G1734)","v":{"v":670772148.44,"d":"$670,772,148.44"}},{"$nulls":3},{"$f":"SUM(K1757+K1744+K1739+K1734)","v":{"v":0,"d":"$0.00"}}]
[]
[null,"19.0.0","VÍAS Y PARQUEADERO"]
[]
[null,"19.1.0","VÍAS Y PARQUEADEROS"]
["ESP 19.1.1","19.1.1","Colocación de topellantas prefabricados de 30 x 60 cm. sin pintar. Incluye el suministro y transporte de los topellantas, mortero de pega 1:5 y aditivo tipo Sikadur 32 o equivalente ( adhesivo epóxico para pega de concreto nuevo o endurecido a una dosificación de 0.08 kg/un) y todos los demás elementos necesarios para su correcta instalación y funcionamiento.","un",{"v":140,"d":"140.00"},{"v":76430.5,"d":"$76,430.50"},{"$f":"F1764*E1764","v":{"v":10700270,"d":"$10,700,270.00"}},null,{"v":140,"d":"140.00"},null,{"$f":"J1764*I1764","v":{"v":0,"d":"$0.00"}}]
["ESP 19.1.2","19.1.2","Construcción de ANDEN Concreto premezclado 21 Mpa (3000 PSI) con e= 0.07 cm. Las juntas de dilatación deben ser de 5x5mm y estar espaciadas máximo cada 2.00m, se deben sellar con SikaFlex 1A Plus o similar. Incluye suministro, transporte y vaciado del concreto, formaleta, desmoldante, vibrado, antisol, malla electrosoldada D84, SikaFlex 1A plus y todo lo necesario para su correcta construcción.  Se ejecutarán los rebajes que sean necesarios para garantizar el acceso de los discapacitados  necesarias en los lugares que indique la interventoría y/o la entidad. ","m2",450.75,{"v":191133.9,"d":"$191,133.90"},{"$f":"F1765*E1765","v":{"v":86153605.425,"d":"$86,153,605.43"}},null,450.75,null,{"$f":"J1765*I1765","v":{"v":0,"d":"$0.00"}}]
["ESP 19.1.3","19.1.3","Suministro, transporte e instalación de barrera en U, para protección vehicular, fabricada en tubería de 6\" de diámetro en espesor de 6mm, incluye platina de anclaje de forma circular de 380 mm en platina con espesor de 16mm,con 8 anclajes de 1/2\" x 300 mm de profundidad y epóxico referencia Hiltin HY 200 , soldaduras y acabado de presentación, anclajes y pernos a estructura de concreto. Todos los elementos deben llevar pintura anticorrosiva, y acabado en esmalte base aceite color por definir, Incluye todo lo necesario para su correcta instalación, funcionamiento y estabilidad, según diseño. Incluye suministro los consumibles, soldadura eléctrica 60/11\" Y 7018 X 1/8\",personal técnico calificado y transporte de todos los materiales al Proyecto. No incluye otros elementos adicionales que no se encuentren en cotización, pruebas de empuje, ni ensayos de soldadura como son radiografías o rayo x , ni tintas penetrantes, suministro e instalación de vaciados de concreto ni ningún tipo de obra Civil, El retiro de la vegetación o objetos que impida hacer los trabajos, está irá por la parte Contratante, costo de plantas eléctricas , ni equipos para realizar trabajos en alturas, ni personal set tiempo completo, deterioro de materiales en caso que en el medio ambiente se presente elementos nocivos que generen una alteración física al producto como agentes químicos no compatibles con los materiales instalados, daños por golpes y daños generados por una mala manipulación, almacenamiento, instalaciones adicionales en el proyecto, daños por eventos naturales catalogados como sismos y huracanes, ni tampoco por vandalismo generados en el proyecto.","un",{"v":15,"d":"15.00"},{"v":807012,"d":"$807,012.00"},{"$f":"F1766*E1766","v":{"v":12105180,"d":"$12,105,180.00"}},null,{"v":15,"d":"15.00"},null,{"$f":"J1766*I1766","v":{"v":0,"d":"$0.00"}}]
["ESP 19.1.4","19.1.4","Suministro e instalación de MEZCLA SEMIDENSA EN CALIENTE (MSC-19) CON ASFALTO NORMALIZADO 60-70 CON FIBRA. Incluye suministro y transporte de mezcla asfáltica, finisher, compactador de rodillo, compactador neumático, vibrocompactador tipo rana y/o canguro, rastrilleros y todo lo necesario para su correcta instalación.","m3",{"v":179.7,"d":"179.70"},{"v":1696778.18,"d":"$1,696,778.18"},{"$f":"F1767*E1767","v":{"v":304911038.946,"d":"$304,911,038.95"}},null,{"v":179.7,"d":"179.70"},null,{"$f":"J1767*I1767","v":{"v":0,"d":"$0.00"}}]
[null,null,"TOTAL DE VÍAS Y PARQUEADEROS",{"$nulls":3},{"$f":"SUM(G1764:G1767)","v":{"v":413870094.371,"d":"$413,870,094.37"}},{"$nulls":3},{"$f":"SUM(K1764:K1767)","v":{"v":0,"d":"$0.00"}}]
[]
[null,"19.2.0","SEÑALIZACIÓN Y DEMARCACIÓN VIAL"]
[]
[null,"19.2.1","SEÑALIZACIÓN VERTICAL"]
["ESP 19.2.1.1","19.2.1.1","Suministro, transporte e instalación de Señal definitiva completa en tubería galvanizada redonda de 2\"X2MM con tablero de 60X60 en lámina galvanizada Calibre16 SP-46A PROXIMIDAD DE CRUCE PEATONAL. Reflectivo amarillo limón y los elementos necesarios para su correcta instalación.","un",{"v":4,"d":"4.00"},{"v":335129.39,"d":"$335,129.39"},{"$f":"F1773*E1773","v":{"v":1340517.56,"d":"$1,340,517.56"}},null,{"v":4,"d":"4.00"},null,{"$f":"J1773*I1773","v":{"v":0,"d":"$0.00"}}]
["ESP 19.2.1.2","19.2.1.2","Suministro, transporte e instalación de Señal definitiva completa en tubería galvanizada redonda de 2\"X2MM con tablero de 60X60 en lámina galvanizada Calibre 16 SR-01 PARE. Reflectivo tipo\nXI, y los elementos necesarios para su correcto funcionamiento.","un",{"v":8,"d":"8.00"},{"v":295179.9,"d":"$295,179.90"},{"$f":"F1774*E1774","v":{"v":2361439.2,"d":"$2,361,439.20"}},null,{"v":8,"d":"8.00"},null,{"$f":"J1774*I1774","v":{"v":0,"d":"$0.00"}}]
["ESP 19.2.1.3","19.2.1.3","Suministro, transporte e instalación de Señal definitiva completa en tubería galvanizada redonda de 2\"X2MM con tablero de 60X60 en lámina galvanizada Calibre 16 SR-28A PROHIBIDO PARQUEAR. Reflectivo tipo XI, y los elementos necesarios para su correcto funcionamiento.","un",{"v":2,"d":"2.00"},{"v":295179.9,"d":"$295,179.90"},{"$f":"F1775*E1775","v":{"v":590359.8,"d":"$590,359.80"}},null,{"v":2,"d":"2.00"},null,{"$f":"J1775*I1775","v":{"v":0,"d":"$0.00"}}]
["ESP 19.2.1.4","19.2.1.4","Suministro, transporte e instalación de Señal definitiva completa en tubería galvanizada redonda de 2\"X2MM con tablero de 60X60 en lámina galvanizada Calibre 16 SP-25 PROXIMIDAD DE RESALTO. Reflectivo tipo XI y los elementos necesarios para su correcto funcionamiento.","un",{"v":2,"d":"2.00"},{"v":295179.9,"d":"$295,179.90"},{"$f":"F1776*E1776","v":{"v":590359.8,"d":"$590,359.80"}},null,{"v":2,"d":"2.00"},null,{"$f":"J1776*I1776","v":{"v":0,"d":"$0.00"}}]
["ESP 19.2.1.5","19.2.1.5","Suministro, transporte e instalación de Señal definitiva completa en tubería galvanizada redonda de 2\"X2MM con tablero de 60X60 en lámina galvanizada Calibre 16 SP-25A UBICACIÓN DE RESALTO. Reflectivo tipo XI y los elementos necesarios para su correcto funcionamiento.","un",{"v":2,"d":"2.00"},{"v":295179.9,"d":"$295,179.90"},{"$f":"F1777*E1777","v":{"v":590359.8,"d":"$590,359.80"}},null,{"v":2,"d":"2.00"},null,{"$f":"J1777*I1777","v":{"v":0,"d":"$0.00"}}]
[]
[null,null,"TOTAL DE SEÑALIZACIÓN VERTICAL",{"$nulls":3},{"$f":"SUM(G1773:G1777)","v":{"v":5473036.16,"d":"$5,473,036.16"}},{"$nulls":3},{"$f":"SUM(K1773:K1777)","v":{"v":0,"d":"$0.00"}}]
[]
[null,"19.2.2","SEÑALIZACIÓN HORIZONTAL"]
["ESP 19.2.2.1","19.2.2.1","Suministro y aplicación de LÍNEA BLANCA O AMARILLA CON PINTURA PLÁSTICA EN FRÍO PINTUTRAFICO O SIMILAR. Incluye suministro y transporte de pintura doble componente, mano de obra y todo lo necesario para su correcta aplicación","m",{"v":2237.63,"d":"2,237.63"},{"v":13126.24,"d":"$13,126.24"},{"$f":"F1782*E1782","v":{"v":29371668.4112,"d":"$29,371,668.41"}},null,{"v":2237.63,"d":"2,237.63"},null,{"$f":"J1782*I1782","v":{"v":0,"d":"$0.00"}}]
["ESP 19.2.2.2","19.2.2.2","Aplicación de pintura de ALTA VISIBILIDAD, DE GRAN ADHERENCIA Y RESISTENCIA tipo trafico para demarcación de celdas de movilidad reducida, color azul, aplicado según normas y especificaciones de la Secretaría de Transportes y Tránsito de Medellín. Incluye producto, mano de obra, aplicación y/o instalación, costos que se pudieran generar por señalización y cerramientos provisionales, evacuación de escombros, pago de salarios, seguridad social, prestaciones sociales de trabajadores y todo lo necesario para su correcta aplicación.","m2",34.64,{"v":38778.81,"d":"$38,778.81"},{"$f":"F1783*E1783","v":{"v":1343297.9784,"d":"$1,343,297.98"}},null,34.64,null,{"$f":"J1783*I1783","v":{"v":0,"d":"$0.00"}}]
["ESP 19.2.2.3","19.2.2.3","Aplicación de pintura de ALTA VISIBILIDAD, DE GRAN ADHERENCIA Y RESISTENCIA tipo trafico para demarcacion de símbolos de discapacidad y flechas de direccionamiento vehicular que proporciona perfecta adherencia sobre superficies en concreto y asfalto. Incluye el suministro y el transporte del material y todo lo necesario para su correcta aplicación y funcionamiento.","un",{"v":104,"d":"104.00"},{"v":30138.88,"d":"$30,138.88"},{"$f":"F1784*E1784","v":{"v":3134443.52,"d":"$3,134,443.52"}},null,{"v":104,"d":"104.00"},null,{"$f":"J1784*I1784","v":{"v":0,"d":"$0.00"}}]
["ESP 19.2.2.4","19.2.2.4","Aplicación de pintura de ALTA VISIBILIDAD, DE GRAN ADHERENCIA Y RESISTENCIA tipo tráfico para línea de paso de cebra con ancho min= 0.10 m y max=0.40 m, color amarillo o blanco, aplicado según normas y especificaciones de la Secretaría de Transportes y Tránsito de Medellín. Incluye el suministro y el transporte del material  y todo lo necesario para su correcta aplicación y funcionamiento.","m2",135.64,{"v":99769.11,"d":"$99,769.11"},{"$f":"F1785*E1785","v":{"v":13532682.0804,"d":"$13,532,682.08"}},null,135.64,null,{"$f":"J1785*I1785","v":{"v":0,"d":"$0.00"}}]
["ESP 19.2.2.5","19.2.2.5","Suministro e instalación de tachas reflectivas para señalización vial","un",{"v":22,"d":"22.00"},{"v":54194.63,"d":"$54,194.63"},{"$f":"F1786*E1786","v":{"v":1192281.8599999999,"d":"$1,192,281.86"}},null,{"v":22,"d":"22.00"},null,{"$f":"J1786*I1786","v":{"v":0,"d":"$0.00"}}]
[null,null," "]
[null,null,"TOTAL DE SEÑALIZACIÓN HORIZONTAL",{"$nulls":3},{"$f":"SUM(G1782:G1787)","v":{"v":48574373.85,"d":"$48,574,373.85"}},{"$nulls":3},{"$f":"SUM(K1782:K1787)","v":{"v":0,"d":"$0.00"}}]
[]
[null,null,"TOTAL DE SEÑALIZACIÓN Y DEMARCACIÓN VIAL",{"$nulls":3},{"$f":"G1788+G1779","v":{"v":54047410.010000005,"d":"$54,047,410.01"}},{"$nulls":3},{"$f":"K1788+K1779","v":{"v":0,"d":"$0.00"}}]
[]
[null,null,"TOTAL DE VÍAS Y PARQUEADERO",{"$nulls":3},{"$f":"SUM(G1790+G1768)","v":{"v":467917504.381,"d":"$467,917,504.38"}},{"$nulls":3},{"$f":"SUM(K1790+K1768)","v":{"v":0,"d":"$0.00"}}]
[]
[null,"20.0.0","ALQUILER DE EQUIPO "]
["ESP 20.1.0","20.1.0","Alquiler de equipo Torre grúa referencia MC O SIMILAR de Brazo: 50 m Altura Final: 45 m (Arriostrada)Incluye: balde para vaciado de concreto con capacidad de grúa glo 2, canasta escombrera con capacidad de grúa. Autotransformador elevador con capacidad de grúa.kit de izajes inicial, (2 estrobos de 4,5 m y dos grilletes de 1/2 \"), 20 Mantenimientos preventivos cada 2 meses, Pólizas RCE General Potenco y 6 Mantenimientos preventivos. No incluye obra civil,  horas extras.","mes",{"v":15,"d":"15.00"},{"v":31168265.27,"d":"$31,168,265.27"},{"$f":"F1795*E1795","v":{"v":467523979.05,"d":"$467,523,979.05"}},null,{"v":15,"d":"15.00"},null,{"$f":"J1795*I1795","v":{"v":0,"d":"$0.00"}}]
["ESP 20.2.0","20.2.0","Cimentación para equipo de torre grúa referencia MC O similar, incluye vaciado de concreto premezclado DE 28 MPA (4000 PSI). Incluye suministro, transporte y vaciado del concreto, vibrado, desmoldante, antisol, formaleta, acero y todo lo necesario para su correcta construcción. El acero y la excavación se paga en su respectivo ítem.","m3",27.05,{"v":979139.76,"d":"$979,139.76"},{"v":26485730.508,"d":"$26,485,730.51"},null,27.05,null,{"v":0,"d":"$0.00"}]
["ESP 20.3.0","20.3.0","Suministro de provisional de acometida torre grúa, incluye CABLE DE ALUMINIO CUADRUPLEX 3X4/0 - m., para una acometida de 70m.","glo",{"v":1,"d":"1.00"},{"v":4831400,"d":"$4,831,400.00"},{"v":4831400,"d":"$4,831,400.00"},null,{"v":1,"d":"1.00"},null,{"v":0,"d":"$0.00"}]
["ESP 20.4.0","20.4.0","Alquiler de equipo Cortadora","mes",{"v":4,"d":"4.00"},{"v":650000,"d":"$650,000.00"},{"v":2600000,"d":"$2,600,000.00"},null,{"v":4,"d":"4.00"},null,{"v":0,"d":"$0.00"}]
["ESP 20.5.0","20.5.0","Alquiler de equipo Bascula 500 kilos","mes",{"v":8,"d":"8.00"},{"v":250000,"d":"$250,000.00"},{"v":2000000,"d":"$2,000,000.00"},null,{"v":8,"d":"8.00"},null,{"v":0,"d":"$0.00"}]
["ESP 20.6.0","20.6.0","Alquiler Pluma 300 kgs","mes",{"v":8,"d":"8.00"},{"v":250000,"d":"$250,000.00"},{"v":2000000,"d":"$2,000,000.00"},null,{"v":8,"d":"8.00"},null,{"v":0,"d":"$0.00"}]
["ESP 20.7.0","20.7.0","Alquiler de Concretadora 2 sacos","mes",{"v":5,"d":"5.00"},{"v":450000,"d":"$450,000.00"},{"v":2250000,"d":"$2,250,000.00"},null,{"v":5,"d":"5.00"},null,{"v":0,"d":"$0.00"}]
["ESP 20.8.0","20.8.0","Alquiler de Concretadora 0,5 sacos","mes",{"v":5,"d":"5.00"},{"v":300000,"d":"$300,000.00"},{"v":1500000,"d":"$1,500,000.00"},null,{"v":5,"d":"5.00"},null,{"v":0,"d":"$0.00"}]
["ESP 20.9.0","20.9.0","Armada y desarmada de andamios multidireccionales","un",{"v":150,"d":"150.00"},{"v":84908.42,"d":"$84,908.42"},{"v":12736263,"d":"$12,736,263.00"},null,{"v":150,"d":"150.00"},null,{"v":0,"d":"$0.00"}]
[]
[null,null,"TOTAL DE ALQUILER DE EQUIPO ",{"$nulls":3},{"$f":"SUM(G1795:G1803)","v":{"v":521927372.558,"d":"$521,927,372.56"}},{"$nulls":3},{"$f":"SUM(K1795:K1803)","v":{"v":0,"d":"$0.00"}}]
[]
[]
["NOTA ACLARATORIA:","Este producto está sujeto a modificaciones, ya que los diseños de redes hidrosanitarias externas aún no han sido aprobados por EPM. En consecuencia, los costos de este entregable podrían variar."]
[]
[{"$nulls":4},"RESUMEN A COSTO DIRECTO",{"$nulls":3},"RESUMEN A COSTO DIRECTO"]
[]
["Comentarios respecto a ÍTEMS enlistados:",{"$nulls":3},"OBRA CD",null,{"$f":"SUMPRODUCT(E15:E1805,F15:F1805)","v":{"v":104394873679.42592,"d":"$104,394,873,679.43"}},null,"OBRA CD",null,{"$f":"SUMPRODUCT(I15:I1805,J15:J1805)","v":{"v":0,"d":"$0.00"}}]
["ITEM"]
["9.0.0","La información utilizada como base para el presupuesto de RCI, fue con los precios de lista que maneja el diseñador. RCI",null,null,"OBRA COSTO INDIRECTO ",{"$nulls":3},"OBRA COSTO INDIRECTO "]
["12.0.0","La información utilizada como base para el presupuesto de Aire acondicionado, fue con los precios de lista que maneja el diseñador. AIRE ACONDICIONADO",null,null,"A(%)",null,{"v":0.1536,"d":"15.36%"},null,"A(%)",null,{"v":0.1536,"d":"15.36%"}]
["13.0.0","La información utilizada como base para el presupuesto eléctrico, fue con los precios de lista que maneja el diseñador y cotizaciones anexas a la información ELECTRICO",null,null,"U(%)",null,{"v":0.05,"d":"5.00%"},null,"U(%)",null,{"v":0.05,"d":"5.00%"}]
["14.1.8","La pintura para señalización de columnas se encuentra en el capítulo 14.0.0 Sistemas tecnológicos, subcapítulo 14.1.8 Señalética; fue asignado en este capítulo porque la información la diseño el departamento de Tecnología",null,null,"AU(%)",null,{"$f":"SUM(G1815:G1816)","v":{"v":0.2036,"d":"20.36%"}},null,"AU(%)",null,{"$f":"SUM(K1815:K1816)","v":{"v":0.2036,"d":"20.36%"}}]
["16.1.1 - 16.1.2","Para la recolección de basura y escombro que se generen mediante los ítem de aseo, estos deberán estar en un acopio asignado por la obra"]
["16.1.1 - 16.1.2","Los precios para estos ítems fueron asignados por la ESU (Ing Juan Villa), de igual manera se presenta una cotización para estas actividades ASEO"]
[null,"Para los materiales o insumos de exportación dentro del presupuesto, se maneja una TRM de $4298.31 COP (24-04-25), fuente: https://www.dolar-colombia.com/mes/2025-04"]
[null,"En la carpeta de 2. Cotizaciones Se encuentra relacionado las cotizaciones solicitadas para las actividades del presupuesto, adicional en algunos casos fueron utilizados los precios de lista de algunos insumos"]
[null,"Una vez se cuente con la aprobación de las redes externas se debe tener en cuenta los cambios en  los costos, cantidades y duraciones finales de las redes hidrosanitarias externas e internas, puesto que se están actualizando estos diseños debido a información referente a la topografía e investigación de redes. Es importante aclarar que estos diseños pueden tener variaciones en su planteamiento ya que aún no ha sido aprobado por parte de EPM en el diseño de redes exteriores. "]
["10.1.2.3.4","En este ítem la información ingresada en el apu el costo del ducto se encuentra ingresada por unidad."]
["13.10.0","Los ductos de las actividades de este subcapítulo (SISTEMA DE DUCTOS METÁLICOS) , el costo de los mismos se encuentra por unidad."]
["8.6.0","VARIOS APARATOS SANITARIOS: aparatos sanitarios son los accesorios con el fin de cubrir todo lo relacionado con urinarios, retretes, lavaderos, duchas y demás."]

{"sheet":"COMPONENTE 1 - OBRA PROYECTADO","index":2,"n_rows":146,"n_cols":21,"rows_kept":146,"merged":[[7,1,7,10],[128,1,130,2],[132,0,132,2],[133,1,133,2],[134,1,134,2],[135,1,135,2],[136,1,136,2],[137,1,137,2],[138,1,138,2],[139,1,139,2],[140,1,140,2],[141,1,141,2],[142,1,142,2],[143,1,143,2],[144,1,144,2],[145,1,145,2]]}
{"$rows_empty":7}
[null,"ANEXO NO 19 PRECIOS Y CANTIDADES"]
[]
[]
["Especificaciones","EDT","Descripción","Unidad","Cantidad","Costo unitario","Total",null,"Cantidad","Costo unitario","Total",null,"Cumple ","No Cumple"]
[]
[null,"13.1.0","SISTEMA FOTOVOLTAICO - PANELES SOLARES"]
["ESP 13.1.1","13.1.1","Suministro transporte e instalación de sistema solar fotovoltaico a todo costo, incluye paneles solares JA SOLAR 570Wp o equivalentes, Inversor GROWATT MAC 70KTL3-X MV,Cable solar, conectores MC4 -- [pares], perfiles reguladores Alurack 4,2 m, tornillos galvanizados autoperforantes 2\",ganchos, arandelasy tuercas, MCLAMS ALURACK, uniones ALURACK, bronco y tela, caja metálica 12x12, caja plástica 15x15, E CLAMPS, L alurack, herraje de paso 15x15, tubería coraza 2\", tubería IMC 2\", Tuercas y contratuercas 2\" con polo a tierra, tubería PVC 2\", curva PVC 2\", tubería EMT 2\", Curva PVC 2\", tubería EMT 3 1/2\", curva emt 3 1/2\", jumpers  (20cm x 40 uni), cableado # 1/0 AWG Cu THHN/THWN-2, # 4/0 AWG  Cu THHN/THWN-2, #6 DESNUDO Cu THHN/THWN-2, #2 DESNUDO Cu THHN/THWN-2, varilla de cooperwell, conector tipo tornillo,  grapa tornillo partido, conector en C #1/0, tablero AC 12 ctos, cemento, arena, grava, prensa stopa PG-29, breaker 3X125A Caja Moleada, riel omega, caja bornera AC 160A, espuma sikaboom,barraje para neutro, barraje de cobre para totalizador, barraje para tierra,cinta negra y autofunente, tapones plástico cuadrados, tapones plásticos reguladores,  conectores de resortes rojos, conectores de resortes azules, cintas de colores, cabeza lenteja media pulgada autoperforante 2\", grava doble ala de 2\", cinta badit  y hebillas, cubre filo, percha y yoyo, pega loca, conector curvo de coraza 2\", conectores OB1010 y todos los elementos necesario para su correcto funcionamiento. incluye aprobación por EPM. TRM  $4298.31 COP (24-04-25), fuente: https://www.dolar-colombia.com/mes/2025-04","un",1,{"v":436122663.16,"d":"$436,122,663.16"},{"$f":"F14*E14","v":{"v":436122663.16,"d":"$436,122,663.16"}},null,1,null,{"$f":"J14*I14","v":{"v":0,"d":"$0.00"}}]
[]
[null,null,"TOTAL DE SISTEMA FOTOVOLTAICO - PANELES SOLARES",{"$nulls":3},{"$f":"G14","v":{"v":436122663.16,"d":"$436,122,663.16"}},{"$nulls":3},{"$f":"K14","v":{"v":0,"d":"$0.00"}}]
[]
[null,"11.1.2","CIELOS"]
["ESP 11.1.2.1","11.1.2.1","Suministro, transporte  e instalación de CIELO FALSO EN PLACA DE FIBROCEMENTO (SUPERBOARD) 8mm. Incluye suministro, transporte e instalación de placa de fibrocemento de 8mm, masilla, tornillos, perfiles para estructura de soporte, pintura epóxica color blanco puro RAL 90-10 + dilatación perimetral de 1 cm., accesorios, estuco plástico, pintura tres manos o las necesarias hasta obtener una superficie pareja, homogénea y todos los elementos necesarios para su correcta instalación.","m2",{"v":520.3199999999999,"d":"520.32"},{"v":176005.68,"d":"$176,005.68"},{"$f":"F19*E19","v":{"v":91579275.41759999,"d":"$91,579,275.42"}},null,{"v":520.3199999999999,"d":"520.32"},null,{"$f":"J19*I19","v":{"v":0,"d":"$0.00"}}]
["ESP 11.1.2.2","11.1.2.2","Suministro, transporte e instalación de CIELO FALSO EN PANEL YESO (DRYWALL) 1/2\". Incluye suministro, transporte e instalación de lámina en panel yeso de 1/2\", masilla, tornillos, perfiles para estructura de soporte, instalación con dilatación perimetral en perfil de 1cm., accesorios, estuco plástico, pintura vinilo tipo 2 tres manos o las necesarias hasta obtener una superficie pareja, homogénea, color a definir según aprobación de la entidad o interventoría y todos los elementos necesarios para su correcta instalación.","m2",543.42,{"v":91450.08,"d":"$91,450.08"},{"v":49695802.4736,"d":"$49,695,802.47"},null,543.42,null,{"v":0,"d":"$0.00"}]
["ESP 11.1.2.3","11.1.2.3","Suministro, transporte e instalación de Acabado en cielos en Acobarda Pete, marca Acobarda Pete de 12 mm de espesor o similar en cielos descolgado por medio de guaya de acero. Densidad del Acobarda: 191,6 kg/m3, incluye disposición de la lámina de acuerdo a diseño, lamina cortada a medida, corte sencillo, tonalidad: acorde a disponibilidad en catálogo, instalación: descolgado de cielos con guaya hasta 1m de altura, M.O (mano de obra) Altura de instalación: 3 metros de altura y los materiales necesarios para su correcto funcionamiento.","m2",150.45,{"v":476039,"d":"$476,039.00"},{"v":71620067.55,"d":"$71,620,067.55"},null,150.45,null,{"v":0,"d":"$0.00"}]
["ESP 11.1.2.4","11.1.2.4","suministro, transporte e instalación de Cielo lineal en perfiles Baffle 100 x 25 cm Ref. de Hunter DougloOas nacional o equivalente. Separación porta panel cada 10cm + perfil en C de sustentación + cuelga para soporte de panel. Color gris acero 6943 brillo 15%. y los elementos necesarios para su correcto funcionamiento. ","m2",{"v":649.1899999999998,"d":"649.19"},{"v":485502.15,"d":"$485,502.15"},{"v":315183140.7584999,"d":"$315,183,140.76"},null,{"v":649.1899999999998,"d":"649.19"},null,{"v":0,"d":"$0.00"}]
["ESP 11.1.2.5","11.1.2.5","Suministro, transporte e instalación (remates y anclajes) de Cielo en malla expandida de aluzinc Metal Screen  de Hunter DougloOas o equivalente, terminación no aplicada. Cielo lineal en perfiles Baffle 100 x 25 cm Ref. de Hunter DougloOas nacional o equivalente. Separación porta panel cada 10cm + perfil en C de sustentación + cuelga para soporte de panel. Color gris acero 6943 brillo 15%. Color según diseño y los elementos necesarios para su correcto funcionamiento. ","m2",{"v":1426.89,"d":"1,426.89"},{"v":413173.88,"d":"$413,173.88"},{"v":589553677.6332,"d":"$589,553,677.63"},null,{"v":1426.89,"d":"1,426.89"},null,{"v":0,"d":"$0.00"}]
["ESP 11.1.2.6","11.1.2.6","Suministro, transporte e instalación de Cielo en Drywall cleaneo akustik Kauf circular aleatoria plus de alta absorción acústica. Placa de yeso 12,5 mm, marfil visible, velo blanco de fibra acústica, oculta instalaciones y los elementos necesarios para su correcto funcionamiento.","m2",{"v":55.443649580873455,"d":"55.44"},{"v":440325.68,"d":"$440,325.68"},{"v":24413262.703379817,"d":"$24,413,262.70"},null,{"v":55.443649580873455,"d":"55.44"},null,{"v":0,"d":"$0.00"}]
["ESP 11.1.2.7","11.1.2.7","Suministro, transporte e instalación DE Cielo Tubrise en aluzinc 4 mm montaje vertical Ref. de Hunter DougloOas o equivalente. Color según diseño. Tubrise vertical longitud 60 cms con terminación perforada. Perforaciones #118 diámetro 200 15% abierto. Sistema de montaje con parrilla de sujeción en malla 100x100 + clip de sujeción en acero inoxidable + escuadra + perno en u en acero galvanizado Separación entre tubos metálicos 60cm.y los elementos necesarios para su correcto funcionamiento.","m2",{"v":121.80000000000001,"d":"121.80"},{"v":1042265.18,"d":"$1,042,265.18"},{"v":126947898.92400002,"d":"$126,947,898.92"},null,{"v":121.80000000000001,"d":"121.80"},null,{"v":0,"d":"$0.00"}]
["ESP 11.1.2.8","11.1.2.8","Suministro, transporte e instalación de Cielo en paneles de fieltro lineales HeartFelt Ref. de Hunter DougloOas o equivalente. Paneles de sección rectangular 40mmx55mm instalados sobre porta panel paso 100 + cuelga rígida. Modulación cada 100mm. Colores crema 7575, marrón claro 7576, marrón medio 7577. y los elementos necesarios para su correcto funcionamiento.","m2",{"v":184.85000000000005,"d":"184.85"},{"v":878685.68,"d":"$878,685.68"},{"v":162425047.94800004,"d":"$162,425,047.95"},null,{"v":184.85000000000005,"d":"184.85"},null,{"v":0,"d":"$0.00"}]
["ESP 11.1.2.9","11.1.2.9","Suministro, transporte e instalación de  panel Ecophon Solo Matrix descolgado en 30% del espacio. Y los elementos necesarios para su correcto funcionamiento.","m2",{"v":2214.5400000000004,"d":"2,214.54"},{"v":353090.68,"d":"$353,090.68"},{"v":781933434.4872001,"d":"$781,933,434.49"},null,{"v":2214.5400000000004,"d":"2,214.54"},null,{"v":0,"d":"$0.00"}]
[null,null,"TOTAL DE CIELOS",{"$nulls":3},{"$f":"SUM(G19:G27)","v":{"v":2213351607.89548,"d":"$2,213,351,607.90"}},{"$nulls":3},{"$f":"SUM(K19:K27)","v":{"v":0,"d":"$0.00"}}]
[]
[null,"14.1.8","SEÑALÉTICA"]
["ESP 14.1.8.1","14.1.8.1","Suministro y transporte de Señal Direccional Descolgada\nBase en alucobond troquelada con vinilo impreso, icono en realce con gancho para sujetar a techo doble cara.","un",{"v":38,"d":"38.00"},{"v":2380000,"d":"$2,380,000.00"},{"$f":"F31*E31","v":{"v":90440000,"d":"$90,440,000.00"}},null,{"v":38,"d":"38.00"},null,{"$f":"J31*I31","v":{"v":0,"d":"$0.00"}}]
["ESP 14.1.8.2","14.1.8.2","Suministro y transporte de Direccional - Descolgada TIPO B\nBase en alucobond troquelada con vinilo impreso, icono en realce con gancho para sujetar a techo doble cara y todos los accesorios para su correcto funcionamiento","un",{"v":2,"d":"2.00"},{"v":2380000,"d":"$2,380,000.00"},{"v":4760000,"d":"$4,760,000.00"},null,{"v":2,"d":"2.00"},null,{"v":0,"d":"$0.00"}]
["ESP 14.1.8.3","14.1.8.3","Suministro y transporte de Direccional - Descolgada TIPO C\nBase en alucobond troquelada con vinilo impreso, icono en realce con gancho para sujetar a techo doble cara y todos los accesorios para su correcto funcionamiento","un",{"v":2,"d":"2.00"},{"v":2380000,"d":"$2,380,000.00"},{"v":4760000,"d":"$4,760,000.00"},null,{"v":2,"d":"2.00"},null,{"v":0,"d":"$0.00"}]
["ESP 14.1.8.4","14.1.8.4","Suministro y transporte de Direccional - Fija / Puntual. Base en alucobond troquelada con plotter de corte, fijada a pared con tornillos y todos los accesorios para su correcto funcionamiento.","un",{"v":4,"d":"4.00"},{"v":371280,"d":"$371,280.00"},{"v":1485120,"d":"$1,485,120.00"},null,{"v":4,"d":"4.00"},null,{"v":0,"d":"$0.00"}]
["ESP 14.1.8.5","14.1.8.5","Suministro y transporte de Direccional - Marcación muro de Número en alucobond troquelado impreso + textos en vinilo de corte para fijar a pared lisa y todos los accesorios para su correcto funcionamiento.","un",{"v":43,"d":"43.00"},{"v":1043538.4,"d":"$1,043,538.40"},{"v":44872151.2,"d":"$44,872,151.20"},null,{"v":43,"d":"43.00"},null,{"v":0,"d":"$0.00"}]
["ESP 14.1.8.6","14.1.8.6","Suministro y transporte Direccional - Marcación piso \nPintura Epóxica para marcación de pisos (tamaño y cantidad aproximado)y todos los accesorios necesarios para su correcto funcionamiento.","un",{"v":223,"d":"223.00"},{"v":4119230,"d":"$4,119,230.00"},{"v":918588290,"d":"$918,588,290.00"},null,{"v":223,"d":"223.00"},null,{"v":0,"d":"$0.00"}]
["ESP 14.1.8.7","14.1.8.7","Suministro y transporte de Emergencia - Fija / Puntual TIPO C\nBase en alucobond troquelada con plotter de corte, fijada a pared con tornillos y todos los accesorios necesarios para su correcto funcionamiento","un",{"v":15,"d":"15.00"},{"v":103743,"d":"$103,743.00"},{"v":1556145,"d":"$1,556,145.00"},null,{"v":15,"d":"15.00"},null,{"v":0,"d":"$0.00"}]
["ESP 14.1.8.8","14.1.8.8","Suministro y transporte de señal Indicativa - Descolgada \nBase en alucobond troquelada con vinilo impreso, icono en realce con gancho para sujetar a techo doble cara y todos los accesorios para su correcto funcionamiento","un",{"v":18,"d":"18.00"},{"v":2380000,"d":"$2,380,000.00"},{"v":42840000,"d":"$42,840,000.00"},null,{"v":18,"d":"18.00"},null,{"v":0,"d":"$0.00"}]
["ESP 14.1.8.9","14.1.8.9","Suministro y transporte de señal Indicativa - Fija / Puntual Base en alucobond troquelada con plotter de corte, fijada a pared con tornillos y todos los accesorios para su correcto funcionamiento","un",{"v":272,"d":"272.00"},{"v":68654,"d":"$68,654.00"},{"v":18673888,"d":"$18,673,888.00"},null,{"v":272,"d":"272.00"},null,{"v":0,"d":"$0.00"}]
["ESP 14.1.8.10","14.1.8.10","Suministro y transporte de señal de Indicativa - Fija / Puntual TIPO B Base en alucobond troquelada con plotter de corte, fijada a pared con tornillos y todos los accesorios para su correcto funcionamiento","un",{"v":1,"d":"1.00"},{"v":159122,"d":"$159,122.00"},{"v":159122,"d":"$159,122.00"},null,{"v":1,"d":"1.00"},null,{"v":0,"d":"$0.00"}]
["ESP 14.1.8.11","14.1.8.11","Suministro y transporte de señal Indicativa - Fija / Puntual TIPO D\nBase en alucobond troquelada con plotter de corte, fijada a pared con tornillos y todos los accesorios para su correcto funcionamiento.","un",{"v":5,"d":"5.00"},{"v":68654,"d":"$68,654.00"},{"v":343270,"d":"$343,270.00"},null,{"v":5,"d":"5.00"},null,{"v":0,"d":"$0.00"}]
["ESP 14.1.8.12","14.1.8.12","Suministro y transporte de señal Indicativa - Marcación muro \nNúmero en alucobond troquelado impreso + textos en vinilo de corte para fijar a pared lisa - 1 SOLO DÍGITO  y todos los accesorios para su correcto funcionamiento.","un",{"v":7,"d":"7.00"},{"v":505750,"d":"$505,750.00"},{"v":3540250,"d":"$3,540,250.00"},null,{"v":7,"d":"7.00"},null,{"v":0,"d":"$0.00"}]
["ESP 14.1.8.13","14.1.8.13","Suministro y transporte Informativa - Descolgada, Base en alucobond troquelada con vinilo impreso, icono en realce con gancho para sujetar a techo doble cara y todos los accesorios para su correcto funcionamiento","un",{"v":6,"d":"6.00"},{"v":2380000,"d":"$2,380,000.00"},{"v":14280000,"d":"$14,280,000.00"},null,{"v":6,"d":"6.00"},null,{"v":0,"d":"$0.00"}]
["ESP 14.1.8.14","14.1.8.14","Suministro y transporte Informativa - Fija / Puntual, Base en alucobond troquelada con plotter de corte, fijada a pared con tornillos y todos los elementos para su correcto funcionamiento","un",{"v":3,"d":"3.00"},{"v":68654,"d":"$68,654.00"},{"v":205962,"d":"$205,962.00"},null,{"v":3,"d":"3.00"},null,{"v":0,"d":"$0.00"}]
["ESP 14.1.8.15","14.1.8.15","Suministro y transporte de Direccional - Marcación muro de Número en alucobond troquelado impreso + textos en vinilo de corte para fijar a pared lisa y todos los accesorios para su correcto funcionamiento.","un",{"v":7,"d":"7.00"},{"v":1011500,"d":"$1,011,500.00"},{"v":7080500,"d":"$7,080,500.00"},null,{"v":7,"d":"7.00"},null,{"v":0,"d":"$0.00"}]
["ESP 14.1.8.16","14.1.8.16","suministro y transporte de señal de Regulación / preventiva - Fija / Puntual Base en alucobond troquelada con plotter de corte, fijada a pared con tornillos y todos los accesorios para su correcto funcionamiento","un",{"v":39,"d":"39.00"},{"v":103743,"d":"$103,743.00"},{"v":4045977,"d":"$4,045,977.00"},null,{"v":39,"d":"39.00"},null,{"v":0,"d":"$0.00"}]
["ESP 14.1.8.17","14.1.8.17","Suministro y transporte de señal Regulación / preventiva - Fija / Puntual TIPO C Base en alucobond troquelada con plotter de corte, fijada a pared con tornillos y todos los accesorios para su correcto funcionamiento","un",{"v":2,"d":"2.00"},{"v":68654,"d":"$68,654.00"},{"v":137308,"d":"$137,308.00"},null,{"v":2,"d":"2.00"},null,{"v":0,"d":"$0.00"}]
["ESP 14.1.8.18","14.1.8.18","Instalación del proyecto / 464 señales y 223 marcación de pisos / horario diurno / No incluye SISO","un",{"v":687,"d":"687.00"},{"v":29230,"d":"$29,230.00"},{"v":20081010,"d":"$20,081,010.00"},null,{"v":687,"d":"687.00"},null,{"v":0,"d":"$0.00"}]
[]
[null,null,"TOTAL DE SEÑALÉTICA",{"$nulls":3},{"$f":"SUM(G31:G48)","v":{"v":1177848993.2,"d":"$1,177,848,993.20"}},{"$nulls":3},{"$f":"SUM(K31:K48)","v":{"v":0,"d":"$0.00"}}]
[]
[null,"21.0.0","MOBILIARIO"]
[]
[null,"21.1.0","MOBILIARIO N1"]
["ESP 21.1.0","21.1.1","Suministro y transporte de Módulo operativo de 1.20 X 0.60 m para un usuario, hecho a base de estructura metálica con superficie recta recortada y cantos termofusionados con groumets, acabados en melamina blanca de 28mm, incluye pasacables interno (charola horizontal) con 6 espacios para instalaciones y charola (vertical) lateral para subir, ocultar instalaciones y charola para cables, accesorios porta CPU, porta monitor doble.","Pza.",{"v":7,"d":"7.00"},{"v":2474653.1,"d":"$2,474,653.10"},{"$f":"F55*E55","v":{"v":17322571.7,"d":"$17,322,571.70"}},null,{"v":7,"d":"7.00"},null,{"$f":"J55*I55","v":{"v":0,"d":"$0.00"}}]
["ESP 21.1.0","21.1.2","Suministro y transporte de Módulo operativo con credenza lateral 2.00 x 1.50 hecho a base de estructura metálica con superficie recta recortada y cantos termofusionados. Acabados en melamina blanca de 28 mm. Incluye pasacables interno  (charola horizontal)  con 6 espacios para instalaciones , groumets y charola (vertical)  lateral para subir y ocultar instalaciones.","Pza.",{"v":1,"d":"1.00"},{"v":3087003.5,"d":"$3,087,003.50"},{"$f":"F56*E56","v":{"v":3087003.5,"d":"$3,087,003.50"}},null,{"v":1,"d":"1.00"},null,{"$f":"J56*I56","v":{"v":0,"d":"$0.00"}}]
["ESP 21.1.0","21.1.3","Suministro y transporte de Módulo operativo con credenza lateral 1.60 x 1.50 hecho a base de estructura metálica con superficie recta recortada y cantos termofusionados. Acabados en melamina blanca de 28 mm. Incluye pasacables interno  (charola horizontal)  con 6 espacios para instalaciones , groumets y charola (vertical)  lateral para subir y ocultar instalaciones.","Pza.",{"v":4,"d":"4.00"},{"v":5088190,"d":"$5,088,190.00"},{"$f":"F57*E57","v":{"v":20352760,"d":"$20,352,760.00"}},null,{"v":4,"d":"4.00"},null,{"$f":"J57*I57","v":{"v":0,"d":"$0.00"}}]
["ESP 21.1.0","21.1.4","Suministro y transporte de Módulo operativo de 1.70 X 0.60 m para un usuario, hecho a base de estructura metálica con superficie recta recortada y cantos termofusionados con groumets, acabados en melamina blanca de 28mm,incluye pasacables interno (charola horizontal) con 6 espacios para instalaciones, charola (vertical) lateral para subir, ocultar instalaciones y charola para cables, accesorios porta CPU, porta monitor doblen.","Pza.",{"v":4,"d":"4.00"},{"v":3535219,"d":"$3,535,219.00"},{"$f":"F58*E58","v":{"v":14140876,"d":"$14,140,876.00"}},null,{"v":4,"d":"4.00"},null,{"$f":"J58*I58","v":{"v":0,"d":"$0.00"}}]
["ESP 21.1.0","21.1.5","Suministro y transporte de Módulo operativo de 1.90 X 0.70 m para un usuario, hecho a base de estructura metálica con superficie recta recortada y cantos termofusionados con groumets, acabados en melamina blanca de 28mm, incluye pasacables interno (charola horizontal) con 6 espacios para instalaciones, charola (vertical) lateral para subir, ocultar instalaciones y charola para cables, accesorios porta CPU, porta monitor doble.","Pza.",{"v":1,"d":"1.00"},{"v":3415274,"d":"$3,415,274.00"},{"$f":"F59*E59","v":{"v":3415274,"d":"$3,415,274.00"}},null,{"v":1,"d":"1.00"},null,{"$f":"J59*I59","v":{"v":0,"d":"$0.00"}}]
[]
[null,null,"TOTAL DE MOBILIARIO N1",{"$nulls":3},{"$f":"SUM(G55:G59)","v":{"v":58318485.2,"d":"$58,318,485.20"}},{"$nulls":3},{"$f":"SUM(K55:K59)","v":{"v":0,"d":"$0.00"}}]
[]
[]
[null,"21.4.0","MOBILIARIO N5"]
["ESP 21.4.0","21.4.1","Módulo operativo de 1.40 X 0.70 m para un usuario, hecho a base de estructura metálica con superficie recta recortada y cantos termofusionados con groumets, acabados en melamina blanca de 28mm Incluye pasacables interno (charola horizontal) con 6 espacios para instalaciones, charola (vertical) lateral para subir, ocultar instalaciones y charola para cables, accesorios porta CPU, porta monitor doble.","Pza.",{"v":50,"d":"50.00"},{"v":1805487,"d":"$1,805,487.00"},{"$f":"F65*E65","v":{"v":90274350,"d":"$90,274,350.00"}},null,{"v":50,"d":"50.00"},null,{"$f":"J65*I65","v":{"v":0,"d":"$0.00"}}]
["ESP 21.4.0","21.4.2","Módulo operativo de 1.90 X 0.70 m para un usuario, hecho a base de estructura metálica con superficie recta recortada y cantos termofusionados con groumets, acabados en melamina blanca de 28mm, incluye pasacables interno (charola horizontal) con 6 espacios para instalaciones y charola (vertical) lateral para subir, ocultar instalaciones y charola para cables, accesorios porta CPU, porta monitor doble.","Pza.",{"v":8,"d":"8.00"},{"v":3415274,"d":"$3,415,274.00"},{"v":27322192,"d":"$27,322,192.00"},null,{"v":8,"d":"8.00"},null,{"v":0,"d":"$0.00"}]
["ESP 21.4.0","21.4.3","Escritorio Ejecutivo con credenza lateral 1.35 x 1.50 hecho a base de estructura metálica con superficie recta recortada y cantos termofusionados. Acabados en melamina blanca de 28 mm. Incluye pasacables interno (charola horizontal) con 6 espacios para instalaciones , groumets y charola (vertical) lateral para subir y ocultar instalaciones.","Pza.",{"v":3,"d":"3.00"},{"v":5088190,"d":"$5,088,190.00"},{"v":15264570,"d":"$15,264,570.00"},null,{"v":3,"d":"3.00"},null,{"v":0,"d":"$0.00"}]
["ESP 21.4.0","21.4.4","Mesa rectangular de 1.20 X 0.80 m para 4 usuarios, con cubierta en melamina con canto PVC, estructura metálica, terminado con pintura electrostática.","Pza.",{"v":38,"d":"38.00"},{"v":1584536,"d":"$1,584,536.00"},{"v":60212368,"d":"$60,212,368.00"},null,{"v":38,"d":"38.00"},null,{"v":0,"d":"$0.00"}]
["ESP 21.4.0","21.4.5","Mesa circular para 4 personas de 1.00 de diámetro, con cubierta en melamina con canto PVC, estructura metálica, terminado con pintura electrostática.","Pza.",{"v":15,"d":"15.00"},{"v":1786548,"d":"$1,786,548.00"},{"v":26798220,"d":"$26,798,220.00"},null,{"v":15,"d":"15.00"},null,{"v":0,"d":"$0.00"}]
["ESP 21.4.0","21.4.6","Silla Operativa, Ergonómica y para trabajo 24x24, con descansabrazos, base cinco puntos, mecanismo reclinable, protección lumbar y ajuste de altura, cabecera, base y estructura de polipropileno, respaldo y asiento tapizados en tela mesh color negro.","Pza.",{"v":68,"d":"68.00"},{"v":2929182,"d":"$2,929,182.00"},{"v":199184376,"d":"$199,184,376.00"},null,{"v":68,"d":"68.00"},null,{"v":0,"d":"$0.00"}]
["ESP 21.4.0","21.4.7","Silla Visita (Interlocutoras) con brazos, con base y estructura de polipropileno de 4 puntos fijos, respaldo y asiento tapizados en tela mesh. (Acabados en conjunto con la silla directiva) y metal en cromo.","Pza.",{"v":6,"d":"6.00"},{"v":795424,"d":"$795,424.00"},{"v":4772544,"d":"$4,772,544.00"},null,{"v":6,"d":"6.00"},null,{"v":0,"d":"$0.00"}]
[]
[null,null,"TOTAL DE MOBILIARIO N5",{"$nulls":3},{"$f":"SUM(G65:G71)","v":{"v":423828620,"d":"$423,828,620.00"}},{"$nulls":3},{"$f":"SUM(K65:K71)","v":{"v":0,"d":"$0.00"}}]
[]
[null,"21.5.0","MOBILIARIO N6"]
["ESP 21.5.0","21.5.1","Suministro y transporte de Módulo operativo de 1.70 X 0.90 m (MOBILIARIO NORMAL) para un usuario, hecho a base de estructura metálica con superficie recta recortada y cantos termofusionados con groumets, Acabados en melamina blanca de 28mm Incluye pasacables interno (charola horizontal) con 6 espacios para instalaciones y charola (vertical) lateral para subir y ocultar instalaciones y charola para cables.","Pza.",{"v":47,"d":"47.00"},{"v":3459463.99,"d":"$3,459,463.99"},{"$f":"F76*E76","v":{"v":162594807.53,"d":"$162,594,807.53"}},null,{"v":47,"d":"47.00"},null,{"$f":"J76*I76","v":{"v":0,"d":"$0.00"}}]
["ESP 21.5.0","21.5.2","Suministro y transporte Módulo operativo de 1.40 X 0.70 m (MOBILIARIO NORMAL) para un usuario, hecho a base de estructura metálica con superficie recta recortada y cantos termofusionados con groumets, Acabados en melamina blanca de 28mm Incluye pasacables interno (charola horizontal) con 6 espacios para instalaciones y charola (vertical) lateral para subir y ocultar instalaciones y charola para cables y accesorios porta CPU, porta monitor doble.","Pza.",{"v":38,"d":"38.00"},{"v":2802923,"d":"$2,802,923.00"},{"v":106511074,"d":"$106,511,074.00"},null,{"v":38,"d":"38.00"},null,{"v":0,"d":"$0.00"}]
["ESP 21.5.0","21.5.3","Suministro y transporte Módulo operativo con credenza lateral 1.35 x 1.50 hecho a base de estructura metálica con superficie recta recortada y cantos termofusionados. Acabados en melamina blanca de 28 mm. Incluye pasacables interno  (charola horizontal)  con 6 espacios para instalaciones , groumets y charola (vertical)  lateral para subir y ocultar instalaciones. (MOBILIARIO NORMAL)","Pza.",{"v":3,"d":"3.00"},{"v":5088190,"d":"$5,088,190.00"},{"v":15264570,"d":"$15,264,570.00"},null,{"v":3,"d":"3.00"},null,{"v":0,"d":"$0.00"}]
["ESP 21.5.0","21.5.4","Suministro y transporte de  Silla Operativa, Ergonómica y para trabajo 24x24, con descansabrazos, base cinco puntos, mecanismo reclinable, protección lumbar y ajuste de altura, cabecera, base y estructura de polipropileno, respaldo y asiento tapizados en tela mesh color negro. (MOBILIARIO NORMAL)","Pza.",{"v":88,"d":"88.00"},{"v":2929182,"d":"$2,929,182.00"},{"v":257768016,"d":"$257,768,016.00"},null,{"v":88,"d":"88.00"},null,{"v":0,"d":"$0.00"}]
["ESP 21.5.0","21.5.5","Suministro y transporte de Silla Visita (Interlocutoras) con brazos, con base y estructura de polipropileno de 4 puntos fijos, respaldo y asiento tapizados en tela mesh. (Acabados en conjunto con la silla directiva) y metal en cromo.(MOBILIARIO NORMAL)","Pza.",{"v":14,"d":"14.00"},{"v":795424,"d":"$795,424.00"},{"v":11135936,"d":"$11,135,936.00"},null,{"v":14,"d":"14.00"},null,{"v":0,"d":"$0.00"}]
["ESP 21.5.0","21.5.6","Suministro y transporte de Mesa circular para 4 personas de 1.00 de diámetro, con cubierta en melamina con canto PVC, estructura metálica, terminado con pintura electrostática.(MOBILIARIO NORMAL)","Pza.",{"v":1,"d":"1.00"},{"v":1786548,"d":"$1,786,548.00"},{"v":1786548,"d":"$1,786,548.00"},null,{"v":1,"d":"1.00"},null,{"v":0,"d":"$0.00"}]
["ESP 21.5.0","21.5.7","Módulo operativo de 1.70 X 0.90 m (MOBILIARIO GESAB) para un usuario, hecho a base de estructura metálica con superficie recta recortada y cantos termofusionados con groumets, Acabados en melamina blanca de 28mm Incluye pasacables interno (charola horizontal) con 6 espacios para instalaciones y charola (vertical) lateral para subir y ocultar instalaciones y charola para cables y accesorios porta CPU, porta monitor doble.","Pza.",{"v":10,"d":"10.00"},{"v":524171853.68,"d":"$524,171,853.68"},{"v":5241718536.8,"d":"$5,241,718,536.80"},null,{"v":10,"d":"10.00"},null,{"v":0,"d":"$0.00"}]
["ESP 21.5.0","21.5.8","SILLA ERGONÓMICA 24/7 FREEDOM HEADREST - ALUMINIO ( MOBILIARIO DE GESAB)","Pza.",{"v":110,"d":"110.00"},{"v":12708349.69,"d":"$12,708,349.69"},{"v":1397918465.8999999,"d":"$1,397,918,465.90"},null,{"v":110,"d":"110.00"},null,{"v":0,"d":"$0.00"}]
["ESP 21.5.0","21.5.9","Módulo operativo de 1.40 X 0.70 m (MOBILIARIO GESAB) para un usuario, hecho a base de estructura metálica con superficie recta recortada y cantos termofusionados con groumets, Acabados en melamina blanca de 28mm Incluye pasacables interno (charola horizontal) con 6 espacios para instalaciones y charola (vertical) lateral para subir y ocultar instalaciones y charola para cables y accesorios porta CPU, porta monitor doble.","Pza.",{"v":5,"d":"5.00"},{"v":294559767.17,"d":"$294,559,767.17"},{"v":1472798835.8500001,"d":"$1,472,798,835.85"},null,{"v":5,"d":"5.00"},null,{"v":0,"d":"$0.00"}]
["ESP 21.5.0","21.5.10","SILLA ERGONÓMICA 24/7 FREEDOM HEADREST - ALUMINIO ( MOBILIARIO DE GESAB)","Pza.",{"v":30,"d":"30.00"},{"v":12708349.69,"d":"$12,708,349.69"},{"v":381250490.7,"d":"$381,250,490.70"},null,{"v":30,"d":"30.00"},null,{"v":0,"d":"$0.00"}]
[]
[null,null,"TOTAL DE MOBILIARIO N6",{"$nulls":3},{"$f":"SUM(G76:G85)","v":{"v":9048747280.78,"d":"$9,048,747,280.78"}},{"$nulls":3},{"$f":"SUM(K76:K85)","v":{"v":0,"d":"$0.00"}}]
[]
[null,"21.6.0","MOBILIARIO N7"]
["ESP 21.6.0","21.6.1","Módulo operativo de 1.70 X 0.90 m para un usuario, hecho a base de estructura metálica con superficie recta recortada y cantos termofusionados con groumets, Acabados en melamina blanca de 28mm Incluye pasacables interno (charola horizontal) con 6 espacios para instalaciones y charola (vertical) lateral para subir y ocultar instalaciones y charola para cables y accesorios porta CPU, porta monitor doble. (MOBILIARIO DE GESAB)","Pza.",{"v":5,"d":"5.00"},{"v":305926806.25,"d":"$305,926,806.25"},{"$f":"F90*E90","v":{"v":1529634031.25,"d":"$1,529,634,031.25"}},null,{"v":5,"d":"5.00"},null,{"$f":"J90*I90","v":{"v":0,"d":"$0.00"}}]
["ESP 21.6.0","21.6.2","Suministro de SILLA ERGONÓMICA 24/7 FREEDOM HEADREST - aluminio (Mobiliario de GESAB)","Pza.",{"v":43,"d":"43.00"},{"v":12708349.69,"d":"$12,708,349.69"},{"v":546459036.67,"d":"$546,459,036.67"},null,{"v":43,"d":"43.00"},null,{"v":0,"d":"$0.00"}]
["ESP 21.6.0","21.6.3","Suministro y transporte de Módulo operativo de 1.00 X 0.60 m para un usuario, hecho a base de estructura metálica ","Pza.",{"v":40,"d":"40.00"},{"v":2474653,"d":"$2,474,653.00"},{"v":98986120,"d":"$98,986,120.00"},null,{"v":40,"d":"40.00"},null,{"v":0,"d":"$0.00"}]
["ESP 21.6.0","21.6.4","Suministro y transporte de Silla Operativa, Ergonómica y para trabajo 24x24, con descansabrazos, base cinco puntos","Pza.",{"v":40,"d":"40.00"},{"v":2929181,"d":"$2,929,181.00"},{"v":117167240,"d":"$117,167,240.00"},null,{"v":40,"d":"40.00"},null,{"v":0,"d":"$0.00"}]
["ESP 21.6.0","21.6.5","Suministro y transporte de Módulo operativo de 1.40 X 0.70 m para un usuario, hecho a base de estructura metálica","Pza.",{"v":20,"d":"20.00"},{"v":2802923,"d":"$2,802,923.00"},{"v":56058460,"d":"$56,058,460.00"},null,{"v":20,"d":"20.00"},null,{"v":0,"d":"$0.00"}]
["ESP 21.6.0","21.5.6","Suministro y transporte de MESA CURVA FIJA para 3 usuarios","un",{"v":1,"d":"1.00"},{"v":828240,"d":"$828,240.00"},{"v":828240,"d":"$828,240.00"},null,{"v":1,"d":"1.00"},null,{"v":0,"d":"$0.00"}]
["ESP 21.6.0","21.6.7","Suministro y transporte de Módulo operativo con credenza lateral 1.35 x 1.50 hecho a base de estructura metálica","Pza.",{"v":1,"d":"1.00"},{"v":5088190,"d":"$5,088,190.00"},{"v":5088190,"d":"$5,088,190.00"},null,{"v":1,"d":"1.00"},null,{"v":0,"d":"$0.00"}]
["ESP 21.6.0","21.6.8","Mesa sala de juntas 10 personas de 2.20 x 1.00 m, con ducto vertical de subida de cables por pata, 4 accesorios sobre cubierta para electrificación (2 salidas). Acabados en melamina blanca de 28 mm y estructura metálica. ","Pza.",{"v":1,"d":"1.00"},{"v":5599534,"d":"$5,599,534.00"},{"v":5599534,"d":"$5,599,534.00"},null,{"v":1,"d":"1.00"},null,{"v":0,"d":"$0.00"}]
["ESP 21.6.0","21.6.9","Mesa sala de juntas 20 personas de 2.20 x 1.00 m, con ducto vertical de subida de cables por pata, 8 accesorios sobre cubierta para electrificación (4 salidas). Acabados en melamina blanca de 28 mm y estructura metálica. ","Pza.",{"v":1,"d":"1.00"},{"v":3598560,"d":"$3,598,560.00"},{"v":3598560,"d":"$3,598,560.00"},null,{"v":1,"d":"1.00"},null,{"v":0,"d":"$0.00"}]
["ESP 21.6.0","21.6.10","Suministro y transporte de Silla Operativa, Ergonómica y para trabajo 24x24, con descansabrazos, base cinco puntos","Pza.",{"v":53,"d":"53.00"},{"v":2929181,"d":"$2,929,181.00"},{"v":155246593,"d":"$155,246,593.00"},null,{"v":53,"d":"53.00"},null,{"v":0,"d":"$0.00"}]
["ESP 21.6.0","21.6.11","Silla Visita (Interlocutoras) con brazos, con base y estructura de polipropileno de 4 puntos fijos, respaldo y asiento tapizados en tela mesh. (Acabados en conjunto con la silla directiva) y metal en cromo.","Pza.",{"v":2,"d":"2.00"},{"v":795424,"d":"$795,424.00"},{"v":1590848,"d":"$1,590,848.00"},null,{"v":2,"d":"2.00"},null,{"v":0,"d":"$0.00"}]
[]
[null,null,"TOTAL DE MOBILIARIO N7",{"$nulls":3},{"$f":"SUM(G90:G100)","v":{"v":2520256852.92,"d":"$2,520,256,852.92"}},{"$nulls":3},{"$f":"SUM(K90:K100)","v":{"v":0,"d":"$0.00"}}]
[]
[null,"21.7.0","MOBILIARIO N8"]
["ESP 21.7.0","21.7.1","Suministro y transporte de Módulo operativo de 1.40 X 0.70 m para un usuario, hecho a base de estructura metálica ","Pza.",{"v":5,"d":"5.00"},{"v":2802923,"d":"$2,802,923.00"},{"$f":"F105*E105","v":{"v":14014615,"d":"$14,014,615.00"}},null,{"v":5,"d":"5.00"},null,{"$f":"J105*I105","v":{"v":0,"d":"$0.00"}}]
[]
[null,null,"TOTAL DE MOBILIARIO N8",{"$nulls":3},{"$f":"G105","v":{"v":14014615,"d":"$14,014,615.00"}},{"$nulls":3},{"$f":"K105","v":{"v":0,"d":"$0.00"}}]
[]
[null,"21.8.0","VARIOS MOBILIARIO"]
["ESP 21.8.0","21.8.1","Suministro,  transporte  de sillón sin cabecera, con respaldo bajo,\ndescansa brazos, con base de 4 patas en tubular de acero pintado en negro","un",{"v":42,"d":"42.00"},{"v":992460,"d":"$992,460.00"},{"$f":"F110*E110","v":{"v":41683320,"d":"$41,683,320.00"}},null,{"v":42,"d":"42.00"},null,{"$f":"J110*I110","v":{"v":0,"d":"$0.00"}}]
["ESP 21.8.0","21.8.2","Suministro,  transporte Silla universitaria con asiento tapizado","un",{"v":12,"d":"12.00"},{"v":854840,"d":"$854,840.00"},{"v":10258080,"d":"$10,258,080.00"},null,{"v":12,"d":"12.00"},null,{"v":0,"d":"$0.00"}]
["ESP 21.8.0","21.8.3","Suministro y transporte de mesa auxiliar redonda","un",{"v":32,"d":"32.00"},{"v":699720,"d":"$699,720.00"},{"v":22391040,"d":"$22,391,040.00"},null,{"v":32,"d":"32.00"},null,{"v":0,"d":"$0.00"}]
["ESP 21.8.0","21.8.4","Suministro y transporte de sofá de 3 puestos","un",{"v":8,"d":"8.00"},{"v":4148722,"d":"$4,148,722.00"},{"v":33189776,"d":"$33,189,776.00"},null,{"v":8,"d":"8.00"},null,{"v":0,"d":"$0.00"}]
["ESP 21.8.0","21.8.5","Suministro,  transporte e instalación de MESA RECTANGULAR 1,20X0,80 para 4 personas, con cubierta en melamina con canto PVC, estructura metálica, terminado con pintura electrostática.(MOBILIARIO NORMAL)","un",{"v":23,"d":"23.00"},{"v":2573603,"d":"$2,573,603.00"},{"v":59192869,"d":"$59,192,869.00"},null,{"v":23,"d":"23.00"},null,{"v":0,"d":"$0.00"}]
["ESP 21.8.0","21.8.6","Suministro, transporte de locker de 15x15","un",{"v":130,"d":"130.00"},{"v":2573603,"d":"$2,573,603.00"},{"v":334568390,"d":"$334,568,390.00"},null,{"v":130,"d":"130.00"},null,{"v":0,"d":"$0.00"}]
["ESP 21.8.0","21.8.7","Suministro, transporte de archivador con pedestal con tapa","un",{"v":135,"d":"135.00"},{"v":980953,"d":"$980,953.00"},{"v":132428655,"d":"$132,428,655.00"},null,{"v":135,"d":"135.00"},null,{"v":0,"d":"$0.00"}]
["ESP 21.8.0","21.8.8","Silla Visita (Interlocutoras) con brazos, con base y estructura de polipropileno de 4 puntos fijos, respaldo y asiento tapizados en tela mesh. (Acabados en conjunto con la silla directiva) y metal en cromo.","Pza.",{"v":546,"d":"546.00"},{"v":795424,"d":"$795,424.00"},{"v":434301504,"d":"$434,301,504.00"},null,{"v":546,"d":"546.00"},null,{"v":0,"d":"$0.00"}]
["ESP 21.8.0","21.8.9","Suministro y transporte de MUEBLE DE RECEPCION BLANCA-GRIS DE 0,60 X 2,40 X 1.00 m DELVERG","un",{"v":3,"d":"3.00"},{"v":5212680,"d":"$5,212,680.00"},{"v":15638040,"d":"$15,638,040.00"},null,{"v":3,"d":"3.00"},null,{"v":0,"d":"$0.00"}]
["ESP 21.8.0","21.8.10","Suministro y transporte de MUEBLE DE RECEPCION BLANCA DE 0,60 X 1,50 X 1.00 m DELVERG","un",{"v":5,"d":"5.00"},{"v":2039879,"d":"$2,039,879.00"},{"v":10199395,"d":"$10,199,395.00"},null,{"v":5,"d":"5.00"},null,{"v":0,"d":"$0.00"}]
[]
[null,"21.9.0","ANEXO MOBILIARIO"]
["ESP 21.9.1","21.9.1","Suministro, transporte y colocación de pantalla modelo VM55B-U Ultra Narrow Bezel Video Wall de 55\" panel tipo IPS, Marca Samsung,  resolución 1,920 x 1,080 de dimensiones 1213,5 x 684,3 x 73,1 mm, peso de 21,2 kg, montura 600 x 400 mm, anchura de bisel 2,25mm(U/L), 125mm(R/B) material del marco Glossy.","un",{"v":2,"d":"2.00"},{"v":5433962,"d":"$5,433,962.00"},{"$f":"F122*E122","v":{"v":10867924,"d":"$10,867,924.00"}},null,{"v":2,"d":"2.00"},null,{"$f":"J122*I122","v":{"v":0,"d":"$0.00"}}]
["ESP 21.9.2","21.9.2","Suministro, transporte y colocación de escalera marina metálica de 4.96m de longitud, fijada a la pared, el piso y el techo, incluye protección en la espalda de 0.81m x 0.70m. Incluye pasamanos en la parte superior de 1.11m de alto x 1.40m de largo y todos los elementos necesarios para su correcto funcionamiento.","un",1,{"v":7111382,"d":"$7,111,382.00"},{"$f":"F123*E123","v":{"v":7111382,"d":"$7,111,382.00"}},null,1,null,{"$f":"J123*I123","v":{"v":0,"d":"$0.00"}},{"$nulls":9},{"$f":"SUM(U107:U116)+U119+U120+U121+U122","v":{"v":0,"d":"$0.00"}}]
["ESP 21.9.3","21.9.3","Suministro e instalación de poste de concreto prensado de 14 metros: Incluye la provisión de poste de concreto reforzado, tipo prensado, con una longitud de 14 metros, conforme a la normativa RETIE y las especificaciones técnicas de la empresa prestadora del servicio de energía. El poste debe tener una carga de trabajo mínima de 300 kg y una carga de rotura de al menos 750 kg, con tratamiento superficial adecuado para resistir condiciones ambientales adversas y perforaciones según requerimientos para instalación de accesorios eléctricos. La instalación comprende excavación manual del terreno, ubicación y nivelación del poste, relleno y compactación con material apropiado, instalación de retenidas si se requiere, y aseguramiento con concreto según diseño estructural. Se incluye el transporte, maniobras de izaje, materiales, equipos, mano de obra calificada y todas las actividades necesarias para dejar el poste instalado y funcional, listo para la conexión de redes eléctricas aéreas.\n \n","un",3,{"v":4898886.058695,"d":"$4,898,886.06"},{"$f":"E124*F124","v":{"v":14696658.176084999,"d":"$14,696,658.18"}},null,3,null,{"$f":"I124*J124","v":{"v":0,"d":"$0.00"}}]
["ESP 21.9.4","21.9.4","Suministro, transporte e instalación de nichos en Drywall con Recubrimiento en formica (laminado de alta presión Ref. Real 2224 Opak Bleen Bleen y exterior en laminado de alta presión Ref. real 1556 Up Roble sepia o equivalente), incluye dintel y banca en drywall, cojinería en vértigo nuvant gris claro con cierres ocultos y todos los elementos necesarios para su correcto funcionamiento.","un",4,{"v":52457655,"d":"$52,457,655.00"},{"$f":"E125*F125","v":{"v":209830620,"d":"$209,830,620.00"}},null,4,null,{"$f":"I125*J125","v":{"v":0,"d":"$0.00"}},{"$nulls":9},{"$f":"U123+U104+U99+U84+U70+#REF!+#REF!+U58","v":{"$error":"#REF!"}}]
[null,null,"TOTAL DE VARIOS MOBILIARIO",{"$nulls":3},{"$f":"SUM(G110:G125)","v":{"v":1336357653.176085,"d":"$1,336,357,653.18"}},{"$nulls":3},{"$f":"SUM(K110:K125)","v":{"v":0,"d":"$0.00"}}]
[{"$nulls":20},{"$f":"U125+#REF!+#REF!+#REF!+#REF!+#REF!+#REF!+#REF!+#REF!+#REF!++#REF!+#REF!++#REF!+#REF!+#REF!+#REF!+#REF!+#REF!+#REF!+#REF!+#REF!","v":{"$error":"#REF!"}}]
[null,null,"TOTAL DE MOBILIARIO",{"$nulls":3},{"$f":"G126+G107+G102+G87+G73+G61","v":{"v":13401523507.076086,"d":"$13,401,523,507.08"}},{"$nulls":3},{"$f":"K126+K107+K102+K87+K73+K61","v":{"v":0,"d":"$0.00"}}]
["NOTA ACLARATORIA:","Este producto está sujeto a modificaciones, ya que los diseños de redes hidrosanitarias externas aún no han sido aprobados por EPM. En consecuencia, los costos de este entregable podrían variar."]
[]
[{"$nulls":4},"RESUMEN A COSTO DIRECTO",{"$nulls":3},"RESUMEN A COSTO DIRECTO"]
[{"$nulls":4},"TOTAL PANELES SOLARES",null,{"$f":"G16","v":{"v":436122663.16,"d":"$436,122,663.16"}},null,"TOTAL PANELES SOLARES",null,{"$f":"K16","v":{"v":0,"d":"$0.00"}}]
["Comentarios respecto a ÍTEMS enlistados:",{"$nulls":3},"TOTAL CIELOS",null,{"$f":"G28","v":{"v":2213351607.89548,"d":"$2,213,351,607.90"}},null,"TOTAL CIELOS",null,{"$f":"K28","v":{"v":0,"d":"$0.00"}}]
["ITEM","COMENTARIOS",null,null,"TOTAL MOBILIARIO",null,{"$f":"G128","v":{"v":13401523507.076086,"d":"$13,401,523,507.08"}},null,"TOTAL MOBILIARIO",null,{"$f":"K128","v":{"v":0,"d":"$0.00"}}]
["9.0.0","La información utilizada como base para el presupuesto de RCI, fue con los precios de lista que maneja el diseñador. RCI",{"$nulls":3},"TOTAL CD ADICIÓN",{"$f":"G134+G133+G132","v":{"v":16050997778.131565,"d":"$16,050,997,778.13"}},null,null,"TOTAL CD ADICIÓN",{"$f":"K134+K133+K132","v":{"v":0,"d":"$0.00"}}]
["12.0.0","La información utilizada como base para el presupuesto de Aire acondicionado, fue con los precios de lista que maneja el diseñador. AIRE ACONDICIONADO"]
["13.0.0","La información utilizada como base para el presupuesto eléctrico, fue con los precios de lista que maneja el diseñador y cotizaciones anexas a la información ELECTRICO",null,null,"OBRA COSTO INDIRECTO ",{"$nulls":3},"OBRA COSTO INDIRECTO "]
["14.1.8","La pintura para señalización de columnas se encuentra en el capítulo 14.0.0 Sistemas tecnológicos, subcapítulo 14.1.8 Señalética; fue asignado en este capítulo porque la información la diseño el departamento de Tecnología",null,null,"A(%)",null,{"v":0.1536,"d":"15.36%"},null,"A(%)",null,{"v":0.1536,"d":"15.36%"}]
["16.1.1 - 16.1.2","Para la recolección de basura y escombro que se generen mediante los ítem de aseo, estos deberán estar en un acopio asignado por la obra",null,null,"U(%)",null,{"v":0.05,"d":"5.00%"},null,"U(%)",null,{"v":0.05,"d":"5.00%"}]
["16.1.1 - 16.1.2","Los precios para estos ítems fueron asignados por la ESU (Ing Juan Villa), de igual manera se presenta una cotización para estas actividades ASEO",null,null,"AU(%)",null,{"$f":"SUM(G138:G139)","v":{"v":0.2036,"d":"20.36%"}},null,"AU(%)",null,{"$f":"SUM(K138:K139)","v":{"v":0.2036,"d":"20.36%"}}]
[null,"Para los materiales o insumos de exportación dentro del presupuesto, se maneja una TRM de $4298.31 COP (24-04-25), fuente: https://www.dolar-colombia.com/mes/2025-04"]
[null,"En la carpeta de 2. Cotizaciones Se encuentra relacionado las cotizaciones solicitadas para las actividades del presupuesto, adicional en algunos casos fueron utilizados los precios de lista de algunos insumos"]
[null,"Una vez se cuente con la aprobación de las redes externas se debe tener en cuenta los cambios en  los costos, cantidades y duraciones finales de las redes hidrosanitarias externas e internas, puesto que se están actualizando estos diseños debido a información referente a la topografía e investigación de redes. Es importante aclarar que estos diseños pueden tener variaciones en su planteamiento ya que aún no ha sido aprobado por parte de EPM en el diseño de redes exteriores. "]
["10.1.2.3.4","En este ítem la información ingresada en el apu el costo del ducto se encuentra ingresada por unidad."]
["13.10.0","Los ductos de las actividades de este subcapítulo (SISTEMA DE DUCTOS METÁLICOS) , el costo de los mismos se encuentra por unidad."]
["8.6.0","VARIOS APARATOS SANITARIOS: aparatos sanitarios son los accesorios con el fin de cubrir todo lo relacionado con urinarios, retretes, lavaderos, duchas y demás."]

{"sheet":"Generalidades","index":3,"n_rows":13,"n_cols":5,"rows_kept":13,"merged":[[1,1,1,4],[2,1,2,2],[5,1,5,2],[9,1,10,1],[12,1,12,2]]}
[]
[null,"GENERALIDADES"]
["ITEM","ESPECIFICACIONES GENERALES C5-M",null,"CUMPLE","NO CUMPLE"]
["1.1","Funcionamiento","Continúo sin limitaciones funcionales durante las 24 horas del día, todos los días del año."]
["1.2","Constatar todas las  cantidades necesarias ","Es responsabilidad del contratista, suministrar todo lo necesario para el desarrollo de la solución tecnológica propuesta, incluyendo los accesorios para la instalación y correcto funcionamiento y enlazado al servidor central."]
["1.3","No se reconocerán valores adicionales al ofertado en cada propuesta por concepto mayores cantidades en la instalación. Es obligación del oferente contemplar en su propuesta el costo de accesorios de instalación  y su mantenimiento a todo costo por el tiempo solicitado en las presentes especificaciones."]
["1.4","Mantenimiento y soporte  ","El contratista deberá tomar acciones que permitan detectar las fallas y defectos de los equipos o elementos del sistema, para lo cual cada (06) seis meses deberá realizar un mantenimiento con sus respectivos procedimiento o protocolos y de ser necesario adelantar acciones correctivas; finalizada la actividad el contratista entregará un informe técnico de lo actuado, mínimo durante el plazo de garantía  de instalación de tres (3 años).  Los mantenimientos inician a los 6 meses de firmado el acta de entrega por parte del contratista"]
["1.5","Gatantia equipos","Sera responsabilida del contratista que implemente la solucion el escalar con cada uno de los fabricantes en caso de presentarse una garantia de equipos. "]
["1.6","Instalación y Configuración","todos los subsistemas deberán entregarse instaladas, cableadas, configuradas y en correcto funcionamiento como un Sistema integrado. Incluye todos los elementos de cableado, fijación, etc, necesarios para un óptimo funcionamiento"]
["1.7","Garantía","El contratista debe proveer un periodo mínimo de 3 años de garantía todos los equipos activos de la solución implemen"]
["1.8",null,"Los equipos instalados en la solución, deberán contar con periodo de garantía de 3 años directos de fábrica."]
[null,"Capacitaciones","El contratista, una vez instalado el componente técnológico realizara la transferencia de conocimiento para la operación de los equipos instalados, al personal que el supervisor designe."]
["25.49","Los trabajadores deben limpiar los escombros y la basura al cierre de cada día de trabajo. "]

{"sheet":"BMS","index":4,"n_rows":39,"n_cols":5,"rows_kept":39,"merged":[[0,1,0,4],[1,1,1,2],[2,1,2,2],[5,1,5,2],[12,0,17,0],[12,1,17,1],[28,1,28,2]]}
[null,"SISTEMA DE GESTION DEL C5-M"]
["ITEM","DESCRIPCIÓN",null,"CUMPLE","NO CUMPLE"]
[1,"SISTEMA DE GESTION INTELIGENTE"]
["1.1","Marca","Especificar"]
["1.2","Modelo","Especificar"]
["1.3","Se requiere una solución de integración de cada uno de los sistemas cctv, control de accesos, alarmas e intrución  y subsistemas de seguridad, que permita la integración con aplicaciones de terceros mediantes dispositivos abiertos y kits de desarrollo de software sdk."]
["1.4","Interoperabilidad","La solución debe ser escalable y permitir crecimiento a futuro mediante estandares  bacnet, knx, modbus, lonworks, opc, onvif, osdp, kits de desarrollo entre otros.\t"]
["1.5","Topologia ","Debe Permitir topología cliente-servidor y/o arquitectura Distribuida o centralizada que permita gestionar y administrar los diferentes medios tecnológicos"]
["1.6","Árbol lógico","Debe tener un Árbol lógico personalizado para cada grupo de usuarios: los usuarios sólo deben ver los dispositivos a los que tienen acceso"]
["1.7","Integración","Con el sistema Security VMS el cual integra los sistema de seguridad"]
["1.8","Notificaciones","Notificación de alarmas y eventos por correo electrónico o SMS"]
["1.9","Clientes","Debe Permitir ilimitado número de estaciones clientes concurrentes."]
["1.10","Integración","Debe Permitir la gestión y control de iluminación."]
[null,null,"Debe Permitir la gestión de sistemas HVAC."]
[null,null,"Debe Permitir la gestión de UPS."]
[null,null,"Debe Permitir la gestión de medidores de energía, agua y gas"]
[null,null,"Debe Permitir la gestión de Ascensores."]
[null,null,"Debe Pebe permitir la gestión de equipos electrónicos utilizando diferentes protocolos de comunicaciones, en al menos dos de los siguientes protocolos, BACNET, LONWORKS, MODBUS, OPC, SNMP, DALI, KNX o DNP3."]
["1.11","Perfiles","Debe Permitir la creación de diferentes perfiles de usuario.   El sistema debe llevar registro de todas las acciones de cada uno de los usuarios. Así mismo debe contar con la capacidad de almacenar un log de eventos con la gestión de cada uno de los usuarios."]
["1.12","Alarmas","Debe Permitir Filtrar, buscar y clasificar alarmas por estado actual, nivel de alarma y otros atributos personalizables."]
["1.13","Interfaz Grafica","Debe contar con un despliegue gráfico de los planos de los edificios en 2D y 3D indicando cada uno de los elementos a controlar o a supervisar con nombres en español y dentro de un entorno espacial acorde a su ubicación.  El sistema debe visualizar cada uno de los sistemas por capas, para verificar en detalle cada uno de los subsistemas. "]
["1.14","Planos o imágenes 2D","Debe permitir hacer cambios de elementos constructivos dentro de un gráfico importando directamente el archivo del nuevo plano."]
["1.15","Seguridad","Debe Permitir flujo de trabajo con instrucciones y comentarios de usuario que puedan forzarse antes de su eliminación, alineado a los protocolos de seguridad"]
["1.16","Virtualización ","Deberá permitir Servidores Windows virtualizados usando: Microsoft Hyper-V y/o VMWare."]
["1.17","Conectividad avanzada","Con protocolos como BACnet/IP  y/o (BTL-listed B-BC y B-OWS) y/o BACnet/SC (TLS 1.3), OPC UA Client, Modbus TCP/RTU, MQTT (TLS 1.2/1.3) y LonWorks, además de integración con servicios web (REST/SOAP) y autenticación mediante Active Directory o SAML 2.0."]
["1.18","Modulo gestion Datacenter","Incluido "]
["1.19","Sistema de  intrusión","Deberá gestionar los sensores disponibles del sistema de iluminacion y sensores del apertura del sistema de control de acceso. "]
["1.20","Ficha técnica","Del equipo ofertado (es obligatorio  adjuntar  la ficha técnica junto con el presente anexo)"]
[2,"SERVIDOR CENTRAL "]
["2.1","Marca","Especificar"]
["2.2","Modelo","Especificar"]
["2.3","Procesaror","Procesador Intel Core i5  (mínimo 2.0 GHz) o similar"]
["2.4","Memoria RAM","Minimo 16 GB"]
["2.5","Almacenamiento ","Minimo  SSD de 1 TB"]
["2.6","Arquitectura ","x86"]
["2.7","Sistema Operativo","compatible con sistemas operativos Windows (Windows 10/11, Server 2012 R2-2022) y/o Linux"]
["2.8","Base de datos","PostgreSQL o Microsoft SQL Server."]
["2.9","Disponibilidad","Failover"]
["2.10","Ficha técnica","Del equipo ofertado (es obligatorio  adjuntar  la ficha técnica junto con el presente anexo)"]

{"sheet":"BMS_P","index":5,"n_rows":39,"n_cols":6,"rows_kept":39}
["ITEM","DESCRIPCIÓN","UND","CANTIDAD","VALOR UNITARIO ","VALOR PARCIAL"]
[1,"MÓDULO GESTIÓN DE ENERGÍA, GAS Y AGUA"]
["1.01","Licencia principal PME","Und",1,null,{"$f":"E3*D3","v":0}]
["1.02","Licencia de integración","Und",20,null,{"$f":"E4*D4","v":0}]
["1.03","Servicio analítica para el sistema eléctrico / de energía.","Und",50,null,0]
["1.04","Software Assurance 3 Year","Und",5,null,0]
["2","MÓDULO BMS"]
["2.01","Licencia Enterprise Server para hasta 10 controladores  (incluye 3 estaciones de trabajo)","Und",1,null,{"$f":"E8*D8","v":0}]
["2.02","SmartConnector  licencia que permite conectar a alto nivel módulo ","Und",1,null,0]
["2.03","Transformador 100VA 120 - 24V para el AS-P","Und",4,null,0]
["2.04","Servidor / controlador principal BMS (solo hardware)","Und",4,null,0]
["2.05","Software permite integrar hasta 100 dispositivos","Und",4,null,0]
["2.06","Fuente de alimentación PS-24V","Und",4,null,0]
["2.07","Base terminal","Und",4,null,0]
["2.08","Base terminal para fuente de alimentación","Und",4,null,0]
["2.09","Licencia para habilitacion de Modbus","Und",4,null,0]
["3","Modulos entrada y salida "]
["3.01","Controlador BMS 12A (8UIO, 4 DO)","Und",8,null,{"$f":"E18*D18","v":0}]
["3.02","Transformador 50VA 120 - 24V ","Und",8,null,0]
["3.03","Panel servidor universal, dispositivo que permite integrar los equipos Modbus RTU (110V-277 VAC-V)","Und",1,null,0]
["4","MÓDULO DATACENTER"]
["4.01","Licencia principal  IT Data Center para 25 nodos","Und",1,null,{"$f":"E22*D22","v":0}]
["4.02","Licencia adicional de 100 nodos para IT Data Center Expert","Und",1,null,0]
["4.03","Licencia activación máquina virtual para  IT Data Center Expert","Und",1,null,0]
["4.04","Servicio instación y configuración para Data Center Expert remoto","Und",3,null,0]
["4.05","Contrato de soporte / mantenimiento VM por 3 años para Data Center Expert 3","Und",1,null,0]
["4.06","Contrato de soporte / mantenimiento VM por 3 años para 25 nodos de Data Center Expert","Und",1,null,0]
["4.07","Contrato de soporte / mantenimiento VM por 3 años para 100 nodos de Data Center Expert","Und",1,null,0]
["4.08","Licencia principal IT Advisor para 10 racks","Und",5,null,0]
["4.09","Licencia adicional módulo capacity 10 racks para IT Advisor","Und",5,null,0]
["4.10","Contrato de soporte / mantenimiento  IT Advisor 3 años 10 racks","Und",5,null,0]
["4.11","Contrato de soporte / mantenimiento  IT Advisor 3 años módulo capacity para 10 racks","Und",5,null,0]
["4.12","Servicio instalación y configuración","Und",1,null,0]
["4.13","SERVIDOR DE GESTION DE APLICACIÓN","Und",1,null,0]
["4.14","Monitor de 22\"",null,1,null,0]
["4.15","Tablero (4unidades) )NEMA y adecuaciones fisicas para señales MODBUS/eléctrica","Und",1,null,0]
[{"$nulls":4},"SUBTOTAL",{"$f":"SUM(F2:F36)","v":0}]
[{"$nulls":4},"IVA",{"$f":"F37*19%","v":0}]
[{"$nulls":4},"TOTAL",{"$f":"F37+F38","v":0}]

{"sheet":"Datacenter","index":6,"n_rows":490,"n_cols":5,"rows_kept":490,"merged":[[1,1,1,4],[2,1,2,2],[3,1,3,2],[4,1,4,2],[5,1,5,2],[6,1,6,2],[7,1,7,2],[8,1,8,2],[9,1,9,2],[10,1,10,2],[11,1,11,2],[12,1,12,2],[13,1,13,2],[15,1,15,2],[16,1,16,2],[17,1,17,2],[18,1,18,2],[19,1,19,2],[20,1,20,2],[21,1,21,2],[22,1,22,2],[27,1,27,2],[28,1,28,2],[29,1,29,2],[30,1,30,2],[31,1,31,2],[32,1,32,2],[33,1,33,2],[34,1,34,2],[35,1,35,2],[36,1,36,2],[37,1,37,2],[38,1,38,2],[39,1,39,2],[40,1,40,2],[41,1,41,2],[42,1,42,2],[43,1,43,2],[44,1,44,2],[45,1,45,2],[46,1,46,2],[47,1,47,2],[48,1,48,2],[49,1,49,2],[50,1,50,2],[51,1,51,2],[55,1,55,2],[59,1,59,2],[60,1,60,2],[61,1,61,2],[62,1,62,2],[63,1,63,2],[64,1,64,2],[65,1,65,2],[66,1,66,2],[67,1,67,2],[68,1,68,2],[69,1,69,2],[70,1,70,2],[71,1,71,2],[72,1,72,2],[73,1,73,2],[74,1,74,2],[76,1,76,2],[80,1,80,2],[81,1,81,2],[82,1,82,2],[83,1,83,2],[84,1,84,2],[85,1,85,2],[86,1,86,2],[87,1,87,2],[88,1,88,2],[89,1,89,2],[90,1,90,2],[91,1,91,2],[93,1,93,2],[97,1,97,2],[98,1,98,2],[99,1,99,2],[100,1,100,2],[101,1,101,2],[102,1,102,2],[103,1,103,2],[104,1,104,2],[105,1,105,2],[106,1,106,2],[107,1,107,2],[108,1,108,2],[109,1,109,2],[110,1,110,2],[111,1,111,2],[112,1,112,2],[113,1,113,2],[115,1,115,2],[119,1,119,2],[120,1,120,2],[121,1,121,2],[122,1,122,2],[123,1,123,2],[124,1,124,2],[125,1,125,2],[126,1,126,2],[127,1,127,2],[128,1,128,2],[129,1,129,2],[130,1,130,2],[131,1,131,2],[132,1,132,2],[133,1,133,2],[137,1,137,2],[140,1,140,2],[141,1,141,2],[142,1,142,2],[143,1,143,2],[144,1,144,2],[152,0,162,0],[152,1,162,1],[163,0,171,0],[163,1,171,1],[172,0,176,0],[172,1,176,1],[177,0,186,0],[177,1,186,1],[187,0,191,0],[187,1,191,1],[192,0,196,0],[192,1,196,1],[198,1,198,2],[199,1,199,2],[200,0,209,0],[200,1,209,1],[210,0,211,0],[210,1,211,1],[212,0,214,0],[212,1,214,1],[215,0,221,0],[215,1,221,1],[222,1,222,2],[224,1,224,2],[225,1,225,2],[226,1,226,2],[227,1,227,2],[228,1,228,2],[229,1,229,2],[230,1,230,2],[231,1,231,2],[232,1,232,2],[233,1,233,2],[234,1,234,2],[235,1,235,2],[236,1,236,2],[237,1,237,2],[238,1,238,2],[239,1,239,2],[240,1,240,2],[241,1,241,2],[242,1,242,2],[243,1,243,2],[244,1,244,2],[245,1,245,2],[246,1,246,2],[247,1,247,2],[248,1,248,2],[249,1,249,2],[250,1,250,2],[251,1,251,2],[252,1,252,2],[253,1,253,2],[254,1,254,2],[255,1,255,2],[256,1,256,2],[257,1,257,2],[258,1,258,2],[259,1,259,2],[261,1,261,2],[262,1,262,2],[263,1,263,2],[264,1,264,2],[265,1,265,2],[266,1,266,2],[267,1,267,2],[268,1,268,2],[269,1,269,2],[270,1,270,2],[271,1,271,2],[272,1,272,2],[275,0,285,0],[286,1,286,2],[287,1,287,2],[288,1,288,2],[289,1,289,2],[290,1,290,2],[291,1,291,2],[292,1,292,2],[293,1,293,2],[294,1,294,2],[295,1,295,2],[296,1,296,2],[297,1,297,2],[298,1,298,2],[299,1,299,2],[300,1,300,2],[301,1,301,2],[302,1,302,2],[303,1,303,2],[304,1,304,2],[305,1,305,2],[306,1,306,2],[307,1,307,2],[308,1,308,2],[309,1,309,2],[310,1,310,2],[311,1,311,2],[312,1,312,2],[313,1,313,2],[314,1,314,2],[315,1,315,2],[316,1,316,2],[317,1,317,2],[318,1,318,2],[319,1,319,2],[320,1,320,2],[321,1,321,2],[322,1,322,2],[323,1,323,2],[324,1,324,2],[325,1,325,2],[326,1,326,2],[327,1,327,2],[328,1,328,2],[329,1,329,2],[330,1,330,2],[331,1,331,2],[332,1,332,2],[333,1,333,2],[334,1,334,2],[335,1,335,2],[336,1,336,2],[337,1,337,2],[338,1,338,2],[339,1,339,2],[340,1,340,2],[341,1,341,2],[342,1,342,2],[343,1,343,2],[344,1,344,2],[345,1,345,2],[346,1,346,2],[347,1,347,2],[348,1,348,2],[349,1,349,2],[350,1,350,2],[351,1,351,2],[352,1,352,2],[353,1,353,2],[354,1,354,2],[355,1,355,2],[356,1,356,2],[357,1,357,2],[358,1,358,2],[359,1,359,2],[360,1,360,2],[361,1,361,2],[362,1,362,2],[363,1,363,2],[364,1,364,2],[365,1,365,2],[366,1,366,2],[367,1,367,2],[368,1,368,2],[369,1,369,2],[370,1,370,2],[371,1,371,2],[372,1,372,2],[373,1,373,2],[374,1,374,2],[375,1,375,2],[376,1,376,2],[377,1,377,2],[378,1,378,2],[379,1,379,2],[380,1,380,2],[381,1,381,2],[384,1,384,2],[385,1,385,2],[386,1,386,2],[388,1,388,2],[389,1,389,2],[390,1,390,2],[391,1,391,2],[393,1,393,2],[394,1,394,2],[395,1,395,2],[396,1,396,2],[397,1,397,2],[398,1,398,2],[399,1,399,2],[402,1,402,2],[404,1,404,2],[406,1,406,2],[408,1,408,2],[409,1,409,2],[410,1,410,2],[411,1,411,2],[412,1,412,2],[413,1,413,2],[414,1,414,2],[415,1,415,2],[416,1,416,2],[418,1,418,2],[419,1,419,2],[420,1,420,2],[421,1,421,2],[422,1,422,2],[423,1,423,2],[425,1,425,2],[426,1,426,2],[427,1,427,2],[428,1,428,2],[429,1,429,2],[430,1,430,2],[431,1,431,2],[434,1,434,2],[435,1,435,2],[436,1,436,2],[437,1,437,2],[438,1,438,2],[440,1,440,2],[441,1,441,2],[442,1,442,2],[443,1,443,2],[444,1,444,2],[445,1,445,2],[446,1,446,2],[447,1,447,2],[449,1,449,2],[450,1,450,2],[451,1,451,2],[452,1,452,2],[453,1,453,2],[454,1,454,2],[455,1,455,2],[456,1,456,2],[458,1,458,2],[459,1,459,2],[460,1,460,2],[461,1,461,2],[462,1,462,2],[463,1,463,2],[464,1,464,2],[465,1,465,2],[466,1,466,2],[467,1,467,2],[468,1,468,2],[469,1,469,2],[470,1,470,2],[471,1,471,2],[472,1,472,2],[473,1,473,2],[474,1,474,2],[476,1,476,2],[477,1,477,2],[478,1,478,2],[480,1,480,2],[481,1,481,2],[483,1,483,2],[485,1,485,2],[486,1,486,2],[488,1,488,2],[489,1,489,2]]}
[]
[]
["ITEM","DESCRIPCIÓN",null,"CUMPLE","NO CUMPLE"]
[1,"CERTIFICACIÓN DE CALIDAD Y FABRICANTE DE PRODUCTOS"]
["1.1","Todo hardware de conexión y cable de telecomunicaciones debe estar manufacturado por un fabricante certificado ISO 9001-2015 / ISO 14001 - 2015. "]
["1.2","Es requisito obligatorio que el proponente anexe la certificación Intertek- ETL con norma vigente TIA e ISO que muestre los requisitos de desempeño en cada una de las normas descritas a una longitud de 100 metros y cuatro conexiones Categoría 6A hasta 500 MHz con cordones 26AWG."]
["1.3","Es requisito obligatorio que el proponente anexe catálogos originales (página web) en donde se demuestre que el cable cumple con los requisitos de flamabilidad, baja emisión de humo y halógenos cumpliendo IEC 60332-3, IEC 60754 e IEC 61034."]
["1.4","El fabricante deberá ser miembro activo de cualquiera de las siguientes alianzas de AV (HDBaseT, SDVoE, Dante AV, AVB (Audio Video Bridging) , la información podrá ser verificada en el sitio web de la alianza. "]
["1.5","El fabricante hará una supervisión por parte de un ingeniero con matrícula profesional vigente y credencial RCDD que pertenezca a la nómina del fabricante para un soporte oportuno y cumplimiento de la supervisión exigida. Esta supervisión se hará durante la ejecución el proyecto. El RCDD debe aparecer vigente en la página de BICSI: Es requisito obligatorio que el proponente anexe una carta con el nombre del RDDD para verificación. https://www.bicsi.org/forms/Verify/CredentialHolder/. "]
["1.6","El fabricante hará una supervisión al cuarto técnico/centro de datos por parte de un ingeniero con matrícula profesional vigente y credencial DCDC que pertenezca a la nómina del fabricante para un soporte oportuno y cumplimiento de la supervisión exigida. Esta supervisión se hará durante la ejecución el proyecto. El DCDC debe aparecer vigente en la página de BICSI."]
["1.7","Con el fin de proteger la inversión, el fabricante debe tener la opción de actualización del sistema a categorías superiores como categoría 7A, 8.2 sobre los mismos paneles y faceplates del sistema apantallado sin cambiar ninguno de ellos. Es requisito obligatorio que se anexen los catálogos impresos o electrónicos de los productos que demuestren esto."]
["1.8","El proponente debe anexar un documento emitido por el fabricante que indique que está autorizado para instalar sus productos y que puede tramitar y emitir la garantía con el fabricante."]
["1.9","Se deben anexar los catálogos originales (página web)  de la solución de cableado ofrecido. Cada catálogo debe mostrar el código del producto ofertado, estas mismas fichas técnicas deberán estar disponibles en la página web del fabricante. de presentarse alguna inconsistencia se verificará el número de parte en el sitio web del fabricante y debe coincidir con las especificaciones solicitadas en el presente documento."]
["1.10","No se aceptarán propuestas cuyo número de parte no se encuentre en el sitio web oficial del fabricante."]
["1.11","La instalación, documentación, componentes y sistemas deben cumplir o exceder las siguientes especificaciones de la industria:","ISO 14763-2/2019,  ISO/IEC 11801, ANSI/TIA-526-7-A, ANSI/TIA-526-14-C,  ANSI/ \tTIA-606-D o ISO/IEC 14763-2-1 ,  ANSI/TIA-607-E y/o ISO/IEC 30129,  IEEE 802.3an , IEC 61156-5 "]
[2,"ESPECIFICACIONES DE COMPONENTES "]
["2.1","Además de cumplir con las especificaciones de la ISO/IEC 11801-1 para CLASE FA, todos los componentes deben cumplir con los requisitos descritos en esta sección, el oferente incluirá las barras colectoras de tierra , terminales y cables requeridos por los estándares de tierra y equipotencialización."]
["2.2","El proponente deberá anexar certificado de garantía, la cual incluye un cuadro con los parámetros mínimos de desempeño y el margen garantizado basado en ISO/IEC en caso de que aplique, esto incluye los valores de PS ANEXT y PS AACR-F, PS NEXT entre otros."]
["2.3","Todos los componentes del canal de cobre y fibra deben ser de una sola marca a fin de garantizar el funcionamiento end-to-end del mismo. No se aceptarán oferta donde se mezclen componentes o subsistemas de más de un (1) fabricante o marca."]
["2.4","Se exigirá que el sistema de cableado estructurado tenga una garantía expedida por el fabricante por un mínimo de 25 años sobre todos y cada uno de los componentes instalados. Así mismo se requerirá garantía que certifique el funcionamiento de todas las aplicaciones diseñadas para correr en las redes descritas y del rendimiento garantizado. También se exigirá que todas las ofertas presentadas vengan acompañadas de una carta emitida por el fabricante en donde se avale el respaldo de este a la empresa oferente y se asuma un compromiso por la garantía. "]
["2.5","Adicional a lo anterior, el fabricante incluirá dentro de la  garantía de producto la reinstalación del producto para los cambios requeridos por este concepto. "]
["2.6","Es requisito obligatorio que el proponente anexe con la propuesta los catálogos de los productos ofertados. Cada catálogo debe mostrar el código del producto ofertado; no se aceptarán propuestas con catálogos que contengan códigos diferentes a los ofertados o descripciones diferentes a las solicitadas en el presente documento, la información podrá consultarse en la página web del fabricante."]
[3,"AIM (ADMINISTRACION AUTOMATIZADA DE LA INFRAESTRUCTURA)"]
["3.1","Cantidad ","De acuerdo al cuadro de cantidades"]
["3.2","Marca","Especificar"]
["3.3","Modelo","Especificar"]
["3.4","COMPONENTES DE HARDWARE","Los paneles de control(analizadores/controladores) son dispositivos de hardware que recopilan información sobre el estado del parcheo de los paneles de conexión inteligentes/bandejas de fibra optica.  Esta información se transmite a través de la LAN/WAN del cliente a una base de datos central. Los paneles de control deben ser compatibles con el software del fabricante "]
["3.5","Estar construidos en total conformidad con las normas ANSI/TIA-568-C.2 e ISO/IEC 11801 Ed. 2 o sus más recientes versiones."]
["3.6","Cumplir con la norma CEA-310-E o su más reciente versión para asegurar que su montaje es compatible con racks de 19 in."]
["3.7","Su interfaz modular (jack) debe permitir un mínimo de 1000 ciclos de inserciones de plugs RJ45 ó RJ11."]
["3.8","Su interfaz IDC debe permitir ambas configuraciones T568A y T568B, indicando claramente, con etiquetas o rotulado, ambas configuraciones."]
["3.9","Debe tener puertos modulares que cumplan con IEC 60603-7 y FCC CFR 47, parte 68, subparte F, con contactos de 50 micropulgadas de oro sobre níquel."]
["3.10","Debe tener una envolvente metálica totalmente cerrada para mayor protección física de los circuitos impresos y partes en termoplástico retardante a la flama libre de plomo, libre de PVC y libre de halógenos."]
["3.11","Poseer conectores tipo IDC (insulation displacement connection – conexión por desplazamiento de aislante) que permitan la terminación de conductores sólidos y multifilares de varios calibres, desde 26 AWG hasta 22 AWG."]
["3.12","Permitir la terminación de cables de hasta 9 mm de diámetro exterior."]
["3.13","Para facilitar la administración y el acomodo de los cables en su parte posterior, el dispositivo debe tener integrado un organizador posterior de cables."]
["3.14","Debe tener una altura que ocupe como máximo una (1) unidad de rack (1RMS = 44.5 mm [1.75 in])."]
["3.15","Debe monitorear continuamente todos los componentes del sistema y reportar las fallas al software de administración inteligente."]
["3.16","Debe cumplir o exceder las normas UL 60950-1, 1st Edition (2003) – Information Technology Equipment, ACA TS 001 y A/NZS 3260."]
["3.17","Cada analizador debe estar diseñado para alta densidad, tener una altura que ocupe como máximo una (1) unidad de rack (1RMS = 44.5 mm [1.75 in]) y brindar una capacidad de al menos 2880 puertos (120 paneles de 24 puertos) monitoreados. Esta especificación se da con el fin de reducir al mínimo el espacio requerido por el sistema de administración inteligente. El uso combinado de analizadores en una misma zona de parcheo, debe permitir extender su capacidad a por lo menos 65.000 puertos monitoreados."]
["3.18","Para la alta disponibilidad del sistema de administración inteligente, cada analizador debe ofrecer redundancia en todas sus conexiones, incluyendo puertos de alimentación eléctrica, puertos de comunicaciones LAN y puertos de bus de control."]
["3.19","Las conexiones entre el bus de control y los paneles inteligentes deben realizarse con cable balanceado de 4 pares y permitir su terminación en sitio en conectores estándar 110 ó RJ45. No se aceptarán cables de fabricación especial ni cables cuya terminación requieran conectores especiales."]
["3.20","El sistema debe permitir que el personal técnico realice sus actividades de administración directamente en los analizadores y paneles inteligentes, sin que sea necesario que el técnico requiera el uso de una computadora, tablet u otro dispositivo ni conexión a internet. Las actividades de administración que el técnico debe poder realizar de esta forma incluyen rastreo de patch cords, identificación y trazado de circuitos, diagnóstico de componentes y cierre de órdenes de trabajo."]
["3.21","El sistema debe ser eficiente en su consumo de energía, no consumir más de 21 W por analizador, no requerir más de una dirección IP y dos puertos LAN por cada zona de parcheo -incluso en aquellas de hasta 65,000 nodos-, y no requerir enfriamiento para su operación."]
["3.22","Estar construidos en total conformidad con las normas ANSI/TIA-568-C.2 e ISO/IEC 11801 Ed. 2 o sus más recientes versiones."]
["3.23","Cumplir con la norma CEA-310-E o su más reciente versión para asegurar que su montaje es compatible con racks de 19 in."]
["3.24","Su interfaz modular (jack) debe permitir un mínimo de 1000 ciclos de inserciones de plugs RJ45 ó RJ11."]
["3.25","Su interfaz IDC debe permitir ambas configuraciones T568A y T568B, indicando claramente, con etiquetas o rotulado, ambas configuraciones."]
["3.26","Debe tener puertos modulares que cumplan con IEC 60603-7 y FCC CFR 47, parte 68, subparte F, con contactos de 50 micropulgadas de oro sobre níquel."]
["3.27","Debe tener una estructura metálica para mayor protección y partes en termoplástico retardante a la flama libre de plomo, libre de PVC y libre de halógenos."]
["3.28","Debe ser 100% modular. Debe permitir la inserción de 24 puertos tipo keystone tanto blindados como no blindados; en caso de falla, debe permitir el reemplazo de cualquiera de sus conectores, sin que haya que desconectar los otros puertos ni interrumpir su monitoreo, y debe permitir el reemplazo de su módulo inteligente, sin que haya que desconectar sus puertos de cableado o interrumpir su servicio."]
["3.29","Cada panel debe contar con puertos redundantes para la conexión al bus de control del analizador. Las conexiones entre el bus de control y los paneles inteligentes deben realizarse con cable balanceado de 4 pares y permitir su terminación en sitio en conectores estándar 110 ó RJ45. No se aceptarán cables de fabricación especial ni cables cuya terminación requieran conectores especiales."]
["3.30","Los paneles de control deben ser lo suficientemente flexibles como para admitir una variedad de opciones de instalación del cliente. Estos incluirán, entre otros: ","Conexión Cruzada, en fibra óptica como en cobre (conexiones de panel a panel). \nInterconexión, en fibra óptica como en cobre (conexiones desde el panel inteligente de cobre/fibra al Switch). \nUn solo panel de control puede admitir paneles en múltiples gabinetes/racks. \nSerá flexible en términos de densidad de puertos y adecuado (económicamente viable) para soportar entornos de sucursales remotas con capacidad para < 20 usuarios. \nSerá escalable, lo que permitirá al usuario agregar paneles inteligentes para el crecimiento futuro. "]
["3.31","MTBF (Main Time Between Failures) ","Minimo 20 años."]
["3.32","Ficha técnica","Del equipo ofertado (es obligatorio  adjuntar  la ficha técnica junto con el presente anexo)"]
[4,"PANELES INTELIGENTES DE COBRE (Aplica para los paneles de par trenzado del sistema de administración inteligente )"]
["4.1","Cantidad ","De acuerdo al cuadro de cantidades"]
["4.2","Marca","Especificar"]
["4.3","Modelo","Especificar"]
["4.4","Estar construidos en total conformidad con las normas ANSI/TIA-568-C.2 e ISO/IEC 11801 Ed. 2 o sus más recientes versiones."]
["4.5","Cumplir con la norma CEA-310-E o su más reciente versión para asegurar que su montaje es compatible con racks de 19 in."]
["4.6","Su interfaz modular (jack) debe permitir un mínimo de 1000 ciclos de inserciones de plugs RJ45 ó RJ11."]
["4.7","Su interfaz IDC debe permitir ambas configuraciones T568A y T568B, indicando claramente, con etiquetas o rotulado, ambas configuraciones."]
["4.8","Debe tener puertos modulares que cumplan con IEC 60603-7 y FCC CFR 47, parte 68, subparte F, con contactos de 50 micropulgadas de oro sobre níquel."]
["4.9","Debe tener una estructura metálica para mayor protección y partes en termoplástico retardante a la flama libre de plomo, libre de PVC y libre de halógenos."]
["4.10","Los paneles deben ser modulares y sus conectores deben permitir la terminación de cables de hasta 9 mm de diámetro exterior y deben ser tipo IDC (insulation displacement connection – conexión por desplazamiento de aislante) que permitan la terminación de conductores sólidos y multifilares de varios calibres, desde 26 AWG hasta 22 AWG."]
["4.11","Para facilitar la administración y el acomodo de los cables en su parte posterior, el panel debe tener integrado un organizador posterior de cables."]
["4.12","El panel debe tener accesorios que permitan la puesta a tierra del panel y la conexión automática a tierra de los conectores blindados al momento de su inserción al panel."]
["4.13","Debe tener una altura que ocupe como máximo una (1) unidad de rack (1RMS = 44.5 mm [1.75 in]) para 24 puertos y de dos (2) unidades de rack para 48 puertos."]
["4.14","Debe cumplir o exceder las normas UL 60950-1, 1st Edition (2003) – Information Technology Equipment, ACA TS 001 y A/NZS 3260."]
["4.15","Cada panel debe contar con puertos redundantes para la conexión al bus de control del analizador. Las conexiones entre el bus de control y los paneles inteligentes deben realizarse con cable balanceado de 4 pares y permitir su terminación en sitio en conectores estándar 110 ó RJ45. No se aceptarán cables de fabricación especial ni cables cuya terminación requieran conectores especiales."]
["4.16","Debe ser 100% modular. Debe permitir la inserción de 24 puertos tipo keystone tanto blindados como no blindados; en caso de falla, debe permitir el reemplazo de cualquiera de sus conectores, sin que haya que desconectar los otros puertos ni interrumpir su monitoreo, y debe permitir el reemplazo de su módulo inteligente, sin que haya que desconectar sus puertos de cableado o interrumpir su servicio."]
["4.17","El sistema debe permitir que el personal técnico realice sus actividades de administración directamente en los analizadores y paneles inteligentes, sin que sea necesario que el técnico requiera el uso de una computadora, tablet ni conexión a internet. Las actividades de administración que el técnico debe poder realizar de esta forma incluyen rastreo de patch cords, identificación y trazado de circuitos, diagnóstico de componentes y cierre de órdenes de trabajo. Para lo anterior, cada panel inteligente debe contar sensores de puerto, pantalla LCD y LEDs indicadores."]
["4.18","Los paneles inteligentes de cobre no deben requerir su conexión directa al sistema eléctrico, su alimentación de energía debe ser por medio del cable de bus de control."]
["4.19","Debe tener un MTBF (Main Time Between Failures) de al menos 20 años."]
["4.20","Ficha técnica","Del equipo ofertado (es obligatorio  adjuntar  la ficha técnica junto con el presente anexo)"]
[5,"PANELES INTELIGENTES DE FIBRA OPTICA  (Aplica solo para Los paneles de fibra óptica del sistema de administración inteligente)"]
["5.1","Cantidad ","De acuerdo al cuadro de cantidades"]
["5.2","Marca","Especificar"]
["5.3","Modelo","Especificar"]
["5.4","Estar construidos en total conformidad con las normas ANSI/TIA-568-C.0, ANSI/TIA-568-C.3 e ISO/IEC 11801 Ed. 2 o sus más recientes versiones."]
["5.5","Cumplir con la norma CEA-310-E o su más reciente versión para asegurar que su montaje es compatible con racks de 19 in."]
["5.6","Debe tener una estructura metálica para mayor protección y partes en termoplástico retardante a la flama libre de plomo, libre de PVC y libre de halógenos."]
["5.7","En su compartimiento posterior, el panel debe tener integrados accesorios y organizadores para el acomodo y administración del cable de fibra óptica, reserva de cable y radios de curvatura. También debe permitir el montaje de bandejas de empalmes en caso de que estos se requieran para la terminación de la fibra óptica en pigtails."]
["5.8","Debe tener una altura que ocupe como máximo una (1) unidad de rack (1RMS = 44.5 mm [1.75 in]) para 24 Puertos y de dos (2) unidades de rack para 48 puertos"]
["5.9","Debe cumplir o exceder las normas UL 60950-1, 1st Edition (2003) – Information Technology Equipment, ACA TS 001 y A/NZS 3260."]
["5.10","Debe tener una capacidad mínima de 48 fibras (24 puertos dúplex) en adaptadores LC a LC como tambien debe tener disponible la misma capacidad minima con conectividad MPO/MTP a LC."]
["5.11","Cada panel debe contar con puertos redundantes para la conexión al bus de control del analizador. Las conexiones entre el bus de control y los paneles inteligentes deben realizarse con cable balanceado de 4 pares y permitir su terminación en sitio en conectores estándar RJ45. No se aceptarán cables de fabricación especial ni cables cuya terminación requieran conectores especiales."]
["5.12","Debe permitir el reemplazo de su módulo inteligente, sin que haya que desconectar sus puertos de cableado o interrumpir su servicio."]
["5.13","El sistema debe permitir que el personal técnico realice sus actividades de administración directamente en los analizadores y paneles inteligentes, sin que sea necesario que el técnico requiera el uso de una computadora, tablet ni conexión a internet. Las actividades de administración que el técnico debe poder realizar de esta forma incluyen rastreo de patch cords, identificación y trazado de circuitos, diagnóstico de componentes y cierre de órdenes de trabajo. Para lo anterior, cada panel inteligente debe contar sensores de puerto, pantalla LCD y LEDs indicadores."]
["5.14","Los paneles inteligentes de fibra óptica no deben requerir su conexión directa al sistema eléctrico, su alimentación de energía debe ser por medio del cable de bus de control."]
["5.15","Debe tener un MTBF (Main Time Between Failures) de al menos 20 años."]
["5.16","Ficha técnica","Del equipo ofertado (es obligatorio  adjuntar  la ficha técnica junto con el presente anexo)"]
[6,"PATCH CORDS DE PAR TRENSADO (patch cords de par trenzado del sistema de administración inteligente)"]
["6.1","Cantidad ","De acuerdo al cuadro de cantidades"]
["6.2","Marca","Especificar"]
["6.3","Modelo","Especificar"]
["6.4","Estar construidos en total conformidad con las normas ANSI/TIA-568-C.2 e ISO/IEC 11801 Ed. 2 o sus más recientes versiones."]
["6.5","Para Categoría 6A y/o 7A cumplir con las especificaciones para componentes Categoría 6A para 10 Gb/s con un ancho de banda hasta 500MHz y para componentes 7A 10Gb/s con un ancho de banda de hasta 1000Mhz."]
["6.6","Su interfaz modular (plug) debe permitir un mínimo de 1000 ciclos de inserciones en jacks RJ45."]
["6.7","Ser compatible retroactivamente con categorías inferiores."]
["6.8","Para Categoría 6A estar ensamblado en fábrica y verificado 100% en su transmisión con analizadores de red grado laboratorio para un desempeño apropiado hasta 500MHz. Para Categoria 7A estar ensamblado en fábrica y verificado 100% en su transmisión con analizadores de red grado laboratorio para un desempeño apropiado hasta 1000MHz."]
["6.9","Que sus pares estén blindados con aisladores metálicos patentados para un desempeño óptimo de NEXT y crimpeado a 360° para una excelente liberación de tensión en la unión de plug a cable sin causar deformación de pares."]
["6.10","Contar con un conductor adicional que asegure un monitoreo continuo fuera de banda -que no utiliza los pares que transmiten los datos y señales del cableado- para la detección automática y en tiempo real de conexiones y desconexiones."]
["6.11","Tener acceso a la punta de sensor en la parte posterior de la bota para pruebas y mapeo."]
["6.12","Usar plugs modulares que cumplan y excedan las especificaciones de las normas FCC CFR 47, parte 68 subparte F e IEC 60603-7."]
["6.13","Tener un mínimo de 50 micropulgadas de chapa de oro sobre contactos de níquel."]
["6.14","Ser resistente a la corrosión por humedad, temperaturas extremas y partículas suspendidas."]
["6.15","Estar disponible en longitudes estándar minimo de 1, 2, 3 y 5 metros con otras longitudes a medida bajo pedido."]
["6.16","Estar disponible en colores blanco, gris y azul para identificación de circuitos."]
["6.17","Estar certificado por Underwriters Laboratories (UL)."]
["6.18","Contar con un noveno conductor y una punta de sensor con chapa de oro de 30 micropulgadas contenida en una robusta bota moldeada."]
["6.19","Incorporar un aislador interno de cordones multifilares dentro de un forro redondo, retardante a la flama que extienda la duración de su flexibilidad y mantenga la geometría de pares que haya que desconectar sus puertos de cableado o interrumpir su servicio."]
["6.20","Usar botas liberadoras de tensión (con iconos de identificación de colores opcionales) que aseguren su desempeño y protejan la presilla de pulgar contra atorones."]
["6.21","Ficha técnica","Del equipo ofertado (es obligatorio  adjuntar  la ficha técnica junto con el presente anexo)"]
[7,"JUMPER DE FIBRA OPTICA (patch cords de fibra óptica del sistema de administración inteligente)"]
["7.1","Cantidad ","De acuerdo al cuadro de cantidades"]
["7.2","Marca","Especificar"]
["7.3","Modelo","Especificar"]
["7.4","Estar construidos en total conformidad con las normas ANSI/TIA-568-C.3 e ISO/IEC 11801 Ed. 2 o sus más recientes versiones."]
["7.5","Multimodo (MM) Utilizar cable de fibra dúplex multimodo 50/125µm que sea OFNR (grado riser) y cumpla los requisitos del NEC/NFPA 70 Sección 770-51(B)."]
["7.6","Monomodo (SM) Utilizar cable de fibra dúplex monomodo que sea OFNR (grado riser) y cumpla los requisitos del NEC/NFPA 70 Sección 770-51(B)."]
["7.7","Multimodo (MM) Cumplir con las especificaciones de la norma ISO/IEC 11801 para fibra tipo OM4."]
["7.8","Usar conectores y cable que cumplan con las especificaciones de código de color especificado en ANSI/TIA-568-C.3 y ANSI/TIA/EIA-598-C."]
["7.9","Incluir tapas que protejan los conectores y sus superficies de contacto contra daños y contaminación."]
["7.10","Estar disponible en longitudes estándar de 1, 2, 3 y 5 metros con longitudes a medida disponibles bajo pedido."]
["7.11","Multimodo (MM) Tener fibra optimizada para láser a 10 Gigabit que cumpla con los requisitos de IEEE 802.3ae (10 Gigabit Ethernet) así como con las especificaciones de IEC 60793-2-10 y TIA 492AAAC para retardo de modo diferencial de ancho de banda láser (DMD)."]
["7.12","Tener una punta de sensor por cada conector dúplex para conectar con el sistema de parcheo inteligente."]
["7.13","Contar con un conductor que asegure un monitoreo continuo fuera de banda -que no utiliza los hilos de fibra que transmiten los datos y señales del cableado- para la detección automática y en tiempo real de conexiones y desconexiones."]
["7.14","Tener acceso a la punta de sensor en la parte posterior de la bota para pruebas y mapeo."]
["7.15","Tener un pulido superior de conector que cumpla con las especificaciones de Telcordia e ISO/IEC para geometría de superficie (incluyendo radio de curvatura, desfase de ápice y corte esférico)."]
["7.16","Utilizar conectores con férulas de precisión de cerámica de circonio."]
["7.17","Ser resistente a la corrosión por humedad, temperaturas extremas y partículas suspendidas."]
["7.18","Estar certificado por Underwriters Laboratories (UL)"]
["7.19","Multimodo (MM) Estar verificado al 100% en pruebas ópticas ","Ancho de banda mínimo de sobrellenado, 1500 MHz km@850 nm y 500MHz km@1300 nm\nAncho de banda mínimo efectivo en láser, 2000 MHz km@850 nm\nPérdida de inserción máxima 0.5 dB\nPérdida de inserción típica 0.2 dB\nPérdida de retorno mínima 30 dB\nPérdida de retorno típica 35 dB"]
["7.20","Monomodo (SM) Estar verificado al 100% en pruebas ópticas","Pérdida de inserción máxima 0.4 dB\nPérdida de inserción típica 0.1 dB\nPérdida de retorno mínima 55 dB\nPérdida de retorno típica 60 Db"]
["7.21","Ficha técnica","Del equipo ofertado (es obligatorio  adjuntar  la ficha técnica junto con el presente anexo)"]
[8,"SOFTWARE DE GESTION AUTOMATIZADA DE LA INFRAESTRUCTURA (AIM)"]
["8.1","Marca","Especificar"]
["8.2","Modelo","Especificar"]
["8.3","El software de gestión automatizada de infraestructuras (AIM) ayudará a documentar y gestionar mejor las redes y dispositivos de TI. "]
["8.4","AIM será un software altamente visual e intuitivo y proporcionará vistas gráficas de rack, planos de pisos y jerarquía de nodos de infraestructura. "]
["8.5","Debe incluir protocolos de descubrimiento de red de varios niveles incorporados para encontrar todos los dispositivos y lugares basados en IP. "]
["8.6","AIM proporcionará que tanto la capa física como las conexiones de dispositivos de red se actualicen automáticamente y proporcionen un seguimiento de circuito de extremo a extremo. "]
["8.7","Otras herramientas incluyen análisis para ayudar a administrar la capacidad de TI y monitoreo de alarmas para detectar actividades no autorizadas o problemas de red. "]
["8.8","Documentación ","Documentación y supervisión de la capa física en tiempo real, incluido el descubrimiento de dispositivos de TI, imágenes interactivas del suelo, elevaciones de rack y seguimientos de circuitos de extremo a extremo "]
["8.9","Gestión de activos ","La base de datos en tiempo real con descubrimiento automático almacena el estado y la ubicación de todos los activos de cableado y TI para minimizar el tiempo de resolución de problemas y maximizar la utilización del equipo y el rack "]
["8.10","Seguridad ","El software debe detectar y registrar toda la actividad física de la red y proporcionar alertas sobre el acceso no autorizado o la modificación en la capa física "]
["8.11","Órdenes de trabajo ","Ser capaz  de crear órdenes de trabajo y  asignar, dirigir y rastrear tareas asociadas con estas órdenes,  asegurando la precisión, eficiencia y documentación de la  actividad de cambio. "]
["8.12","Otras características ","Vista de pantalla personalizada para monitoreo NOC 24/7 del estado de la red y la alarma \nEl software debe estar basado en HTML5 y ser capaz de integrarse con aplicaciones de 3ª parte a través de una API \nAIM estará disponible por activos montados en el piso (gabinete / rack) o ilimitados  \nAIM incluirá soporte / mantenimiento gratuito el primer año sin costo y un año adicional previa solicitud. \nLos servicios de implementación de software pueden ser llevados a cabo por un representante OEM "]
["8.13","Usuarios autorizados y acceso al software AIM ","Capacidad para crear usuarios y credenciales de seguridad de inicio de sesión en el software AIM.\nAcceso simultáneo ilimitado del usuario al software AIM sin costo adicional.\nCapacidad para restringir el acceso a ciertas funciones en el software AIM en función de la configuración del nivel de acceso.\nCapacidad para acceder al software AIM a través de dispositivos compatibles  con un navegador web compatible y acceso a la red."]
["8.14","Capacidades de creación de bases de datos ","Crear dispositivos de cableado y puertos a través de la importación de archivos de Excel."]
["8.15","Capacidades de creación de bases de datos ","Posibilidad de importar planons de planta  y dispositivos de superposición en estas imágenes."]
[null,null,"Cree elevaciones de rack/gabinete con vistas frontal y posterior."]
[null,null,"Incluir una amplia variedad de gráficos de dispositivos con el software AIM."]
[null,null,"Asignar automáticamente gráficos de dispositivo en el momento de la creación "]
[null,null,"Capacidad para asignar automáticamente gráficos de dispositivos de red a medida que se descubren dispositivos."]
[null,null,"Detección y creación automáticas de dispositivos de red."]
[null,null,"Ubicar automáticamente los dispositivos finales de red detectados en su ubicación correcta en la base de datos."]
[null,null,"Actualizar automáticamente la base de datos AIM con información de parches de paneles inteligentes."]
[null,null,"Detectar automáticamente las conexiones/desconexiones de dispositivos de red y actualice la base de datos de AIM en consecuencia."]
[null,null,"Poseer una herramienta de construcción gráfica fácil de usar para construir, modificar o complementar ."]
[null,null,"Capacidad para recopilar atributos de elementos de una variedad de fuentes (derivados de datos del sistema, ingresados / modificados manualmente, importados a través de Excel, descubiertos a través de SNMP v1, v2c o 3 u otras herramientas de descubrimiento de red, fuente de datos externa vinculada) "]
["8.16","Alertas ","Los usuarios deben tener la capacidad de filtrar alertas basadas en la ubicación, día / hora, estado de la orden de trabajo, dirección IP, dirección MAC."]
[null,null,"Las opciones de alerta deben tener la capacidad de enviar información de alerta por correo electrónico."]
[null,null,"El sistema AIM también debe ser capaz de activar cámaras IP a una imagen en el área donde se produce la condición de falla. "]
[null,null,"El sistema AIM también podrá enviar comandos SNMP en v1, v2c o v3 a concentradores y/o a dispositivos de red o aplicaciones de 3ros. "]
[null,null,"El sistema AIM deberá tener la capacidad de ejecutar scripts en respuesta a alertas.  Esto se puede utilizar para el intercambio de datos con software / bases de datos de3ª parte u otras aplicaciones definidas por el usuario."]
[null,null,"El usuarior deberá tener la capacidad de enviar notificaciones de alerta a varios usuarios.  Cada notificación al usuario tendrá la capacidad de utilizar un filtro único. "]
[null,null,"El software AIM proporcionará la capacidad de probar la conectividad entre el software AIM y el servidor de correo electrónico con un solo clic.  El ensayo deberá proporcionar un indicador visual de aprobado o no aprobado."]
[null,null,"Los usuarios deben tener la capacidad de crear / personalizar scripts para disparadores de cámaras IP, comandos SNMP y capturas y scripts de alerta."]
[null,null,"En el sistema AIM se dispondrá de una amplia variedad de descripciones normalizadas.  Estos incluyen alertas para dispositivos descubiertos, cambios de parches inteligentes y órdenes de trabajo. "]
["8.17","Informes ","Se dispondrá de una amplia variedad de informes normalizados sobre capacidad, activos, costes y estado de las órdenes de trabajo y usuarios. "]
[null,null,"Los administradores del sistema deben tener la capacidad de restringir el acceso a los informes por informe y usuario "]
[null,null,"El software AIM tendrá la capacidad de enviar automáticamente informes por correo electrónico a los usuarios seleccionados en un horario predefinido. "]
[null,null,"Los usuarios tendrán la opción de ver informes a través de un navegador web o generar un archivo de Excel "]
[null,null,"El software AIM ofrecerá la posibilidad de filtrar informes por ubicación, tipo de dispositivo u hora. "]
["8.18","Detección y supervisión automatizada de dispositivos de red","Proporcionar a los administradores la capacidad de introducir información de detección de redes "]
[null,null,"Descubrimiento SNMP compatible con v1, v2c y v3."]
[null,null,"Detección y creación automáticas de dispositivos con SNMP habilitado."]
[null,null,"Detectar automáticamente dispositivos sin SMP habilitado o capacidad (la información del dispositivo puede estar limitada a la dirección IP, MAC y nombre del dispositivo) "]
[null,null,"Los administradores deben tener la capacidad de introducir la información del router para facilitar el descubrimiento adecuado de switches y dispositivos finales de red. "]
[null,null,"Los administradores deben tener la capacidad de configurar períodos de sondeo de descubrimiento para rangos IP o dispositivos individuales."]
[null,null,"El software AIM continuará monitoreando los dispositivos descubiertos y actualizará automáticamente el estado de la conexión."]
[null,null,"La información de la VLAN del switch se rellenará automáticamente para cada puerto del switch (si está disponible).  Esta información estará disponible como un atributo de puerto, así como en el diagrama de circuito en el software AIM. "]
[null,null,"El software AIM debe tener la capacidad de etiquetar rangos IP como cableados, inalámbricos o conmutadores para ayudar a determinar la ubicación del dispositivo. "]
[null,null,"Se mantendrá un registro de toda la actividad de descubrimiento de red en el software AIM y estará disponible a través de la visualización directa en el software y mediante la exportación de Excel. "]
["8.19","Gestión de los Controladores","El software AIM proporcionará una página dedicada para la configuración/gestión de los controladores."]
[null,null,"El software AIM descubrirá y creará automáticamente todos los paneles de control maestros.  Estos paneles, junto con sus atributos, se mostrarán en la página Panel de control maestro "]
[null,null,"Los administradores tendrán la capacidad de descargar nuevo firmware a los MCP a través de la página del Panel de control maestro "]
[null,null,"La página Panel de control maestro proporcionará capacidades de depuración para solucionar problemas de MCP "]
[null,null,"Todos los eventos relacionados con MCP se almacenarán en un registro.  El registro debe poder verse desde la página del Panel de control maestro o exportarse a un archivo de Excel "]
["8.20","El software y hardware de AIM cumplirá con los siguientes requisitos","Los técnicos pueden ver los detalles de las órdenes de trabajo en el controlador y pantallas LCD de los paneles inteligentes de fibra y/o cobre."]
[null,null,"Los técnicos pueden ver la información de trazas del circuito en la pantalla LCD del controlador."]
[null,null,"Los paneles de conexión proporcionan una pantalla LCD que puede mostrar instrucciones de orden de trabajo de parches y proporcionar comentarios sobre parches correctos / incorrecto."]
[null,null,"El trazado del cable de conexión se puede realizar y mostrar en la pantalla LCD del controlador y en las pantallas LCD del panel."]
[null,null,"La pantalla LCD de los paneles inteligentes de fibray/o cobre muestra el nombre del panel y se puede actualizar mediante software si es necesario."]
["8.21","Ficha técnica","Del equipo ofertado (es obligatorio  adjuntar  la ficha técnica junto con el presente anexo)"]
[9,"GARANTÍA CANAL"]
["9.1","La garantía que deberá presentar el fabricante debe ser emitida por el mismo fabricante de la solución de cableado estructurado, y no por un instalador, por un tiempo mínimo de 25 años, en la que se especifique una garantía de fabricación de los componentes, performance, mano de obra y aplicaciones. Es requisito obligatorio anexar la carta del fabricante en donde se indique que se darán estos 4 tipos de garantía. \n"]
["9.2","Estándares que cubre la garantía, mínimo los siguientes:","1. ISO/IEC 11801-1, ISO/IEC 11801-2, ISO/IEC 11801-3, ISO/IEC 11801-4, ISO/IEC 11801-5, ISO/IEC 11801-6 y enmiendas aplicables (clase EA y fibra)"]
[null,null,"2. Cualquier aplicación existente y futura aprobada por IEEE, ATM Fórum, ANSI o ISO que especifique compatibilidad con el canal instalado:"]
[null,null,"a)         Ethernet (e.g., 1000BASE-T, 2.5GBASE-T, 5GBASE-T, y 10GBASE-T). "]
[null,null,"b)        HDBaseT."]
[null,null,"c)         Power over Ethernet (PoE) and Power over HDBaseT (POH) up to 100W (1A per pair)."]
[null,null,"d)        155 Mb/s ATM,"]
[null,null,"e)         Todas las aplicaciones requeridas para Fibra óptica de acuerdo con el presupuesto óptico"]
[null,null,"3.   Se debe especificar en el modelo original de la garantía del fabricante que el cable soporta temperaturas de operación de 75°C.  "]
[null,null,"4. Se debe garantizar a través de documento público del fabricante un margen adicional de 10dB en el parámetro de PS ANEXT basado en la ISO/IEC."]
[null,null,"5. El modelo de garantía de fibra debe incluir las máxima atenuación permitida por aplicación y soportada por la garantía del fabricante."]
["9.3","Pruebas de cobre","Las configuraciones de auto prueba proporcionadas en este probador de prueba de campo deben estar configuradas en los parámetros predeterminados. "]
[null,null,"Las configuraciones de la prueba seleccionadas de las opciones suministradas en los probadores de prueba deben ser compatibles con el cable instalado bajo prueba. "]
["9.4","Pruebas de fibra óptica","Los cables horizontales de fibra deben ser probados al 100% por pérdida de inserción y longitud. "]
[null,null,"La pérdida de inserción debe ser probadas a 850 nm y 1300 nm para cableado multimodo de 50/125mm y 62.5/125mm por lo menos en una dirección usando el procedimiento de prueba Método B (1-jumper) tal como se especifica en los procedimientos descritos por el fabricante"]
[null,null,"La longitud debe ser probada usando un dispositivo de medición de prueba óptica OLTS y basado en el método de flujo restringido EF."]
["9.5","Etiquetado","Los cables horizontales y de backbone deben estar etiquetados en cada extremo. El cable o su etiqueta deben estar marcados con su identificador. "]
[null,null,"En cada placa frontal se debe marcar un identificador único que la identifique como hardware de conexión. "]
[null,null,"Cada puerto en la placa frontal debe estar etiquetado con su identificador. "]
[null,null,"En cada pieza del hardware de conexión se debe marcar un identificador único para identificarlo como hardware de conexión. "]
[null,null,"Cada puerto en el hardware de conexión debe ser etiquetado con su identificador. "]
[null,null,"Se deberán marcar las canalizaciones, espacios de telecomunicaciones, Fire Stops, Gabinetes en la parte frontal y posterior cada elemento con su identificador único."]
[null,null,"Los identificadores se revisarán en conformidad con los requisitos de la entidad, así mismo se deberá marcar en conformidad con el estándar ISO 14763-2.1 o ANSI/TIA 606-D"]
[10,"ESPECIFICACIONES RED HORIZONTAL EN EL CENTRO DE DATOS"]
["10.1","SALIDAS DE TELECOMUNICACIONES / JACK OUTLETS EN PATCH PANELES","Todas las salidas de información Categoría 7A designadas para la terminación de cables de cobre de par trenzado balanceado Categoría 7A deben poseer como mínimo las siguientes características: "]
["10.2","Los Outlets y plugs deben ser libre de halógenos, estar fabricados bajo las especificaciones contenidas en el estándar IEC 61076-3-104 última edición. Cumplir las especificaciones de desempeño eléctrico ISO/IEC Categoría 7A o superior."]
["10.3","Permitir su montaje en la placa frontal (faceplate) en orientación plana o, con la incorporación de un adaptador, en orientación angulada, esta última opción reduce la profundidad requerida en la caja/canaleta, protege mejor la conexión entre plug y Outlet y reduce la tensión en el cordón de parcheo"]
["10.4","Utilizar diseño de cuadrante blindado para aislar completamente los pares., que permita compartir aplicaciones por medio de la instalación de múltiples plugs en la salida sin el uso de adaptadores"]
["10.5","Permitir que todos los cuatro pares del cable sean terminados sin herramienta de impacto."]
["10.6","Exceder los requerimientos ISO/IEC 11801. "]
["10.7","Las salidas incluirán una puerta frontal para evitar la exposición al polvo y otros contaminantes."]
["10.8","Que su interfaz (Outlet) permita una cantidad de ciclos de inserción de sus plugs (mayor) > a 750  "]
["10.9","Deben ser certificadas por Underwriters Laboratories."]
["10.10","Debe permitir su terminación con cables de 22 a 24 AWG de cable sólido y de cables flexibles."]
["10.11","Soportar PoE tipo 1,2,3, 4 (IEEE 802.3af ,IEEE 802.3at , 802.3bt) y POH."]
["10.12","Para el soporte de dispositivos IP de comunicaciones, seguridad o automatización, los conectores categoría 7A deben soportar hasta dos (2) aplicaciones PoE o PoE+ en aplicaciones Fast Ethernet 10/100."]
["10.13","Estar verificados por un laboratorio de tercera parte en el cumplimiento de la norma IEC 60512-99-001/002 para asegurar que el acoplamiento entre las superficies críticas de contacto (plug y outlet) no sufran daño al ser conectadas y desconectadas bajo carga eléctrica."]
["10.14","Las salidas se instalarán por encima de 12 “ del piso, de preferencia a 18” pulgadas del piso."]
[11,"CORDONES DE COBRE "]
["11.1","Todos los patch cords propuestos deben ser de 4 pares , la línea de producto propuesta debe cumplir además con:"]
["11.2","Se debe tener la posibilidad de configurar patch cords de longitudes de 1, 2 y 3 metros y con cubiertas LSZH."]
["11.3","Tener disponible una versión de patch cord de 4 pares con conector estándar rectangular en un extremo y de tipo RJ45 blindada en el otro extremo."]
["11.4","Tener disponible una versión de patch cord de 2 pares con conector estándar rectangular en un extremo y de tipo RJ45 blindada en el otro extremo."]
["11.5","Tener disponible una versión de patch cord de 1 par para soportar aplicaciones análogas. "]
["11.6","Tener disponible una versión de patch cord de 1 par para soportar aplicaciones de video. "]
["11.7","Los patch cords empleados en el área de trabajo serán los mismos a emplearse en los espacios de telecomunicaciones."]
["11.8","Deben ser certificados por Underwriters Laboratories."]
["11.9","Las interfaces utilizadas en los plugs deben cumplir con la ISO/IEC 11801 "]
["11.10","El diámetro externo de los cordones independiente de la cantidad de pares usados no será mayor a 6.5mm "]
[12,"PANELES DE COBRE"]
["12.1","Todos los paneles de terminación deben facilitar la conexión cruzada e interconexión usando cordones de parcheo, y deben estar en conformidad con los requerimientos de montaje en rack de 19 pulgadas estándar. "]
["12.2","Permitir el uso de cualquier combinación de módulos IEC 61076-3-104, RJ45 blindados Cat 6A, al igual que en los faceplates. Se deben anexar catálogos de los productos que muestren esto."]
["12.3","Permitir el uso de otras salidas multimedia incluyendo fibra óptica y coaxial."]
["12.4","Tener los números de identificación de los puertos, y porta-etiquetas para acomodación de labels. "]
["12.5","Ofrecer herrajes o patch panels 24 puertos por cada espacio de montaje en bastidor en un panel de 1U (1RMS = 44.5 mm [1.75 pulg.]).  "]
["12.6","Tener acomodadores de cable integrados en la parte trasera del panel para la organización y fijación del cableado."]
["12.7","Permitir la conexión automática a tierra de sus módulos blindados al ser insertados."]
["12.8","Es obligatorio que los herrajes integren en la parte posterior una barra de organización."]
["12.9","Los patch panels a instalar deben ser angulados. Para aquellos espacios donde se dificulte la instalación de paneles angulados se debe contar con la opción de paneles en versión plana"]
["12.10","Los espacios no ocupados por outlets deben ser sellados con tapas de color negro de la misma marca de la red cableada."]
[13,"CABLES"]
["13.1","CABLES","Los cables deben cumplir los siguientes requerimientos: "]
["13.2","Estar en grupos de unidades de 4-pares. "]
["13.3","Manejar anchos de banda de 1000MHz según lo especificado por el estándar ISO 11801 para categoría 7A."]
["13.4","El cable debe cumplir  con IEC 61156-5, IEC 60754, IEC 60332-3, IEC 61034."]
["13.5","Es requisito obligatorio para su verificación anexar documentos que indiquen que el cable es de 1000 MHz con conductores calibre 23 AWG."]
["13.6","El cable debe venir marcado como Cat 7A. y con el nombre del fabricante que ofrece la conectividad."]
["13.7","El cable debe ser S/FTP con un foil recubriendo cada uno de los pares y una malla alrededor de los 4 pares."]
["13.8","El cable debe cumplir mínimo con los siguientes rangos de temperatura: Para Almacenamiento y para operación desde  -20 ºC a +75 ºC."]
["13.9","Se verificará a través de un laboratorio reconocido por la NRTL (UL o ETL) las características de flamabilidad de la chaqueta IEC 60332-3."]
["13.10","El cable debe tener un diámetro máximo de 7.8 mm."]
["13.11","El cable categoría 7A debe haber sido probado por un laboratorio externo en función de los requerimientos ISO 11801 y IEC 61156."]
["13.12","La ficha técnica original del cable del fabricante deberá exhibir el desempeño típico en un modelo de canal de 100 metros a 1000 MHz , los requisitos mínimos solicitados se listan a continuación:\nPérdidas de inserción :máxima  56 dB\nACR mayor a 22.8 dB\nPSNEXT, mayor a 80 dB\nRL mayor a   24 dB"]
["13.13","La información se podrá consultar a través de la página web oficial del fabricante."]
["13.14","PRUEBAS","Antes del cierre del sistema se deben hacer las pruebas de todos los canales de cables recientemente instalados. "]
["13.15","Prueba del canal de cable de cobre","Todas las pruebas de campo de la Categoría 7A /Clase Fa deben ser realizadas con un dispositivo aprobado de prueba de campo de par trenzado balanceado bajo IEC 61935 y/o aprobados por el fabricante de cableado estructurado.\nTodos los canales instalados de la Categoría 7A /Clase Fa deben funcionar igual o mejor que los requerimientos mínimos especificados en la tabla a continuación: "]
["13.16","Parámetro","1000 MHz"]
[null,"Pérdida de inserción (Máximo)","67.6 dB"]
[null,"Pérdida NEXT (Mínimo)","47.9 dB"]
[null,"PS NEXT(Mínimo)","44.9 dB"]
[null,"ACR (Mínimo)","-19.6 dB"]
[null,"PS ACR (Mínimo)","-22.6 dB"]
[null,"ELFEXT (Mínimo)","27.4dB"]
[null,"PS ELFEXT (Mínimo)","24.4 dB"]
[null,"Pérdida del retorno (Mínimo)","6.0 dB"]
[null,"Retardo de Prop (Mínimo)","545 ns"]
[null,"Retardo de sesgo (Mínimo)","30 ns"]
["13.17","Todos los cables de backbone de par trenzado balanceado que excedan 90 m (295 ft) o 100 m (328 ft) deben ser probados al 100% por continuidad si no se requieren aseguramiento de las aplicaciones. "]
["13.18","Los cables horizontales y de backbone de par trenzado balanceado Categoría 7 A /Clase Fa, cuya longitud no exceda 90 m (295 ft) para el enlace básico y 100 m (328 ft) para el canal serán probados al 100 por ciento de acuerdo con ISO/IEC 11801: Los parámetros de prueba incluyen el mapa de cables más la continuidad del blindaje SFTP (cuando esté presente), pérdida de inserción, longitud, pérdida NEXT (par a par), pérdida NEXT (sumatoria de potencias), pérdida ELFEXT (par a par), pérdida ELFEXT (sumatoria de potencias), pérdida del retorno, pérdida de inserción, demora de la propagación, Resistencia de bucle, Resistencia de desbalance. "]
[14,"SISTEMA TROCAL DE FIBRA OPTICA PRECONECTORIZADA "]
["14.1","En caso de requerir fibra óptica en el proyecto se deben cumplir las siguientes especificaciones.\nAdemás de cumplirse con las especificaciones descritas en las normas en la ISO/IEC 11801 y TIA deben cumplirse los requisitos de esta sección, los cuales son aplicables a todos los componentes de fibra óptica descritos a continuación. El backbone del edificio se manejará con fibra óptica pre-terminada en conectores MTP/MPO – MTP/MPO de uso interior multimodo de 12 hilos 9/125 OS2, esta red se distribuye desde el cuarto técnico principal, hasta cada uno de los cuartos de telecomunicaciones en topología estrella. "]
[15,"SISTEMA DE TRONCALES DE FIBRA ÓPTICA PRECONECTORIZADAS"]
["15.1","Para las conexiones de óptica paralela se requieren enlaces MTP de 12 y/o 8 Fibras en cada extremo, los tendidos en fibra interior deben ser  pre-conectorizados OS2, tipo LS0H-3, con la polaridad requerida para la conformación del canal."]
["15.2","Se solicita Fibra óptica (OS2) de 12 Hilos MTP a MTP. "]
["15.3","Los cables basados en 8 Fibras deben distinguirse físicamente de los cables basados en 12 Fibras, esto se debe evidenciar en el catálogo de los cables troncales."]
["15.4","La pérdida máxima de la interfaz será de 0.3dB"]
["15.5","Debe tener cubierta de tipo Low Smoke Zero Halogen LS0H-3"]
["15.6","Estar construidos a la medida y probados en fábrica para asegurar su calidad y desempeño óptico. "]
["15.7","Disponibles en al menos dos colores (aqua y otro) para poder hacer segregación de servicios y/o aplicaciones."]
["15.8","Estar disponible en configuraciones de 12, 24, 36, 48, 72, 96 y 144 hilos, en donde cada subgrupo de 12 hilos tenga una cubierta con diámetro exterior no mayor a 3 mm, para un mejor provecho del espacio en canalizaciones y organizadores de cables."]
["15.9","Debe incluir mínimo una manga de tracción que facilite el proceso de instalación."]
["15.10","Debe permitir configurar el pinado (género) del conector MTP."]
["15.11","Temperatura de Operación de -20°C a 70°C"]
["15.12","Debe cumplir estándares como: ISO/IEC 11801-1 y/o  ANSI/TIA 568.3 y/o IEC 61300-3-30."]
["15.13","Deben tener la opción de extender su longitud para permitir adiciones a enlaces Plug & Play a través de la opción de configuración de su número de parte."]
["15.14","Debe tener la posibilidad de configurarse con armadura o sin armadura."]
["15.15","Debe cumplir con los métodos de polaridad definidos por el estándar (A, B y C), se ofrecerá la polaridad requerida para las aplicaciones de óptica paralela."]
["15.16","Se debe adjuntar reporte IEC para el cable troncal, este será emitido por un laboratorio aprobado por ISO 17025"]
["15.17","Deberá ser de la misma marca de conectividad."]
[16,"CORDONES DE FIBRA ÓPTICA MTP (JUMPERS)"]
["16.1","Los jumpers deberán tener reporte de tercera parte en conformidad a IEC, además debe cumplir con las siguientes características:"]
["16.2","Deberá tener la posibilidad de configurarse en diferentes longitudes. La longitud estará basada en la disposición de los equipos y las bandejas de fibra óptica, no se aceptará holgura excesiva de cable dentro de los racks. "]
["16.3","Deberán utilizar cable con diámetro externo menor a 3 mm."]
["16.4"," Deben incorporar la opción de cambiar la polaridad en sitio, así como el género del conector, la herramienta debe estar disponible como número de parte en la ficha técnica del fabricante de la solución. "]
["16.5","Se deben poder ofrecer opciones de conector basados en 8 fibras o 12 Fibras."]
["16.6","Los cables basados en 8 Fibras deben tener un distintivo de los cables de 12 fibras, esta información se debe verificar en el sitio web del fabricante."]
["16.7","El conector debe cumplir las especificaciones de  IEC 61754-7"]
["16.8","Atenuación máxima del cable 0.4/0.4/0.3 en 1310/1383/1550nm respectivamente"]
["16.9","Deberán estar verificado al 100% en pruebas ópticas para cumplir con las siguientes especificaciones de desempeño para 9/125:"]
["16.10","Pérdida de Inserción Máxima del conector en  (dB): 0.3"]
["16.11","Mono marca con la solución de conectividad y fibra."]
[17,"DISTRIBUIDORES DE FIBRA ÓPTICA (PRINCIPAL)"]
["17.1","Deben tener un diseño compacto de 1, 2 o 4 RU de acuerdo con el diseño propuesto; cada unidad de rack debe tener capacidad de concentrar al menos 4 placas adaptadoras MTP a MTP."]
["17.2","Las bandejas deben estar en capacidad de utilizar placas adaptadoras de fibra ST, FC, LC, SC,MTP-MTP, bandejas de empalme, Módulos MTP a LC y módulos de empalme. "]
["17.3","Debe incluir puerta frontal y posterior translúcidas con llave, las puertas deben tener cierre magnético y ser completamente removibles."]
["17.4","Debe integrar un porta etiquetas desplegable al que se puede acceder incluso cuando la puerta está cerrada"]
["17.5","Tener una cubierta superior removible."]
["17.6","Tener una bandeja deslizante que se desplaza desde la parte delantera y trasera de la estructura, totalmente desmontable para un mayor acceso y con puntos de parada en su proceso"]
["17.7","Debe Incorporar un soporte de cable trasero y un soporte de gestión de fibra desmontable y guiado en el punto de entrada de fibra para garantizar que exista una holgura adecuada del cable al extender la bandeja hacia adelante y hacia atrás."]
["17.8","Debe utilizar administradores de cables frontales con bisagras capaces de administrar las 96 fibras en uno o ambos lados."]
["17.9","Los soportes de montaje deben permitir instalar la bandeja en el rack en al menos tres posiciones."]
["17.10","Sobre los soportes de montaje debe tener orificios abiertos que permiten preinstalar la bandeja."]
["17.11","Utilice clips de administración de cables traseros de dos niveles a presión que permiten múltiples opciones de montaje y enrutamiento de cables"]
["17.12","Tener un panel de etiquetado que se pueda ver con las puertas cerradas"]
["17.13","La bandeja deberá tener reporte de tercera parte en conformidad a IEC."]
["17.14","Los adaptadores  MTP a MTP deben poder configurarse con polaridad A y B en diferentes colores."]
["17.15","Disponible en configuraciones de 1, 2, 4, 6 Y 8 puertos por placa"]
["17.16","Deben estar en capacidad de operar con fibras basadas en 8 Fibras y 12 Fibras."]
["17.17","Compatible con la solución de bandejas y Paneles propuestos. "]
["17.18","Debe tener disponibles placas adaptadoras ciegas para permitir crecimiento futuro."]
["17.19","La solución propuesta debe ser compatible con la solución de paneles propuesto para los gabinetes de servidores."]
[18,"PANELES DE FIBRA ÓPTICA Y COBRE (EDAs) (paneles planos de fibra óptica de cobre y adaptadores MTP/MPO)"]
["18.1","Deben tener la capacidad de albergar adaptadores, módulos de fibra y cobre en el mismo panel en 1 RU en configuración plana y angulada"]
["18.2","Capacidad para contener hasta 48 hilos en 1 RU"]
["18.3","Temperatura de operación de -20°C – 70°C"]
["18.4","Para las piezas plásticas tanto del panel como del organizador de cables se debe cumplir con clasificación UL 94 V-0, retardante a la llama. "]
["18.5","Los paneles deben estar en capacidad de utilizar placas adaptadoras de fibra ST, FC, LC, SC, MTP-MTP, Módulos MTP a LC y módulos de empalme. "]
["18.6","El panel debe estar certificado por Underwriters Laboratories según las normas de los Estados Unidos y las normas de telecomunicaciones canadienses C22.2."]
["18.7","El panel plano debe adicionar organizador de cables frontal que permita la marcación del sistema y la organización de los cordones sin requerir organizador horizontal."]
["18.8","Debe adicionarse soporte de cables posterior metálico para alivianar y asegurar los cables troncales"]
["18.9","Los adaptadores  MTP a MTP deben poder configurarse con polaridad A y B en diferentes colores."]
["18.10","Disponible en configuraciones de 1, 2, 4, 6 Y 8 puertos por placa"]
["18.11","Deben estar en capacidad de operar con fibras basadas en 8 Fibras y 12 Fibras."]
["18.12","Compatible con la solución de bandejas y Paneles propuestos."]
["18.13","Debe tener disponibles placas adaptadoras ciegas para permitir crecimiento futuro."]
["18.14","De requerirse se adicionarán placas de cobre para la instalación de cableado categoría 6A."]
["18.15","La solución propuesta debe ser compatible con la solución de paneles propuesto para los gabinetes de servidores."]
[19,"PLIGHT WAYS / CANALIZACION DEL SISTEMA DE FIBRA OPTICA "]
["19.1","Debe cumplir con IEC 60695-11-10, IEC 61249-2-21, ROHS y debe ser UL 2024"]
["19.2","Debe ofrecerse una garantía de 5 años, el fabricante de cableado articulará esta garantía a los entregables del proyecto."]
["19.3","Debe integrar caídas de cable que permitan su adición cuando los tramos ya estén instalados para el circuito del CPD y trompetas para la conexión en los ENIs"]
["19.4","Se adicionarán adaptadores de salidas tipo trompeta para las caídas de cable."]
["19.5","El sistema será soportado al techo o a la bandeja tipo malla, se evaluarán ambas alternativas en sitio de tal forma que no afecte la estética de la sala ni su funcionalidad."]
["19.6","Se debe garantizar con carta por parte del fabricante la disponibilidad del producto, este documento se debe adjuntar a la oferta."]
["19.7","Se deberá adicionar tubería flexible de la misma marca del ducto LSZH para proteger la fibra óptica en la entrada del gabinete."]
[20,"V HSI  ( Cables de Interconexcion directa)"]
["1.1","Estar disponible en  cables de conexión directa (DAC) directos y de conexión, cables de cobre activos (ACC y AEC) y cables ópticos activos (AOC) en velocidades que van desde 800G a 10G."]
["1.2","Estar disponible en factores de forma OSFP-RFS TOP, OSFP-RHS, QSFP-DD, QSFP, SFP-DD y SFP a 100G/carril y 50G/carril usando PAM4, y 25G/carril y 10G/carril usando NRZ. "]
["1.3","Deben garantizar aplicaciones típicas incluyen centros de datos que requieren opciones de cableado confiables"]
["1.4","Deben ofrecer  baja latencia y alta calidad  Probadas de forma independiente para ser interoperables con la mayoría de los principales fabricantes de equipos. "]
["1.5","Soportar rentabilidad y flexible para sus conexiones de equipos de conexión directa de alta velocidad."]
["1.6 ","Debe garantizar en su Catalogo y confirmar en el sitio web del fabricante que tiene compatibilidad con  equipos activos del capitulo Swich "]
[21,"GARANTÍA CANAL"]
["21.1","La garantía que deberá presentar el fabricante debe ser emitida por el mismo fabricante de la solución de cableado estructurado, y no por un instalador, por un tiempo mínimo de 20 años, en la que se especifique una garantía de fabricación de los componentes, performance, mano de obra y aplicaciones. Es requisito obligatorio anexar la carta del fabricante en donde se indique que se darán estos 4 tipos de garantía. "]
["21.2","Se debe entregar con esta propuesta un modelo original de garantía directamente del fabricante, la cual debe incluir además de las anteriores condiciones, las siguientes características:"]
["21.3","Estándares que cubre la garantía"]
["21.3.1"," ISO/IEC 11801-1, ISO/IEC 11801-2, ISO/IEC 11801-3, ISO/IEC 11801-4, ISO/IEC 11801-5, ISO/IEC 11801-6 y enmiendas aplicables (clase EA y fibra)"]
["21.3.2","CENELEC EN 50173-1, CENELEC EN 50173-2, CENELEC EN 50173-3, CENELEC EN 50173-4, CENELEC EN 50173-5, CENELEC EN 50173-6 y enmiendas aplicables (clase EA)"]
["21.3.3","ANSI/TIA-568.0-D, ANSI/TIA-568.1-D, ANSI/TIA-568.2-D, (categoría 6A) y ANSI/TIA-568.3-D (fibra)."]
["21.3.4","Cualquier aplicación existente y futura aprobada por IEEE, ATM Fórum, ANSI o ISO que especifique compatibilidad con el canal instalado:\na)\tEthernet (e.g., 1000BASE-T, 2.5GBASE-T, 5GBASE-T, and 10GBASE-T). \nb)\tHDBaseT.\nc)\tPower over Ethernet (PoE) and Power over HDBaseT (POH) up to 100W (1A per pair).\nd)\t155 Mb/s ATM,\ne)\tTodas las aplicaciones requeridas para Fibra óptica de acuerdo con el presupuesto óptico"]
["21.3.5","Se debe especificar en el modelo original de la garantía del fabricante que el cable soporta temperaturas de operación de 75°C.  Así como enlaces con una longitud de siete (7) metros en configuración de canal."]
["21.3.6","Se debe garantizar a través de documento público del fabricante un margen adicional de 10dB en el parámetro de PS ANEXT basado en la ISO/IEC."]
["21.3.7","El modelo de garantía de fibra debe incluir las máxima atenuación permitida por aplicación y soportada por la garantía del fabricante."]
[22,"CRITERIOS DEL EQUIPO DE PRUEBA"]
[null,"Pruebas de cobre"]
["22.1","Todos los probadores de campo de par trenzado balanceado deben ser calibrados en fábrica cada año calendario por el fabricante del equipo de prueba de campo, tal como se estipula en los manuales suministrados con la unidad de prueba de campo. Antes del comienzo de la prueba se debe proporcionar el certificado de calibración para revisión. "]
["22.2","Las configuraciones de auto prueba proporcionadas en este probador de prueba de campo deben estar configuradas en los parámetros predeterminados. "]
["22.3","Las configuraciones de la prueba seleccionadas de las opciones suministradas en los probadores de prueba deben ser compatibles con el cable instalado bajo prueba. "]
[null,"Pruebas de fibra óptica"]
["22.4","Los cables horizontales de fibra deben ser probados al 100% por pérdida de inserción y longitud. "]
["22.5","La pérdida de inserción debe ser probadas a 850 nm y 1300 nm para cableado multimodo de 50/125mm y 62.5/125mm por lo menos en una dirección usando el procedimiento de prueba Método B (1-jumper) tal como se especifica en los procedimientos descritos por el fabricante"]
["22.6","La longitud debe ser probada usando un dispositivo de medición de prueba óptica OLTS y basado en el método de flujo restringido EF."]
[23,"ADMINISTRACIÓN Y DOCUMENTACIÓN"]
[null,"Etiquetaje"]
["23.1","Los cables horizontales y de backbone deben estar etiquetados en cada extremo. El cable o su etiqueta deben estar marcados con su identificador. "]
["23.2","En cada placa frontal se debe marcar un identificador único que la identifique como hardware de conexión. "]
["23.3","Cada puerto en la placa frontal debe estar etiquetado con su identificador. "]
["23.4","En cada pieza del hardware de conexión se debe marcar un identificador único para identificarlo como hardware de conexión. "]
["23.5","Cada puerto en el hardware de conexión debe ser etiquetado con su identificador. "]
["23.6","Se deberán marcar las canalizaciones, espacios de telecomunicaciones, Fire Stops, Gabinetes en la parte frontal y posterior cada elemento con su identificador único."]
["23.7","Los identificadores se revisarán en conformidad con los requisitos de la entidad, así mismo se deberá marcar en conformidad con el estándar ISO 14763-2.1 o ANSI/TIA 606C."]
[24,"GENERALIDADES"]
[null,"Cableado horizontal"]
["24.1","El subsistema horizontal es la parte del sistema de cableado de telecomunicaciones que se extiende desde la salida/conector de telecomunicaciones del área de trabajo hasta el cross-connect o InterConnect horizontal en el cuarto de telecomunicaciones. Consiste en la salida/conector de telecomunicaciones, los cables horizontales, el punto de consolidación opcional y la parte del cross-connect /InterConnect en el cuarto de telecomunicaciones que sirve al cable horizontal. Cada piso de un edificio debe ser servido por su propio Subsistema horizontal. "]
[null,"Cableado de Backbone "]
["24.2","Los cables permitidos para uso en el backbone incluyen: cobre de par trenzado balanceado 100W de 4 pares, cobre de par trenzado balanceado 100W multipares, cobre de par trenzado balanceado 100W híbridos o atados, fibra óptica multimodo 50/125mm o 62.5/125mm, y cables de fibra óptica monomodo 7-10mm. El cable debe soportar aplicaciones de voz, datos e imágenes. Durante la manipulación y la instalación se deben respetar los requerimientos del radio de curvatura y de fortaleza al jalado de todos los cables de backbone. "]
[null,"Cableado intra-edificio"]
["24.3","La ruta del cable dentro de un edificio, conectando caja a caja o caja al cuarto del equipo es referida como el Subsistema de backbone Intra-edificio. Este subsistema enlaza el Cross-connect Principal (MC) /Campus Distributor (CD) en el cuarto de equipo con los Cross-connects Intermedios (IC) /Building Distributor (BD) y los Cross-connects Horizontales (HC) / (FD) en los Cuartos de Telecomunicaciones (TR). Consiste en los medios de transmisión de backbone entre estas locaciones y el hardware de conexión asociado para el terminado de estos medios. "]
[null,"Cuarto de telecomunicaciones"]
["24.4"," El Cuarto de telecomunicaciones generalmente es considerado como la instalación de servicio de un piso. Los Cross-connect Horizontales / Floor Distributor enlazan juntos el Subsistema Horizontal y los Subsistemas de Backbone. "]
["24.5"," Los Cross-connect Horizontales / Building Distributor, consistirán en los bloques o paneles de alambrado montados en Bastidor o en la pared para la terminación de cables de cobre o centros de interconexión montados en la pared o en Bastidor o paneles/bandejas de acomodación de fibras para la terminación de fibras ópticas. "]
["24.6","Los espacios Cross-connect incluyen el etiquetaje del hardware para la identificación de los circuitos y de los cordones de parcheo o los alambres cross-connect usados para crear las conexiones de los circuitos en los cross-connects. "]
["24.7","El cuarto de telecomunicaciones debe estar equipado con equipo de telecomunicaciones, las terminaciones de cables y los cross-connects asociados. "]
["24.8","La separación de las fuentes de EMI deberá ser en concordancia con ANSI/TIA-569- E o ISO 14763-2 o los códigos locales. "]
["24.9","La conexión a tierra y puesta a tierra debe ser en concordancia con los códigos y aplicaciones aplicables. Se debe respetar los requerimientos de, ANSI/TIA 607-D, o ISO/IEC 30129 en todo el sistema de cableado y adicionar los componentes allí requeridos. "]
["24.10","El cuarto de telecomunicaciones estará dedicado a la función de telecomunicaciones. El acceso a los cuartos de telecomunicaciones estará restringido al personal de servicio autorizado y no debe ser compartido con servicios del edificio que pueden interferir con los sistemas de telecomunicaciones, o ser usados para servicios de mantenimiento del edificio. "]
["24.11","La iluminación en los cuartos de telecomunicaciones deben ser mínimo de 500 lx (50 foot candles) en el punto de terminación más bajo. El interruptor de la luz debe ser fácilmente accesible al ingresar a la habitación. "]
["24.12","Se deben proporcionar mínimo dos salidas eléctricas dúplex o dos simples dedicadas, cada una en un circuito separado para energizar el equipo. Las salidas adicionales convenientes deben ser instaladas a intervalos de 1.8 m (6 ft) alrededor de las paredes del perímetro. "]
[null,"Cuarto del equipo"]
["24.13","El cuarto del equipo debe estar equipado con el equipo de telecomunicaciones, las terminaciones de cables y los cross-connects asociados. "]
["24.14","La separación de las fuentes de EMI debe ser en concordancia con la sección Cuarto de Telecomunicaciones de esta especificación. "]
["24.15","La conexión a tierra y puesta a tierra de comunicaciones deben ser en concordancia con los códigos y regulaciones aplicables. Se recomienda respetar los requerimientos - Ed. 1.0, ANSI/TIA-607-D, o ISO/IEC 30129 ambos en todo el sistema de cableado. "]
["24.16","El cuarto de equipos no debe ser compartido con servicios del edificio que puedan interferir con los sistemas de telecomunicaciones, o ser utilizado para servicios custodios. "]
["24.17","Los relámpagos en los cuartos de telecomunicaciones deben ser mínimo de 500 lx (50 foot candles) en el punto de terminación más bajo. "]
["24.18","Se deben proporcionar mínimo dos salidas eléctricas dúplex o dos simples dedicadas, cada una en un circuito separado para energizar el equipo. Las salidas adicionales convenientes deben ser instaladas a intervalos de 1.8 m (6 ft) alrededor de las paredes del perímetro. "]
[null,"Instalación de acceso"]
["24.19","La instalación de acceso debe estar equipada con el equipo de telecomunicaciones, las terminaciones de cables y los cross-connects asociados. "]
["24.20","La separación de las fuentes de EMI debe ser la especificada por ISO/IEC 14763-2 "]
["24.21","La conexión a tierra y puesta a tierra de comunicaciones debe ser en concordancia con los códigos y regulaciones aplicables ANSI/TIA-607-D, o ISO/IEC 30129 en todo el sistema de cableado."]
["24.22","La instalación de acceso no debe ser compartida con servicios del edificio que puedan interferir con los sistemas de telecomunicaciones, o utilizada para servicios custodios. "]
["24.23","La instalación de acceso debe estar ubicada en un área seca no sujeta a inundación y debe estar lo más cerca posible al cuarto de servicios eléctricos para reducir la longitud del conductor de unión al sistema de conexión a tierra eléctrico. "]
["24.24","Los lamparas en los cuartos de telecomunicaciones deben ser mínimo de 500 lx (50 foot candles) en el punto de terminación más bajo. "]
["24.25","Se deben proporcionar mínimo dos salidas eléctricas dúplex o dos simples dedicadas, cada una en un circuito separado para energizar el equipo. Las salidas adicionales convenientes deben ser instaladas a intervalos de 1.8 m (6 ft) alrededor de las paredes del perímetro. "]
[25,"INSTALACIÓN"]
[null,"Canalizaciones de los cables "]
["25.1","Las canalizaciones serán diseñadas e instaladas para cumplir con los códigos o regulaciones eléctricos y de construcción, locales y nacionales. "]
["25.2","La conexión a tierra y puesta a tierra de las canalizaciones debe cumplir con los códigos y las regulaciones aplicables. "]
["25.3","Las canalizaciones no deben tener bordes afilados que puedan estar en contacto con los cables de telecomunicaciones. "]
["25.4","El número de cables colocado en una canaleta no debe exceder las especificaciones del fabricante, de las normas citadas en las especificaciones técnicas, además no se debe afectar la forma geométrica del cable. "]
["25.5","Las canalizaciones no deben estar ubicadas en los ejes del ascensor. "]
[null,"Enrutamiento de cables Intra edificios "]
["25.6","El subsistema de backbone incluirá el cable instalado de manera vertical entre los cuartos de telecomunicaciones del piso y los cross-connect principales e intermedios en un edificio de varios pisos y el cable instalado horizontalmente entre los cuartos de telecomunicaciones y los cross-connect principales e intermedios en una construcción de un solo piso como una escuela o fábrica. "]
["25.7","A menos que el fabricante recomiende lo contrario, todos los cables de fibra deben ser enrutados en los ductos internos. "]
["25.8","Las fibras deben ser terminadas en los cuartos de telecomunicaciones usando los conectores solicitados en el presente documento en centros de interconexión montados en la pared o paneles de montaje en bastidor equipados con suficientes puertos, espacio de almacenamiento y bandejas de empalme para terminar y asegurar todas las fibras. "]
["25.9","La ranura/manga del elevador debe contar con el espacio adecuado para ingresar al área en una fecha posterior en todos los cuartos de telecomunicaciones, de manera que no sea necesario taladrar ranuras/mangas adicionales. "]
["25.10","Los cables de backbone deben ser instalados en una topología de estrella, emanando desde el cross-connect principal /Distribuidor de Campus a cada cuarto de telecomunicaciones. Entre el cross-connect principal y el cross-connect horizontal puede estar presente un cross-connect intermedio/Distribuidor de Edificio. Esto es conocido como una topología de estrella jerárquica. "]
["25.11","Por lo menos un cable de par trenzado balanceado de 4 pares, híbrido/atado o multipar debe ser enrutado por cada segmento de backbone intra-edificios. "]
["25.12","La fibra óptica debe ser enrutada por cualquier segmento de backbone mayor a 90 m (295 ft.). Si el segmento de backbone Intra-edificio es menor a 90 m (295 ft), y la fibra no es enrutada, el cable de par trenzado balanceado debe ser de una categoría 6A  mayor. "]
["25.13","Las Canalizaciones de backbone deben ser instaladas o seleccionadas de manera que se mantenga el radio de curvatura mínimo de los cables de backbone dentro de las especificaciones del fabricante durante y después de la instalación. "]
["25.14","Enrutamiento del cable inter-edificios "]
["25.15","El subsistema de backbone debe incluir el cable instalado entre los edificios por vía subterránea, túnel, cavada directa, aérea o cualquier combinación de estos desde el cross-connect principal hasta un cross-connect intermedio en un campus de varios pisos"]
["25.16","A menos que el fabricante recomiende lo contrario, todos los cables de fibra deben ser enrutados en los ductos internos. "]
["25.17","Las fibras deben ser terminadas en los cuartos de telecomunicaciones usando los conectores referenciados en centros de interconexión montados en la pared o paneles de montaje en bastidor equipados con suficientes puertos, espacio de almacenamiento y bandejas de empalme para terminar y asegurar todas las fibras. "]
["25.18","En un sistema subterráneo se debe contar con el espacio adecuado para los conductos subterráneos y con acceso en cada edificio. Los conductos no deben exceder un factor de llenado de 40%. "]
["25.19","Todos los sistemas subterráneos deben estar diseñados de manera que se evite que el agua que escurre ingrese al edificio. "]
["25.20","Los cables de backbone debe ser instalados en una topología de estrella, emanando desde el cross-connect principal hasta cada cuarto de telecomunicaciones del edificio. Todos los cables inter-edificios deben ser instalados bajo los códigos y regulaciones aplicables. "]
["25.21","La fibra óptica debe ser enrutada por todos los segmentos de backbone inter-edificios, y como una recomendación, por cada segmento de backbone inter-edificio se debe enlutar por lo menos un cable de par trenzado balanceado. "]
["25.22","Las Canalizaciones backbone deben ser instaladas o seleccionadas de manera que se mantenga el radio de curvatura mínimo de los cables de backbone dentro de las especificaciones del fabricante del cable, durante y después de la instalación. "]
[null,"Enrutamiento del cable horizontal "]
["25.23","Todos los cables horizontales, sin importar el tipo de medio, no deben exceder 90 m (295 ft) desde las salidas de telecomunicaciones en el área de trabajo hasta el cross connect horizontal. "]
["25.24","La longitud combinada de los jumpers, o los cordones de parcheo y los cables del equipo en el cuarto de telecomunicaciones y el área de trabajo no debe exceder 10m (33 ft) a menos que sean utilizados en conjunción con una salida de telecomunicaciones multiusuarios. "]
["25.25","Hasta cada área de trabajo se deben enlutar dos cables horizontales. Por lo menos un cable horizontal conectado a una salida de información será de 4 pares, par trenzado balanceado de 100 W. "]
["25.26","Se recomienda mantener una distancia mínima del cable horizontal de 15m (49 ft.) entre los cuartos de telecomunicaciones y las áreas de trabajo. "]
["25.27","Para instalaciones con puntos de consolidación, se deben mantener una distancia mínima del cable horizontal de 15m (49 ft.) entre el cuarto de telecomunicaciones y el punto de consolidación, y de 5m (16 ft.) entre el punto de consolidación y el área de trabajo. "]
["25.28","Las Canalizaciones backbone deben ser instaladas o seleccionadas de manera que se mantenga el radio de curvatura mínimo de los cables de backbone dentro de las especificaciones del fabricante, durante y después de la instalación. "]
["25.29","En cableados de techo abierto, se debe contar con soportes de cable de manera que sean estructuralmente independientes del techo suspendido, sus marcos, o soportes. Estos soportes deben estar a no más de 1.5 m (5 ft) de distancia. "]
["25.30","Para aplicaciones de voz o datos, los cables de par trenzado balanceado de 4 pares o de fibra óptica deben ser enrutados usando una topología de estrella desde el cuarto de telecomunicaciones que sirve ese piso hasta cada salida de información adicional."]
["25.31","El Contratista debe respetar los requerimientos de radio de curvatura y fortaleza al jalado de los cables de par trenzado balanceado de 4 pares y de fibra óptica durante la manipulación y la instalación. "]
["25.32","Cada ruta de los cables de par trenzado balanceado entre la parte horizontal de los cross-connect en la caja de telecomunicaciones y la salida de información no debe contener uniones. "]
["25.33","En un ambiente de techo falso, se debe respetar un mínimo de 3 pulgadas (75 mm) entre los soportes del cable y el techo falso. "]
["25.34","Las rutas continuas de los conductos instalados por el contratista no deben exceder 30.5 m (100 ft) o contener más de dos (2) curvaturas de 90 grados sin usar las cajas de jalado del tamaño apropiado. "]
["25.35","Todas las canalizaciones horizontales, serán diseñadas, instaladas y conectadas a tierra cumpliendo con los códigos eléctricos y de construcción, locales y nacionales. "]
["25.36","El número de cables horizontales colocados en un soporte o canaleta de cables debe estar limitado a un número de cables que no cause deformación geométrica de los cables. "]
["25.37","La capacidad máxima de la canaleta de conductos no debe exceder un llenado del 40%. Sin embargo, el llenado del perímetro y del mobiliario se limita al 60% para movimientos y cambios. "]
["25.38","Los cables de distribución horizontal no deben estar expuestos en el área de trabajo u otros lugares con acceso al público. "]
["25.39","Los cables enrutados en un techo suspendido no deben ser colgados a través de las tejas del techo o techo falso. Los soportes del cable deben ser montados mínimo a 75 mm (3 pulg) por encima de la rejilla del techo que soporta las tejas. "]
[null,"Radio de curvatura "]
["25.40","El radio máximo de curvatura del cable no debe exceder las especificaciones del fabricante. "]
["25.41","En espacios con terminaciones de cables de par trenzado balanceado, el radio de curvatura para el cable de 4 pares no debe exceder cuatro veces el diámetro exterior del cable y 10 veces para cables multipares. Esto debe ser hecho a menos que se violen las especificaciones del fabricante. "]
["25.42","Durante la instalación real, el radio de curvatura sobre los cables de 4 pares no debe exceder ocho veces el diámetro exterior del cable y diez veces para los cables multipares. Esto debe ser hecho a menos que se violen las especificaciones del fabricante. "]
[null,"Sujetadores de cable "]
["25.43","Se deben usar sujetadores a los intervalos apropiados para asegurar los cables y proporcionar liberación de la tensión en los puntos de terminación. Estas envolturas no deben ser apretadas hasta el punto de deformar u ondular la funda del cable. "]
["25.44","Se deben usar acomodadores de cable de gancho y bucle en la caja en donde puede ser frecuente la reconfiguración de los cables y las terminaciones. "]
[null,"Conexión a tierra"]
["25.45","Todas las conexiones a tierra y puesta a tierra serán realizadas de acuerdo con los códigos y regulaciones aplicables. (NTC2025 y RETIE)"]
[null,"Protección contra incendios "]
["25.46","Se deben instalar sistemas contra incendios apropiadamente para evitar o retardar la propagación del fuego, humo, agua y gases a través del edificio. Estos requerimientos aplican para las aperturas designadas para uso en telecomunicaciones que puedan o no puedan ser penetradas por los cables, alambres o canaletas. "]
["25.47","Los extintores deben estar en conformidad con los códigos aplicables. "]
[null,"Destreza"]
["25.47","Todos los trabajos serán hechos de la manera más diestra y bajo los más altos estándares de la industria de las telecomunicaciones. "]
["25.48","Todo el equipo y los materiales deben ser instalados de manera pulcra y segura, siempre que los cables estén apropiadamente revestidos. "]

{"sheet":"Datacenter_P","index":7,"n_rows":10,"n_cols":6,"rows_kept":10}
[]
["ITEM","DESCRIPCIÓN","UND","CANTIDAD","VALOR UNITARIO ","VALOR PARCIAL"]
[1,"Bandeja FiberRunner, confinamiento DATACENTER","gl",1,null,{"$f":"E3*D3","v":0}]
[2,"Cerradura con control de acceso 49 Racks ","und",49,null,{"$f":"E4*D4","v":0}]
[3,"Sensores de Datacenter ","und",49,null,0]
[4,"Confinamineto ","und",49,null,0]
[5,"Servicio de implementación, puesta en marcha, configuración y documentación de gabinetes  por ingeniero especialista y certificado para proyecto C5","gl",1,null,0]
[{"$nulls":4},"SUBTOTAL",{"$f":"SUM(F3:F7)","v":0}]
[{"$nulls":4},"IVA",{"$f":"F8*19%","v":0}]
[{"$nulls":4},"TOTAL",{"$f":"F8+F9","v":0}]

{"sheet":"Red_Lan","index":8,"n_rows":351,"n_cols":7,"rows_kept":351,"merged":[[1,1,1,4],[2,1,2,2],[3,1,3,2],[4,1,4,2],[5,1,5,2],[6,1,6,2],[7,1,7,2],[8,1,8,2],[9,1,9,2],[10,1,10,2],[11,1,11,2],[12,1,12,2],[13,1,13,2],[15,1,15,2],[16,1,16,2],[17,1,17,2],[18,1,18,2],[19,1,19,2],[20,1,20,2],[21,1,21,2],[22,1,22,2],[24,1,24,2],[25,1,25,2],[26,1,26,2],[27,1,27,2],[28,1,28,2],[29,1,29,2],[30,1,30,2],[31,1,31,2],[32,1,32,2],[33,1,33,2],[34,1,34,2],[35,1,35,2],[36,1,36,2],[37,1,37,2],[38,1,38,2],[39,1,39,2],[40,1,40,2],[41,1,41,2],[42,1,42,2],[43,1,43,2],[44,1,44,2],[45,1,45,2],[46,1,46,2],[47,1,47,2],[48,1,48,2],[49,1,49,2],[50,1,50,2],[51,1,51,2],[52,1,52,2],[53,1,53,2],[54,1,54,2],[55,1,55,2],[56,1,56,2],[57,1,57,2],[58,1,58,2],[59,1,59,2],[61,1,61,2],[62,1,62,2],[63,1,63,2],[64,1,64,2],[65,1,65,2],[66,1,66,2],[67,1,67,2],[68,1,68,2],[69,1,69,2],[70,1,70,2],[71,1,71,2],[72,1,72,2],[73,1,73,2],[74,1,74,2],[75,1,75,2],[76,1,76,2],[77,1,77,2],[78,1,78,2],[79,1,79,2],[80,1,80,2],[81,1,81,2],[82,1,82,2],[83,1,83,2],[84,1,84,2],[85,1,85,2],[86,1,86,2],[87,1,87,2],[90,0,100,0],[101,1,101,2],[102,1,102,2],[104,1,104,2],[105,1,105,2],[106,1,106,2],[107,1,107,2],[108,1,108,2],[109,1,109,2],[110,1,110,2],[111,1,111,2],[113,1,113,2],[114,1,114,2],[115,1,115,2],[116,1,116,2],[117,1,117,2],[118,1,118,2],[119,1,119,2],[120,1,120,2],[122,1,122,2],[123,1,123,2],[124,1,124,2],[125,1,125,2],[127,1,127,2],[128,1,128,2],[129,1,129,2],[130,1,130,2],[131,1,131,2],[132,1,132,2],[133,1,133,2],[134,1,134,2],[135,1,135,2],[138,1,138,2],[140,1,140,2],[141,1,141,2],[142,1,142,2],[143,1,143,2],[144,1,144,2],[145,1,145,2],[146,1,146,2],[147,1,147,2],[148,1,148,2],[149,1,149,2],[150,1,150,2],[151,1,151,2],[152,1,152,2],[153,1,153,2],[154,1,154,2],[155,1,155,2],[156,1,156,2],[157,1,157,2],[159,1,159,2],[160,1,160,2],[161,1,161,2],[162,1,162,2],[163,1,163,2],[164,1,164,2],[165,1,165,2],[166,1,166,2],[167,1,167,2],[168,1,168,2],[169,1,169,2],[170,1,170,2],[171,1,171,2],[172,1,172,2],[173,1,173,2],[175,1,175,2],[176,1,176,2],[177,1,177,2],[178,1,178,2],[179,1,179,2],[180,1,180,2],[181,1,181,2],[182,1,182,2],[183,1,183,2],[184,1,184,2],[185,1,185,2],[186,1,186,2],[187,1,187,2],[188,1,188,2],[189,1,189,2],[190,1,190,2],[191,1,191,2],[192,1,192,2],[193,1,193,2],[194,1,194,2],[195,1,195,2],[196,1,196,2],[197,1,197,2],[198,1,198,2],[199,1,199,2],[200,1,200,2],[201,1,201,2],[202,1,202,2],[204,1,204,2],[205,1,205,2],[206,1,206,2],[207,1,207,2],[208,1,208,2],[209,1,209,2],[210,1,210,2],[211,1,211,2],[213,1,213,2],[214,1,214,2],[215,1,215,2],[216,1,216,2],[217,1,217,2],[218,1,218,2],[219,1,219,2],[220,1,220,2],[221,1,221,2],[222,1,222,2],[223,1,223,2],[224,1,224,2],[225,1,225,2],[226,1,226,2],[227,1,227,2],[228,1,228,2],[229,1,229,2],[230,1,230,2],[231,1,231,2],[232,1,232,2],[233,1,233,2],[234,1,234,2],[235,1,235,2],[236,1,236,2],[237,1,237,2],[238,1,238,2],[239,1,239,2],[240,1,240,2],[241,1,241,2],[242,1,242,2],[245,1,245,2],[246,1,246,2],[247,1,247,2],[249,1,249,2],[250,1,250,2],[251,1,251,2],[252,1,252,2],[254,1,254,2],[255,1,255,2],[256,1,256,2],[257,1,257,2],[258,1,258,2],[259,1,259,2],[260,1,260,2],[263,1,263,2],[265,1,265,2],[267,1,267,2],[269,1,269,2],[270,1,270,2],[271,1,271,2],[272,1,272,2],[273,1,273,2],[274,1,274,2],[275,1,275,2],[276,1,276,2],[277,1,277,2],[279,1,279,2],[280,1,280,2],[281,1,281,2],[282,1,282,2],[283,1,283,2],[284,1,284,2],[286,1,286,2],[287,1,287,2],[288,1,288,2],[289,1,289,2],[290,1,290,2],[291,1,291,2],[292,1,292,2],[295,1,295,2],[296,1,296,2],[297,1,297,2],[298,1,298,2],[299,1,299,2],[301,1,301,2],[302,1,302,2],[303,1,303,2],[304,1,304,2],[305,1,305,2],[306,1,306,2],[307,1,307,2],[308,1,308,2],[310,1,310,2],[311,1,311,2],[312,1,312,2],[313,1,313,2],[314,1,314,2],[315,1,315,2],[316,1,316,2],[317,1,317,2],[319,1,319,2],[320,1,320,2],[321,1,321,2],[322,1,322,2],[323,1,323,2],[324,1,324,2],[325,1,325,2],[326,1,326,2],[327,1,327,2],[328,1,328,2],[329,1,329,2],[330,1,330,2],[331,1,331,2],[332,1,332,2],[333,1,333,2],[334,1,334,2],[335,1,335,2],[337,1,337,2],[338,1,338,2],[339,1,339,2],[341,1,341,2],[342,1,342,2],[344,1,344,2],[346,1,346,2],[347,1,347,2],[349,1,349,2],[350,1,350,2]]}
[]
[null,"ESPECIFICACION DE CABLEADO ESTRUCTURADO , CLASE FA / CATEGORIA 7A S/FTP -RED DE SISTEMA TRONCAL DE  FIBRA PLUG & PLAY – MÓDULOS MTP A LC OS2 - RACKS Y ACCESORIOS  "]
["ITEM","DESCRIPCIÓN",null,"CUMPLE","NO CUMPLE"]
[1,"CERTIFICACIÓN DE CALIDAD Y FABRICANTE DE PRODUCTOS"]
["1.1","Todo hardware de conexión y cable de telecomunicaciones debe estar manufacturado por un fabricante certificado ISO 9001-2015 / ISO 14001 - 2015. "]
["1.2","Es requisito obligatorio que el proponente anexe la certificación Intertek- ETL con norma vigente TIA e ISO que muestre los requisitos de desempeño en cada una de las normas descritas a una longitud de 100 metros y cuatro conexiones Categoría 6A hasta 500 MHz con cordones 26AWG."]
["1.3","El requisito obligatorio que el proponente anexe catálogos originales (página web) en donde se demuestre que el cable cumple con los requisitos de flamabilidad, baja emisión de humo y halógenos cumpliendo IEC 60332-3, IEC 60754 e IEC 61034."]
["1.4","El fabricante deberá ser miembro activo de cualquiera de las siguientes alianzas de AV (HDBaseT, SDVoE, Dante AV, AVB (Audio Video Bridging) , la información podrá ser verificada en el sitio web de la alianza. "]
["1.5","El fabricante hará una supervisión por parte de un ingeniero con matrícula profesional vigente y credencial RCDD que pertenezca a la nómina del fabricante para un soporte oportuno y cumplimiento de la supervisión exigida. Esta supervisión se hará durante la ejecución el proyecto. El RCDD debe aparecer vigente en la página de BICSI: Es requisito obligatorio que el proponente anexe una carta con el nombre del RDDD para verificación. https://www.bicsi.org/forms/Verify/CredentialHolder/. "]
["1.6","El fabricante hará una supervisión al cuarto técnico/centro de datos por parte de un ingeniero con matrícula profesional vigente y credencial DCDC que pertenezca a la nómina del fabricante para un soporte oportuno y cumplimiento de la supervisión exigida. Esta supervisión se hará durante la ejecución el proyecto. El DCDC debe aparecer vigente en la página de BICSI."]
["1.7","Con el fin de proteger la inversión el fabricante debe tener la opción de actualización del sistema a categorías superiores como categoría 7A, 8.2 sobre los mismos paneles y faceplates del sistema apantallado sin cambiar ninguno de ellos. Es requisito obligatorio que se anexen los catálogos impresos o electrónicos de los productos que demuestren esto."]
["1.8","El proponente debe anexar un documento emitido por el fabricante que indique que está autorizado para instalar sus productos y que puede tramitar y emitir la garantía con el fabricante."]
["1.9","Se deben anexar los catálogos originales (página web)  de la solución de cableado ofrecido. Cada catálogo debe mostrar el código del producto ofertado, estas mismas fichas técnicas deberán estar disponibles en la página web del fabricante. de presentarse alguna inconsistencia se verificará el número de parte en el sitio web del fabricante y debe coincidir con las especificaciones solicitadas en el presente documento."]
["1.10","No se aceptarán propuestas cuyo número de parte no se encuentre en el sitio web oficial del fabricante."]
["1.11","La instalación, documentación, componentes y sistemas deben cumplir o exceder las siguientes especificaciones de la industria:","ISO 14763-2/2019,  ISO/IEC 11801, ANSI/TIA-526-7-A, ANSI/TIA-526-14-C,  ANSI/ \tTIA-606-D o ISO/IEC 14763-2-1 ,  ANSI/TIA-607-E y/o ISO/IEC 30129,  IEEE 802.3an , IEC 61156-5 "]
[2,"ESPECIFICACIONES DE COMPONENTES "]
["2.1","Además de cumplir con las especificaciones de la ISO/IEC 11801-1 para CLASE FA, todos los componentes deben cumplir con los requisitos descritos en esta sección, el oferente incluirá las barras colectoras de tierra , terminales y cables requeridos por los estándares de tierra y equipotencialización."]
["2.2","El proponente deberá anexar certificado de garantía, la cual incluye un cuadro con los parámetros mínimos de desempeño y el margen garantizado basado en ISO/IEC en caso de que aplique   , esto incluye los valores de PS ANEXT y PS AACR-F, PS NEXT entre otros."]
["2.3","Todos los componentes del canal de cobre y fibra deben ser de una sola marca a fin de garantizar el funcionamiento end-to-end del mismo. No se aceptarán oferta donde se mezclen componentes o subsistemas de más de un (1) fabricante o marca."]
["2.4","Se exigirá que el sistema de cableado estructurado tenga una garantía expedida por el fabricante por un mínimo de 25 años sobre todos y cada uno de los componentes instalados. Así mismo se requerirá garantía que certifique el funcionamiento de todas las aplicaciones diseñadas para correr en las redes descritas y del rendimiento garantizado. También se exigirá que todas las ofertas presentadas vengan acompañadas de una carta emitida por el fabricante en donde se avale el respaldo de este a la empresa oferente y se asuma un compromiso por la garantía. "]
["2.5","Adicional a lo anterior, el fabricante incluirá dentro de la  garantía de producto la reinstalación del producto para los cambios requeridos por este concepto. "]
["2.6","Es requisito obligatorio que el proponente anexe con la propuesta los catálogos de los productos ofertados. Cada catálogo debe mostrar el código del producto ofertado, no se aceptarán propuestas con catálogos que contengan códigos diferentes a los ofertados o descripciones diferentes a las solicitadas en el presente documento, la información podrá consultarse en la página web del fabricante."]
[3,"ESPECIFICACIONES RED HORIZONTAL"]
["3.1","SALIDAS DE TELECOMUNICACIONES","Todas las salidas de información Categoría 7A designadas para la terminación de cables de cobre de par trenzado balanceado Categoría 7A deben poseer como mínimo las siguientes características: "]
["3.2","Los Outlets y plugs deben ser libre de halógenos, estar fabricados bajo las especificaciones contenidas en el estándar IEC 61076-3-104 última edición. Cumplir las especificaciones de desempeño eléctrico ISO/IEC Categoría 7A o superior."]
["3.3","Permitir su montaje en la placa frontal (faceplate) en orientación plana o, con la incorporación de un adaptador, en orientación angulada, esta última opción reduce la profundidad requerida en la caja/canaleta, protege mejor la conexión entre plug y Outlet y reduce la tensión en el cordón de parcheo"]
["3.4","Utilizar diseño de cuadrante blindado para aislar completamente los pares., que permita compartir aplicaciones por medio de la instalación de múltiples plugs en la salida sin el uso de adaptadores"]
["3.5","Permitir que todos los cuatro pares del cable sean terminados sin herramienta de impacto."]
["3.6","Exceder los requerimientos ISO/IEC 11801. "]
["3.7","Las salidas incluirán una puerta frontal para evitar la exposición al polvo y otros contaminantes."]
["3.8","Que su interfaz (Outlet) permita una cantidad de ciclos de inserción de sus plugs (mayor) > a 750  "]
["3.9","Deben ser certificadas por Underwriters Laboratories."]
["3.10","Debe permitir su terminación con cables de 22 a 24 AWG de cable sólido y de cables flexibles."]
["3.11","Soportar PoE tipo 1,2,3, 4 (IEEE 802.3af ,IEEE 802.3at , 802.3bt) y POH."]
["3.12","Para el soporte de dispositivos IP de comunicaciones, seguridad o automatización, los conectores categoría 7A deben soportar hasta dos (2) aplicaciones PoE o PoE+ en aplicaciones Fast Ethernet 10/100."]
["3.13","Estar verificados por un laboratorio de tercera parte en el cumplimiento de la norma IEC 60512-99-001/002 para asegurar que el acoplamiento entre las superficies críticas de contacto (plug y outlet) no sufran daño al ser conectadas y desconectadas bajo carga eléctrica."]
["3.14","Las salidas se instalarán por encima de 12 “ del piso, de preferencia a 18” pulgadas del piso."]
[4,"CORDONES DE COBRE "]
["4.1","Todos los patch cords propuestos deben ser de 4 pares , la línea de producto propuesta debe cumplir además con:"]
["2.1","Se debe tener la posibilidad de configurar patch cords de longitudes de 1, 2 y 3 metros y con cubiertas LSZH."]
["2.2","Tener disponible una versión de patch cord de 4 pares con conector estándar rectangular en un extremo y de tipo RJ45 blindada en el otro extremo."]
["2.3","Tener disponible una versión de patch cord de 2 pares con conector estándar rectangular en un extremo y de tipo RJ45 blindada en el otro extremo."]
["2.4","Tener disponible una versión de patch cord de 1 par para soportar aplicaciones análogas. "]
["2.5","Tener disponible una versión de patch cord de 1 par para soportar aplicaciones de video. "]
["2.6","Los patch cords empleados en el área de trabajo serán los mismos a emplearse en los espacios de telecomunicaciones."]
["2.7","Deben ser certificados por Underwriters Laboratories."]
["2.8","Las interfaces utilizadas en los plugs deben cumplir con la ISO/IEC 11801 "]
["2.9","El diámetro externo de los cordones independiente de la cantidad de pares usados no será mayor a 6.5mm "]
[5,"PANELES DE COBRE"]
["5.1","Todos los paneles de terminación deben facilitar la conexión cruzada e interconexión usando cordones de parcheo, y deben estar en conformidad con los requerimientos de montaje en rack de 19 pulgadas estándar. "]
["5.2","Permitir el uso de cualquier combinación de módulos IEC 61076-3-104, RJ45 blindados Cat 6A, al igual que en los faceplates. Se deben anexar catálogos de los productos que muestren esto."]
["5.3","Permitir el uso de otras salidas multimedia incluyendo fibra óptica y coaxial."]
["5.4","Tener los números de identificación de los puertos, y porta-etiquetas para acomodación de labels. "]
["5.5","Ofrecer herrajes o patch panels 24 puertos por cada espacio de montaje en bastidor en un panel de 1U (1RMS = 44.5 mm [1.75 pulg.]).  "]
["5.6","Tener acomodadores de cable integrados en la parte trasera del panel para la organización y fijación del cableado."]
["5.7","Permitir la conexión automática a tierra de sus módulos blindados al ser insertados."]
["5.8","Es obligatorio que los herrajes integren en la parte posterior una barra de organización."]
["5.9","Los patch panels a instalar deben ser angulados. Para aquellos espacios donde se dificulte la instalación de paneles angulados se debe contar con la opción de paneles en versión plana"]
["5.10","Los espacios no ocupados por outlets deben ser sellados con tapas de color negro de la misma marca de la red cableada."]
[6,"CABLES"]
["6.1","CABLES","Los cables deben cumplir los siguientes requerimientos: "]
["6.2","Estar en grupos de unidades de 4-pares. "]
["6.3","Manejar anchos de banda de 1000MHz según lo especificado por el estándar ISO 11801 para categoría 7A."]
["6.4","El cable debe cumplir  con IEC 61156-5, IEC 60754, IEC 60332-3, IEC 61034."]
["6.5","Es requisito obligatorio para su verificación anexar documentos que indiquen que el cable es de 1000 MHz con conductores calibre 23 AWG."]
["6.6","El cable debe venir marcado como Cat 7A. y con el nombre del fabricante que ofrece la conectividad."]
["6.7","El cable debe ser S/FTP con un foil recubriendo cada uno de los pares y una malla alrededor de los 4 pares."]
["6.8","El cable debe cumplir mínimo con los siguientes rangos de temperatura: Para Almacenamiento y para operación desde  -20 ºC a +75 ºC."]
["6.9","Se verificará a través de un laboratorio reconocido por la NRTL (UL o ETL) las características de flamabilidad de la chaqueta IEC 60332-3."]
["6.10","El cable debe tener un diámetro máximo de 7.8 mm."]
["6.11","El cable categoría 7A debe haber sido probado por un laboratorio externo en función de los requerimientos ISO 11801 y IEC 61156."]
["6.12","La ficha técnica original del cable del fabricante deberá exhibir el desempeño típico en un modelo de canal de 100 metros a 1000 MHz , los requisitos mínimos solicitados se listan a continuación:\nPérdidas de inserción :máxima  56 dB\nACR mayor a 22.8 dB\nPSNEXT, mayor a 80 dB\nRL mayor a   24 dB"]
["6.13","La información se podrá consultar a través de la página web oficial del fabricante."]
[7,"PLACAS FRONTALES FACEPLATE"]
["7.1","Los faceplates deben tener capacidad para alojar módulos de fibra óptica LC, módulos para  aplicaciones de audio y HDMI, outlets de menor y superior desempeño a la propuesta en conformidad  con ISO/IEC 11801-1.  También deben tener porta etiquetas con protector transparente de acrílico."]
["7.2","Los faceplates deberán estar disponibles en configuración de uso vertical y en configuración de uso horizontal."]
["7.3","Se deberán ofrecer adaptador angulado por cada faceplate ofertado."]
["7.4","Deberán estar disponibles en varios colores y compatibles con categorías de mayor y menor desempeño según ISO/IEC."]
["7.5","Los espacios no ocupados deberán ser sellados con una tapa, esta será del mismo color del faceplate"]
["7.6","Para salidas HDMI, debe proporcionarse un faceplate de la misma marca de la conectividad con adaptador HDMI hembra -hembra que facilite la conexión de los dispositivos desde la placa de pared/mesa de juntas."]
[8,"PLACAS FRONTALES PARA CANALIZACIONES EN MOBILIARIO  "]
["8.1","Los faceplate ofertados serán compatible con la especificación de los outlets y estos serán instalados en la canalización provista por el fabricante de muebles, a continuación, las características que deben cumplir:"]
["8.2","Los faceplates deben tener capacidad para alojar los outlets propuestos, y categorías de menor y superior desempeño acorde con la ISO/IEC 11801-1.  También deben tener porta etiquetas con protector transparente de acrílico."]
["8.3","Los faceplates deberán ser de tipo piramidal y con adaptador angulado con el fin de proporcionar un mayor espacio y cuidar los radios mínimos de curvatura del cable., su profundidad será mayor a 1 pulgada."]
["8.4","Los Faceplates para mobiliario solicitados deben ser compatibles con troquelados entre 67 mm y 76 mm de ancho"]
["8.5","Los Faceplates para mobiliario solicitados deben ser compatibles con troquelados entre 33 mm y 44 mm de alto"]
["8.6"," Deben ser de la misma marca de la conectividad propuesta y deben ser libres de halógeno."]
["8.7","Los espacios no ocupados serán sellados con el accesorio del fabricante de cableado de cobre y fibra."]
["8.8","PRUEBAS","Antes del cierre del sistema se deben hacer las pruebas de todos los canales de cables recientemente instalados. "]
["8.9","Prueba del canal de cable de cobre","Todas las pruebas de campo de la Categoría 7A /Clase Fa deben ser realizadas con un dispositivo aprobado de prueba de campo de par trenzado balanceado bajo IEC 61935 y/o aprobados por el fabricante de cableado estructurado.\nTodos los canales instalados de la Categoría 7A /Clase Fa deben funcionar igual o mejor que los requerimientos mínimos especificados en la tabla a continuación: "]
["8.10","Parámetro","1000 MHz"]
[null,"Pérdida de inserción (Máximo)","67.6 dB"]
[null,"Pérdida NEXT (Mínimo)","47.9 dB"]
[null,"PS NEXT(Mínimo)","44.9 dB"]
[null,"ACR (Mínimo)","-19.6 dB"]
[null,"PS ACR (Mínimo)","-22.6 dB"]
[null,"ELFEXT (Mínimo)","27.4dB"]
[null,"PS ELFEXT (Mínimo)","24.4 dB"]
[null,"Pérdida del retorno (Mínimo)","6.0 dB"]
[null,"Retardo de Prop (Mínimo)","545 ns"]
[null,"Retardo de sesgo (Mínimo)","30 ns"]
["8.11","Todos los cables de backbone de par trenzado balanceado que excedan 90 m (295 ft) o 100 m (328 ft) deben ser probados al 100% por continuidad si no se requieren aseguramiento de las aplicaciones. "]
["8.12","Los cables horizontales y de backbone de par trenzado balanceado Categoría 7 A /Clase Fa, cuya longitud no exceda 90 m (295 ft) para el enlace básico y 100 m (328 ft) para el canal serán probados al 100 por ciento de acuerdo con ISO/IEC 11801: Los parámetros de prueba incluyen el mapa de cables más la continuidad del blindaje SFTP (cuando esté presente), pérdida de inserción, longitud, pérdida NEXT (par a par), pérdida NEXT (sumatoria de potencias), pérdida ELFEXT (par a par), pérdida ELFEXT (sumatoria de potencias), pérdida del retorno, pérdida de inserción, demora de la propagación, Resistencia de bucle, Resistencia de desbalance. "]
[9,"PUNTOS DE CONSOLIDACION/PUNTO DE CONCENTRACIÓN DE SERVICIO"]
["9.1","En caso de requerir puntos de consolidación o puntos de concentración de Servicio, estos se instalarán en los lugares definidos en una caja metálica de pared/techo, esta caja protegerá los elementos allí incluidos y será de la misma marca de la conectividad y el cable."]
["9.2","Solo se permitirán plugs 7A armados en campo que estén habilitados por el fabricante para trámite de garantía extendida y que cumplan las especificaciones descritas en el capítulo de PLUGS (Numeral 8, a continuación, descripción de los requisitos de configuración propuestos para el cableado Zonal"]
["9.3","Desde el patch panel ubicado en el espacio de telecomunicaciones se extenderá  el cable solido conectado a un Outlet 7A que se instalará en la caja de zona, la instalación del outlet incluirá todos los elementos necesarios para su correcta instalación y cumplirá los requisitos del numeral 1 y 7.:"]
["9.4","Cumpla o exceda las especificaciones de desempeño eléctrico de mínimo Cat 7A, según el estándar ISO-IEC 61076-3-104."]
["9.5","Utilice diseño de cuadrante blindado para aislar completamente los pares."]
["9.6","Permita que todos los cuatro pares del cable sean terminados sin utilizar herramienta de impacto. "]
["9.7","La mínima longitud de horizontal del cable entre el cuarto de comunicaciones y el punto de consolidación debe ser 15mts (50ft)"]
["9.8","La mínima longitud de horizontal del cable entre el punto de consolidación y el área de trabajo debe ser 5mts (16ft)"]
[10,"CONECTOR 7A MACHO/PLUGS PARA CAJA DE ZONA"]
["10.1","Para extender el cableado desde la caja zonal se conectará un plug de terminación en campo al outlet de la caja, ver numeral 7, de este saldrá el cable sólido conectado a un plug 7A. Este plug debe cumplir con:"]
["10.2","Las versiones de 4 pares deben exceder las especificaciones de desempeño eléctrico ISO/IEC Clase FA/Categoría 7 A. "]
["10.3","Las versiones de 4 pares deben utilizar diseño de cuadrante blindado para aislar completamente las partes. "]
["10.4","Proporcionar una instalación rápida y fácil con una sola herramienta para preparar y terminar los cables. "]
["10.5","Las versiones de 4 pares deben exceder los requerimientos ISO/IEC 11801 "]
["10.6","Tener botas disponibles en negro, blanco, rojo, amarillo, azul y verde para la identificación de los puertos "]
["10.7","Compatible con cables S/FTP sólidos 22 AWG y 23 AWG "]
["10.8","Deben ser certificadas por UL."]
[11,"CONECTOR 6A MACHO/PLUGS PARA CONEXIÓN DE EQUIPO"]
["11.1","Solo para dispositivos de techo o pared que requieran conexión directa se podrá adicionar un plug de terminación en campo Cat6A compatible con el cable S/FTP, este debe cumplir con:"]
["11.2","En algunos casos para dispositivos de techo Digital se podrá terminar el cable sólido 7A en un plug habilitado para terminación en campo Cat 6A, el plug deberá ser de la misma marca de la conectividad y cable, "]
["11.3","El Plug debe permitir su re-terminación y soportar más de 750 ciclos de inserción."]
["11.4","Se debe adicionar guía de desconexión color negro, rojo, verde, violeta y amarillo para identificar los servicios."]
[12,"CAJA DE ZONA"]
["12.1","La caja de zona sirve para albergar el punto de consolidación o HCP que facilita la realización de MACs (movimientos, adiciones y cambios) en el cableado hacia las salidas de equipo de voz, datos, video, seguridad, automatización, iluminación y demás aplicaciones de baja potencia. "]
["12.2","Solo se permitirán plugs 7A armados en campo en la caja de zona, la caja de zona debe tener las siguientes características:"]
["12.3","Permitir el montaje de hasta 24 salidas planas Categoría   7A, así como módulos de fibra óptica."]
["12.4","Permitir su montaje arriba del techo falso, debajo del piso falso y en pared."]
["12.5","Cumplir con las certificaciones UL siguientes:\nUL 1863 Norma para accesorios y circuitos de comunicaciones.\nUL 2043 Prueba de fuego de emisiones de calor y humo visible para productos discretos y sus accesorios instalados en espacios de manejo de aire (ambientes plenum).\nUL 2416 Sistemas de racks, gabinetes y cajas para tecnologías de la información y comunicaciones y audio y video."]
["12.6","Tener juntas de espuma para reducir al mínimo las vibraciones y evitar que entre polvo en la caja."]
["12.7","Cumplir con la directiva RoHS al estar libre de plomo, libre de halógenos y libre de PVC."]
["12.8","La cubierta debe ser totalmente extraíble a través de cierres de apertura rápida, proporcionando un fácil acceso a las conexiones; tener un pestillo para asegurar la cubierta a la base y tener un espacio de etiquetado integrado para la identificación de puertos y documentación de la red."]
["12.9","Estar construido con acero laminado en frío y recubrimiento de pintura en polvo"]
["12.10","Ficha técnica","Del equipo ofertado (es obligatorio adjuntar la ficha técnica junto con el presente anexo, que permita confirmar el cumplimiento de las especificaciones técnicas mínimas aquí indicadas)"]
[13,"II. ESPECIFICACIONES DEL SISTEMA TROCAL DE FIBRA OPTICA PRECONECTORIZADA "]
["13.1","En caso de requerir fibra óptica en el proyecto se deben cumplir las siguientes especificaciones.\nAdemás de cumplirse con las especificaciones descritas en las normas en la ISO/IEC 11801 y TIA deben cumplirse los requisitos de esta sección, los cuales son aplicables a todos los componentes de fibra óptica descritos a continuación. El backbone del edificio se manejará con fibra óptica pre-terminada en conectores MTP/MPO – MTP/MPO de uso interior multimodo de 12 hilos 9/125 OS2, esta red se distribuye desde el cuarto técnico principal, hasta cada uno de los cuartos de telecomunicaciones en topología estrella. "]
[]
[14,"SISTEMA DE TRONCALES DE FIBRA ÓPTICA PRECONECTORIZADAS"]
["14.1","Para las conexiones de óptica paralela se requieren enlaces MTP de 12 y/o 8 Fibras en cada extremo, los tendidos en fibra interior deben ser  pre-conectorizados OS2, tipo LS0H-3, con la polaridad requerida para la conformación del canal."]
["14.2","Se solicita Fibra óptica (OS2) de 12 Hilos MTP a MTP. "]
["14.3","Los cables basados en 8 Fibras deben distinguirse físicamente de los cables basados en 12 Fibras, esto se debe evidenciar en el catálogo de los cables troncales."]
["14.4","La pérdida máxima de la interfaz será de 0.3dB"]
["14.5","Debe tener cubierta de tipo Low Smoke Zero Halogen LS0H-3"]
["14.6","Estar construidos a la medida y probados en fábrica para asegurar su calidad y desempeño óptico. "]
["14.7","Disponibles en al menos dos colores (aqua y otro) para poder hacer segregación de servicios y/o aplicaciones."]
["14.8","Estar disponible en configuraciones de 12, 24, 36, 48, 72, 96 y 144 hilos, en donde cada subgrupo de 12 hilos tenga una cubierta con diámetro exterior no mayor a 3 mm, para un mejor provecho del espacio en canalizaciones y organizadores de cables."]
["14.9","Debe incluir mínimo una manga de tracción que facilite el proceso de instalación."]
["14.10","Debe permitir configurar el pinado (género) del conector MTP."]
["14.11","Temperatura de Operación de -20°C a 70°C"]
["14.12","Debe cumplir estándares como: ISO/IEC 11801-1,  ANSI/TIA 568.3, IEC 61300-3-30."]
["14.13","Deben tener la opción de extender su longitud para permitir adiciones a enlaces Plug & Play a través de la opción de configuración de su número de parte."]
["14.14","Debe tener la posibilidad de configurarse con armadura o sin armadura."]
["14.15","Debe cumplir con los métodos de polaridad definidos por el estándar (A, B y C), se ofrecerá la polaridad requerida para las aplicaciones de óptica paralela."]
["14.16","Se debe adjuntar reporte IEC para el cable troncal, este será emitido por un laboratorio aprobado por ISO 17025"]
["14.17","Deberá ser de la misma marca de conectividad."]
[15,"DISTRIBUIDORES DE FIBRA ÓPTICA DISTRIBUIDOR PRINCIPAL DE AREA (MDA/ Equipment Room)"]
["15.1","A continuación, se anexa la especificación que deben cumplir las bandejas de fibra óptica en el cuarto de equipos “ER”, Esta bandeja consolidará todos los enlaces, , los espacios no ocupados deberán integrar tapas ciegas, la solución deberá ser de la misma marca de la red de cobre"]
["15.2","Deben tener un diseño compacto de 1, 2 o 4 RU de acuerdo con el diseño propuesto; cada unidad de rack debe tener capacidad de concentrar 96 Fibras óptica en terminaciones LC."]
["15.3","Las bandejas deben estar en capacidad de utilizar placas adaptadoras de fibra ST, FC, LC, SC,MTP-MTP, bandejas de empalme, Módulos MTP a LC y módulos de empalme. "]
["15.4","Debe incluir puerta frontal y posterior translúcidas con llave, las puertas deben tener cierre magnético y ser completamente removibles."]
["15.5","Debe integrar un porta etiquetas desplegable al que se puede acceder incluso cuando la puerta está cerrada."]
["15.6","Tener una cubierta superior removible."]
["15.7","Tener una bandeja deslizante que se desplaza desde la parte delantera y trasera de la estructura, totalmente desmontable para un mayor acceso y con puntos de parada en su proceso"]
["15.8","Debe Incorporar un soporte de cable trasero y un soporte de gestión de fibra desmontable y guiado en el punto de entrada de fibra para garantizar que exista una holgura adecuada del cable al extender la bandeja hacia adelante y hacia atrás."]
["15.9","Debe utilizar administradores de cables frontales con bisagras capaces de administrar las 96 fibras en uno o ambos lados."]
["15.10","Los soportes de montaje deben permitir instalar la bandeja en el rack en al menos tres posiciones."]
["15.11","Sobre los soportes de montaje debe tener orificios abiertos que permiten preinstalar la bandeja."]
["15.12","Utilice clips de administración de cables traseros de dos niveles a presión que permiten múltiples opciones de montaje y enrutamiento de cables"]
["15.13","Tener un panel de etiquetado que se pueda ver con las puertas cerradas."]
["15.14","La bandeja deberá tener reporte de tercera parte en conformidad a IEC."]
["15.15","Debe incluir las tapas ciegas necesarias para no dejar espacios vacíos"]
[16,"DISTRIBUIDORES DE FIBRA ÓPTICA EN CUARTOS DE EQUIPOS (Telecomunication Room)"]
["16.1","A continuación, se anexa la especificación que deben cumplir las bandejas de fibra óptica de los distribuidores de Piso, , los espacios no ocupados deberán integrar tapas ciegas , la solución deberá ser de la misma marca de la red de cobre."]
["16.2","Deben tener un diseño compacto de 1Unidad de Rack."]
["16.3","Las bandejas deben estar en capacidad de utilizar placas adaptadoras de fibra ST, FC, LC, SC,MTP-MTP, bandejas de empalme, Módulos MTP a LC y módulos de empalme. "]
["16.4","Debe incluir puerta frontal removible para habilitar la marcación del sistema. "]
["16.5","Debe incluir al menos dos ingresos de cables en la parte posterior. "]
["16.6","Los Ingresos de cables debe integrar Grommets para asegurar y proteger el cable. "]
["16.7","Debe tener bandeja deslizante hacia adelante"]
["16.8","Debe Incorporar anillos para la gestión y organización de fibra y jumpers"]
["16.9","Debe utilizar base sólida frontal integrada en la misma unidad de rack para la gestión de los Jumpers, no se requerirá organizador horizontal para la salida de los jumpers."]
["16.10","Los soportes de montaje deben permitir instalar la bandeja en el rack en al menos tres posiciones."]
["16.11","Sobre los soportes de montaje debe tener orificios abiertos que permiten preinstalar la bandeja."]
["16.12","Debe incluir velcros, amarres y tornillería para la organización de la fibra óptica."]
["16.13","La bandeja deslizable puede ser totalmente removible, para facilitar la terminación de la fibra óptica."]
["16.14","De requerirse se podrán adicionar presta estopas (glándulas) en lugar de los grommets para mejorar el aseguramiento de los cables"]
["16.15","Debe incluir las tapas ciegas necesarias para no dejar espacios vacíos"]
[17,"CORDONES DE FIBRA ÓPTICA MTP (JUMPERS)"]
["17.1","Los jumpers deberán tener reporte de tercera parte en conformidad a IEC, además debe cumplir con las siguientes características:"]
["17.2","Deberá tener la posibilidad de configurarse en diferentes longitudes. La longitud estará basada en la disposición de los equipos y las bandejas de fibra óptica, no se aceptará holgura excesiva de cable dentro de los racks. "]
["17.3","Deberán utilizar cable con diámetro externo menor a 3 mm."]
["17.4"," Deben incorporar la opción de cambiar la polaridad en sitio, así como el género del conector, la herramienta debe estar disponible como número de parte en la ficha técnica del fabricante de la solución. "]
["17.5","Se deben poder ofrecer opciones de conector basados en 8 fibras o 12 Fibras."]
["17.6","Los cables basados en 8 Fibras deben tener un distintivo de los cables de 12 fibras, esta información se debe verificar en el sitio web del fabricante."]
["17.7","El conector debe cumplir las especificaciones de  IEC 61754-7"]
["17.8","Atenuación máxima del cable 0.4/0.4/0.3 en 1310/1383/1550nm respectivamente"]
["17.9","Deberán estar verificado al 100% en pruebas ópticas para cumplir con las siguientes especificaciones de desempeño para 9/125:"]
["17.10","Pérdida de Inserción Máxima del conector en  (dB): 0.3"]
["17.11","Mono marca con la solución de conectividad y fibra."]
[18,"RACKS PARA CUARTOS DE TELECOMUNICACIONES"]
["18.1","Tipo","Rack de 45 Unidades de Rack de acero laminado en frío, debe Incluir organizadores dobles en cada una de las bases laterales de este. Los Organizadores facilitarán la organización para cable y jumpers, accesorios de montaje y la conexión a tierra.  Los racks abiertos deben cumplir las siguientes características:"]
["18.2","Los Racks deben ser abiertos, construidos en Cold Rolled Steel de dos postes y con capacidad de alojar equipos de 19” de ancho. Estar disponible en alturas 2.1 m (7 ft)."]
["18.3","Tener una capacidad de carga de al menos 540 kg."]
["18.4","Debe cumplir UL1863, adjuntar certificado de cumplimiento."]
["18.5","Debe tener las unidades de rack marcadas para facilitar movimientos  y adiciones de equipos o componentes pasivos."]
["18.6","La base del rack debe tener huecos que permitan fijar la estructura a la placa del piso."]
["18.7","Debe cumplir EIA-310-D, RoHS"]
["18.8","Debe tener la capacidad de adicionar organizadores verticales sencillos y dobles."]
["18.9","Debe incluirse una barra colectora a tierra RBB de 19 pulgadas en cobre para las conexiones de bonding."]
[19,"ORGANIZADORES VERTICALES DOBLES PARA RACK ABIERTO"]
["19.1","Los organizadores verticales estarán a cada lado del rack abierto del cuarto de telecomunicaciones  y deben ser de la misma marca del fabricante de los racks, la capacidad de llenado será dimensionada de tal forma que permita adicionar un crecimiento de al menos el 50% de la capacidad inicial."]
["19.2","Deben venir en dimensiones de 45 Unidades de Rack y con la opción de configurar el ancho de 4” 6” 10” y 12” pulgadas."]
["19.3","Tener  acceso para el enrutado de cables entre la parte frontal y posterior del canal de manera fácil y continua."]
["19.4","La placa divisoria central debe poder instalarse en dos posiciones para ampliar la capacidad en la parte delantera o trasera. Las placas deben incluir puntos de fijación para adicionar accesorios. "]
["19.5","Tener cubiertas tipo puerta con manijas y puntos de conexión que facilite el cierre y apertura hacia ambos lados para su completo acceso al canal vertical "]
["19.6","Tener redondeados todos los puntos de paso y enrutado de patch cords para evitar deformaciones y daños a éstos."]
["19.7","La profundidad del organizador será de al menos 19 pulgadas para permitir la organización del cableado horizontal y cordones."]
["19.8","Tener una variedad de accesorios de organización de cables, tales como organizadores de ¼ de vuelta en bobinas de organización de fibra."]
["19.9","Debe tener la posibilidad de adicionar paneles de cubierta lateral para cubrir la parte expuesta del organizador de doble cara para aquellos racks que están sobre el corredor de circulación"]
[20,"ORGANIZADOR HORIZONTAL DE 2 RU"]
["20.1","Estos organizadores serán usados para enrutar cables que salen o vienen de los patch panel o switches instalados en el rack, deben ser fabricados por el mismo fabricante de los racks, el organizador de cable horizontal deberá montarse arriba y debajo de cada switch al frente del rack o gabinete, por cada panel de 24 puertos se debe proporcionar un organizador de 2RUs"]
["20.2","Tener disponibles versiones de 2 y 4 Unidades de Rack"]
["20.3","Tener cubiertas para retener y mantener protegidos los cordones de equipo o patch cords."]
["20.4","Tener múltiples accesos para el fácil enrutado de cables hacia atrás del organizador."]
["20.5","Tener redondeados todos los puntos de paso y enrutado de patch cords para evitar deformaciones y daños a éstos."]
["20.6","Tener cubiertas con bisagras que permitan su apertura hacia arriba y hacia abajo."]
["20.7","Sus dedos tendrán una  profundidades de 6 pulgadas."]
["20.8","Los organizadores deben incluir pasantes ovalados o semicirculares en la base del organizador."]
["20.9","Deben ser de la misma marca de los Racks y de la conectividad de cobre y Fibra"]
[21,"GARANTÍA CANAL"]
["21.1","La garantía que deberá presentar el fabricante debe ser emitida por el mismo fabricante de la solución de cableado estructurado, y no por un instalador, por un tiempo mínimo de 20 años, en la que se especifique una garantía de fabricación de los componentes, performance, mano de obra y aplicaciones. Es requisito obligatorio anexar la carta del fabricante en donde se indique que se darán estos 4 tipos de garantía. "]
["21.2","Se debe entregar con esta propuesta un modelo original de garantía directamente del fabricante, la cual debe incluir además de las anteriores condiciones, las siguientes características:"]
["21.3","Estándares que cubre la garantía"]
["21.3.1"," ISO/IEC 11801-1, ISO/IEC 11801-2, ISO/IEC 11801-3, ISO/IEC 11801-4, ISO/IEC 11801-5, ISO/IEC 11801-6 y enmiendas aplicables (clase EA y fibra)"]
["21.3.2","CENELEC EN 50173-1, CENELEC EN 50173-2, CENELEC EN 50173-3, CENELEC EN 50173-4, CENELEC EN 50173-5, CENELEC EN 50173-6 y enmiendas aplicables (clase EA)"]
["21.3.3","ANSI/TIA-568.0-D, ANSI/TIA-568.1-D, ANSI/TIA-568.2-D, (categoría 6A) y ANSI/TIA-568.3-D (fibra)."]
["21.3.4","Cualquier aplicación existente y futura aprobada por IEEE, ATM Fórum, ANSI o ISO que especifique compatibilidad con el canal instalado:\na)\tEthernet (e.g., 1000BASE-T, 2.5GBASE-T, 5GBASE-T, and 10GBASE-T). \nb)\tHDBaseT.\nc)\tPower over Ethernet (PoE) and Power over HDBaseT (POH) up to 100W (1A per pair).\nd)\t155 Mb/s ATM,\ne)\tTodas las aplicaciones requeridas para Fibra óptica de acuerdo con el presupuesto óptico"]
["21.3.5","Se debe especificar en el modelo original de la garantía del fabricante que el cable soporta temperaturas de operación de 75°C.  Así como enlaces con una longitud de siete (7) metros en configuración de canal."]
["21.3.6","Se debe garantizar a través de documento público del fabricante un margen adicional de 10dB en el parámetro de PS ANEXT basado en la ISO/IEC."]
["21.3.7","El modelo de garantía de fibra debe incluir las máxima atenuación permitida por aplicación y soportada por la garantía del fabricante."]
[22,"CRITERIOS DEL EQUIPO DE PRUEBA"]
[null,"Pruebas de cobre"]
["22.1","Todos los probadores de campo de par trenzado balanceado deben ser calibrados en fábrica cada año calendario por el fabricante del equipo de prueba de campo, tal como se estipula en los manuales suministrados con la unidad de prueba de campo. Antes del comienzo de la prueba se debe proporcionar el certificado de calibración para revisión. "]
["22.2","Las configuraciones de auto prueba proporcionadas en este probador de prueba de campo deben estar configuradas en los parámetros predeterminados. "]
["22.3","Las configuraciones de la prueba seleccionadas de las opciones suministradas en los probadores de prueba deben ser compatibles con el cable instalado bajo prueba. "]
[null,"Pruebas de fibra óptica"]
["22.4","Los cables horizontales de fibra deben ser probados al 100% por pérdida de inserción y longitud. "]
["22.5","La pérdida de inserción debe ser probadas a 850 nm y 1300 nm para cableado multimodo de 50/125mm y 62.5/125mm por lo menos en una dirección usando el procedimiento de prueba Método B (1-jumper) tal como se especifica en los procedimientos descritos por el fabricante"]
["22.6","La longitud debe ser probada usando un dispositivo de medición de prueba óptica OLTS y basado en el método de flujo restringido EF."]
[23,"ADMINISTRACIÓN Y DOCUMENTACIÓN"]
[null,"Etiquetaje"]
["23.1","Los cables horizontales y de backbone deben estar etiquetados en cada extremo. El cable o su etiqueta deben estar marcados con su identificador. "]
["23.2","En cada placa frontal se debe marcar un identificador único que la identifique como hardware de conexión. "]
["23.3","Cada puerto en la placa frontal debe estar etiquetado con su identificador. "]
["23.4","En cada pieza del hardware de conexión se debe marcar un identificador único para identificarlo como hardware de conexión. "]
["23.5","Cada puerto en el hardware de conexión debe ser etiquetado con su identificador. "]
["23.6","Se deberán marcar las canalizaciones, espacios de telecomunicaciones, Fire Stops, Gabinetes en la parte frontal y posterior cada elemento con su identificador único."]
["23.7","Los identificadores se revisarán en conformidad con los requisitos de la entidad, así mismo se deberá marcar en conformidad con el estándar ISO 14763-2.1 o ANSI/TIA 606C."]
[24,"GENERALIDADES"]
[null,"Cableado horizontal"]
["24.1","El subsistema horizontal es la parte del sistema de cableado de telecomunicaciones que se extiende desde la salida/conector de telecomunicaciones del área de trabajo hasta el cross-connect o InterConnect horizontal en el cuarto de telecomunicaciones. Consiste en la salida/conector de telecomunicaciones, los cables horizontales, el punto de consolidación opcional y la parte del cross-connect /InterConnect en el cuarto de telecomunicaciones que sirve al cable horizontal. Cada piso de un edificio debe ser servido por su propio Subsistema horizontal. "]
[null,"Cableado de Backbone "]
["24.2","Los cables permitidos para uso en el backbone incluyen: cobre de par trenzado balanceado 100W de 4 pares, cobre de par trenzado balanceado 100W multipares, cobre de par trenzado balanceado 100W híbridos o atados, fibra óptica multimodo 50/125mm o 62.5/125mm, y cables de fibra óptica monomodo 7-10mm. El cable debe soportar aplicaciones de voz, datos e imágenes. Durante la manipulación y la instalación se deben respetar los requerimientos del radio de curvatura y de fortaleza al jalado de todos los cables de backbone. "]
[null,"Cableado intra-edificios"]
["24.3","La ruta del cable dentro de un edificio, conectando caja a caja o caja al cuarto del equipo es referida como el Subsistema de backbone Intra-edificios. Este subsistema enlaza el Cross-connect Principal (MC) /Campus Distributor (CD) en el cuarto de equipo con los Cross-connects Intermedios (IC) /Building Distributor (BD) y los Cross-connects Horizontales (HC) / (FD) en los Cuartos de Telecomunicaciones (TR). Consiste en los medios de transmisión de backbone entre estas locaciones y el hardware de conexión asociado para el terminado de estos medios. "]
[null,"Cuarto de telecomunicaciones"]
["24.4"," El Cuarto de telecomunicaciones generalmente es considerado como la instalación de servicio de un piso. Los Cross-connect Horizontales / Floor Distributor enlazan juntos el Subsistema Horizontal y los Subsistemas de Backbone. "]
["24.5"," Los Cross-connect Horizontales / Building Distributor, consistirán en los bloques o paneles de alambrado montados en Bastidor o en la pared para la terminación de cables de cobre o centros de interconexión montados en la pared o en Bastidor o paneles/bandejas de acomodación de fibras para la terminación de fibras ópticas. "]
["24.6","Los espacios Cross-connect incluyen el etiquetaje del hardware para la identificación de los circuitos y de los cordones de parcheo o los alambres cross-connect usados para crear las conexiones de los circuitos en los cross-connects. "]
["24.7","El cuarto de telecomunicaciones debe estar equipado con equipo de telecomunicaciones, las terminaciones de cables y los cross-connects asociados. "]
["24.8","La separación de las fuentes de EMI deberá ser en concordancia con ANSI/TIA-569- E o ISO 14763-2 o los códigos locales. "]
["24.9","La conexión a tierra y puesta a tierra debe ser en concordancia con los códigos y aplicaciones aplicables. Se debe respetar los requerimientos de, ANSI/TIA 607-D, o ISO/IEC 30129 en todo el sistema de cableado y adicionar los componentes allí requeridos. "]
["24.10","El cuarto de telecomunicaciones estará dedicado a la función de telecomunicaciones. El acceso a los cuartos de telecomunicaciones estará restringido al personal de servicio autorizado y no debe ser compartido con servicios del edificio que pueden interferir con los sistemas de telecomunicaciones, o ser usados para servicios de mantenimiento del edificio. "]
["24.11","La iluminación en los cuartos de telecomunicaciones deben ser mínimo de 500 lx (50 foot candles) en el punto de terminación más bajo. El interruptor de la luz debe ser fácilmente accesible al ingresar a la habitación. "]
["24.12","Se deben proporcionar mínimo dos salidas eléctricas dúplex o dos simples dedicadas, cada una en un circuito separado para energizar el equipo. Las salidas adicionales convenientes deben ser instaladas a intervalos de 1.8 m (6 ft) alrededor de las paredes del perímetro. "]
[null,"Cuarto del equipo"]
["24.13","El cuarto del equipo debe estar equipado con el equipo de telecomunicaciones, las terminaciones de cables y los cross-connects asociados. "]
["24.14","La separación de las fuentes de EMI debe ser en concordancia con la sección Cuarto de Telecomunicaciones de esta especificación. "]
["24.15","La conexión a tierra y puesta a tierra de comunicaciones deben ser en concordancia con los códigos y regulaciones aplicables. Se recomienda respetar los requerimientos - Ed. 1.0, ANSI/TIA-607-D, o ISO/IEC 30129 ambos en todo el sistema de cableado. "]
["24.16","El cuarto de equipos no debe ser compartido con servicios del edificio que puedan interferir con los sistemas de telecomunicaciones, o ser utilizado para servicios custodios. "]
["24.17","Los relámpagos en los cuartos de telecomunicaciones deben ser mínimo de 500 lx (50 foot candles) en el punto de terminación más bajo. "]
["24.18","Se deben proporcionar mínimo dos salidas eléctricas dúplex o dos simples dedicadas, cada una en un circuito separado para energizar el equipo. Las salidas adicionales convenientes deben ser instaladas a intervalos de 1.8 m (6 ft) alrededor de las paredes del perímetro. "]
[null,"Instalación de acceso"]
["24.19","La instalación de acceso debe estar equipada con el equipo de telecomunicaciones, las terminaciones de cables y los cross-connects asociados. "]
["24.20","La separación de las fuentes de EMI debe ser la especificada por ISO/IEC 14763-2 "]
["24.21","La conexión a tierra y puesta a tierra de comunicaciones debe ser en concordancia con los códigos y regulaciones aplicables ANSI/TIA-607-D, o ISO/IEC 30129 en todo el sistema de cableado."]
["24.22","La instalación de acceso no debe ser compartida con servicios del edificio que puedan interferir con los sistemas de telecomunicaciones, o utilizada para servicios custodios. "]
["24.23","La instalación de acceso debe estar ubicada en un área seca no sujeta a inundación y debe estar lo más cerca posible al cuarto de servicios eléctricos para reducir la longitud del conductor de unión al sistema de conexión a tierra eléctrico. "]
["24.24","Los relámpagos en los cuartos de telecomunicaciones deben ser mínimo de 500 lx (50 foot candles) en el punto de terminación más bajo. "]
["24.25","Se deben proporcionar mínimo dos salidas eléctricas dúplex o dos simples dedicadas, cada una en un circuito separado para energizar el equipo. Las salidas adicionales convenientes deben ser instaladas a intervalos de 1.8 m (6 ft) alrededor de las paredes del perímetro. "]
[25,"INSTALACIÓN",{"$nulls":4},"No mencionar dos veces las generalidades "]
[null,"Canalizaciones de los cables "]
["25.1","Las canalizaciones serán diseñadas e instaladas para cumplir con los códigos o regulaciones eléctricos y de construcción, locales y nacionales. "]
["25.2","La conexión a tierra y puesta a tierra de las canalizaciones debe cumplir con los códigos y las regulaciones aplicables. "]
["25.3","Las canalizaciones no deben tener bordes afilados que puedan estar en contacto con los cables de telecomunicaciones. "]
["25.4","El número de cables colocado en una canaleta no debe exceder las especificaciones del fabricante, de las normas citadas en las especificaciones técnicas, además no se debe afectar la forma geométrica del cable. "]
["25.5","Las canalizaciones no deben estar ubicadas en los ejes del ascensor. "]
[null,"Enrutamiento de cables Intra edificios "]
["25.6","El subsistema de backbone incluirá el cable instalado de manera vertical entre los cuartos de telecomunicaciones del piso y los cross-connect principales e intermedios en un edificio de varios pisos y el cable instalado horizontalmente entre los cuartos de telecomunicaciones y los cross-connect principales e intermedios en una construcción de un solo piso como una escuela o fábrica. "]
["25.7","A menos que el fabricante recomiende lo contrario, todos los cables de fibra deben ser enrutados en los ductos internos. "]
["25.8","Las fibras deben ser terminadas en los cuartos de telecomunicaciones usando los conectores solicitados en el presente documento en centros de interconexión montados en la pared o paneles de montaje en bastidor equipados con suficientes puertos, espacio de almacenamiento y bandejas de empalme para terminar y asegurar todas las fibras. "]
["25.9","La ranura/manga del elevador debe contar con el espacio adecuado para ingresar al área en una fecha posterior en todos los cuartos de telecomunicaciones, de manera que no sea necesario taladrar ranuras/mangas adicionales. "]
["25.10","Los cables de backbone deben ser instalados en una topología de estrella, emanando desde el cross-connect principal /Distribuidor de Campus a cada cuarto de telecomunicaciones. Entre el cross-connect principal y el cross-connect horizontal puede estar presente un cross-connect intermedio/Distribuidor de Edificio. Esto es conocido como una topología de estrella jerárquica. "]
["25.11","Por lo menos un cable de par trenzado balanceado de 4 pares, híbrido/atado o multipar debe ser enrutado por cada segmento de backbone intra-edificios. "]
["25.12","La fibra óptica debe ser enrutada por cualquier segmento de backbone mayor a 90 m (295 ft.). Si el segmento de backbone Intra-edificio es menor a 90 m (295 ft), y la fibra no es enrutada, el cable de par trenzado balanceado debe ser de una categoría 5e o mayor. "]
["25.13","Las Canalizaciones de backbone deben ser instaladas o seleccionadas de manera que se mantenga el radio de curvatura mínimo de los cables de backbone dentro de las especificaciones del fabricante durante y después de la instalación. "]
["25.14","Enrutamiento del cable inter-edificios "]
["25.15","El subsistema de backbone debe incluir el cable instalado entre los edificios por vía subterránea, túnel, cavada directa, aérea o cualquier combinación de estos desde el cross-connect principal hasta un cross-connect intermedio en un campus de varios edificios. "]
["25.16","A menos que el fabricante recomiende lo contrario, todos los cables de fibra deben ser enrutados en los ductos internos. "]
["25.17","Las fibras deben ser terminadas en los cuartos de telecomunicaciones usando los conectores referenciados en centros de interconexión montados en la pared o paneles de montaje en bastidor equipados con suficientes puertos, espacio de almacenamiento y bandejas de empalme para terminar y asegurar todas las fibras. "]
["25.18","En un sistema subterráneo se debe contar con el espacio adecuado para los conductos subterráneos y con acceso en cada edificio. Los conductos no deben exceder un factor de llenado de 40%. "]
["25.19","Todos los sistemas subterráneos deben estar diseñados de manera que se evite que el agua que escurre ingrese al edificio. "]
["25.20","Los cables de backbone debe ser instalados en una topología de estrella, emanando desde el cross-connect principal hasta cada cuarto de telecomunicaciones del edificio. Todos los cables inter-edificios deben ser instalados bajo los códigos y regulaciones aplicables. "]
["25.21","La fibra óptica debe ser enrutada por todos los segmentos de backbone inter-edificios, y como una recomendación, por cada segmento de backbone inter-edificio se debe enlutar por lo menos un cable de par trenzado balanceado. "]
["25.22","Las Canalizaciones backbone deben ser instaladas o seleccionadas de manera que se mantenga el radio de curvatura mínimo de los cables de backbone dentro de las especificaciones del fabricante del cable, durante y después de la instalación. "]
[null,"Enrutamiento del cable horizontal "]
["25.23","Todos los cables horizontales, sin importar el tipo de medio, no deben exceder 90 m (295 ft) desde las salidas de telecomunicaciones en el área de trabajo hasta el cross connect horizontal. "]
["25.24","La longitud combinada de los jumpers, o los cordones de parcheo y los cables del equipo en el cuarto de telecomunicaciones y el área de trabajo no debe exceder 10m (33 ft) a menos que sean utilizados en conjunción con una salida de telecomunicaciones multiusuarios. "]
["25.25","Hasta cada área de trabajo se deben enlutar dos cables horizontales. Por lo menos un cable horizontal conectado a una salida de información será de 4 pares, par trenzado balanceado de 100 W. "]
["25.26","Se recomienda mantener una distancia mínima del cable horizontal de 15m (49 ft.) entre los cuartos de telecomunicaciones y las áreas de trabajo. "]
["25.27","Para instalaciones con puntos de consolidación, se deben mantener una distancia mínima del cable horizontal de 15m (49 ft.) entre el cuarto de telecomunicaciones y el punto de consolidación, y de 5m (16 ft.) entre el punto de consolidación y el área de trabajo. "]
["25.28","Las Canalizaciones backbone deben ser instaladas o seleccionadas de manera que se mantenga el radio de curvatura mínimo de los cables de backbone dentro de las especificaciones del fabricante, durante y después de la instalación. "]
["25.29","En cableados de techo abierto, se debe contar con soportes de cable de manera que sean estructuralmente independientes del techo suspendido, sus marcos, o soportes. Estos soportes deben estar a no más de 1.5 m (5 ft) de distancia. "]
["25.30","Para aplicaciones de voz o datos, los cables de par trenzado balanceado de 4 pares o de fibra óptica deben ser enrutados usando una topología de estrella desde el cuarto de telecomunicaciones que sirve ese piso hasta cada salida de información adicional. El cliente antes de la instalación del cableado debe aprobar todas las rutas de los cables. "]
["25.31","El Contratista debe respetar los requerimientos de radio de curvatura y fortaleza al jalado de los cables de par trenzado balanceado de 4 pares y de fibra óptica durante la manipulación y la instalación. "]
["25.32","Cada ruta de los cables de par trenzado balanceado entre la parte horizontal de los cross-connect en la caja de telecomunicaciones y la salida de información no debe contener uniones. "]
["25.33","En un ambiente de techo falso, se debe respetar un mínimo de 3 pulgadas (75 mm) entre los soportes del cable y el techo falso. "]
["25.34","Las rutas continuas de los conductos instalados por el contratista no deben exceder 30.5 m (100 ft) o contener más de dos (2) curvaturas de 90 grados sin usar las cajas de jalado del tamaño apropiado. "]
["25.35","Todas las canalizaciones horizontales, serán diseñadas, instaladas y conectadas a tierra cumpliendo con los códigos eléctricos y de construcción, locales y nacionales. "]
["25.36","El número de cables horizontales colocados en un soporte o canaleta de cables debe estar limitado a un número de cables que no cause deformación geométrica de los cables. "]
["25.37","La capacidad máxima de la canaleta de conductos no debe exceder un llenado del 40%. Sin embargo, el llenado del perímetro y del mobiliario se limita al 60% para movimientos y cambios. "]
["25.38","Los cables de distribución horizontal no deben estar expuestos en el área de trabajo u otros lugares con acceso al público. "]
["25.39","Los cables enrutados en un techo suspendido no deben ser colgados a través de las tejas del techo. Los soportes del cable deben ser montados mínimo a 75 mm (3 pulg) por encima de la rejilla del techo que soporta las tejas. "]
[null,"Radio de curvatura "]
["25.40","El radio máximo de curvatura del cable no debe exceder las especificaciones del fabricante. "]
["25.41","En espacios con terminaciones de cables de par trenzado balanceado, el radio de curvatura para el cable de 4 pares no debe exceder cuatro veces el diámetro exterior del cable y 10 veces para cables multipares. Esto debe ser hecho a menos que se violen las especificaciones del fabricante. "]
["25.42","Durante la instalación real, el radio de curvatura sobre los cables de 4 pares no debe exceder ocho veces el diámetro exterior del cable y diez veces para los cables multipares. Esto debe ser hecho a menos que se violen las especificaciones del fabricante. "]
[null,"Sujetadores de cable "]
["25.43","Se deben usar sujetadores a los intervalos apropiados para asegurar los cables y proporcionar liberación de la tensión en los puntos de terminación. Estas envolturas no deben ser apretadas hasta el punto de deformar u ondular la funda del cable. "]
["25.44","Se deben usar acomodadores de cable de gancho y bucle en la caja en donde puede ser frecuente la reconfiguración de los cables y las terminaciones. "]
[null,"Conexión a tierra"]
["25.45","Todas las conexiones a tierra y puesta a tierra serán realizadas de acuerdo con los códigos y regulaciones aplicables. "]
[null,"Protección contra incendios "]
["25.46","Se deben instalar sistemas contra incendios apropiadamente para evitar o retardar la propagación del fuego, humo, agua y gases a través del edificio. Estos requerimientos aplican para las aperturas designadas para uso en telecomunicaciones que puedan o no puedan ser penetradas por los cables, alambres o canaletas. "]
["25.47","Los extintores deben estar en conformidad con los códigos aplicables. "]
[null,"Destreza"]
["25.47","Todos los trabajos serán hechos de la manera más diestra y bajo los más altos estándares de la industria de las telecomunicaciones. "]
["25.48","Todo el equipo y los materiales deben ser instalados de manera pulcra y segura, siempre que los cables estén apropiadamente revestidos. "]

{"sheet":"Red_Lan_P","index":9,"n_rows":10,"n_cols":6,"rows_kept":10}
[]
["ITEM","DESCRIPCIÓN","UND","CANTIDAD","VALOR UNITARIO ","VALOR PARCIAL"]
[1,"Suministro e instalación de Gabinete V800, ancho 800mm, profundidad 1200mm, alto 45RU, puerta frontal simple micro perforada, puerta trasera doble micro perforada, Negro (RAL 9011), ORGANIZADOR TIPO SPOOL VP-SPL, PARA ORGANIZADOR VERTICAL\nRef. VP-SPL, KIT TIERRA VP-GRD, PARA GABINETE Y RACK 19\";PN\" , BANDEJA VERTICAL V-TRAY-150-1-45, 150MM 45U, PARA V600-V800 ,  Organizadores de cable horizontal, frontal, ranurado con tapa, 2RU, negro R, Organizadores verticales, frontal, ranurado con tapa, 6”, 45RU, negro, instalable en gabinete de piso V800 . \nPDU, Monitoreada Unit Level EC, 30A, 208V, 4.9kW, Vertical, (36) IEC C13, (6) IEC C19, 10ft power cord con L6-30P,  2 Unidades por Gabinete y se incluyen (87) Blancking panels","und",8,null,{"$f":"E3*D3","v":0}]
[2,"Suministro e instalación de Cable troncal de fibra óptica 12 hilos, MTP-MTP, hembra/hembra, monomodo OS1/OS2, 50 metros, plug y play, polaridad C, color AMARILLO, pulling eye  Incluye Certificación y garantía de 20 años de fabricante \nLightVerse Pro, 1UR, bandeja deslizante, instalación modular, 4 aberturas\n\nIncluye Certificación y garantía de 25 años de fabricante. Incluye 4 fibras para sistema de VideoWall entre datacenter y gabinetes de VideoWall y 4 enlaces de cuarto de ingreso proveedores a cada Core.\n","und",24,null,{"$f":"E4*D4","v":0}]
[3,"Troncal Plug & Play, pérdida ultrabaja, 12 hilos, RazorCore, XGLO, monomodo solución MTP base 12, solución MTP base 12, polaridad B, OS2, 9/125, LSOH-3C, 1 Manga de tracción,  Baja pérdida ","und",92,null,0]
[4,"Suministro e instalación de Punto de red, Herraje angulado de 24 puertos blindado, para jacks Z-MAX y TERA, vacío, 19\", Ref.TM-PNLZ-24-01, \nJACK TERA T7F-01-1,CAT 7A,BLINDADO, NEGRO, PC TERA T4A-S02M-B06L 4P-RJ45 CAT 6A MARFIL, BOTA AZUL 2M\n\nCABLE SFTP 9T7L4-E10 CAT 7A LSZH 1-3-22 VIOLETA 305M 23AWG (82.810 metros Aprox), Patch cord de 4 pares TERA a RJ45, blindado S/FTP, marfil, bota blanca, 3m Incluye puntos de consolidación (63 unidades). Incluye Certificación y garantía de 25 años de fabricante","und",710,null,{"$f":"E6*D6","v":0}]
[5,"Suministro e instalación de Punto de red lug categoría 6S Zplug terminación directa para cámaras, Control de acceso y Access Point, Herraje angulado de 24 puertos blindado, para jacks Z-MAX y TERA, vacío, 19\"\", JACK TERA T7F-01-1,CAT 7A,BLINDADO, NEGRO, PC TERA T4A-S02M-B06L 4P-RJ45 CAT 6A MARFIL, BOTA AZUL 2M\n, CABLE SFTP 9T7L4-E10 CAT 7A LSZH 1-3-22 VIOLETA 305M 23AWG (35.329 metros aproximadamente, incluye cable de los puntos de red terminado en Zplug), (1) Patch cord de 4 pares TERA a RJ45 para conexión Patchpanel-Switch, blindado S/FTP, marfil, bota blanca, 3m . Incluye Certificación y garantía de 25 años de fabricante","und",619,null,0]
[{"$nulls":4},"SUBTOTAL",{"$f":"SUM(F3:F7)","v":0}]
[{"$nulls":4},"IVA",{"$f":"F8*19%","v":0}]
[{"$nulls":4},"TOTAL",{"$f":"F8+F9","v":0}]

{"sheet":"Gabinetes","index":10,"n_rows":49,"n_cols":5,"rows_kept":49,"merged":[[1,1,1,4],[2,1,2,2],[3,1,3,2],[7,1,7,2],[8,1,8,2],[9,1,9,2],[10,1,10,2],[11,1,11,2],[12,1,12,2],[13,1,13,2],[14,1,14,2],[15,1,15,2],[16,1,16,2],[17,1,17,2],[18,1,18,2],[19,1,19,2],[20,1,20,2],[21,1,21,2],[22,1,22,2],[23,1,23,2],[24,1,24,2],[25,1,25,2],[26,1,26,2],[27,1,27,2],[28,1,28,2],[29,1,29,2],[30,1,30,2],[33,1,33,2],[38,1,38,2],[39,1,39,2],[40,1,40,2],[41,1,41,2],[42,1,42,2],[43,1,43,2],[44,1,44,2],[45,1,45,2],[47,1,47,2],[48,1,48,2]]}
[]
[null,"GABINETES PARA  CENTRO DE DATOS"]
["ITEM","DESCRIPCIÓN",null,"CUMPLE","NO CUMPLE"]
[1,"GABINETES"]
["1.1","Cantidad ","De acuerdo al cuadro de cantidades"]
["1.2","Marca","Especificar"]
["1.3","Modelo","Especificar"]
["1.4","Tener dimensiones generales de 1200mm de profundidad, 800 mm de ancho y 42 RU de alto y chapa con llave, la chapa debe poder permitir la instalación de lector biométrico o teclado."]
["1.5","La profundidad riel a riel máxima (sin soporte/organizadores, ni tapas laterales) será de al menos 1006 mm y el gabinete permitirá el montaje de bandejas porta equipos de 4 postes de estas mismas dimensiones."]
["1.6","Estar disponible con patrón de perforación cómo mínimo el 70% en puertas frontales y traseras para maximizar la eficiencia en el flujo de aire."]
["1.7","Tener disponibles puertas divididas con las mismas características de perforación, niveladores y juego de al menos 50 tuercas cuadradas para instalación de equipos."]
["1.8","Tener 42 UR con perforaciones de montaje CEA-310E."]
["1.9","El fabricante del gabinete debe tener disponible opción de gabinetes de mayor altura a la requerida. "]
["1.10","Debe tener certificación ETL."]
["1.11","Disponible en color negro."]
["1.12","Estar construidos en acero con una capacidad de carga estática de  (1000 Kg)."]
["1.13","Estar construidos en acero con una capacidad de carga dinámica de  (714 Kg)."]
["1.14","Tener un acceso de piso totalmente abierto que facilite el ingreso de cableado."]
["1.15","Debe ofrecerse acceso superior de cables en sus laterales , se incluirán al menos (4) cuatro pasa cables tipo escobilla en los accesos de cableado lateral del gabinete."]
["1.16","Solo para los gabinetes principales MDA/HDA, en su base superior se debe ofrecer la cantidad necesaria de pasacables centrales que permitan consolidar la totalidad de enlaces, estos pasacables, serán adicionales a los pasables laterales."]
["1.17","Deberá incluir organizadores verticales frontales, estos deberán incluir tapas frontales y base con pasantes redondeados para mejorar la organización del gabinete, la profundidad de los organizadores se acomodará a la cantidad de cables a instalar, proyectando un crecimiento de al menos el 25%."]
["1.18","Los dedos de los organizadores estarán en presentación de 4 pulgadas y 6 pulgadas."]
["1.19","Deben poder alojar kit de tierras de la misma marca del gabinete, este debe ser para montaje en las 19 pulgadas."]
["1.20","Se incluirán tapas laterales para la instalación de los  sistemas de distribución de energía del gabinete (Power Strips/PDUs para rack)."]
["1.21","Se incluirán tapas laterales entre los rieles frontales y posteriores para la organización del cableado horizontal, estas tapas tendrán un patrón de perforación que facilite la instalación de velcro en los grupos de cables."]
["1.22","Para los espacios que no están siendo ocupados y a fin de controlar el circuito de aire de bypass se deberán instalar paneles ciegos horizontales y verticales"]
["1.23","En caso de requerir pasar cables desde la parte frontal del gabinete, hacia la parte de atrás de este, se debe incluir un ducto con o sin tapa de la misma marca del gabinete que facilite la comunicación y enrutado de cables, este accesorio deberá ser instalado entre el riel y la tapa lateral de tal forma que no limite la instalación de equipos y/o componentes pasivos."]
["1.24","Para los equipos que no pueden instalarse en las 19” debe considerarse bandejas porta equipos de 4 puntos , UL 2416 y con soporte de al menos 130 kg de peso."]
["1.25","Para la organización del cableado debe considerarse la instalación de organizadores Horizontales con dedos de 6 pulgadas de profundidad para la red de cobre y de 4 pulgadas en donde se requiera una menor densidad."]
["1.26","Para cordones de energía que requieran ser organizados se deberá adicionar un accesorio que elimine la necesidad de que los cordones caigan al piso o a los equipos adyacentes."]
["1.27","Los anteriores elementos serán de la misma marca del cable y de la Conectividad."]
["1.28","Los gabientes deben contar con el espacio para la instalacion del control de acceso biometrico"]
["1.28","Ficha técnica","Del equipo ofertado (es obligatorio  adjuntar  la ficha técnica junto con el presente anexo)"]
[2,"ORGANIZADOR HORIZONTAL DE 2 RU"]
["2.1","Cantidad ","De acuerdo al cuadro de cantidades"]
["2.2","Marca","Especificar"]
["2.3","Modelo","Especificar"]
["2.4","Tipo","Estos organizadores serán usados para enrutar cables que salen o vienen de los patch panel o switches instalados en el rack, deben ser fabricados por el mismo fabricante de los racks, el organizador de cable horizontal deberá montarse arriba y debajo de cada switch al frente del rack o gabinete, por cada panel de 24 puertos se debe proporcionar un organizador de 2RUs"]
["2.5","Tener disponibles versiones de 2 y 4 Unidades de Rack"]
["2.6","Tener cubiertas para retener y mantener protegidos los cordones de equipo o patch cords."]
["2.7","Tener múltiples accesos para el fácil enrutado de cables hacia atrás del organizador."]
["2.8","Tener redondeados todos los puntos de paso y enrutado de patch cords para evitar deformaciones y daños a éstos."]
["2.9","Tener cubiertas con bisagras que permitan su apertura hacia arriba y hacia abajo."]
["2.10","Sus dedos tendrán una  profundidades de 6 pulgadas."]
["2.11","Los organizadores deben incluir pasantes ovalados o semicirculares en la base del organizador."]
["2.12","Deben ser de la misma marca de los Racks y de la conectividad de cobre y Fibra"]
["2.13","Ficha técnica","Del equipo ofertado (es obligatorio  adjuntar  la ficha técnica junto con el presente anexo)"]
[3,"GARANTÍA GABIENTE"]
["3.1","La garantía que deberá presentar el fabricante debe ser emitida por el mismo fabricante de la solución de cableado estructurado, y no por un instalador, por un tiempo mínimo de 5 años"]

{"sheet":"Gabinetes_P","index":11,"n_rows":7,"n_cols":6,"rows_kept":7}
[]
["ITEM","DESCRIPCIÓN","UND","CANTIDAD","VALOR UNITARIO ","VALOR PARCIAL"]
[1,"Gabinete , 800MM X 1200MM, 45RU, Negro, Organizadores verticales  ( se inclyen 479 Blancking panels )","und",49,null,{"$f":"E3*D3","v":0}]
[2,"PDU monitoreable ","und",98,null,{"$f":"E4*D4","v":0}]
[{"$nulls":4},"SUBTOTAL",{"$f":"SUM(F3:F4)","v":0}]
[{"$nulls":4},"IVA",{"$f":"F5*19%","v":0}]
[{"$nulls":4},"TOTAL",{"$f":"F5+F6","v":0}]

{"sheet":"Red_Inalambrica","index":12,"n_rows":94,"n_cols":5,"rows_kept":94,"merged":[[1,1,1,4],[2,1,2,2],[3,1,3,2],[8,0,9,0],[8,1,9,1],[19,0,20,0],[19,1,20,1],[21,0,23,0],[21,1,23,1],[24,0,26,0],[24,1,26,1],[32,1,32,2],[38,0,41,0],[38,1,41,1],[42,0,45,0],[42,1,45,1],[46,0,49,0],[46,1,49,1],[50,0,52,0],[50,1,52,1],[54,0,57,0],[54,1,57,1],[64,1,64,2],[70,0,73,0],[70,1,73,1],[74,0,76,0],[74,1,76,1],[77,0,80,0],[77,1,80,1],[81,0,83,0],[81,1,83,1],[85,0,88,0],[85,1,88,1]]}
[]
[]
["ITEM","DESCRIPCIÓN",null,"CUMPLE","NO CUMPLE"]
[1,"Switch Acceso para access points"]
["1.1","Cantidad","De acuerdo con el cuadro de cantidades"]
["1.2","Marca","Especificar"]
["1.3","Modelo","Especificar"]
["1.4","Tipo","Switch de acceso con puertos 10G/mGig"]
["1.5","Puertos","24 puertos 10G/mGig Ethernet (10G/5G/2.5G/1G/100M) (RJ45)"]
[null,null,"4 puertos de uplink modulares 1G/10G SFP+"]
["1.6","Capacidad de conmutación","640 Gbps"]
["1.7","Rendimiento de reenvío","476.19 Mpps (paquetes por segundo)"]
["1.8","Direcciones MAC","Hasta 64,000"]
["1.9","Rutas IPv4","Hasta 32,000 (20,000 directas, 12,000 indirectas)"]
["1.10","Rutas IPv6","Hasta 16,000"]
["1.11","Rutas multicast IPv4","Hasta 8,000"]
["1.12","Rutas multicast IPv6","Hasta 8,000"]
["1.13","VLANs","Hasta 4,096 VLANs"]
["1.14","PoE+","48 puertos PoE+ con 30W por puerto"]
["1.15","Escalabilidad y Flexibilidad","Stacking"]
[null,null,"Hasta 8 switches en pila."]
["1.16","Seguridad","Cifrado MACsec"]
[null,null,"Autenticación de imagen"]
[null,null,"Arranque seguro"]
["1.17","Optimización para Redes Inteligentes","Priority Flow Control (PFC)"]
[null,null,"Explicit Congestion Notification (ECN)"]
[null,null,"Flow Classification"]
["1.18","Temperatura de operación","0° a 40°C"]
["1.19","Humedad","5% a 95% sin condensación"]
["1.20","Suministro de energía","Redundante, opción de doble fuente"]
["1.21","Unidades de ventilación","Redundante, reemplazable en caliente con opción de fallo"]
["1.22","Ficha técnica","Del equipo ofertado (es obligatorio adjuntar la ficha técnica junto con el presente anexo, que permita confirmar el cumplimiento de las especificaciones técnicas mínimas aquí indicadas)"]
[2,"Access point tipo 1"]
["2.1","Cantidad","De acuerdo con el cuadro de cantidades"]
["2.2","Marca","Especificar"]
["2.3","Modelo","Especificar"]
["2.4","Tipo","Punto de acceso Wi-Fi 6E (802.11ax) para uso en interiores con antenas omnidireccionales integradas"]
["2.5","Puertos","1 puerto 100M/1000M/2.5G/5G Multigigabit Ethernet (RJ-45)"]
["2.6","Estandares wifi","Wi-Fi 6E (802.11ax extendido)"]
[null,null,"Wi-Fi 6 (802.11ax)"]
[null,null,"Wi-Fi 5 (802.11ac)"]
[null,null,"Wi-Fi 4 (802.11n)"]
["2.7","Antenas"," 2,4GHz: Ganancia máxima 3 dBi, antena interna, omnidireccional"]
[null,null," 5GHz: Ganancia pico 5 dBi, antena interna, omnidireccional"]
[null,null,"5GHz (XOR): Ganancia pico 5 dBi, antena interna, omnidireccional"]
[null,null,"6GHz: Ganancia máxima 4 dBi, antena interna, omnidireccional"]
["2.8","Seguridad","WPA3"]
[null,null,"WPA2-Personal y WPA2-Enterprise"]
[null,null,"Detección de interferencias en las bandas 2.4, 5 y 6 GHz"]
[null,null,"Arranque seguro y firma de imágenes"]
["2.9","Rendimiento soportado","2.4 GHz: Hasta 1.5 Gbps."]
[null,null,"5 GHz: Hasta 3.4 Gbps."]
[null,null,"6 GHz: Hasta 7.78 Gbps."]
["2.10","Flujos espaciales",4]
["2.11","Tecnologías para manejo de trafico","OFDMA (Orthogonal Frequency-Division Multiple Access)"]
[null,null,"MU-MIMO (Multi-User Multiple Input, Multiple Output)"]
[null,null,"Client Steering"]
[null,null,"TWT (Target Wake Time)"]
["2.12","Sensores ambientales","Calidad del aire, temperatura y humedad"]
["2.13","Captura de trafico","Permite la captura de datos de la red para un análisis profundo y resolución de problemas en tiempo real"]
["2.14","Temperatura de operación","0° a 50°C"]
["2.15","Humedad","10% a 90% sin condensación"]
["2.16","Certificaciones","Wi-Fi Alliance: Wi-Fi 6 (R2), Wi-Fi 6E, WPA3-R3, WPA3-Suite B, Enhanced Open Security.\nBluetooth SIG: Bluetooth Low Energy (BLE)"]
["2.19","Ficha técnica","Del equipo ofertado (es obligatorio adjuntar la ficha técnica junto con el presente anexo, que permita confirmar el cumplimiento de las especificaciones técnicas mínimas aquí indicadas)"]
[3,"ACCESS POINT TIPO 2",null,"CUMPLE","NO CUMPLE"]
["3.1","Cantidad","De acuerdo con el cuadro de cantidades"]
["3.2","Marca","Especificar"]
["3.3","Modelo","Especificar"]
["3.4","Tipo","Punto de acceso Wi-Fi 6E (802.11ax) para uso en interiores con antenas omnidireccionales integradas"]
["3.5","Puertos","1 puerto 100M/1000M/2.5G/5G Multigigabit Ethernet (RJ-45)"]
["3.6","Estandares wifi","Wi-Fi 6E (802.11ax extendido)"]
[null,null,"Wi-Fi 6 (802.11ax)"]
[null,null,"Wi-Fi 5 (802.11ac)"]
[null,null,"Wi-Fi 4 (802.11n)"]
["3.7","Antenas","Antena 2.4 GHz, ganancia de 3 dBi, omnidireccionales"]
[null,null,"Antena 5 GHz, ganancia de 5 dBi, omnidireccionales"]
[null,null,"Antena 6 GHz, ganancia de 4 dBi, omnidireccionales"]
["3.8","Seguridad","WPA3"]
[null,null,"WPA2-Personal y WPA2-Enterprise"]
[null,null,"Detección de interferencias en las bandas 2.4, 5 y 6 GHz"]
[null,null,"Arranque seguro y firma de imágenes"]
["3.9","Rendimiento soportado","2.4 GHz: Hasta 1.5 Gbps."]
[null,null,"5 GHz: Hasta 3.4 Gbps."]
[null,null,"6 GHz: Hasta 7.78 Gbps."]
["3.10","Flujos espaciales",4]
["3.11","Tecnologías para manejo de trafico","OFDMA (Orthogonal Frequency-Division Multiple Access)"]
[null,null,"MU-MIMO (Multi-User Multiple Input, Multiple Output)"]
[null,null,"Client Steering"]
[null,null,"TWT (Target Wake Time)"]
["3.12","Sensores ambientales","Calidad del aire, temperatura y humedad"]
["3.13","Captura de trafico","Permite la captura de datos de la red para un análisis profundo y resolución de problemas en tiempo real"]
["3.14","Temperatura de operación","0° a 50°C"]
["3.15","Humedad","10% a 90% sin condensación"]
["3.16","Ficha técnica","Del equipo ofertado (es obligatorio adjuntar la ficha técnica junto con el presente anexo, que permita confirmar el cumplimiento de las especificaciones técnicas mínimas aquí indicadas)"]

{"sheet":"Red_Inalambrica_P","index":13,"n_rows":18,"n_cols":6,"rows_kept":18}
[]
["ITEM","DESCRIPCIÓN","UND","CANTIDAD","VALOR UNITARIO ","VALOR PARCIAL"]
[null,"EQUIPOS DE SWITCH PARA WIFI"]
["2025-01-01","Equipio de red / 24-port mGig and UPOE, Network Advantage","und",4,null,{"$f":"E4*D4","v":0}]
["2025-02-01","Modulo SFP / 10GBASE-SR SFP Module, Enterprise-Class","und",8,null,{"$f":"E5*D5","v":0}]
["2025-03-01","Contrato de soporte y garantía del equipo de red / SHIP NEXT BUS DAY 24port mGig and UPOE Net","und",4,null,0]
["2025-04-01","Licenciamiento de equipo de red / C9300 DNA Advantage, 24-Port, 5 Year Term License","und",4,null,0]
["2025-05-01","Fuente de poder redundante / 1100W AC 80+ platinum Config 1 Secondary Power Supply","und",4,null,0]
["2025-06-01","Módulo de enlace adicional x 8 a 10GE /  Catalyst 9300 8 x 10GE Network Module (para conexion sw Core)","und",4,null,0]
[null,"EQUIPOS DE RED WI-FI"]
["2025-07-01","AP (W6E, tri-band 4x4, XOR) w/Reg-A","und",2,null,0]
["2025-08-01","AP (W6E, tri-band 4x4) w/Reg-A","und",26,null,0]
["2025-09-01","Meraki MR Enterprise License, 5YR","und",28,null,0]
[null,"SERVICIOS PROFESIONALES"]
["2025-10-01","Servicio de implementación, puesta en marcha, configuración, documentación y estabilización  de equipos de RED WLAN por ingeniero especialista y certificado por fabricante para proyecto C5, incluye soporte 5 años","gb",1,null,0]
[{"$nulls":4},"SUBTOTAL",{"$f":"SUM(F3:F15)","v":0}]
[{"$nulls":4},"IVA",{"$f":"F16*19%","v":0}]
[{"$nulls":4},"TOTAL",{"$f":"F16+F17","v":0}]

{"sheet":"VMS","index":14,"n_rows":66,"n_cols":5,"rows_kept":66,"merged":[[1,1,1,4],[2,1,2,2],[3,1,3,2],[6,0,9,0],[6,1,9,1],[10,1,10,2],[11,1,11,2],[12,1,12,2],[13,1,13,2],[14,1,14,2],[15,1,15,2],[16,1,16,2],[17,1,17,2],[18,1,18,2],[19,1,19,2],[20,1,20,2],[21,1,21,2],[23,1,23,2],[24,1,24,2],[25,1,25,2],[26,1,26,2],[27,1,27,2],[29,1,29,2],[32,1,32,2],[33,1,33,2],[34,1,34,2],[35,1,35,2],[36,1,36,2],[37,1,37,2],[38,1,38,2],[39,1,39,2],[40,1,40,2],[41,1,41,2],[42,1,42,2],[43,1,43,2],[44,1,44,2],[45,1,45,2],[46,1,46,2],[47,1,47,2],[48,1,48,2],[49,1,49,2],[50,1,50,2],[52,1,52,2],[55,1,55,2],[56,1,56,2],[57,1,57,2],[58,1,58,2],[59,1,59,2],[60,1,60,2],[61,1,61,2],[62,1,62,2],[63,1,63,2],[64,1,64,2],[65,1,65,2]]}
[]
[null,"SISTEMA DE INTEGRACION SUBSISTEMAS DE  SEGURIDAD  Y VMS"]
["ITEM","DESCRIPCIÓN",null,"CUMPLE","NO CUMPLE"]
[1,"SISTEMA DE INTEGRACION DE SUBSISTEMAS DE SEGURIDAD VMS "]
["1.1","Marca","Especificar"]
["1.2","Modelo","Especificar"]
["1.3","Funcionalidades","Debe Permitir la gestión y control de los sistema de control de acceso"]
[null,null,"Debe Permitir la gestión y control de los sistema de control de Visitantes - Integracion con el Sistema de gestion de visitantes"]
[null,null,"Debe Permitir gestión de seguridad y detección de intrusión."]
[null,null,"Debe presentarse carta de cada uno de los fabricantes indicando que la plataforma VMS security cuenta con las integraciones a cada uno de los subsistemas.  "]
["1.4","Software de gestión de video vigilancia (conocido como “sistema” o “VMS”) es el sistema que administra el 100%  de los dispositivos, servidores y subsistemas de seguridad que conforman el sistema de CCTV interno."]
["1.5","Debe ser un sistema abierto (compatible con otros subsistemas), escalable (que permita crecimiento) y flexible, que permita una perfecta gestión de vídeo digital, audio y datos a través de cualquier red IP.  Debe Proporcionar y permitir opciones de arquitectura para implementaciones multisitio."]
["1.6","Debe soportar grabación y visualización de flujos IP H.264 y H.265."]
["1.7","Debe tener capacidad de definir cuentas de usuario de nivel administrador, las cuales tendrán la capacidad de fijar nuevos roles y subconjuntos de permisos, determinando las funciones del sistema y dispositivos que los usuarios pueden acceder."]
["1.8","Debe Permitir Autenticación de video exportado a través de comprobación / verificación."]
["1.9","Debe tener Capacidad para Consulta y recuperación de video en Micro SD de las cámaras fijas y PTZ desde el sistema VMS. Llenado automático de huecos en el NVR (una vez se restablezca conexión entre NVR y cámara, siempre y cuando esta última tenga alimentación eléctrica constante y una Micro SD instalada)"]
["1.10","El sistema deberá contar con la funcionalidad de Matriz virtual (Digital), el cual será administrado por el centro de control. Se define matriz virtual como la capacidad de llamar cualquier cámara o grupo de cámaras en cualquier monitor desde cualquier teclado del sistema de CCTV"]
["1.11","Debe permitir Transmisión multipunto de video en vivo: Brinda varias transmisiones para verlas en vivo usando cualquier combinación de estándares, resoluciones de video y fotogramas soportados."]
["1.12","Debe permitir Exportación de video a cualquier medio accesible por el sistema, incluyendo localmente al disco duro, dispositivo USB, o a un almacenamiento en red. "]
["1.13","Permitir Autentificación de inicio de sesión mediante Directorio Activo Microsoft."]
["1.14","Debe Permitir control global del estado del sistema, incluidas cámaras, software y equipos de almacenamiento."]
["1.15","Debe Permitir Control de Cámaras PTZ: Control PTZ desde la cámara y desde el sistema; Posiciones preestablecidas de la cámara PTZ; control PTZ manual y automático del sistema; Capacidad para tener reglas con base en un programa y en un evento para mover las cámaras PTZ a posiciones preestablecidas."]
["1.16","Analiticas","Debera gestionar cada una de las analiticas que tengan las camara, incluir las licencias de LPR y reconocimieto facil "]
["1.17","Debe ser Compatible con una plataforma de integración."]
["1.17","Debe implementarse en un equipo de cómputo que supere las características acordes a los requerimientos mínimos de fábrica, esto previendo el crecimiento futuro de la plataforma."]
["1.18","Debe permitir configurar su interfaz con diferentes Idiomas, entre ellos Español."]
["1.19","La plataforma debe permitir supervision en tiempo real del estado de todos los componentes, ubicación en mapas CAD u otros formatos"]
["1.20","Debe permitir la integracion con la controladora de videowall existente y garantizar actualizaciones por 5 años. "]
["1.21","Ficha técnica","Del equipo ofertado (es obligatorio  adjuntar  la ficha técnica junto con el presente anexo)"]
[2,"ESTACIÓN DE TRABAJO  (INCLUYE MONITOR 23\" TECLADO Y MOUSE)"]
["2.1","Marca","Especificar"]
["2.2","Modelo","Especificar"]
["2.3","Implementado en máquinas basadas en Windows."]
["2.4","Permite a los usuarios configurar y rellamar espacios de trabajo completos, permitiendo a los operadores iniciar sesión rápidamente y obtener la información que necesitan. "]
["2.5","El software de visualización podrá  ser controlado con un ráton y teclado estándar. "]
["2.6","La operación del software podrá recibir un ratón 3D, o teclado avanzado para trabajo continuo. "]
["2.7","Procesador Intel® core i7 9700  equivalente o superior"]
["2.8","Memoria Interna 16GB  RAM equivalente o superior"]
["2.9","Sistema Operativo Windows 10 profesional equivalente o superior"]
["2.10","Almacenamiento Interno\tDisco de Estado Solido SSD MINIMO (512 GB )"]
["2.11","Puertos USB\t 6 puertos USB 2.0 (2 frontal, 2 traseros), 2 puertos USB 3.0 (traseros)"]
["2.12","Salidas de Video: Minimo 2 x DisplayPort, DVI-D, VGA, HDMI."]
["2.13","Capacidad de manejo mínimo 2 monitores"]
["2.14","Resolución Máxima DisplayPort 4K"]
["2.15","Interfaces de red 1 puerto Gigabit Ethernet (1000Base-T)"]
["2.16","Entrada de alimentación\t100 a 240 VAC, 50/60 Hz, auto seleccionable"]
["2.17","Temperatura de Operación 10° a 35°C (50° a 95°F) a la entrada de aire"]
["2.18","Humedad de Operación  20% a 80%, sin condensación"]
["2.19","Altitud de Operación  0 a 3,048 mts "]
["2.20","Sistema de Video con minimo las siguientes caracteristicas:\n* Memoria GPU: 4GB GDDR5\n* Interfaz de Memoria: 256-bit\n* Ancho de Banda de Memoria: 173 GB/s\n* Núcleos CUDA: 1536\n* Interfaz de Sistema: PCI Express 2.0 x16\n* Conectores de Monitores: DVI-I DL y/o HDMI + DVI-D DL y/o HDMI + DP 1.2 y/o HDMI + DP 1.2 y/o HDMI + Estéreo\n* Número de Monitores Compatibles: 4\n* Máxima Resolución DP 1.2 3840 x 2160 a 60Hz \n* Máxima Resolución DVI-I DL 2560 x 1600 a 60Hz \n* Máxima Resolución DVI-I SL 1920 x 1200 a 60Hz\n* Máxima Resolución VGA 2048 x 1536 a 85Hz\n con sus accesorios. Equivalente o superior."]
["2.21","Certificaciones: obligatorias CE, UL opcionales  FCC, C-Tick, CCC"]
["2.22","Ficha técnica","Del equipo ofertado (es obligatorio  adjuntar  la ficha técnica junto con el presente anexo)"]
[3,"SERVIDOR DE SISTEMA DE INTEGRACION SUBSISTEMAS DE  SEGURIDAD  Y VMS"]
["3.1","Marca","Especificar"]
["3.2","Modelo","Especificar"]
["3.3","Windows Server 2025 o superior"]
["3.4","Base de datos  SQL  2022 o superior"]
["3.5","Procesador Intel Xeon de  8 nucleos, equivalente o superior."]
["3.6","Almacenamiento 3 Terabytes"]
["3.7","Caché del procesador L3 25 MB "]
["3.8","DDR4 16GB o superior"]
["3.9","6 ranuras de expansión"]
["3.10","Controlador de red:  2 x Ethernet de 1 Gb"]
["3.11","Ranuras de memoria minimo 12 ranuras "]
["3.12","Tipo de memoria DDR4 SmartMemory"]
["3.13","Tipo de fuente de alimentación x 2 (redundancia) "]

{"sheet":"VMS_P","index":15,"n_rows":26,"n_cols":6,"rows_kept":26}
[]
["ITEM","DESCRIPCIÓN","UND","CANTIDAD","VALOR UNITARIO ","VALOR PARCIAL"]
["2025-01-02","Licencia Camara","und",289,null,{"$f":"E3*D3","v":0}]
["2025-02-02","Licencia LPR","und",4,null,{"$f":"E4*D4","v":0}]
["2025-03-02","Licencia Facial","und",18,null,0]
["2025-04-02","Licencia Integración Intrusión e Incendio","und",1,null,0]
["2025-05-02","Licencia Operadores/Administradores (100 usuarios)","und",1,null,0]
["2025-06-02","Módulo Control de Acceso","und",1,null,0]
["2025-07-02","Módulo Dashboard","und",1,null,0]
["2025-08-02","Web Service - API y SDK","und",1,null,0]
["2025-09-02","Módulo Server Onvif","und",420,null,0]
["2025-10-02","Módulo SIP","und",1,null,0]
["2025-11-02","Módulo despachador de eventos para BMS","und",1,null,0]
["2025-12-02","Estación de trabajo con doble monitor de 22\"","und",6,null,0]
["2026-01-02","Servidor de almacenamiento","und",2,null,0]
["2026-02-02","Servidor de procesamiento","und",1,null,0]
["2026-03-02","Servidor de Analíticas","und",1,null,0]
["2026-04-02","Ethernet to Wiegand Converter Module","und",1,null,0]
["2026-05-02","Sistema de revisión vehicular inferior","und",2,null,0]
["2026-06-02","Controlador video y analítica revision de acceso vehicular","und",2,null,0]
["2026-07-02","Servicios Fabrica","gl",1,null,0]
["2026-08-02","Soporte (5 años)","gl",1,null,0]
["2026-08-03","Instalación del subsistema VMS","gl",1,null,0]
[{"$nulls":4},"SUBTOTAL",{"$f":"SUM(F3:F23)","v":0}]
[{"$nulls":4},"IVA",{"$f":"F24*19%","v":0}]
[{"$nulls":4},"TOTAL",{"$f":"F24+F25","v":0}]

{"sheet":"Switch","index":16,"n_rows":158,"n_cols":5,"rows_kept":158,"merged":[[1,1,1,4],[2,1,2,2],[3,1,3,4],[8,0,9,0],[8,1,9,1],[23,0,26,0],[23,1,26,1],[27,0,28,0],[27,1,28,1],[29,0,30,0],[31,0,32,0],[33,0,34,0],[36,1,36,2],[41,0,42,0],[41,1,42,1],[52,0,54,0],[52,1,54,1],[55,0,57,0],[55,1,57,1],[58,0,59,0],[58,1,59,1],[60,0,62,0],[60,1,62,1],[64,0,65,0],[64,1,65,1],[71,1,71,2],[76,0,77,0],[76,1,77,1],[87,0,89,0],[87,1,89,1],[90,0,92,0],[90,1,92,1],[93,0,94,0],[93,1,94,1],[95,0,97,0],[95,1,97,1],[99,0,100,0],[99,1,100,1],[106,1,106,2],[111,0,112,0],[111,1,112,1],[121,0,122,0],[121,1,122,1],[123,0,124,0],[123,1,124,1],[129,1,129,2],[134,0,135,0],[134,1,135,1],[145,0,146,0],[145,1,146,1],[147,0,149,0],[147,1,149,1],[150,0,152,0],[150,1,152,1]]}
[]
[]
["ITEM","DESCRIPCIÓN",null,"CUMPLE","NO CUMPLE"]
[1,"SWITCH CORE"]
["1.1","Cantidad","De acuerdo con el cuadro de cantidades"]
["1.2","Marca","Especificar"]
["1.3","Modelo","Especificar"]
["1.4","Tipo","Switch de alto rendimiento"]
["1.5","Puertos","48 puertos 1/10/25G Ethernet (SFP28)"]
[null,null,"4 puertos de uplink 40/100G Ethernet (QSFP28)"]
["1.6","Capacidad de conmutación","2.0 Tbps"]
["1.7","Rendimiento de reenvío","1 Bpps (paquetes por segundo)"]
["1.8","Direcciones MAC","Hasta 256,000"]
["1.9","Rutas IPv4 (rutas indirectas)","Hasta 256,000"]
["1.10","Rutas IPv6 (rutas indirectas)","Hasta 128,000"]
["1.11","Rutas IPv4 de host","Hasta 90,000"]
["1.12","Rutas IPv6 de host","Hasta 40,000"]
["1.13","Rutas multicast IPv4","Hasta 32,000"]
["1.14","Rutas multicast IPv6","Hasta 16,000"]
["1.15","ACL de seguridad IPv4/v6","Hasta 27,000"]
["1.16","ACL QoS IPv4/v6","Hasta 18,000"]
["1.17","Tamaño de buffer","16 GB de memoria DRAM, 16 GB de memoria Flash"]
["1.18","Jumbo frame","9,216 bytes"]
["1.19","Protocolos de red soportados","IPv4 y IPv6"]
[null,null,"MPLS"]
[null,null,"VXLAN"]
[null,null,"BGP, OSPF, EIGRP, y otros protocolos de enrutamiento"]
["1.20","Tecnologías soportadas","StackWise Virtual"]
[null,null,"NetFlow Flexible"]
["1.21","Compatibilidad con APIs","NETCONF, RESTCONF, YANG"]
[null,"Gestión basada en la nube","Visibilidad en tiempo real y gestión centralizada"]
["1.22","Temperatura de operación","-5°C a +45°C"]
[null,"Humedad relativa","10% a 85% (no condensante)"]
["1.23","Suministro de energía","Redundante, opción de doble fuente"]
[null,"Unidades de ventilación","Redundante, reemplazable en caliente con opción de fallo"]
["1.24","Ficha técnica","Del equipo ofertado (es obligatorio adjuntar la ficha técnica junto con el presente anexo, que permita confirmar el cumplimiento de las especificaciones técnicas mínimas aquí indicadas)"]
[2,"SWITRCH  ACCESO DATACENTER",null,"CUMPLE","NO CUMPLE"]
["2.1","Cantidad","De acuerdo con el cuadro de cantidades"]
["2.2","Marca","Especificar"]
["2.3","Modelo","Especificar"]
["2.4","Tipo","Switch de alto rendimiento"]
["2.5","Puertos","48 puertos 1/10/25G Ethernet (SFP28)"]
[null,null,"6 puertos de uplink 40/100G Ethernet (QSFP28)"]
["2.6","Capacidad de conmutación","3.6 Tbps"]
["2.7","Rendimiento de reenvío","1.2 Bpps (paquetes por segundo)"]
["2.8","Direcciones MAC","Hasta 512,000"]
["2.9","Rutas IPv4","Hasta 1,792,000 rutas de Longest Prefix Match (LPM)"]
["2.10","Rutas IPv6","Hasta 896,000 rutas de Longest Prefix Match (LPM)"]
["2.11","Rutas multicast IPv4","Hasta 128,000"]
["2.12","Rutas multicast IPv6","Hasta 128,000"]
["2.13","VLANs","Soporta hasta 40,963 VLANs"]
["2.14","Número de colas",8]
["2.15","Seguirdad","enlace de seguridad IEEE 802.1ae"]
[null,null,"Autenticación de imagen"]
[null,null,"Arranque seguro"]
["2.16","Protocolos de Red soportados","IPv4 y IPv6"]
[null,null,"BGP, OSPF, EIGRP, RIP, PIM-SM, MSDP, VXLAN EVPN, MPLS, Segment Routing (SR y SRv6)"]
[null,null,"Multicast y IGMP Snooping"]
["2.17","Redundancia y disponibilidad","Virtual Port-Channel"]
[null,null,"Equal-Cost MultiPath"]
["2.18","Optimización para Redes Inteligentes","Priority Flow Control (PFC)"]
[null,null,"Explicit Congestion Notification (ECN)"]
[null,null,"Flow Classification"]
["2.19","Tabla de reenvío flexible","2 millones de entradas compartidas"]
["2.20","Número de ACL","5,000 entradas de ACL en entrada"]
[null,null,"2,000 entradas de ACL en salida"]
["2.21","Capacidades de FEX (Fabric Extender)","Hasta 162 dispositivos FEX"]
["2.22","Temperatura de operación","0° a 40°C"]
["2.23","Humedad","5% a 95% sin condensación"]
["2.24","Suministro de energía","Redundante, opción de doble fuente"]
["2.25","Ficha técnica","Del equipo ofertado (es obligatorio adjuntar la ficha técnica junto con el presente anexo, que permita confirmar el cumplimiento de las especificaciones técnicas mínimas aquí indicadas)"]
[3,"SWITCH TOP OF RACK  Datacenter",null,"CUMPLE","NO CUMPLE"]
["3.1","Cantidad","De acuerdo con el cuadro de cantidades"]
["3.2","Marca","Especificar"]
["3.3","Modelo","Especificar"]
["3.4","Tipo","Switch de acceso compacto y alto rendimiento"]
["3.5","Puertos","48 puertos 100M/1/10G BASE-T Ethernet"]
[null,null,"6 puertos de uplink 40/100G Ethernet (QSFP28)"]
["3.6","Capacidad de conmutación","2.16 Tbps"]
["3.7","Rendimiento de reenvío","1.2 Bpps (paquetes por segundo)"]
["3.8","Direcciones MAC","Hasta 512,000"]
["3.9","Rutas IPv4","Hasta 1,792,000 rutas de Longest Prefix Match (LPM)"]
["3.10","Rutas IPv6","Hasta 896,000 rutas de Longest Prefix Match (LPM)"]
["3.11","Rutas multicast IPv4","Hasta 128,000"]
["3.12","Rutas multicast IPv6","Hasta 128,000"]
["3.13","VLANs","Soporta hasta 40,963 VLANs"]
["3.14","Número de colas",8]
["3.15","Seguirdad","enlace de seguridad IEEE 802.1ae"]
[null,null,"Autenticación de imagen"]
[null,null,"Arranque seguro"]
["3.16","Protocolos de Red soportados","IPv4 y IPv6"]
[null,null,"BGP, OSPF, EIGRP, RIP, PIM-SM, MSDP, VXLAN EVPN, MPLS, Segment Routing (SR y SRv6)"]
[null,null,"Multicast y IGMP Snooping"]
["3.17","Redundancia y disponibilidad","Virtual Port-Channel"]
[null,null,"Equal-Cost MultiPath"]
["3.18","Optimización para Redes Inteligentes","Priority Flow Control (PFC)"]
[null,null,"Explicit Congestion Notification (ECN)"]
[null,null,"Flow Classification"]
["3.19","Tabla de reenvío flexible","2 millones de entradas compartidas"]
["3.20","Número de ACL","5,000 entradas de ACL en entrada"]
[null,null,"2,000 entradas de ACL en salida"]
["3.21","Capacidades de FEX (Fabric Extender)","Hasta 162 dispositivos FEX"]
["3.22","Temperatura de operación","0° a 40°C"]
["3.23","Humedad","5% a 95% sin condensación"]
["3.24","Suministro de energía","Redundante, opción de doble fuente"]
["3.25","Ficha técnica","Del equipo ofertado (es obligatorio adjuntar la ficha técnica junto con el presente anexo, que permita confirmar el cumplimiento de las especificaciones técnicas mínimas aquí indicadas)"]
[4,"SWITCH ADMINISTRACION",null,"CUMPLE","NO CUMPLE"]
["4.1","Cantidad","De acuerdo con el cuadro de cantidades"]
["4.2","Marca","Especificar"]
["4.3","Modelo","Especificar"]
["4.4","Tipo","Switch fijo de acceso con puertos Ethernet"]
["4.5","Puertos","24 puertos 10/100/1000BASE-T Ethernet (RJ45)"]
[null,null,"4 puertos de uplink 1G fijos (SFP)"]
["4.6","Capacidad de conmutación","56 Gbps"]
["4.7","Rendimiento de reenvío","41.67 Mpps (paquetes por segundo)"]
["4.8","Direcciones MAC","Hasta 16,000"]
["4.9","Rutas IPv4","Hasta 11,000 (8,000 directas, 3,000 indirectas)"]
["4.10","Rutas IPv6","Hasta 5,000"]
["4.11","Rutas multicast IPv4","Hasta 1,000"]
["4.12","Rutas multicast IPv6","Hasta 1,000"]
["4.13","VLANs","Hasta 4,096 VLANs"]
["4.14","Escalabilidad y Flexibilidad","Stacking"]
[null,null,"Hasta 8 switches stackeables."]
["4.15","Seguridad","Cifrado MACsec"]
[null,null,"802.1X, Control de acceso al puerto, PVS"]
["4.16","Temperatura de operación","0° a 40°C"]
["4.17","Humedad","5% a 95% sin condensación"]
["4.18","Suministro de energía","Redundante, opción de doble fuente"]
["4.19","Ficha técnica","Del equipo ofertado (es obligatorio adjuntar la ficha técnica junto con el presente anexo, que permita confirmar el cumplimiento de las especificaciones técnicas mínimas aquí indicadas)"]
[5,"SWITCH ACCESO",null,"CUMPLE","NO CUMPLE"]
["5.1","Cantidad","De acuerdo con el cuadro de cantidades"]
["5.2","Marca","Especificar"]
["5.3","Modelo","Especificar"]
["5.4","Tipo","Switch de acceso apilable con 48 puertos PoE+"]
["5.5","Puertos","48 puertos 10/100/1000BASE-T Ethernet (PoE+)"]
[null,null,"4 puertos de uplink 1G o 10G (modulares, SFP o SFP+)"]
["5.6","Capacidad de conmutación","256 Gbps"]
["5.7","Rendimiento de reenvío","190.47 Mpps (paquetes por segundo)"]
["5.8","Direcciones MAC","Hasta 32,000"]
["5.9","Rutas IPv4","Hasta 32,000 (24,000 directas y 8,000 indirectas)"]
["5.10","Rutas IPv6","Hasta 16,000"]
["5.11","Rutas multicast IPv4","Hasta 8,000"]
["5.12","Rutas multicast IPv6","Hasta 8,000"]
["5.13","VLANs","Hasta 4,096 VLANs"]
["5.14","PoE+","48 puertos PoE+ con 30W por puerto"]
["5.15","Escalabilidad y Flexibilidad","Stacking"]
[null,null,"Hasta 8 switches en pila."]
["5.16","Seguridad","Cifrado MACsec"]
[null,null,"Autenticación de imagen"]
[null,null,"Arranque seguro"]
["5.17","Optimización para Redes Inteligentes","Priority Flow Control (PFC)"]
[null,null,"Explicit Congestion Notification (ECN)"]
[null,null,"Flow Classification"]
["5.18","Temperatura de operación","0° a 40°C"]
["5.19","Humedad","5% a 95% sin condensación"]
["5.20","Suministro de energía","Redundante, opción de doble fuente"]
["5.21","Unidades de ventilación","Redundante, reemplazable en caliente con opción de fallo"]
["5.22","Ficha técnica","Del equipo ofertado (es obligatorio adjuntar la ficha técnica junto con el presente anexo, que permita confirmar el cumplimiento de las especificaciones técnicas mínimas aquí indicadas)"]

{"sheet":"Switch_P","index":17,"n_rows":40,"n_cols":6,"rows_kept":40}
[]
["ITEM","DESCRIPCIÓN","UND","CANTIDAD","VALOR UNITARIO ","VALOR PARCIAL"]
[null,"SWITCH CORE"]
[1,"Equipo de red  48-port x 1/10/25G + 4-port 40/100G","und",2,null,{"$f":"E4*D4","v":0}]
[2,"Soporte de fabrica y garantía de fabricante 48port x 11025G  4por","und",2,null,0]
[3,"Soporte de fabrica y garantía sobre el licenciamiento","und",2,null,0]
[4,"Licenciamiento de equiposDNA Advantage 5 años de licencia","und",2,null,0]
[5,"Pluggable SSD storage","und",2,null,0]
[6,"Cable de poder 930W DC Config 4 Power Supply front to back cooling","und",2,null,0]
[7,"Modulo SFP / 10GBASE-LR SFP módulo, Enterprise-Class Switch Wifi","und",24,null,0]
[8,"100GBASE QSFP Active Optical Cable, 30m","und",6,null,0]
[null,"SWITCH DE ACCESO",null,0]
[9,"Equipo de red de capa de acceso / 48p 1/10/25G, 6p 40/100G, MACsec,SyncE","und",2,null,0]
[10,"Contrato de soporte y garantía de fabricante / CX LEVEL 1 8X7NCD 48p 1/10/25G, 6p 40/100G, MACse","und",2,null,0]
[11,"Módulo de memoria adicional / memoria de 16GB para Switches","und",2,null,0]
[12,"Licencia de equipo de red / DCN Advantage Term N9300 XF, 3Y","und",2,null,0]
[13,"Equipo de red de capa de acceso / con 48p 100M/1/10GT & 6p 40/100G QSFP28+","und",30,null,0]
[14,"Contrato de soporte y garantía de fabricante / CX LEVEL 1 8X7NCD  con 48p 100M/1/10GT 6p 40","und",30,null,0]
[15,"Licencia de equipo de red / DCN Advantage Term N9300 XF, 3Y","und",30,null,0]
[16,"40GBASE Active Optical Cable, 30m","und",30,null,0]
[17,"Modulo SFP/ 1000BASE-SX short wavelength; con DOM","und",4,null,0]
[null,"SWITCH DE ADMINISTRACIÓN ",null,0]
[18,"Equipo de Red / 24-port data only, 4 x 1G, Network Essentials","und",16,null,0]
[19,"Contrato de soporte y garantía del equipo de red / CX LEVEL 1 8X7NCD 24port data 4 x 1G Net","und",16,null,0]
[20,"Contrato de soporte y garantia de licenciamiento / CX LEVEL 1 SW SUB  DNA Ess","und",16,null,0]
[21,"Licenciamiento de equipo de red /  DNA Essentials, 24-port, 3 Year Term license","und",16,null,0]
[22,"Módulo de apilamiento de equipo de red / Stack Module","und",16,null,0]
[null,"ACCESO LAN",null,0]
[23,"Equipio de red /Catalyst 9300 48-port PoE+, Network Advantage","und",38,null,0]
[24,"Contrato de soporte y garantía del equipo de red /  48port PoE Network Adva","und",38,null,0]
[25,"Licenciamiento de equipo de red / C9300 DNA Advantage, 48-Port, 5 Year Term License","und",38,null,0]
[26,"Fuente de poder redundante / 1100W AC 80+ platinum Config 1 Secondary Power Supply","und",38,null,0]
[27,"Cable de apilamiento de equipo de red / 50CM Type 1 Stacking Cable","und",38,null,0]
[28,"Cable de red para fuente redundante /  Stack Power Cable 30 CM","und",38,null,0]
[29,"Módulo de enlace adicional x 8 a 10GE /  8 x 10GE Network Module","und",38,null,0]
[30,"Módulo SFP/ 10GBASE-LR SFP Module, Enterprise-Class","und",28,null,0]
[31,"Servicio de implementación, puesta en marcha, configuración, documentación y estabilización  de equipos de RED y DATACENTER por ingeniero especialista y certificado por fabricante para proyecto C5, soporte 5 años","gb",1,null,0]
[{"$nulls":4},"SUBTOTAL",{"$f":"SUM(F3:F37)","v":0}]
[{"$nulls":4},"IVA",{"$f":"F38*19%","v":0}]
[{"$nulls":4},"TOTAL",{"$f":"F38+F39","v":0}]

{"sheet":"CCTV","index":18,"n_rows":755,"n_cols":5,"rows_kept":755,"merged":[[1,1,1,4],[2,1,2,2],[3,1,3,2],[26,0,27,0],[26,1,27,1],[26,3,27,3],[26,4,27,4],[28,0,31,0],[28,1,31,1],[28,3,31,3],[28,4,31,4],[32,0,34,0],[32,1,34,1],[32,3,34,3],[32,4,34,4],[38,0,39,0],[38,1,39,1],[38,3,39,3],[38,4,39,4],[41,1,41,2],[64,0,65,0],[64,1,65,1],[66,0,69,0],[66,1,69,1],[70,0,76,0],[70,1,76,1],[80,0,81,0],[80,1,81,1],[83,1,83,2],[105,0,108,0],[105,1,108,1],[109,0,114,0],[109,1,114,1],[118,0,119,0],[118,1,119,1],[121,1,121,2],[144,0,147,0],[144,1,147,1],[148,0,151,0],[148,1,151,1],[155,0,156,0],[155,1,156,1],[158,1,158,2],[181,0,184,0],[181,1,184,1],[185,0,187,0],[185,1,187,1],[191,0,192,0],[191,1,192,1],[194,1,194,2],[217,0,220,0],[217,1,220,1],[221,0,223,0],[221,1,223,1],[227,0,228,0],[227,1,228,1],[230,1,230,2],[253,0,256,0],[253,1,256,1],[257,0,260,0],[257,1,260,1],[264,0,265,0],[264,1,265,1],[267,1,267,2],[290,0,293,0],[290,1,293,1],[294,0,297,0],[294,1,297,1],[301,0,302,0],[301,1,302,1],[304,1,304,2],[327,0,330,0],[327,1,330,1],[331,0,336,0],[331,1,336,1],[340,0,341,0],[340,1,341,1],[343,1,343,2],[366,0,369,0],[366,1,369,1],[370,0,374,0],[370,1,374,1],[378,0,379,0],[378,1,379,1],[381,1,381,2],[404,0,407,0],[404,1,407,1],[408,0,412,0],[408,1,412,1],[416,0,417,0],[416,1,417,1],[419,1,419,2],[441,0,444,0],[441,1,444,1],[445,0,449,0],[445,1,449,1],[453,0,454,0],[453,1,454,1],[456,1,456,2],[478,0,481,0],[478,1,481,1],[482,0,486,0],[482,1,486,1],[490,0,491,0],[490,1,491,1],[493,1,493,2],[513,0,514,0],[513,1,514,1],[515,0,518,0],[515,1,518,1],[519,0,523,0],[519,1,523,1],[527,0,528,0],[527,1,528,1],[530,1,530,2],[550,0,551,0],[550,1,551,1],[552,0,555,0],[552,1,555,1],[556,0,560,0],[556,1,560,1],[564,0,565,0],[564,1,565,1],[567,1,567,2],[588,0,591,0],[588,1,591,1],[592,0,594,0],[592,1,594,1],[598,0,599,0],[598,1,599,1],[601,1,601,2],[622,0,623,0],[622,1,623,1],[624,0,627,0],[624,1,627,1],[628,0,632,0],[628,1,632,1],[636,0,637,0],[636,1,637,1],[639,1,639,2],[661,0,662,0],[661,1,662,1],[663,0,666,0],[663,1,666,1],[667,0,671,0],[667,1,671,1],[675,0,676,0],[675,1,676,1],[678,1,678,2],[699,0,700,0],[699,1,700,1],[701,0,704,0],[701,1,704,1],[705,0,710,0],[705,1,710,1],[714,0,715,0],[714,1,715,1],[717,1,717,2],[741,0,744,0],[741,1,744,1],[745,0,748,0],[745,1,748,1],[752,0,753,0],[752,1,753,1]]}
[]
[]
["ITEM","DESCRIPCIÓN",null,"CUMPLE","NO CUMPLE"]
[1,"CÁMARA TIPO PANORAMICA"]
["1.1","Cantidad","De acuerdo con el cuadro de cantidades"]
["1.2","Marca","Especificar"]
["1.3","Modelo","Especificar"]
["1.4","Tipo","Tipo minidomo"]
["1.5","Rango de operación","Día / Noche"]
["1.6","Formato sensor de Imagen","1/1.8 CMOS"]
["1.7","Salida de vídeo","IP"]
["1.8","Resolución de salida","6 megapíxeles o superior  "]
["1.9","Tipo de Escaneo","Progresivo"]
["1.10","Iluminación mínima","Color: 0.16 lux a 50 o mejor. B/N: 0.03 lux a 50 o mejor"]
["1.11","Ajuste de la camara","Giro digital +- 180° "]
["1.12","Movimiento horizontal/vertical","PTZ digital"]
["1.13","WDR","Como mínimo 120 dB o superior"]
["1.14","Zoom ","Óptico"]
["1.15","Compresión de video","H.265 o superior"]
["1.16","Rondas","10 o mejor "]
["1.17","Compatibilidad ONVIF","ONVIF Profile S, G, T (verificable en la página de https://www.onvif.org/)."]
["1.18","Conectores","M12 hembra"]
["1.19","Temperatura de operación ",".-40° a 55°"]
["1.20","Consumo eléctrico ","Máximo 13 W"]
["1.21","Certificación","IP 66, IK10 o CE o FCC"]
["1.22","Protocoles de red","IPv4/v6, HTTP, HTTPS, SNMP, DNS, TCP/IP, DHCP, RTP, UDP, RTSP, NTP, IGMP, QoS, (SMTP, FTP opcional)."]
["1.23","Debe tener","Control Automático de ganancia - AGC."]
[null,null,"Balance de blancos - AWB."]
["1.24 ","Seguridad de red","Certificado: Compatibilidad con la infraestructura de claves públicas (PKI) o FIPS 140-2 Encryption."]
[null,null,"HTTPS"]
[null,null,"Codificación: TLS o AES 256 ó AES 128 en transmisión y almacenamiento de datos."]
[null,null,"Filtrado de direcciones IP, 802-1X."]
["1.25","Analíticas incluidas sin requerir licencias o componentes adicionales","Incluidas en la cámara sin requerir licencias o componentes adicionales."]
[null,null,"Detección de movimiento "]
[null,null,"Detección de alarma antimanipulación"]
["1.26  ","Memoria de Respaldo Local","Compatible con tarjetas MicroSD, MicroSDXC."]
["1.27","Mantenimiento y soporte  ","El contratista deberá tomar acciones que permitan detectar las fallas y defectos de los equipos o elementos del sistema, para lo cual cada (03) tres meses deberá realizar un mantenimiento con sus respectivos procedimiento o protocolos y de ser necesario adelantar acciones correctivas, finalizada la actividad el contratista entregará un informe técnico de lo actuado, mínimo durante el plazo de garantía 3 años."]
["1.28","Instalación y Configuración","Las cámaras deberán entregarse instaladas, cableadas, configuradas y en correcto funcionamiento como un Sistema integrado. Incluye todos los elementos de cableado, fijación, etc, necesarios para un óptimo funcionamiento e instalación hasta la ubicación del sistema de almacenamiento."]
["1.29","Garantía","El contratista debe proveer un periodo mínimo de 3 años de garantía en la solución implementada."]
[null,null,"Los equipos instalados en la solución, deberán contar con periodo de garantía de 5 años directos de fábrica."]
["1.30 ","Ficha Tecnica","Del equipo ofertado (es obligatorio adjuntar la ficha técnica junto con el presente anexo, que permita confirmar el cumplimiento de las especificaciones técnicas mínimas aquí indicadas)"]
[2,"CÁMARA TIPO DOMO VISTA 360° CON AUDIO",null,"CUMPLE","NO CUMPLE"]
["2.1","Cantidad","De acuerdo con el cuadro de cantidades"]
["2.2","Marca","Especificar"]
["2.3","Modelo","Especificar"]
["2.4","Tipo","Tipo minidomo"]
["2.5","Rango de operación","Día / Noche"]
["2.6","Formato sensor de Imagen","1/1.8 CMOS"]
["2.7","Salida de vídeo","IP"]
["2.8","Resolución de salida","6 megapíxeles o superior  "]
["2.9","Tipo de Escaneo","Progresivo"]
["2.10","Iluminación mínima","Color: 0.16 lux a 50 o mejor. B/N: 0.03 lux a 50 o mejor"]
["2.11","Ajuste de la camara","Giro digital +- 180° "]
["2.12","Movimiento horizontal/vertical","PTZ digital"]
["2.13","WDR","Como mínimo 120 dB o superior"]
["2.14","Entrada/Salida de Audio","Microfono integrado"]
["2.15","Compresión de video","H.265 o superior"]
["2.16","Rondas de vigilancia","Si"]
["2.17","Compatibilidad ONVIF","ONVIF Profile S, G, T (verificable en la página de https://www.onvif.org/)."]
["2.18","Conectores","1 RJ45 10/100 Ethernet port y 1 entrada de alarma y 1 salida de 12 VCC."]
["2.19","Temperatura de operación ",".-40° a 50°"]
["2.20","Consumo eléctrico ","Máximo 13 W"]
["2.21","Certificación","IP 66, IK10 o CE o FCC"]
["2.22","Protocoles de red","IPv4/v6, HTTP, HTTPS, SNMP, DNS, TCP/IP, DHCP, RTP, UDP, RTSP, NTP, IGMP, QoS, (SMTP, FTP opcional)."]
["2.23  ","Debe tener","Control Automático de ganancia - AGC."]
[null,null,"Balance de blancos - AWB."]
["2.24","Seguridad de red","Certificado: Compatibilidad con la infraestructura de claves públicas (PKI) o FIPS 140-2 Encryption."]
[null,null,"HTTPS"]
[null,null,"Codificación: TLS o AES 256 ó AES 128 en transmisión y almacenamiento de datos."]
[null,null,"Filtrado de direcciones IP, 802-1X."]
["2.25","Analíticas incluidas sin requerir licencias o componentes adicionales","Incluidas en la cámara sin requerir licencias o componentes adicionales."]
[null,null,"Detección de movimiento "]
[null,null,"Movimiento de area"]
[null,null,"Deteccion de cruce de linea"]
[null,null,"Merodeo"]
[null,null,"Deteccion de audio"]
[null,null,"Detección de alarma antimanipulación"]
["2.26  ","Memoria de Respaldo Local","Compatible con tarjetas MicroSD, MicroSDXC."]
["2.27","Mantenimiento y soporte  ","El contratista deberá tomar acciones que permitan detectar las fallas y defectos de los equipos o elementos del sistema, para lo cual cada (03) tres meses deberá realizar un mantenimiento con sus respectivos procedimiento o protocolos y de ser necesario adelantar acciones correctivas, finalizada la actividad el contratista entregará un informe técnico de lo actuado, mínimo durante el plazo de garantía 3 años."]
["2.28","Instalación y Configuración","Las cámaras deberán entregarse instaladas, cableadas, configuradas y en correcto funcionamiento como un Sistema integrado. Incluye todos los elementos de cableado, fijación, etc, necesarios para un óptimo funcionamiento e instalación hasta la ubicación del sistema de almacenamiento."]
["2.29 ","Garantía","El contratista debe proveer un periodo mínimo de 3 años de garantía en la solución implementada."]
[null,null,"Los equipos instalados en la solución, deberán contar con periodo de garantía de 5 años directos de fábrica."]
["2.29  ","Ficha técnica","Del equipo ofertado (es obligatorio adjuntar la ficha técnica junto con el presente anexo, que permita confirmar el cumplimiento de las especificaciones técnicas mínimas aquí indicadas)"]
[3,"CÁMARA TIPO FIJA MINIDOMO TIPO 1",null,"CUMPLE","NO CUMPLE"]
["3.1","Cantidad","De acuerdo con el cuadro de cantidades"]
["3.2","Marca","Especificar"]
["3.3","Modelo","Especificar"]
["3.4","Tipo","Tipo minidomo"]
["3.5","Rango de operación","Día / Noche"]
["3.6","Formato sensor de Imagen","1/2.7 CMOS"]
["3.7","Salida de vídeo","IP"]
["3.8","Resolución de salida","4 megapíxeles o superior  "]
["3.9","Tipo de Escaneo","Progresivo"]
["3.10","Iluminación mínima","Color: 0.19 lux a 50 o mejor. B/N: 0.03 lux a 50 o mejor"]
["3.11","Ajuste de la camara","Horizontal ±175°, vertical ±80°, rotación ±175°"]
["3.12","Movimiento horizontal/vertical","PTZ digital"]
["3.13","WDR","Como mínimo 120 dB o superior"]
["3.14","Compresión de video","H.265 o superior"]
["3.15","Compatibilidad ONVIF","ONVIF Profile S, G, T (verificable en la página de https://www.onvif.org/)."]
["3.16","Conectores","1 RJ45 10/100 Ethernet port"]
["3.17","Temperatura de operación ","0° a 45°"]
["3.18","Consumo eléctrico ","Máximo 5 W"]
["3.19","Certificación","IP 42, IK8 o CE o FCC"]
["3.20","Protocoles de red","IPv4/v6, HTTP, HTTPS, SNMP, DNS, TCP/IP, DHCP, RTP, UDP, RTSP, NTP, IGMP, QoS, (SMTP, FTP opcional)."]
["3.21","Debe tener","Balance de blancos - AWB."]
["3.22 ","Seguridad de red","Certificado: Compatibilidad con la infraestructura de claves públicas (PKI) o FIPS 140-2 Encryption."]
[null,null,"HTTPS"]
[null,null,"Codificación: TLS o AES 256 ó AES 128 en transmisión y almacenamiento de datos."]
[null,null,"Filtrado de direcciones IP, 802-1X."]
["3.23","Analíticas incluidas sin requerir licencias o componentes adicionales","Incluidas en la cámara sin requerir licencias o componentes adicionales."]
[null,null,"Detección de movimiento "]
[null,null,"Analitica de objetos"]
[null,null,"Deteccion de audio"]
[null,null,"Analitica de audio"]
[null,null,"Detección de alarma antimanipulación"]
["3.24  ","Memoria de Respaldo Local","Compatible con tarjetas MicroSD, MicroSDXC."]
["3.25","Mantenimiento y soporte  ","El contratista deberá tomar acciones que permitan detectar las fallas y defectos de los equipos o elementos del sistema, para lo cual cada (03) tres meses deberá realizar un mantenimiento con sus respectivos procedimiento o protocolos y de ser necesario adelantar acciones correctivas, finalizada la actividad el contratista entregará un informe técnico de lo actuado, mínimo durante el plazo de garantía 3 años."]
["3.26","Instalación y Configuración","Las cámaras deberán entregarse instaladas, cableadas, configuradas y en correcto funcionamiento como un Sistema integrado. Incluye todos los elementos de cableado, fijación, etc, necesarios para un óptimo funcionamiento e instalación hasta la ubicación del sistema de almacenamiento."]
["3.27  ","Garantía","El contratista debe proveer un periodo mínimo de 3 años de garantía en la solución implementada."]
[null,null,"Los equipos instalados en la solución, deberán contar con periodo de garantía de 5 años directos de fábrica."]
["3.28  ","Ficha técnica","Del equipo ofertado (es obligatorio adjuntar la ficha técnica junto con el presente anexo, que permita confirmar el cumplimiento de las especificaciones técnicas mínimas aquí indicadas)"]
[4,"CÁMARA TIPO FIJA DOMO TIPO 1",null,"CUMPLE","NO CUMPLE"]
["4.1","Cantidad","De acuerdo con el cuadro de cantidades"]
["4.2","Marca","Especificar"]
["4.3","Modelo","Especificar"]
["4.4","Tipo","Tipo Domo"]
["4.5","Rango de operación","Día / Noche"]
["4.6","Formato sensor de Imagen","1/2.8 CMOS"]
["4.7","Lente","Varifocal 3.5 – 6.6 mm"]
["4.8","Salida de vídeo","IP"]
["4.9","Resolución de salida","2 megapíxeles o superior  "]
["4.10","Tipo de Escaneo","Progresivo"]
["4.11","Iluminación mínima","Color: 0.14 lux a 50 o mejor. B/N: 0.03 lux a 50 o mejor"]
["4.12","Ajuste de la camara","Horizontal ±180°, vertical de -40° a +65°, rotación ±105°"]
["4.13","Movimiento horizontal/vertical","PTZ digital"]
["4.14","WDR","Como mínimo 110 dB o superior"]
["4.15","Compresión de video","H.265 o superior"]
["4.16","Compatibilidad ONVIF","ONVIF Profile S, G, T (verificable en la página de https://www.onvif.org/)."]
["4.17","Conectores","1 RJ45 10/100 Ethernet port"]
["4.18","Temperatura de operación ","0° a 45°"]
["4.19","Consumo eléctrico ","Máximo 10 W"]
["4.20","Certificación","IP 42, IK8 o CE o FCC"]
["4.21","Protocoles de red","IPv4/v6, HTTP, HTTPS, SNMP, DNS, TCP/IP, DHCP, RTP, UDP, RTSP, NTP, IGMP, QoS, (SMTP, FTP opcional)."]
["4.22","Debe tener","Balance de blancos - AWB."]
["4.23","Seguridad de red","Certificado: Compatibilidad con la infraestructura de claves públicas (PKI) o FIPS 140-2 Encryption."]
[null,null,"HTTPS"]
[null,null,"Codificación: TLS o AES 256 ó AES 128 en transmisión y almacenamiento de datos."]
[null,null,"Filtrado de direcciones IP, 802-1X."]
["4.24","Analíticas incluidas sin requerir licencias o componentes adicionales","Incluidas en la cámara sin requerir licencias o componentes adicionales."]
[null,null,"Detección de movimiento "]
[null,null,"Analitica de objetos"]
[null,null,"Deteccion de rostros"]
["4.25  ","Memoria de Respaldo Local","Compatible con tarjetas MicroSD, MicroSDXC."]
["4.26","Mantenimiento y soporte  ","El contratista deberá tomar acciones que permitan detectar las fallas y defectos de los equipos o elementos del sistema, para lo cual cada (03) tres meses deberá realizar un mantenimiento con sus respectivos procedimiento o protocolos y de ser necesario adelantar acciones correctivas, finalizada la actividad el contratista entregará un informe técnico de lo actuado, mínimo durante el plazo de garantía 3 años."]
["4.27","Instalación y Configuración","Las cámaras deberán entregarse instaladas, cableadas, configuradas y en correcto funcionamiento como un Sistema integrado. Incluye todos los elementos de cableado, fijación, etc, necesarios para un óptimo funcionamiento e instalación hasta la ubicación del sistema de almacenamiento."]
["4.28  ","Garantía","El contratista debe proveer un periodo mínimo de 3 años de garantía en la solución implementada."]
[null,null,"Los equipos instalados en la solución, deberán contar con periodo de garantía de 5 años directos de fábrica."]
["4.29  ","Ficha técnica","Del equipo ofertado (es obligatorio adjuntar la ficha técnica junto con el presente anexo, que permita confirmar el cumplimiento de las especificaciones técnicas mínimas aquí indicadas)"]
[5,"CÁMARA TIPO FIJA DOMO TIPO 2",null,"CUMPLE","NO CUMPLE"]
["5.1","Cantidad","De acuerdo con el cuadro de cantidades"]
["5.2","Marca","Especificar"]
["5.3","Modelo","Especificar"]
["5.4","Tipo","Tipo Domo"]
["5.5","Rango de operación","Día / Noche"]
["5.6","Formato sensor de Imagen","1/2.8 CMOS"]
["5.7","Lente","Varifocal 3.5 – 6.6 mm"]
["5.8","Salida de vídeo","IP"]
["5.9","Resolución de salida","8 megapíxeles o superior  "]
["5.10","Tipo de Escaneo","Progresivo"]
["5.11","Iluminación mínima","Color: 0.24 lux a 50 o mejor. B/N: 0.04 lux a 50 o mejor. 0 Lux con iluminación IR activada."]
["5.12","Ajuste de la camara","Horizontal ±180°, vertical de -40° a +65°, rotación ±105°"]
["5.13","Movimiento horizontal/vertical","PTZ digital"]
["5.14","WDR","Como mínimo 110 dB o superior"]
["5.15","Compresión de video","H.265 o superior"]
["5.16","Compatibilidad ONVIF","ONVIF Profile S, G, T (verificable en la página de https://www.onvif.org/)."]
["5.17","Conectores","1 RJ45 10/100 Ethernet port"]
["5.18","Temperatura de operación ","0° a 40°"]
["5.19","Consumo eléctrico ","Máximo 10 W"]
["5.20","Certificación","IP 42, IK8 o CE o FCC"]
["5.21","Protocoles de red","IPv4/v6, HTTP, HTTPS, SNMP, DNS, TCP/IP, DHCP, RTP, UDP, RTSP, NTP, IGMP, QoS, (SMTP, FTP opcional)."]
["5.22","Debe tener","Balance de blancos - AWB."]
["5.23","Seguridad de red","Certificado: Compatibilidad con la infraestructura de claves públicas (PKI) o FIPS 140-2 Encryption."]
[null,null,"HTTPS"]
[null,null,"Codificación: TLS o AES 256 ó AES 128 en transmisión y almacenamiento de datos."]
[null,null,"Filtrado de direcciones IP, 802-1X."]
["5.24","Analíticas incluidas sin requerir licencias o componentes adicionales","Incluidas en la cámara sin requerir licencias o componentes adicionales."]
[null,null,"Detección de movimiento "]
[null,null,"Analitica de objetos"]
["5.25  ","Memoria de Respaldo Local","Compatible con tarjetas MicroSD, MicroSDXC."]
["5.26","Mantenimiento y soporte  ","El contratista deberá tomar acciones que permitan detectar las fallas y defectos de los equipos o elementos del sistema, para lo cual cada (03) tres meses deberá realizar un mantenimiento con sus respectivos procedimiento o protocolos y de ser necesario adelantar acciones correctivas, finalizada la actividad el contratista entregará un informe técnico de lo actuado, mínimo durante el plazo de garantía 3 años."]
["5.27","Instalación y Configuración","Las cámaras deberán entregarse instaladas, cableadas, configuradas y en correcto funcionamiento como un Sistema integrado. Incluye todos los elementos de cableado, fijación, etc, necesarios para un óptimo funcionamiento e instalación hasta la ubicación del sistema de almacenamiento."]
["5.28  ","Garantía","El contratista debe proveer un periodo mínimo de 3 años de garantía en la solución implementada."]
[null,null,"Los equipos instalados en la solución, deberán contar con periodo de garantía de 5 años directos de fábrica."]
["5.29  ","Ficha técnica","Del equipo ofertado (es obligatorio adjuntar la ficha técnica junto con el presente anexo, que permita confirmar el cumplimiento de las especificaciones técnicas mínimas aquí indicadas)"]
[6,"CÁMARA TIPO FIJA DOMO TIPO 2",null,"CUMPLE","NO CUMPLE"]
["6.1","Cantidad","De acuerdo con el cuadro de cantidades"]
["6.2","Marca","Especificar"]
["6.3","Modelo","Especificar"]
["6.4","Tipo","Tipo Domo"]
["6.5","Rango de operación","Día / Noche"]
["6.6","Formato sensor de Imagen","1/2.8 CMOS"]
["6.7","Lente","Varifocal 3.5 – 6.6 mm"]
["6.8","Salida de vídeo","IP"]
["6.9","Resolución de salida","8 megapíxeles o superior  "]
["6.10","Tipo de Escaneo","Progresivo"]
["6.11","Iluminación mínima","Color: 0.24 lux a 50 o mejor. B/N: 0.04 lux a 50 o mejor"]
["6.12","Ajuste de la camara","Horizontal ±180°, vertical de -40° a +65°, rotación ±105°"]
["6.13","Movimiento horizontal/vertical","PTZ digital"]
["6.14","WDR","Como mínimo 110 dB o superior"]
["6.15","Compresión de video","H.265 o superior"]
["6.16","Compatibilidad ONVIF","ONVIF Profile S, G, T (verificable en la página de https://www.onvif.org/)."]
["6.17","Conectores","1 RJ45 10/100 Ethernet port"]
["6.18","Temperatura de operación ","0° a 40°"]
["6.19","Consumo eléctrico ","Máximo 5 W"]
["6.20","Certificación","IP 42, IK8 o CE o FCC"]
["6.21","Protocoles de red","IPv4/v6, HTTP, HTTPS, SNMP, DNS, TCP/IP, DHCP, RTP, UDP, RTSP, NTP, IGMP, QoS, (SMTP, FTP opcional)."]
["6.22","Debe tener","Balance de blancos - AWB."]
["6.23","Seguridad de red","Certificado: Compatibilidad con la infraestructura de claves públicas (PKI) o FIPS 140-2 Encryption."]
[null,null,"HTTPS"]
[null,null,"Codificación: TLS o AES 256 ó AES 128 en transmisión y almacenamiento de datos."]
[null,null,"Filtrado de direcciones IP, 802-1X."]
["6.24","Analíticas incluidas sin requerir licencias o componentes adicionales","Incluidas en la cámara sin requerir licencias o componentes adicionales."]
[null,null,"Detección de movimiento "]
[null,null,"Analitica de objetos"]
["6.25  ","Memoria de Respaldo Local","Compatible con tarjetas MicroSD, MicroSDXC."]
["6.26","Mantenimiento y soporte  ","El contratista deberá tomar acciones que permitan detectar las fallas y defectos de los equipos o elementos del sistema, para lo cual cada (03) tres meses deberá realizar un mantenimiento con sus respectivos procedimiento o protocolos y de ser necesario adelantar acciones correctivas, finalizada la actividad el contratista entregará un informe técnico de lo actuado, mínimo durante el plazo de garantía 3 años."]
["6.27","Instalación y Configuración","Las cámaras deberán entregarse instaladas, cableadas, configuradas y en correcto funcionamiento como un Sistema integrado. Incluye todos los elementos de cableado, fijación, etc, necesarios para un óptimo funcionamiento e instalación hasta la ubicación del sistema de almacenamiento."]
["6.28  ","Garantía","El contratista debe proveer un periodo mínimo de 3 años de garantía en la solución implementada."]
[null,null,"Los equipos instalados en la solución, deberán contar con periodo de garantía de 5 años directos de fábrica."]
["6.29  ","Ficha técnica","Del equipo ofertado (es obligatorio adjuntar la ficha técnica junto con el presente anexo, que permita confirmar el cumplimiento de las especificaciones técnicas mínimas aquí indicadas)"]
[7,"CÁMARA TIPO OJO DE PEZ",null,"CUMPLE","NO CUMPLE"]
["7.1","Cantidad","De acuerdo con el cuadro de cantidades"]
["7.2","Marca","Especificar"]
["7.3","Modelo","Especificar"]
["7.4","Tipo","Tipo ojo de Pez"]
["7.5","Rango de operación","Día / Noche"]
["7.6","Formato sensor de Imagen","1/2.3 CMOS"]
["7.7","Lente","Fija 1.2 mm"]
["7.8","Salida de vídeo","IP"]
["7.9","Resolución de salida","12 megapíxeles o superior  "]
["7.10","Tipo de Escaneo","Progresivo"]
["7.11","Iluminación mínima","Color: 0.19 lux a 50 o mejor. B/N: 0.04 lux a 50 o mejor. 0 Lux con iluminación IR activada."]
["7.12","Ajuste de la camara","Giro digital: ± 180°"]
["7.13","Movimiento horizontal/vertical","PTZ digital"]
["7.14","WDR","Como mínimo 120 dB o superior"]
["7.15","Compresión de video","H.265 o superior"]
["7.16","Compatibilidad ONVIF","ONVIF Profile S, G, T (verificable en la página de https://www.onvif.org/)."]
["7.17","Conectores","1 RJ45 10/100 Ethernet port y 1 entrada de alarma y 1 salida de 12 VCC."]
["7.18","Temperatura de operación ",".-40° a 50°"]
["7.19","Consumo eléctrico ","Máximo 13 W"]
["7.20","Certificación","IP 66, IK10 o CE o FCC"]
["7.21","Protocoles de red","IPv4/v6, HTTP, HTTPS, SNMP, DNS, TCP/IP, DHCP, RTP, UDP, RTSP, NTP, IGMP, QoS, (SMTP, FTP opcional)."]
["7.22","Debe tener","Balance de blancos - AWB."]
["7.23","Seguridad de red","Certificado: Compatibilidad con la infraestructura de claves públicas (PKI) o FIPS 140-2 Encryption."]
[null,null,"HTTPS"]
[null,null,"Codificación: TLS o AES 256 ó AES 128 en transmisión y almacenamiento de datos."]
[null,null,"Filtrado de direcciones IP, 802-1X."]
["7.24","Analíticas incluidas sin requerir licencias o componentes adicionales","Incluidas en la cámara sin requerir licencias o componentes adicionales."]
[null,null,"Detección de movimiento "]
[null,null,"Analitica de objetos"]
[null,null,"Detección de alarma antimanipulación"]
["7.25  ","Memoria de Respaldo Local","Compatible con tarjetas MicroSD, MicroSDXC."]
["7.26","Mantenimiento y soporte  ","El contratista deberá tomar acciones que permitan detectar las fallas y defectos de los equipos o elementos del sistema, para lo cual cada (03) tres meses deberá realizar un mantenimiento con sus respectivos procedimiento o protocolos y de ser necesario adelantar acciones correctivas, finalizada la actividad el contratista entregará un informe técnico de lo actuado, mínimo durante el plazo de garantía 3 años."]
["7.27","Instalación y Configuración","Las cámaras deberán entregarse instaladas, cableadas, configuradas y en correcto funcionamiento como un Sistema integrado. Incluye todos los elementos de cableado, fijación, etc, necesarios para un óptimo funcionamiento e instalación hasta la ubicación del sistema de almacenamiento."]
["7.28  ","Garantía","El contratista debe proveer un periodo mínimo de 3 años de garantía en la solución implementada."]
[null,null,"Los equipos instalados en la solución, deberán contar con periodo de garantía de 5 años directos de fábrica."]
["7.29  ","Ficha técnica","Del equipo ofertado (es obligatorio adjuntar la ficha técnica junto con el presente anexo, que permita confirmar el cumplimiento de las especificaciones técnicas mínimas aquí indicadas)"]
[8,"CÁMARA TIPO MINI DOMO VISTA 360°",null,"CUMPLE","NO CUMPLE"]
["8.1","Cantidad","De acuerdo con el cuadro de cantidades"]
["8.2","Marca","Especificar"]
["8.3","Modelo","Especificar"]
["8.4","Tipo","Tipo mino domo"]
["8.5","Rango de operación","Día / Noche"]
["8.6","Formato sensor de Imagen","1/2.3 CMOS"]
["8.7","Lente","Fija 1.2 mm"]
["8.8","Salida de vídeo","IP"]
["8.9","Resolución de salida","12 megapíxeles o superior  "]
["8.10","Tipo de Escaneo","Progresivo"]
["8.11","Iluminación mínima","Color: 0.19 lux a 50 o mejor. B/N: 0.04 lux a 50 o mejor. 0 Lux con iluminación IR activada."]
["8.12","Ajuste de la camara","Giro digital: ± 180°"]
["8.13","Movimiento horizontal/vertical","PTZ digital"]
["8.14","WDR","Como mínimo 120 dB o superior"]
["8.15","Compresión de video","H.265 o superior"]
["8.16","Compatibilidad ONVIF","ONVIF Profile S, G, T (verificable en la página de https://www.onvif.org/)."]
["8.17","Conectores","1 RJ45 10/100 Ethernet port y 1 entrada de alarma y 1 salida de 12 VCC."]
["8.18","Temperatura de operación ",".-40° a 50°"]
["8.19","Consumo eléctrico ","Máximo 13 W"]
["8.20","Certificación","IP 66, IK10 o CE o FCC"]
["8.21","Protocoles de red","IPv4/v6, HTTP, HTTPS, SNMP, DNS, TCP/IP, DHCP, RTP, UDP, RTSP, NTP, IGMP, QoS, (SMTP, FTP opcional)."]
["8.22","Debe tener","Balance de blancos - AWB."]
["8.23","Seguridad de red","Certificado: Compatibilidad con la infraestructura de claves públicas (PKI) o FIPS 140-2 Encryption."]
[null,null,"HTTPS"]
[null,null,"Codificación: TLS o AES 256 ó AES 128 en transmisión y almacenamiento de datos."]
[null,null,"Filtrado de direcciones IP, 802-1X."]
["8.24","Analíticas incluidas sin requerir licencias o componentes adicionales","Incluidas en la cámara sin requerir licencias o componentes adicionales."]
[null,null,"Detección de movimiento "]
[null,null,"Analitica de objetos"]
[null,null,"Detección de alarma antimanipulación"]
["8.25  ","Memoria de Respaldo Local","Compatible con tarjetas MicroSD, MicroSDXC."]
["8.26","Mantenimiento y soporte  ","El contratista deberá tomar acciones que permitan detectar las fallas y defectos de los equipos o elementos del sistema, para lo cual cada (03) tres meses deberá realizar un mantenimiento con sus respectivos procedimiento o protocolos y de ser necesario adelantar acciones correctivas, finalizada la actividad el contratista entregará un informe técnico de lo actuado, mínimo durante el plazo de garantía 3 años."]
["8.27","Instalación y Configuración","Las cámaras deberán entregarse instaladas, cableadas, configuradas y en correcto funcionamiento como un Sistema integrado. Incluye todos los elementos de cableado, fijación, etc, necesarios para un óptimo funcionamiento e instalación hasta la ubicación del sistema de almacenamiento."]
["8.28  ","Garantía","El contratista debe proveer un periodo mínimo de 3 años de garantía en la solución implementada."]
[null,null,"Los equipos instalados en la solución, deberán contar con periodo de garantía de 5 años directos de fábrica."]
["8.29  ","Ficha técnica","Del equipo ofertado (es obligatorio adjuntar la ficha técnica junto con el presente anexo, que permita confirmar el cumplimiento de las especificaciones técnicas mínimas aquí indicadas)"]
[9,"CÁMARA TIPO FIJA BALA",null,"CUMPLE","NO CUMPLE"]
["9.1","Cantidad","De acuerdo con el cuadro de cantidades"]
["9.2","Marca","Especificar"]
["9.3","Modelo","Especificar"]
["9.4","Tipo","Tipo Bala"]
["9.5","Rango de operación","Día / Noche"]
["9.6","Formato sensor de Imagen","1/2.8 CMOS"]
["9.7","Lente","Varifocal 3 -9 mm"]
["9.8","Salida de vídeo","IP"]
["9.9","Resolución de salida","2 megapíxeles o superior  "]
["9.10","Tipo de Escaneo","Progresivo"]
["9.11","Iluminación mínima","Color: 0.07 lux a 50 o mejor. B/N: 0.01 lux a 50 o mejor. 0 Lux con iluminación IR activada."]
["9.12","Movimiento horizontal/vertical","PTZ digital"]
["9.13","WDR","Como mínimo 120 dB o superior"]
["9.14","Zoom ","Digital"]
["9.15","Compresión de video","H.265 o superior"]
["9.16","Compatibilidad ONVIF","ONVIF Profile S, G, T (verificable en la página de https://www.onvif.org/)."]
["9.17","Conectores","1 RJ45 10/100 Ethernet port y 1 entrada de alarma y 1 salida de 12 VCC."]
["9.18","Temperatura de operación ",".-40° a 60°"]
["9.19","Consumo eléctrico ","Máximo 13 W"]
["9.20","Certificación","IP 66, IP67, IK10 o CE o FCC"]
["9.21","Protocoles de red","IPv4/v6, HTTP, HTTPS, SNMP, DNS, TCP/IP, DHCP, RTP, UDP, RTSP, NTP, IGMP, QoS, (SMTP, FTP opcional)."]
["9.22","Debe tener","Balance de blancos - AWB."]
["9.23","Seguridad de red","Certificado: Compatibilidad con la infraestructura de claves públicas (PKI) o FIPS 140-2 Encryption."]
[null,null,"HTTPS"]
[null,null,"Codificación: TLS o AES 256 ó AES 128 en transmisión y almacenamiento de datos."]
[null,null,"Filtrado de direcciones IP, 802-1X."]
["9.24","Analíticas incluidas sin requerir licencias o componentes adicionales","Incluidas en la cámara sin requerir licencias o componentes adicionales."]
[null,null,"Detección de movimiento "]
[null,null,"Analitica de objetos"]
[null,null,"Merodeo"]
[null,null,"Deteccion de golpes"]
[null,null,"Detección de alarma antimanipulación"]
["9.25  ","Memoria de Respaldo Local","Compatible con tarjetas MicroSD, MicroSDXC."]
["9.26","Mantenimiento y soporte  ","El contratista deberá tomar acciones que permitan detectar las fallas y defectos de los equipos o elementos del sistema, para lo cual cada (03) tres meses deberá realizar un mantenimiento con sus respectivos procedimiento o protocolos y de ser necesario adelantar acciones correctivas, finalizada la actividad el contratista entregará un informe técnico de lo actuado, mínimo durante el plazo de garantía 3 años."]
["9.27","Instalación y Configuración","Las cámaras deberán entregarse instaladas, cableadas, configuradas y en correcto funcionamiento como un Sistema integrado. Incluye todos los elementos de cableado, fijación, etc, necesarios para un óptimo funcionamiento e instalación hasta la ubicación del sistema de almacenamiento."]
["9.28  ","Garantía","El contratista debe proveer un periodo mínimo de 3 años de garantía en la solución implementada."]
[null,null,"Los equipos instalados en la solución, deberán contar con periodo de garantía de 5 años directos de fábrica."]
["9.29  ","Ficha técnica","Del equipo ofertado (es obligatorio adjuntar la ficha técnica junto con el presente anexo, que permita confirmar el cumplimiento de las especificaciones técnicas mínimas aquí indicadas)"]
[10,"CÁMARA DOMO TIPO 1",null,"CUMPLE","NO CUMPLE"]
["10.1","Cantidad","De acuerdo con el cuadro de cantidades"]
["10.2","Marca","Especificar"]
["10.3","Modelo","Especificar"]
["10.4","Tipo","Tipo domo"]
["10.5","Rango de operación","Día / Noche"]
["10.6","Formato sensor de Imagen","1/2.8 CMOS"]
["10.7","Lente","Varifocal 3.4 - 8.9 mm"]
["10.8","Salida de vídeo","IP"]
["10.9","Resolución de salida","2 megapíxeles o superior  "]
["10.10","Tipo de Escaneo","Progresivo"]
["10.11","Iluminación mínima","Color: 0.1 lux a 50 o mejor. B/N: 0 lux a 50 o mejor."]
["10.12","Movimiento horizontal/vertical","PTZ digital"]
["10.13","WDR","Como mínimo 120 dB o superior"]
["10.14","Ajuste de la camara","Horizontal ±180°, vertical de ±75°, rotación ±105°"]
["10.15","Compresión de video","H.265 o superior"]
["10.16","Compatibilidad ONVIF","ONVIF Profile S, G, T (verificable en la página de https://www.onvif.org/)."]
["10.17","Conectores","1 RJ45 10/100 Ethernet port y 1 entrada de alarma y 1 salida de 12 VCC."]
["10.18","Temperatura de operación ","0° a 50°"]
["10.19","Consumo eléctrico ","Máximo 9 W"]
["10.20","Certificación","IP 52, IK10 o CE o FCC"]
["10.21","Protocoles de red","IPv4/v6, HTTP, HTTPS, SNMP, DNS, TCP/IP, DHCP, RTP, UDP, RTSP, NTP, IGMP, QoS, (SMTP, FTP opcional)."]
["10.22","Debe tener","Balance de blancos - AWB."]
["10.23","Seguridad de red","Certificado: Compatibilidad con la infraestructura de claves públicas (PKI) o FIPS 140-2 Encryption."]
[null,null,"HTTPS"]
[null,null,"Codificación: TLS o AES 256 ó AES 128 en transmisión y almacenamiento de datos."]
[null,null,"Filtrado de direcciones IP, 802-1X."]
["10.24","Analíticas incluidas sin requerir licencias o componentes adicionales","Incluidas en la cámara sin requerir licencias o componentes adicionales."]
[null,null,"Detección de movimiento "]
[null,null,"Analitica de objetos"]
[null,null,"Deteccion de golpes"]
[null,null,"Detección de alarma antimanipulación"]
["10.25  ","Memoria de Respaldo Local","Compatible con tarjetas MicroSD, MicroSDXC."]
["10.26","Mantenimiento y soporte  ","El contratista deberá tomar acciones que permitan detectar las fallas y defectos de los equipos o elementos del sistema, para lo cual cada (03) tres meses deberá realizar un mantenimiento con sus respectivos procedimiento o protocolos y de ser necesario adelantar acciones correctivas, finalizada la actividad el contratista entregará un informe técnico de lo actuado, mínimo durante el plazo de garantía 3 años."]
["10.27","Instalación y Configuración","Las cámaras deberán entregarse instaladas, cableadas, configuradas y en correcto funcionamiento como un Sistema integrado. Incluye todos los elementos de cableado, fijación, etc, necesarios para un óptimo funcionamiento e instalación hasta la ubicación del sistema de almacenamiento."]
["10.28  ","Garantía","El contratista debe proveer un periodo mínimo de 3 años de garantía en la solución implementada."]
[null,null,"Los equipos instalados en la solución, deberán contar con periodo de garantía de 5 años directos de fábrica."]
["10.29  ","Ficha técnica","Del equipo ofertado (es obligatorio adjuntar la ficha técnica junto con el presente anexo, que permita confirmar el cumplimiento de las especificaciones técnicas mínimas aquí indicadas)"]
[11,"CÁMARA DOMO TIPO 2",null,"CUMPLE","NO CUMPLE"]
["11.1","Cantidad","De acuerdo con el cuadro de cantidades"]
["11.2","Marca","Especificar"]
["11.3","Modelo","Especificar"]
["11.4","Tipo","Tipo domo"]
["11.5","Rango de operación","Día / Noche"]
["11.6","Formato sensor de Imagen","1/2.8 CMOS"]
["11.7","Lente","Varifocal 3.4 - 8.9 mm"]
["11.8","Salida de vídeo","IP"]
["11.9","Resolución de salida","2 megapíxeles o superior  "]
["11.10","Tipo de Escaneo","Progresivo"]
["11.11","Iluminación mínima","Color: 0.1 lux a 50 o mejor. B/N: 0.02 lux a 50 o mejor."]
["11.12","Movimiento horizontal/vertical","PTZ digital"]
["11.13","WDR","Como mínimo 120 dB o superior"]
["11.14","Ajuste de la camara","Horizontal ±180°, vertical 75°, rotación ±175°"]
["11.15","Compresión de video","H.265 o superior"]
["11.16","Compatibilidad ONVIF","ONVIF Profile S, G, T (verificable en la página de https://www.onvif.org/)."]
["11.17","Conectores","1 RJ45 10/100 Ethernet port y 1 entrada digital y 1 salida digital de 12 VCC."]
["11.18","Temperatura de operación ","0° a 50°"]
["11.19","Consumo eléctrico ","Máximo 6 W"]
["11.20","Certificación","IP 52, IK10 o CE o FCC"]
["11.21","Protocoles de red","IPv4/v6, HTTP, HTTPS, SNMP, DNS, TCP/IP, DHCP, RTP, UDP, RTSP, NTP, IGMP, QoS, (SMTP, FTP opcional)."]
["11.22","Debe tener","Balance de blancos - AWB."]
["11.23","Seguridad de red","Certificado: Compatibilidad con la infraestructura de claves públicas (PKI) o FIPS 140-2 Encryption."]
[null,null,"HTTPS"]
[null,null,"Codificación: TLS o AES 256 ó AES 128 en transmisión y almacenamiento de datos."]
[null,null,"Filtrado de direcciones IP, 802-1X."]
["11.24","Analíticas incluidas sin requerir licencias o componentes adicionales","Incluidas en la cámara sin requerir licencias o componentes adicionales."]
[null,null,"Detección de movimiento "]
[null,null,"Analitica de objetos"]
[null,null,"Deteccion de audio"]
[null,null,"Detección de alarma antimanipulación"]
["11.25  ","Memoria de Respaldo Local","Compatible con tarjetas MicroSD, MicroSDXC."]
["11.26","Mantenimiento y soporte  ","El contratista deberá tomar acciones que permitan detectar las fallas y defectos de los equipos o elementos del sistema, para lo cual cada (03) tres meses deberá realizar un mantenimiento con sus respectivos procedimiento o protocolos y de ser necesario adelantar acciones correctivas, finalizada la actividad el contratista entregará un informe técnico de lo actuado, mínimo durante el plazo de garantía 3 años."]
["11.27","Instalación y Configuración","Las cámaras deberán entregarse instaladas, cableadas, configuradas y en correcto funcionamiento como un Sistema integrado. Incluye todos los elementos de cableado, fijación, etc, necesarios para un óptimo funcionamiento e instalación hasta la ubicación del sistema de almacenamiento."]
["11.28  ","Garantía","El contratista debe proveer un periodo mínimo de 3 años de garantía en la solución implementada."]
[null,null,"Los equipos instalados en la solución, deberán contar con periodo de garantía de 5 años directos de fábrica."]
["11.29  ","Ficha técnica","Del equipo ofertado (es obligatorio adjuntar la ficha técnica junto con el presente anexo, que permita confirmar el cumplimiento de las especificaciones técnicas mínimas aquí indicadas)"]
[12,"CÁMARA TIPO MULTISENSOR TIPO 1",null,"CUMPLE","NO CUMPLE"]
["12.1","Cantidad","De acuerdo con el cuadro de cantidades"]
["12.2","Marca","Especificar"]
["12.3","Modelo","Especificar"]
["12.4","Tipo","Tipo multidireccional"]
["12.5","Rango de operación","Día / Noche"]
["12.6","Formato sensor de Imagen","4 x 1/2.7 CMOS"]
["12.7","Lente","Varifocal 3.2 - 8.1 mm"]
["12.8","Salida de vídeo","IP"]
["12.9","Resolución de salida","5 megapíxeles o superior  "]
["12.10","Tipo de Escaneo","Progresivo"]
["12.11","Iluminación mínima","Color: 0.19 lux a 50 o mejor. B/N: 0 lux a 50 o mejor. 0 lux con iluminación de IR activada."]
["12.12","WDR","Como mínimo 120 dB o superior"]
["12.13","Ajuste de la camara","Movimiento horizontal: ±90°, vertical: de +25° a +95°, rotación: de -5° a +95°, giro: ±20°"]
["12.14","Compresión de video","H.265 o superior"]
["12.15","Compatibilidad ONVIF","ONVIF Profile S, G, T (verificable en la página de https://www.onvif.org/)."]
["12.16","Conectores","1 RJ45 10/100 Ethernet port "]
["12.17","Temperatura de operación ",".-30° a 50°"]
["12.18","Consumo eléctrico ","Máximo 24 W"]
["12.19","Certificación","IP 66, IP 67, IK9 o CE o FCC"]
["12.20","Protocoles de red","IPv4/v6, HTTP, HTTPS, SNMP, DNS, TCP/IP, DHCP, RTP, UDP, RTSP, NTP, IGMP, QoS, (SMTP, FTP opcional)."]
["12.21","Debe tener","Balance de blancos - AWB."]
["12.22","Seguridad de red","Certificado: Compatibilidad con la infraestructura de claves públicas (PKI) o FIPS 140-2 Encryption."]
[null,null,"HTTPS"]
[null,null,"Codificación: TLS o AES 256 ó AES 128 en transmisión y almacenamiento de datos."]
[null,null,"Filtrado de direcciones IP, 802-1X."]
["12.23","Analíticas incluidas sin requerir licencias o componentes adicionales","Incluidas en la cámara sin requerir licencias o componentes adicionales."]
[null,null,"Detección de movimiento "]
[null,null,"Analitica de objetos"]
[null,null,"Deteccion de audio"]
[null,null,"Detección de alarma antimanipulación"]
["12.24  ","Memoria de Respaldo Local","Compatible con tarjetas MicroSD, MicroSDXC."]
["12.25","Mantenimiento y soporte  ","El contratista deberá tomar acciones que permitan detectar las fallas y defectos de los equipos o elementos del sistema, para lo cual cada (03) tres meses deberá realizar un mantenimiento con sus respectivos procedimiento o protocolos y de ser necesario adelantar acciones correctivas, finalizada la actividad el contratista entregará un informe técnico de lo actuado, mínimo durante el plazo de garantía 3 años."]
["12.26","Instalación y Configuración","Las cámaras deberán entregarse instaladas, cableadas, configuradas y en correcto funcionamiento como un Sistema integrado. Incluye todos los elementos de cableado, fijación, etc, necesarios para un óptimo funcionamiento e instalación hasta la ubicación del sistema de almacenamiento."]
["12.27  ","Garantía","El contratista debe proveer un periodo mínimo de 3 años de garantía en la solución implementada."]
[null,null,"Los equipos instalados en la solución, deberán contar con periodo de garantía de 5 años directos de fábrica."]
["12.28  ","Ficha técnica","Del equipo ofertado (es obligatorio adjuntar la ficha técnica junto con el presente anexo, que permita confirmar el cumplimiento de las especificaciones técnicas mínimas aquí indicadas)"]
[13,"CÁMARA TIPO DOMO PANORAMICA TRES SENSORES",null,"CUMPLE","NO CUMPLE"]
["13.1","Cantidad","De acuerdo con el cuadro de cantidades"]
["13.2","Marca","Especificar"]
["13.3","Modelo","Especificar"]
["13.4","Tipo","Tipo tres sensores"]
["13.5","Rango de operación","Día / Noche"]
["13.6","Formato sensor de Imagen","3 x 1/2.8 CMOS"]
["13.7","Lente","Fijo 3.2 mm"]
["13.8","Salida de vídeo","IP"]
["13.9","Resolución de salida","5 megapíxeles o superior  "]
["13.10","Tipo de Escaneo","Progresivo"]
["13.11","Iluminación mínima","Color: 0.16 lux. B/N: 0.05 lux."]
["13.12","WDR","Como mínimo 120 dB o superior"]
["13.13","Ajuste de la camara","Movimiento horizontal: ±180°, vertical: de 0° a 50°, giro: ±5°"]
["13.14","Compresión de video","H.265 o superior"]
["13.15","Compatibilidad ONVIF","ONVIF Profile S, G, T (verificable en la página de https://www.onvif.org/)."]
["13.16","Conectores","1 RJ45 10/100 Ethernet port "]
["13.17","Temperatura de operación ",".-40° a 50°"]
["13.18","Consumo eléctrico ","Máximo 20 W"]
["13.19","Certificación","IP 66, IP 67, IK10 o CE o FCC"]
["13.20","Protocoles de red","IPv4/v6, HTTP, HTTPS, SNMP, DNS, TCP/IP, DHCP, RTP, UDP, RTSP, NTP, IGMP, QoS, (SMTP, FTP opcional)."]
["13.21","Debe tener","Balance de blancos - AWB."]
["13.22","Seguridad de red","Certificado: Compatibilidad con la infraestructura de claves públicas (PKI) o FIPS 140-2 Encryption."]
[null,null,"HTTPS"]
[null,null,"Codificación: TLS o AES 256 ó AES 128 en transmisión y almacenamiento de datos."]
[null,null,"Filtrado de direcciones IP, 802-1X."]
["13.23","Analíticas incluidas sin requerir licencias o componentes adicionales","Incluidas en la cámara sin requerir licencias o componentes adicionales."]
[null,null,"Detección de movimiento "]
[null,null,"Merodeo"]
[null,null,"Deteccion de audio"]
[null,null,"Detección de alarma antimanipulación"]
["13.24  ","Memoria de Respaldo Local","Compatible con tarjetas MicroSD, MicroSDXC."]
["13.25","Mantenimiento y soporte  ","El contratista deberá tomar acciones que permitan detectar las fallas y defectos de los equipos o elementos del sistema, para lo cual cada (03) tres meses deberá realizar un mantenimiento con sus respectivos procedimiento o protocolos y de ser necesario adelantar acciones correctivas, finalizada la actividad el contratista entregará un informe técnico de lo actuado, mínimo durante el plazo de garantía 3 años."]
["13.26","Instalación y Configuración","Las cámaras deberán entregarse instaladas, cableadas, configuradas y en correcto funcionamiento como un Sistema integrado. Incluye todos los elementos de cableado, fijación, etc, necesarios para un óptimo funcionamiento e instalación hasta la ubicación del sistema de almacenamiento."]
["13.27  ","Garantía","El contratista debe proveer un periodo mínimo de 3 años de garantía en la solución implementada."]
[null,null,"Los equipos instalados en la solución, deberán contar con periodo de garantía de 5 años directos de fábrica."]
["13.28  ","Ficha técnica","Del equipo ofertado (es obligatorio adjuntar la ficha técnica junto con el presente anexo, que permita confirmar el cumplimiento de las especificaciones técnicas mínimas aquí indicadas)"]
[14,"CÁMARA TIPO DOMO PANORAMICA DOBLE SENSOR TIPO 1",null,"CUMPLE","NO CUMPLE"]
["14.1","Cantidad","De acuerdo con el cuadro de cantidades"]
["14.2","Marca","Especificar"]
["14.3","Modelo","Especificar"]
["14.4","Tipo","Tipo sensor doble"]
["14.5","Rango de operación","Día / Noche"]
["14.6","Formato sensor de Imagen","2 x 1/2.8 CMOS"]
["14.7","Lente","Varifocal 3.3 - 8.1 mm"]
["14.8","Salida de vídeo","IP"]
["14.9","Resolución de salida","2 megapíxeles o superior  "]
["14.10","Tipo de Escaneo","Progresivo"]
["14.11","Iluminación mínima","Color: 0.15 lux a 50 o mejor. B/N: 0 lux a 50 o mejor. 0 lux con iluminación de IR activada."]
["14.12","Ajuste de la camara","Movimiento horizontal: ±110°, vertical:  ±75°, rotación: ±170°"]
["14.13","Compresión de video","H.265 o superior"]
["14.14","Compatibilidad ONVIF","ONVIF Profile S, G, T (verificable en la página de https://www.onvif.org/)."]
["14.15","Conectores","1 RJ45 10/100 Ethernet port "]
["14.16","Temperatura de operación ",".-30° a 50°"]
["14.17","Consumo eléctrico ","Máximo 20 W"]
["14.18","Certificación","IP 66, IP 67, IK10 o CE o FCC"]
["14.19","Protocoles de red","IPv4/v6, HTTP, HTTPS, SNMP, DNS, TCP/IP, DHCP, RTP, UDP, RTSP, NTP, IGMP, QoS, (SMTP, FTP opcional)."]
["14.20","Debe tener","Balance de blancos - AWB."]
[null,null,"WDR"]
["14.21","Seguridad de red","Certificado: Compatibilidad con la infraestructura de claves públicas (PKI) o FIPS 140-2 Encryption."]
[null,null,"HTTPS"]
[null,null,"Codificación: TLS o AES 256 ó AES 128 en transmisión y almacenamiento de datos."]
[null,null,"Filtrado de direcciones IP, 802-1X."]
["14.22","Analíticas incluidas sin requerir licencias o componentes adicionales","Incluidas en la cámara sin requerir licencias o componentes adicionales."]
[null,null,"Detección de movimiento "]
[null,null,"Analitica de objetos"]
[null,null,"Deteccion de audio"]
[null,null,"Detección de alarma antimanipulación"]
["14.23  ","Memoria de Respaldo Local","Compatible con tarjetas MicroSD, MicroSDXC."]
["14.24","Mantenimiento y soporte  ","El contratista deberá tomar acciones que permitan detectar las fallas y defectos de los equipos o elementos del sistema, para lo cual cada (03) tres meses deberá realizar un mantenimiento con sus respectivos procedimiento o protocolos y de ser necesario adelantar acciones correctivas, finalizada la actividad el contratista entregará un informe técnico de lo actuado, mínimo durante el plazo de garantía 3 años."]
["14.25","Instalación y Configuración","Las cámaras deberán entregarse instaladas, cableadas, configuradas y en correcto funcionamiento como un Sistema integrado. Incluye todos los elementos de cableado, fijación, etc, necesarios para un óptimo funcionamiento e instalación hasta la ubicación del sistema de almacenamiento."]
["14.26  ","Garantía","El contratista debe proveer un periodo mínimo de 3 años de garantía en la solución implementada."]
[null,null,"Los equipos instalados en la solución, deberán contar con periodo de garantía de 5 años directos de fábrica."]
["14.27  ","Ficha técnica","Del equipo ofertado (es obligatorio adjuntar la ficha técnica junto con el presente anexo, que permita confirmar el cumplimiento de las especificaciones técnicas mínimas aquí indicadas)"]
[15,"CÁMARA TIPO DOMO PANORAMICA DOBLE SENSOR TIPO 2",null,"CUMPLE","NO CUMPLE"]
["15.1","Cantidad","De acuerdo con el cuadro de cantidades"]
["15.2","Marca","Especificar"]
["15.3","Modelo","Especificar"]
["15.4","Tipo","Tipo sensor doble"]
["15.5","Rango de operación","Día / Noche"]
["15.6","Formato sensor de Imagen","2 x 1/2.8 CMOS"]
["15.7","Lente","Varifocal 3.2 - 8.1 mm"]
["15.8","Salida de vídeo","IP"]
["15.9","Resolución de salida","2 megapíxeles o superior  "]
["15.10","Tipo de Escaneo","Progresivo"]
["15.11","Iluminación mínima","Color: 0.19 lux a 50 o mejor. B/N: 0 lux a 50 o mejor. 0 lux con iluminación de IR activada."]
["15.12","Ajuste de la camara","Movimiento horizontal: ±110°, vertical:  ±75°, rotación: ±170°"]
["15.13","Compresión de video","H.265 o superior"]
["15.14","Compatibilidad ONVIF","ONVIF Profile S, G, T (verificable en la página de https://www.onvif.org/)."]
["15.15","Conectores","1 RJ45 10/100 Ethernet port "]
["15.16","Temperatura de operación ",".-30° a 50°"]
["15.17","Consumo eléctrico ","Máximo 20 W"]
["15.18","Certificación","IP 66, IP 67, IK10 o CE o FCC"]
["15.19","Protocoles de red","IPv4/v6, HTTP, HTTPS, SNMP, DNS, TCP/IP, DHCP, RTP, UDP, RTSP, NTP, IGMP, QoS, (SMTP, FTP opcional)."]
["15.20","Debe tener","Balance de blancos - AWB."]
[null,null,"WDR"]
["15.21","Seguridad de red","Certificado: Compatibilidad con la infraestructura de claves públicas (PKI) o FIPS 140-2 Encryption."]
[null,null,"HTTPS"]
[null,null,"Codificación: TLS o AES 256 ó AES 128 en transmisión y almacenamiento de datos."]
[null,null,"Filtrado de direcciones IP, 802-1X."]
["15.22","Analíticas incluidas sin requerir licencias o componentes adicionales","Incluidas en la cámara sin requerir licencias o componentes adicionales."]
[null,null,"Detección de movimiento "]
[null,null,"Analitica de objetos"]
[null,null,"Deteccion de audio"]
[null,null,"Detección de alarma antimanipulación"]
["15.23  ","Memoria de Respaldo Local","Compatible con tarjetas MicroSD, MicroSDXC."]
["15.24","Mantenimiento y soporte  ","El contratista deberá tomar acciones que permitan detectar las fallas y defectos de los equipos o elementos del sistema, para lo cual cada (03) tres meses deberá realizar un mantenimiento con sus respectivos procedimiento o protocolos y de ser necesario adelantar acciones correctivas, finalizada la actividad el contratista entregará un informe técnico de lo actuado, mínimo durante el plazo de garantía 3 años."]
["15.25","Instalación y Configuración","Las cámaras deberán entregarse instaladas, cableadas, configuradas y en correcto funcionamiento como un Sistema integrado. Incluye todos los elementos de cableado, fijación, etc, necesarios para un óptimo funcionamiento e instalación hasta la ubicación del sistema de almacenamiento."]
["15.26  ","Garantía","El contratista debe proveer un periodo mínimo de 3 años de garantía en la solución implementada."]
[null,null,"Los equipos instalados en la solución, deberán contar con periodo de garantía de 5 años directos de fábrica."]
["15.27  ","Ficha técnica","Del equipo ofertado (es obligatorio adjuntar la ficha técnica junto con el presente anexo, que permita confirmar el cumplimiento de las especificaciones técnicas mínimas aquí indicadas)"]
[16,"CÁMARA TIPO CAJA",null,"CUMPLE","NO CUMPLE"]
["16.1","Cantidad","De acuerdo con el cuadro de cantidades"]
["16.2","Marca","Especificar"]
["16.3","Modelo","Especificar"]
["16.4","Tipo","Tipo caja"]
["16.5","Rango de operación","Día / Noche"]
["16.6","Formato sensor de Imagen","1/1.8 CMOS"]
["16.7","Lente","Varifocal 3.9 - 10 mm"]
["16.8","Salida de vídeo","IP"]
["16.9","Resolución de salida","4 megapíxeles o superior  "]
["16.10","Tipo de Escaneo","Progresivo"]
["16.11","Iluminación mínima","25/30 imágenes por segundo. Color: 0.05 lux a 50 o mejor. B/N: 0.01 lux a 50 o mejor."]
["16.12","WDR","Como mínimo 120 dB o superior"]
["16.13","Compresión de video","H.265 o superior"]
["16.14","Compatibilidad ONVIF","ONVIF Profile S, G, T (verificable en la página de https://www.onvif.org/)."]
["16.15","Conectores","1 RJ45 10/100 Ethernet port. Dos entradas o salidas digitales configurables."]
["16.16","Temperatura de operación ",".-20° a 60°"]
["16.17","Consumo eléctrico ","Máximo 10 W"]
["16.18","Carcasa","Aluminio"]
["16.19","Protocoles de red","IPv4/v6, HTTP, HTTPS, SNMP, DNS, TCP/IP, DHCP, RTP, UDP, RTSP, NTP, IGMP, QoS, (SMTP, FTP opcional)."]
["16.20","Debe tener","Balance de blancos - AWB."]
["16.21","Seguridad de red","Certificado: Compatibilidad con la infraestructura de claves públicas (PKI) o FIPS 140-2 Encryption."]
[null,null,"HTTPS"]
[null,null,"Codificación: TLS o AES 256 ó AES 128 en transmisión y almacenamiento de datos."]
[null,null,"Filtrado de direcciones IP, 802-1X."]
["16.22","Analíticas incluidas sin requerir licencias o componentes adicionales","Incluidas en la cámara sin requerir licencias o componentes adicionales."]
[null,null,"Detección de movimiento "]
[null,null,"Analitica de objetos"]
["16.23  ","Memoria de Respaldo Local","Compatible con tarjetas MicroSD, MicroSDXC."]
["16.24","Mantenimiento y soporte  ","El contratista deberá tomar acciones que permitan detectar las fallas y defectos de los equipos o elementos del sistema, para lo cual cada (03) tres meses deberá realizar un mantenimiento con sus respectivos procedimiento o protocolos y de ser necesario adelantar acciones correctivas, finalizada la actividad el contratista entregará un informe técnico de lo actuado, mínimo durante el plazo de garantía 3 años."]
["16.25","Instalación y Configuración","Las cámaras deberán entregarse instaladas, cableadas, configuradas y en correcto funcionamiento como un Sistema integrado. Incluye todos los elementos de cableado, fijación, etc, necesarios para un óptimo funcionamiento e instalación hasta la ubicación del sistema de almacenamiento."]
["16.26  ","Garantía","El contratista debe proveer un periodo mínimo de 3 años de garantía en la solución implementada."]
[null,null,"Los equipos instalados en la solución, deberán contar con periodo de garantía de 5 años directos de fábrica."]
["16.27  ","Ficha técnica","Del equipo ofertado (es obligatorio adjuntar la ficha técnica junto con el presente anexo, que permita confirmar el cumplimiento de las especificaciones técnicas mínimas aquí indicadas)"]
[17,"CÁMARA TIPO MULTISENSOR TIPO 2",null,"CUMPLE","NO CUMPLE"]
["17.1","Cantidad","De acuerdo con el cuadro de cantidades"]
["17.2","Marca","Especificar"]
["17.3","Modelo","Especificar"]
["17.4","Tipo","Tipo multidireccional"]
["17.5","Rango de operación","Día / Noche"]
["17.6","Formato sensor de Imagen","4 x 1/2.5 CMOS"]
["17.7","Lente","Fijo 2.8 mm"]
["17.8","Salida de vídeo","IP"]
["17.9","Resolución de salida","5 megapíxeles o superior  "]
["17.10","Tipo de Escaneo","Progresivo"]
["17.11","Iluminación mínima","Color: 0.04 lux a 50 o mejor. B/N: 0.03 lux a 50 o mejor."]
["17.12","Ajuste de la camara","Movimiento horizontal, vertical, y giro."]
["17.13","Movimiento horizontal/vertical","Control PTZ "]
["17.14","Compresión de video","H.265 o superior"]
["17.15","Compatibilidad ONVIF","ONVIF Profile S, G, T (verificable en la página de https://www.onvif.org/)."]
["17.16","Conectores","1 RJ45 10/100 Ethernet port."]
["17.17","Temperatura de operación ",".-40° a 50°"]
["17.18","Consumo eléctrico ","Máximo 24 W"]
["17.19","Certificación","IP 66, IK10 o CE o FCC"]
["17.20","Protocoles de red","IPv4/v6, HTTP, HTTPS, SNMP, DNS, TCP/IP, DHCP, RTP, UDP, RTSP, NTP, IGMP, QoS, (SMTP, FTP opcional)."]
["17.21","Debe tener","Balance de blancos - AWB."]
[null,null,"WDR"]
["17.22","Seguridad de red","Certificado: Compatibilidad con la infraestructura de claves públicas (PKI) o FIPS 140-2 Encryption."]
[null,null,"HTTPS"]
[null,null,"Codificación: TLS o AES 256 ó AES 128 en transmisión y almacenamiento de datos."]
[null,null,"Filtrado de direcciones IP, 802-1X."]
["17.23","Analíticas incluidas sin requerir licencias o componentes adicionales","Incluidas en la cámara sin requerir licencias o componentes adicionales."]
[null,null,"Detección de movimiento "]
[null,null,"Merodeo"]
[null,null,"Eventos de almacenamiento local"]
[null,null,"Detección de alarma antimanipulación"]
["17.24  ","Memoria de Respaldo Local","Compatible con tarjetas MicroSD, MicroSDXC."]
["17.25","Mantenimiento y soporte  ","El contratista deberá tomar acciones que permitan detectar las fallas y defectos de los equipos o elementos del sistema, para lo cual cada (03) tres meses deberá realizar un mantenimiento con sus respectivos procedimiento o protocolos y de ser necesario adelantar acciones correctivas, finalizada la actividad el contratista entregará un informe técnico de lo actuado, mínimo durante el plazo de garantía 3 años."]
["17.26","Instalación y Configuración","Las cámaras deberán entregarse instaladas, cableadas, configuradas y en correcto funcionamiento como un Sistema integrado. Incluye todos los elementos de cableado, fijación, etc, necesarios para un óptimo funcionamiento e instalación hasta la ubicación del sistema de almacenamiento."]
["17.27 ","Garantía","El contratista debe proveer un periodo mínimo de 3 años de garantía en la solución implementada."]
[null,null,"Los equipos instalados en la solución, deberán contar con periodo de garantía de 5 años directos de fábrica."]
["17.28  ","Ficha técnica","Del equipo ofertado (es obligatorio adjuntar la ficha técnica junto con el presente anexo, que permita confirmar el cumplimiento de las especificaciones técnicas mínimas aquí indicadas)"]
[18,"CÁMARA TIPO PTZ TIPO 1",null,"CUMPLE","NO CUMPLE"]
["18.1","Cantidad","De acuerdo con el cuadro de cantidades"]
["18.2","Marca","Especificar"]
["18.3","Modelo","Especificar"]
["18.4","Tipo","Tipo PTZ"]
["18.5","Rango de operación","Día / Noche"]
["18.6","Formato sensor de Imagen","1/2.5 CMOS"]
["18.7","Lente","Varifocal 4.4 - 88.4 mm"]
["18.8","Salida de vídeo","IP"]
["18.9","Resolución de salida","8 megapíxeles o superior  "]
["18.10","Tipo de Escaneo","Progresivo"]
["18.11","Iluminación mínima","Color: 0.2 lux a 30 o mejor. B/N: 0.002 lux a 30 o mejor."]
["18.12","Zoom ","Optico de 20x, digital de 12x"]
["18.13","Movimiento horizontal/vertical","Horizontal: 360° infinito, 0,05°–450°/s.\nInclinación: 220°, 0,05°-450°/s"]
["18.14","Compresión de video","H.265 o superior"]
["18.15","Compatibilidad ONVIF","ONVIF Profile S, G, T (verificable en la página de https://www.onvif.org/)."]
["18.16","Conectores","1 RJ45 10/100 Ethernet port."]
["18.17","Temperatura de operación ",".-20° a 50°"]
["18.18","Consumo eléctrico ","Máximo 70 W"]
["18.19","Certificación","IP 66, IP 67, IK10 o CE o FCC"]
["18.20","Protocoles de red","IPv4/v6, HTTP, HTTPS, SNMP, DNS, TCP/IP, DHCP, RTP, UDP, RTSP, NTP, IGMP, QoS, (SMTP, FTP opcional)."]
["18.21","Posiciones predefinidas (Presets)","Minimo 250"]
["18.22","Debe tener","Balance de blancos - AWB."]
[null,null,"WDR"]
["18.23","Seguridad de red","Certificado: Compatibilidad con la infraestructura de claves públicas (PKI) o FIPS 140-2 Encryption."]
[null,null,"HTTPS"]
[null,null,"Codificación: TLS o AES 256 ó AES 128 en transmisión y almacenamiento de datos."]
[null,null,"Filtrado de direcciones IP, 802-1X."]
["18.24","Analíticas incluidas sin requerir licencias o componentes adicionales","Incluidas en la cámara sin requerir licencias o componentes adicionales."]
[null,null,"Detección de movimiento "]
[null,null,"Analitica de objetos"]
[null,null,"Merodeo"]
[null,null,"Auto seguimiento (autotracking)"]
["18.25  ","Memoria de Respaldo Local","Compatible con tarjetas MicroSD, MicroSDXC."]
["18.26","Mantenimiento y soporte  ","El contratista deberá tomar acciones que permitan detectar las fallas y defectos de los equipos o elementos del sistema, para lo cual cada (03) tres meses deberá realizar un mantenimiento con sus respectivos procedimiento o protocolos y de ser necesario adelantar acciones correctivas, finalizada la actividad el contratista entregará un informe técnico de lo actuado, mínimo durante el plazo de garantía 3 años."]
["18.27","Instalación y Configuración","Las cámaras deberán entregarse instaladas, cableadas, configuradas y en correcto funcionamiento como un Sistema integrado. Incluye todos los elementos de cableado, fijación, etc, necesarios para un óptimo funcionamiento e instalación hasta la ubicación del sistema de almacenamiento."]
["18.28 ","Garantía","El contratista debe proveer un periodo mínimo de 3 años de garantía en la solución implementada."]
[null,null,"Los equipos instalados en la solución, deberán contar con periodo de garantía de 5 años directos de fábrica."]
["18.28  ","Ficha técnica","Del equipo ofertado (es obligatorio adjuntar la ficha técnica junto con el presente anexo, que permita confirmar el cumplimiento de las especificaciones técnicas mínimas aquí indicadas)"]
[19,"CÁMARA TIPO MULTISENSOR TIPO 3",null,"CUMPLE","NO CUMPLE"]
["19.1","Cantidad","De acuerdo con el cuadro de cantidades"]
["19.2","Marca","Especificar"]
["19.3","Modelo","Especificar"]
["19.4","Tipo","Tipo multidireccional"]
["19.5","Rango de operación","Día / Noche"]
["19.6","Formato sensor de Imagen","4 x 1/2.5 CMOS"]
["19.7","Lente","Fijo 2.8 mm"]
["19.8","Salida de vídeo","IP"]
["19.9","Resolución de salida","5 megapíxeles o superior  "]
["19.10","Tipo de Escaneo","Progresivo"]
["19.11","Iluminación mínima","Color: 0.04 lux a 50 o mejor. B/N: 0.03 lux a 50 o mejor."]
["19.12","Ajuste de la camara","Movimiento horizontal, vertical, y giro."]
["19.13","Movimiento horizontal/vertical","Control PTZ "]
["19.14","Compresión de video","H.265 o superior"]
["19.15","Compatibilidad ONVIF","ONVIF Profile S, G, T (verificable en la página de https://www.onvif.org/)."]
["19.16","Conectores","1 RJ45 10/100 Ethernet port."]
["19.17","Temperatura de operación ",".-40° a 50°"]
["19.18","Consumo eléctrico ","Máximo 24 W"]
["19.19","Certificación","IP 66, IK10 o CE o FCC"]
["19.20","Protocoles de red","IPv4/v6, HTTP, HTTPS, SNMP, DNS, TCP/IP, DHCP, RTP, UDP, RTSP, NTP, IGMP, QoS, (SMTP, FTP opcional)."]
["19.21","Debe tener","Balance de blancos - AWB."]
[null,null,"WDR"]
["19.22","Seguridad de red","Certificado: Compatibilidad con la infraestructura de claves públicas (PKI) o FIPS 140-2 Encryption."]
[null,null,"HTTPS"]
[null,null,"Codificación: TLS o AES 256 ó AES 128 en transmisión y almacenamiento de datos."]
[null,null,"Filtrado de direcciones IP, 802-1X."]
["19.23","Analíticas incluidas sin requerir licencias o componentes adicionales","Incluidas en la cámara sin requerir licencias o componentes adicionales."]
[null,null,"Detección de movimiento "]
[null,null,"Merodeo"]
[null,null,"Deteccion de audio direccional"]
[null,null,"Eventos de almacenamiento local"]
[null,null,"Detección de alarma antimanipulación"]
["19.24  ","Memoria de Respaldo Local","Compatible con tarjetas MicroSD, MicroSDXC."]
["19.25","Mantenimiento y soporte  ","El contratista deberá tomar acciones que permitan detectar las fallas y defectos de los equipos o elementos del sistema, para lo cual cada (03) tres meses deberá realizar un mantenimiento con sus respectivos procedimiento o protocolos y de ser necesario adelantar acciones correctivas, finalizada la actividad el contratista entregará un informe técnico de lo actuado, mínimo durante el plazo de garantía 3 años."]
["19.26","Instalación y Configuración","Las cámaras deberán entregarse instaladas, cableadas, configuradas y en correcto funcionamiento como un Sistema integrado. Incluye todos los elementos de cableado, fijación, etc, necesarios para un óptimo funcionamiento e instalación hasta la ubicación del sistema de almacenamiento."]
["19.27 ","Garantía","El contratista debe proveer un periodo mínimo de 3 años de garantía en la solución implementada."]
[null,null,"Los equipos instalados en la solución, deberán contar con periodo de garantía de 5 años directos de fábrica."]
["19.28  ","Ficha técnica","Del equipo ofertado (es obligatorio adjuntar la ficha técnica junto con el presente anexo, que permita confirmar el cumplimiento de las especificaciones técnicas mínimas aquí indicadas)"]
[20,"CÁMARA TIPO PTZ TIPO 2",null,"CUMPLE","NO CUMPLE"]
["20.1","Cantidad","De acuerdo con el cuadro de cantidades"]
["20.2","Marca","Especificar"]
["20.3","Modelo","Especificar"]
["20.4","Tipo","Tipo PTZ"]
["20.5","Rango de operación","Día / Noche"]
["20.6","Formato sensor de Imagen","1/2 CMOS"]
["20.7","Lente","Varifocal 6.91 - 214.64 mm"]
["20.8","Salida de vídeo","IP"]
["20.9","Resolución de salida","2 megapíxeles o superior  "]
["20.10","Tipo de Escaneo","Progresivo"]
["20.11","Iluminación mínima","Color: 0.06 lux a 30 o mejor. B/N: 0.001 lux a 30 o mejor. 0 lux con iluminación de IR activada.\nColor: 0.09 lux a 50 o mejor. B/N: 0.008 lux a 50 o mejor. 0 lux con iluminación de IR activada."]
["20.12","Zoom ","Optico de 31x, digital de 12x"]
["20.13","Movimiento horizontal/vertical","Horizontal: 360° infinito, 0,05°–550°/s.\nInclinación: 20° a -90°, 0,05°-500°/s"]
["20.14","WDR","Como mínimo 120 dB o superior"]
["20.15","Compresión de video","H.265 o superior"]
["20.16","Compatibilidad ONVIF","ONVIF Profile S, G, T (verificable en la página de https://www.onvif.org/)."]
["20.17","Conectores","1 RJ45 10/100 Ethernet port."]
["20.18","Temperatura de operación ",".-20° a 50°"]
["20.19","Consumo eléctrico ","Máximo 70 W"]
["20.20","Certificación","IP 66, IP 67, IK10 o CE o FCC"]
["20.21","Protocoles de red","IPv4/v6, HTTP, HTTPS, SNMP, DNS, TCP/IP, DHCP, RTP, UDP, RTSP, NTP, IGMP, QoS, (SMTP, FTP opcional)."]
["20.22","Posiciones predefinidas (Presets)","Minimo 250"]
["20.23","Debe tener","Balance de blancos - AWB."]
["20.24","Seguridad de red","Certificado: Compatibilidad con la infraestructura de claves públicas (PKI) o FIPS 140-2 Encryption."]
[null,null,"HTTPS"]
[null,null,"Codificación: TLS o AES 256 ó AES 128 en transmisión y almacenamiento de datos."]
[null,null,"Filtrado de direcciones IP, 802-1X."]
["20.25","Analíticas incluidas sin requerir licencias o componentes adicionales","Incluidas en la cámara sin requerir licencias o componentes adicionales."]
[null,null,"Detección de movimiento "]
[null,null,"Analitica de objetos"]
[null,null,"Auto seguimiento (autotracking)"]
["20.26  ","Memoria de Respaldo Local","Compatible con tarjetas MicroSD, MicroSDXC."]
["20.27","Mantenimiento y soporte  ","El contratista deberá tomar acciones que permitan detectar las fallas y defectos de los equipos o elementos del sistema, para lo cual cada (03) tres meses deberá realizar un mantenimiento con sus respectivos procedimiento o protocolos y de ser necesario adelantar acciones correctivas, finalizada la actividad el contratista entregará un informe técnico de lo actuado, mínimo durante el plazo de garantía 3 años."]
["20.28","Instalación y Configuración","Las cámaras deberán entregarse instaladas, cableadas, configuradas y en correcto funcionamiento como un Sistema integrado. Incluye todos los elementos de cableado, fijación, etc, necesarios para un óptimo funcionamiento e instalación hasta la ubicación del sistema de almacenamiento."]
["20.29","Garantía","El contratista debe proveer un periodo mínimo de 3 años de garantía en la solución implementada."]
[null,null,"Los equipos instalados en la solución, deberán contar con periodo de garantía de 5 años directos de fábrica."]
["20.30","Ficha técnica","Del equipo ofertado (es obligatorio adjuntar la ficha técnica junto con el presente anexo, que permita confirmar el cumplimiento de las especificaciones técnicas mínimas aquí indicadas)"]

{"sheet":"CCTV_P","index":19,"n_rows":27,"n_cols":6,"rows_kept":27}
[]
["ITEM","DESCRIPCIÓN","UND","CANTIDAD","VALOR UNITARIO ","VALOR PARCIAL"]
[null,"CÁMARA MINIDOMO IP"]
["2025-01-01","Domo varifocal de 2 MP con IR y aprendizaje profundo","und",99,null,{"$f":"E4*D4","v":0}]
["2025-02-01","Domo varifocal de 4 MP con deep learning","und",2,null,0]
["2025-03-01","Domo varifocal de 8 MP con infrarrojos y deep learning","und",5,null,0]
["2025-04-01","Domo para interior de 2 MP con deep learning","und",0,null,0]
["2025-05-01","Domo para interior de 2 MP con infrarrojos y deep learning","und",1,null,0]
["2025-06-01","Multisensor de 13 MP Cobertura de 180° en horizontal y 90° en vertical","und",1,null,0]
[null,"CÁMARA 360 IP",null,0]
["2025-07-01","Domo integrado de 6 MP con vista panorámica de 360°","und",1,null,0]
["2025-08-01","Domo para exteriores de 6 MP con vista panorámica de 360° y captura de audio","und",40,null,0]
["2025-09-01","Domo de 12 MP con vista de 360° y deep learning","und",7,null,0]
["2025-10-01","Cámara multidireccional de 4x5 MP con tecnología de IA","und",1,null,0]
[null,"CÁMARA PTZ IP o MULTISENSOR",null,0]
["2025-11-01","Cámara de 360° con control PTZ de un solo clic\n4 sensores de 5 MP, resolución total de total 20 MP","und",5,null,0]
["2025-12-01","Cámara de 360° con control PTZ con un solo clic\n4 sensores de 4 MP, resolución total de 16 MP","und",6,null,0]
["1.13","PTZ para exterior con UHD 4K","und",1,null,0]
[null,"CÁMARA DOS LENTES IP",null,0]
["1.14","Sensor dual con IR de 360° y deep learning","und",45,null,0]
["1.15","Cámara de doble sensor de 2x8MP alimentada por IA ","und",2,null,0]
[null,"CÁMARA BULLET IP",null,0]
["1.16","Cámara fija tipo bala de 2 MP , 9mm","und",2,null,0]
["1.17","Joystick para gestión profesional de cámaras y vídeos","und",2,null,0]
[{"$nulls":4},"SUBTOTAL",{"$f":"SUM(F3:F24)","v":0}]
[{"$nulls":4},"IVA",{"$f":"F25*19%","v":0}]
[{"$nulls":4},"TOTAL",{"$f":"F25+F26","v":0}]

{"sheet":"EVAC","index":20,"n_rows":555,"n_cols":5,"rows_kept":555,"merged":[[1,0,1,4],[2,1,2,2],[3,1,3,2],[12,0,15,0],[12,1,15,1],[17,0,18,0],[17,1,18,1],[52,1,52,2],[53,1,53,2],[56,0,66,0],[56,1,66,1],[67,0,68,0],[67,1,68,1],[74,0,77,0],[74,1,77,1],[106,1,106,2],[113,0,116,0],[113,1,116,1],[140,1,140,2],[147,0,150,0],[147,1,150,1],[174,1,174,2],[181,0,184,0],[181,1,184,1],[193,1,193,2],[200,0,203,0],[200,1,203,1],[229,1,229,2],[235,0,238,0],[235,1,238,1],[282,1,282,2],[288,0,291,0],[288,1,291,1],[315,1,315,2],[321,0,324,0],[321,1,324,1],[365,1,365,2],[429,1,429,2],[435,0,437,0],[435,1,437,1],[438,0,439,0],[438,1,439,1],[456,1,456,2],[462,0,464,0],[462,1,464,1],[465,0,466,0],[465,1,466,1],[485,1,485,2],[509,1,509,2],[535,1,535,2]]}
[]
["VOCEO Y MEGAFONIA"]
["ITEM","DESCRIPCIÓN",null,"CUMPLE","NO CUMPLE"]
[1,"AMPLIFICADOR"]
["1.1","Descripción","Se trata de un amplificador de potencia multicanal flexible y compacto para sistemas de altavoces de 100 V o 70 V en aplicaciones de megafonía y alarma por voz."]
["1.2","Marca","Especificar"]
["1.3","Modelo","Especificar"]
["1.4","Capácidad","De minimo 600W"]
["1.5","Canales","Mínimo 9"]
["1.6","Certificaciones"]
["1.6.1","Estandar de emergencia: "," EN 54‐16  y  ISO 7240‐16"]
["1.6.2","Conformidad con la normativa de emergencia:"," EN 50849, BS 5839-8"]
["1.6.3","Ambitos de regulación","Seguridad: EN/IEC/CSA/UL 62368‐1"]
[null,null,"Inmunidad: EN 55035, EN 50130‐4"]
[null,null,"Emisiones: EN 55032, EN 61000‐6‐3, ICES‐003, FCC‐47 apartado 15B clase A, EN 62479"]
[null,null,"Entorno: EN/IEC 63000"]
["1.7","Salidas del amplificador"]
["1.7.1","Tensión de salida nominal","Modo 100 V, 1 kHz, THD <1 %, sin carga (VRMS) : 100 VRMS"]
[null,null,"Modo 70 V, 1 kHz, THD <1 %, sin carga (VRMS) : 70 VRMS"]
["1.8","Potencia de salida maxima / Potencia RMS"]
["1.8.1","Con todos canales combinados:\nModo 100 V, carga de 16,7 Ohm\nModo de 70 V, carga de 8,3 Ohm.","Potencia de salida (W): Mínimo 600 W\nPotencia RMS (W): Mínimo 150 W"]
["1.8.2","Canal 1 (modo 100 V, carga de 16,7 ohmios // 20 nF)","Potencia de salida (W): Mínimo 600 W\nPotencia RMS (W): Mínimo 150 W"]
["1.8.3","Canal 1 (modo 70 V, carga de 11,7 ohmios //20 nF)","Potencia de salida (W): Mínimo 420 W\nPotencia RMS (W): Mínimo 105 W"]
["1.8.4","Otros canales (modo 100 V, carga 33,3 ohmios // 20 nF | modo de 70 V,\ncarga 16,7 ohmios // 20 nF)","Potencia de salida (W): Mínimo 300 W\nPotencia RMS (W): Mínimo 75 W\nTensión de compensación CC (mV) < 50 mV"]
["1.9","Pocesamiento de señales por canal"]
["1.9.1","EQ Maestro","Mínimo 7 bandas"]
["1.9.2","Control de nivel (dB)","0 dB ‒ -60 dB, silencio"]
["1.9.3","Resolución de control de nivel (dB)","Maximo 1 dB"]
["1.9.4","Retardo(s) de audio","Entre 0 s ‒ 60 s"]
["1.9.5","Resolución del retardo de audio\n(ms)","Maximo 1 ms"]
["1.9.6","Limitador de potencia RMS","Por RMS de alimentación"]
["1.10","Acústico"]
["1.10.1","Regulación de carga máxima a sin\ncarga (dB) (de 20 Hz a 20.000 kHz)","< 0,2 dB"]
["1.10.2","Respuesta en frecuencias (-3 dB) (Hz) (Potencia RMS, +0,5)","Entre 20 Hz – 20,000 Hz"]
["1.10.3","Distorsión armónica total + ruido (%)\n(Potencia RMS, de 20 Hz a 20.000 Hz)","< 0.50%"]
["1.10.4","Distorsión armónica total + ruido (%) (6 dB por debajo de la potencia RMS, de 20 Hz a 20,000 Hz)","< 0,1 %"]
["1.10.5","Distorsión de intermodulación (19/20 kHz) (%) (6 dB por debajo de la potencia RMS, 1:1)","Maximo 0.10%"]
["1.10.6","Relación señal-ruido (> valor declarado) (dBA) (modo de 100 V, de 20 Hz a 20.000 Hz)","Maximo 110 dBA"]
["1.10.7","Relación señal-ruido (> valor declarado) (dBA) (modo de 70 V, de 20 Hz a 20.000 Hz)","Maximo 107 dBA"]
["1.10.8","Diafonía entre canales (dBA) (de 100 Hz a 20.000 Hz)","< -84 dBA"]
["1.11","Consumo de energía (W), a full carga","De maximo 246 W"]
["1.12","Puertos Ethernet","Mínimo 2"]
["1.13","Tipo de Ethernet","100BASE-TX; 1000BASE-T"]
["1.14","Fiabilidad MTBF","Mayor a 250.000 h"]
["1.15","Rango de temperatura de funcionamiento","Desde -1°C a 50°C o superior"]
["1.16","Resistencia a Golpes (transporte) (G) ","< 10 G (IEC 60068-2-27)"]
["1.17","Dimensión","Para instalación de 1 UR, 19\""]
["1.18","Grado de protección mínimo","IP30"]
["1.19","Instalación","Debe inlcuir:\n* Juego de soportes de montaje en rack de 19\"\n* Cables de instalación y conectores.\n* Guía rápida de instalación"]
["1.20","Vida útil","Mínimo 5 años"]
["1.21","Ficha técnica","Del equipo ofertado (es obligatorio adjuntar la ficha técnica junto con el presente anexo, que permita confirmar el cumplimiento de las especificaciones técnicas mínimas aquí indicadas)"]
[]
[2,"CONTROLADORA DE SISTEMA"]
[null,"Debe permitir la gestion de  todas las funciones relacionadas con el sistema en un sistema\nde megafonía y alarma por voz"]
["2.1","Marca","Especificar"]
["2.2","Modelo","Especificar"]
["2.3","Control del sistema y direccionamiento de audio","Capacidad para controlar un sistema con hasta 250\ndispositivos para servir más de 500 zonas."]
[null,null,"Soporte nativo para redes conmutadas de subred única, con soporte add‐on para topologías de múltiples subredes enrutadas."]
[null,null,"Asignación dinámica de varios canales de audio\nsimultáneos para ahorrar ancho de banda de red;"]
[null,null,"Interconexiones seguras mediante estándar de cifrado avanzado (AES128) para datos de audio y seguridad de la capa de transporte (TLS) para datos de control."]
[null,null,"Receptor para canales de audio Dante o AES67 desde fuentes externas con redireccionamiento dinámico a canales seguros o abiertos OMNEO."]
[null,null,"Capacidad de almacenamiento interno de mensajes y tonos; debe permitir reproducir simultáneamente hasta ocho de mensajes."]
[null,null,"Reloj interno en tiempo real para eventos programados e inserción de código de tiempo en eventos; soporte para el protocolo de hora de red (NTP) con ajuste automático para el horario de verano (DST)."]
[null,null,"Registro de eventos de fallo y de eventos internos del sistema."]
[null,null,"Interfaz de control de red para aplicaciones de otros fabricantes."]
[null,null,"Servidor web integrado para la configuración gestión de archivos a través de un navegador."]
[null,null,"Opción de controlador de sistema redundante dual para obtener la máxima disponibilidad del sistema en aplicaciones esenciales."]
["2.4","Calidad de audio","Audio sobre IP, la frecuencia de muestreo de audio debe ser de minimo 48 khz con tamaño de muestra de 24 bits."]
[null,null,"Debe permitir que los mensajes y tonos se guarden como archivos wav sin comprimir de alta definición."]
["2.5","Supervisión","El sistema debe tener funciones de supervisión: \n• Supervisión de mensajes y tonos almacenados.\n• Temporizadores de supervisión interna para\ndetectar y recuperarse de fallos de procesamiento.\n• Se recogen, notifican y registran los problemas o\nfallos de todos los dispositivos del sistema."]
["2.6","Tolerancia a fallos","Entradas CC duales con protección de inversión de\npolaridad."]
["2.7","Certificaciones"]
["2.7.1","Estandar de emergencia: "," EN 54‐16  y  ISO 7240‐16"]
["2.7.2","Conformidad con la normativa de emergencia:"," EN 50849, BS 5839-8"]
["2.7.3.","Ambitos de regulación","Seguridad: EN/IEC/CSA/UL 62368‐1"]
[null,null,"Inmunidad: EN 55024, EN 55103‐2 (E1, E2, E3), EN 50130‐4"]
[null,null,"Emisiones: EN 55032, EN 61000‐6‐3, ICES‐003, ANSI C63.4, FCC‐47, parte 15B, clase A"]
[null,null,"Entorno: EN/IEC 63000"]
["2.7.4","Declaraciones de confirmidad","Europa: CE/CPR"]
["2.8","Consumo de energía","De maximo 10W"]
["2.9","Número de canales Dante","Mínimo 120"]
["2.10","Puertos Ethernet","Mínimo 5"]
["2.11","Tipo de Ethernet","100BASE-TX; 1000BASE-T"]
["2.12","Protocolos y Estandares","Mínimo Dante, AES 70, AES 67."]
["2.13","Frecuencia de Muestreo","Mínimo 48 khz"]
["2.14","Sistema operativo preinstalado","Linux"]
["2.15","Configuración","Navegador; Servidor Web"]
["2.16","Cifrado","AES 128;TSL."]
["2.17","Sincronización de reloj:","En tiempo real, NTP"]
["2.18","Almacenamiento mínimo de mensajes","90 Minutos"]
["2.19","Número mínimo de almacenamiento de eventos",3000]
["2.20","Protección:","WhatchDog; RSTP"]
["2.21","Rango de temperatura de funcionamiento","Desde -1°C a 50°C"]
["2.22","Entradas de audio estático dante o canales AES67","Mínimo 120"]
["2.23","Salidas de audio estático canales Dante","Mínimo 8"]
["2.24","Tamaño de memoria SD soportada","de 1 a 32GB minimo."]
["2.25","Capacidad mínima de dispositivos en red, sobre subred única",250]
["2.26","Fiabilidad MTBF","Mayor que 999.999  h "]
["2.27","Dimensión","Para instalación de 1 UR, 19\""]
["2.28","Grado de protección mínimo","IP30"]
[null,"Resistencia a Golpes (transporte) (G) ","< 10 G (IEC 60068-2-27)"]
["2.29","Instalación","Debe inlcuir:\n* Juego de soportes de montaje en rack de 19\"\n* Cables de instalación y conectores.\n* Guía rápida de instalación"]
["2.30","Vida útil","Mínimo 5 años"]
["2.31","Ficha técnica","Del equipo ofertado (es obligatorio adjuntar la ficha técnica junto con el presente anexo, que permita confirmar el cumplimiento de las especificaciones técnicas mínimas aquí indicadas)"]
[]
[]
[3,"ESTACIÓN DE LLAMADA IP DE MESA"]
["3.1","Descripción","Es una estación IP que permite la emisión de alertas de voz, compatible con el sistema de audio evacuación."]
["3.2","Marca","Especificar"]
["3.3","Modelo","Especificar"]
["3.4","Certificaciones"]
["3.4.1","Estandar de emergencia: "," EN 54‐16  y  ISO 7240‐16"]
["3.4.2","Declaración de conformidad","Europea: CE/CPR"]
["3.4.3","Ambitos de regulación","Seguridad: EN/IEC/CSA/UL 62368‐1"]
[null,null,"Inmunidad: EN 55024, EN 55103‐2 (E1, E2, E3), EN 50130‐4"]
[null,null,"Emisiones: EN 55032, EN 61000‐6‐3, ICES‐003, ANSI C63.4,\n FCC‐47 apartado 15B clase A."]
[null,null,"Entorno: EN 50581"]
["3.5","Nivel de entrada nominal de acustica (configurable)","De 80 a 100 dBSPL"]
["3.6","Maximo nivel de acustico de entrada","120 dBSPL"]
["3.7","Relación Señal a Ruido minumo permitido","Mayor a 70 dBA"]
["3.8","Directividad","Unidireccional"]
["3.9","Frecuencia de respuesta (+3 / -6 dB)","100 Hz a 14 Khz"]
["3.10","Tamaño del display Touch","Mínimo de 4\""]
["3.11","Resolución del display","480x272 px"]
["3.12","Brillo del display","Maximo de 300 cd/m2"]
["3.13","Control de volumen","Mute, -40 dB to 0 dB"]
["3.14","Frequency range (-10 dB)","400 Hz to 10 kHz"]
["3.15","Relacion señal a ruido","> 96 dBA"]
["3.16","Total distorisión armónica mas ruido (THD + N)","< 0.1 %"]
["3.17","Consumo maximo de potencia","5.4W"]
["3.18","Puertos Ethernet","Mínimo 2"]
["3.19","Tipo de Ethernet","100BASE-TX; 1000BASE-T"]
["3.20","Fiabilidad: MTBF (extrapolated from calculated MTBF\nof PRA-AD608)","Mayor que 999.999  h "]
["3.21","Temperatura de operación",";-5 to +50 °C (23 to 122 °F)"]
["3.22","Resistencia a Golpes (transporte) (G) ","< 10 G (IEC 60068-2-27)"]
["3.23","Grado de protección minimo","IP 30"]
["3.24","Instalación","Debe inlcuir:\n* Debe sopotarse sobre mesa\n* Cables de instalación y conectores.\n* Guía rápida de instalación"]
["3.25","Vida útil","Mínimo 5 años"]
["3.26","Ficha técnica","Del equipo ofertado (es obligatorio adjuntar la ficha técnica junto con el presente anexo, que permita confirmar el cumplimiento de las especificaciones técnicas mínimas aquí indicadas)"]
[]
[4,"ESTACIÓN DE LLAMADA IP DE PARED"]
["4.1","Descripción","Es una estación IP que permite la emisión de alertas de voz, compatible con el sistema de audio evacuación.  No es serequrido si viene con las estaciones de llamada de mesa y de pared."]
["4.2","Marca","Especificar"]
["4.3","Modelo","Especificar"]
["4.4","Certificaciones"]
["4.4.1","Estandar de emergencia: "," EN 54‐16  y  ISO 7240‐16"]
["4.4.2","Declaración de conformidad","Europea: CE/CPR"]
["4.4.3","Ambitos de regulación","Seguridad: EN/IEC/CSA/UL 62368‐1"]
[null,null,"Inmunidad: EN 55024, EN 55103‐2 (E1, E2, E3), EN 50130‐4"]
[null,null,"Emisiones: EN 55032, EN 61000‐6‐3, ICES‐003, ANSI C63.4,\n FCC‐47 apartado 15B clase A."]
[null,null,"Entorno: EN 50581"]
["4.5","Nivel de entrada nominal de acustica (configurable)","De 85 a 105 dBSPL"]
["4.6","Maximo nivel de acustico de entrada","120 dBSPL"]
["4.7","Relación Señal a Ruido minumo permitido","Mayor a 70 dBA"]
["4.8","Directividad","Unidireccional"]
["4.9","Frecuencia de respuesta (+3 / -6 dB)","500 Hz a 8 Khz (cancelación de ruido)"]
["4.10","Tamaño del display Touch","Mínimo de 4\""]
["4.11","Resolución del display","480x272 px"]
["4.12","Brillo del display","Maximo de 300 cd/m2"]
["4.13","Control de volumen","Mute, -40 dB to 0 dB"]
["4.14","Frequency range (-10 dB)","400 Hz to 10 kHz"]
["4.15","Relacion señal a ruido","> 96 dBA"]
["4.16","Total distorisión armónica mas ruido (THD + N)","< 0.1 %"]
["4.17","Consumo maximo de potencia","5.4W"]
["4.18","Puertos Ethernet","Mínimo 2"]
["4.19","Tipo de Ethernet","100BASE-TX; 1000BASE-T"]
["4.20","Fiabilidad: MTBF (extrapolated from calculated MTBF of PRA-AD608)","Mayor que 999.999  h "]
["4.21","Temperatura de operación",";-5 to +50 °C (23 to 122 °F)"]
["4.22","Resistencia a Golpes (transporte) (G) ","< 10 G (IEC 60068-2-27)"]
["4.23","Grado de protección minimo","IP 30"]
["4.24","Instalación","Debe inlcuir:\n* La estaciónm para instalación en pared.\n* Microfono\n* Cables de instalación y conectores.\n* Guía rápida de instalación"]
["4.25","Vida útil","Mínimo 5 años"]
["4.26","Ficha técnica","Del equipo ofertado (es obligatorio adjuntar la ficha técnica junto con el presente anexo, que permita confirmar el cumplimiento de las especificaciones técnicas mínimas aquí indicadas)"]
[]
[5,"EXTENSIÓN DE ESTACIÓN DE LLAMADA"]
["5.1","Descripción","Es una extensión de teclado para uso en combinación con las estaciones de llamado IP, compatible. Para realizar selecciones de llamadas de alarma."]
["5.2","Marca","Especificar"]
["5.3","Modelo","Especificar"]
["5.4","Certificaciones"]
["5.4.1","Estandar de emergencia: "," EN 54‐16  y  ISO 7240‐16"]
["5.4.2","Declaración de conformidad","Europea: CE/CPR"]
["5.4.3","Ambitos de regulación","Seguridad: EN/IEC/CSA/UL 62368‐1"]
[null,null,"Inmunidad: EN 55024, EN 55103‐2 (E1, E2, E3), EN 50130‐4"]
[null,null,"Emisiones: EN 55032, EN 61000‐6‐3, ICES‐003, ANSI C63.4,\n FCC‐47 apartado 15B clase A."]
[null,null,"Entorno: EN 50581"]
["5.5","Fiabilidad: MTBF (extrapolated from calculated MTBF\nof PRA-AD608)","Mayor que 1.999.999  horas"]
["5.6","Temperatura de operación",";-5 to +50 °C (23 to 122 °F)"]
["5.7","Resistencia a Golpes (transporte) (G) ","< 10 G (IEC 60068-2-27)"]
["5.8","Grado de protección minimo","IP 30"]
["5.9","Instalación","Debe inlcuir:\n* El dispositivo de extensión\n* Cable de interconexión\n* Cables de instalación y conectores.\n* Guía rápida de instalación"]
["5.10","Vida útil","Mínimo 5 años"]
["5.11","Ficha técnica","Del equipo ofertado (es obligatorio adjuntar la ficha técnica junto con el presente anexo, que permita confirmar el cumplimiento de las especificaciones técnicas mínimas aquí indicadas)"]
[]
[6,"FUENTE DE ALIMENTACIÓN MULTIFUNCIÓN"]
["6.1","Descripción","Es una fuente supervisada para alimentar los equipos que hacen parte del sistema de audio evacuación. Propociona alimentación CC a los amplificadores conectados y los periféricos de la red eléctrica con un cargador confirme a las normas para una única batería de reserva de 12V.  Con switch ethernet integrado, y SFP"]
["6.2","Marca","Especificar"]
["6.3","Modelo","Especificar"]
["6.4","Certificaciones"]
["6.4.1","Estandar de emergencia: "," EN 54‐16, EN 54‐4  y  ISO 7240‐16"]
["6.4.2","Declaración de conformidad","Europea: EN 50849"]
["6.4.3","Ambitos de regulación","Seguridad: EN/IEC/CSA/UL 62368‐1"]
[null,null,"Inmunidad: EN 55035, EN 50130-4"]
[null,null,"Emisiones: EN 55032, EN 61000-3-2, EN 61000-3-3, EN 61000‐6‐3, ICES‐003,  FCC‐47 apartado 15B clase A."]
[null,null,"Especificaciones medio ambientales: EN/IEC 63000"]
["6.5","Supervisión","Variables que el dipositivo debe supervisar"]
["6.5.1","Batería","Desconectar\nCortocircuito\nNivel de carga\nImpedancia"]
["6.5.2","Fuentes de alimentación","Tensiones de conversión\nTensiones de salida"]
["6.5.3","Conexión Lifeline","Impedancia"]
["6.5.4","Conexiones de entrada de control","Abierto/cortocircuito"]
["6.5.5","Temperatura","Por sección"]
["6.5.6","Ventilador","Velocidad de giro"]
["6.5.7","Continuidad de controlador","Dispositivo de control"]
["6.5.8","Interfaz de red","Presencia de enlace"]
["6.6","Interfaz de red"]
["6.6.1","Tipo de Ethernet","100BASE-TX; 1000BASE-T"]
["6.6.2","Protocolos/estándares","TCP/IP; OMNEO; AES70"]
["6.6.3","Audio de red Latencia (ms)","10 ms"]
["6.6.4","Cifrado de audio","AES 128"]
["6.6.5","Seguridad de datos de control","TLS"]
["6.6.6","Número de puertos Ethernet","Mínimo:  5x RJ45 (2 con PoE) + 1x SFP"]
["6.7","Fiabilidad: MTBF (extrapolated from calculated MTBF\nof PRA-AD608)","Mayor que 649,000  horas"]
["6.8","Temperatura de operación:",";-5 to +50 °C (23 to 122 °F) o superior"]
["6.9","Resistencia a Golpes (transporte) (G) ","< 10 G (IEC 60068-2-27)"]
["6.10","Grado de protección minimo","IP 30"]
["6.11","Tamaño","Maximo 2 UR"]
["6.12","Instalación","Debe inlcuir:\n* La fuente de alimentación multifunción.\n* Juego de soportes para montaje en rack 19\"\n* Cables de interconexión de batería.\n* Cables de alimentación.\n* Cables de instalación y conectores.\n* Guía rápida de instalación"]
["6.13","Vida útil","Mínimo 5 años"]
["6.14","Ficha técnica","Del equipo ofertado (es obligatorio adjuntar la ficha técnica junto con el presente anexo, que permita confirmar el cumplimiento de las especificaciones técnicas mínimas aquí indicadas)"]
[]
[7,"MODULO DE INTERFAZ DE CONTROL 16X8 IP"]
["7.1","Descripción","El módulo de interfaz de control añade\nentradas de control configurables y supervisadas,\nsalidas de control sin tensión y salidas supervisadas\nde activación hacia el sistema de audio evacuación. Estas entradas y salidas de contacto proporcionan la\nconectividad lógica sencilla del sistema de audio evacuación a equipos auxiliares, como sistemas de\nalarma de incendios, lámparas estroboscópicas,\nindicadores o relés de altavoces.  El módulo proporciona una interfaz para recibir las acciones de control de los interruptores externos y para activar los circuitos de control externos."]
["7.2","Marca","Especificar"]
["7.3","Modelo","Especificar"]
["7.4","Certificaciones"]
["7.4.1","Estandar de emergencia: "," EN 54‐16, ISO 7240‐16"]
["7.4.2","Ambitos de regulación","Seguridad: EN/IEC/CSA/UL 62368‐1"]
[null,null,"Inmunidad: EN 55035, EN 50130-4"]
[null,null,"Emisiones: EN 55032, EN 61000-6-3, ICES‐003,  FCC‐47 apartado 15B clase A."]
[null,null,"Especificaciones medio ambientales: EN/IEC 63000"]
["7.5","Entrada PoE","IEEE 802.3af, clase 2"]
["7.6","Interfaz de red"]
["7.6.1","Tipo de Ethernet","100BASE-TX; 1000BASE-T"]
["7.6.2","Protocolos/estándares","TCP/IP; "]
["7.6.3","Redundancia","RSTP"]
["7.6.4","Cifrado","TLS"]
["7.6.5","Número de puertos PoE","Mínimo:  2"]
["7.7","Interfaz de Control"]
["7.7.1","Número de entradas de control","Minimo 16"]
["7.7.1.1","Principio","Cierre de contacto"]
["7.7.1.2","Supervisión","Medición de la resistencia"]
["7.7.1.3","Contacto cerrado (kΩ)","8 kΩ - 12 kΩ"]
["7.7.1.4","Contacto abierto (kΩ)","18 kΩ - 22 kΩ"]
["7.7.1.5","Detección de fallos del cable (kΩ)","<2,5 kΩ / >50 kΩ"]
["7.7.1.6","Tiempo de espera mínimo (ms)","100 ms"]
["7.7.1.7","Tensión máxima a tierra (V)","24 V"]
["7.7.2","Número de salidas de control","Minimo 8"]
["7.7.2.1","Principio","Conmutación de contacto (relé SPDT)"]
["7.7.2.2","Aislamiento galvánico","Debe tener aisllamiento galvánico"]
["7.7.2.3","Tensión máxima en contacto (V)","24 V"]
["7.7.2.4","Intensidad máxima por contacto (A)","1A"]
["7.7.2.5","Tensión máxima a tierra (V)","500 V"]
["7.7.3","Contactos de salida de activación","A-B"]
["7.7.3.1","Principio","Tensión de control bipolar"]
["7.7.3.2","Tensión de salida (VCC)","11 VCC - 12 VDC"]
["7.7.3.3","Corriente de salida (mA)","15 mA máximo"]
["7.7.3.4","Detección de fallos del cable (kΩ)","<2,5 kΩ / >50 kΩ"]
["7.8","Supervisión"]
["7.8.1","Conexiones de entrada de control","Abierto/cortocircuito"]
["7.8.2","Conexiones de salida de activación","Abierto/cortocircuito"]
["7.8.3","Fallo de conexión a tierra","Fuga <50 kΩ"]
["7.8.4","Continuidad de controlador","Dispositivo de control"]
["7.8.5","Interfaz de red","Presencia de enlace"]
["7.8.6","PoE 1‐2","Tensión"]
["7.9","Fiabilidad: MTBF (extrapolated from calculated MTBF of PRA-AD608)","Mayor que 2.000.000  horas"]
["7.10","Temperatura de operación:",";-5 to +50 °C (23 to 122 °F) o superior"]
["7.11","Resistencia a Golpes (transporte) (G) ","< 10 G (IEC 60068-2-27)"]
["7.12","Grado de protección minimo","IP 30"]
["7.13","Tamaño","Para instalación en DIN o Rack."]
["7.14","Instalación","Debe inlcuir:\n* El módulo de interfaz de control de mínimo 16x8\n* Juego de soportes para DIN.\n* Cables de instalación y conectores.\n* Resistencias de supervisión\n* Guía rápida de instalación"]
["7.15","Vida útil","Mínimo 5 años"]
["7.16","Ficha técnica","Del equipo ofertado (es obligatorio adjuntar la ficha técnica junto con el presente anexo, que permita confirmar el cumplimiento de las especificaciones técnicas mínimas aquí indicadas)"]
[]
[8,"SENSOR DE RUIDO AMBIENTAL"]
["8.1","Descripción","Es un sensor de ruido ambiental IP para\nmonitorizar niveles de ruido ambiental cambiantes\npara el ajuste automático de niveles de avisos o\nmúsica ambiental (AVC [Automatic Volume Control,\ncontrol automático de volumen]). Esto garantiza que\nel audio de megafonía se establezca a un nivel\nconfigurable por encima del ruido ambiental para\ngarantizar la inteligibilidad de los avisos a un\nvolumen cómodo.\nEl sensor de ruido ambiental comunica los datos\ndel nivel de ruido ambiental directamente al\ncontrolador del sistema. El controlador del\nsistema ajusta el nivel de salida de los canales del\namplificador según corresponda."]
["8.2","Marca","Especificar"]
["8.3","Modelo","Especificar"]
["8.4","Certificaciones"]
["8.4.1","Estandar de emergencia: "," EN 54‐16, ISO 7240‐16"]
["8.4.2","Ambitos de regulación","Seguridad: EN/IEC/CSA/UL 62368‐1"]
[null,null,"Emisiones: EN 55032, EN 61000-6-3, ICES‐003,  FCC‐47 apartado 15B clase A."]
[null,null,"Clasificación Plenum: UL 2043"]
[null,null,"Especificaciones medio ambientales: EN/IEC 63000"]
["8.5","Micrófono"]
["8.5.1","Rango de captura de ruido ambiental","De 50 a 100 dBSPL o superior"]
["8.5.2","Rango de frecuencias","De 50 Hz a 10 Khz"]
["8.5.3","Respuesta de frecuencia: +/-2dB","De 100 Hz a 5,5 kHz"]
["8.5.4","Directividad","Omnidireccional"]
["8.6","Entrada PoE","IEEE 802.3af, tipo 1"]
["8.7","Interfaz de red"]
["8.7.1","Tipo de Ethernet","100BASE-TX; 1000BASE-T"]
["8.7.2","Protocolos/estándares","TCP/IP; "]
["8.7.3","Cifrado","TLS"]
["8.7.4","Número de puertos PoE","Mínimo:  1"]
["8.8","Supervisión"]
["8.8.1","Continuidad de controlador","Dispositivo de control"]
["8.8.2","Interfaz de red","Presencia de enlace"]
["8.9","Fiabilidad: MTBF (extrapolated from calculated MTBF of PRA-AD608)","Mayor que 2.999.999  horas"]
["8.10","Temperatura de operación:","De -25 a 55 °C (de -13 a 131 °F) o inferior"]
["8.11","Resistencia a Golpes (transporte) (G) ","< 10 G"]
["8.12","Grado de protección minimo","IP 30"]
["8.13","Forma de instalación:","Para instalación sobre superficie o montaje empotrado"]
["8.14","Instalación","Debe inlcuir:\n* Unidad básica de sensor y su base\n* Cables de instalación y conectores.\n* tornillería para su instalación.\n* Guía rápida de instalación"]
["8.15","Vida útil","Mínimo 5 años"]
["8.16","Ficha técnica","Del equipo ofertado (es obligatorio adjuntar la ficha técnica junto con el presente anexo, que permita confirmar el cumplimiento de las especificaciones técnicas mínimas aquí indicadas)"]
[]
[9,"SWITCH ETHERNET INDUSTRIAL DE MINIMO 8xPoE, 2xSFP"]
["9.1","Descripción","Es un conmutador Ethernet compacto\nmontado en carril DIN o Rack,  con ocho puertos Gigabit de cobre. Es compatible con alimentación a través de Ethernet (PoE) y dos puertos combinados Gigabit SFP. Este switch Ethernet es un switch OEM,\nfabricado para su uso en sistemas de megafonía y alarma por voz."]
["9.2","Marca","Especificar"]
["9.3","Modelo","Especificar"]
["9.4","Certificaciones"]
["9.4.1","Estandar de emergencia: "," EN 54‐16 (0560-CPR-182190000), ISO 7240‐16"]
["9.4.2","Ambitos de regulación","Seguridad: EN/IEC 62368‐1"]
[null,null,"Inmunidad: EN 55035, EN 61000‐4‐2, EN 61000‐4‐3, EN 61000‐4‐4, EN 61000‐4‐5, EN 61000‐4‐6, EN 61000‐4‐8"]
[null,null,"Emisiones: EN 55032 clase A, EN 61000‐6‐4, FCC‐47 apartado 15B clase A, CAN ICES-003(A), CISPR 32"]
[null,null,"Especificaciones medio ambientales: EN/IEC 63000"]
["9.5","PoE/PoE + Balance potencia","120 W cmo máximo"]
["9.6","PoE/PoE + potencia por puerto","20 W como máximo"]
["9.7","PoE/PoE + estandar","IEEE 802,3af/at"]
["9.8","Tipo  de interruptor","Administrado"]
["9.9","Número de puertos RJ45","Minimo 10"]
["9.10","Numero de conexiones RJ45 con PoE","Minimo 8"]
["9.11","Número de puertos SFP","Minimo 2"]
["9.12","Tamaña de la tabla MAC","Minimo 8K"]
["9.13","Tipo de Ethernet","100BASE-TX; 1000BASE-T"]
["9.14","Protección","Watchdog; RSTP; Limita-\nción de velocidad; Control de tormentas"]
["9.15","Interfaz de red"]
["9.15.1","Tipo de Ethernet","100BASE-TX; 1000BASE-T"]
["9.16","Conmutación"]
["9.16.1","Tamaña de la tabla de direcciones MAC","Minimo 8K"]
["9.16.2","VLAN","IEEE 802.1Q"]
["9.16.3","VLAN Grupo",256]
["9.16.4","Multidifusión","Protección contra intrusión\nIGMP v1/v2/v3, Protección contra intrusión\nMLD, abandono inmediato IGMP"]
["9.16.5","Ethernet energicamente eficiente","IEEE 802,3az EEE"]
["9.16.6","Redundancia","IEEE 802.1D-STP\nIEEE 802.1s-MSTP\nIEEE 802.1w-RSTP"]
["9.17","QOS"]
["9.17.1","Programación de la cola de prioridad","SP, WRR"]
["9.17.2","Clase de servicio (CoS)","IEEE 802.1p,\nDiffServ (DSCP)"]
["9.17.3","Con limitación de velocidad","Entrada, salida"]
["9.17.4","Agregación de enlaces","IEEE 802.3ad\nEstático, dinámico (LACP)"]
["9.18","Seguridad"]
["9.18.1","Seguridad de puerto","Estático, dinámico"]
["9.18.2","Autenticación","IEEE 802.1X, basado en puerto"]
["9.18.3","Control de tormentas","Difusión, multidifusión desconocida, monodifusión desconocida"]
["9.19","Gestión"]
["9.19.1","DHCP","Cliente, Servidor"]
["9.19.2","Acceso","Minimo por SNMP v1/v2c/v3, RMON,\nTelnet, SSH, HTTP(S), CLI"]
["9.19.3","NTP","Cliente SNTP"]
["9.20","Fiabilidad: MTBF (extrapolated from calculated MTBF of PRA-AD608)","Mayor que 750.000  horas"]
["9.21","Temperatura de operación:",";-540to +75 °C o superior"]
["9.22","Grado de protección minimo","IP 30"]
["9.23","Tamaño","Para instalación en riel DIN o pared o Rack."]
["9.24","Instalación","Debe inlcuir:\n* Swtich industrial de minimo 10 puertos\n* Juego de soportes para carril DIN y tornillos.\n* Cables de instalación y conectores.\n* Soporte de pared\n* Guía rápida de instalación"]
["9.25","Vida útil","Mínimo 5 años"]
["9.26","Ficha técnica","Del equipo ofertado (es obligatorio adjuntar la ficha técnica junto con el presente anexo, que permita confirmar el cumplimiento de las especificaciones técnicas mínimas aquí indicadas)"]
[]
[10,"ALTAVOCES MODULARES PARA TECHO"]
["10.1","Descripción","Los altavoces de alarma por voz están diseñados\nespecíficamente para su uso en edificios donde el\nrendimiento del sistema para avisos de evacuación\nverbales está regulado por normativas.  Proporcionan una reproducción excelente de voz y música en aplicaciones de megafonía para\ninteriores. son aptos para el uso en espacios de gestión de aire."]
["10.2","Marca","Especificar"]
["10.3","Modelo","Especificar"]
["10.4","Certificaciones"]
["10.5","Estandar de emergencia: ","EN 54-24, BS 5839-8"]
["10.6","Listado UL: ","1480/2043"]
["10.7","A prueba de golpes","Conforme a DIN VDE 0710, parte 13"]
["10.8","Apariencia","Con rejilla."]
["10.9","Tipo 1"]
["10.10","Potencia","6W"]
["10.11","SPL1.1","89 dB"]
["10.12","Intervalo de frecuencias","De 70 Hz a 20 kHz"]
["10.13","Ángulos de apertura para 1 kHz/4 kHz","180/62"]
["10.14","Uso","Uso general"]
["10.15","Potencia nominal","6 W (6/3/1.5/0.75 W)"]
["10.16","Nivel de presión sonora a poten-\ncia nominal/1 W (1 kHz, 1 m)","97 dB/89 dB"]
["10.17","Nivel de presión sonora a poten-\ncia nominal/1 W (1 kHz, 4 m)","88 dB/80 dB"]
["10.18","Ángulo de apertura a 1 kHz / 4 kHz (‐6 dB)","180° / 62°"]
["10.19","Rango de frecuencias efectivo (-10 dB)","De 70 Hz a 20 kHz"]
["10.20","Tensión nominal","100 V"]
["10.21","Impedancia nominal"]
["10.22","6W","1667 ohmios"]
["10.23","3 W","3333 ohmios"]
["10.24","1,5 W","6666 ohmios"]
["10.25","0,75 W","13333 ohmios"]
["10.26","Conector","Bloque de terminales atornillados de 3 patillas"]
["10.27","Tipo 2"]
["10.28","Potencia","12 W"]
["10.29","SPL1.1","89 dB"]
["10.30","Intervalo de frecuencias","De 55 Hz a 20 kHz"]
["10.31","Ángulos de apertura para 1 kHz/4 kHz","180/64"]
["10.32","Uso","Uso general / Hi-Q"]
["10.33","Potencia nominal","12 W (12/6/3/1.5 W)"]
["10.34","Nivel de presión sonora a poten-\ncia nominal/1 W (1 kHz, 1 m)","100 dB/89 dB"]
["10.35","Nivel de presión sonora a poten-\ncia nominal/1 W (1 kHz, 4 m)","88 dB/77 dB"]
["10.36","Ángulo de apertura a 1 kHz / 4 kHz (‐6 dB)","180° / 64°"]
["10.37","Rango de frecuencias efectivo (-10 dB)","De 55 Hz a 20 kHz"]
["10.38","Con Tensión nominal","70 V"]
["10.39","Impedancia nominal","12 W 416 ohmios\n6 W 833 ohmios\n3 W 1667 ohmios\n1,5 W 3333 ohmios"]
["10.40","Con Tensión nominal","100 V"]
["10.41","Impedancia nominal","12 W 833 ohmios\n6 W 1667 ohmios\n3 W 3333 ohmios\n1,5 W 6666 ohmios"]
["10.42","Conector","Bloque de terminales atornillados de 3 patillas"]
["10.43","Tipo 3"]
["10.44","Potencia","24 W"]
["10.45","SPL1.1","89 dB"]
["10.46","Intervalo de frecuencias","De 55 Hz a 20 kHz"]
["10.47","Ángulos de apertura para 1 kHz/4 kHz","180/58"]
["10.48","Uso","Uso general / Hi-Q"]
["10.49","Potencia nominal","24 W (24/12/6/3 W)"]
["10.50","Nivel de presión sonora a poten-\ncia nominal/1 W (1 kHz, 1 m)","103 dB/89 dB"]
["10.51","Nivel de presión sonora a poten-\ncia nominal/1 W (1 kHz, 4 m)","91 dB/77 dB"]
["10.52","Ángulo de apertura a 1 kHz / 4 kHz (‐6dB)","180° / 58°"]
["10.53","Rango de frecuencias efectivo (-10 dB)","De 55 Hz a 20 kHz"]
["10.54","Con Tensión nominal","70 V"]
["10.55","Impedancia nominal","24 W 208 ohmios\n12 W 416 ohmios\n6 W 833 ohmios\n3 W 1667 ohmios"]
["10.56","Con Tensión nominal","100 V"]
["10.57","Impedancia nominal","24 W 416 ohmios\n12 W 833 ohmios\n6 W 1667 ohmios\n3 W 3333 ohmios"]
["10.58","Conector","Bloque de terminales atornillados de 3 patillas"]
["10.59","Compatibilidad","Debe ser compatible con toda la solución de Audio Evacuación"]
["10.60","Instalación","Debe inlcuir:\n* Parlante de rejilla\n* soporte para techo\n* Cables de instalación y conectores.\n* Guía rápida de instalación"]
["10.61","Vida útil","Mínimo 5 años"]
["10.62","Ficha técnica","Del equipo ofertado (es obligatorio adjuntar la ficha técnica junto con el presente anexo, que permita confirmar el cumplimiento de las especificaciones técnicas mínimas aquí indicadas)"]
[]
[11,"ALTAVOZ DE MURO TIPO 1"]
["11.1","Descripción","El proyector de sonido incorpora un ángulo de\napertura muy amplio, lo que permite cubrir un área\ndeterminada con menos unidades. Su amplio rango de frecuencia también proporciona una mejor\nreproducción de música y voz, mientras que la\ndirectividad garantiza que el sonido se proyecta de\nforma precisa hacia donde más se necesita."]
["11.2","Marca","Especificar"]
["11.3","Modelo","Especificar"]
["11.4","Certificaciones"]
["11.4.1","Conformidad","CE "]
["11.4.2","Ambitos de regulación","Seguridad: Conforme EN 600065"]
[null,null,"Protección contra el agua y el polvo: Conforme EN 60529 IP 65"]
[null,null,"Autoextingible: Conforme UL 94 V 0"]
["11.5","Garantía de calidad","Debe admitir 100 horas de funcionamiento a potencia nominal según los estandares de capacidad de gestión de potencia (PHC) IEC 60268-5."]
[null,null,"Debe poder soportar el doble de su potencia nominal durante cortos períodos."]
["11.6","Material del Altavoz / proyector","ABS resistente a golpes y biodegradable (UL 94 V0)"]
["11.7","Potencia nominal","6/3/1,5/0,75 W"]
["11.8","Nivel de presión sonora\na 6 W/1 W (1 kHz a 1 m)","97 dB/89 dB (SPL)"]
["11.9","Nivel de presión sonora\na 6 W/1 W (2 kHz a 1 m)","102 dB/94 dB (SPL)"]
["11.10","Ángulo de apertura\na 1 kHz/4 kHz (-6 dB)","180° / 90°"]
["11.11","Rango de frecuencias efectivo\n(-10 dB)","De 140 Hz a 18 kHz"]
["11.12","Tensión nominal","100 V"]
["11.13","Impedancia nominal","1667 Ohm"]
["11.14","Temperatura de operación:","De -25 a 55 °C (de -13 a 131 °F) o mejor"]
["11.15","Grado de protección minimo","IP 65 o superior"]
["11.16","Forma de instalación:","Para instalación sobre paredes y techos"]
["11.17","Instalación","Debe inlcuir:\n* El altavoz\n* Accesorios de instalación\n* Cableado de conexión de colores  y tornillería para su instalación.\n* Guía rápida de instalación"]
["11.18","Tipo de intalación","Para montaje en paredes y techos. Debe poermitir la orientación."]
["11.19","Vida útil","Mínimo 5 años"]
["11.20","Ficha técnica","Del equipo ofertado (es obligatorio adjuntar la ficha técnica junto con el presente anexo, que permita confirmar el cumplimiento de las especificaciones técnicas mínimas aquí indicadas)"]
[]
[12,"ALTAVOZ DE MURO TIPO 2"]
["12.1","Descripción","Los altavoces de bocina con driver de gran eficacia, de angulo de apertura amplio, optimizados para palabra.  ofrecen una excelente reproducción de voz y distribución de sonido para una amplia gama de aplicaciones de exterior. Son ideales para zonas deportivas, parques, exposiciones, fábricas y piscinas."]
["12.2","Marca","Especificar"]
["12.3","Modelo","Especificar"]
["12.4","Certificaciones"]
["12.4.1","Conformidad","CE"]
["12.4.2","Ambitos de regulación","Seguridad: Conforme EN 600065"]
[null,null,"Biodegradable: Conforme a UL 94 V 0"]
[null,null,"Resistencia al agua y al polvo: Conforme a EN 60529‐IP65"]
["12.5","Garantía de calidad","Debe admitir 100 horas de funcionamiento a potencia nominal según los estandares de capacidad de gestión de potencia (PHC) IEC 60268-5."]
[null,null,"Debe poder soportar el doble de su potencia nominal durante cortos períodos."]
["12.6","Material del Altavoz / proyector","ABS resistente a golpes y biodegradable (UL 94 V0)"]
["12.7","Potencia Maxima","15 W"]
["12.8","Potencia nominal","10/5/2,5 W"]
["12.9","Nivel de presión acústica a potencia nominal / 1 W (1 kHz, 1 m)","118 dB/108 dB (NPA)"]
["12.10","Nivel de presión acústica a potencia nominal / 1 W (2 kHz, 1 m)","121 dB/111 dB (NPA)"]
["12.11","Rango de frecuencia efectiva (-10 dB)","De 480 Hz a 5,5 kHz"]
["12.12","Ángulo de apertura horizontal / vertical","1 kHz/4 kHz (-6 dB)\n90 °/40 °\n130 °/45 °"]
["12.13","Tensión nominal","100 V"]
["12.14","Impedancia nominal","1000 Ohm"]
["12.15","Temperatura de operación:","De -25 a 55 °C (de -13 a 131 °F) o mejor"]
["12.16","Grado de protección minimo","IP 65 o superior"]
["12.17","Forma de instalación:","Para instalación sobre paredes y techos"]
["12.18","Instalación","Debe inlcuir:\n* El altavoz\n* Accesorios de instalación\n* Cableado de conexión  y tornillería para su instalación.\n* Guía rápida de instalación"]
["12.19","Tipo de intalación","Para montaje en paredes y techos. Soportes de montaje ajustables y resistentes."]
["12.20","Conexión","Cable de 4 hilos"]
["12.21","Vida útil","Mínimo 5 años"]
["12.22","Ficha técnica","Del equipo ofertado (es obligatorio adjuntar la ficha técnica junto con el presente anexo, que permita confirmar el cumplimiento de las especificaciones técnicas mínimas aquí indicadas)"]
[]
[13,"ALTAVOZ DE MURO TIPO 3"]
["13.1","Descripción","Par de altavoces  con transformador, caja de 4\" de 70/100 V, es un altavoz de montaje en superficie de alto rendimiento, de dos vías y de rango completo de 102 mm (4\") con cobertura amplia y uniforme. "]
["13.2","Marca","Especificar"]
["13.3","Modelo","Especificar"]
["13.4","Certificaciones"]
["13.4.1","Conformidad","CE"]
["13.5","Material del Altavoz / proyector","ABS resistente a golpes y biodegradable (UL 94 V0)"]
["13.6","Manejo de Potencia Continua","15 W"]
["13.7","Potencia Pico","60 W"]
["13.8","Respuesta de frecuencia (-3 dB)","100 Hz-20 kHz"]
["13.9","Respuesta de frecuencia (-10 dB):","75 Hz-20 kHz"]
["13.10","Sensibilidad:","86,5 dB"]
["13.11","SPL máx.","98,5 dB (pico de 104,5 dB)"]
["13.12","Ángulo de cobertura:","Horizontal 110°, vertical 110°"]
["13.13","Gestión de potencia:","15 W (pico de 60 W) de ruido rosa continuo (100 horas)"]
["13.14","Transformador de entrada (70 V/100 V):","15 W"]
["13.15","Derivaciones del transformador:","70 V: 3,7 W, 7,5 W, 15 W\n100 V: 7,5 W, 15 W"]
["13.16","Grado de protección minimo","IP 54 o superior"]
["13.17","Instalación","Debe inlcuir:\n* El altavoz x 2 unidades\n* Accesorios de instalación\n* Cableado de conexión  y tornillería para su instalación.\n* Guía rápida de instalación"]
["13.18","Tipo de intalación","Para montaje en superficie. Soportes de montaje ajustables y resistentes."]
["13.19","Conexión","Cable de 2 hilos"]
["13.20","Vida útil","Mínimo 5 años"]
["13.21","Ficha técnica","Del equipo ofertado (es obligatorio adjuntar la ficha técnica junto con el presente anexo, que permita confirmar el cumplimiento de las especificaciones técnicas mínimas aquí indicadas)"]
[]
[14,"ALTAVOZ DE MURO TIPO 4 (DE COLUMNA)"]
["14.1","Descripción","Es un altavoz pasivo de columna, con soporte de montaje, de 70V/100V."]
["14.2","Marca","Especificar"]
["14.3","Modelo","Especificar"]
["14.4","Certificaciones"]
["14.4.1","Conformidad","CE"]
["14.5","Rango de frecuencia (-10dB, medio espacio)","45 Hz - 16 kHz*"]
["14.6","Cantidad de transductores y tamaño","Doce (12) controladores de medios y agudos de 2.5\".\nDos (2) wooferpasa banda de 6.5"]
["14.7","SPL máximo","128 dB estrecho. 126 dB ancho"]
["14.8","Sensibilidad axial","91.5 dB SPL 1W/1m estrecho\n90 dB SPL 1W/1m ancho"]
["14.9","Inclinación acústica descendente (con respecto a la horizontal) ",";-7,5°"]
["14.10"," Ángulo de cobertura HxV","180° x 25° (estrecho). 180° x 45° (ancho)"]
["14.11","Potencia (continua)","300 W."]
["14.12","Voltaje de entrada pico ","130 V"]
["14.13"," Impedancia nominal ","8 Ω. "]
["14.14","Impedancia mínima ","6,4 Ω a 280 Hz"]
["14.15","Voltaje de entrada pico ","130 V"]
["14.16","Filtro pasa alta","≥50 Hz Butterworth 24 dB/oct"]
["14.17","Grado de protección minimo","IP 55 o superior"]
["14.18","Instalación","Debe inlcuir:\n* El altavoz \n* Accesorios de instalación y soportes\n* Tornillería para su instalación.\n* Guía rápida de instalación"]
["14.19","Tipo de intalación","Para montaje en pared.  Montaje de inclinación rápida multi angulo. Debe permitir paneo"]
["14.20","Ángulos de inclinación vertical hacia abajo","0°, 2.5°, 5°, 7.5°, 10°, 15°, 20°, 25°"]
["14.21","Conexión","Cable de 2 hilos"]
["14.22","Vida útil","Mínimo 5 años"]
["14.23","Ficha técnica","Del equipo ofertado (es obligatorio adjuntar la ficha técnica junto con el presente anexo, que permita confirmar el cumplimiento de las especificaciones técnicas mínimas aquí indicadas)"]
[]
[15,"CABLE DE ALTAVOZ DE GRADO PROFESIONAL SIN HALÓGENOS Y BAJO HUMO"]
["15.1","Descripción","Es el cable utilizado para la conectividad análoga de los altavoces o proyectores de audio del sistema de audio evacuación.  Son dos conductores de cobre, cada uno con PVC de aislamiento y una chaqueta exterior libre de halógenos."]
["15.2","Marca","Especificar"]
["15.3","Modelo","Especificar"]
["15.4","Certificaciones","EN50575 REACTION TO FIRE CLASS Dca,  EU RoHS 2011/65/EU Conformidad"]
["15.5","Cantidad de conductores","2 conductores x 14 AWG"]
["15.6","Tipo de conudctor","Cobre trenzado de "]
["15.7","Conductor","105/0.16mm +/-0.004mm"]
["15.8","Aislamiento el conductor","PVC"]
["15.9","Material","PVC"]
["15.10","Chaqueta","Libre de halógenos"]
["15.11","Tempreatura de operación","Entre - 20°C + 75°C o superior"]
["15.12","Resistencia del conductor","Maximo 9.2ohm/km a  20°C"]
["15.13","Resistencia de aislamiento","Minimo 50MΩ*km a  20°C"]
["15.14","Rigidez Dielectrica","Minimo AC1.5KV"]
["15.15","Rated Voltage - Insulated/Operating","Maximo 300V/80V"]
["15.16","Impedance ","62±6Ω"]
["15.17","Capacitance","28.9±3pf/ft"]
["15.18","Vida útil","Mínimo 15 años"]
["15.19","Ficha técnica","Del equipo ofertado (es obligatorio adjuntar la ficha técnica junto con el presente anexo, que permita confirmar el cumplimiento de las especificaciones técnicas mínimas aquí indicadas)"]

{"sheet":"EVAC_P","index":21,"n_rows":40,"n_cols":6,"rows_kept":40}
[]
["ITEM","DESCRIPCIÓN","UND","CANTIDAD","VALOR UNITARIO ","VALOR PARCIAL"]
[1,"Suministro, instalación, programación y puesta a punto de Controlador del sistema","und",2,null,{"$f":"E3*D3","v":0}]
[{"$f":"A3+1","v":2},"Suministro, instalación, programación y puesta a punto de Fuente alimentación multifunción","und",4,null,{"$f":"E4*D4","v":0}]
[3,"Suministro, instalación, programación y puesta a punto de Amplificador, 600W, 8 canales","und",12,null,0]
[4,"Suministro, instalación, programación y puesta a punto de Módulo de interfaz de control, 16 por 8","und",4,null,0]
[5,"Suministro, instalación, programación y puesta a punto de Switch Ethernet, 8 por PoE","und",4,null,0]
[6,"Suministro, instalación, programación y puesta a punto de Dispositivo de fin de línea","und",86,null,0]
[7,"Suministro, instalación, programación y puesta a punto de Estación llamada LCD sobremesa","und",3,null,0]
[8,"Suministro, instalación, programación y puesta a punto de Estación llamada LCD montaje pared","und",1,null,0]
[9,"Suministro, instalación, programación y puesta a punto de Extensión estación de llamada","und",10,null,0]
[10,"Suministro, Instalación, y puesta a punto de Altavoz de Cielo Tipo 1  (Cielo 1)","und",278,null,0]
[11,"Suministro, Instalación, y puesta a punto de Altavoz de Cielo Tipo 2 (Cielo 2)","und",83,null,0]
[12,"Suministro, Instalación, y puesta a punto de Altavoz de Cielo Tipo 3  (Cielo 3)","und",69,null,0]
[13,"Suministro, Instalación, y puesta a punto de Altavoz de Muro Tipo 1  (Muro 1)","und",73,null,0]
[14,"Suministro, Instalación, y puesta a punto de Altavoz de Muro Tipo 2  (Muro 2)","und",12,null,0]
[15,"Suministro, Instalación, y puesta a punto de Altavoz de Muro Tipo 3  (Muro 3)","und",18,null,0]
[16,"Suministro, Instalación, y puesta a punto de Altavoz de Muro Tipo 4  (Muro 4)","und",2,null,0]
[17,"Suministro, Instalación, Programación y puesta a punto de amplificador 2 x 1400 watts","und",1,null,0]
[18,"Suministro, Instalación, Programación y puesta a punto de sensor de ruido ambiental","und",2,null,0]
[19,"Suministro, Instalación, y puesta a punto de Módulo fuente de Alimentación","und",4,null,0]
[20,"Suministro, Instalación, y puesta a punto de Módulo domo para altavoz en cielo con conector cerámico","und",428,null,0]
[21,"Suministro, Instalación, y puesta a punto de Kit de suspensión metálico para altavoz de cielo","und",2,null,0]
[null,"CANALIZACIÓN",null,0,null,0]
[22,"Suministro, logística, seguro e instalación de Tubería EMT 3/4\"","und",1712,null,0]
[{"$f":"A25+1","v":23},"Suministro, logística, seguro e instalación de Tubería EMT 1\"","und",855.4200000000001,null,0]
[24,"Suministro, logística, seguro e instalación de portacable de Acero tipo Ducto  100 mm Ancho x 60 mm de alto, incluye accesorios de instalación","und",783,null,0]
[25,"Suministro, logística, seguro e instalación de portacable de Acero tipo Ducto  300 mm Ancho x 60 mm de alto, incluye accesorios de instalación","und",90,null,0]
[null,"CABLEADO",null,0,null,0]
[26,"Suministro, Instalación, conexión de cable AWG 2x14  grado profesional sin halógenos y bajo humo","und",5016,null,0]
[null,"TRASLADO",{"$nulls":3},0]
[27,"Desmonte, emabalaje, transporte, instalación de altavoz de cielo de Sies-M a C5 Medellín","und",8,null,0]
[{"$f":"A32+1","v":28},"Desmonte, emabalaje, transporte, instalación de  mezclador 8 canales de Sies-M a C5 Medellín","und",1,null,0]
[29,"Desmonte, emabalaje, transporte, instalación panel de control  de Sies-M a C5 Medellín","und",1,null,0]
[30,"Desmonte, emabalaje, transporte, instalación de amplificador mezclador 2 canales con prioridad de Sies-M a C5 Medellín","und",1,null,0]
[31,"Desmonte, emabalaje, transporte, instalación de estación de llamado  de Sies-M a C5 Medellín","und",1,null,0]
[32,"Desmonte, emabalaje, transporte, instalación de control de volumen  de Sies-M a C5 Medellín","und",1,null,0]
[{"$nulls":4},"SUBTOTAL",{"$f":"SUM(F3:F37)","v":0}]
[{"$nulls":4},"IVA",{"$f":"F38*19%","v":0}]
[{"$nulls":4},"TOTAL",{"$f":"F38+F39","v":0}]

{"sheet":"Multimedia","index":22,"n_rows":722,"n_cols":5,"rows_kept":722,"merged":[[1,0,1,4],[2,1,2,2],[3,1,3,2],[16,1,16,2],[27,1,27,2],[48,1,48,2],[52,0,54,0],[52,1,54,1],[88,1,88,2],[106,1,106,2],[126,1,126,2],[151,1,151,2],[171,1,171,2],[191,1,191,2],[197,0,199,0],[197,1,199,1],[209,1,209,2],[253,1,253,2],[279,1,279,2],[327,1,327,2],[364,1,364,2],[377,1,377,2],[396,1,396,2],[424,1,424,2],[464,1,464,2],[505,1,505,2],[527,1,527,2],[548,1,548,2],[567,1,567,2],[576,1,576,2],[588,1,588,2],[599,1,599,2],[612,1,612,2],[623,1,623,2],[636,1,636,2],[650,1,650,2],[667,1,667,2],[683,1,683,2],[702,1,702,2]]}
[]
["MULTIMEDIA"]
["ITEM","DESCRIPCIÓN",null,"CUMPLE","NO CUMPLE"]
[0,"BANDEJA TIPO OREJAS PARA RACK 19\""]
["0.1","Descripción","Es un accesorio en dos partes, para la instalación de Rack de 19\", para el soporte de mezcladores de audio de algunos fabricantes.  Su altura debe evitar el deslizamiento del dispositivo que aloje.  Debe quedar estable."]
["0.2","Marca","Especificar"]
["0.3","Modelo","Especificar"]
["0.4","Material ","Acero"]
["0.5","Peso","maximo 1.50 kg"]
["0.6","Longitud exterior","Para 19\", 48,26cm"]
["0.7","Ancho exterior","3,17cm"]
["0.8","Altura exterior","12,70cm"]
["0.9","Color","Negro"]
["0.10","Instalación","Debe inlcuir:\n* Soportes tipo bandeja de dos orejas para rack 19\"\n* Tornillos para instalación en rack.\n* Guía rápida de instalación"]
["0.11","Vida útil","Mínimo 5 años"]
["0.12","Ficha técnica","Es obligatorio  adjuntar  la ficha técnica junto con el presente anexo"]
[1,"BASTIDOR PARA MONTAJE EN RACK PARA CONTROLADORES E INTERFACES IP"]
["1.1","Descripción","El estante de montaje en rack es un accesorio de montaje opcional para controladores e interfaces IP. Permite la instalación segura de los dispositivos en un rack EIA de 19\". El estante de montaje en rack ocupa 1 espacio de rack y permite la instalación de una unidad de ancho de rack completo, dos unidades de medio ancho de rack, cuatro unidades de un cuarto de ancho de rack o cualquier combinación posible."]
["1.2","Marca","Especificar"]
["1.3","Modelo","Especificar"]
["1.4","Material ","Acero inoxidable"]
["1.5","Dimensiones","Ocupa un espacio de Rack de altura\n482.6 x 43.5 x 165 mm / 19” x 1.7” x 6.5”"]
["1.6","Peso","Maximo 1,5 kg."]
["1.7","Instalación","Debe inlcuir:\n*Estantería o bandeja soporte\n*Placa frontal de un cuarto de ancho de rack.\n*Placa frontal de medio ancho de rack.\n*Tornillos de fijación para placas frontales y unidades.\n*Destornillador\n*Guía rápida de instalación"]
["1.8","Vida útil","Mínimo 5 años"]
["1.9","Ficha técnica","Es obligatorio  adjuntar  la ficha técnica junto con el presente anexo"]
[]
[2,"CAMARA PTZ PARA SISTEMA DE VIDEO CONFERENCIA"]
["2.1","Descripción","Es un sistema de captura de video, por medio de cámara PTZ HD, para colaboración con video de calidad profesional, para salas de conferencias, entornos de formación, con control de mando a distancia."]
["2.2","Marca","Especificar"]
["2.3","Modelo","Especificar"]
["2.4","Tipo de cámara","PTZ"]
["2.5","Calidad o resolución del video","HD 1080p a 30 fotogramas por segundo o superior"]
["2.6","Mínimo de aplicaciones compatibles:","Microsoft Skype, Bluejeans, Zoom, Cisco Jabber, Cisco WebEx."]
["2.7","Codec","Mínimo H.264 UVC 1.5 con codificación de video escalable (SVC)"]
["2.8","Campo de visión mínimo","90° con panorámica mecánico \nde 260° e inclinación de 130°."]
["2.9","Zoom","Full HD 10x sin pérdida."]
["2.10","Enfoque","Automático o autoenfoque"]
["2.11","Configuración de escena","Mínimo tres opciones de configuración de escena de cámara predefinida"]
["2.12","Mando a distancia","Control de panorámica, inclinación y Zoom."]
["2.13","Tipo de montaje","De sobreponer, montaje en pared o sobre tripode.  Debe traer accesorios para el montaje en pared y tripode"]
["2.14","Conexión","Por USB, tipo Plug and Play, a dispositivos PC, MAC y Chrome sin necesidad de software adicional."]
["2.15","Sistema de Slot de seguridad","Permite asegurar el equipo mediante bloqueo antirobo."]
["2.16","Compatibilidad","Certificación para Skype for Business, optimización para Cisco Jabber® y compatibilidad con WebEx®3, Dispositivos certificados Vidyo, Microsfot Teams, Google Meet."]
["2.17","Instalación","Debe inlcuir:\n* Cámara PTZ\n* Fuente de alimentación.\n* El mando a distancia\n* Accesorios para instalación sobre pared.\n* Accesorios para instalación sobre tripode.\n* Cable USB.\n*Guía rápida de instalación"]
["2.18","Vida útil","Mínimo 3 años"]
["2.19","Ficha técnica","Es obligatorio  adjuntar  la ficha técnica junto con el presente anexo"]
[]
[3,"INTERFAZ DANTE BIDIRECCIONAL MIC/LÍNEA 2X2 PARA MONTAJE EN PARED"]
["3.1","Descripción","Es una interfaz de audio en red con Dante de montaje en pared, con dos entradas XLR de micrófono o linea y dos salidas XLR de microfono o línea.  "]
["3.2","Marca","Especificar"]
["3.3","Modelo","Especificar"]
["3.4","Funciones","Debe poder convertir dos fuentes  estandar de audio para canal de red Dante y dos señales Dante en nivel de micrófono o línea."]
[null,null,"No debe requerir de software para su configuración"]
[null,null,"Cada entrada y salida debe ser un suiche seleccionable para micrófono o línea."]
["3.5","Resolución","Alta resolución de 24 bit analogo a digital y de conversión de digital a análogo."]
["3.6","Interfaz de red","RJ45 con indicadores de enlace y velocidad"]
["3.7","Protocolo de audio digital","Dante"]
["3.8","Tasa de transmisión","100 Mbps"]
["3.9","Frecuencia de muestreo soportada","44.1 kHz, 48 kHz o similar."]
["3.10","Nivel de operación de audio",";-20 dBFS = +4 dBu"]
["3.11","Nivel de referencia","0 dBFS = +24 dBu"]
["3.12","Interfaz de Microfono o línea a red"]
["3.12.1","Entradas","Minimo 2, XLR hembra."]
["3.12.2","Ganancia","Microfono: 40 dB (Bajo), 48 dB (medio), 62 dB (Alto);\nLínea: 1db (Bajo), 8 dB (Medio), 19 dB (Alto)."]
["3.12.3","Nivel de entrada (para +4 dBu/-20 dBFS)","Mic: -36 dBu (LO), -44 dBu (MED), -58 dBu (HI);  \nLine: +4 dBu (LO), -8 dBu (MED), -15 dBu (HI) "]
["3.12.4","Nivel de entrada Máximo:","Mic: -16 dBu (LO), -24 dBu (MED), -38 dBu (HI);  Line: +24 dBu (LO), +12 dBu (MED), +5 dBu (HI) "]
["3.12.5","Impedancia de entrada","> 2.5 kΩ (MIC); > 5 kΩ (LINE)"]
["3.12.6","Potencia de Phantom","P48, 48 Vdc, suiche seleccionable"]
["3.12.7","Estándar de Phantom","IEC 61938: 2013"]
["3.12.8","Selector por intrada (3)","Phantom, Mic/Line, Ganancia"]
["3.12.9","Frecuencia de respuesta","20 Hz to 20 kHz (± 0.5 dB)"]
["3.12.10","Ruido equivalente de entrada",";-130 dBu (62 dB gain); -132 dBu Poderado A"]
["3.12.11","Ruido por debajo de -20 dBFS (20 a 20 kHz):","Mic:  < -72 dB (LO), < -72 dB (MED), < -68 dB (HI);   Line:  < -72 dB (LO),  < -72 dB (MED),  < - 70 dB (HI) "]
["3.13","Desde la red a Microfono o línea:"]
["3.13.1","Salidas","Minimo Dos (2), XLR macho"]
["3.13.2","Nivel de operación de la salida",";+4 dBu nominal LINE level balanced;  -45 dBu nominal MIC level (into 150 Ω)"]
["3.13.3","Nivel de salida maximo",";+24 dBu Nivel de linea"]
["3.13.4","Impedancia de salida","150 Ω balanceado"]
["3.13.5","Selector de salida","Microfono / Línea"]
["3.13.6","Frecuencia de respuesta","20 Hz to 20 kHz (± 0.5 dB"]
["3.13.7","Ruido","< -80 dB (below +4 dBu); < -100 (below +24 dBu"]
["3.14","Indicadores","Minimo 4: Enlace, y velocidad, Sincronizacion y encendido."]
["3.15","Requerimiento de alimentación de potencia","PoE Class 0, IEEE 802.3af"]
["3.16","Instalación","Debe inlcuir:\n* La interfaza para instalacación en pared con caja.\n* Guia de instalación\n* Manual de funcinamiento."]
["3.17","Vida útil","Mínimo 3 años"]
["3.18","Ficha técnica","Es obligatorio  adjuntar  la ficha técnica junto con el presente anexo"]
[]
[4,"ADAPTADOR DE E/S USB  ó USB-C® a DANTE"]
["4.1","Descripción","Es un dispositivo USB para habilitar computadores y dispositivos móviles directamente a una red de audio Dante, sin requerir contraoladores o software adicional."]
["4.2","Marca","Especificar"]
["4.3","Modelo","Especificar"]
["4.4","Canales de audio","Dos de entrada, dos de salida"]
["4.5","Conectores","RJ45 y USB tipo A"]
["4.6","Alimentación"," Class 1 802.3af PoE or USB"]
["4.7","Consumo de potencia","Menor a 2 W"]
["4.8","Tasa de muestreo","48 kHz"]
["4.9","Profundidad de bits",24]
["4.10","Latencia del dispositivo Dante","1, 2 o 5 ms maximo, configurable."]
["4.11","Transporte por red del audio Dante sobre IP","AES67 RTP"]
["4.12","USB:","Class compliant USB 2.0 device"]
["4.13","Temperatura de operación mínima:",";-10° a 50° o superior"]
["4.14","Instalación","Debe inlcuir:\n* El dispositivo con sus puertos\n* Guia de instalación\n* Manual de funcinamiento."]
["4.15","Vida útil","Mínimo 3 años"]
["4.16","Ficha técnica","Es obligatorio  adjuntar  la ficha técnica junto con el presente anexo"]
[]
[5,"CODEC DE AUDIO PARA PERIODISTAS 1 ENTRADA DANTE + 12 SALIDAS LÍNEA/MIC"]
["5.1","Descripción","Es un dispositivo de conversión de 12 salidas de Linea o micrófono a Dante, por medio de una canal de entrada a la red Dante.  Este dispositivo es para facilitarle la conectividad a los periodistas."]
["5.2","Marca","Especificar"]
["5.3","Modelo","Especificar"]
["5.4","Conector de entrada","RJ45, para red DANTE"]
["5.5","Salidas","12 XLR macho balanceados, de alta calidad balanceada, con transformador de aislamiento individual.  Cada salida debe ser suicheable entre línea o micrófono."]
["5.6","Alimentación","PoE desde la red Dante"]
["5.7","Nivel de salida nominal","6dBu (salidas frontales)"]
["5.8","Nivel máximo de salida","20 dBu (sin carga) +14 dBu (600 ohmios)"]
["5.9","Impedancia de salida","Mic: 220Ohm"]
["5.10","Salida aislada por transformador individual","Sí (cada salida)"]
["5.11","SNR ",">70 dB"]
["5.12","Respuesta de frecuencia","80Hz to 20kHz/-3dB"]
["5.13","Indicadores","Nivel de salida, potencia"]
["5.14","Fuente de alimentación","PoE, Clase 3 "]
["5.15","Crecimiento","debe permitir crecimiento con la instalación de un accesorio ó agregación en red de mas dispositivos"]
["5.16","Instalación","Debe inlcuir:\n* El dispositivo para instalación en pared.\n* Guia de instalación\n* Manual de funcinamiento."]
["5.17","Vida útil","Mínimo 3 años"]
["5.18","Ficha técnica","Es obligatorio  adjuntar  la ficha técnica junto con el presente anexo"]
[]
[6,"CONSOLA DIGITAL DE AUDIO CON TARJETA DE CONECTIVIDAD DANTE"]
["6.1","Descripción","Es un consola mezclador digital de 48 canales de entrada. Para uno en escenarios de alta exigencia como audiovisuales, eventos corporativos, producciones en vivo y lugares de culto, ofrece una fidelidad de audio de alta resolución líder en su clase y una latencia ultrabaja de <0,7 ms. Debe contrar con preamplificadores de micrófono, compatibilidad con los plugins DEEP de latencia cero, además de 8 motores de efectos estéreo con canales de retorno dedicados. Es la opción ideal para configuraciones de monitorización intraauricular, ya que proporciona 12 mezclas estéreo (configurables como grupos o auxiliares), mientras que la mezcla automática de micrófonos la convierte en una excelente opción para conferencias, mesas redondas, retransmisiones y mucho más."]
["6.2","Marca","Especificar"]
["6.3","Modelo","Especificar"]
["6.4","Canales de entrada","48 XRL hembras para mezcla automática de micrófonos"]
["6.5","Debe permitir expansión","Puerto SLink para expansores de E/S remotas"]
["6.6","Cantidad de buses",36]
["6.7","Latencia","Menor que 0.7ms"]
["6.8","Mezcladores estereo configurables o por grupos auxliares","12, con canal dedicado de retorno."]
["6.9","Motores FX","Minimo 8"]
["6.10","Matrix Estereo","Minimo 3"]
["6.11","Salida digital","AES"]
["6.12","Audio remoto","Slink "]
["6.13","Capacidad de ampliación de puertos I/O","64x64"]
["6.14","Interface de audio USB","32x32"]
["6.15","Control MIDI","DAW"]
["6.16","Grabación o reproducción multitrack","SQ- Drive y Memoria USB"]
["6.17","Pantalla touch capacitiva","De mínimo 7\""]
["6.18","Motor FPGA","96 kHz"]
["6.19","Tiene mezcla automática de microfonos","si"]
["6.20","Tarjeta o puerto de conexión para red Dante","Si"]
["6.21","Instalación","Debe inlcuir:\n* La consola\n* Cables de instalación, y cable fuente.\n* Guia de instalación\n* Manual de funcinamiento."]
["6.22","Vida útil","Mínimo 3 años"]
["6.23","Ficha técnica","Es obligatorio  adjuntar  la ficha técnica junto con el presente anexo"]
[]
[7,"CONTROLADOR AUDIOVISUAL SOBRE RED"]
["7.1","Descripción","Es un controlador Ethernet IP con varios puertos de control. "]
["7.2","Marca","Especificar"]
["7.3","Modelo","Especificar"]
["7.4","Puertos Ethernet mínimo","*1x LAN 10/100/1000 BaseT"]
["7.5","Puertos de control IP","*Puerto de control IP, sobre el mismo puerto Ethernet"]
["7.6","Puerto RS-232/485 bidireccional:","*Minimo 4 Puertos RS-232/485 bidireccional."]
["7.7","Puerto Universal","* Mínimo 8"]
["7.8","Puertos con rele de bajo voltaje:","*Mínimo 2. "]
["7.9","Sensor interno de captura de códigos IR","Si"]
["7.10","Memoria RAM","Mínimo de 2GB"]
["7.11","Memoria eMMC","* 16 GB."]
["7.12","Reloj","*Reloj de tiempo real integrado con pila o batería."]
["7.13","Alimentación","*Alimentación PoE 802.3af o 12-28 VCC."]
["7.14","Diseño","*Diseño de carcasa de aluminio unificado para instalación en escritorio o rack de 19\"."]
["7.15","Administración por","*Servidor web y web de administración para configuración."]
["7.16","Instalación","Debe inlcuir:\n* El dispositivo\n* Cables de instalación, y cable fuente.\n* Guia de instalación\n* Manual de funcionamiento."]
["7.17","Vida útil","Mínimo 3 años"]
["7.18","Ficha técnica","Es obligatorio  adjuntar  la ficha técnica junto con el presente anexo"]
[]
[8,"CONTROLADOR ETHERNET IP CON KNX"]
["8.1","Descripción","Es un controlador audiovisual sobre red, con KNX"]
["8.2","Marca","Especificar"]
["8.3","Modelo","Especificar"]
["8.4","Puertos Ethernet mínimo","*1x LAN 10/100/1000 BaseT"]
["8.5","Puertos de control IP","*Puerto de control IP, sobre el mismo puerto Ethernet"]
["8.6","Puerto TP KNX","* Mínimo 1, aislado galvanicamente, con capacidad para direccionar y controlar hasta 1000 objetos KNX."]
["8.7","Puerto RS-232/485 bidireccional:","*Minimo 1 Puertos RS-232/485 bidireccional."]
["8.8","Puerto versatil","Mínimo 4 puertos.  Cada puerto es de 2 pines, uno es de entrada o saluda, y el otro es tierra, los cuales pueden ser usados como:\n* Entrada digital\n* contador de pulsos digitales\n* Voltaje de entrada\n* Resistencia de etnrada\n* Salida digital\n* Salida IR\n* Salida serial."]
["8.9","Memoria RAM","Minimo 64MB.  "]
["8.10","Memoria Flash","256 MB"]
["8.11","Sensor interno de captura de códigos IR","Si"]
["8.12","Reloj","*Reloj de tiempo real integrado con pila o batería."]
["8.13","Alimentación","*Alimentación PoE 802.3af o 12-28 VCC."]
["8.14","Diseño","*Para instalación en rail DIN o rack 19\""]
["8.15","Administración por","*Servidor web y web de administración para configuración."]
["8.16","Instalación","Debe inlcuir:\n* El dispositivo\n* Cables de instalación, y cable fuente.\n* Guia de instalación\n* Manual de funcionamiento."]
["8.17","Vida útil","Mínimo 3 años"]
["8.18","Ficha técnica","Es obligatorio  adjuntar  la ficha técnica junto con el presente anexo"]
[]
[9," Conversor digital / analogico de audio con pantalla tactosensible: Matriz de enrutamiento con control táctil para sonido instalado"]
["9.1","Descripción","Es una consola que permite el enrutamiento de sonido a travez de DANTE, tanto para aplicacionesfijas como en vivo.  Sirve para combinar diferentes tecnologías de red."]
["9.2","Marca","Especificar"]
["9.3","Modelo","Especificar"]
["9.4","Alimentación","110/240 VAC."]
["9.5","Display","De minimo 3.4\" capacitivo, tactil, con resolución minima de 640x180 pixeles."]
["9.6","Conexiones mínimas:","2 puertos IEC para alimentación principal y auxiliar"]
[null,null,"2 x conectores BNC para Word Clock de entrada y salida"]
[null,null,"1 Euroblock de 6 polos para GPIO"]
["9.7","Ranuras para crecimiento","7 ranuras para insertar hasta 7 tarjetas AxC"]
["9.8","Puerto GPIO","Minimo 4 puertos GPIO configurables, puede ser 4 x VCA (ADC 8 bits 0-12V de nivel de entrada) para controlar el fader o activar acciones de nivel"]
["9.9","Software","Debe permitir el control por software"]
["9.10","Interfaz de Audio","Permite la conexión de interfaces de audio AxC, minimo 7 interfaces."]
["9.11","Formato del dispositivo","Para instalación en Rack 19\""]
["9.12","Instalación","Debe inlcuir:\n* El dispositivo\n* Cables de instalación, y cable fuente.\n* Guia de instalación\n* Manual de funcionamiento."]
["9.13","Vida útil","Mínimo 3 años"]
["9.14","Ficha técnica","Es obligatorio  adjuntar  la ficha técnica junto con el presente anexo"]
[]
[10,"ENCODER Y DECODER DE AUDIO Y VIDEO POR HDMI A ETHERNET CON SALIDA NATIVA AES67"]
["10.1","Descripción","Son dos dispositivos que permiten la conversión de una señal por HDMI de video y audio, a AES67 por red (encoder), hasta otro dispositivo que decodifica la señal a HDMI y AES67 nativo."]
["10.2","Marca","Especificar"]
["10.3","Modelo","Especificar"]
["10.4","Codificador / Decodificador"]
["10.4.1","Codec de Video","Algoritmo de compresión de vídeo sin pérdida visual basado en JPEG2000"]
["10.4.2","Codec de Audio","LPCM, AES67"]
["10.4.3","Bit Rates","50 a 800 Mbps"]
["10.4.4","Latencia","Ultra-Baja Latencia Sub-Frame (video sin perdida visual)\n~2ms @ 1080p60 & 4K60 4:4:4\n~4ms @ 1080p30 & 4K30"]
["10.4.5","Protocolo de streaming","IP, UDP, TCP, ICMP, IGMP"]
["10.4.6","Protección de copia","HDCP 2.2, 2.3 AES-256 Encryption"]
["10.5","Video"]
["10.5.1","Maxima resolución","High Dynamic Range (HDR)\n4K60 4:4:4 HDR 8 bit\n4K30 4:4:4 HDR 12 bit\n1080p60 4:4:4 HDR 12 bit\n1080p30 4:4:4 HDR 12 bit\nSupports HDR10, HDR10+, HLG, Dolby Vision"]
["10.5.2","Tipos de señal de entrada (Encoder)","HDMI (con loop de salida) con capacidad de recibir fuentes de entrada de formatos de video hasta los 4K60 4:4:4"]
["10.5.3","Tipos de señal de salida","Decoder: 1x HDMI Capaz de escalar y generar formatos de video de hasta 4K60 4:4:4\nEncoder: (HDMI Loop Out) Capaz de emitir formatos de vídeo de hasta 4K60 4:4:4"]
["10.5.4","Escalador (Decoder)","Supports a wide range of resolutions and rates, up to 4K in/1080P out, 1080P in/4K out, image rotation, and video wall up to 16x16\nIntegrated scaling helps optimize image quality and switching performance"]
["10.6","Audio"]
["10.6.1","Tipos de señal de entrada soportados","HDMI Audio, Analog Stereo Audio.\n• 1 Analog stereo input, unbalanced or balanced\n• 1 Digital input de-embedded from HDMI"]
["10.6.2","Tipos de señal de saliida soportados","HDMI Digital Audio (NLPCM pass-through), Analog Stereo\nAudio, Native AES67 Network Audio\n• 1 Digital audio output via HDMI\n• 1 Analog Stereo Audio balanced output\n• 1 Native AES67 digital audio output (up to 2 channels)"]
["10.6.3","Formatos digitales","Dolby Digital®, Dolby Digital EX, Dolby Digital Plus, Dolby True\nHD, Dolby Atmos, DTS ®, DTS-ES, DTS96/24, DTS-HD High Res,\nDTS-HD Master A udio, DTS:X, LPCM up to 8 channels."]
["10.6.4","Fromato Análogos","Dos (2) canales Estereo"]
["10.6.5","Conversión analogo a digital","24 bit, 48 kHz"]
["10.6.6","Conversión digital a análogo","24 bit, 48 kHz"]
["10.6.7","AES67 nativo","24 bit, 48 kHz"]
["10.6.8","Ajuste de volumen análogo en la salida",";-80 to +20 dB"]
["10.7","Dispositivos de comunicación y control a dispositivos externos"]
["10.7.1","Ethernet","Conectividad a la red para control y trafico de AV (Audio y Video)"]
["10.7.2","USB","USB 2.0 para extensión de señal a otro dispositivo y ruteo."]
["10.7.3","Serial / RS-232","Control y monitorización de dispositivos bidireccionales"]
["10.7.4","GPIO","Para extensión y control con dispositivos compatibles"]
["10.7.5","HDMI","HDCP 2.2, 2.3, EDID (encoder), CEC (decoder)"]
["10.8","Conectores"]
["10.8.1","LAN","Puerto RJ45"]
["10.8.2","Entrada HDMI","Si"]
["10.8.3","Salida HDMI","Si"]
["10.8.4","Salida 1 de 8 pines","Salida GPIO o puerto RS-232"]
["10.8.5","Salida 2 de 8 pines","Entrada de audio analógico balanceado estéreo (Encoder)\nSalida de audio analógico balanceado estéreo (decoder)\nPuertos GPIO en entrada"]
["10.8.6","USB Host (Decoder)","(2) Conector USB tipo A, hembra; puerto host USB 2.0; puerto extensor de señal USB para conexión a un mouse, teclado u otro dispositivo USB 2.0"]
["10.8.7","USB Device (Encoder)","(1) Conector USB tipo B, hembra; puerto de dispositivo USB 2.0; puerto extensor de señal USB para conexión a una computadora u otro host USB 2.0"]
["10.9","Certificado de confirmidad","CE ó FCC ó  C-tick ó RoHS ó WEEE"]
["10.10","Instalación","Debe inlcuir:\n* El dispositivo Encoder y Decoder\n* Cables de instalación, y cable fuente.\n* Guia de instalación\n* Manual de funcionamiento."]
["10.11","Vida útil","Mínimo 3 años"]
["10.12","Ficha técnica","Es obligatorio  adjuntar  la ficha técnica junto con el presente anexo"]
[]
[11,{"$f":"UPPER(\"Encoder  micrófono 4 entradas Dante\")","v":"ENCODER  MICRÓFONO 4 ENTRADAS DANTE"}]
["11.1","Descripción","Es una interfaz para Dante y AES67 el cual permite la integración de micrófonos para trasmitir el audio a travez de la red ethernet, con entrada de Microfono RJ45, tanto en la entrada como en la salida evita errores de cableado.  Cada canal puede ser controlado de manera independiente."]
["11.2","Marca","Especificar"]
["11.3","Modelo","Especificar"]
["11.4","Alimentación","Fuente de alimentación y  PoE (IEEE 802.3af)"]
["11.5","Entradas de micrófino","Cuatro puertos para micrófonos analógicos de un elemento equipados con RJ45 8P8C"]
["11.6","Conector de entrada de micróno","Blindado 8P8C, RJ45"]
["11.7","Alimentación Phantom","48VDC, 14 mA / puerto (protección contra cortocircuito.)"]
["11.8","Impedancia de entrada (balanceada)"," 1.15 kΩ"]
["11.9","Frecuencia de respuesta","15Hz - 22kHz, +0, -3 dB"]
["11.10","THD+N (1 kHz, 0dB gain)","0.003 %"]
["11.11","CMRR (typ.)"," 50 dB"]
["11.12","SRN (Tipica)",";-96dB"]
["11.13","Crosstalk del canal (1 kHz)","<  -80 dB"]
["11.14","Canales Dante / AES67","Minimo 4"]
["11.15","Tasa de muestreo","48 kHz"]
["11.16","Tamaño de la palabra","24 bit"]
["11.17","Opciones de pasa bajas","Apagado, 5 kHz, 7 kHz, 10 kHz."]
["11.18","Opciones de pasa altas","15 Hz, 238 Hz"]
["11.19","Opciones de ganancia","0 dB, +8 dB, +12 dB, +15 dB, +18 dB, +24 dB, 30 dB, +36 dB"]
["11.20","Formato del dispositivo","Case, Soportes incluidos para montaje en cualquier superficie"]
["11.21","Certificados de confirmidad","FCC Part NN (USA) ó CE marked (Europe) ó  RoHS WEEE Directiv"]
["11.22","Instalación","Debe inlcuir:\n* El dispositivo\n* Cables de instalación, y cable fuente.\n* Guia de instalación\n* Manual de funcionamiento."]
["11.23","Vida útil","Mínimo 3 años"]
["11.24","Ficha técnica","Es obligatorio  adjuntar  la ficha técnica junto con el presente anexo"]
[]
[12,{"$f":"UPPER(\"Encoder Video Sobre IP para instalación tipo sobreponer\")","v":"ENCODER VIDEO SOBRE IP PARA INSTALACIÓN TIPO SOBREPONER"}]
["12.1","Descripción","Es un dispositivo que permite manejar video 4K60 4:4:4 a través de 1GbE AV sobre IP.  Integra audio Dante®/AES67 y video sobre IP en una sola plataforma.   integración USB-C para compatibilidad con soft-codecs y una amplia gama de periféricos para una experiencia AV. Proporciona video 4K60 4:4:4 con una latencia ultra baja (sub-frame), garantizando un rendimiento visualmente sin pérdidas y calidad de cine."]
["12.2","Marca","Especificar"]
["12.3","Modelo","Especificar"]
["12.4","Codificador / Decodificador"]
["12.4.1","Codec de Video","Algoritmo de compresión de vídeo sin pérdida visual basado en JPEG2000"]
["12.4.2","Codec de Audio","Dante, AES67"]
["12.4.3","Bit Rates","50 a 800 Mbps"]
["12.4.4","Latencia","Ultra-Baja Latencia Sub-Frame (video sin perdida visual)\n~2ms @ 1080p60 & 4K60 4:4:4\n~4ms @ 1080p30 & 4K30"]
["12.4.5","Protocolo de streaming","IP, UDP, TCP, ICMP, IGMP"]
["12.4.6","Protección de copia","HDCP 2.2, 2.3 AES-256 encriptación"]
["12.5","Video"]
["12.5.1","Maxima resolución","High Dynamic Range (HDR)\n4K60 4:4:4 HDR 8 bit\n4K30 4:4:4 HDR 12 bit\n1080p60 4:4:4 HDR 12 bit\n1080p30 4:4:4 HDR 12 bit\nSoporta HDR10, HDR10+, HLG, Dolby Vision"]
["12.5.2","Tipos de señal de entrada (Encoder)","Minimo dos puertos de HDMI y uno USB-C con capacidad de recibir fuentes de entrada de formatos de video hasta los 4K60 4:4:4"]
["12.5.3","Tipos de señal de salida","Decoder: 1x HDMI Capaz de escalar y generar formatos de video de hasta 4K60 4:4:4\nDecoder: 1x USB-C  Capaz de escalar y generar formatos de video de hasta 1080p60 4:4:4\nEncoder: (HDMI Loop Out) Capaz de emitir formatos de vídeo de hasta 4K60 4:4:4"]
["12.5.4","Conmutador (codificador)","Entrada: 2 x HDMI® y 1 x USB-C, y una salida 1 x HDMI (manual o cambio automático)"]
["12.5.5","Escalador (Decoder)","Admite una amplia gama de resoluciones y velocidades, hasta 4K de entrada/1080P de salida, 1080P de entrada/4K de salida, rotación de imagen y pared de video de hasta 16x16. El escalado integrado ayuda a optimizar la calidad de la imagen y el rendimiento de conmutación."]
["12.6","Audio"]
["12.6.1","Tipos de señal de entrada soportados","Audio HDMI, audio estéreo analógico. Audio de red Dante®/AES67 (hasta 4 canales) \n• 1 entrada estéreo analógica, balanceada o no balanceada \n• 1 entrada digital desincrustada de HDMI"]
["12.6.2","Tipos de señal de saliida soportados","Audio digital HDMI (paso NLPCM), audio estéreo analógico, audio de red Dante®/AES67 \n• 1 salida de audio digital a través de HDMI \n• 1 salida balanceada de audio estéreo analógico \n• 1 salida de audio digital Dante/AES67 (hasta 4 canales)"]
["12.6.3","Formatos digitales","Dolby Digital®, Dolby Digital EX, Dolby Digital Plus, Dolby True HD, Dolby Atmos, DTS ®, DTS-ES, DTS96/24, DTS-HD High Res, DTS-HD Master A udio, DTS:X, LPCM hasta de 8 canales."]
["12.6.4","Fromato Análogos","Dos (2) canales Estereo"]
["12.6.5","Conversión analogo a digital","24 bit, 48 kHz"]
["12.6.6","Conversión digital a análogo","24 bit, 48 kHz"]
["12.6.7","Dante/AES67","24 bit, 48 kHz"]
["12.6.8","Ajuste de volumen análogo en la salida",";-80 to +20 dB"]
["12.7","Dispositivos de comunicación y control a dispositivos externos"]
["12.7.1","Ethernet","Conectividad de red para control y transferencia de tráfico IP a dispositivos LAN remotos"]
["12.7.2","USB","USB 2.0 para extensión de señal a otro dispositivo y ruteo."]
["12.7.3","Serial / RS-232","Control y monitorización de dispositivos bidireccionales"]
["12.7.4","GPIO","Para extensión y control con dispositivos compatibles"]
["12.7.5","IR","Control de dispositivo via infrarojo"]
["12.7.6","HDMI","HDCP 2.2, 2.3, EDID (encoder), CEC (decoder)"]
["12.8","Conectores"]
["12.8.1","LAN 1","Conector RJ-45 de 8 pines, hembra; puerto Ethernet 100BASE-TX/1000BASE-T/puerto PD POE+ (IEEE 802.3at), POE+ Solo se requiere para LAN2 PSE"]
["12.8.2","LAN 2","Conector RJ-45 de 8 pines, hembra; puerto Ethernet 100BASE-TX / 1000BASE-T / puerto PSE POE (IEEE 802.3af)"]
["12.8.3","Entrada HDMI","Si"]
["12.8.4","Salida HDMI","Si"]
["12.8.5","USB-C","Si"]
["12.8.6","Conector 1 de 8 pines","Codificador Entrada de audio analógica balanceada estéreo Decodificador Salida de audio analógica balanceada estéreo"]
["12.8.7","Conector 2 de 8 pines","GPIO compartido, RS-232, Puertos IR"]
["12.8.8","USB Host (Decoder)","(2) Conector USB tipo A, hembra; puerto host USB 2.0; puerto extensor de señal USB para conexión a un mouse, teclado u otro dispositivo USB 2.0"]
["12.8.9","USB Device (Encoder)","(1) Conector USB tipo B, hembra; puerto de dispositivo USB 2.0; puerto extensor de señal USB para conexión a una computadora u otro host USB 2.0"]
["12.9","Certificado de confirmidad","CE ó FCC ó  C-tick ó RoHS ó WEEE"]
["12.10","Instalación","Debe inlcuir:\n* El dispositivo Encoder y Decoder\n* Cables de instalación, y cable fuente.\n* Guia de instalación\n* Manual de funcionamiento."]
["12.11","Vida útil","Mínimo 3 años"]
["12.12","Ficha técnica","Es obligatorio  adjuntar  la ficha técnica junto con el presente anexo"]
[]
[13,{"$f":"UPPER(\"Encoder Video Sobre IP tipo Wall Plate para empotrar en Muro\")","v":"ENCODER VIDEO SOBRE IP TIPO WALL PLATE PARA EMPOTRAR EN MURO"}]
["13.1","Descripción","Es codificador de AV sobre IP de toma de pared. plataforma única para audio y vídeo sobre IP Dante®/AES67. a través de un único puerto Gigabit Ethernet,"]
["13.2","Marca","Especificar"]
["13.3","Modelo","Especificar"]
["13.4","Codificador / Decodificador"]
["13.4.1","Codec de Video","Algoritmo de compresión de vídeo sin pérdida visual basado en JPEG2000"]
["13.4.2","Codec de Audio","LPCM, Dante, AES67"]
["13.4.3","Bit Rates","50 a 800 Mbps"]
["13.4.4","Latencia","Ultra-Baja Latencia Sub-Frame (video sin perdida visual)\n~2ms @ 1080p60 & 4K60 4:4:4\n~4ms @ 1080p30 & 4K30"]
["13.4.5","Protocolo de streaming","IP, UDP, TCP, ICMP, IGMP"]
["13.4.6","Protección de copia","HDCP 2.2, 2.3 AES-256 encriptación"]
["13.5","Video"]
["13.5.1","Maxima resolución","High Dynamic Range (HDR)\n4K60 4:4:4 HDR 8 bit\n4K30 4:4:4 HDR 12 bit\n1080p60 4:4:4 HDR 12 bit\n1080p30 4:4:4 HDR 12 bit\nSoporta HDR10, HDR10+, HLG, Dolby Vision"]
["13.5.2","Tipos de señal de entrada (Encoder)","1x HDMI capaz de recibir formatos de entrada de vídeo de fuente hasta 4K60 4:4:4"]
["13.6","Audio"]
["13.6.1","Tipos de señal de entrada soportados","Audio HDMI, audio de red Dante®/AES67 (hasta 4 canales) \n• 1 entrada digital desincrustada de HDMI \n• 1 entrada de audio digital Dante®/AES67 (hasta 4 canales)\n• 1 entrada estéreo analógica (no balanceada)"]
["13.6.2","Tipos de señal de saliida soportados","Audio digital HDMI (paso NLPCM), audio estéreo analógico, audio de red Dante®/AES67 \n• 1 salida de audio estéreo analógica (no balanceada) \n• 1 salida de audio digital Dante®/AES67 (hasta 2 canales)"]
["13.6.3","Formatos digitales","Dolby Digital®, Dolby Digital EX, Dolby Digital Plus, Dolby True HD, Dolby Atmos, DTS ®, DTS-ES, DTS96/24, DTS-HD High Res, DTS-HD Master Audio, DTS:X, LPCM hasta de 8 canales."]
["13.6.4","Fromato Análogos","Dos (2) canales Estereo"]
["13.6.5","Conversión analogo a digital","24 bit, 48 kHz"]
["13.6.6","Conversión digital a análogo","24 bit, 48 kHz"]
["13.6.7","Dante/AES67","24 bit, 48 kHz"]
["13.6.8","Ajuste de volumen análogo en la salida",";-80 to +20 dB"]
["13.7","Dispositivos de comunicación y control a dispositivos externos"]
["13.7.1","HDMI","HDCP 2.2, 2.3, EDID"]
["13.8","Conectores"]
["13.8.1","LAN 1","Conector RJ-45 de 8 pines, hembra; puerto Ethernet 100BASE-TX / 1000BASE-T / puerto PD POE (IEEE 802.3af)"]
["13.8.2","Conector Barrel 3.5mm","Entrada estéreo analógica (no balanceada)"]
["13.8.3","Conector Barrel 3.5mm","Salida estéreo analógica (no balanceada)"]
["13.8.4","Conector Barrel 3.5mm","Entrada IR sobre IP"]
["13.8.5","Conector Barrel 3.5mm","Salida IR sobre IP"]
["13.8.6","Conector Barrel 3.5mm","RS232 sobre IP"]
["13.9","Certificado de confirmidad","CE ó FCC ó  C-tick ó RoHS ó WEEE"]
["13.10","Instalación","Debe inlcuir:\n* El dispositivo Encoder y Decoder\n* Cables de instalación, y cable fuente.\n* Guia de instalación\n* Manual de funcionamiento."]
["13.11","Vida útil","Mínimo 3 años"]
["13.12","Ficha técnica","Es obligatorio  adjuntar  la ficha técnica junto con el presente anexo"]
[]
[14,"MESA MOVIL DOTACIÓN TIPO RACK"]
["14.1","Descripción","Es una rack móvil para alojar equipos de audio en rack"]
["14.2","Marca","Especificar"]
["14.3","Modelo","Especificar"]
["14.4","Espacios de rack"," 12U (superior), 8U (inferior)"]
["14.5","Acabado ","Negro"]
["14.6","Ruedas","Minimo 4"]
["14.7","Capacidad de carga: ","Mínimo 100 Kg"]
["14.8","Dimensiones:","Altura: 36\" (91.44 cm) Ancho: 21.75\" (55.25 cm) Profundidad: 27\" (68.58 cm)"]
["14.9","Instalación","Debe inlcuir:\n* El rack movil\n* Guia de instalación\n* Manual de funcionamiento."]
["14.10","Vida útil","Mínimo 3 años"]
["14.11","Ficha técnica","Es obligatorio  adjuntar  la ficha técnica junto con el presente anexo"]
[]
[15,"MICROFONO DIGITAL DE EMPOTRAR "]
["15.1","Descripción","Es un micrófono de condensador de montaje empotrado, diseñado para la microfonía a distancia"]
["15.2","Marca","Especificar"]
["15.3","Modelo","Especificar"]
["15.4","Tipo de transductor","Condensador"]
["15.5","Frecuencia de respuesta","60 Hz - 10 kHz "]
["15.6","Patron Polar","Cardioid"]
["15.7","Impedancia de salida","150 ohm"]
["15.8","Sensibilidad","38 mV / Pa @ 1k "]
["15.9","Tasa de señal a aruido","72 dB"]
["15.10","Equivalencia del nivel de ruido","22 dB"]
[null,"SPL Maximo","≥130 dB "]
[null,"Rango dinámico","108 dB"]
["15.11","Conector ","Terminal de bloque"]
[null,"Polaridad","La presión positiva en el diafragma produce un voltaje positivo en el pin 2 en relación con el pin 3 del conector XLR de salida."]
["15.12","Instalación","Debe inlcuir:\n* El dispositivo\n* Cables de instalación, y cable fuente.\n* Guia de instalación\n* Manual de funcionamiento."]
["15.13","Vida útil","Mínimo 3 años"]
["15.14","Ficha técnica","Es obligatorio  adjuntar  la ficha técnica junto con el presente anexo"]
[]
[16,"MICRÓFONO INALAMBRICO DE MANO"]
["16.1","Descripción","Es un micrófono Inalambrico de Mano con capsula dinamica"]
["16.2","Marca","Especificar"]
["16.3","Modelo","Especificar"]
["16.4","Bandas de frecuencia: ","Debe soportar como mínimo la banda de EE1: 530.000–589.975 MHz"]
["16.5","Paso mínimo de frecuencia","25 kH"]
["16.6","Modo de modulación: ","FM "]
["16.7","Desviación maxima"," ±38 kHz (THD: 10%)\n±36 kHz (THD: 10%)"]
["16.8","Rango dinámico (ponderado A, típico):","(entrada de micrófono): >115 dB \n(entrada de instrumento): >112 dB >115 dB "]
["16.9","Distorsión armónica total: ","<1% (a 1 kHz, ±17.5 kHz de desviación)"]
["16.10","Rango de operación","100 m (328') típico (en entorno abierto sin interferencias)"]
["16.11","Rango de temperatura de operación: ",";-5° C a +45° C (23° F a 113° F) o superior"]
["16.12","Frecuencia de respuesta"]
["16.13","simultáneo máximo (recomendado): ","40 canales por banda (dependiendo de la región y la banda)"]
["16.14","Sistema de recepción"]
["16.14.1","Rechazo de imagen: ","60 dB Nominal"]
["16.14.2","Sensibilidad RF: ","20 dBuV a 60 dB S/N ratio (terminación de 50 ohmios)"]
["16.14.3"," Nivel de salida máximo: ","XLR balanceado: +14 dBV 6.3 mm (¼\") desbalanceado: +8 dBV "]
["16.14.4","Entrada de antena: ","Tipo BNC, 50 ohmios "]
["16.14.5","Accesorios incluidos:","* Dos antenas UHF flexibles\n* Fuente o adaptador de energía\n* Adaptador para montaje en rack 19\""]
["16.15","Trasmisor"]
["16.15.1"," Potencia de Salida RF","* Alta: 30 mW, \n* Baja: 10 mW (conmutable), a 50 ohmios "]
["16.15.2","Cápsula de Microfono: ","Rosca estándar intercambiable"]
["16.15.3","Autonomía de la Batería","Mínimo 8 horas"]
["16.10","Instalación","Debe inlcuir:\n* El dispositivo \n* El cargador para el micrófono inalambrico\n* Cables de instalación, y cable fuente.\n* Guia de instalación\n* Manual de funcionamiento."]
["16.11","Vida útil","Mínimo 3 años"]
["16.12","Ficha técnica","Es obligatorio  adjuntar  la ficha técnica junto con el presente anexo"]
[]
[17,{"$f":"UPPER(\"Monitor tipo pantalla de 85\"\"\")","v":"MONITOR TIPO PANTALLA DE 85\""}]
["17.1","Descripción","Es un monitor tipo pantalla de 85\" para trabajo de 27 horas, 7 días de la semana."]
["17.2","Marca","Especificar"]
["17.3","Modelo","Especificar"]
["17.4","Tamaño diagonal: ","85\""]
["17.5","Tipo de panel: ","VA"]
["17.6","Resolución: ","3,840 x 2,160"]
["17.7","Distancia entre píxeles (HxV): ","0.487 x 0.487mm"]
["17.8"," Brillo (Typ): ","500 nit"]
["17.9","Relación de contraste: ",166.66736111111112]
["17.10","Ángulo de visión (H/V): ","178/178"]
["17.11","Tiempo de respuesta: ","10ms"]
["17.12","Gama de colores: ","72% (NTSC)"]
["17.13","Opacidad del vidrio: ",{"v":0.25,"d":"25%"}]
["17.14","Soporte de tiempo de operación: ","2025-07-24"]
["17.15","Conectividad"]
["17.15.1","Entrada HDMI","Minimo 3"]
["17.15.2","Entrada DP:","Mínimo 1"]
["17.15.3","Versión de HDMI:","Minimo 2"]
["17.15.4","Versión de DP: ","Minimo 1.2"]
["17.15.5","Versión de HDCP:","Minimo 2.2"]
["17.15.6","USB:","Minimo 2"]
["17.15.7","Entrada infrarroja: ","Mínimo 1"]
["17.15.8"," Salida de audio: ","Minijack estéreo"]
["17.15.9","Entrada RS232","Mínimo 1"]
["17.15.10","Salida RS232","Mínimo 1"]
["17.15.11","Puerto RJ45 (Ethernet)","Mínimo 1"]
["17.15.12","WiFi:","Mínimo 1"]
["17.15.13","Bluetooth: ","Mínimo 1"]
["17.16","Fuente de alimentación","AC100-240V 50/60Hz"]
["17.17","Temperatura de operación: ","0℃~ 40℃ o superior"]
["17.18","Humedad de operación: ","10 ~ 80 %, sin condensación, o superior"]
["17.19","Montaje VESA: ","600 x 400 mm"]
["17.20","Ancho del bisel: ","13.9mm (uniforme)"]
["17.21","Memoria flash: ","Minimo 16GB"]
["17.22","Certificaciones de conformidad","* Seguridad: 60950-1/62368-1\n* EMC: Clase A\n* Ambiente: Energy Star 8,0, EPEAT\n* IP:  IP5x"]
["17.23","Instalación","Debe inlcuir:\n* El dispositivo\n* Cables de instalación, y cable fuente.\n* Guia de instalación\n* Manual de funcionamiento."]
["17.24","Vida útil","Mínimo 3 años"]
["17.25","Ficha técnica","Es obligatorio  adjuntar  la ficha técnica junto con el presente anexo"]
[]
[18,{"$f":"UPPER(\"Monitor tipo pantalla Tacto Sensible de 85, Smart\"\"\")","v":"MONITOR TIPO PANTALLA TACTO SENSIBLE DE 85, SMART\""}]
["18.1","Descripción","Es una pantalla tacto sensible de 85\""]
["18.2","Marca","Especificar"]
["18.3","Modelo","Especificar"]
["18.4","Tamaño de pantalla ","85\""]
["18.5","Tipo de panel ","VA"]
["18.6","Resolución ","3,840 x 2,160, "]
["18.7","Tamaño de píxel (HxV) ","0.4875(H) mm x 0.4875(W) mm, "]
["18.8","Brillo (Normal) ","350 (sin vidrio), 220 (con vidrio), "]
["18.9","Contraste ","4000:1 (sin vidrio),"]
["18.10"," Ángulo de visión (H/V) ","178/178, "]
["18.11","Tiempo de respuesta ","8ms, "]
["18.12","Gama de color"," 72%,"]
["18.13","Opacidad del vidrio ","2% (sin vidrio), "]
["18.14","Frecuencia de escaneo horizontal"," 30~81 kHz,"]
["18.15"," Frecuencia máxima de píxel"," 594 MHz, "]
["18.16","Frecuencia de escaneo vertical ","48~75 Hz,"]
["18.17","Tiempo de operación soportado ","16/7. "]
["18.18","Conectividad"]
["18.18.1"," Entradas HDMI","Mínimo 2"]
["18.18.2","Entrada DP","Mínimo 1"]
["18.18.3","Versión de HDMI","2.0 o superior"]
["18.18.4"," Versión de DP","1.2 o superior."]
["18.18.5","Versión de HDCP ","2.2 o superior"]
["18.18.6","USB","Mínimo 4"]
["18.18.7","Salida de audio Jack estéreo mini","Si"]
["18.18.8","Entrada RS232 Sí","Mínima una."]
["18.18.9","Entrada RJ45","Mínima una."]
["18.18.10","WiFi","Si"]
["18.18.11"," Bluetooth","Sí"]
["18.19","Suministro de energía ","AC100-240V 50/60Hz"]
["18.20","Temperatura ","0℃~40℃ o superior"]
["18.21","Humedad ","10 ~ 80%, sin condensación, ó superior."]
["18.22","Montaje VESA","600 x 400 mm"]
["18.23","Pantalla táctil","Si"]
["18.24","Tamaño de memoria flash ","Mínimo 32GB. "]
["18.25","PANTALLA TÁCTIL: ","Tecnología táctil IR. "]
["18.26","Instalación","Debe inlcuir:\n* El dispositivo\n* Cables de instalación, y cable fuente.\n* Guia de instalación\n* Manual de funcionamiento."]
["18.27","Vida útil","Mínimo 3 años"]
["18.28","Ficha técnica","Es obligatorio  adjuntar  la ficha técnica junto con el presente anexo"]
[]
[20,"Multivisualizador de video sobre IP 4 entradas 1 salida"]
["2025-01-20","Cantidad","De acuerdo con el cuadro de cantidades"]
["2025-02-20","Marca","Especificar"]
["2025-03-20","Modelo","Especificar"]
["2025-04-20","Video Codec","Algoritmo de compresión de vídeo sin pérdida visual basado en wavelets"]
["2025-05-20","Tasa de Bits","Rango minimo entre 80 a 800 Mbps"]
["2025-06-20","Latencia","Latencia ultrabaja (vídeo sin pérdida visual)\nmaximo 20ms a 1080p y 35 ms a 4K "]
["2025-07-20","Protocolos de transmisión","IP, UDP y/o TCP, ICMP, IGMP"]
["2025-08-20","Protección de copia","HDCP  y/o AES-256"]
["2025-09-20","Resoluciones máximas","4K60 4:4:4 HDR 8 bit\n4K30 4:4:4 HDR 12 bit\n1080p60 4:4:4 HDR 12 bit\n1080p30 4:4:4 HDR 12 bit"]
["2025-10-20","Tipos de señales de entrada (codificador)","Hasta (4) transmisiones AV sobre IP"]
["2025-11-20","Tipos de señal de salida","minimo un (1) HDMI y minimo una salida de video sobre IP"]
["2025-12-20","Escalado integrado","si "]
["2026-01-20","Formatos digitales","Dolby Digital, Dolby Digital EX, Dolby Digital Plus y/o  Dolby True HD, Dolby Atmos y/o  DTS, DTS-ES, DTS96/24, DTS-HD High Res y/o DTS-HD Master Audio, DTS:X, LPCM hasta 8 canales"]
["2026-02-20","Extensión y enrutamiento","señales de host o dispositivo USB 2.0"]
["2026-03-20","Decodificador LAN 1 - 4","Conector RJ-45 de 8 pines, hembra; 100BASE-TX / 1000BASE-T\nPuertos Ethernet"]
["2026-04-20","Codificador LAN","Conector RJ-45 hembra; 100BASE-TX/1000BASE-T\nPuerto Ethernet"]
["2026-05-20","Salida HDMI","HDMI tipo A"]
["2026-06-20","Fuente de Alimentacion ","CA de 100-240 voltios"]
["2026-07-20","Consumo de energía","Maximo 100W"]
["2026-08-20","Certificacion ","CE y/o FCC y/o RoHS y/o WEEE"]
["2026-09-20","Ficha técnica","Es obligatorio  adjuntar  la ficha técnica junto con el presente anexo"]
[21,"Pantalla cerebro control de sala "]
["21.1","Cantidad","De acuerdo con el cuadro de cantidades"]
["21.2","Marca","Especificar"]
["21.3","Modelo","Especificar"]
["21.4","Formato ","minimo 10°"]
["21.5","Tipo ","Tactil TFT LCD con LED backlight"]
["21.6","Resolución ","Minimo Modo horizontal: 1280 x 800 píxeles\nModo vertical: 800 x 1280 píxeles"]
["21.7","Angulo de vision ","Ángulo de visión 170° horizontal, 170° vertical"]
["21.8","Profundidad de color ","32 bits (color verdadero)"]
["21.9","Brillo","Minimo 250 cd/m2"]
["21.10","Tiempo de respuesta ","Maximo 20 ms"]
["21.11","Contraste","800:1"]
["21.12","Configuracion ","Debe soportar administracion WEB"]
["21.13","Codecs","H.263, H.264, H.265,  \"MJPEG o MPEG-2\""]
["21.14","Audio","Micrófono integrado\nAltavoces integrados"]
["21.15","Puerto comunicación ","10/100/1000 BaseT LAN, RJ-45"]
["21.16","Fuente de alimentación","Power over Ethernet (PoE), 802.3af"]
["21.17","Memoria ","2 GB RAM"]
["21.18","Memoria flash","NAND de 16 GB (EMMC)"]
["21.19","Ficha técnica","Es obligatorio  adjuntar  la ficha técnica junto con el presente anexo"]
[]
[22,"Pantalla reserva de sala"]
["22.1","Cantidad","De acuerdo con el cuadro de cantidades"]
["22.2","Marca","Especificar"]
["22.3","Modelo","Especificar"]
["22.4","Formato ","minimo 10°"]
["22.5","Tipo ","Tactil TFT LCD con LED backlight"]
["22.6","Resolución ","Minimo Modo horizontal: 1280 x 800 píxeles\nModo vertical: 800 x 1280 píxeles"]
["22.7","Angulo de vision ","Ángulo de visión 170° horizontal, 170° vertical"]
["22.8","Profundidad de color ","32 bits (color verdadero)"]
["22.9","Brillo","Minimo 250 cd/m2"]
["22.10","Tiempo de respuesta ","Maximo 20 ms"]
["22.11","Contraste","800:1"]
["22.12","Codecs","H.263, H.264, H.265,  \"MJPEG o MPEG-2\""]
["22.13","Puerto comunicación ","10/100/1000 BaseT LAN, RJ-45"]
["22.14","Fuente de alimentación","Power over Ethernet (PoE), 802.3af"]
["22.15","Memoria ","2 GB RAM"]
["22.16","Memoria flash","NAND de 16 GB (EMMC)"]
["22.17","Ficha técnica","Es obligatorio  adjuntar  la ficha técnica junto con el presente anexo"]
[]
[23,"Pantallas de video proyeccion (TELON)"]
["23.1","Cantidad","De acuerdo con el cuadro de cantidades"]
["23.2","Marca","Especificar"]
["23.3","Modelo","Especificar"]
["23.4","Tamaño ","minimo 100\""]
["23.5","Relacion Aspecto","16:9\""]
["23.6","Material de la pantalla","AcousticPro UHD"]
["23.12","Ficha técnica","Es obligatorio  adjuntar  la ficha técnica junto con el presente anexo"]
[]
[24,"Procesador de Audio digital"]
["2025-01-24","Cantidad","De acuerdo con el cuadro de cantidades"]
["2025-02-24","Marca","Especificar"]
["2025-03-24","Modelo","Especificar"]
["2025-04-24","Control","Audio y Multimedia"]
["2025-05-24","Canales de Audio ","Analogicos"]
["2025-06-24","Interfaces Digitales","Dante y/o AES"]
["2025-07-24","Puertos seriales","RS 232 y/o RS 485 /DMX"]
["2025-08-24","Salidas y entradas","Minimo dos (2) DIgitales y  dos (2) Analogas "]
["2025-09-24","Fuente de alimentación","110V / 60Hz"]
["2025-10-24","Ficha técnica","Es obligatorio  adjuntar  la ficha técnica junto con el presente anexo"]
[]
[25,"Rack AV Halar y Girar"]
["25.1","Cantidad","De acuerdo con el cuadro de cantidades"]
["25.2","Marca","Especificar"]
["25.3","Modelo","Especificar"]
["25.4","Tamaño","14U"]
["25.5","Capacidad de carga","minimo 80KG"]
["25.6","Formato","19”"]
["25.7","Rieles deslizantes","Minimo cuatro (4)"]
["25.8","Base","Giratoria de acuerdo necesidad"]
["25.12","Ficha técnica","Es obligatorio  adjuntar  la ficha técnica junto con el presente anexo"]
[]
[26,"Sistema Colaboración Inalámbrica"]
["26.1","Cantidad","De acuerdo con el cuadro de cantidades"]
["26.2","Marca","Especificar"]
["26.3","Modelo","Especificar"]
["26.4","Tipo","plug and play"]
["26.5","Software","No requiere instalacion de ningun tipo de Software en el equipo de computo que se desea compartir contenido"]
["26.6","Funcionamineto con base","Wireless 802.11 ac"]
["26.7","Transmision ","Audio y Video"]
["26.8","Modos de transmision","Pantalla o pantalla extendida. "]
["26.9","Compatibilidad","Windows y linux"]
["26.10","Botones ","Tipo C"]
["26.12","Ficha técnica","Es obligatorio  adjuntar  la ficha técnica junto con el presente anexo"]
[]
[27," Sistema de Distribución de Antenas TIPO 1"]
["27.1","Cantidad","De acuerdo con el cuadro de cantidades"]
["27.2","Marca","Especificar"]
["27.3","Modelo","Especificar"]
["27.4","Frecuencia de operacion ","minimo rango entre 480 a 690 MHz"]
["27.5","Antena entrada","minimo una (1) "]
["27.6","Antenas de salida","minimo cinco (5)"]
["27.10","Fuente de alimentación","110V / 60Hz"]
["27.11","Certificación","CE y/o IEC"]
["27.12","Ficha técnica","Es obligatorio  adjuntar  la ficha técnica junto con el presente anexo"]
[]
[28,"Sistema de Distribución de Antenas TIPO 2"]
["28.1","Cantidad","De acuerdo con el cuadro de cantidades"]
["28.2","Marca","Especificar"]
["28.3","Modelo","Especificar"]
["28.4","Frecuencia de operacion ","minimo rango entre 480 a 950 MHz"]
["28.5","Nivel de salida de RF (ganancia)","3 dB"]
["28.6","Impedancia","50 Ohmios"]
["28.7","Antena entrada","minimo una (1) "]
["28.8","Antenas de salida","minimo cuatro (4) por cada cascada"]
["28.9","Cantidad de cascadas","dos (2) "]
["28.11","Fuente de alimentación","110 a 220 V"]
["28.12","Ficha técnica","Es obligatorio  adjuntar  la ficha técnica junto con el presente anexo"]
[]
[29,"Tarjeta Dante para la plataforma Audio"]
["29.1","Cantidad","De acuerdo con el cuadro de cantidades"]
["29.2","Marca","Especificar"]
["29.3","Modelo","Especificar"]
["29.4","Conectores","2 conectores hembra Neutrik EtherCon RJ45-XLR \n2 conectores RJ45"]
["29.5","Salidas de audio","Hasta 64 canales"]
["29.6","Entradas de audio","Hasta 64 canales"]
["29.7","Formato de muestra","24 y/o 32 bits"]
["29.8","Frecuencia de muestreo","44.1 kHz y/o 48 kHz y/o 88.2 kHz y/o 96 kHz"]
["29.9","Sincronización","Automático desde la red Dante"]
["29.10","Tarjeta de sonido virtual Dante","incluida"]
["29.11","Fuente de alimentación","12V"]
["29.12","Ficha técnica","Es obligatorio  adjuntar  la ficha técnica junto con el presente anexo"]
[]
[30,"Tarjeta de 16 Entradas de Micrófono Línea de Alta Densidad"]
["30.1","Cantidad","De acuerdo con el cuadro de cantidades"]
["30.2","Marca","Especificar"]
["30.3","Modelo","Especificar"]
["30.4","Conectores","2xhembra DB-25 "]
["30.5","Número de entradas","AxC-AS16M: 16 entradas de micrófono/línea"]
["30.6","Frecuencia de muestreo","44.1 kHz y/o 48 kHz y/o 88.2 kHz y/o 96 kHz"]
["30.7","Especificación de entrada","Micrófono/línea balanceada"]
["30.8","Nivel máximo de entrada","24 dBu"]
["30.9","Rango de ganancia analógica"," 0 a +80dB (paso de 0,5 dB)"]
["30.10","Sensibilidad de entrada","24dBu a -56dB"]
["30.11","Impedancia de entrada","2,7 kΩ "]
["30.12","Rango dinámico"," > 115dB ponderado A (> 112dB sin ponderar)"]
["30.13","Respuesta de frecuencia","20Hz – 20kHz +/- 0,2dB"]
["30.14","Fuente de alimentación","12V"]
["30.15","Ficha técnica","Es obligatorio  adjuntar  la ficha técnica junto con el presente anexo"]
[]
[31," Tarjeta de 16 Salidas Analógicas"]
["30.1","Cantidad","De acuerdo con el cuadro de cantidades"]
["30.2","Marca","Especificar"]
["30.3","Modelo","Especificar"]
["30.4","Conectores","2xhembra DB-25 "]
["30.5","Número de salidas","16 salidas analogas"]
["30.6","Frecuencia de muestreo","44.1 kHz y/o 48 kHz y/o 88.2 kHz y/o 96 kHz"]
["30.7","ADC resolución","24 bits"]
["30.8","Respuesta de frecuencia","Rango minimo 20Hz – 20kHz"]
["30.9","Rango dinámico (BW 22 KHz)",">112 dB ponderado A (>110 dB sin ponderar)"]
["30.10","Especificación de salida","Equilibrada en conectores DB-25, <100Ω Impedancia de salida"]
["30.11","Pad de nivel de salida para 0dBfs","24dBu o +10dBu configurable por software a través de la red"]
["30.12","Control de volumen de salida","con control digital en pasos de 0,5 dB por software vía red "]
["30.13","Fuente de alimentación","12V"]
["30.14","Ficha técnica","Es obligatorio  adjuntar  la ficha técnica junto con el presente anexo"]
[]
[32,"PANEL DE RESERVA"]
["30.1","Cantidad","De acuerdo con el cuadro de cantidades"]
["30.2","Marca","Especificar"]
["30.3","Modelo","Especificar"]
["30.4","Formato ","minimo 10°"]
["30.5","Tipo ","Tactil TFT LCD con LED backlight"]
["30.6","Resolución ","Minimo Modo horizontal: 1280 x 800 píxeles\nModo vertical: 800 x 1280 píxeles"]
["30.7","Angulo de vision ","Ángulo de visión 170° horizontal, 170° vertical"]
["30.8","Profundidad de color ","32 bits (color verdadero)"]
["30.9","Brillo","Minimo 250 cd/m2"]
["30.10","Tiempo de respuesta ","Maximo 20 ms"]
["30.11","Contraste","800:1"]
["30.12","Codecs","H.263, H.264, H.265,  \"MJPEG o MPEG-2\""]
["30.13","Puerto comunicación ","10/100/1000 BaseT LAN, RJ-45"]
["30.14","Fuente de alimentación","Power over Ethernet (PoE), 802.3af"]
["30.15","Memoria ","2 GB RAM"]
["30.16","Memoria flash","NAND de 16 GB (EMMC)"]
["30.17","Ficha técnica","Es obligatorio  adjuntar  la ficha técnica junto con el presente anexo"]
[]
[33,"Video Proyector  5000 Lumens"]
["30.1","Cantidad","De acuerdo con el cuadro de cantidades"]
["30.2","Marca","Especificar"]
["30.3","Modelo","Especificar"]
[null,"Tecnologia","DLP "]
[null,"Tipo DMD","1080P"]
[null,"Resolución nativa","1920 x 1080"]
[null,"Brillo","5000 ANSI Lumens"]
[null,"Relación de contraste","500,000 : 1"]
[null,"Color de pantalla","30 bits (1.07 mil millones de colores)"]
[null,"Relación de aspecto nativa"," 16:9  con 4 relaciones de aspecto seleccionables"]
["30.4","Fuente de luz"," LED"]
["30.5","Vida útil de la fuente de luz","Normal/Eco) 20 000/30 000 horas"]
["30.6","Relación de lanzamiento","1.16 ~ 1.88"]
["30.7","Relación de zoom","1.62"]
["30.8","Corrección trapezoidal","Desplazamiento de proyección vertical y horizontal 2D (±30 grados)"]
["30.9","Compensación de proyección","100% ±4.5%"]
["30.10","Tamaño de proyección","60” a 200”"]
["30.11","Fuente de alimentación","100 ~ 240V AC"]
["30.12","Ficha técnica","Es obligatorio  adjuntar  la ficha técnica junto con el presente anexo"]

{"sheet":"Multimedia_P","index":23,"n_rows":51,"n_cols":6,"rows_kept":51}
[]
["ITEM","DESCRIPCIÓN","UND","CANTIDAD","VALOR UNITARIO ","VALOR PARCIAL"]
[1,"Suministro, transporte, instalación, configuración, puesta a punto de cámara de video conferencia PTZ, Incluye accesorios para instalación","und",10,null,{"$f":"E3*D3","v":0}]
[2,"Suministro, transporte, instalación, configuracion, puesta a punto de Codec de audio dante 2 entradas 2 salidas, Incluye accesorios para instalación","und",9,null,{"$f":"E4*D4","v":0}]
[3,"Suministro, transporte, instalación, configuracion, puesta a punto de Codec de Audio 2x2 en Muro. Incluye accesorios para instalación","und",8,null,0]
[4,"Suministro, transporte, instalación, configuración, puesta a punto de Consola Digital de Audio con Tarjeta de Conectividad Dante","und",1,null,0]
[5,"Suministro, transporte, instalación, configuración, puesta a punto de Codec de video HDMI, Incluye accesorios para instalación","und",30,null,0]
[6,"Suministro, transporte, instalación, configuración, puesta a punto de Encoder micrófonos 4 entradas Dante, Incluye accesorios para instalación","und",13,null,0]
[7,"Suministro, transporte, instalación, configuración, puesta a punto de Encoder Video Sobre IP tipo Wall Plate para empotrar en Muro, Incluye accesorios para instalación","und",15,null,0]
[8,"Suministro, transporte, instalación, configuración, puesta a punto de Encoder Video Sobre IP para instalación tipo sobreponer, Incluye accesorios para instalación","und",34,null,0]
[9,"Suministro, transporte, instalación, configuración, puesta a punto de Micrófono Digital de Empotrar , Incluye accesorios para instalación","und",20,null,0]
[10,"Suministro, transporte, instalación, configuración, puesta a punto de Monitor tipo pantalla de 85\" Incluye accesorios para instalación","und",9,null,0]
[11,"Suministro, transporte, instalación, configuración, puesta a punto de Monitor tipo pantalla Tacto Sensible de 85\" Incluye accesorios para instalación","und",10,null,0]
[12,"Suministro, transporte, instalación, configuración, puesta a punto y programación de Pantalla cerebro control de sala de 10\".  Incluye accesorios para instalación","und",10,null,0]
[13,"Suministro, transporte, instalación, configuración, puesta a punto y programación de Pantalla reserva de sala de 10\".  Incluye accesorios para instalación","und",5,null,0]
[14,"Suministro, transporte, instalación, configuración, puesta a punto de Video Proyector DLP 1080P 5000 lumens. Incluye accesorios para instalación","und",10,null,0]
[15,"Suministro, transporte, instalación, configuración, puesta a punto de Sistema Colaboración Inalámbrica","und",12,null,0]
[16,"Suministro, transporte, instalación, Mesa móvil dotación tipo rack","und",1,null,0]
[17,"Suministro, transporte, instalación de Micrófono Inalámbrico de Mano con capsula dinámica","und",3,null,0]
[18,"Suministro, transporte, instalación de Micrófono Inalámbrico de Diadema omnidireccional","und",3,null,0]
[19,"Suministro, transporte, instalación de Estación de carga de dos compartimentos en red con adaptador alterna (CA)","und",3,null,0]
[20,"Suministro, transporte, instalación de Sistema de Distribución de Antenas y Paquete de Antenas Arquitectónicas de Diversidad","und",1,null,0]
[21,"Suministro, transporte, instalación, configuración, puesta a punto de Codec de Audio Para Periodistas 1 entrada por 12 salidas en Dante. Incluye accesorios para instalación","und",1,null,0]
[22,"Suministro, transporte, instalación, configuración, puesta a punto de Pantalla de video proyección de 135\". Incluye accesorios para instalación","und",5,null,0]
[23,"Suministro, transporte, instalación, configuración, puesta a punto de Pantalla de video proyección de 115\". Incluye accesorios para instalación","und",5,null,0]
[24,"Suministro, transporte, instalación, configuración, puesta a punto de Rack AV Halar y Girar. Incluye accesorios","und",1,null,0]
[25,"Suministro, transporte, instalación, configuración, puesta a punto de Multivisualizador de video sobre IP 4 entradas 1 salida. Incluye accesorios para instalación","und",2,null,0]
[26,"Suministro, transporte, instalación, configuración, puesta a punto de Controlador audiovisual sobre red.. Incluye accesorios para instalación","und",5,null,0]
[27,"Suministro, transporte, instalación, configuración, puesta a punto de Controlador KNX sobre red . Incluye accesorios para instalación","und",1,null,0]
[28,"Suministro, transporte, instalación  de Bastidor para montaje en rack de controlador  Incluye accesorios para instalación","und",2,null,0]
[29,"Suministro, transporte, instalación, configuración, puesta a punto de Procesador de Audio digital 8 entradas 8 salidas analogicas con 64 entradas 64 salidas Dante. Incluye accesorios para instalación","und",5,null,0]
[30,"Suministro, transporte, instalación, configuración, puesta a punto de Conversor digital / analógico de audio con pantalla tactosensible. Incluye accesorios para instalación","und",1,null,0]
[31,"Suministro, transporte, instalación, configuración, puesta a punto de Tarjeta Dante para la plataforma Audio ToolBox. Incluye accesorios para instalación","und",1,null,0]
[32,"Suministro, transporte, instalación, configuración, puesta a punto de Tarjeta de 16 Entradas de Micrófono/Línea de Alta Densidad para plataforma  Audio Toolbox  Incluye accesorios para instalación","und",1,null,0]
[33,"Suministro, transporte, instalación, configuración, puesta a punto de Tarjeta de 16 Salidas Analógicas para plataforma de Audio Toolbox  Incluye accesorios para instalación","und",1,null,0]
[null,"CANALIZACIÓN",null,0,null,0]
[34,"Suministro, logística, seguro e instalación de Tubería EMT 3/4\"","ml",165,null,0]
[null,"CABLEADO",null,0,null,0]
[35,"Suministro, transporte, instalación cable  USB A- USB A 3.0 4 pies","und",84,null,0]
[36,"Suministro, transporte, instalación cable HDMI 3 pies","und",147,null,0]
[37,"Suministro, transporte, instalación cable HDMI 6 pies","und",50,null,0]
[38,"Suministro, transporte, instalación cable tipo Patchcore UTP Cat6 Longitud 6 pies","und",363,null,0]
[null,"LICENCIAS",null,0,null,0]
[39,"Suministro, instalación, y puesta a punto de licencia para administracion en la nube de elementos - servicio anual","und",5,null,0]
[40,"Suministro, instalación, y puesta a punto de Software de licenciamiento - servicio anual","und",5,null,0]
[41,"Suministro, instalación, y puesta a punto de licencia de software de recursos premium - servicio anual","und",5,null,0]
[42,"Soporte anual por equipo - Servicio anual","und",205,null,0]
[43,"Suministro de membresia para Avixa por año","und",5,null,0]
[{"$nulls":4},"SUBTOTAL",{"$f":"SUM(F3:F48)","v":0}]
[{"$nulls":4},"IVA",{"$f":"F49*19%","v":0}]
[{"$nulls":4},"TOTAL",{"$f":"F49+F50","v":0}]

{"sheet":"Acceso","index":24,"n_rows":313,"n_cols":5,"rows_kept":313,"merged":[[1,1,1,4],[2,1,2,2],[3,1,3,2],[4,1,4,2],[5,1,5,2],[6,1,6,2],[7,1,7,2],[8,1,8,2],[9,1,9,2],[10,1,10,2],[11,1,11,2],[12,1,12,2],[13,1,13,2],[14,1,14,2],[15,1,15,2],[16,1,16,2],[17,1,17,2],[18,1,18,2],[19,1,19,2],[20,1,20,2],[21,1,21,2],[22,1,22,2],[23,1,23,2],[24,1,24,2],[25,1,25,2],[26,1,26,2],[27,1,27,2],[49,1,49,2],[66,1,66,2],[76,1,76,2],[99,1,99,2],[113,1,113,2],[127,1,127,2],[139,1,139,2],[161,1,161,2],[182,1,182,2],[204,1,204,2],[226,1,226,2],[234,1,234,2],[240,1,240,2],[264,1,264,2],[275,1,275,2],[294,1,294,2]]}
[]
[]
["ITEM","DESCRIPCIÓN",null,"CUMPLE","NO CUMPLE"]
[1,"GENERALIDADES INFRAESTRUCTURA DE CONTROL DE ACCESOS"]
["1.1","El sistema de control de accesos consiste en un conjunto de procesos electrónicos y/o físicos que tiene como finalidad controlar, supervisar y administrar los ingresos a las diferentes áreas de una Sede, lo que permite proteger dichas áreas mientras brinda suficiente libertad al público para moverse con eficiencia. Este sistema contendrá un módulo de administración de los controladores de acceso conectados, lectoras y extensiones de entradas/salidas, asi como registro y control de visitantes. El módulo de administración de acceso deberá proveer un amplio rango de funciones para personalización individual de permisos de acceso al sitio, edificio, piso, perfiles de tiempo, cronogramas y eventos de alarma de acceso. Todas las alarmas de control de acceso como tiempo de apertura excedido en la puerta, acceso denegado, tarjeta desconocida entre otras deben ser desplegadas en la plataforma de integracion como en los clientes propios del sistema de control de acceso. Las alarmas/eventos de control de acceso deberán ser visualizadas con todas las características comunes en mapas de ubicación, documentos/instrucciones de alarma y video tiempo real en la plataforma de integracion."]
[2,"MODULO BMS/VMS PARA CONTROL DE ACCESOS."]
["2.1","Este ítem comprende la mano de obra, herramientas y materiales necesarios para el suministro e instalación de SOFTWARE PARA CONTROL DE ACCESO."]
["2.2","Software para control de acceso hace parte del sistema que administra el 100%  de los dispositivos como: Controladoras (entradas/salidas), lectoras tanto biometricas como tarjetas y bluetooth, botones de salida, estaciones de control de visitantes y servidor principal al igual que las integraciones todo bajo una sola plataforma incluido el enrolamiento de la huella como firma."]
["2.3","Debe ser un sistema abierto, escalable y flexible, que permita la conexion tanto por Wiegand como OSDP de multiples fabricantes, debe permitir la conexion a un sistema BMS utilizando algun protocolo estandar de automatizacion y webservices para conexion con terceros. Debe proporcionar y permitir opciones de arquitectura para implementaciones multisitio, tanto para visitantes como colaboradores."]
["2.4","Debe Permitir Autentificación de inicio de sesión mediante Directorio Activo Microsoft."]
["2.5","Debe ser Compatible con una plataforma de integración ofertada BMS."]
["2.6","Debe implementarse en un equipo de cómputo que supere las características acordes a los requerimientos mínimos de fábrica, esto previendo el crecimiento futuro de la plataforma."]
["2.7","Debe permitir configurar su interfaz con diferentes Idiomas, entre ellos Español."]
["2.8","El software de gestión de control de acceso deberá ser centralizado en un solo servidor y este deberá recibir toda la comunicación de parte de los controladores maestros de acceso sin importar el sitio solo bastando una comunicación TCP/IP."]
["2.9","El software de gestión de control de acceso deberá contar con una conexión remota por servicio Cliente Web desde un explorador de internet o aplicativo móvil que permita la gestión y programación en caso de emergencia desde un teléfono móvil inteligente previamente configurado para tal fin de ser necesario."]
["2.10","El software de gestión de control de acceso deberá poseer diferentes niveles de seguridad de acuerdo a los usuarios del sistema."]
["2.11","El software de gestión de control de acceso deberá contar con mapas interactivos donde se   puedan   utilizar   formatos   DWG   de   AutoCAD   así ́  como   también   imágenes convencionales JPG con el fin que desde estos mapas se pueda interactuar de manera remota con los diferentes puntos de acceso de manera gráfica. (modulo BMS/VMS)"]
["2.12","El software de gestión de control de acceso deberá permitir la generación de reportes automatizados por evento o por agendamiento."]
["2.13","El software de gestión de control de acceso deberá poder controlar puertas o puntos de acceso con y sin lector de manera remota de ser requerido en el futuro."]
["2.14","El software de gestión de control de acceso deberá poder operar de forma centralizada y remota, esto es, podrá configurar los controladores de esta forma y podrá recibir los diferentes eventos desde los controladores remotamente."]
["2.15","El software de gestión de control de acceso deberá permitir la utilización de puertas virtuales en salidas de emergencia de ser requerido en el futuro."]
["2.16","El software de gestión de control de acceso deberá contar con la opción de AntiPassback Local y Global."]
["2.17","El software de gestión de control de acceso deberá contar con la opción de visualización de las fotografías de los usuarios del sistema en tiempo real por medio de pop up automático de ser necesario al momento del paso de la tarjeta por el sistema de lectura."]
["2.18","El software de gestión de control de acceso deberá contar con una solución de visitantes propia o de un tercero que pueda operar dentro de la misma plataforma de gestión de control de acceso actualizando de manera automatizada los controladores para la gestión de ingresos de los visitantes del lugar."]
["2.19","El software o solución de visitantes deberá ser compatible con la lectura del ID completo de la cedula colombiana contenida dentro del código 2D de la misma, realizando esta lectura por medio de un lector 2D el software deberá cargar automáticamente datos de cedula, nombre y apellido del visitante a ingresar."]
["2.20","La solución de visitantes deberá contar con la opción de carga de fotografía del visitante hacia el sistema de gestión de control de acceso, y tambien toma de firma."]
["2.21","Deberá ser Licenciado para soporte y actualizacion por el tiempo del contrato o minimo 5 años para el 100% de los dispositivos."]
[3,"CONTROLADOR DE ACCESO."]
["3.1","Cantidad ","De acuerdo al cuadro de cantidades"]
["3.2","Marca","Especificar"]
["3.3","Modelo","Especificar"]
["3.4","Tecnologia ","Huella Dactilar "]
["3.5","Tiempo de identificacion ","max 1,5 seg"]
["3.6","CPU","ARM® Cortex-A9 core 1GHz o Similar "]
["3.7","Sistema operativo","Linux"]
["3.8","Sensor óptico","certificado PIV IQS por el FBI"]
["3.9","Red/Comunicaciones","Ethernet, RS485, USB"]
["3.10","Capacidad de almacenamiento interna","Flash 512 MB, RAM 512 MB"]
["3.11","Lista de usuarios autorizados","hasta 250,000 Ids"]
["3.12","Puertos","Wiegand de entrada y salida"]
["3.13","Funcionalidades anti fraude","Detección de dedo falso, alerta de coacción y función temporizada de anti-retorno"]
["3.14","Flexibilidad","Lector de tarjetas sin contacto en opción: Prox®, iClass® o MIFARE®/DESFire®/NFC"]
["3.15","Alimentación:","De 12V a 24V DC y/ó Power over Ethernet (PoE), compatible con switches PoE+"]
["3.16","Dimension Alto*Ancho*Profundidad","maximo 160*70'*65 mm"]
["3.17","Condiciones de operación","Temperatura: -10°C a 40°C "]
["3.18","Grado de protección","(IP65) y al vandalismo (IK08)"]
["3.19","Normas de Seguridad","CE y/o CB y/o FCC"]
["3.20","Certificaciones","RoHS y/o REACh y/o WEEE"]
["3.21","Ficha técnica","Del equipo ofertado (es obligatorio adjuntar la ficha técnica junto con el presente anexo, que permita confirmar el cumplimiento de las especificaciones técnicas mínimas aquí indicadas)"]
[4,"TARJETAS RFID"]
["4.1","Cantidad ","De acuerdo al cuadro de cantidades"]
["4.2","Marca","Especificar"]
["4.3","Modelo","Especificar"]
["4.4","Tipo","MIFARE"]
["4.5","Dimensiones","max 5.5 x 8.6 x 0.080 cm"]
["4.6","Rango ","Hasta 10 cm "]
["4.7","Temperatura de operación ","rango desde -10 a 40°C"]
["4.8","Frecuencia de Operación ","13,56 MHz"]
["4.9","Interface RF","ISO 14443 A"]
["4.10","Tiempo de transacción","< 100 ms"]
["4.11","Velocidad de baudios","106 kbps"]
["4.12","Tipo de memoria ","EEPROM ó 1Kbyte (8,192 bits) ó 4 Kbytes (32,768 bits)"]
["4.13","Ciclos","Minimo 98000"]
["4.14","Retención de datos","Minimo 10 años"]
["4.15","Material y acabado","PVC blanco brillante ó blanco ó de PVC ó poliéster"]
["4.16","Ficha técnica","Del equipo ofertado (es obligatorio adjuntar la ficha técnica junto con el presente anexo, que permita confirmar el cumplimiento de las especificaciones técnicas mínimas aquí indicadas)"]
[5,"BOTON DE SALIDA SIN CONTACTO"]
["5.1","Cantidad ","De acuerdo al cuadro de cantidades"]
["5.2","Marca","Especificar"]
["5.3","Modelo","Especificar"]
["5.4","Tipo","Sin contacto"]
["5.5","Sensor ","IR"]
["5.6","indicador","Iluminado "]
["5.7","Contactos ","Normalmente Abierto y Cerrado"]
["5.8","Rango del sensor","Hasta 20 cm "]
["5.9","Ficha técnica","Del equipo ofertado (es obligatorio adjuntar la ficha técnica junto con el presente anexo, que permita confirmar el cumplimiento de las especificaciones técnicas mínimas aquí indicadas)"]
[6,"CONTROLADOR PUERTA DE RED "]
["6.1","Cantidad ","De acuerdo al cuadro de cantidades"]
["6.2","Marca","Especificar"]
["6.3","Modelo","Especificar"]
["6.4","Lectores","Hasta 2 lectores OSDP (multiconexión) o 1 lector Wiegand por controlador"]
["6.5","Cantidad de Puertas","1 puerta"]
["6.6","Credenciales","Hasta 250.000 credenciales almacenadas localmente"]
["6.7","Búfer de eventos","Minimo 200.000 eventos almacenados\nlocalmente"]
[null,"Interfaz de E/S"]
["6.8","Lector","Salida de alimentación: 12 V CC, máx. 500 mA\nDatos: OSDP, Wiegand"]
["6.9","Puerta","Salida de alimentación: 12/24 V CC, puente configurable\nE/S: Entradas supervisadas de sensor de posición de puerta"]
["6.10","Auxiliar","Salida de CC: 12 V, 50 mA\nE/S: Dos puertos, entradas o salidas configurables"]
["6.11","Externa","Entrada supervisada de manipulación externa\nEntrada supervisada de alarma"]
["6.12","Protocolos de red","IPv4, IPv6, HTTP, HTTPSc, TLSc, QoS Layer 3 DiffServ, SMTP, mDNS (Bonjour), UPnP®, SNMP v1/v2c/v3 (MIB-II), DNS/DNSv6, DDNS, NTP, RTSP, RTCP, RTP, TCP, UDP, IGMPv1/v2/v3, DHCPv4/v6, SOCKS, SSH, MQTT"]
["6.13","API ","API abierta para la integración de software"]
["6.14","Entrada de alimentación","12 V CC, máx. 36 W o alimentación a través de Ethernet (PoE) IEEE 802.3at"]
["6.15","Normas de Seguridad","IEC/EN/UL 62368-1 y/o IEC/EN 60950-1 y/o UL 2043, UL 294"]
["6.16","Certificaciones","UL y/o KC y/o VCCI"]
["6.17","Ciberseguridad","Software: Firmware firmado, protección contra retrasos de fuerza bruta"]
["6.18","Seguridad de red","IEEE 802.1X (EAP-TLS) y/o IEEE 802.1AR y/o HTTPS/HSTS"]
["6.19","Carcasa","Aluminio"]
["6.20","Condiciones de funcionamiento","De 0 ºC a 50 ºC ("]
["6.21","Ficha técnica","Del equipo ofertado (es obligatorio adjuntar la ficha técnica junto con el presente anexo, que permita confirmar el cumplimiento de las especificaciones técnicas mínimas aquí indicadas)"]
[7,"ELECTROIMAN CON SENSOR INTERIOR SENCILLO"]
["7.1","Cantidad ","De acuerdo al cuadro de cantidades"]
["7.2","Marca","Especificar"]
["7.3","Modelo","Especificar"]
["7.4","Fuerza de sujeción","600lbs"]
["7.5","Temporizador de bloqueo ","si "]
["7.6","Voltaje","12/24 Vcd"]
["7.7","Consumodecorriente","maximo 12V/600mA,24V/300mA"]
["7.8","Temperatura de operación","10 a 40°C"]
["7.9","Sensor de puerta","NO/NC"]
["7.10","Acabado del imán","Aluminio anodizado."]
["7.11","Acabado de la placa","Zinc"]
["7.12","Tipo","sencillo para una sola puerta"]
["7.13","Ficha técnica","Del equipo ofertado (es obligatorio adjuntar la ficha técnica junto con el presente anexo, que permita confirmar el cumplimiento de las especificaciones técnicas mínimas aquí indicadas)"]
[7,"ELECTROIMAN CON SENSOR INTERIOR DOBLE"]
["7.1","Cantidad ","De acuerdo al cuadro de cantidades"]
["7.2","Marca","Especificar"]
["7.3","Modelo","Especificar"]
["7.4","Fuerza de sujeción","600lbs"]
["7.5","Temporizador de bloqueo ","si "]
["7.6","Voltaje","12/24 Vcd"]
["7.7","Consumodecorriente","maximo 12V/600mA,24V/300mA"]
["7.8","Temperatura de operación","10 a 40°C"]
["7.9","Sensor de puerta","NO/NC"]
["7.10","Acabado del imán","Aluminio anodizado."]
["7.11","Acabado de la placa","Zinc"]
["7.12","Tipo","Doble para puerta doble ala"]
["7.13","Ficha técnica","Del equipo ofertado (es obligatorio adjuntar la ficha técnica junto con el presente anexo, que permita confirmar el cumplimiento de las especificaciones técnicas mínimas aquí indicadas)"]
[8,"FUENTE CONTROL DE ACCESO "]
["8.1","Cantidad ","De acuerdo al cuadro de cantidades"]
["8.2","Marca","Especificar"]
["8.3","Modelo","Especificar"]
["8.4","Tipo ","Fuente de alimentación para control de acceso "]
["8.5","Salidas ","(8) controlados independientemente"]
["8.6","Voltaje de entrada ","115VAC, 60Hz."]
["8.7","Voltaje de salida ","12VDC or 24VDC,"]
["8.8","Proteccion ","3,5A"]
["8.9","Indicadores LED","si "]
["8.10","UL","UL294"]
["8.11","Ficha técnica","Del equipo ofertado (es obligatorio adjuntar la ficha técnica junto con el presente anexo, que permita confirmar el cumplimiento de las especificaciones técnicas mínimas aquí indicadas)"]
[9,"CONTROL DE ACCESO EN RED DE UNA PUERTA"]
["9.1","Cantidad ","De acuerdo al cuadro de cantidades"]
["9.2","Marca","Especificar"]
["9.3","Modelo","Especificar"]
["9.4","Tipo","Compacto"]
["9.5","Lectores","Hasta 2 lectores OSDP (multiconexión) o 1 lector Wiegand por controlador"]
["9.6","Cantidad de Puertas","1 puerta"]
["9.7","Credenciales","Hasta 250000 credenciales almacenadas localmente"]
["9.8","Búfer de eventos","Minimo 200000 eventos almacenados\nlocalmente"]
["9.9","Lector","Salida de alimentación: 12 V CC, máx. 500 mA\nDatos: OSDP y Wiegand"]
["9.10","Puerta","Salida de alimentación: 12/24 V CC, puente configurable\nE/S: Entradas supervisadas de sensor de posición de puerta"]
["9.11","Auxiliar","Salida de CC: 12 V,  de minimo 50 mA\nE/S: Dos puertos, entradas o salidas configurables"]
["9.12","Protocolos de red","IPv4, IPv6, HTTP, HTTPS, TLS, QoS Layer 3 DiffServ, SMTP, mDNS (Bonjour), UPnP, SNMP v1/v2c/v3 (MIB-II), DNS/DNSv6, DDNS, NTP, RTSP, RTCP, RTP, TCP, UDP, IGMPv1/v2/v3, DHCPv4/v6, SOCKS, SSH, MQTT"]
["9.13","API ","API abierta para la integración de software"]
["9.14","Entrada de alimentación","12 V CC, máx. 40 W y/o alimentación a través de Ethernet (PoE) IEEE 802.3at"]
["9.15","Normas de Seguridad","IEC/EN/UL 62368-1 y/o IEC/EN 60950-1 y/o UL 2043, UL 294"]
["9.16","Certificaciones","UL y/o KC y/o VCCI"]
["9.17","Ciberseguridad","Software: Firmware firmado, protección contra retrasos de\nfuerza bruta"]
["9.18","Seguridad de red","IEEE 802.1X (EAP-TLS) y/o IEEE 802.1AR y/o HTTPS/HSTS"]
["9.19","Carcasa","Aluminio"]
["9.20","Condiciones de funcionamiento","De 0 ºC a 50 ºC "]
["9.21","Ficha técnica","Del equipo ofertado (es obligatorio adjuntar la ficha técnica junto con el presente anexo, que permita confirmar el cumplimiento de las especificaciones técnicas mínimas aquí indicadas)"]
[10,"CONTROL DE ACCESO EN RED DE DOS PUERTAS"]
["10.1","Cantidad ","De acuerdo al cuadro de cantidades"]
["10.2","Marca","Especificar"]
["10.3","Modelo","Especificar"]
["10.4","Lectores","Hasta 4 lectores OSDP"]
["10.5","Cantidad de Puertas","2 puertas"]
["10.6","Credenciales","Hasta 250000 credenciales almacenadas localmente"]
["10.7","Búfer de eventos","Minimo 200000 eventos almacenados\nlocalmente"]
["10.8","Lector","Salida de alimentación: 2x 12 V CC, máx. 500 mA\n2 entradas y 2 salidas supervisadas configurables"]
["10.9","Puerta","Salida de alimentación: 12/24 V CC, puente configurable\nRelé de salida: 2x relé NO/NC, máx. 2 A a 30 V CC"]
["10.10","Auxiliar","Salida de CC: 1 salida 12 V CC, máx. 200 mA\n4 entradas/salidas configurables ("]
["10.11","Protocolos de red","IPv4, IPv6 USGv6, ICMPv4/ICMPv6, HTTP, HTTPS, HTTP/2, TLS, QoS Layer 3 DiffServ, SFTP, CIFS/SMB, SMTP, mDNS (Bonjour), UPnP, SNMP v1/v2c/v3 (MIB-II), DNS/DNSv6, DDNS, NTP, NTS, RTSP, RTCP, RTP, SRTP, TCP, UDP, IGMPv1/v2/v3, DHCPv4/v6, ARP, SSH, NTCIP, SIP, LLDP, CDP, MQTT"]
["10.12","API ","API abierta para la integración de software"]
["10.13","Entrada de alimentación","10,5–28 V CC, máx. 36 W y/o alimentación a través de Ethernet (PoE) IEEE 802.3at,"]
["10.14","Normas de Seguridad","IEC/EN/UL 62368-1 y/o IEC/EN 60950-1 y/o UL 2043, UL 294 y/o CAN/CSA-C22.2 N.º 62368-1"]
["10.15","Certificaciones","UL y/o KC y/o VCCI"]
["10.16","Ciberseguridad","Software: Firmware firmado, protección contra retrasos de\nfuerza bruta"]
["10.17","Seguridad de red","IEEE 802.1X (EAP-TLS) y/o IEEE 802.1AR y/o HTTPS/HSTS"]
["10.18","Carcasa","Aluminio"]
["10.19","Condiciones de funcionamiento","De 0 ºC a 50 ºC "]
["10.20","Ficha técnica","Del equipo ofertado (es obligatorio adjuntar la ficha técnica junto con el presente anexo, que permita confirmar el cumplimiento de las especificaciones técnicas mínimas aquí indicadas)"]
[11,"CONTROL DE ACCESO EN RED DE CUATRO PUERTAS"]
["11.1","Cantidad ","De acuerdo al cuadro de cantidades"]
["11.2","Marca","Especificar"]
["11.3","Modelo","Especificar"]
["11.5","Lectores","Hasta 8 lectores OSDP y/o Wiegand"]
["11.6","Cantidad de Puertas","4 puertas"]
["11.7","Credenciales","Hasta 250000 credenciales almacenadas localmente"]
["11.8","Búfer de eventos","Minimo 200000 eventos almacenados\nlocalmente"]
["11.9","Lector","Salida de alimentación PUERTA 1–4: 4 salidas de 12 V CC, total combinado máx. de 2 A"]
["11.10","Puerta","Salida de alimentación PUERTA 1–4: 4 salidas de 12 V CC, total  combinado máx. de 400 mA"]
["11.11","Reles","Minimo un relé  NA/NC"]
["11.12","E/S digital","3 entradas digitales, 1 salida 12 V CC"]
["11.13","Protocolos de red","IPv4, IPv6, HTTP, HTTPS, TLS, QoS Layer 3 DiffServ, SMTP,\nmDNS (Bonjour), UPn®, SNMP v1/v2c/v3 (MIB-II), DNS/DNSv6, DDNS, NTP, RTSP, RTCP, RTP, TCP, UDP, IGMPv1/v2/v3, DHCPv4/v6, SOCKS, SSH, MQTT"]
["11.14","API ","API abierta para la integración de software"]
["11.15","Entrada de alimentación","Entrada de CC: 12 V CC, 36 W máx y/o Alimentación a través de Ethernet (PoE) IEEE 802.3at"]
["11.16","Normas de Seguridad","IEC/EN/UL 62368-1 y/o IEC/EN 60950-1 y/o UL 2043, UL 294 y/o CAN/CSA-C22.2 N.º 62368-1"]
["11.17","Certificaciones","UL y/o KC y/o VCCI"]
["11.18","Ciberseguridad","Software: Firmware firmado, protección contra retrasos de\nfuerza bruta"]
["11.19","Seguridad de red","IEEE 802.1X (EAP-TLS) y/o IEEE 802.1AR y/o HTTPS/HSTS"]
["11.20","Carcasa","Aluminio"]
["11.21","Condiciones de funcionamiento","De 0 ºC a 50 ºC "]
["11.22","Ficha técnica","Del equipo ofertado (es obligatorio adjuntar la ficha técnica junto con el presente anexo, que permita confirmar el cumplimiento de las especificaciones técnicas mínimas aquí indicadas)"]
[12,"CONTROL DE ACCESO EN RED DE OCHO PUERTAS"]
["12.1","Cantidad ","De acuerdo al cuadro de cantidades"]
["12.2","Marca","Especificar"]
["12.3","Modelo","Especificar"]
["12.4","Lectores","Hasta 16 lectores OSDP y/o Wiegand"]
["12.5","Cantidad de Puertas","8 puertas"]
["12.6","Credenciales","Hasta 250000 credenciales almacenadas localmente"]
["12.7","Búfer de eventos","Minimo 200000 eventos almacenados\nlocalmente"]
["12.9","Lector","Salida de alimentación PUERTA (1–4) (5-8) : 8 salidas de 12 V CC, total combinado máx. de 2 A"]
["12.10","Puerta","Salida de alimentación PUERTA (1–4) (5-8) : 8 salidas de 12 V CC, total  combinado máx. de 400 mA"]
["12.11","Reles","Minimo un relé  NA/NC"]
["12.12","E/S digital","3 entradas digitales, 1 salida 12 V CC"]
["12.13","Protocolos de red","IPv4, IPv6, HTTP, HTTPS, TLS, QoS Layer 3 DiffServ, SMTP, mDNS (Bonjour), UPnP, SNMP v1/v2c/v3 (MIB-II), DNS/DNSv6, DDNS, NTP, RTSP, RTCP, RTP, TCP, UDP, IGMPv1/v2/v3, DHCPv4/v6, SOCKS, SSH, MQTT"]
["12.14","API ","API abierta para la integración de software"]
["12.15","Entrada de alimentación","Entrada de CC: 12 V CC, 36 W máx y/o Alimentación a través de Ethernet (PoE) IEEE 802.3at"]
["12.16","Normas de Seguridad","IEC/EN/UL 62368-1 y/o IEC/EN 60950-1 y/o UL 2043, UL 294 y/o CAN/CSA-C22.2 N.º 62368-1"]
["12.17","Certificaciones","UL y/o KC y/o VCCI"]
["12.18","Ciberseguridad","Software: Firmware firmado, protección contra retrasos de\nfuerza bruta"]
["12.19","Seguridad de red","IEEE 802.1X (EAP-TLS) y/o IEEE 802.1AR y/o HTTPS/HSTS"]
["12.20","Carcasa","Aluminio"]
["12.21","Condiciones de funcionamiento","De 0 ºC a 50 ºC "]
["12.22","Ficha técnica","Del equipo ofertado (es obligatorio adjuntar la ficha técnica junto con el presente anexo, que permita confirmar el cumplimiento de las especificaciones técnicas mínimas aquí indicadas)"]
[13,"LECTOR DE CÓDIGOS DE BARRAS"]
["13.1","Cantidad ","De acuerdo al cuadro de cantidades"]
["13.2","Marca","Especificar"]
["13.3","Modelo","Especificar"]
["13.4","Seguridad","Validación de certificado del servidor"]
["13.5","Puertas","hasta cinco puertas"]
["13.6","Configuración","Incluye una configuración web"]
["13.7","Aplicación","Identifica y lee un código QR como credencial en uso con sistemas de control de acceso"]
[14,"PEDESTAL"]
["14.1","Cantidad ","De acuerdo al cuadro de cantidades"]
["14.2","Marca","Especificar"]
["14.3","Modelo","Especificar"]
["14.4","Material  ","Acero  Inoxidable "]
["14.5","Dimension ","maximo 10 cm x 135 cm x 9 cm"]
[15,"PASILLO MOTORIZADO TIPO ALAS DE ÁNGEL BIDIRECCIONAL"]
["15.1","Cantidad ","De acuerdo al cuadro de cantidades"]
["15.2","Marca","Especificar"]
["15.3","Modelo","Especificar"]
["15.4","Material gabinete","Acero inoxidable AISI 304 de 1,5 mm de espesor cepillado, sin piezas plasticas."]
["15.5","Resistencia del material:"," A choques, vibraciones, elementos ácidos y alcalinos."]
["15.6","Material Alas: V","Vidrio templado trasparente o Acrilico 12 mm de espesor, permite el paso sin contacto con el usuario."]
["15.7","Indice de protección:"," IP42 o superior."]
["15.8","Fuente de alimentación:","110V y/o 220-240V. 60/50Hz"]
["15.9","Consumo máximo:"," 500W"]
["15.10","Funcionamiento alas: ","Vidrios deslizantes tipo ala de ángel"]
["15.11","Tratamientos de piezas: ","Todas sus piezas mecánicas deben ser metálicas y tratadas contra corrosión por el proceso de bicromatizado trivalente, según la directiva RoHS."]
["15.12","Sensores de alas","Sensores inductivos para control de los puntos de parada de las alas, sin desgaste mecanico, ó equivalente."]
["15.13","Sentido de paso","Sentido de paso bidireccional y/o unidireccional, configurado por software."]
["15.15","MCBF: (Media de ciclos entre fallos):","Mínimo 1 millón de ciclos no condicionado a mantenimiento."]
["15.18","Tiempo mínimo de apertura o cierre ","De las alas: maximo 1 seg."]
["15.19","Ciclos mínimos de operación: ","minimo 2000/día."]
["15.20","Flujo de paso por minuto: ","Alto, 15-30 personas por minuto en tiempo real."]
["15.21","Módulo de control","Debe contar con un módulo de control responsable del control de pasaje. Es un conjunto electrónico microprocesado capaz de integrar, de modo completo, cualquier sistema de control de acceso, contando con entradas y salidas para recibir señales de pasaje y envío de informaciones al sistema de control operante, con interfaz RS232."]
["15.22","Mantenimiento","Puertas basculantes laterales removibles, debe contar con llave de acceso y tornillos para facilitar el acceso al equipo, así mismo que todas las piezas sean intercambiables."]
["15.23","Pictograma de operación: ","De alto brillo, ayudan al usuario, indicando el estado de paso. Pictograma que cambia de color (mínimo verde, rojo) de acuerdo a la validacion."]
["15.24","Emergencias: ","En casos de corte de energía o eventos de emergencia, el equipo debe tener la capacidad para que las alas se abran automáticamente y quede el pasillo libre para evacuación."]
["15.25","Vida ùtil y disponibilidad de piezas: ","Certificado de fábrica de disponibilidad de piezas hasta por 10 años, luego de descontinuado el modelo."]
["15.26","Ficha técnica","Del equipo ofertado (es obligatorio adjuntar la ficha técnica junto con el presente anexo, que permita confirmar el cumplimiento de las especificaciones técnicas mínimas aquí indicadas)"]
[16,"PASILLO MOVILIDAD REDUCIDA."]
["16.1","Cantidad ","De acuerdo al cuadro de cantidades"]
["16.2","Marca","Especificar"]
["16.3","Modelo","Especificar"]
["16.4","Fuente de alimentación:","110V y/o 220-240V. 60/50Hz"]
["16.5","Indicadores LED","Si"]
["16.6","Temperatura de operación","desde : -10°C - +50°C "]
["16.7","Grado de protección","minimo IP54"]
["16.8","Velocidad de apertura ","entre 2 a 4 segundo "]
["16.9","Funcionamiento alas: ","Vidrios deslizantes tipo ala de ángel de movilidada reducida se debe tener brazo bidireccional con apertura 180°."]
["16.10","Ficha técnica","Del equipo ofertado (es obligatorio adjuntar la ficha técnica junto con el presente anexo, que permita confirmar el cumplimiento de las especificaciones técnicas mínimas aquí indicadas)"]
[17,"MAQUINA DE RAYOS"]
["17.1","Cantidad ","De acuerdo al cuadro de cantidades"]
["17.2","Marca","Especificar"]
["17.3","Modelo","Especificar"]
["17.4","Sistema operativo","Windows"]
["17.5","Dimensiones Tunel   (WxH) ","Entre  (65 a 70)  cm  y (40 a 50) cm"]
["17.6","Dimensiones (LxWxH)","Entre  (218 a 220)  cm  , (90 a 96) cm , (130 a 135) cm"]
["17.7","Velocidad del transportador o banda","minimio  20 cm/s"]
["17.8","Resolución de cable","41 AWG típico, 40 AWG estándar"]
["17.9","Penetración de acero","43 mm típico, 41 mm estándar"]
["17.10","Enfriamiento","Baño de aceite dieléctrico sellado con aire forzado"]
["17.11","Ciclo de trabajo","100%, no requiere procedimiento de calentamiento"]
["17.12","Dirección del haz","Diagonalmente hacia arriba"]
["17.13","Tipo de pantalla","Dos monitores planos a color de 21,5”"]
["17.14","Resolución de pantalla","1920 x 1080; color de 24 bits/píxeles"]
["17.15","Temperatura de operación","0ºC to 40ºC"]
["17.16","Fuente de alimentación:","110VAC +/- 10% 50/60Hz, 15 Amp Max\n220 VAC +/- 10% 50/60Hz, 10 Amp Max"]
["17.17","Salud y seguridad","Cumple con las normas del Centro de Dispositivos y Salud Radiológica de la FDA. para sistemas de rayos X de cabina (21-CFR 1020.40). La fuga de radiación típica es inferior a 0,5 mR/h."]
["17.18","Ficha técnica","Del equipo ofertado (es obligatorio adjuntar la ficha técnica junto con el presente anexo, que permita confirmar el cumplimiento de las especificaciones técnicas mínimas aquí indicadas)"]
[18,"ARCO DETECTOR DE METALES"]
["18.1","Cantidad ","De acuerdo al cuadro de cantidades"]
["18.2","Marca","Especificar"]
["18.3","Modelo","Especificar"]
["18.4","Indicaciones de zona","minimo 40"]
["18.5","Programas estándar","Más de 23 programas de aplicación incluidos"]
["18.6","Sensibilidad","Hasta 200 niveles de sensibilidad distintos"]
["18.7","Unidad de control superior","LED, luz de alarma, gráfico de barras, paneles táctiles de control"]
["18.8","Configuraciones a prueba de manipulaciones","Tres niveles de control de acceso"]
["18.9","Programa de autodiagnóstico","Completo y automático"]
["18.10","Aumento de sensibilidad de zona","22 impulsores ajustables independientemente"]
["18.11","Tamaño interior del pasillo maximo:","Ancho:(0,80 m) \nAlto: (2,2 m)\nProfundidad:  (0,60 m)\n"]
["18.12","Tamaño exterior total maximo","Ancho(0,95 m)\nAlto (2,3 m)\nProfundidad (0,65 m)\n"]
["18.13","Temperatura de operación","desde : -10°C - +50°C "]
["18.14","Fuente alimentación","100 to 240 VAC"]
["18.15","Información regulatoria","CE, FCC, CSA, IEC y/o  ICNIRP e IEEE y/o Certificaciones ECAC"]
["18.16","Grado de protección","IP 65"]
["18.17","Construcción","Aluminio de alta resistencia."]
["18.20","Ficha técnica","Del equipo ofertado (es obligatorio adjuntar la ficha técnica junto con el presente anexo, que permita confirmar el cumplimiento de las especificaciones técnicas mínimas aquí indicadas)"]

{"sheet":"Acceso_P","index":25,"n_rows":30,"n_cols":6,"rows_kept":30}
[]
["ITEM","DESCRIPCIÓN","UND","CANTIDAD","VALOR UNITARIO ","VALOR PARCIAL"]
[1,"Sistema gestor de acceso ","und",2,null,{"$f":"E3*D3","v":0}]
[2,"Licencia de conexión para lector","und",300,null,{"$f":"E4*D4","v":0}]
[3,"Servidor sistema de control de acceso ","und",1,null,0]
[4,"Soporte y actualizaciones de fabrica 5 años","und",456,null,0]
[5,"Controladora una puerta ","und",5,null,0]
[6,"Controladora dos puertas","und",8,null,0]
[7,"Controladora cuatro puertas","und",18,null,0]
[8,"Controladora 8 puertas ","und",8,null,0]
[9,"Biométrico ","und",168,null,0]
[10,"Enrolador de huella y tarjeta ","und",5,null,0]
[11,"Botón sin contacto iluminado normalmente abierto y cerrado","und",98,null,0]
[12,"Pedestales para biométricos instalados en espacios con paredes de vidrio ( piso 3,4,5,6)","und",83,null,0]
[13,"Electroimán - con sensor de apertura","und",91,null,0]
[{"$f":"A15+1","v":14},"Electroimán para puerta doble y sensor de apertura","und",35,null,0]
[15,"Contacto magnético / Uso rudo en puertas y ventanas / 42mm de GAP","und",17,null,0]
[16,"Brazo basculantes deben ser validados con el fabricante de las puertas ","und",250,null,0]
[17,"Bisagra para cierre de puerta de vidrio deben ser validados con el fabricante de las puertas ","und",51,null,0]
[18,"Fuente de Poder con cargador de salida múltiple, estas fuentes van instaladas con las controladoras de 8 y 4 puertas","und",36,null,0]
[14,"Torniquete sencillo bidireccionales con mecanismos de bloqueo y absorción de choques, pictogramas de guiado y carcasas en acero inoxidable; Izquierdo","und",1,null,0]
[15,"Suministro e Instalación Torniquete sencillo bidireccionales con mecanismos de bloqueo y absorción de choques, pictogramas de guiado y carcasas en acero inoxidabla, Large hibrido izquierdo","und",1,null,0]
[16,"Torniquete para discapcitados sencillo bidireccionales con mecanismos de bloqueo y absorción de choques, pictogramas de guiado y carcasas en acero inoxidable,","und",1,null,0]
[{"$f":"A23+1","v":17},"Arco Detector de Metales de 33 Zonas con Anclaje para Fijarse al Piso. Incluye Sensor IR para evitar falsas Alarmas / Certificado por la Administración Federal de Aviación de EE. UU. (FAA)","und",4,null,0]
[18,"Equipo de Rayos X incluye pantalla para operacion ","und",2,null,0]
[19,"Cable de control Cable de Cobre / 6 x 18 AWG / Para Interior / Color Blanco / Para Aplicaciones de Alarmas de Intrusión/Control de Acceso/ Automatización / Interfonos y Tv Porteros","mts",4401,null,0]
[20,"Servicio de instalacion y soporte ","gl ",1,null,0]
[{"$nulls":4},"SUBTOTAL",{"$f":"SUM(F3:F27)","v":0}]
[{"$nulls":4},"IVA",{"$f":"F28*19%","v":0}]
[{"$nulls":4},"TOTAL",{"$f":"F28+F29","v":0}]

{"sheet":"Intrusion","index":26,"n_rows":124,"n_cols":5,"rows_kept":124,"merged":[[1,1,1,4],[2,1,2,2],[3,1,3,2],[21,1,21,2],[39,1,39,2],[63,1,63,2],[87,1,87,2],[101,1,101,2]]}
[]
[]
["ITEM","DESCRIPCIÓN",null,"CUMPLE","NO CUMPLE"]
[1,"ALTAVOZ PARA EXTERIOR DE LARGO ALCANCE"]
["1.1","Cantidad ","De acuerdo al cuadro de cantidades"]
["1.2","Marca","Especificar"]
["1.3","Modelo","Especificar"]
["1.4","Transmisión de audio","Unidireccional/bidireccional con cancelación de eco "]
["1.5","Codificación de audio","AAC LC 8/16/32/48 kHz, G.711 PCM 8 kHz, G.726 ADPCM 8 kHz, WAV, MP3 en mono/estéreo de 64 kbps a 320 kbps."]
["1.6",null,"Velocidad de bits variable y constante."]
["1.7",null,"Frecuencia de muestreo de 8 kHz a 48 kHz."]
["1.8","Nivel de presión de sonido máximo",">121 dB"]
["1.9","Respuesta de frecuencia","280 Hz - 12.5 kHz"]
["1.10","Seguridad de Red","Protección por contraseña, filtrado de direcciones IP, cifrado HTTPS a control de acceso a la red IEEE 802.1Xa"]
["1.11","Protocolos compatibles","IPv4/v6, HTTP, HTTPSa, SIP, SSL/TLSa, FTP, CIFS/SMB, SMTP, Bonjour, UPnPTM, SNMP, DNS,, NTP, TCP, UDP, IGMP, ICMP, DHCP"]
["1.12","Interfaz de programación de aplicaciones","API abierta para la integración de software"]
["1.13","VoIP","Compatibilidad con el Protocolo de inicio de sesión (SIP) para la integración con sistemas de voz por IP (VoIP), de punto a punto o integrado con SIP/PBX."]
["1.14","Grado de protección","IP66, NEMA 4X "]
["1.15","Alimentación","Alimentación a través de Ethernet (PoE)"]
["1.16","Peso","máximo 1,5Kg"]
["1.18","Ficha técnica","Del equipo ofertado (es obligatorio adjuntar la ficha técnica junto con el presente anexo)"]
[2,"ALTAVOZ INTERIOR "]
["2.1","Cantidad ","De acuerdo al cuadro de cantidades"]
["2.2","Marca","Especificar"]
["2.3","Modelo","Especificar"]
["2.4","Transmisión de audio","Unidireccional/bidireccional con cancelación de eco "]
["2.5","Codificación de audio","AAC LC 8/16/32/48 kHz, G.711 PCM 8 kHz, G.726 ADPCM 8 kHz, WAV, MP3 en mono/estéreo de 64 kbps a 320 kbps."]
["2.6",null,"Velocidad de bits variable y constante."]
["2.7",null,"Frecuencia de muestreo de 8 kHz a 48 kHz."]
["2.8","Nivel de presión de sonido máximo","110 dB"]
["2.9","Respuesta de frecuencia","200 Hz - 16 kHz"]
["2.10","Seguridad de Red","Protección por contraseña"]
["2.11","Protocolos compatibles","IPv4/v6, HTTP, HTTPS, SSL/TLS, QoS Layer 3 DiffServ, FTP, SFTP, CIFS/SMB, SMTP, Bonjour, UPnP, SNMP v1/v2c/v3 (MIB-II), DNS, DynDNS, NTP, RTSP, RTP, TCP, UDP, IGMPv1/v2/v3, RTCP, ICMP, DHCP, ARP, SOCKS, SSH, NTCIP, SIP"]
["2.12","Interfaz de programación de aplicaciones","API abierta para la integración de software"]
["2.13","VoIP","Compatibilidad con el Protocolo de inicio de sesión (SIP) para la integración con sistemas de voz por IP (VoIP), de punto a punto o integrado con SIP/PBX."]
["2.14","Grado de protección","IP66, NEMA 4X "]
["2.15","Alimentación","Alimentación a través de Ethernet (PoE)"]
["2.16","Peso","máximo 5Kg"]
["2.17","Ficha técnica","Del equipo ofertado (es obligatorio adjuntar la ficha técnica junto con el presente anexo)"]
[3,"RADARES 180°"]
["3.1","Cantidad ","De acuerdo al cuadro de cantidades"]
["3.2","Marca","Especificar"]
["3.3","Modelo","Especificar"]
["3.4","Campo de detección","Horizontal: 180°"]
["3.5","Sensor ","Radar FMCW (onda continua y frecuencia modulada)"]
["3.6","Datos del objeto","Rango, dirección, velocidad, tipo de objeto"]
["3.7","Frecuencia","24,05–24,25 GHz"]
["3.8","Potencia de transmisión de RF","<100 mW"]
["3.9","Distancia de detección","3–60 m al detectar a una persona\n3–85 m al detectar un vehículo"]
["3.10","Precisión de velocidad","de +/- 2 km/h"]
["3.11","Precisión de distancia","0,7 m"]
["3.12","Precisión de ángulo","1°"]
["3.13","Cobertura","* 5600 m2 para personas\n* 11300 m2 para vehículos"]
["3.14","Clasificación del objeto","Personas, vehículos, desconocido"]
["3.15","Controles por radar","Múltiples zonas de detección, detección de traspaso de líneas con una o dos líneas, zonas de exclusión con filtros para objetos que permanecen poco en la escena, velocidad y tipo de objeto.\nActivación/desactivación de la transmisión por radar,\ncoexistencia, opacidad de la cuadrícula, opacidad de la zona, esquema de colores, duración de la estela, sensibilidad de detección, filtro de objetos con balanceo, filtro de objetos pequeños, filtro de objetos giratorios estacionarios, calibración del mapa de referencia con opciones de escala, panorámica y zoom del mapa"]
["3.16","Integración","Con VMS y preset de las camaras PTZ"]
["3.17","Protocolos de red","IPv4/v6, ICMPv4/ICMPv6, HTTP, HTTP/2, HTTPS, TLS, QoS Layer 3 DiffServ, FTP, SFTP, CIFS/SMB, SMTP, mDNS (Bonjour), UPnP, SNMP v1/v2c/v3 (MIB-II), DNS/DNSv6, DDNS, NTP, NTS, RTSP, RTP, TCP, UDP, IGMPv1/v2/v3, RTCP, ICMP, DHCPv4/v6, ARP, SSH, LLDP, CDP, MQTT"]
["3.18","Edge-to-Edge","Emparejamiento de altavoces\nEmparejamiento de la cámara PTZ"]
["3.19","Acciones de eventos","E/S: alternar E/S una vez, alternar E/S mientras la regla esté activa\nLED: LED de estado de flash, LED de estado de flash mientras la regla esté activa\nMQTT: publicar\nNotificación: HTTP, HTTPS, TCP y correo electrónico\nSuperposición de texto\nRadar: autotracking por radar, detección de radar\nGrabaciones: tarjeta SD y recurso compartido de red\nSeguridad: borrar la configuración\nTrampas SNMP: enviar, enviar mientras la regla esté activa\nImágenes o clips de vídeo: FTP, SFTP, HTTP, HTTPS, recurso\ncompartido de red y correo electrónico"]
["3.20","Seguridad","IEC/EN/UL 62368-1 y/o IEC/EN/UL 60950-22."]
["3.21","Condiciones de funcionamiento","De -20 ºC a 50 ºC"]
["3.22","Peso","Maximo 3 Kg"]
["3.23","Ficha técnica","Del equipo ofertado (es obligatorio adjuntar la ficha técnica junto con el presente anexo)"]
[4,"SIRENA ESTROBO DE INTRUSION "]
["4.1","Cantidad ","De acuerdo al cuadro de cantidades"]
["4.2","Marca","Especificar"]
["4.3","Modelo","Especificar"]
["4.4","Tipo ","IP"]
["4.5","Iluminación ","LED rojo, azul, verde, ámbar (RGBA)\nLED blancos"]
["4.6","Nivel de presión de sonido máximo",">110 dB, 1 m a 3.4 kHz"]
["4.7","Patrón de cobertura","Coaxial de 150 grados a 2 kHz"]
["4.8","Vigilancia","Filtrado de direcciones IP, cifrado HTTPS y/o control de acceso a la red IEEE 802.1x (EAP-TLS)."]
["4.9","Registros","Registro de acceso de usuarios, gestión centralizada de certificados"]
["4.10","Protocolos de red","IPv4, IPv6 USGv6, ICMPv4/ICMPv6, HTTP, HTTPS, HTTP/2, TLSa, SMTP, mDNS (Bonjour), UPnP, SNMP v1/v2c/v3 (MIB-II), DNS/DNSv6, DDNS, NTP, NTS, RTSP, RTP, TCP, UDP, IGMPv1/v2/v3, RTCP, DHCPv4/v6, SSH, SIP, LLDP, CDP, MQTT, Secure syslog (RFC 3164/5424, UDP/TCP/TLS)"]
["4.11","Condiciones de evento","E/S: entrada virtual, disparador manual, entrada digital\nLuz y sirena: estado de comprobación de funcionamiento\nEstado del dispositivo: temperatura de funcionamiento, sistema\npreparado, pérdida de red, nueva dirección IP, dirección IP\neliminada\nMQTT: con estado, sin estado\nLlamada: cambiar estado, estado"]
["4.12","Acciones de eventos","Mensaje de trampa SNMP\nLuz y sirena: perfiles, comprobación de funcionamiento\nLED de estado\nNotificación: correo electrónico, HTTP, HTTPS, TCP\nConmutador de E/S\nMQTT\nLlamadas: llamadas SIP\nPublicación MQTT"]
["4.13","Seguridad","CAN/CSA-C22.2 N.º 60950-22 y/o CAN/CSA-C22.2 N.º 62368-1 y/o IEC/EN/UL 62368-1 y/o IEC/EN/UL 60950-22 y/o IEC 62471"]
["4.14","Ciberseguridad","Software: sistema operativo firmado, protección contra\nretrasos de fuerza bruta"]
["4.15","Seguridad de red","IEEE 802.1X (EAP-TLS, PEAP-MSCHAPv2), IEEE 802.1AR,\nHTTPS/HSTS, TLS v1.2/v1.3"]
["4.16","Carcasa","Clasificación IP66, NEMA 4X e IK10"]
["4.17","Alimentación","Alimentación a través de Ethernet (PoE) IEEE 802.3at"]
["4.18","Conectores","RJ45 10BASE-T/100BASE-TX PoE blindado"]
["4.19","E/S","Bloque de terminales de 4 pines de 2,5 mm (2 entradas\ny salidas configurables)"]
["4.20","Condiciones de funcionamiento","De -20 ºC a 50 ºC"]
["4.21","Peso","Maximo 2 kg"]
["4.22","Integracion ","Sistema de VMS "]
["4.25","Ficha técnica","Del equipo ofertado (es obligatorio adjuntar la ficha técnica junto con el presente anexo)"]
[5,"ROAD BLOKERS"]
["5.1","Cantidad ","De acuerdo al cuadro de cantidades"]
["5.2","Marca","Especificar"]
["5.3","Modelo","Especificar"]
["5.4","Alimentación","230V  y/o 110 V"]
["5.5","Velocidad","entre 3  a 6 seg  Ascendiendo/ Descendiendo"]
["5.6","Grado protecccion IP","Piston hidraulico IP68"]
["5.7","resistena al imparto ","minimo 700.000 joules"]
["5.8","Unidad de cilindro hidráulico","Recubrimiento electrostático en polvo sellado contra el polvo de 50 mm"]
["5.9","Sistema","Arriba/Abajo/emergencia"]
["5.10","Unidad de Poder","El motor, la bomba hidráulica y las válvulas solenoides deben  están contenidos en un recubrimiento  galvanizado en caliente de fácil acceso."]
["5.11","Altura del obstáculo","Minimo 450mm"]
["5.12","Compatibilidad ","Con el sistema de control de acceso "]
["5.13","Ficha técnica","Del equipo ofertado (es obligatorio adjuntar la ficha técnica junto con el presente anexo, que permita confirmar el cumplimiento de las especificaciones técnicas mínimas aquí indicadas)"]
[6," TALANQUERA ACCESO VEHICULAR."]
["6.1","Cantidad ","De acuerdo al cuadro de cantidades"]
["6.2","Marca","Especificar"]
["6.3","Modelo","Especificar"]
["6.4","Largo del brazo: ","Recto  en rango desde 3.5 a 4.5 mts y/o articulado a 180° minimo de 3 metros."]
["6.5","Material del brazo: ","Aluminio esmaltado en blanco con bandas rojas antireflectivas."]
["6.6","Cuerpo de gabinete: ","Acero carbono con espesor mínimo de 2 mm, con tratamiento anticorrosión."]
["6.7","Tapa superior: ","Tapa superior removible en acero carbono pintado, con esquinas redondeadas."]
["6.8","Instalación:","Permite instalación a intemperie."]
["6.9","Seguridad:","Puerta provista con cerradura de seguridad con llave, que facilita el acceso al mecanismos y electrónica, así como la fijación del equipo."]
["6.10","Mecanismo: ","Trasmisión secundaria con sistema biela-manivela que asegura el trabado mecánico, perfecto en ambas posiciones finales  (vertical y horizontal) /Autofrenado."]
["6.11","Emergencia: ","Sistema de accionamiento manual para dejar el paso libre en situaciones de emergencia."]
["6.12","Antiaplastamiento:"," Sistema anti-aplastamiento, que retorna la barrera a la posición vertical en caso de colisión."]
["6.13","Sensado","Lazo inductivo y/o fotocelda."]
["6.14","Módulo de control","Debe contar con un módulo de control responsable del control de pasaje. Es un conjunto electrónico microprocesado capaz de integrar, de modo completo, cualquier sistema de control de acceso, contando con entradas y salidas para recibir señales de pasaje y envío de informaciones al sistema de control operante."]
["6.15","Tiempo de apertura: ","máximo 3 segundos."]
["6.16","Control Remoto: ","controles para apertura remota con distancia hasta de 30 metros."]
["6.17","Alimentación:"," 110V AC +/- 10% 60 Hz."]
["6.18","Potencia: ","maximo 180 W."]
["6.19","Grado de protección:"," IP 54 o superior."]
["6.20","MCBF"," (Media de ciclos entre fallos): Mínimo 1.500.000 Ciclos no condicionado a mantenimiento."]
["6.21","Vida ùtil y disponibilidad de piezas: ","Certificado de fábrica de disponibilidad de piezas hasta por 10 años, luego de descontinuado el modelo."]
["6.22","Ficha técnica","Del equipo ofertado (es obligatorio adjuntar la ficha técnica junto con el presente anexo, que permita confirmar el cumplimiento de las especificaciones técnicas mínimas aquí indicadas)"]

{"sheet":"Instrusion_P","index":27,"n_rows":13,"n_cols":6,"rows_kept":13}
[]
["ITEM","DESCRIPCIÓN","UND","CANTIDAD","VALOR UNITARIO ","VALOR PARCIAL"]
[null,"ROAD BLOCKER / BARRERA VEHICULAR",{"$nulls":3},{"$f":"E3*D3","v":0}]
[1,"Road Blocker  de Dos Metros de Longitud ","und",0,null,{"$f":"E4*D4","v":0}]
[2,"Barreras Vehiculares con botón de accionamiento manual para cada una","und",2,null,0]
[3,"Tarjetas de Proximidad hid  1430MGGMN MIRAFARE","und",5000,null,0]
[null,"RADAR Y SPEAKER",null,0,null,0]
[4," Radar Con una cobertura horizontal de 180°","und",4,null,0]
[5,"Altavoz exterior ","und",4,null,0]
[6,"\nServicio de instalación y soporte ","gl ",1,null,0]
[{"$nulls":4},"SUBTOTAL",{"$f":"SUM(F3:F10)","v":0}]
[{"$nulls":4},"IVA",{"$f":"F11*19%","v":0}]
[{"$nulls":4},"TOTAL",{"$f":"F11+F12","v":0}]

{"sheet":"Visitantes","index":28,"n_rows":217,"n_cols":5,"rows_kept":217,"merged":[[1,1,1,4],[2,1,2,2],[3,1,3,2],[7,1,7,2],[8,1,8,2],[9,1,9,2],[10,1,10,2],[11,1,11,2],[12,1,12,2],[13,1,13,2],[14,1,14,2],[15,1,15,2],[16,1,16,2],[17,1,17,2],[18,1,18,2],[19,1,19,2],[20,1,20,2],[21,1,21,2],[22,1,22,2],[23,1,23,2],[24,1,24,2],[25,1,25,2],[26,1,26,2],[27,1,27,2],[28,1,28,2],[29,1,29,2],[30,1,30,2],[31,1,31,2],[32,1,32,2],[33,1,33,2],[34,1,34,2],[35,1,35,2],[36,1,36,2],[37,1,37,2],[38,1,38,2],[39,1,39,2],[40,1,40,2],[41,1,41,2],[42,1,42,2],[43,1,43,2],[44,1,44,2],[45,1,45,2],[46,1,46,2],[47,1,47,2],[48,1,48,2],[49,1,49,2],[50,1,50,2],[51,1,51,2],[52,1,52,2],[53,1,53,2],[54,1,54,2],[55,1,55,2],[56,1,56,2],[57,1,57,2],[58,1,58,2],[59,1,59,2],[60,1,60,2],[61,1,61,2],[62,1,62,2],[63,1,63,2],[64,1,64,2],[65,1,65,2],[66,1,66,2],[67,1,67,2],[68,1,68,2],[69,1,69,2],[70,1,70,2],[71,1,71,2],[72,1,72,2],[73,1,73,2],[74,1,74,2],[75,1,75,2],[76,1,76,2],[77,1,77,2],[78,1,78,2],[79,1,79,2],[80,1,80,2],[81,1,81,2],[82,0,96,0],[82,1,96,1],[97,0,119,0],[97,1,119,1],[120,1,120,2],[123,1,123,2],[124,1,124,2],[125,1,125,2],[126,1,126,2],[127,1,127,2],[128,1,128,2],[129,1,129,2],[130,1,130,2],[132,1,132,2],[133,1,133,2],[135,1,135,2],[137,1,137,2],[139,1,139,2],[140,1,140,2],[141,1,141,2],[142,1,142,2],[143,1,143,2],[144,1,144,2],[146,1,146,2],[147,1,147,2],[148,1,148,2],[149,1,149,2],[157,1,157,2],[158,1,158,2],[159,1,159,2],[160,1,160,2],[161,1,161,2],[163,1,163,2],[167,1,167,2],[168,1,168,2],[169,1,169,2],[170,1,170,2],[171,1,171,2],[172,1,172,2],[173,1,173,2],[174,1,174,2],[175,1,175,2],[176,1,176,2],[178,1,178,2],[179,1,179,2],[188,1,188,2],[189,1,189,2],[197,1,197,2],[198,1,198,2],[199,1,199,2],[200,1,200,2],[201,1,201,2],[203,1,203,2],[204,1,204,2],[205,1,205,2],[207,1,207,2],[208,1,208,2],[209,1,209,2],[211,1,211,2],[212,1,212,2],[213,1,213,2],[216,1,216,2]]}
[]
[]
["ITEM","DESCRIPCIÓN",null,"CUMPLE","NO CUMPLE"]
[1,"GENERALIDADES"]
["1.1","Cantidad ","De acuerdo al cuadro de cantidades"]
["1.2","Marca","Especificar"]
["1.3","Modelo","Especificar"]
["1.1","Se requiere es una solución de software muy bien equipada para la administración y control de visitantes, personal externo y contratistas haciendo uso de registro automático de cédula de ciudadanía de colombiana, permitiendo la toma de fotografía."]
["1.2","Se requiere de una solución de software autónoma que ayude a la gestión de procesos en portería y también puede actuar como complemento a su sistema de control de acceso."]
["1.3","Se requiere de una solución que debe permitir la programación y el control de ingreso especial de periodistas en la institución."]
["1.4","Se requiere una solución de software que permita automatizar procesos en portería como la gestión de correspondencia, equipos, manejo de llaves, registrándolo todo inmediatamente en la minuta digital, la cual le envía reportes automáticos de su gestión en forma periódica. "]
["1.5","Se requiere de una solución de software que destaque la gestión de la seguridad en porterías ubicadas en la institución que cuenta con altos volúmenes de visitas, contratistas y personal externo al interior de las instalaciones. "]
["1.6","Se requiere de una solución que esté especialmente creada con los estándares de seguridad y tecnología de punta de los sistemas más usados en las grandes compañías a nivel mundial y que como muestra de ello cuente con la confianza de grandes compañías en todo el país procesando millones de visitantes al año y gestionando todos sus procesos de portería de una forma segura, ágil y muy confiable con esta solución."]
["1.7","El software debe poder integrarse por lo menos con un sistema de analítica de video."]
["1.8","El software debe permitir la programación previa de visitantes, tanto de manera diaria, como programación de un mismo visitante, durante los siguientes 30 días con salida automática a la media noche."]
["1.9","El software debe contar con un módulo especial para el manejo de covid 19, con un formulario especial de encuesta médica para visitantes y contratistas en el proceso de registro de ingreso."]
["1.10","Base de datos cruzada, lista negra de visitantes infectados por Covid 19 identificados y marcados por la institución, así como su réplica y notificación de alertas a todas las sedes asociadas."]
["1.11","El software debe permitir el control de ingreso de visitantes a través de porterías móviles y/o kioscos auto atendidos."]
["1.12","Perfil de usuario de salud para consultas especializadas."]
["1.14","El software debe estar en la capacidad de ser implementado bajo topologías de multisede centralizado o distribuido con base de datos igualmente centralizado o distribuido."]
[2,"Módulos y Funcionalidades requeridos"]
["2.1","Módulo de Control de Visitantes."]
["2.2","Módulo de Control de Contratistas con su respectiva vigencia en fechas de aportes a seguridad Social."]
["2.3","Módulo de minuta digital"]
["2.4","Módulo de verificación de huella dactilar."]
["2.5","Módulo de lectura automática de cédula de Colombia antigua como nueva."]
["2.6","Módulo de lectura de pasaportes."]
["2.7","Módulo de registro de equipos por lectura de código de barras."]
["2.8","Panel de control centralizado e interfaz rápida."]
["2.9","Módulo de reportes en formatos PDF y EXCEL."]
["2.10","Consultas personalizadas."]
["2.11","Módulo de programación de visitantes."]
["2.12","Módulo de habeas data."]
["2.13","Módulo de creación de órdenes de servicio que estén asociadas a contratistas"]
["2.14","Paquete de gestión extendida: Son controles extendidos para instituciones que requieren más operaciones en la gestión de portería que estén integradas a los centros de costo y/o base de datos de los empleados de la institución."]
["2.15","Módulo de llaves: Control y manejo de llaves de la institución en porterías o recepciones"]
["2.16","Módulo de impresión de escarapelas en impresoras térmicas."]
[3,"Requerimientos  de la Infraestructura "]
["3.1","Servidor: solución de software para que se pueda instalar en un solo equipo o en uno diferente al que queda expuesto en las porterías."]
["3.2"," Base de Datos: aplicación que debe contar con una estructura multi-plataforma de base de datos para ser instalada  -PostgreSQL o SQL Server y que soporte grandes volúmenes de registros, la institución podrá seleccionar cualquiera de los motores de bases de datos antes mencionado y la aplicación deberá soportarlos sin que se requieran desarrollos a la medida.   "]
["3.3","Arquitectura: Debe ser un sistema que cuente con la posibilidad de instalarse en distintas sedes de la institución, es decir una topología con base de datos centralizada o distribuidas con sedes conectadas al servidor principal. "]
[4,"Integración con el sistema de control de acceso físico"]
["4.1","Software  de control de visitantes y gestión de las porterías debe permitir el  Registro Control de Visitantes integrado al sistema de control de acceso físico que se implemente en la institución, permitiendo sincronización de información constante entre los dos sistemas, integrar los niveles de control de acceso, funcionarios, asignación de tarjetas de acceso a los visitantes, o uso de huellas de los mismos para asociarlas a números de tarjetas  para llevar una trazabilidad de la visita (esta trazabilidad debe llevarse en el sistema de control de visitantes) y ser visualizada en el log de eventos del sistema de control de acceso físico, cierre automático de la visita en el sistema de control de visitantes en el momento en que se inserte la tarjeta de control de acceso en un buzón traga tarjetas, es decir, que un usuario del sistema en la portería no deba realizar la salida manual del visitante en el momento de la salida. De igual manera si la institución lo requiere, el sistema debe permitir la salida manual del visitante desde una estación de registro de salida.  "]
["4.2","Estas integraciones deberán ser posibles, gracias a una robusta herramienta de comunicación que exista entre los dos sistemas.  El éxito de esta integración se debe ver reflejado en la información de la que se dispone en todo momento sobre cada visitante y los lugares a los que accede; mientras hace un manejo aún más seguro en la asignación de tarjetas de proximidad."]
["4.3","No debe ser necesario configurar ni parametrizar nada durante la entrada y salida de visitas. El personal de seguridad no deberá realizar tareas complejas para mantener la seguridad del lugar."]
["4.4","El sistema de control de visitantes debe enviar automáticamente al control de acceso el Nombre, ID del visitante, Grupo de acceso, Número de Tarjeta, Destino y la Hora de entrada y Salida. Así las visitas quedan identificadas por nombre y no sólo por un número de tarjeta."]
["4.5","Un solo proceso debe ser suficiente para dar salida la visita en donde debe ser posible dar salida a las visitas automáticamente en la integración del sistema de control de visitantes con el control de acceso. "]
[null,"100% Antipass-Back de visitantes:"]
["4.6","Se debe controlar que no se pueda usar o entregar la tarjeta a otra persona hasta que se le de salida a la visita. "]
[null,"Uso todas las tarjetas disponibles:"]
["4.7","Se debe poder asignar cualquier tarjeta de visita sin limitarse a las tarjetas que pueda tener pre-configuradas para esas zonas o áreas de destino."]
[null,"En cuanto a la integración de los biométricos que dado el caso sean instalados en molinetes, Las funcionalidades  requeridas con dispositivos biométricos son las siguientes: :"]
["4.8","Luego de tomarle los datos básicos al visitante, como nombre, cedula, teléfono, dirección, empresa, fotografía, etc., se procede a capturar la huella digital del visitante y  esta deberá quedar almacenada en la base de datos del sistema de control de visitantes."]
["4.9","Si el visitante regresa nuevamente a una segunda o más visitas, tendrá ya almacenados los datos básicos como nombre, cedula, teléfono, dirección, empresa, fotografía, así como su huella dactilar. El usuario del sistema al momento de registrar la segunda visita o futuras visitas, podrá decidir si necesita verificar la huella almacenada con la del visitante que en ese instante se está registrando, esto con el fin de evitar que los visitantes sean suplantados. Las huellas con esta primera opción son almacenadas en una base de datos del sistema para sus posteriores consultas."]
["4.10","El software debe permitir el registro de cédulas de ciudadanía colombiana a través de pistolas de lectura del código de barras 2D   que contiene el número y los nombres y apellidos completos del ciudadano."]
["4.11","En el momento del registro de la visita se puede ingresar el  Teléfono y dirección del visitante."]
["4.12","El software debe permitir llevar  un  registro  fotográfico  actualizado  de  la  persona  a  quien  pertenece  la  cédula  de ciudadanía."]
["4.13","El software debe permitir el registro biométrico de la huella del visitante."]
["4.14","El sistema debe permitir de manera opcional capturar la firma digital del visitante para la autorización de tratamiento de datos personales Habeas Data de acuerdo a la Ley 1266 de 2008."]
["4.15","El operador podrá seleccionar los sitios a donde se dirige, permitiéndose registrar múltiples sitios o áreas dentro de las instalaciones de la INSTITUCIÓN."]
["4.16","El sistema deberá permitir selección no solo el área en donde será atendida la visita, sino también un sitio o punto específico (ejemplo: Sala de reunión #1, sala #2, etc.)"]
["4.17","A cada visitante se le deberá llevar el registro histórico de los ingresos y los servidores y/o ubicaciones visitadas de acuerdo a lo registrado en el software que debe permitir por medio de reportes de visitas en rangos de fechas que podrán establecer los operarios del sistema."]
["4.18","En el software debe permitir que cada vez que pase un visitante externo por un operador del sistema, éste pueda utilizar los lectores de cédula de ciudadanía, de tarjeta de proximidad, la cámara, el lector biométrico y el lector del código de barras de los equipos que se registran al ingreso, es decir, todos los lectores y/o dispositivos para realizar el registro, minimizando la digitación y los posibles errores de la información de los visitantes."]
["4.19","En caso de falla de algún dispositivo, EL SOFTWARE DEBE PERMITIR el registro manual de la visita, sin embargo se requiere la cámara WEB ya que un requisito mínimo de seguridad del sistema es que se pueda tomar una foto del visitante."]
["4.20","Cuando el ciudadano no cuente con el documento de identificación, EL SOFTWARE DEBE PERMITIR  el registro manual."]
["4.21","Para el registro de los visitantes EL SOFTWARE DEBE PERMITIR   que los  usuarios puedan solicitar el  acceso a  cualquiera de  los  pisos existentes, igualmente cada vez que se registre se podrá ingresar el piso y la dependencia a donde se dirige (como mínimo 12 sitios o áreas de la INSTITUCIÓN)."]
["4.22","El software se debe permitir que en las noches sean desasignadas las tarjetas de las personas que no las evolvieron y se les agregará una novedad automática para que en la próxima visita de esa persona el operador pueda identificar esta situación, de igual manera se bloqueará en el software dicha tarjeta. (esto dado el caso que se utilice asignación de tarjetas y no se haga uso de biometría)"]
["4.23","En el SOFTWARE se deberá guardar la información recolectada en  los  periféricos como  el  lector  de  huella  biométrica, cámara  fotográfica, lector  de  cédula colombiana que a su vez leerá   códigos de barras, realizando la  integración de las tarjetas de proximidad usadas en el sistema de control de acceso físico que sea adquirido por la INSTITUCIÓN y los bienes o equipos que ingresen los usuarios."]
["4.24","EL software debe incluir los licenciamientos de Software requeridos para cada punto de registro de visitantes."]
["4.25","Debe permitir en  la parametrización  como mínimo el registro de 1 huella del visitante."]
["4.26","La solución  se  acogerá a los lineamientos de la Dirección de Informática, es decir, se trabajará con los equipos a los cuales se ponga en funcionamiento, el software deberá permitir y tener todos los parches actualizados del aplicativo del registro de control de acceso y del sistema operativo, internet Explorer, Java y en general se deberá realizar actualizaciones permanentemente, para evitar vulnerabilidades en la plataforma tecnológica."]
["4.27","EL SOFTWARE DEBE PERMITIR generar el reporte de estadísticas de ingreso por áreas de destino más usadas, cantidad de ingresos y salidas de un visitante."]
["4.28","EL SOFTWARE DEBE PERMITIR generar reportes, indicando número de registros de visitantes y alertas generadas por cada uno de los operadores del sistema, dichas alertas se generan de acuerdo a información que registren previamente los operadores o en el momento de registrar a un visitante por primera vez."]
["4.29","la solución EL SOFTWARE DEBE PERMITIR la  captura de huellas, tarjetas de proximidad, carnets, códigos de barras de los seriales de los equipos o elementos con los que ingresen los visitantes."]
["4.30","El sistema en su configuración  debe permitir  establecer el nivel de seguridad a diferentes usuarios que utilicen el aplicativo."]
["4.31","La definición de las contraseñas a utilizar en el aplicativo, deberá establecerse con un mínimo de 8 caracteres de  longitud con letras en mayúscula, letras  en minúscula, números y caracteres especiales."]
["4.32","El sistema para el registro y  control de ingresos de visitantes,  debe garantizar una integración con el sistema de control de acceso"]
["4.33","El software debe contar con un módulo en donde se puedan establecer estados o (reconocimiento de alertas o alarmas) asociadas a los visitantes, también se podrá ver en cada una de las estaciones una opción que permita visualizar cuantas visitas a realizado una persona en el mismo día."]
["4.34","El sistema debe permitir la conexión ilimitada de usuarios a la base de datos del sistema a través de un navegador web para el pre agendamiento de visitantes, lo anterior si necesidad de que se deban adquirir licenciamientos adicionales."]
["4.35","Autorización de visitas programadas: Cuando uno de los empleados o funcionarios realice un pre agendamiento de una visita, éste no se podrá ver reflejado en la portería o recepción, hasta tanto no se de una previa autorización en el sistema por parte de un funcionario jefe de seguridad."]
["4.36","Módulo de bloqueo de visitantes por diferentes motivos que se deben describir en un formulario especial."]
["4.37","El software debe contar con un módulo especial para el monitoreo de visitantes programados, activos y cancelados por parte del personal de seguridad de la institución."]
["4.38","La solución deberá permitir la generación de informes de:","Informe  de entradas  de visitantes y contratistas."]
[null,null,"Informe  de entrada y salida de visitantes / contratistas  por sitio  visitado."]
[null,null,"Informe  de visitantes y contratistas dentro de las instalaciones."]
[null,null,"Cantidad  de usuarios  atendidos  por estaciones  de acceso."]
[null,null,"Cantidad  de visitas  por persona."]
[null,null,"Cantidad  de visitas  de la persona a la institución."]
[null,null,"Cantidad  de registros  por digitadora  o vigilante."]
[null,null,"Cantidad  de personas  por destino  o dependencia."]
[null,null,"Detalle  de elementos  ingresados  por persona."]
[null,null,"Informe  de trazabilidad  de una visitante o contratistas dentro de las instalaciones."]
[null,null,"Informe  estadístico  de ingresos  de visitantes y contratistas semanales, mensuales  y anuales."]
[null,null,"Alerta  sobre  personas   sospechosas   y vehículos.   el sistema  debe  permitir  registrar  alertas  a una cedula  especifica.   y se debe  activar  este  mensaje  cada  vez que  la persona  intente  ingresar  a la institución."]
[null,null,"Informe  de personas  que visitaron  la institución  en un día específico  y a determinada   hora."]
[null,null,"Informe  de los visitantes  que no entregaron  el carnet en el momento  de salida al final del día."]
[null,null,"Relación de tarjetas de proximidad que no devolvieron al final del día."]
["4.39","La solución debe generar reportes de:","Verificación  de que el usuario solo visita lo que especifica  al ingreso, es decir,  en donde el sistema registrará  para dónde va el visitante,  esto según los alcances de la integración del sistema de control de acceso y si no está dentro de estos parámetros, el sistema de control de acceso no permitirá el acceso a otras puertas diferentes a las indicadas en el registro dado en el software."]
[null,null,"Saber cuáles  son los funcionarios y los sitios más visitados."]
[null,null,"Registro de visitantes  en un día específico  y a determinada  hora."]
[null,null,"Cantidad  de visitas por persona y/o por lugar a visitar."]
[null,null,"Consulta  independiente  de las visitas del día y registro de los datos de un visitante  esperado."]
[null,null,"Informe  de entradas  para personas  y vehículos."]
[null,null,"Informe  de entrada y salida de personas  por ubicación  visitada."]
[null,null,"Informe  de personas  dentro de las instalaciones  por periodos  de tiempo."]
[null,null,"Cantidad  de vehículos  dentro de las instalaciones."]
[null,null,"Cantidad  de usuarios  atendidos,  quienes registran equipos en el acceso de visitantes."]
[null,null,"Cantidad  de visitas de la persona a la institución."]
[null,null,"Cantidad  de personas  por destino o dependencia."]
[null,null,"Detalle de elementos  ingresados  por persona."]
[null,null,"Resumen  diario de visitantes."]
[null,null,"Informe  estadístico  de ingresos de personas  semanal,  mensual y anual."]
[null,null,"Los beneficios   al  adquirir  la solución de software    para  complementar   el sistema  de  registro  de  control   de acceso  físico adquirido por la INSTITUCIÓN  deben ser  entre otros los siguientes:"]
[null,null,"Control  de entradas  y salidas  de usuarios."]
[null,null,"Mayor seguridad  y control  del público."]
[null,null,"Disminución  en tiempo  de registro del personal  visitante."]
[null,null,"Integrarse  con el sistema  de control de acceso,  para que con la tarjeta de proximidad  se dé el permiso/restricción   a la apertura de puertas."]
[null,null,"Incrementar    la  seguridad   del  edificio,  teniendo   la  certeza  que  únicamente   ingresan   personas autorizadas."]
[null,null,"Agilidad   en  los  tiempos   de  entrada  y  salida  ya  que  el  personal  autorizado   esta  previamente registrado  en las bases de datos y no se tiene que hacer un registro completo  diario ."]
[null,null,"Mayor control y gestión de todo el personal,  servidores  y visitantes,   es decir,  que  el sistema  le permita   a  la  gente  de  seguridad   saber  que  quien  este  ingresando,   sea  el  visitante   a  quien se le asignó  la tarjeta  de proximidad  con la foto registrada  en el aplicativo."]
[5,"Integración con el sistema de control de acceso físico"]
["5.1","Debe contar con opcion de Pre agendamiento de visitas","Se puede realizar desde Server o desde Portería "]
["5.2","Agendamiento de Visitas Masivas","Carga Masiva desde archivo plano"]
["5.3","Restricción de visitas solo con agendamiento"]
["5.4","Conteo automático de ingresos al día por visitante"]
["5.5","Control de Equipos mediante Código de barras"]
["5.6","Registro cambio de turnos de vigilancia"]
["5.7","Registro  automático de eventos del sistema y novedades del día en la minuta digital"]
["5.8","Historial de Minuta Digital"]
["5.9","Reporte manual de eventos en la minuta digital (Para personal de Seguridad y administrador del Sistema)"]
["5.10","Contador de visitas activas en tiempo real"]
["5.11","Registro de Visitas a Múltiples Destinos","El personal de seguridad podrá asignar a un visitante múltiples destinos con diferentes responsables de la visita"]
["5.12","Registro de foto, huella, firma digital, documento de identidad"]
["5.13","Captura de datos desde Documento de identidad"]
["5.14","Impresión de escarapela con campos predefinidos","Nombre de la empresa, foto del visitante, marca de la empresa, ID, Destino, Centro de costos, Fecha de ingreso, Código de Barras, Texto adicional"]
["5.15","Búsqueda de Visitas activas desde equipo de computo"]
["5.16","Registro de empresas de visitantes","creación de empresas con visitas recurrentes"]
["5.17","Gestión para préstamo y entrega de llaves"]
["5.18","Observación sobre visitas programadas","Se podrá incluir observaciones importantes a tener en cuenta a la hora de la visita"]
["5.19","Control de entrada y salida de visitantes y contratistas"]
["5.20","Registro de entrada y salida de correspondencia"]
["5.21","Lectura automática de documento de identificación para Colombia con lectores 2d"]
["5.22","Asociación de numero de carnet al visitante"]
["5.23","Opcion de uso de Móvil (Porterías móviles)"]
["5.24","Gestión de Llaves"]
["5.25","Registro de visita con selección de sitios de reunión","Puede configurarse las instrucciones de llegada al sitio de reunión, las cuales serán visibles en la escarapela del visitante"]
["5.26","Cargue Masivo de Sitios de Reunión"]
["5.27","Creación de Sitios de reunión"]
["5.28","Alerta sobre visitantes Especiales"]
["5.29","Alerta y bloqueo sobre visitantes sospechosos "]
["5.30","Gestión de Porterías","Control en el registro de porterías en el sistema ®"]
["5.31","Actualización de empleados desde el sistema de Control de acceso. Empleados activos e inactivos","Esta funcionalidad permite quitar los permisos de ingreso a personal que ya no trabaja para la compañía."]
["5.32","Configuración de diferentes tipos de equipos","Creación, adición o eliminación de equipos que va a manejar la aplicación"]
["5.33","Configuración de diferentes tipos de documentos","El usuario puede determinar qué tipo de documentos va a manejar la aplicación"]
["5.34","Configuración de órdenes de servicio para contratistas","Se asocia una orden de servicio a un trabajo específico, el cual puede tener caducidad, horarios y personal asignado a la labor"]
["5.35","Programación de Restricciones a contratistas y visitantes ","Restricciones configurables según tipo de visitantes y por diferentes requisitos"]
["5.36","Salida Masiva de equipos y herramientas","para facilitar la salida de los contratistas con gran cantidad de equipos y herramientas, se puede seleccionar simultaneamente el grupo para aprobar la salida"]
["5.37","Cargue Masivo de Empleados y centros de costos y desde archivo plano"]
["5.38","Creación de Roles y configuración de permisos asociados a perfiles de usuarios "]
["5.39","Búsqueda por filtro"]
["5.40","parámetro configurable para el Cierre automático de visitas"]
["5.41","Control del tiempo permitido para salir de las instalaciones, después de terminada la visita"]
["5.42","Recuperación de la última visita realizada","Agilidad en el ingreso para visitas recurrentes"]
["5.43","Validación de Ordenes de servicios para contratistas"]
["5.44","Descarga de formato para cargue masivo de visitantes","Archivo guía para la gestión de cargue masivo"]
["5.45","Generación de reportes y consultas"," Se pueden exportar a PDF y EXCEL"]
["5.46","Fecha de caducidad de aportes a seguridad social de los contratistas","Se puede filtrar por empresas o por contratistas"]
["5.47","Reportes y estadísticas de ingreso, por centro de costos y empleados con el total de horas acumuladas de las visitas"]
["5.48","Reporte de ingreso de contratistas, con total de ingresos , horas y generación de promedio de permanecía por visita"]
["5.49","Reporte de ingreso de equipos"]
["5.50","Empleado o funcionario más visitado por rango de fecha"]
["5.51","Estadísticas visitantes más frecuentes"]
["5.52","Reportes de ingreso por puntos de acceso (portería con mayor tráfico)"]
["5.53","Reporte Horas pico de visitas"]
["5.54","Reporte de sitios o centros de costos más visitados"]
["5.55","Reporte de visitas por día"]
["5.56","Reportes de visitas por funcionarios, residentes y empleados"]
["5.57","Consultas de Correspondencia","Filtro por: Rango de fecha, fecha de entrega, centro de costos, sedes, tipo de correspondencia, Numero de guía, transportadora, remitente, si fue entregada o no"]
["5.58","Historial de visitas por visitantes"]
["5.59","Detalles de visitas por visitantes"]
["5.60","consulta de llaves","Filtro por: Rango de fechas, motivo, sede, entregadas o no, tipo de solicitante, quien autoriza, llaves"]
["5.61","Minuta digital","Filtro por: Rango de fechas, usuario, sede, portería, evento"]
["5.62","Visitas Activas","Filtro por: Rango de fechas, centro de costos, sitios de reunión, empleado, identificación, nombre del visitante, tipo de escarapela, número de escarapela, placa vehículo, empresa, usuario, sede, entrada con vehículo, tipo de visitante, estado del visitante."]
["5.63","visitas por centros de costos","Filtro por: Rango de fechas, centro de costos, sitios de reunión, empleado, identificación, nombre del visitante, placa vehículo, empresa, usuario, sede, entrada con vehículo, tipo de visitante, estado del visitante."]
["5.64","visitas cumplidas, programación de visitas","puntualidad de las visitas pre agendadas"]
["5.65","Visitas Retrasadas","visitas que incumplieron el tiempo de llegada"]
["5.66","Visitas por empleado","Filtro por: Rango de fecha, empleado, sitio, sede, identificación, nombre del visitante, número de escarapela y empresa"]
["5.67","Trazabilidad de visitas","Requiere integración con sistema de control de acceso"]
["5.68","Visitas por funcionarios"]
["5.69","Consulta de Visitas por áreas"]
["5.70","Sincronización entre las bases de datos  de registro de: visitantes , empleados y centros de costos","Sedes distribuidas"]
["5.71","Control de porterías por sede","Sedes distribuidas"]
["5.72","Filtros de datos por sede","Sedes distribuidas"]
["5.73","Alta disponibilidad y autonomía por sede","Sedes distribuidas"]
["5.74","Reportes y consultas centralizadas por sedes","contingencia ante fallas en la red no hay interrupción en el funcionamiento del sistema y restablecimiento de la comunicación se sincroniza y recupera la información de cada sede en el servidor central"]
["5.75","Sincronización bidireccional de visitantes","Sedes distribuidas"]
["5.76","Combinación de diferentes tipos de porterías (fijas, móviles y / o kioscos)","Sedes distribuidas"]
["5.77","Sincronización de los niveles de acceso y empleados con el control de acceso (CA)"]
["5.78","Filtro de niveles de acceso especiales para visitantes"]
["5.79","Registro automático en CA de visitantes (nombre, número de identificación, tarjeta, nivel de acceso)"]
["5.80","Cierre de visita automático en  con la salida física del visitante a través del control de acceso"]
["5.81","Cargue y despliegue de la trazabilidad de la visita "]
["5.82","Liberación del Card Holder para ser más eficientes en el manejo de licenciamiento de los Card Holders","asociación entre tarjeta y persona"]
["5.83","Registro de fecha de expiración de la visita"]
["5.84","Inhabilitación automática de la tarjeta"]
["5.85","Búsquedas"]
["5.86","Facilidad en la parametrización general de la aplicación","Parametrización ágil"]
["5.87","habilitación y deshabilitación de módulos de acuerdo a la necesidad"]
["5.88","Opción de apertura de tornos o molinetes con cédulas"]
["5.89","Registro automático de entrada y salida de visitas desde porterías móviles"]
["5.90","Lectura de tarjeta de proximidad u otra tecnología","Para agilizar el proceso de entrada"]
["5.91","Control de número máximo de visitantes por área para cada funcionario"]
["5.92","Registro de entrada y salida independiente para funcionarios y empleados."]
["5.93","Registro de visita, captura de la foto, lectura de la cédula, consulta de visitas programadas,  registro de equipos, verificación de visitantes, "]
["5.94","Lectura de cédula","Punto de consulta de visitas programadas"]
["5.95","Impresión de sticker para ingreso"]
["5.96","Carta del fabricante donde indique que conoce, acepta y cumple todas las especificaciones y entregar API o SDK necesarios para realizar las integraciones."]

{"sheet":"Visitantes_P","index":29,"n_rows":9,"n_cols":6,"rows_kept":9}
[]
["ITEM","DESCRIPCIÓN","UND","CANTIDAD","VALOR UNITARIO ","VALOR PARCIAL"]
[1,"Licencia Base Software de gestion de visitantes , vitalicia con soporte a 5 años","und",1,null,{"$f":"E3*D3","v":0}]
[2,"Licencia o API para integracion con el sistema de VMS","und",1,null,{"$f":"E4*D4","v":0}]
[3,"Licencia o API para integracion con el subsistema BMS ","und",1,null,0]
[4,"Modulos y Funcionalidades","gl",1,null,0]
[{"$nulls":4},"SUBTOTAL",{"$f":"SUM(F3:F6)","v":0}]
[{"$nulls":4},"IVA",{"$f":"F7*19%","v":0}]
[{"$nulls":4},"TOTAL",{"$f":"F7+F8","v":0}]

{"sheet":"Telefonia","index":30,"n_rows":64,"n_cols":7,"rows_kept":64,"merged":[[1,1,1,4],[2,1,2,2],[3,1,3,2],[31,1,31,2],[52,1,52,2]]}
[]
[]
["ITEM","DESCRIPCIÓN",null,"CUMPLE","NO CUMPLE"]
[1,"TELEFONO IP",{"$nulls":4},"Validar el tema de compatibilidad con el sistema de telefonía que tenga alcaldía"]
["1.1","Cantidad","De acuerdo con el cuadro de cantidades"]
["1.2","Marca","Especificar",{"$nulls":3},"Es importante seguir actualizando el inventario, por los cambios que se realizan, y las necesidades de TI."]
["1.3","Modelo","Especificar"]
["1.4","Tipo","Telefono IP"]
["1.5","Pantalla","Incorporada con retralimentacion blanca."]
["1.6","Lineas soportadas ","Minimo 16"]
["1.7","Protocolo","SIP"]
["1.8","Conectividad","Ethernet 100/1000 o solo 1000Mbps",{"$nulls":3},"Se ajusto deacuerdo al modelo y necesidad a 1000 Mbps"]
["1.9","Funciones soportadas","Mensajería, directorio, espera/reanudación, transferencia y conferencia",{"$nulls":3},"Muy importante involucrar en el plan de migración a la secretaría de innovación, para la compatibilidad con la infraestructura de ellos"]
["1.10","Audio ","Altavoz full-duplex"]
["1.11","Calidad de audio","Minimo Cancelación de eco, reducción de ruido, Control Automático de Ganancia.",{"$nulls":3},"Consultar si el Sipphone permite instalación sobre movil"]
["1.12","Códec soportados","G.711a/um722 y G.729a/b y iLBC y OPUS"]
["1.13","Interfaz","2 x RJ-45 para red y PC\n1 x RJ-9 para auricular"]
["1.14","Control de volumen","Incorporado"]
["1.15","Montaje","Escritorio o pared."]
["1.16","Teclas programables","Si"]
["1.17","Teclas","Teclas de línea, Teclas blandas, Navegación bidireccional, Reanudar, Transferir, Directorio, Altavoz, teclas de silencio."]
["1.18","Tonos de llamada","Se admite diferentes tonos de llamada de acuerdo a configuracion del usuario."]
["1.19","Funciones de seguridad","SRTP y TLS y autenticación 802.1X y archivos de configuración encriptados"]
["1.20","Idioma","Minimo Español e Ingles"]
["1.21","Fuente de alimentación","IEEE 802.3af PoE (Clase 1) o adaptador de corriente de AC."]
["1.22","Consumo eléctrico ","Maximo 5 W"]
["1.23","Temperatura de operación ","0 a 40 °C"]
["1.24","Material ","Policarbonato Acrilonitrilo "]
["1.25","Certificaciones","UL y EN 60950 y FCC y IEEE 802.3 Ethernet y IEEE 802.3af y 802.3at y CE"]
["1.26","Instalación y Configuración","El integrador debe garantizar la instalacion de las licencias necesarias para la configuracion y puesta en funcionamiento de los equipos."]
["1.27","Ficha técnica","Del equipo ofertado (es obligatorio adjuntar la ficha técnica junto con el presente anexo, que permita confirmar el cumplimiento de las especificaciones técnicas mínimas aquí indicadas)"]
[2,"PLATAFORMA DE BORDE EN NUBE "]
["2.1","Cantidad","De acuerdo con el cuadro de cantidades"]
["2.2","Marca","Especificar"]
["3.3","Modelo","Especificar"]
["2.3","Procesador","Minimo 8 núcleos"]
["2.4","Memoria RAM","8 GB (Expandible minimo hasta 32 GB)"]
["3.4","Almacenamiento","Minimo 16 GB (Expandible maximo  hasta 600 GB)"]
["2.5","Interfaz","4 puertos WAN Gigabit"]
["2.6","Tipos de puerto","2 x SFP \n2 x RJ-45"]
["2.7","Módulos soportados","NIM, PIM: Ethernet, voz, serial, LTE/5G, DSL, BRI, FXO, FXS"]
["2.8","Rendimiento enrutamiento IPv4","Maximo hasta 3.8 Gbps"]
["2.9","Compatibilidad ","LTE/5G mediante módulos LTE y gateways externos"]
["2.10","Fuente de alimentación","Fuente interna fija (AC) y PoE"]
["2.11","Consumo eléctrico ","Maximo 40 W"]
["2.12","Seguridad","ZBFW y VPN y AMP y URL y IPS"]
["2.13","Modo de operación","SD-WAN, enrutamiento autónomo"]
["2.14","Soporte de comunicaciones unificadas","CUBE y SRST y CUCME"]
["2.15","Montaje","Rack o pared."]
["2.16","Tamaño del chasis","1RU "]
["2.17","Instalación y Configuración","El integrador debe garantizar la instalacion de las licencias necesarias para la configuracion y puesta en funcionamiento de los equipos."]
["2.18","Ficha técnica","Del equipo ofertado (es obligatorio adjuntar la ficha técnica junto con el presente anexo, que permita confirmar el cumplimiento de las especificaciones técnicas mínimas aquí indicadas)"]
[3,"PLATAFORMA UNIFICADA"]
["3.1","Cantidad","De acuerdo con el cuadro de cantidades"]
["3.2","Marca","Especificar"]
["3.3","Modelo","Especificar"]
[null,"Tipo","Plataforma que alberga selección de aplicaciones centrales"]
[null,"Motor de procesamiento de llamadas","Funciones de voz y video en dispositivos de red como Telefonos IP y/o terminales de telepresencia y/o aplicaciones multimedia"]
["3.4","Usuarios colaboración","minimo 1500 usuarios"]
["3.5","Dispositivos colaboracion ","minimo 3000 dispositivos"]
["3.6","Mensajeria ","Incluida"]
["3.7","integración","Debe incluir kit de desarrollo SDK  y/o API"]
["3.8","Sistema de gestion ","Incluida"]
["3.9","Ficha técnica","Del equipo ofertado (es obligatorio adjuntar la ficha técnica junto con el presente anexo, que permita confirmar el cumplimiento de las especificaciones técnicas mínimas aquí indicadas)"]

{"sheet":"Telefonia_P","index":31,"n_rows":16,"n_cols":6,"rows_kept":16}
[]
["ITEM","DESCRIPCIÓN","UND","CANTIDAD","VALOR UNITARIO ","VALOR PARCIAL"]
[1,"Sevidor de gestión para el sistema de telefonía","und",2,null,{"$f":"E3*D3","v":0}]
[2,"Licencia de soporte para servidor","und",2,null,{"$f":"E4*D4","v":0}]
[3,"1-NIM slot and 4x1G WAN ports","und",1,null,0]
[4,"Licencia de software DNA para router de telefonía","und",1,null,0]
[5,"Licencia de soporte para router ","und",1,null,0]
[6,"Licencia de software para telefono IP","und",69,null,0]
[7,"Licencia de software para Softphone","und",36,null,0]
[8,"Licencia que permite utilizar el Unified Border Element (CUBE) para un troncal entre la red privada y la pública","und",50,null,0]
[9,"Teléfono IP con pantalla de 3.5\", 4 líneas, altavoz full-duplex, PoE, 2 puertos ethernet 10/100/1000","und",30,null,0]
[10,"Licencia soporte para telefonos","und",30,null,0]
[11,"Servicio de implementación, puesta en marcha, configuración, documentación y estabilización  de equipos de telefonía por ingeniero especialista y certificado en la marca","gl",1,null,0]
[{"$nulls":4},"SUBTOTAL",{"$f":"SUM(F10:F13)","v":0}]
[{"$nulls":4},"IVA",{"$f":"F14*19%","v":0}]
[{"$nulls":4},"TOTAL",{"$f":"F14+F15","v":0}]

{"sheet":"Enlace_PTP","index":32,"n_rows":34,"n_cols":5,"rows_kept":34,"merged":[[1,1,1,4],[2,1,2,2],[3,1,3,2],[25,1,25,2]]}
[{"$f":"6","v":6}]
[null,"ENLACE PUNTO A PUNTO ENTRE BUSSINES PLAZA SIES-M Y C5-M"]
["ITEM","DESCRIPCIÓN",null,"CUMPLE","NO CUMPLE"]
[1,"SISTEMA INALAMBRICO PUTO A PUNTO"]
["1.1","Cantidad ","De acuerdo al cuadro de cantidades"]
["1.2","Marca","Especificar"]
["1.3","Modelo","Especificar"]
["1.4","Tipo","Outdoor"]
["1.5","Throughput maximo","10 Gbps Full Duplex"]
["1.6","RTD típico a 3 km","< 30 μs"]
["1.7","Longitud de onda","1550nm"]
["1.8","Control automático de potencia","Si"]
["1.9","Apuntado y seguimiento automatizados","Estabilización láser en tiempo real\nRango: Horizontal: ± 2°,  Vertical: ± 2°"]
["1.10","Monitoreo y configuración de red","NMS transcelestial y/o  SNMP "]
["1.11","Protocolo de comunicación","Ethernet 1G, 10G"]
["1.12","Seguridad general","IEC 62368-1"]
["1.13","Seguridad láser","Norma IEC/EN 60825-1"]
["1.14","Dimensiones","Maximo 50 (largo) x 30 (ancho) x 40 (alto) cm"]
["1.15","Peso dispositivo","Maximo 5 Kg"]
["1.16","Fuente de alimentación","POE 802.3at Maximo 35W"]
["1.17","Temperatura de funcionamiento","desde -10 to 40° C"]
["1.18","Certificación ","IP65"]
["1.19","Garantia minima","Mínimo 5 años"]
["1.20","Instalación:","Debe incluir el equipo\nDebe incluir las antena para instalación sobre mastil en fachada de terraza"]
["1.21","Ficha técnica","Del equipo ofertado (es obligatorio  adjuntar  la ficha técnica junto con el presente anexo)"]
[2,"MASTIL ANTENA"]
["2025-01-02","Cantidad ","De acuerdo al cuadro de cantidades"]
["2025-02-02","Marca","Especificar"]
["2025-03-02","Modelo","Especificar"]
["2025-04-02","Tipo","formato de forma en (h) para anclaje en fachada"]
["2025-05-02","material ","Acero inoxidable "]
["2025-06-02","Longitud ","2 Metros"]
["2025-07-02","Platina","Galvqanizada en caliente "]
["2025-08-02","Ficha técnica","Del equipo ofertado (es obligatorio  adjuntar  la ficha técnica junto con el presente anexo)"]

{"sheet":"Enlace_PTP_P","index":33,"n_rows":9,"n_cols":6,"rows_kept":9}
[]
["ITEM","DESCRIPCIÓN","UND","CANTIDAD","VALOR UNITARIO ","VALOR PARCIAL"]
[1,"Radio laser de  10G, incluye accesorios de instalacion ","und",1,null,{"$f":"E3*D3","v":0}]
[2,"SFP + 10G","und",1,null,{"$f":"E4*D4","v":0}]
[3,"PoE Injector","und",1,null,0]
[4,"Instalacion Radio Laser 10G","gl",1,null,0]
[{"$nulls":4},"SUBTOTAL",{"$f":"SUM(F3:F6)","v":0}]
[{"$nulls":4},"IVA",{"$f":"F7*19%","v":0}]
[{"$nulls":4},"TOTAL",{"$f":"F7+F8","v":0}]

{"sheet":"Videowall","index":34,"n_rows":89,"n_cols":5,"rows_kept":89,"merged":[[1,1,1,4],[2,1,2,2],[3,1,3,2],[36,1,36,2],[63,1,63,2],[80,0,81,0],[80,1,81,1],[82,0,86,0],[82,1,86,1]]}
[]
[null,"TRASLADO Y REPOTENCIACION SISTEMA DE VIDEOWALL EXISTENTE"]
["ITEM","DESCRIPCIÓN",null,"CUMPLE","NO CUMPLE"]
[1,"PANTALLA LED"]
["1.1","Marca","Ampliacion Marca existente"]
["1.2","Modelo","Especificar"]
["1.3","Tecnología Panel","MIP"]
["1.4","Curva ","Concava desde 0° a +5°"]
["1.5","Pixel Pitch","1.25 mm"]
["1.6","Tiempo de vida del LED","Mínimo 100.000 Horas"]
["1.7","Densidad de píxeles ","mínimo 640.000 píxeles por metro cuadrado "]
["1.8","Pixeles por cada modulo","mínimo 120x270 pixeles por cada modulo"]
["1.9","Tamaño del módulo","máximo 155 mm × 338 mm dimensión por modulo "]
["1.10","Píxeles por panel","mínimo 480x270 píxeles por cada panel"]
["1.11","Tamaño del panel ","máximo 610mm×340mm×50mm por cada panel"]
["1.12","Mantenimiento ","Frontal y/o trasero "]
["1.13","Material","Aluminio fundido a presión"]
["1.14","Calibración ","De brillo y croma."]
["1.15","Temperatura del color","mínimo  rango entre (2200  a 9400) ajustable"]
["1.16","Brillo","mínimo 600 cd por metro cuadrado"]
["1.17","Relación de contraste ","mínimo  6000:1 "]
["1.18","Profundidad de procesamiento","16bit"]
["1.19","Angulo de visión","mínimo 160° horizontal  / mínimo 160° vertical"]
["1.20","Voltaje de entrada","Entre  (110~220) V（50~60Hz）"]
["1.21","Consumo eléctrico típico ","máximo 35W por cada panel"]
["1.22","Consumo eléctrico máximo ","máximo 85W por cada panel"]
["1.23","Temperatura de operación ","Rango mínimo entre (5 a 40°) C"]
["1.24","Tasa de refresco ","minimo 3840 Hz"]
["1.25","Redundancia ","En fuente y datos por gabiente"]
["1.26","Garantía de funcionamiento","A la altura de la ciudad de instalación (anexar carta de fabricante) Se debe certificar el funcionamiento del equipo de acuerdo a las condiciones atmosféricas de la ciudad, como son: humedad, temperatura, presión atmosférica, salinidad del medio y demás factores climáticos existentes en el lugar, al igual que asumir el costo de contraprestación si fuera necesario durante el término de la garantía contractual."]
["1.27","Montaje y herraje","De acuerdo al lugar de instalación"]
["1.28","Certificación mínima","CB/CCC/CQC/CE y/o CE/FCC/ETL/CB/EMC y/o CE/UL/RoHS/WEEE y/o 62368-1/60950-1  y/o CE/CB/FCC/ROHS/ CCC"]
["1.29","Grado Protección IP","IP 30"]
["1.30","Acceso de servicio","Frontal"]
["1.31","Garantía fábrica","Mínimo 5 años"]
["1.32","Ficha técnica","Del equipo ofertado (es obligatorio adjuntar la ficha técnica junto con el presente anexo)"]
[2,"CONTROLADORA PANTALLA LED"]
["2.1","Marca","Misma Marca de la pantalla LED"]
["2.2","Modelo","Por definir"]
["2.3","Tipo de rack para instalar","19\" estandar"]
["2.4","Unidades de rack","15U"]
["2.5","Capacidad de carga en pixeles","Superior a 160 millones de pixeles"]
["2.6","Conectividad de video controladora/sending a pantalla","Fibra optica"]
["2.7","Capacidad de tarjetas de  señales de entrada","Minimo 29"]
["2.8","Capacidad de tarjetas de señales de salida","Minimo 16"]
["2.9","Salida de vista previa",1]
["2.10","How swap tarjetas entrada y salida","SI"]
["2.11","Capacidad de lograr mosaico irregular","SI"]
["2.12","Preconfiguraciones de visualizacion","Minimo 2000"]
["2.13","10bit y  HDR soportado","SI"]
["2.14","Procesamiento HLG soportado","SI"]
["2.15","Gen lock soportado Bi-level y tri-level ","SI"]
["2.16","Garantia ","5 Años"]
["2.17","Ajuste de color, brillo, saturacion y gamma","SI"]
["2.18","Monitoreo de entradas y Salidas","SI"]
["2.19","Latencia inferior a 1 frame","SI"]
["2.20","Fuente redundante x 2 ","SI"]
["2.21","Voltaje de operacion","100–240V~, 50/60Hz"]
["2.22","Control y administracion logica","TCP/IP and RS232"]
["2.23","Control y administracion via WEB","SI"]
["2.24","Consumo de potencia","Inferior a 1000 W"]
["2.25","Peso neto","Inferior a 44 KG"]
["2.26","Nivel de ruido a 25 grados Centigrados","Interior a 48 db"]
[3,"SISTEMA DE GESTION CENTRALIZADA"]
["3.1","Marca","Ampliacion Marca existente"]
["3.2","Modelo","Especificar"]
[null,"Entradas "]
["3.3","PN2 INPUT NODE HDMI-8NE","Entrada de 8 HDMI HD. Incluye 8 adaptadores mini-HDMI a HDMI (4-750-163-00) y 1 kit básico de montaje en rack (4-500-115-01). Chasis configurable: 2-500-144-01."]
["3.4","PN2 StreamCenter","Módulo StreamCenter PixelNet 2.0. Decodifica 16 señales HD30, 8 señales HD60, 4 señales UHD30 o 2 señales UHD60 H.264. Incluye 1 kit de rack básico (4-500-115-01). Chasis configurable: 2-500-144-02."]
[null,"Salidas"]
["3.5","PixelNet Output Nodes","Salida de 8 HD DP V2. Salidas FHD, 4K30 o 4K60 en 2 canales. Incluye 1 kit básico de rack (4-500-115-01). Chasis configurable: 2-500-144-04."]
[null,"Cables y adaptadores"]
["3.6","PixelNet Buses","Cable twin axil pasivo de 3m SFP+."]
["3.7","Cables and Adapters","Adaptador DP a HDMI. Soporta hasta 4K."]
["3.8","Power Cord","Cable de alimentación para EE.UU., 7.5 pies."]
["3.9","StreamPoint4K-Dual","Soporta 2 señales de captura hasta 3840x2160x60 @ YUV420. Compatible con señales HD30, 8 HD60, 4 4K30 o 2 4K60 H.264. Incluye el software StreamPoint Encoder Config. Compatible con todos los sistemas de la controladora existente"]
["3.10","Custom Parts and Services","Licencia flotante de cliente Canvas. Puede ser utilizada por cualquier usuario en un PC o hardware Jupiter. Máximo 1 dispositivo a la vez."]
["3.11","Integración","Con la solución VMS ciudad"]
["3.12","Integración de terceros.","API para integración de sistemas."]
["3.13","Estándares compatible","H.264, H.265."]
["3.14","Gestión","Avanzada de múltiples pantallas y múltiples resoluciones."]
[null,null,"Gestión centralizada basada en web"]
["3.15","Software de Gestión, Cooperación y Colaboración","El software Canvas de Jupiter Systems es una solución robusta para Centros de Comando y Control. Permite la gestión gráfica local y remota, incluso desde dispositivos móviles como opcional."]
[null,null,"Enfocado en la colaboración segura y el compartir información entre equipos. Compatible con entornos de trabajo colaborativos, con una interfaz intuitiva."]
[null,null,"Cuenta con seguridad avanzada mediante SSL TLS 1.2 y autenticación vía Active Directory. Facilita la manipulación de fuentes de información como videos, páginas web e imágenes."]
[null,null,"Incluye anotaciones internas, integración con APIs de terceros y etiquetado de contenidos. Permite la operación continua sin interrupciones."]
[null,null,"Los diseños se adaptan automáticamente a los tamaños de las pantallas. Incluye compatibilidad con video walls y etiquetado visual. Ofrece comunicación visual robusta y personalizada."]
["3.16","Gestión de audio","Para todos los nodos de video Wall, que cuenten con altavoz"]
["3.17","Ficha técnica","Del equipo ofertado (es obligatorio adjuntar la ficha técnica junto con el presente anexo)"]

{"sheet":"VideoWall_P","index":35,"n_rows":48,"n_cols":6,"rows_kept":48}
[]
["ITEM","DESCRIPCIÓN","UND","CANTIDAD","VALOR UNITARIO ","VALOR PARCIAL"]
["1. ","SUBSISTEMA TRASLADO Y REPOTENCIADOR 1. VIDEO WALL"]
["2025-01-01","ELEMENTOS VIDEOWALL NUEVO"]
["1.1.1","Suministro, transporte, instalación, configuración  y puesta a punto de gabinete de video wall","und",{"$f":"288*2","v":576},null,{"$f":"E5*D5","v":0}]
["1.1.2","Suministro, transporte, instalación, configuración  y puesta a punto de empalmador","und",2,null,{"$f":"E6*D6","v":0}]
["1.1.3","Suministro, transporte, instalación, configuración  y puesta a punto de fuente de potencia","und",4,null,0]
["1.1.4","Suministro, transporte, instalación, configuración  y puesta a punto de tarjeta de envío de señal RJ45","und",16,null,0]
["1.1.5","Suministro, transporte, instalación, configuración  y puesta a punto de Tarjeta de monitoreo en red para entradas y salidas","und",2,null,0]
["1.1.6","Suministro, transporte, instalación, configuración  y puesta a punto de Tarjeta de salida HDMI 2.0","und",2,null,0]
["1.1.7","Suministro, transporte, instalación, configuración  y puesta a punto de Tarjeta de entrada HDMI 2.0 o Display Port 1.2","und",24,null,0]
["1.1.8","Suministro, transporte, instalación, configuración  y puesta a punto de Tarjeta de entrada HDMI 2.0","und",2,null,0]
["1.1.9","Suministro, transporte, instalación, configuración  y puesta a punto de Tarjeta de entrada 2 puerto RJ45","und",2,null,0]
["1.1.10","Suministro, transporte, instalación, configuración  y puesta a punto de Convertirdor de fibra óptica multimodo a Cat","und",16,null,0]
["1.1.11","Instalación de video wall de 15 metros de ancho por 4.05 metros de alto. Incluye accesorios, soporte, estructura y otros elementos necesarios para la obra","und",2,null,0]
["2025-02-01","TRASLADO , CONFIGURACION Y PUESTA EN MARCHA",{"$nulls":3},0]
["1.2.1","Traslado, configuración y puesta en marcha de pantalla de 25,58 metros cuadrados videowall 01","gl",1,null,0]
["1.2.2","Traslado, configuración y puesta en marcha de pantalla de 5,07  metros cuadrados videowall 02","gl",1,null,0]
["1.2.3","Traslado, configuración y puesta en marcha de pantalla de 7,31  metros cuadrados videowall 03","gl",1,null,0]
["1.2.4","Traslado, configuración y puesta en marcha de pantalla de 7,10 metros cuadrados videowall 04","gl",1,null,0]
["1.2.5","Traslado, configuración y puesta en marcha de pantalla de 5,07 metros cuadrados videowall 05","gl",1,null,0]
["2025-03-01","INFRAESTRUCTURA SOPORTES",{"$nulls":3},0]
["1.3.1","Suministro, anclaje, instalación de soporte para pantalla en muro de 12,8 metros cuadrados en interior. Incluye todos los accesorios y herrajes necesarios para la labor videowall 01","und",2,null,0]
["1.3.2","Suministro, anclaje, instalación de soporte para pantalla en muro de 5,07 metros cuadrados en interior. Incluye todos los accesorios y herrajes necesarios para la labor videowall 02","und",1,null,0]
["1.3.3","Suministro, anclaje, instalación de soporte para pantalla en muro de 7,31 metros cuadrados en interior. Incluye todos los accesorios y herrajes necesarios para la labor videowall 03","und",1,null,0]
["1.3.4","Suministro, anclaje, instalación de soporte para pantalla en muro de 7,1 metros cuadrados en interior. Incluye todos los accesorios y herrajes necesarios para la labor videowall 04","und",1,null,0]
["1.3.5","Suministro, anclaje, instalación de soporte para pantalla en muro de 5,07 metros cuadrados en interior. Incluye todos los accesorios y herrajes necesarios para la labor videowall 05","und",1,null,0]
["2025-04-01","SOPORTE TECNICO DEL FABRICANTE PARA TRASLADO",{"$nulls":3},0]
["1.4.1","Dia de soporte de desmonte, montaje de ingeniero de empresa fabricante de vídeo wall ","und",14,null,0]
["1.4.2","Compra de tiquetes aéreos de ingeniero para proceso de desmonte/montaje de video walls  ","und",1,null,0]
["1.4.3","Dia de viatico para ingeniero de fabrica que apoya el desmonte y montaje de video walls, Incluye noche de hotel, transportes y alimentación.","und",14,null,0]
["2. ",{"$f":"UPPER(\"Subsistema Traslado yo repotenciador 2 Controladora video wall\")","v":"SUBSISTEMA TRASLADO YO REPOTENCIADOR 2 CONTROLADORA VIDEO WALL"},null,"CANT FINAL"]
["2025-01-02","SUMINISTROS",null,0,null,0]
["2.1.1","PN2 INPUT NODE\nHDMI-8NE","und",2,null,0]
["2.1.2","PN2\nStreamCenter","und",6,null,0]
["2.1.3","PN2 OUTPUT\nNODE V2-8","und",6,null,0]
["2.1.4","4-750-184-03","und",{"$f":"14*2","v":28},null,0]
["2.1.5","4-750-158-00","und",24,null,0]
["2.1.6","5-649-007-01","und",10,null,0]
["2.1.7","Model Name","und",16,null,0]
["2.1.8","StreamPoint4KDual","und",16,null,0]
["2.1.9","JUP-CARE-FC","und",2,null,0]
["2.1.10","D-CAN-009-01","und",16,null,0]
["2.2","TRASLADO , CONFIGURACION Y PUESTA EN MARCHA",{"$nulls":3},0]
["2.2.1","Traslado, configuración y puesta en marcha de pantalla de controladora con software de gestión centralizado para control de sistemas de visualización","gl",1,null,0]
[{"$nulls":4},"SUBTOTAL",{"$f":"SUM(F4:F45)","v":0}]
[{"$nulls":4},"IVA",{"$f":"F46*19%","v":0}]
[{"$nulls":4},"TOTAL",{"$f":"F46+F47","v":0}]

{"sheet":"Enlace_F.O","index":36,"n_rows":74,"n_cols":5,"rows_kept":74,"merged":[[1,1,1,4],[2,1,2,2],[3,1,3,2],[12,0,14,0],[12,1,14,1],[16,0,17,0],[16,1,17,1],[19,0,20,0],[19,1,19,2],[20,1,20,2],[21,1,21,2],[22,1,22,2],[23,1,23,2],[27,1,27,2],[28,1,28,2],[29,1,29,2],[30,1,30,2],[31,1,31,2],[32,1,32,2],[33,1,33,2],[34,1,34,2],[35,1,35,2],[36,1,36,2],[40,1,40,2],[52,1,52,2],[61,1,61,2],[62,1,62,2]]}
[]
[null,"ENLACE FIBRA OPTICA ENTRE BUSSINES PLAZA SIES-M Y C5-M"]
["ITEM","DESCRIPCIÓN",null,"CUMPLE","NO CUMPLE"]
[1,"FIBRA OPTICA"]
["1.1","Marca","Especificar"]
["1.2","Modelo","Especificar"]
["1.3","Tipo de fibra óptica","Mono-modo subterráneo"]
["1.4","Número mínimo de fibras ópticas o hilos","24 hilos en todo su recorrido, si el contratista de acuerdo al diseño realizado estima fibra óptica de mayor número de fibras, los costos de este tipo serán asumidos por el contratista."]
["1.7","Color","Negro resistente a rayos ultra violeta"]
["1.8","Temperatura de operación","-10°C a 50°C."]
["1.9","Firba Armada","La fibra óptica debe soportar  las condiciones de inmersión de agua y presencia de roedores para la fibra de instalación por ducto, por lo tanto, en la ejecución el contrato será responsabilidad del contratista verificando el tipo a emplear."]
["1.10","Garantía de fibra óptica","Se debe garantizar por parte del fabricante mediante documento escrito anexo a la propuesta que la fibra óptica ofertada tiene como mínimo 20 años de vida útil estimada"]
["1.11","Construcción ","Elemento central dieléctrico tubos holgados."]
[null,null,"Fibras ópticas."]
[null,null,"Elementos absorbentes de la humedad. Cubierta exterior de polietileno"]
["1.12","Uniones y conectores","La fibra debe ser fusionada con conectores que generen la menor atenuación óptica"]
["1.13","Normatividad","Se debe cumplir la normatividad de cableado de fibra canalizada que sea aplicable y vigente en el país o las instituciones que permitirán su instalación"]
[null,null,"El Contratista deberá cumplir con la normatividad de la empresa de energía y/o dueño de la infraestructura donde se ejecute el proyecto."]
["1.14","TIPO","Cable de fibra óptica ADSS de mínimo 24 hilos"]
["1.15","El cable deberá ser del tipo loose tube, los tubos holgados deberán contar con un compuesto que bloquee el ingreso de agua al interior de éstos, el cual no debe afectar los colores de identificación aplicados a las fibras individuales y a las unidades de fibras (tubos)."]
[null,"Toda la fibra óptica canalizada debe tener recubrimiento anti roedores."]
["1.16","Los cables deberán contener 6 o 12 fibras por tubo, los tubos deberán ser trenzados en SZ."]
["1.17","El proponente deberá incluir toda la variedad de herrajes que garanticen el adecuado funcionamiento de los cables ADSS; por tanto, la propuesta deberá considerar la totalidad de estos elementos necesarios, por lo que en caso de necesitar elementos adicionales o diferentes a los ofertados deberán ser suministrados por el proponente sin costo alguno para el proyecto, de acuerdo con la necesidad, se definirá la longitud de los tramos en los cuales el cable debe permitir su uso."]
["1.18","El oferente suministrará los accesorios, muflas, herrajes necesarios para la implementación de la FO. Por lo que será responsabilidad del contratista la correcta instalación del cableado de FO de acuerdo con los estándares y normas nacionales e internacionales."]
["1.19","Cantidad de fibras","mínimo 24"]
["1.20","Número de fibras por tubo holgado","6 o 12"]
["1.21","Ficha técnica","Es obligatorio  adjuntar  la ficha técnica junto con el presente anexo"]
[2,"PRUEBAS RED FIBRA OPTICA"]
["2.1","El contratista deberá entregar los resultados de las pruebas deben ser entregados en idioma Español o inglés y se realizarán según los métodos de ensayo y los criterios de aceptación descritos en la norma IEEE 1222-2019, el contratista suministrará reportes de pruebas tipo realizadas sobre cables de la misma familia de acuerdo a las siguientes pruebas:"]
["2.2","Prueba de Tensión con Ciclos de Estrés"]
["2.3","Prueba de Resistencia al Tracking"]
["2.4","Prueba de Influencia Ambiental"]
["2.5","Prueba de Pérdida de Fibra Óptica"]
["2.6","Prueba de Resistencia Mecánica"]
["2.7","Prueba Eléctrica"]
["2.11","Se deberán realizar certificacion al carrete antes de la instalacion y  certificacion  al tendido de fibra óptica una vez instalada en su totalidad, con el fin de verificar que cumpla con las perdidas maximas permitidas. "]
[3,"RACK INTERPERIE"]
["3.1","Cantidad ","De acuerdo al cuadro de cantidades"]
["3.2","Marca","Especificar"]
["3.3","Modelo","Especificar"]
["3.4","Se requieren gabinete tipo exterior para la instalación de todos los equipos del sistema,  los cuales deben ser para instalación en rack estándar con las siguientes características mínimas:"]
["3.5"," Altura mínima ","Del gabinete mínimo 1,8 metros "]
["3.6","Descripción","Puerta frontal, cerradura de seguridad, (4) parales para montaje de equipos, unidades de rack identificadas, kit de tuercas canastillas con tornillo para montaje de equipos, cable equipotencial conectado a la Puerta, barraje de tierra"]
["3.7","Fabricación","Laminada en lámina cordrolled con terminación en pintura electrostática y/o acero laminado en frío"]
["3.8","Debe estar dotado de espacios ","Para la administración de cableado"]
["3.9","Formato","19\""]
["3.10","Ventanas de ventilación","Con malla protectora interna para una máxima seguridad"]
["3.11","Resistencia a la corrosión ","Certificado por fabrica y/o UNE-EN 62208"]
["3.12","Año de fabricación","No inferior a 2025"]
["3.13"," Color","Gris o Nogro"]
["3.14","Garantía mínima del fabricante"," "]
["3.15","Ficha técnica","Es obligatorio  adjuntar  la ficha técnica junto con el presente anexo"]
[4,"SITEMA DE REFRIGERACION PARA RACK EXTERIOR "]
["4.1","Cantidad ","De acuerdo al cuadro de cantidades"]
["4.2","Marca","Especificar"]
["4.3","Modelo","Especificar"]
["4.4","Tipo ","Aire Acondicionado Montaje Lateral para racks y/o Inrow"]
["4.5","Potencia ","maximo 1000W "]
["4.6","Grado de protección ","Exterior IP55 o Interior IP54"]
["4.7","Fluido refrigerante ","R134a o R407C, exento de CFC."]
["4.8","Ficha técnica","Es obligatorio  adjuntar  la ficha técnica junto con el presente anexo"]
[5,"SISTEMA DE ENRUTAMIENTO PARA FIBRA ÓPTICA EN DATACENTER"]
[null,"Un sistema de enrutamiento de cables es una colección de canales, accesorios y soportes de montaje que se pueden ensamblar para crear una estructura que enruta y protege el cableado de datos de fibra óptica y cobre de alto rendimiento. Debe evitar  el aplastamiento, pellizcamiento o las micro-curvaturas,  violaciones del radio de curvatura, macro-curvatura, en cables de fibra óptica y cobre."]
["5.1","Cantidad ","De acuerdo al cuadro de cantidades"]
["5.2","Marca","Especificar"]
["5.3","Modelo","Especificar"]
["5.4","Tipo ","Este sistema de canalizaciones, accesorios y soportes debe estar  diseñado para segregar, enrutar y proteger la fibra óptica y el cableado de cobre de alto rendimiento"]
["5.5","Instalación","Debe ser de facil instalación, con acopladores a presión, soportes de montaje y accesorios.\nDebe permitir fijar el canal a la infraestructura sin necesidad de perforar ni utilizar sujetadores pequeños y sueltos.\nToda la solución del canal debe ser de la misma marca, desde el organizador vertical, los accesorios para llegar a canal, el organizador vertical que llega al otro gabinete, y la soportería, cumpliendo el no sobrepasar los grados de curvatura permitidos por norma."]
["5.6","Normatividad","Debe  cumplir los estandares UL 2024, UL 94V-0 y NEBS GR-63"]
["5.7","Crecimiento","Debe permitir crecimiento a futuro.\nDebe permitir adaptarse a cualquier configuración de red y cualuiqer tipo de infraestructura.\nDebe permitir la transición entre un canal de mayor amplitud a uno de menor amplitud."]
["5.8","Material","Debe ser de un material no metálico."]
["5.9","Vida últil","Debe ser de mínimo 25 años."]
["5.10","Herramientas de diseño","El fabricante debe brindar en su página web herramientas de diseño como Visio y/o autocad, que permita el adecuado diseño con su correspondiente representación en 2D."]
["5.11","Ficha técnica","Es obligatorio  adjuntar  la ficha técnica junto con el presente anexo"]

{"sheet":"Enlace_F.O_P","index":37,"n_rows":44,"n_cols":8,"rows_kept":44}
[]
["ITEM","DESCRIPCIÓN","UND","CANT","CANT TOTAL A SUPRIMIR","CANT FINAL","VALOR UNITARIO ","VALOR PARCIAL"]
[1,"Suministro, logística, seguro e instalación de Fibra optica de 24 hilos monomodo armada en cinta de acero corrugado","mt",2200,0,{"$f":"D3-E3","v":2200},null,{"$f":"G3*F3","v":0}]
[2,"Servicio técnico especializado para certificación de hilos de fibra en enlace entre C5 - Business Plaza","und",24,0,{"$f":"D4-E4","v":24},null,{"$f":"G4*F4","v":0}]
[3,"Servicio técnico para apertura y cierre de camaras (tigo) en vía pública","gl",1,0,1,null,0]
[4,"Servicio técnico para Sondeo e hilada de ruta de fibra","gl",1,0,1,null,0]
[5,"Construcción de canalización en pavimento flexible incluye suministro, instalación de: - Excavación manual de material heterogeneo de 0-2m de profundidad. - Construcción de entibado temporal en tablón de madera - Llenos en material provenientes de la excavación compactados mecánicamente. - Tres (03) tuberias 3\" PVC DB - Relleno estructural según norma EPM redes telecomunicaciones - Pavimento de 8cm de espesor realizado con mezcla bituminosa continua en caliente con agregrado granitico de 10mm de tamaño máximo. - transporte y botada de escombros","mt",60,0,60,null,0]
[6,"Construcción de canalización en piso de concreto o anden, incluye suministro e instalación de: - Demolición de andenes. - Excavación manual de material heterogeneo de 0-2m de profundidad. - Construcción de entibado temporal en tablón de madera - Llenos en material provenientes de la excavación compactados mecánicamente. - Tres (03) tuberias 3\" PVC DB - Relleno estructural según norma EPM redes telecomunicaciones - Concreto de empotramiento o concreto fluido de 245 kg/cm2 - Construcción de anden en concreto - transporte y botada de escombros","mt",150,0,150,null,0]
[7,"Suministro, logística, seguro e instalación de Cajas 2 T DE 120X80 según norma TEL NIN-115_Caja para dos tapas de 0.60m x 0.80\n","und",3,0,3,null,0]
[8,"Suministro, logística, seguro e instalación de Caja 1 T según norma TEL NIN-114_Caja para tapa de 0.60m x 0.80m en anden","und",2,0,2,null,0]
[9,"Suministro, logística, seguro e instalación de Tubería PVC DB 3\" para red, Incluye todos los accesorios para su correcta instalación (curvas, adaptadores, codo, pega PVC, cintas). Cumpliendo las normas RETIE- 2050 del código eléctrico Nacional.\n","mt",500,0,500,null,0]
[10,"Gestión de tramites y permisos ante entidades públicas para utorizar la intervención de bienes de uso público, conforme a las normas urbanísticas establecidas en el Plan de Ordenamiento Territorial (POT","gl",1,0,1,null,0]
[11,"Planos Asbuilt","gl",1,0,1,null,0]
[12,"Construcción de canalización en piso de concreto o anden, incluye suministro e instalación de: - Demolición de andenes. - Excavación manual de material heterogeneo de 0-2m de profundidad. - Llenos en material provenientes de la excavación compactados mecánicamente. - Concreto de empotramiento o concreto fluido de 245 kg/cm2, resane - Construcción de anden en concreto - transporte y botada de escombros\n","mt",2,0,2,null,0]
[13,"Suministro, logística, seguro e instalación de Tubería PVC DB 3\" para red, Incluye todos los accesorios para su correcta instalación (curvas, adaptadores, codo, pega PVC, cintas). Cumpliendo las normas RETIE- 2050 del código eléctrico Nacional.","Ml",2,0,2,null,0]
[14,"Suministro, logística, seguro e instalación de Tubería EMT 1 1/4\" para red, Incluye todos los accesorios para su correcta instalación (curvas, entradas, uniones, cintas), Cumpliendo las normas RETIE- 2050 del código eléctrico Nacional. Incluye sujeción abrazadera ajustable cada 1,5 metros","mt",200,0,200,null,0]
[15,"Suministro, logística, seguro e instalación de Canastilla galvanizada 30x5cm con tapa. Incluye cable #6AWG de cobre desnudo y accesorios para puesta a tierra. y todos los elementos necesarios para su correcta instalación. Marca Mecano o similar.\n","mt",5,0,5,null,0]
[16,"Diseño, suministro, fabricación, logística y transporte seguro (Valle de Aburra) de Gabinete uso exterior. Ref UMI PD1206. Gabinete fabricado en lámina Galvanizada C -16 -14.                                                                                                                                                                                                                                                  Estructura autosoportada  para uso exterior IP 65 en la cual estamos certificados. Medidas en centimetros: 240 alto, 150 ancho y 100 de profundo. Puerta frontal doble ala lisa; bisagras tipo interna  120° de apertura, cerradura tipo bombin con su respectiva llave de seguridad, empaque esponjoso para garantizar la IP y kit de cable puesta tierra entre la puerta y el cuerpo, incluye zocalo, 4 ventiladores de 6\" con protector, filtro y campana,techo inclinado                                                                                                                                          Gabinete con excelente acabado superficial. ","und",1,0,1,null,0]
[17,"Diseño, suministro, logística, seguro e instalación de Rack Abierto en Aluminio de 210x 61,5 Marca UMI Fabricado en aluminio extruido. Cumple con la norma IEC297 – IEC297. 2 (alojamiento de equipos de 19”). *Diseñado para ser ubicado y fijado al piso, desarmable de fácil ensamble. *Dos (2) bases, Dos (2) perfiles bastidores, Dos (2) perfiles superiores y su tornillería. *Fácil ensamble *Liviano *Norma de fabricación IEC 297, IEC 297-2 y EIA RS.310- D (Racks, panel and Associated Equipment).\n","und",2,0,2,null,0]
[18,"Suministro, logística, seguro e instalación de Organizador Horizontal 80x80","und",4,0,4,null,0]
[19,"Suministro, logística, seguro e instalación de Organizador vertical de 2,10 metros","und",4,0,4,null,0]
[20,"Suministro, logística, seguro e instalación de ODF, LC 24  puertos","und",3,0,3,null,0]
[21,"Suministro, logística, seguro e instalación de Placas de fibra optica LC de 12 hilos\n","und",6,0,6,null,0]
[22,"Suministro, logística, seguro e instalación de Pigtails, LC, fibra monomodo, 1m","und",72,0,72,null,0]
[23,"Servicio técnico especializado para fusiones de fibra óptica. ","und",72,0,72,null,0]
[24,"Suministro, logística, seguro e instalación de Patch cord monomodo, LC - LC, duplex de 5m","und",24,0,24,null,0]
[25,"Suministro, logística, seguro e instalación de accesorios fungibles (cinta aislante, amarres, velcro, chazos, conectores","und",1,0,1,null,0]
[26,"Suministro, logística, seguro e instalación de Tubería PVC DB 3\" para red, Incluye todos los accesorios para su correcta instalación (curvas, adaptadores, codo, pega PVC, cintas). Cumpliendo las normas RETIE- 2050 del código eléctrico Nacional.\n","mt",400,0,400,null,0]
[27,"Suministro, logística, seguro e instalación de Caja 1 T según norma TEL NIN-114_Caja para tapa de 0.60m x 0.80m En anden\n","und",3,0,3,null,0]
[28,"Servicio para apertura de brecha en zona blanda 60 de ancho por 100 cm de ancho","mt",60,0,60,null,0]
[29,"Suministro, logística, seguro e instalación de Canastilla galvanizada 30x5cm con tapa. Incluye cable #6AWG de cobre desnudo y accesorios para puesta a tierra. y todos los elementos necesarios para su correcta instalación.","mt",20,0,20,null,0]
[30,"Suministro, logística, seguro e instalación de bandeja fiber runner para distribución de cable cross conexión entre rack´s, y todos los elementos necesarios para su correcta instalación. ","mt",20,0,20,null,0]
[31,"Diseño, suministro, logística, seguro e instalación de Rack Abierto en Aluminio de 210x 61,5 Fabricado en aluminio extruido. Cumple con la norma IEC297 – IEC297. 2 (alojamiento de equipos de 19”). *Diseñado para ser ubicado y fijado al piso, desarmable de fácil ensamble. *Dos (2) bases, Dos (2) perfiles bastidores, Dos (2) perfiles superiores y su tornillería. *Fácil ensamble *Liviano *Norma de fabricación IEC 297, IEC 297-2 y EIA RS.310- D (Racks, panel and Associated Equipment).","und",1,0,1,null,0]
[32,"Suministro, logística, seguro e instalación de Organizador Horizontal 80x80, ","und",2,0,2,null,0]
[33,"Suministro, logística, seguro e instalación de Organizador vertical de 2,10 metros","und",2,0,2,null,0]
[34,"Suministro, logística, seguro e instalación de Placas de fibra optica LC de 12 hilos.","und",4,0,4,null,0]
[35,"Suministro, logística, seguro e instalación de Pigtails, LC, fibra monomodo, 1m\n","und",24,0,24,null,0]
[36,"Servicio técnico especializado para fusiones de fibra optica. ","und",24,0,24,null,0]
[37,"Suministro, logística, seguro e instalación de Patch cord monomodo, LC - LC, duplex de 5m\n","und",24,0,24,null,0]
[38,"Suministro, logística, seguro e instalación de accesorios fungibles (cinta aislante, amarres, velcro, chazos, conectores","und",1,0,1,null,0]
[39,"Sistema de aire acondicionado para rack","und",1,0,1,null,0]
[{"$nulls":6},"SUBTOTAL",{"$f":"SUM(H3:H41)","v":0}]
[{"$nulls":6},"IVA",{"$f":"H42*19%","v":0}]
[{"$nulls":6},"TOTAL",{"$f":"H42+H43","v":0}]

{"sheet":"Antidrone","index":38,"n_rows":69,"n_cols":5,"rows_kept":69,"hidden":true,"merged":[[0,1,0,4],[1,1,1,2],[2,1,2,2]]}
[null,"SISTEMA ANTIDRONE"]
["ITEM","DESCRIPCIÓN",null,"CUMPLE","NO CUMPLE"]
[null,"SISEMA ANTIDRONE"]
[1,"Sistema de detección de drones por radiofrecuencia inteligente y autónomo La tecnología antidrones"]
["2025-01-01","Cantidad","De acuerdo con el cuadro de cantidades"]
["2025-02-01","Marca","Especificar"]
["2025-03-01","Modelo","Especificar"]
["2025-04-01","Tipo","Deteccion Estacionaria-pasiva"]
["2025-05-01","Rango de detección","Hasta 35KM"]
["2025-06-01","Falsas alarmas","cerca de cero"]
["2025-07-01","Tipo de detección","pasiva de señales de radiofrecuencia (RF); sin emisión."]
["2025-08-01","Rango de ángulo de detección","Cobertura completa de 360° (todo el espacio aéreo)."]
["2025-09-01","Precisión de localización de dirección (DF)","minimo 7.4 RMS"]
["2025-10-01","Lista de UAVs y controladores remotos","Biblioteca con minimo 440 modelos de drones/UAVs, controladores remotos, telemetría de drones y modelos FPV."]
["2025-11-01","Huellas electrónicas","Los UAVs y controladores remotos son detectados e identificados con precisión mediante huellas electrónicas. Identificación simultánea probada y verificada de más de 30 UAVs diferentes (más de 15 modelos no DJI) y más de 30 controladores remotos diferentes (más de 15 modelos no DJI)."]
["2025-12-01","Lista blanca/negra:","Compatible con la función de lista blanca/negra para ciertas marcas/modelos, lo que ayuda a distinguir entre amigo y enemigo.\nConfiguración del sistema: Se puede realizar fácilmente a través de una interfaz gráfica de usuario (GUI)."]
["2026-01-01","Actualización de software","Puede actualizarse en línea o fuera de línea"]
["2026-02-01","Despliegue dinámico","Compatible con despliegue en la nube y local"]
["2026-03-01","Acceso remoto y móvil","Operarse desde smartphones, tablets y computadoras"]
["2026-04-01","Acceso multiusuario","La GUI de control central puede ser accedida por múltiples usuarios al mismo tiempo a través de navegadores web"]
["2026-05-01","Monitoreo","Centralizado y distribuido"]
["2026-06-01","Funciones de control","Ver el estado de operación del sistema, recibir alertas de actividad de drones, ver listas negras y blancas"]
["2026-07-01","Autorizaciones de usuario","Diferentes roles de usuario tienen acceso a diferentes funciones."]
["2026-08-01","Bandas de frecuencia de detección:","Banda ISM de 433 MHz (Opcional, sin DF)\nBanda ISM de 868 MHz (Opcional, sin DF)\nBanda ISM de 915 MHz (Opcional, sin DF) \nBanda ISM de 2.4 GHz\nBandas ISM de 5.2 GHz/5.8 GHz\nDetección FPV de 400 MHz a 6 GHz"]
["2026-09-01","Rango de frecuencia operativa de radio:","70 MHz - 6 GHz"]
["2026-10-01","Rango dinámico","70 dB"]
["2026-11-01","Certificación de cumplimiento","MIL-810-H, CE: REACH/ROHS"]
["2026-12-01","Resolución de frecuencia de escaneo:","≤100 Hz"]
["2027-01-01","Ancho de banda mínimo detectable","100 Hz"]
["2027-02-01","Peso del sensor (incluyendo antena):","Maximo 10 KG"]
["2027-03-01","Tamaño del sensor (incluyendo antena):","Maximo 350mm de diametro y 450 mm de altura"]
["2027-04-01","Modo de suministro de energía","100V ~ 240V y/o opción DC 24V"]
["2027-05-01","Nivel de protección del carcasa","≥IP66"]
["2027-06-01","Temperatura de trabajo","desde -10°C a 50°C"]
["2027-07-01","Protocolos inalámbricos compatibles","LightBridge, LightBridge 2, Ocusync, Ocusync 2.0, Ocusync 3.0, Ocusync 4.0, Autel Skylink, WIFI y variantes de protocolos WIFI, LTE y variantes de protocolos LTE, Zigbee, Bluetooth, BLE, NTSC, PAL, mayoría de protocolos de telemetría de drones y controladores remotos DIY, FPVs"]
["2027-08-01","Modulaciones inalámbricas compatibles","OFDM, DSSS, FHSS, GFSK, OQPSK, FM analógico, 2FSK, BPSK, QPSK, 16QAM, 64QAM"]
["2027-09-01","Ficha Tecnica","Del equipo ofertado (es obligatorio adjuntar la ficha técnica junto con el presente anexo, que permita confirmar el cumplimiento de las especificaciones técnicas mínimas aquí indicadas)"]
[null,"Sistema de Inhibicion Inteligente y Autónomo"]
["2025-10-01","Cantidad","De acuerdo con el cuadro de cantidades"]
[null,"Marca","Especificar"]
[null,"Modelo","Especificar"]
[null,"defensa multibanda en las siguientes frecuencias:","5.8GHz\n5.2GHz\n2.4GHz\n1.5GHz\n1.2GHz (opcional) 900MHz\n433MHz"]
[null,"frecuencia de 1.5GHz","Diseñado para interrumpir todos los principales sistemas de navegación global por satélite (GNSS). Los sistemas GNSS afectados son: GPS L1, GLONASS L1, Galileo E1, BeiDou B1 y B1-2, SBAS L1, QZSS L1. El rango de frecuencia de 1.2GHz está diseñado para interrumpir GPS L2."]
[null,"Rango de defensa","Hasta 3 km"]
[null,"Ángulo de defensa","360° completo (todo el espacio aéreo)"]
[null,"Tamaño","maximo 310 mm x 190 mm x 510 mm"]
[null,"Peso Maximo ","20Kg"]
[null,"Consumo de energía","maximo 1600W"]
[null,"Temperatura de funcionamiento","desde -10°C a 50°C"]
[null,"Fuente de alimentación","AC100~240V y/o opción DC 24V"]
[null,"Nivel de protección de la carcasa","IP66"]
[null,"Potencia de salida de 2.4GHz:","120W"]
[null,"Potencia de salida de 5GHz","100W"]
[null,"Potencia de salida de 1.5GHz, 900MHz y 433MHz","20W"]
[null,"Ficha Tecnica","Del equipo ofertado (es obligatorio adjuntar la ficha técnica junto con el presente anexo, que permita confirmar el cumplimiento de las especificaciones técnicas mínimas aquí indicadas)"]
[null,"GPS "]
[null,"Cantidad","De acuerdo con el cuadro de cantidades"]
[null,"Marca","Especificar"]
[null,"Modelo","Especificar"]
[null,"Compatibilidad","GNSS: GPS, GLONASS, Galileo, BDS"]
[null,"Modos Operativos:","Zona de Exclusión Aérea (NFZ) y Retroceso"]
[null,"peso maximo ","15kg"]
[null,"Dimensiones maximas","280 mm (Ancho) x 430 mm (Alto) x 135 mm (Profundidad)"]
[null,"Fuente de alimentación","100V ~ 240V"]
[null,"Temperatura de funcionamiento","desde -10°C a 50°C"]
[null,"Sistema de Enfriamiento","Enfriamiento pasivo"]
[null,"Compatibilidad","con productos de detección de RF de alta precisión, activándose solo al detectar UAVs para proteger automáticamente áreas designadas sin\nintervención humana."]
[null,"Rango Extendido","Efectivo hasta 5 KM."]
[null,"Ficha Tecnica","Del equipo ofertado (es obligatorio adjuntar la ficha técnica junto con el presente anexo, que permita confirmar el cumplimiento de las especificaciones técnicas mínimas aquí indicadas)"]

{"sheet":"Antidrone_P","index":39,"n_rows":6,"n_cols":8,"rows_kept":6,"hidden":true}
[]
["ITEM","DESCRIPCIÓN","UND","CANT","CANT TOTAL A SUPRIMIR","CANTIDAD","VALOR UNITARIO ","VALOR PARCIAL"]
[1,"Solución Antidrone ","Unidad",1,0,{"$f":"D3-E3","v":1},null,{"$f":"G3*F3","v":0}]
[{"$nulls":6},"SUBTOTAL",{"$f":"H3","v":0}]
[{"$nulls":6},"IVA",{"$f":"H4*19%","v":0}]
[{"$nulls":6},"TOTAL",{"$f":"H4+H5","v":0}]